{"text_format":"3","workbook":"xlsx","n_sheets":2,"sheets":["Info","Data"],"read":"whole","date_system":"1900"}

{"sheet":"Info","index":0,"n_rows":41,"n_cols":2,"rows_kept":41}
["Информация о файле"]
[]
["Часть","1 из 1"]
["Строк в этой части","378,079"]
["Всего строк","378,079"]
["Столбцов","30"]
["Создано","2025-12-17 15:26:05"]
["Размер исходного файла","0.95 MB"]
[]
["Структура данных"]
["Название столбца","Тип данных"]
["KEY","BYTE_ARRAY"]
["FREQ","BYTE_ARRAY"]
["REF_AREA","BYTE_ARRAY"]
["COUNT_AREA","BYTE_ARRAY"]
["TRMNL_LCTN","BYTE_ARRAY"]
["TYP_TRNSCTN","BYTE_ARRAY"]
["RL_TRNSCTN","INT64"]
["INTTN_CHNNL","INT64"]
["TRANSFORMATION","BYTE_ARRAY"]
["UNIT_MEASURE","BYTE_ARRAY"]
["TIME_PERIOD","BYTE_ARRAY"]
["OBS_VALUE","DOUBLE"]
["OBS_STATUS","BYTE_ARRAY"]
["CONF_STATUS","BOOLEAN"]
["PRE_BREAK_VALUE","BYTE_ARRAY"]
["COMMENT_OBS","BYTE_ARRAY"]
["TIME_FORMAT","BYTE_ARRAY"]
["BREAKS","BYTE_ARRAY"]
["COMMENT_TS","BYTE_ARRAY"]
["COMPILING_ORG","BYTE_ARRAY"]
["DISS_ORG","BYTE_ARRAY"]
["TIME_PER_COLLECT","BYTE_ARRAY"]
["COVERAGE","BYTE_ARRAY"]
["DATA_COMP","BYTE_ARRAY"]
["DECIMALS","INT64"]
["METHOD_REF","BYTE_ARRAY"]
["TITLE","BYTE_ARRAY"]
["TITLE_COMPL","BYTE_ARRAY"]
["UNIT","BYTE_ARRAY"]
["UNIT_MULT","INT64"]

{"sheet":"Data","index":1,"n_rows":378080,"n_cols":30,"rows_kept":2250,"cut":true,"bounds":{"rows_first":1000,"rows_last":250,"rows_between":1000,"halvings":1}}
["KEY","FREQ","REF_AREA","COUNT_AREA","TRMNL_LCTN","TYP_TRNSCTN","RL_TRNSCTN","INTTN_CHNNL","TRANSFORMATION","UNIT_MEASURE","TIME_PERIOD","OBS_VALUE","OBS_STATUS","CONF_STATUS","PRE_BREAK_VALUE","COMMENT_OBS","TIME_FORMAT","BREAKS","COMMENT_TS","COMPILING_ORG","DISS_ORG","TIME_PER_COLLECT","COVERAGE","DATA_COMP","DECIMALS","METHOD_REF","TITLE","TITLE_COMPL","UNIT","UNIT_MULT"]
["PTT.A.AT.W1.BE.CD1.1.2221.N.EUR","A","AT","W1","BE","CD1",1,2221,"N","EUR","2014",null,"M",false,null,null,"P1Y",{"$nulls":4},"S",null,null,3,null,"Value of ATM cash deposits at terminals acquired by non-resident PSP - terminal located in: Belgium","Value of ATM cash deposits at terminals acquired by non-resident PSP - terminal located in: Belgium","EUR",6]
["PTT.A.AT.W1.BE.CD1.1.2221.N.EUR","A","AT","W1","BE","CD1",1,2221,"N","EUR","2015",null,"M",false,null,null,"P1Y",{"$nulls":4},"S",null,null,3,null,"Value of ATM cash deposits at terminals acquired by non-resident PSP - terminal located in: Belgium","Value of ATM cash deposits at terminals acquired by non-resident PSP - terminal located in: Belgium","EUR",6]
["PTT.A.AT.W1.BE.CD1.1.2221.N.EUR","A","AT","W1","BE","CD1",1,2221,"N","EUR","2016",null,"M",false,null,null,"P1Y",{"$nulls":4},"S",null,null,3,null,"Value of ATM cash deposits at terminals acquired by non-resident PSP - terminal located in: Belgium","Value of ATM cash deposits at terminals acquired by non-resident PSP - terminal located in: Belgium","EUR",6]
["PTT.A.AT.W1.BE.CD1.1.2221.N.EUR","A","AT","W1","BE","CD1",1,2221,"N","EUR","2017",null,"M",false,null,null,"P1Y",{"$nulls":4},"S",null,null,3,null,"Value of ATM cash deposits at terminals acquired by non-resident PSP - terminal located in: Belgium","Value of ATM cash deposits at terminals acquired by non-resident PSP - terminal located in: Belgium","EUR",6]
["PTT.A.AT.W1.BE.CD1.1.2221.N.EUR","A","AT","W1","BE","CD1",1,2221,"N","EUR","2018",null,"M",false,null,null,"P1Y",{"$nulls":4},"S",null,null,3,null,"Value of ATM cash deposits at terminals acquired by non-resident PSP - terminal located in: Belgium","Value of ATM cash deposits at terminals acquired by non-resident PSP - terminal located in: Belgium","EUR",6]
["PTT.A.AT.W1.BE.CD1.1.2221.N.EUR","A","AT","W1","BE","CD1",1,2221,"N","EUR","2019",null,"M",false,null,null,"P1Y",{"$nulls":4},"S",null,null,3,null,"Value of ATM cash deposits at terminals acquired by non-resident PSP - terminal located in: Belgium","Value of ATM cash deposits at terminals acquired by non-resident PSP - terminal located in: Belgium","EUR",6]
["PTT.A.AT.W1.BE.CD1.1.2221.N.EUR","A","AT","W1","BE","CD1",1,2221,"N","EUR","2020",null,"M",false,null,null,"P1Y",{"$nulls":4},"S",null,null,3,null,"Value of ATM cash deposits at terminals acquired by non-resident PSP - terminal located in: Belgium","Value of ATM cash deposits at terminals acquired by non-resident PSP - terminal located in: Belgium","EUR",6]
["PTT.A.AT.W1.BE.CD1.1.2221.N.EUR","A","AT","W1","BE","CD1",1,2221,"N","EUR","2021",null,"M",false,null,null,"P1Y",{"$nulls":4},"S",null,null,3,null,"Value of ATM cash deposits at terminals acquired by non-resident PSP - terminal located in: Belgium","Value of ATM cash deposits at terminals acquired by non-resident PSP - terminal located in: Belgium","EUR",6]
["PTT.A.AT.W1.BE.CD1.1.2221.N.EUR","A","AT","W1","BE","CD1",1,2221,"N","EUR","2022",null,"Q",false,null,null,"P1Y",{"$nulls":4},"S",null,null,3,null,"Value of ATM cash deposits at terminals acquired by non-resident PSP - terminal located in: Belgium","Value of ATM cash deposits at terminals acquired by non-resident PSP - terminal located in: Belgium","EUR",6]
["PTT.A.AT.W1.BE.CD1.1.2221.N.EUR","A","AT","W1","BE","CD1",1,2221,"N","EUR","2023",null,"Q",false,null,null,"P1Y",{"$nulls":4},"S",null,null,3,null,"Value of ATM cash deposits at terminals acquired by non-resident PSP - terminal located in: Belgium","Value of ATM cash deposits at terminals acquired by non-resident PSP - terminal located in: Belgium","EUR",6]
["PTT.A.AT.W1.BE.CD1.1.2221.N.PN","A","AT","W1","BE","CD1",1,2221,"N","PN","2014",null,"M",false,null,null,"P1Y",{"$nulls":4},"S",null,null,3,null,"Number of ATM cash deposits at terminals acquired by non-resident PSP - terminal located in: Belgium","Number of ATM cash deposits at terminals acquired by non-resident PSP - terminal located in: Belgium","PN",6]
["PTT.A.AT.W1.BE.CD1.1.2221.N.PN","A","AT","W1","BE","CD1",1,2221,"N","PN","2015",null,"M",false,null,null,"P1Y",{"$nulls":4},"S",null,null,3,null,"Number of ATM cash deposits at terminals acquired by non-resident PSP - terminal located in: Belgium","Number of ATM cash deposits at terminals acquired by non-resident PSP - terminal located in: Belgium","PN",6]
["PTT.A.AT.W1.BE.CD1.1.2221.N.PN","A","AT","W1","BE","CD1",1,2221,"N","PN","2016",null,"M",false,null,null,"P1Y",{"$nulls":4},"S",null,null,3,null,"Number of ATM cash deposits at terminals acquired by non-resident PSP - terminal located in: Belgium","Number of ATM cash deposits at terminals acquired by non-resident PSP - terminal located in: Belgium","PN",6]
["PTT.A.AT.W1.BE.CD1.1.2221.N.PN","A","AT","W1","BE","CD1",1,2221,"N","PN","2017",null,"M",false,null,null,"P1Y",{"$nulls":4},"S",null,null,3,null,"Number of ATM cash deposits at terminals acquired by non-resident PSP - terminal located in: Belgium","Number of ATM cash deposits at terminals acquired by non-resident PSP - terminal located in: Belgium","PN",6]
["PTT.A.AT.W1.BE.CD1.1.2221.N.PN","A","AT","W1","BE","CD1",1,2221,"N","PN","2018",null,"M",false,null,null,"P1Y",{"$nulls":4},"S",null,null,3,null,"Number of ATM cash deposits at terminals acquired by non-resident PSP - terminal located in: Belgium","Number of ATM cash deposits at terminals acquired by non-resident PSP - terminal located in: Belgium","PN",6]
["PTT.A.AT.W1.BE.CD1.1.2221.N.PN","A","AT","W1","BE","CD1",1,2221,"N","PN","2019",null,"M",false,null,null,"P1Y",{"$nulls":4},"S",null,null,3,null,"Number of ATM cash deposits at terminals acquired by non-resident PSP - terminal located in: Belgium","Number of ATM cash deposits at terminals acquired by non-resident PSP - terminal located in: Belgium","PN",6]
["PTT.A.AT.W1.BE.CD1.1.2221.N.PN","A","AT","W1","BE","CD1",1,2221,"N","PN","2020",null,"M",false,null,null,"P1Y",{"$nulls":4},"S",null,null,3,null,"Number of ATM cash deposits at terminals acquired by non-resident PSP - terminal located in: Belgium","Number of ATM cash deposits at terminals acquired by non-resident PSP - terminal located in: Belgium","PN",6]
["PTT.A.AT.W1.BE.CD1.1.2221.N.PN","A","AT","W1","BE","CD1",1,2221,"N","PN","2021",null,"M",false,null,null,"P1Y",{"$nulls":4},"S",null,null,3,null,"Number of ATM cash deposits at terminals acquired by non-resident PSP - terminal located in: Belgium","Number of ATM cash deposits at terminals acquired by non-resident PSP - terminal located in: Belgium","PN",6]
["PTT.A.AT.W1.BE.CD1.1.2221.N.PN","A","AT","W1","BE","CD1",1,2221,"N","PN","2022",null,"Q",false,null,null,"P1Y",{"$nulls":4},"S",null,null,3,null,"Number of ATM cash deposits at terminals acquired by non-resident PSP - terminal located in: Belgium","Number of ATM cash deposits at terminals acquired by non-resident PSP - terminal located in: Belgium","PN",6]
["PTT.A.AT.W1.BE.CD1.1.2221.N.PN","A","AT","W1","BE","CD1",1,2221,"N","PN","2023",null,"Q",false,null,null,"P1Y",{"$nulls":4},"S",null,null,3,null,"Number of ATM cash deposits at terminals acquired by non-resident PSP - terminal located in: Belgium","Number of ATM cash deposits at terminals acquired by non-resident PSP - terminal located in: Belgium","PN",6]
["PTT.A.AT.W1.BE.CD1.2.2221.N.EUR","A","AT","W1","BE","CD1",2,2221,"N","EUR","2014",null,"M",false,null,null,"P1Y",{"$nulls":4},"S",null,null,3,null,"Value of ATM cash deposits at terminals acquired by resident PSP - terminal located in: Belgium","Value of ATM cash deposits at terminals acquired by resident PSP - terminal located in: Belgium","EUR",6]
["PTT.A.AT.W1.BE.CD1.2.2221.N.EUR","A","AT","W1","BE","CD1",2,2221,"N","EUR","2015",null,"M",false,null,null,"P1Y",{"$nulls":4},"S",null,null,3,null,"Value of ATM cash deposits at terminals acquired by resident PSP - terminal located in: Belgium","Value of ATM cash deposits at terminals acquired by resident PSP - terminal located in: Belgium","EUR",6]
["PTT.A.AT.W1.BE.CD1.2.2221.N.EUR","A","AT","W1","BE","CD1",2,2221,"N","EUR","2016",null,"M",false,null,null,"P1Y",{"$nulls":4},"S",null,null,3,null,"Value of ATM cash deposits at terminals acquired by resident PSP - terminal located in: Belgium","Value of ATM cash deposits at terminals acquired by resident PSP - terminal located in: Belgium","EUR",6]
["PTT.A.AT.W1.BE.CD1.2.2221.N.EUR","A","AT","W1","BE","CD1",2,2221,"N","EUR","2017",null,"M",false,null,null,"P1Y",{"$nulls":4},"S",null,null,3,null,"Value of ATM cash deposits at terminals acquired by resident PSP - terminal located in: Belgium","Value of ATM cash deposits at terminals acquired by resident PSP - terminal located in: Belgium","EUR",6]
["PTT.A.AT.W1.BE.CD1.2.2221.N.EUR","A","AT","W1","BE","CD1",2,2221,"N","EUR","2018",null,"M",false,null,null,"P1Y",{"$nulls":4},"S",null,null,3,null,"Value of ATM cash deposits at terminals acquired by resident PSP - terminal located in: Belgium","Value of ATM cash deposits at terminals acquired by resident PSP - terminal located in: Belgium","EUR",6]
["PTT.A.AT.W1.BE.CD1.2.2221.N.EUR","A","AT","W1","BE","CD1",2,2221,"N","EUR","2019",null,"M",false,null,null,"P1Y",{"$nulls":4},"S",null,null,3,null,"Value of ATM cash deposits at terminals acquired by resident PSP - terminal located in: Belgium","Value of ATM cash deposits at terminals acquired by resident PSP - terminal located in: Belgium","EUR",6]
["PTT.A.AT.W1.BE.CD1.2.2221.N.EUR","A","AT","W1","BE","CD1",2,2221,"N","EUR","2020",null,"M",false,null,null,"P1Y",{"$nulls":4},"S",null,null,3,null,"Value of ATM cash deposits at terminals acquired by resident PSP - terminal located in: Belgium","Value of ATM cash deposits at terminals acquired by resident PSP - terminal located in: Belgium","EUR",6]
["PTT.A.AT.W1.BE.CD1.2.2221.N.EUR","A","AT","W1","BE","CD1",2,2221,"N","EUR","2021",null,"M",false,null,null,"P1Y",{"$nulls":4},"S",null,null,3,null,"Value of ATM cash deposits at terminals acquired by resident PSP - terminal located in: Belgium","Value of ATM cash deposits at terminals acquired by resident PSP - terminal located in: Belgium","EUR",6]
["PTT.A.AT.W1.BE.CD1.2.2221.N.EUR","A","AT","W1","BE","CD1",2,2221,"N","EUR","2022",0,"A",false,null,null,"P1Y",{"$nulls":4},"S",null,null,3,null,"Value of ATM cash deposits at terminals acquired by resident PSP - terminal located in: Belgium","Value of ATM cash deposits at terminals acquired by resident PSP - terminal located in: Belgium","EUR",6]
["PTT.A.AT.W1.BE.CD1.2.2221.N.EUR","A","AT","W1","BE","CD1",2,2221,"N","EUR","2023",0,"A",false,null,null,"P1Y",{"$nulls":4},"S",null,null,3,null,"Value of ATM cash deposits at terminals acquired by resident PSP - terminal located in: Belgium","Value of ATM cash deposits at terminals acquired by resident PSP - terminal located in: Belgium","EUR",6]
["PTT.A.AT.W1.BE.CD1.2.2221.N.PN","A","AT","W1","BE","CD1",2,2221,"N","PN","2014",null,"M",false,null,null,"P1Y",{"$nulls":4},"S",null,null,3,null,"Number of ATM cash deposits at terminals acquired by resident PSP - terminal located in: Belgium","Number of ATM cash deposits at terminals acquired by resident PSP - terminal located in: Belgium","PN",6]
["PTT.A.AT.W1.BE.CD1.2.2221.N.PN","A","AT","W1","BE","CD1",2,2221,"N","PN","2015",null,"M",false,null,null,"P1Y",{"$nulls":4},"S",null,null,3,null,"Number of ATM cash deposits at terminals acquired by resident PSP - terminal located in: Belgium","Number of ATM cash deposits at terminals acquired by resident PSP - terminal located in: Belgium","PN",6]
["PTT.A.AT.W1.BE.CD1.2.2221.N.PN","A","AT","W1","BE","CD1",2,2221,"N","PN","2016",null,"M",false,null,null,"P1Y",{"$nulls":4},"S",null,null,3,null,"Number of ATM cash deposits at terminals acquired by resident PSP - terminal located in: Belgium","Number of ATM cash deposits at terminals acquired by resident PSP - terminal located in: Belgium","PN",6]
["PTT.A.AT.W1.BE.CD1.2.2221.N.PN","A","AT","W1","BE","CD1",2,2221,"N","PN","2017",null,"M",false,null,null,"P1Y",{"$nulls":4},"S",null,null,3,null,"Number of ATM cash deposits at terminals acquired by resident PSP - terminal located in: Belgium","Number of ATM cash deposits at terminals acquired by resident PSP - terminal located in: Belgium","PN",6]
["PTT.A.AT.W1.BE.CD1.2.2221.N.PN","A","AT","W1","BE","CD1",2,2221,"N","PN","2018",null,"M",false,null,null,"P1Y",{"$nulls":4},"S",null,null,3,null,"Number of ATM cash deposits at terminals acquired by resident PSP - terminal located in: Belgium","Number of ATM cash deposits at terminals acquired by resident PSP - terminal located in: Belgium","PN",6]
["PTT.A.AT.W1.BE.CD1.2.2221.N.PN","A","AT","W1","BE","CD1",2,2221,"N","PN","2019",null,"M",false,null,null,"P1Y",{"$nulls":4},"S",null,null,3,null,"Number of ATM cash deposits at terminals acquired by resident PSP - terminal located in: Belgium","Number of ATM cash deposits at terminals acquired by resident PSP - terminal located in: Belgium","PN",6]
["PTT.A.AT.W1.BE.CD1.2.2221.N.PN","A","AT","W1","BE","CD1",2,2221,"N","PN","2020",null,"M",false,null,null,"P1Y",{"$nulls":4},"S",null,null,3,null,"Number of ATM cash deposits at terminals acquired by resident PSP - terminal located in: Belgium","Number of ATM cash deposits at terminals acquired by resident PSP - terminal located in: Belgium","PN",6]
["PTT.A.AT.W1.BE.CD1.2.2221.N.PN","A","AT","W1","BE","CD1",2,2221,"N","PN","2021",null,"M",false,null,null,"P1Y",{"$nulls":4},"S",null,null,3,null,"Number of ATM cash deposits at terminals acquired by resident PSP - terminal located in: Belgium","Number of ATM cash deposits at terminals acquired by resident PSP - terminal located in: Belgium","PN",6]
["PTT.A.AT.W1.BE.CD1.2.2221.N.PN","A","AT","W1","BE","CD1",2,2221,"N","PN","2022",0,"A",false,null,null,"P1Y",{"$nulls":4},"S",null,null,3,null,"Number of ATM cash deposits at terminals acquired by resident PSP - terminal located in: Belgium","Number of ATM cash deposits at terminals acquired by resident PSP - terminal located in: Belgium","PN",6]
["PTT.A.AT.W1.BE.CD1.2.2221.N.PN","A","AT","W1","BE","CD1",2,2221,"N","PN","2023",0,"A",false,null,null,"P1Y",{"$nulls":4},"S",null,null,3,null,"Number of ATM cash deposits at terminals acquired by resident PSP - terminal located in: Belgium","Number of ATM cash deposits at terminals acquired by resident PSP - terminal located in: Belgium","PN",6]
["PTT.A.AT.W1.BE.CW1.1.2221.N.EUR","A","AT","W1","BE","CW1",1,2221,"N","EUR","2014",8.535,"A",false,null,null,"P1Y",{"$nulls":4},"S",null,null,3,"unspecified","Value of atm cash withdrawals with cards issued by non-resident PSPs at terminals acquired by non-resident psp - terminal located in: Belgium","Value of atm cash withdrawals with cards issued by non-resident PSPs at terminals acquired by non-resident psp - terminal located in: Belgium","EUR",6]
["PTT.A.AT.W1.BE.CW1.1.2221.N.EUR","A","AT","W1","BE","CW1",1,2221,"N","EUR","2015",8.374,"A",false,null,null,"P1Y",{"$nulls":4},"S",null,null,3,"unspecified","Value of atm cash withdrawals with cards issued by non-resident PSPs at terminals acquired by non-resident psp - terminal located in: Belgium","Value of atm cash withdrawals with cards issued by non-resident PSPs at terminals acquired by non-resident psp - terminal located in: Belgium","EUR",6]
["PTT.A.AT.W1.BE.CW1.1.2221.N.EUR","A","AT","W1","BE","CW1",1,2221,"N","EUR","2016",7.587,"A",false,null,null,"P1Y",{"$nulls":4},"S",null,null,3,"unspecified","Value of atm cash withdrawals with cards issued by non-resident PSPs at terminals acquired by non-resident psp - terminal located in: Belgium","Value of atm cash withdrawals with cards issued by non-resident PSPs at terminals acquired by non-resident psp - terminal located in: Belgium","EUR",6]
["PTT.A.AT.W1.BE.CW1.1.2221.N.EUR","A","AT","W1","BE","CW1",1,2221,"N","EUR","2017",7.968,"A",false,null,null,"P1Y",{"$nulls":4},"S",null,null,3,"unspecified","Value of atm cash withdrawals with cards issued by non-resident PSPs at terminals acquired by non-resident psp - terminal located in: Belgium","Value of atm cash withdrawals with cards issued by non-resident PSPs at terminals acquired by non-resident psp - terminal located in: Belgium","EUR",6]
["PTT.A.AT.W1.BE.CW1.1.2221.N.EUR","A","AT","W1","BE","CW1",1,2221,"N","EUR","2018",8.112,"A",false,null,null,"P1Y",{"$nulls":4},"S",null,null,3,"unspecified","Value of atm cash withdrawals with cards issued by non-resident PSPs at terminals acquired by non-resident psp - terminal located in: Belgium","Value of atm cash withdrawals with cards issued by non-resident PSPs at terminals acquired by non-resident psp - terminal located in: Belgium","EUR",6]
["PTT.A.AT.W1.BE.CW1.1.2221.N.EUR","A","AT","W1","BE","CW1",1,2221,"N","EUR","2019",7.67,"A",false,null,null,"P1Y",{"$nulls":4},"S",null,null,3,"unspecified","Value of atm cash withdrawals with cards issued by non-resident PSPs at terminals acquired by non-resident psp - terminal located in: Belgium","Value of atm cash withdrawals with cards issued by non-resident PSPs at terminals acquired by non-resident psp - terminal located in: Belgium","EUR",6]
["PTT.A.AT.W1.BE.CW1.1.2221.N.EUR","A","AT","W1","BE","CW1",1,2221,"N","EUR","2020",3.75,"A",false,null,null,"P1Y",{"$nulls":4},"S",null,null,3,"unspecified","Value of atm cash withdrawals with cards issued by non-resident PSPs at terminals acquired by non-resident psp - terminal located in: Belgium","Value of atm cash withdrawals with cards issued by non-resident PSPs at terminals acquired by non-resident psp - terminal located in: Belgium","EUR",6]
["PTT.A.AT.W1.BE.CW1.1.2221.N.EUR","A","AT","W1","BE","CW1",1,2221,"N","EUR","2021",3.985,"A",false,null,null,"P1Y",{"$nulls":4},"S",null,null,3,"unspecified","Value of atm cash withdrawals with cards issued by non-resident PSPs at terminals acquired by non-resident psp - terminal located in: Belgium","Value of atm cash withdrawals with cards issued by non-resident PSPs at terminals acquired by non-resident psp - terminal located in: Belgium","EUR",6]
["PTT.A.AT.W1.BE.CW1.1.2221.N.EUR","A","AT","W1","BE","CW1",1,2221,"N","EUR","2022",6.01496281,"A",false,null,null,"P1Y",{"$nulls":4},"S",null,null,3,"unspecified","Value of atm cash withdrawals with cards issued by non-resident PSPs at terminals acquired by non-resident psp - terminal located in: Belgium","Value of atm cash withdrawals with cards issued by non-resident PSPs at terminals acquired by non-resident psp - terminal located in: Belgium","EUR",6]
["PTT.A.AT.W1.BE.CW1.1.2221.N.EUR","A","AT","W1","BE","CW1",1,2221,"N","EUR","2023",5.92193163,"A",false,null,null,"P1Y",{"$nulls":4},"S",null,null,3,"unspecified","Value of atm cash withdrawals with cards issued by non-resident PSPs at terminals acquired by non-resident psp - terminal located in: Belgium","Value of atm cash withdrawals with cards issued by non-resident PSPs at terminals acquired by non-resident psp - terminal located in: Belgium","EUR",6]
["PTT.A.AT.W1.BE.CW1.1.2221.N.PN","A","AT","W1","BE","CW1",1,2221,"N","PN","2014",0.061,"A",false,null,null,"P1Y",{"$nulls":4},"S",null,null,3,"unspecified","Number of atm cash withdrawals with cards issued by non-resident PSPs at terminals acquired by non-resident psp - terminal located in: Belgium","Number of atm cash withdrawals with cards issued by non-resident PSPs at terminals acquired by non-resident psp - terminal located in: Belgium","PN",6]
["PTT.A.AT.W1.BE.CW1.1.2221.N.PN","A","AT","W1","BE","CW1",1,2221,"N","PN","2015",0.062,"A",false,null,null,"P1Y",{"$nulls":4},"S",null,null,3,"unspecified","Number of atm cash withdrawals with cards issued by non-resident PSPs at terminals acquired by non-resident psp - terminal located in: Belgium","Number of atm cash withdrawals with cards issued by non-resident PSPs at terminals acquired by non-resident psp - terminal located in: Belgium","PN",6]
["PTT.A.AT.W1.BE.CW1.1.2221.N.PN","A","AT","W1","BE","CW1",1,2221,"N","PN","2016",0.056,"A",false,null,null,"P1Y",{"$nulls":4},"S",null,null,3,"unspecified","Number of atm cash withdrawals with cards issued by non-resident PSPs at terminals acquired by non-resident psp - terminal located in: Belgium","Number of atm cash withdrawals with cards issued by non-resident PSPs at terminals acquired by non-resident psp - terminal located in: Belgium","PN",6]
["PTT.A.AT.W1.BE.CW1.1.2221.N.PN","A","AT","W1","BE","CW1",1,2221,"N","PN","2017",0.059,"A",false,null,null,"P1Y",{"$nulls":4},"S",null,null,3,"unspecified","Number of atm cash withdrawals with cards issued by non-resident PSPs at terminals acquired by non-resident psp - terminal located in: Belgium","Number of atm cash withdrawals with cards issued by non-resident PSPs at terminals acquired by non-resident psp - terminal located in: Belgium","PN",6]
["PTT.A.AT.W1.BE.CW1.1.2221.N.PN","A","AT","W1","BE","CW1",1,2221,"N","PN","2018",0.06,"A",false,null,null,"P1Y",{"$nulls":4},"S",null,null,3,"unspecified","Number of atm cash withdrawals with cards issued by non-resident PSPs at terminals acquired by non-resident psp - terminal located in: Belgium","Number of atm cash withdrawals with cards issued by non-resident PSPs at terminals acquired by non-resident psp - terminal located in: Belgium","PN",6]
["PTT.A.AT.W1.BE.CW1.1.2221.N.PN","A","AT","W1","BE","CW1",1,2221,"N","PN","2019",0.053,"A",false,null,null,"P1Y",{"$nulls":4},"S",null,null,3,"unspecified","Number of atm cash withdrawals with cards issued by non-resident PSPs at terminals acquired by non-resident psp - terminal located in: Belgium","Number of atm cash withdrawals with cards issued by non-resident PSPs at terminals acquired by non-resident psp - terminal located in: Belgium","PN",6]
["PTT.A.AT.W1.BE.CW1.1.2221.N.PN","A","AT","W1","BE","CW1",1,2221,"N","PN","2020",0.022,"A",false,null,null,"P1Y",{"$nulls":4},"S",null,null,3,"unspecified","Number of atm cash withdrawals with cards issued by non-resident PSPs at terminals acquired by non-resident psp - terminal located in: Belgium","Number of atm cash withdrawals with cards issued by non-resident PSPs at terminals acquired by non-resident psp - terminal located in: Belgium","PN",6]
["PTT.A.AT.W1.BE.CW1.1.2221.N.PN","A","AT","W1","BE","CW1",1,2221,"N","PN","2021",0.022,"A",false,null,null,"P1Y",{"$nulls":4},"S",null,null,3,"unspecified","Number of atm cash withdrawals with cards issued by non-resident PSPs at terminals acquired by non-resident psp - terminal located in: Belgium","Number of atm cash withdrawals with cards issued by non-resident PSPs at terminals acquired by non-resident psp - terminal located in: Belgium","PN",6]
["PTT.A.AT.W1.BE.CW1.1.2221.N.PN","A","AT","W1","BE","CW1",1,2221,"N","PN","2022",0.030435,"A",false,null,null,"P1Y",{"$nulls":4},"S",null,null,3,"unspecified","Number of atm cash withdrawals with cards issued by non-resident PSPs at terminals acquired by non-resident psp - terminal located in: Belgium","Number of atm cash withdrawals with cards issued by non-resident PSPs at terminals acquired by non-resident psp - terminal located in: Belgium","PN",6]
["PTT.A.AT.W1.BE.CW1.1.2221.N.PN","A","AT","W1","BE","CW1",1,2221,"N","PN","2023",0.027619,"A",false,null,null,"P1Y",{"$nulls":4},"S",null,null,3,"unspecified","Number of atm cash withdrawals with cards issued by non-resident PSPs at terminals acquired by non-resident psp - terminal located in: Belgium","Number of atm cash withdrawals with cards issued by non-resident PSPs at terminals acquired by non-resident psp - terminal located in: Belgium","PN",6]
["PTT.A.AT.W1.BE.CW1.2.2221.N.EUR","A","AT","W1","BE","CW1",2,2221,"N","EUR","2014",null,"M",false,null,null,"P1Y",{"$nulls":4},"S",null,null,3,null,"Value of ATM cash withdrawals at terminals acquired by resident PSP - terminal located in: Belgium","Value of ATM cash withdrawals at terminals acquired by resident PSP - terminal located in: Belgium","EUR",6]
["PTT.A.AT.W1.BE.CW1.2.2221.N.EUR","A","AT","W1","BE","CW1",2,2221,"N","EUR","2015",null,"M",false,null,null,"P1Y",{"$nulls":4},"S",null,null,3,null,"Value of ATM cash withdrawals at terminals acquired by resident PSP - terminal located in: Belgium","Value of ATM cash withdrawals at terminals acquired by resident PSP - terminal located in: Belgium","EUR",6]
["PTT.A.AT.W1.BE.CW1.2.2221.N.EUR","A","AT","W1","BE","CW1",2,2221,"N","EUR","2016",null,"M",false,null,null,"P1Y",{"$nulls":4},"S",null,null,3,null,"Value of ATM cash withdrawals at terminals acquired by resident PSP - terminal located in: Belgium","Value of ATM cash withdrawals at terminals acquired by resident PSP - terminal located in: Belgium","EUR",6]
["PTT.A.AT.W1.BE.CW1.2.2221.N.EUR","A","AT","W1","BE","CW1",2,2221,"N","EUR","2017",null,"M",false,null,null,"P1Y",{"$nulls":4},"S",null,null,3,null,"Value of ATM cash withdrawals at terminals acquired by resident PSP - terminal located in: Belgium","Value of ATM cash withdrawals at terminals acquired by resident PSP - terminal located in: Belgium","EUR",6]
["PTT.A.AT.W1.BE.CW1.2.2221.N.EUR","A","AT","W1","BE","CW1",2,2221,"N","EUR","2018",null,"M",false,null,null,"P1Y",{"$nulls":4},"S",null,null,3,null,"Value of ATM cash withdrawals at terminals acquired by resident PSP - terminal located in: Belgium","Value of ATM cash withdrawals at terminals acquired by resident PSP - terminal located in: Belgium","EUR",6]
["PTT.A.AT.W1.BE.CW1.2.2221.N.EUR","A","AT","W1","BE","CW1",2,2221,"N","EUR","2019",null,"M",false,null,null,"P1Y",{"$nulls":4},"S",null,null,3,null,"Value of ATM cash withdrawals at terminals acquired by resident PSP - terminal located in: Belgium","Value of ATM cash withdrawals at terminals acquired by resident PSP - terminal located in: Belgium","EUR",6]
["PTT.A.AT.W1.BE.CW1.2.2221.N.EUR","A","AT","W1","BE","CW1",2,2221,"N","EUR","2020",null,"M",false,null,null,"P1Y",{"$nulls":4},"S",null,null,3,null,"Value of ATM cash withdrawals at terminals acquired by resident PSP - terminal located in: Belgium","Value of ATM cash withdrawals at terminals acquired by resident PSP - terminal located in: Belgium","EUR",6]
["PTT.A.AT.W1.BE.CW1.2.2221.N.EUR","A","AT","W1","BE","CW1",2,2221,"N","EUR","2021",null,"M",false,null,null,"P1Y",{"$nulls":4},"S",null,null,3,null,"Value of ATM cash withdrawals at terminals acquired by resident PSP - terminal located in: Belgium","Value of ATM cash withdrawals at terminals acquired by resident PSP - terminal located in: Belgium","EUR",6]
["PTT.A.AT.W1.BE.CW1.2.2221.N.EUR","A","AT","W1","BE","CW1",2,2221,"N","EUR","2022",0,"A",false,null,null,"P1Y",{"$nulls":4},"S",null,null,3,null,"Value of ATM cash withdrawals at terminals acquired by resident PSP - terminal located in: Belgium","Value of ATM cash withdrawals at terminals acquired by resident PSP - terminal located in: Belgium","EUR",6]
["PTT.A.AT.W1.BE.CW1.2.2221.N.EUR","A","AT","W1","BE","CW1",2,2221,"N","EUR","2023",0,"A",false,null,null,"P1Y",{"$nulls":4},"S",null,null,3,null,"Value of ATM cash withdrawals at terminals acquired by resident PSP - terminal located in: Belgium","Value of ATM cash withdrawals at terminals acquired by resident PSP - terminal located in: Belgium","EUR",6]
["PTT.A.AT.W1.BE.CW1.2.2221.N.PN","A","AT","W1","BE","CW1",2,2221,"N","PN","2014",null,"M",false,null,null,"P1Y",{"$nulls":4},"S",null,null,3,null,"Number of ATM cash withdrawals at terminals acquired by resident PSP - terminal located in: Belgium","Number of ATM cash withdrawals at terminals acquired by resident PSP - terminal located in: Belgium","PN",6]
["PTT.A.AT.W1.BE.CW1.2.2221.N.PN","A","AT","W1","BE","CW1",2,2221,"N","PN","2015",null,"M",false,null,null,"P1Y",{"$nulls":4},"S",null,null,3,null,"Number of ATM cash withdrawals at terminals acquired by resident PSP - terminal located in: Belgium","Number of ATM cash withdrawals at terminals acquired by resident PSP - terminal located in: Belgium","PN",6]
["PTT.A.AT.W1.BE.CW1.2.2221.N.PN","A","AT","W1","BE","CW1",2,2221,"N","PN","2016",null,"M",false,null,null,"P1Y",{"$nulls":4},"S",null,null,3,null,"Number of ATM cash withdrawals at terminals acquired by resident PSP - terminal located in: Belgium","Number of ATM cash withdrawals at terminals acquired by resident PSP - terminal located in: Belgium","PN",6]
["PTT.A.AT.W1.BE.CW1.2.2221.N.PN","A","AT","W1","BE","CW1",2,2221,"N","PN","2017",null,"M",false,null,null,"P1Y",{"$nulls":4},"S",null,null,3,null,"Number of ATM cash withdrawals at terminals acquired by resident PSP - terminal located in: Belgium","Number of ATM cash withdrawals at terminals acquired by resident PSP - terminal located in: Belgium","PN",6]
["PTT.A.AT.W1.BE.CW1.2.2221.N.PN","A","AT","W1","BE","CW1",2,2221,"N","PN","2018",null,"M",false,null,null,"P1Y",{"$nulls":4},"S",null,null,3,null,"Number of ATM cash withdrawals at terminals acquired by resident PSP - terminal located in: Belgium","Number of ATM cash withdrawals at terminals acquired by resident PSP - terminal located in: Belgium","PN",6]
["PTT.A.AT.W1.BE.CW1.2.2221.N.PN","A","AT","W1","BE","CW1",2,2221,"N","PN","2019",null,"M",false,null,null,"P1Y",{"$nulls":4},"S",null,null,3,null,"Number of ATM cash withdrawals at terminals acquired by resident PSP - terminal located in: Belgium","Number of ATM cash withdrawals at terminals acquired by resident PSP - terminal located in: Belgium","PN",6]
["PTT.A.AT.W1.BE.CW1.2.2221.N.PN","A","AT","W1","BE","CW1",2,2221,"N","PN","2020",null,"M",false,null,null,"P1Y",{"$nulls":4},"S",null,null,3,null,"Number of ATM cash withdrawals at terminals acquired by resident PSP - terminal located in: Belgium","Number of ATM cash withdrawals at terminals acquired by resident PSP - terminal located in: Belgium","PN",6]
["PTT.A.AT.W1.BE.CW1.2.2221.N.PN","A","AT","W1","BE","CW1",2,2221,"N","PN","2021",null,"M",false,null,null,"P1Y",{"$nulls":4},"S",null,null,3,null,"Number of ATM cash withdrawals at terminals acquired by resident PSP - terminal located in: Belgium","Number of ATM cash withdrawals at terminals acquired by resident PSP - terminal located in: Belgium","PN",6]
["PTT.A.AT.W1.BE.CW1.2.2221.N.PN","A","AT","W1","BE","CW1",2,2221,"N","PN","2022",0,"A",false,null,null,"P1Y",{"$nulls":4},"S",null,null,3,null,"Number of ATM cash withdrawals at terminals acquired by resident PSP - terminal located in: Belgium","Number of ATM cash withdrawals at terminals acquired by resident PSP - terminal located in: Belgium","PN",6]
["PTT.A.AT.W1.BE.CW1.2.2221.N.PN","A","AT","W1","BE","CW1",2,2221,"N","PN","2023",0,"A",false,null,null,"P1Y",{"$nulls":4},"S",null,null,3,null,"Number of ATM cash withdrawals at terminals acquired by resident PSP - terminal located in: Belgium","Number of ATM cash withdrawals at terminals acquired by resident PSP - terminal located in: Belgium","PN",6]
["PTT.A.AT.W1.BE.EMLU.1.2220.N.EUR","A","AT","W1","BE","EMLU",1,2220,"N","EUR","2014",0.124,"A",false,null,null,"P1Y",{"$nulls":4},"S",null,null,3,"unspecified","Value of e-money card loading and unloading transactions with cards issued by non-resident PSPs at terminals acquired by non-resident psp - terminal located in: Belgium","Value of e-money card loading and unloading transactions with cards issued by non-resident PSPs at terminals acquired by non-resident psp - terminal located in: Belgium","EUR",6]
["PTT.A.AT.W1.BE.EMLU.1.2220.N.EUR","A","AT","W1","BE","EMLU",1,2220,"N","EUR","2015",0.113,"A",false,null,null,"P1Y",{"$nulls":4},"S",null,null,3,"unspecified","Value of e-money card loading and unloading transactions with cards issued by non-resident PSPs at terminals acquired by non-resident psp - terminal located in: Belgium","Value of e-money card loading and unloading transactions with cards issued by non-resident PSPs at terminals acquired by non-resident psp - terminal located in: Belgium","EUR",6]
["PTT.A.AT.W1.BE.EMLU.1.2220.N.EUR","A","AT","W1","BE","EMLU",1,2220,"N","EUR","2016",0.103,"A",false,null,null,"P1Y",{"$nulls":4},"S",null,null,3,"unspecified","Value of e-money card loading and unloading transactions with cards issued by non-resident PSPs at terminals acquired by non-resident psp - terminal located in: Belgium","Value of e-money card loading and unloading transactions with cards issued by non-resident PSPs at terminals acquired by non-resident psp - terminal located in: Belgium","EUR",6]
["PTT.A.AT.W1.BE.EMLU.1.2220.N.EUR","A","AT","W1","BE","EMLU",1,2220,"N","EUR","2017",0.109,"A",false,null,null,"P1Y",{"$nulls":4},"S",null,null,3,"unspecified","Value of e-money card loading and unloading transactions with cards issued by non-resident PSPs at terminals acquired by non-resident psp - terminal located in: Belgium","Value of e-money card loading and unloading transactions with cards issued by non-resident PSPs at terminals acquired by non-resident psp - terminal located in: Belgium","EUR",6]
["PTT.A.AT.W1.BE.EMLU.1.2220.N.EUR","A","AT","W1","BE","EMLU",1,2220,"N","EUR","2018",0.087,"A",false,null,null,"P1Y",{"$nulls":4},"S",null,null,3,"unspecified","Value of e-money card loading and unloading transactions with cards issued by non-resident PSPs at terminals acquired by non-resident psp - terminal located in: Belgium","Value of e-money card loading and unloading transactions with cards issued by non-resident PSPs at terminals acquired by non-resident psp - terminal located in: Belgium","EUR",6]
["PTT.A.AT.W1.BE.EMLU.1.2220.N.EUR","A","AT","W1","BE","EMLU",1,2220,"N","EUR","2019",null,"Q",false,null,null,"P1Y",{"$nulls":4},"S",null,null,3,"unspecified","Value of e-money card loading and unloading transactions with cards issued by non-resident PSPs at terminals acquired by non-resident psp - terminal located in: Belgium","Value of e-money card loading and unloading transactions with cards issued by non-resident PSPs at terminals acquired by non-resident psp - terminal located in: Belgium","EUR",6]
["PTT.A.AT.W1.BE.EMLU.1.2220.N.EUR","A","AT","W1","BE","EMLU",1,2220,"N","EUR","2020",null,"Q",false,null,null,"P1Y",{"$nulls":4},"S",null,null,3,"unspecified","Value of e-money card loading and unloading transactions with cards issued by non-resident PSPs at terminals acquired by non-resident psp - terminal located in: Belgium","Value of e-money card loading and unloading transactions with cards issued by non-resident PSPs at terminals acquired by non-resident psp - terminal located in: Belgium","EUR",6]
["PTT.A.AT.W1.BE.EMLU.1.2220.N.EUR","A","AT","W1","BE","EMLU",1,2220,"N","EUR","2021",null,"Q",false,null,null,"P1Y",{"$nulls":4},"S",null,null,3,"unspecified","Value of e-money card loading and unloading transactions with cards issued by non-resident PSPs at terminals acquired by non-resident psp - terminal located in: Belgium","Value of e-money card loading and unloading transactions with cards issued by non-resident PSPs at terminals acquired by non-resident psp - terminal located in: Belgium","EUR",6]
["PTT.A.AT.W1.BE.EMLU.1.2220.N.EUR","A","AT","W1","BE","EMLU",1,2220,"N","EUR","2022",null,"Q",false,null,null,"P1Y",{"$nulls":4},"S",null,null,3,"unspecified","Value of e-money card loading and unloading transactions with cards issued by non-resident PSPs at terminals acquired by non-resident psp - terminal located in: Belgium","Value of e-money card loading and unloading transactions with cards issued by non-resident PSPs at terminals acquired by non-resident psp - terminal located in: Belgium","EUR",6]
["PTT.A.AT.W1.BE.EMLU.1.2220.N.EUR","A","AT","W1","BE","EMLU",1,2220,"N","EUR","2023",null,"Q",false,null,null,"P1Y",{"$nulls":4},"S",null,null,3,"unspecified","Value of e-money card loading and unloading transactions with cards issued by non-resident PSPs at terminals acquired by non-resident psp - terminal located in: Belgium","Value of e-money card loading and unloading transactions with cards issued by non-resident PSPs at terminals acquired by non-resident psp - terminal located in: Belgium","EUR",6]
["PTT.A.AT.W1.BE.EMLU.1.2220.N.PN","A","AT","W1","BE","EMLU",1,2220,"N","PN","2014",0.001,"A",false,null,null,"P1Y",{"$nulls":4},"S",null,null,3,"unspecified","Number of e-money card loading and unloading transactions with cards issued by non-resident PSPs at terminals acquired by non-resident psp - terminal located in: Belgium","Number of e-money card loading and unloading transactions with cards issued by non-resident PSPs at terminals acquired by non-resident psp - terminal located in: Belgium","PN",6]
["PTT.A.AT.W1.BE.EMLU.1.2220.N.PN","A","AT","W1","BE","EMLU",1,2220,"N","PN","2015",0.001,"A",false,null,null,"P1Y",{"$nulls":4},"S",null,null,3,"unspecified","Number of e-money card loading and unloading transactions with cards issued by non-resident PSPs at terminals acquired by non-resident psp - terminal located in: Belgium","Number of e-money card loading and unloading transactions with cards issued by non-resident PSPs at terminals acquired by non-resident psp - terminal located in: Belgium","PN",6]
["PTT.A.AT.W1.BE.EMLU.1.2220.N.PN","A","AT","W1","BE","EMLU",1,2220,"N","PN","2016",0.001,"A",false,null,null,"P1Y",{"$nulls":4},"S",null,null,3,"unspecified","Number of e-money card loading and unloading transactions with cards issued by non-resident PSPs at terminals acquired by non-resident psp - terminal located in: Belgium","Number of e-money card loading and unloading transactions with cards issued by non-resident PSPs at terminals acquired by non-resident psp - terminal located in: Belgium","PN",6]
["PTT.A.AT.W1.BE.EMLU.1.2220.N.PN","A","AT","W1","BE","EMLU",1,2220,"N","PN","2017",0.001,"A",false,null,null,"P1Y",{"$nulls":4},"S",null,null,3,"unspecified","Number of e-money card loading and unloading transactions with cards issued by non-resident PSPs at terminals acquired by non-resident psp - terminal located in: Belgium","Number of e-money card loading and unloading transactions with cards issued by non-resident PSPs at terminals acquired by non-resident psp - terminal located in: Belgium","PN",6]
["PTT.A.AT.W1.BE.EMLU.1.2220.N.PN","A","AT","W1","BE","EMLU",1,2220,"N","PN","2018",0,"A",false,null,null,"P1Y",{"$nulls":4},"S",null,null,3,"unspecified","Number of e-money card loading and unloading transactions with cards issued by non-resident PSPs at terminals acquired by non-resident psp - terminal located in: Belgium","Number of e-money card loading and unloading transactions with cards issued by non-resident PSPs at terminals acquired by non-resident psp - terminal located in: Belgium","PN",6]
["PTT.A.AT.W1.BE.EMLU.1.2220.N.PN","A","AT","W1","BE","EMLU",1,2220,"N","PN","2019",null,"Q",false,null,null,"P1Y",{"$nulls":4},"S",null,null,3,"unspecified","Number of e-money card loading and unloading transactions with cards issued by non-resident PSPs at terminals acquired by non-resident psp - terminal located in: Belgium","Number of e-money card loading and unloading transactions with cards issued by non-resident PSPs at terminals acquired by non-resident psp - terminal located in: Belgium","PN",6]
["PTT.A.AT.W1.BE.EMLU.1.2220.N.PN","A","AT","W1","BE","EMLU",1,2220,"N","PN","2020",null,"Q",false,null,null,"P1Y",{"$nulls":4},"S",null,null,3,"unspecified","Number of e-money card loading and unloading transactions with cards issued by non-resident PSPs at terminals acquired by non-resident psp - terminal located in: Belgium","Number of e-money card loading and unloading transactions with cards issued by non-resident PSPs at terminals acquired by non-resident psp - terminal located in: Belgium","PN",6]
["PTT.A.AT.W1.BE.EMLU.1.2220.N.PN","A","AT","W1","BE","EMLU",1,2220,"N","PN","2021",null,"Q",false,null,null,"P1Y",{"$nulls":4},"S",null,null,3,"unspecified","Number of e-money card loading and unloading transactions with cards issued by non-resident PSPs at terminals acquired by non-resident psp - terminal located in: Belgium","Number of e-money card loading and unloading transactions with cards issued by non-resident PSPs at terminals acquired by non-resident psp - terminal located in: Belgium","PN",6]
["PTT.A.AT.W1.BE.EMLU.1.2220.N.PN","A","AT","W1","BE","EMLU",1,2220,"N","PN","2022",null,"Q",false,null,null,"P1Y",{"$nulls":4},"S",null,null,3,"unspecified","Number of e-money card loading and unloading transactions with cards issued by non-resident PSPs at terminals acquired by non-resident psp - terminal located in: Belgium","Number of e-money card loading and unloading transactions with cards issued by non-resident PSPs at terminals acquired by non-resident psp - terminal located in: Belgium","PN",6]
["PTT.A.AT.W1.BE.EMLU.1.2220.N.PN","A","AT","W1","BE","EMLU",1,2220,"N","PN","2023",null,"Q",false,null,null,"P1Y",{"$nulls":4},"S",null,null,3,"unspecified","Number of e-money card loading and unloading transactions with cards issued by non-resident PSPs at terminals acquired by non-resident psp - terminal located in: Belgium","Number of e-money card loading and unloading transactions with cards issued by non-resident PSPs at terminals acquired by non-resident psp - terminal located in: Belgium","PN",6]
["PTT.A.AT.W1.BE.EMLU.2.2220.N.EUR","A","AT","W1","BE","EMLU",2,2220,"N","EUR","2014",null,"M",false,null,null,"P1Y",{"$nulls":4},"S",null,null,3,null,"Value of E-money card loading and unloading at terminals acquired by resident PSP - terminal located in: Belgium","Value of E-money card loading and unloading at terminals acquired by resident PSP - terminal located in: Belgium","EUR",6]
["PTT.A.AT.W1.BE.EMLU.2.2220.N.EUR","A","AT","W1","BE","EMLU",2,2220,"N","EUR","2015",null,"M",false,null,null,"P1Y",{"$nulls":4},"S",null,null,3,null,"Value of E-money card loading and unloading at terminals acquired by resident PSP - terminal located in: Belgium","Value of E-money card loading and unloading at terminals acquired by resident PSP - terminal located in: Belgium","EUR",6]
["PTT.A.AT.W1.BE.EMLU.2.2220.N.EUR","A","AT","W1","BE","EMLU",2,2220,"N","EUR","2016",null,"M",false,null,null,"P1Y",{"$nulls":4},"S",null,null,3,null,"Value of E-money card loading and unloading at terminals acquired by resident PSP - terminal located in: Belgium","Value of E-money card loading and unloading at terminals acquired by resident PSP - terminal located in: Belgium","EUR",6]
["PTT.A.AT.W1.BE.EMLU.2.2220.N.EUR","A","AT","W1","BE","EMLU",2,2220,"N","EUR","2017",null,"M",false,null,null,"P1Y",{"$nulls":4},"S",null,null,3,null,"Value of E-money card loading and unloading at terminals acquired by resident PSP - terminal located in: Belgium","Value of E-money card loading and unloading at terminals acquired by resident PSP - terminal located in: Belgium","EUR",6]
["PTT.A.AT.W1.BE.EMLU.2.2220.N.EUR","A","AT","W1","BE","EMLU",2,2220,"N","EUR","2018",null,"M",false,null,null,"P1Y",{"$nulls":4},"S",null,null,3,null,"Value of E-money card loading and unloading at terminals acquired by resident PSP - terminal located in: Belgium","Value of E-money card loading and unloading at terminals acquired by resident PSP - terminal located in: Belgium","EUR",6]
["PTT.A.AT.W1.BE.EMLU.2.2220.N.EUR","A","AT","W1","BE","EMLU",2,2220,"N","EUR","2019",null,"M",false,null,null,"P1Y",{"$nulls":4},"S",null,null,3,null,"Value of E-money card loading and unloading at terminals acquired by resident PSP - terminal located in: Belgium","Value of E-money card loading and unloading at terminals acquired by resident PSP - terminal located in: Belgium","EUR",6]
["PTT.A.AT.W1.BE.EMLU.2.2220.N.EUR","A","AT","W1","BE","EMLU",2,2220,"N","EUR","2020",null,"M",false,null,null,"P1Y",{"$nulls":4},"S",null,null,3,null,"Value of E-money card loading and unloading at terminals acquired by resident PSP - terminal located in: Belgium","Value of E-money card loading and unloading at terminals acquired by resident PSP - terminal located in: Belgium","EUR",6]
["PTT.A.AT.W1.BE.EMLU.2.2220.N.EUR","A","AT","W1","BE","EMLU",2,2220,"N","EUR","2021",null,"M",false,null,null,"P1Y",{"$nulls":4},"S",null,null,3,null,"Value of E-money card loading and unloading at terminals acquired by resident PSP - terminal located in: Belgium","Value of E-money card loading and unloading at terminals acquired by resident PSP - terminal located in: Belgium","EUR",6]
["PTT.A.AT.W1.BE.EMLU.2.2220.N.EUR","A","AT","W1","BE","EMLU",2,2220,"N","EUR","2022",0,"A",false,null,null,"P1Y",{"$nulls":4},"S",null,null,3,null,"Value of E-money card loading and unloading at terminals acquired by resident PSP - terminal located in: Belgium","Value of E-money card loading and unloading at terminals acquired by resident PSP - terminal located in: Belgium","EUR",6]
["PTT.A.AT.W1.BE.EMLU.2.2220.N.EUR","A","AT","W1","BE","EMLU",2,2220,"N","EUR","2023",0,"A",false,null,null,"P1Y",{"$nulls":4},"S",null,null,3,null,"Value of E-money card loading and unloading at terminals acquired by resident PSP - terminal located in: Belgium","Value of E-money card loading and unloading at terminals acquired by resident PSP - terminal located in: Belgium","EUR",6]
["PTT.A.AT.W1.BE.EMLU.2.2220.N.PN","A","AT","W1","BE","EMLU",2,2220,"N","PN","2014",null,"M",false,null,null,"P1Y",{"$nulls":4},"S",null,null,3,null,"Number of E-money card loading and unloading at terminals acquired by resident PSP - terminal located in: Belgium","Number of E-money card loading and unloading at terminals acquired by resident PSP - terminal located in: Belgium","PN",6]
["PTT.A.AT.W1.BE.EMLU.2.2220.N.PN","A","AT","W1","BE","EMLU",2,2220,"N","PN","2015",null,"M",false,null,null,"P1Y",{"$nulls":4},"S",null,null,3,null,"Number of E-money card loading and unloading at terminals acquired by resident PSP - terminal located in: Belgium","Number of E-money card loading and unloading at terminals acquired by resident PSP - terminal located in: Belgium","PN",6]
["PTT.A.AT.W1.BE.EMLU.2.2220.N.PN","A","AT","W1","BE","EMLU",2,2220,"N","PN","2016",null,"M",false,null,null,"P1Y",{"$nulls":4},"S",null,null,3,null,"Number of E-money card loading and unloading at terminals acquired by resident PSP - terminal located in: Belgium","Number of E-money card loading and unloading at terminals acquired by resident PSP - terminal located in: Belgium","PN",6]
["PTT.A.AT.W1.BE.EMLU.2.2220.N.PN","A","AT","W1","BE","EMLU",2,2220,"N","PN","2017",null,"M",false,null,null,"P1Y",{"$nulls":4},"S",null,null,3,null,"Number of E-money card loading and unloading at terminals acquired by resident PSP - terminal located in: Belgium","Number of E-money card loading and unloading at terminals acquired by resident PSP - terminal located in: Belgium","PN",6]
["PTT.A.AT.W1.BE.EMLU.2.2220.N.PN","A","AT","W1","BE","EMLU",2,2220,"N","PN","2018",null,"M",false,null,null,"P1Y",{"$nulls":4},"S",null,null,3,null,"Number of E-money card loading and unloading at terminals acquired by resident PSP - terminal located in: Belgium","Number of E-money card loading and unloading at terminals acquired by resident PSP - terminal located in: Belgium","PN",6]
["PTT.A.AT.W1.BE.EMLU.2.2220.N.PN","A","AT","W1","BE","EMLU",2,2220,"N","PN","2019",null,"M",false,null,null,"P1Y",{"$nulls":4},"S",null,null,3,null,"Number of E-money card loading and unloading at terminals acquired by resident PSP - terminal located in: Belgium","Number of E-money card loading and unloading at terminals acquired by resident PSP - terminal located in: Belgium","PN",6]
["PTT.A.AT.W1.BE.EMLU.2.2220.N.PN","A","AT","W1","BE","EMLU",2,2220,"N","PN","2020",null,"M",false,null,null,"P1Y",{"$nulls":4},"S",null,null,3,null,"Number of E-money card loading and unloading at terminals acquired by resident PSP - terminal located in: Belgium","Number of E-money card loading and unloading at terminals acquired by resident PSP - terminal located in: Belgium","PN",6]
["PTT.A.AT.W1.BE.EMLU.2.2220.N.PN","A","AT","W1","BE","EMLU",2,2220,"N","PN","2021",null,"M",false,null,null,"P1Y",{"$nulls":4},"S",null,null,3,null,"Number of E-money card loading and unloading at terminals acquired by resident PSP - terminal located in: Belgium","Number of E-money card loading and unloading at terminals acquired by resident PSP - terminal located in: Belgium","PN",6]
["PTT.A.AT.W1.BE.EMLU.2.2220.N.PN","A","AT","W1","BE","EMLU",2,2220,"N","PN","2022",0,"A",false,null,null,"P1Y",{"$nulls":4},"S",null,null,3,null,"Number of E-money card loading and unloading at terminals acquired by resident PSP - terminal located in: Belgium","Number of E-money card loading and unloading at terminals acquired by resident PSP - terminal located in: Belgium","PN",6]
["PTT.A.AT.W1.BE.EMLU.2.2220.N.PN","A","AT","W1","BE","EMLU",2,2220,"N","PN","2023",0,"A",false,null,null,"P1Y",{"$nulls":4},"S",null,null,3,null,"Number of E-money card loading and unloading at terminals acquired by resident PSP - terminal located in: Belgium","Number of E-money card loading and unloading at terminals acquired by resident PSP - terminal located in: Belgium","PN",6]
["PTT.A.AT.W1.BE.EMP1.1.2220.N.EUR","A","AT","W1","BE","EMP1",1,2220,"N","EUR","2014",0.095,"A",false,null,null,"P1Y",{"$nulls":4},"S",null,null,3,"unspecified","Value of e-money payment transactions with cards with an e-money function with cards issued by non-resident PSPs at terminals acquired by non-resident psp - terminal located in: Belgium","Value of e-money payment transactions with cards with an e-money function with cards issued by non-resident PSPs at terminals acquired by non-resident psp - terminal located in: Belgium","EUR",6]
["PTT.A.AT.W1.BE.EMP1.1.2220.N.EUR","A","AT","W1","BE","EMP1",1,2220,"N","EUR","2015",0.13,"A",false,null,null,"P1Y",{"$nulls":4},"S",null,null,3,"unspecified","Value of e-money payment transactions with cards with an e-money function with cards issued by non-resident PSPs at terminals acquired by non-resident psp - terminal located in: Belgium","Value of e-money payment transactions with cards with an e-money function with cards issued by non-resident PSPs at terminals acquired by non-resident psp - terminal located in: Belgium","EUR",6]
["PTT.A.AT.W1.BE.EMP1.1.2220.N.EUR","A","AT","W1","BE","EMP1",1,2220,"N","EUR","2016",0.151,"A",false,null,null,"P1Y",{"$nulls":4},"S",null,null,3,"unspecified","Value of e-money payment transactions with cards with an e-money function with cards issued by non-resident PSPs at terminals acquired by non-resident psp - terminal located in: Belgium","Value of e-money payment transactions with cards with an e-money function with cards issued by non-resident PSPs at terminals acquired by non-resident psp - terminal located in: Belgium","EUR",6]
["PTT.A.AT.W1.BE.EMP1.1.2220.N.EUR","A","AT","W1","BE","EMP1",1,2220,"N","EUR","2017",0.144,"A",false,null,null,"P1Y",{"$nulls":4},"S",null,null,3,"unspecified","Value of e-money payment transactions with cards with an e-money function with cards issued by non-resident PSPs at terminals acquired by non-resident psp - terminal located in: Belgium","Value of e-money payment transactions with cards with an e-money function with cards issued by non-resident PSPs at terminals acquired by non-resident psp - terminal located in: Belgium","EUR",6]
["PTT.A.AT.W1.BE.EMP1.1.2220.N.EUR","A","AT","W1","BE","EMP1",1,2220,"N","EUR","2018",0.103,"A",false,null,null,"P1Y",{"$nulls":4},"S",null,null,3,"unspecified","Value of e-money payment transactions with cards with an e-money function with cards issued by non-resident PSPs at terminals acquired by non-resident psp - terminal located in: Belgium","Value of e-money payment transactions with cards with an e-money function with cards issued by non-resident PSPs at terminals acquired by non-resident psp - terminal located in: Belgium","EUR",6]
["PTT.A.AT.W1.BE.EMP1.1.2220.N.EUR","A","AT","W1","BE","EMP1",1,2220,"N","EUR","2019",0.113,"A",false,null,null,"P1Y",{"$nulls":4},"S",null,null,3,"unspecified","Value of e-money payment transactions with cards with an e-money function with cards issued by non-resident PSPs at terminals acquired by non-resident psp - terminal located in: Belgium","Value of e-money payment transactions with cards with an e-money function with cards issued by non-resident PSPs at terminals acquired by non-resident psp - terminal located in: Belgium","EUR",6]
["PTT.A.AT.W1.BE.EMP1.1.2220.N.EUR","A","AT","W1","BE","EMP1",1,2220,"N","EUR","2020",null,"Q",false,null,null,"P1Y",{"$nulls":4},"S",null,null,3,"unspecified","Value of e-money payment transactions with cards with an e-money function with cards issued by non-resident PSPs at terminals acquired by non-resident psp - terminal located in: Belgium","Value of e-money payment transactions with cards with an e-money function with cards issued by non-resident PSPs at terminals acquired by non-resident psp - terminal located in: Belgium","EUR",6]
["PTT.A.AT.W1.BE.EMP1.1.2220.N.EUR","A","AT","W1","BE","EMP1",1,2220,"N","EUR","2021",null,"Q",false,null,null,"P1Y",{"$nulls":4},"S",null,null,3,"unspecified","Value of e-money payment transactions with cards with an e-money function with cards issued by non-resident PSPs at terminals acquired by non-resident psp - terminal located in: Belgium","Value of e-money payment transactions with cards with an e-money function with cards issued by non-resident PSPs at terminals acquired by non-resident psp - terminal located in: Belgium","EUR",6]
["PTT.A.AT.W1.BE.EMP1.1.2220.N.EUR","A","AT","W1","BE","EMP1",1,2220,"N","EUR","2022",0,"A",false,null,null,"P1Y",{"$nulls":4},"S",null,null,3,"unspecified","Value of e-money payment transactions with cards with an e-money function with cards issued by non-resident PSPs at terminals acquired by non-resident psp - terminal located in: Belgium","Value of e-money payment transactions with cards with an e-money function with cards issued by non-resident PSPs at terminals acquired by non-resident psp - terminal located in: Belgium","EUR",6]
["PTT.A.AT.W1.BE.EMP1.1.2220.N.EUR","A","AT","W1","BE","EMP1",1,2220,"N","EUR","2023",0,"A",false,null,null,"P1Y",{"$nulls":4},"S",null,null,3,"unspecified","Value of e-money payment transactions with cards with an e-money function with cards issued by non-resident PSPs at terminals acquired by non-resident psp - terminal located in: Belgium","Value of e-money payment transactions with cards with an e-money function with cards issued by non-resident PSPs at terminals acquired by non-resident psp - terminal located in: Belgium","EUR",6]
["PTT.A.AT.W1.BE.EMP1.1.2220.N.PN","A","AT","W1","BE","EMP1",1,2220,"N","PN","2014",0.001,"A",false,null,null,"P1Y",{"$nulls":4},"S",null,null,3,"unspecified","Number of e-money payment transactions with cards with an e-money function with cards issued by non-resident PSPs at terminals acquired by non-resident psp - terminal located in: Belgium","Number of e-money payment transactions with cards with an e-money function with cards issued by non-resident PSPs at terminals acquired by non-resident psp - terminal located in: Belgium","PN",6]
["PTT.A.AT.W1.BE.EMP1.1.2220.N.PN","A","AT","W1","BE","EMP1",1,2220,"N","PN","2015",0.002,"A",false,null,null,"P1Y",{"$nulls":4},"S",null,null,3,"unspecified","Number of e-money payment transactions with cards with an e-money function with cards issued by non-resident PSPs at terminals acquired by non-resident psp - terminal located in: Belgium","Number of e-money payment transactions with cards with an e-money function with cards issued by non-resident PSPs at terminals acquired by non-resident psp - terminal located in: Belgium","PN",6]
["PTT.A.AT.W1.BE.EMP1.1.2220.N.PN","A","AT","W1","BE","EMP1",1,2220,"N","PN","2016",0.003,"A",false,null,null,"P1Y",{"$nulls":4},"S",null,null,3,"unspecified","Number of e-money payment transactions with cards with an e-money function with cards issued by non-resident PSPs at terminals acquired by non-resident psp - terminal located in: Belgium","Number of e-money payment transactions with cards with an e-money function with cards issued by non-resident PSPs at terminals acquired by non-resident psp - terminal located in: Belgium","PN",6]
["PTT.A.AT.W1.BE.EMP1.1.2220.N.PN","A","AT","W1","BE","EMP1",1,2220,"N","PN","2017",0.003,"A",false,null,null,"P1Y",{"$nulls":4},"S",null,null,3,"unspecified","Number of e-money payment transactions with cards with an e-money function with cards issued by non-resident PSPs at terminals acquired by non-resident psp - terminal located in: Belgium","Number of e-money payment transactions with cards with an e-money function with cards issued by non-resident PSPs at terminals acquired by non-resident psp - terminal located in: Belgium","PN",6]
["PTT.A.AT.W1.BE.EMP1.1.2220.N.PN","A","AT","W1","BE","EMP1",1,2220,"N","PN","2018",0.002,"A",false,null,null,"P1Y",{"$nulls":4},"S",null,null,3,"unspecified","Number of e-money payment transactions with cards with an e-money function with cards issued by non-resident PSPs at terminals acquired by non-resident psp - terminal located in: Belgium","Number of e-money payment transactions with cards with an e-money function with cards issued by non-resident PSPs at terminals acquired by non-resident psp - terminal located in: Belgium","PN",6]
["PTT.A.AT.W1.BE.EMP1.1.2220.N.PN","A","AT","W1","BE","EMP1",1,2220,"N","PN","2019",0.002,"A",false,null,null,"P1Y",{"$nulls":4},"S",null,null,3,"unspecified","Number of e-money payment transactions with cards with an e-money function with cards issued by non-resident PSPs at terminals acquired by non-resident psp - terminal located in: Belgium","Number of e-money payment transactions with cards with an e-money function with cards issued by non-resident PSPs at terminals acquired by non-resident psp - terminal located in: Belgium","PN",6]
["PTT.A.AT.W1.BE.EMP1.1.2220.N.PN","A","AT","W1","BE","EMP1",1,2220,"N","PN","2020",null,"Q",false,null,null,"P1Y",{"$nulls":4},"S",null,null,3,"unspecified","Number of e-money payment transactions with cards with an e-money function with cards issued by non-resident PSPs at terminals acquired by non-resident psp - terminal located in: Belgium","Number of e-money payment transactions with cards with an e-money function with cards issued by non-resident PSPs at terminals acquired by non-resident psp - terminal located in: Belgium","PN",6]
["PTT.A.AT.W1.BE.EMP1.1.2220.N.PN","A","AT","W1","BE","EMP1",1,2220,"N","PN","2021",null,"Q",false,null,null,"P1Y",{"$nulls":4},"S",null,null,3,"unspecified","Number of e-money payment transactions with cards with an e-money function with cards issued by non-resident PSPs at terminals acquired by non-resident psp - terminal located in: Belgium","Number of e-money payment transactions with cards with an e-money function with cards issued by non-resident PSPs at terminals acquired by non-resident psp - terminal located in: Belgium","PN",6]
["PTT.A.AT.W1.BE.EMP1.1.2220.N.PN","A","AT","W1","BE","EMP1",1,2220,"N","PN","2022",0,"A",false,null,null,"P1Y",{"$nulls":4},"S",null,null,3,"unspecified","Number of e-money payment transactions with cards with an e-money function with cards issued by non-resident PSPs at terminals acquired by non-resident psp - terminal located in: Belgium","Number of e-money payment transactions with cards with an e-money function with cards issued by non-resident PSPs at terminals acquired by non-resident psp - terminal located in: Belgium","PN",6]
["PTT.A.AT.W1.BE.EMP1.1.2220.N.PN","A","AT","W1","BE","EMP1",1,2220,"N","PN","2023",0,"A",false,null,null,"P1Y",{"$nulls":4},"S",null,null,3,"unspecified","Number of e-money payment transactions with cards with an e-money function with cards issued by non-resident PSPs at terminals acquired by non-resident psp - terminal located in: Belgium","Number of e-money payment transactions with cards with an e-money function with cards issued by non-resident PSPs at terminals acquired by non-resident psp - terminal located in: Belgium","PN",6]
["PTT.A.AT.W1.BE.EMP1.2.2220.N.EUR","A","AT","W1","BE","EMP1",2,2220,"N","EUR","2014",null,"M",false,null,null,"P1Y",{"$nulls":4},"S",null,null,3,null,"Value of e-money payment transactions with cards with an e-money function at terminals acquired by resident PSP - terminal located in: Belgium","Value of e-money payment transactions with cards with an e-money function at terminals acquired by resident PSP - terminal located in: Belgium","EUR",6]
["PTT.A.AT.W1.BE.EMP1.2.2220.N.EUR","A","AT","W1","BE","EMP1",2,2220,"N","EUR","2015",null,"M",false,null,null,"P1Y",{"$nulls":4},"S",null,null,3,null,"Value of e-money payment transactions with cards with an e-money function at terminals acquired by resident PSP - terminal located in: Belgium","Value of e-money payment transactions with cards with an e-money function at terminals acquired by resident PSP - terminal located in: Belgium","EUR",6]
["PTT.A.AT.W1.BE.EMP1.2.2220.N.EUR","A","AT","W1","BE","EMP1",2,2220,"N","EUR","2016",null,"M",false,null,null,"P1Y",{"$nulls":4},"S",null,null,3,null,"Value of e-money payment transactions with cards with an e-money function at terminals acquired by resident PSP - terminal located in: Belgium","Value of e-money payment transactions with cards with an e-money function at terminals acquired by resident PSP - terminal located in: Belgium","EUR",6]
["PTT.A.AT.W1.BE.EMP1.2.2220.N.EUR","A","AT","W1","BE","EMP1",2,2220,"N","EUR","2017",null,"M",false,null,null,"P1Y",{"$nulls":4},"S",null,null,3,null,"Value of e-money payment transactions with cards with an e-money function at terminals acquired by resident PSP - terminal located in: Belgium","Value of e-money payment transactions with cards with an e-money function at terminals acquired by resident PSP - terminal located in: Belgium","EUR",6]
["PTT.A.AT.W1.BE.EMP1.2.2220.N.EUR","A","AT","W1","BE","EMP1",2,2220,"N","EUR","2018",null,"M",false,null,null,"P1Y",{"$nulls":4},"S",null,null,3,null,"Value of e-money payment transactions with cards with an e-money function at terminals acquired by resident PSP - terminal located in: Belgium","Value of e-money payment transactions with cards with an e-money function at terminals acquired by resident PSP - terminal located in: Belgium","EUR",6]
["PTT.A.AT.W1.BE.EMP1.2.2220.N.EUR","A","AT","W1","BE","EMP1",2,2220,"N","EUR","2019",null,"M",false,null,null,"P1Y",{"$nulls":4},"S",null,null,3,null,"Value of e-money payment transactions with cards with an e-money function at terminals acquired by resident PSP - terminal located in: Belgium","Value of e-money payment transactions with cards with an e-money function at terminals acquired by resident PSP - terminal located in: Belgium","EUR",6]
["PTT.A.AT.W1.BE.EMP1.2.2220.N.EUR","A","AT","W1","BE","EMP1",2,2220,"N","EUR","2020",null,"M",false,null,null,"P1Y",{"$nulls":4},"S",null,null,3,null,"Value of e-money payment transactions with cards with an e-money function at terminals acquired by resident PSP - terminal located in: Belgium","Value of e-money payment transactions with cards with an e-money function at terminals acquired by resident PSP - terminal located in: Belgium","EUR",6]
["PTT.A.AT.W1.BE.EMP1.2.2220.N.EUR","A","AT","W1","BE","EMP1",2,2220,"N","EUR","2021",null,"M",false,null,null,"P1Y",{"$nulls":4},"S",null,null,3,null,"Value of e-money payment transactions with cards with an e-money function at terminals acquired by resident PSP - terminal located in: Belgium","Value of e-money payment transactions with cards with an e-money function at terminals acquired by resident PSP - terminal located in: Belgium","EUR",6]
["PTT.A.AT.W1.BE.EMP1.2.2220.N.EUR","A","AT","W1","BE","EMP1",2,2220,"N","EUR","2022",0,"A",false,null,null,"P1Y",{"$nulls":4},"S",null,null,3,null,"Value of e-money payment transactions with cards with an e-money function at terminals acquired by resident PSP - terminal located in: Belgium","Value of e-money payment transactions with cards with an e-money function at terminals acquired by resident PSP - terminal located in: Belgium","EUR",6]
["PTT.A.AT.W1.BE.EMP1.2.2220.N.EUR","A","AT","W1","BE","EMP1",2,2220,"N","EUR","2023",0,"A",false,null,null,"P1Y",{"$nulls":4},"S",null,null,3,null,"Value of e-money payment transactions with cards with an e-money function at terminals acquired by resident PSP - terminal located in: Belgium","Value of e-money payment transactions with cards with an e-money function at terminals acquired by resident PSP - terminal located in: Belgium","EUR",6]
["PTT.A.AT.W1.BE.EMP1.2.2220.N.PN","A","AT","W1","BE","EMP1",2,2220,"N","PN","2014",null,"M",false,null,null,"P1Y",{"$nulls":4},"S",null,null,3,null,"Number of e-money payment transactions with cards with an e-money function at terminals acquired by resident PSP - terminal located in: Belgium","Number of e-money payment transactions with cards with an e-money function at terminals acquired by resident PSP - terminal located in: Belgium","PN",6]
["PTT.A.AT.W1.BE.EMP1.2.2220.N.PN","A","AT","W1","BE","EMP1",2,2220,"N","PN","2015",null,"M",false,null,null,"P1Y",{"$nulls":4},"S",null,null,3,null,"Number of e-money payment transactions with cards with an e-money function at terminals acquired by resident PSP - terminal located in: Belgium","Number of e-money payment transactions with cards with an e-money function at terminals acquired by resident PSP - terminal located in: Belgium","PN",6]
["PTT.A.AT.W1.BE.EMP1.2.2220.N.PN","A","AT","W1","BE","EMP1",2,2220,"N","PN","2016",null,"M",false,null,null,"P1Y",{"$nulls":4},"S",null,null,3,null,"Number of e-money payment transactions with cards with an e-money function at terminals acquired by resident PSP - terminal located in: Belgium","Number of e-money payment transactions with cards with an e-money function at terminals acquired by resident PSP - terminal located in: Belgium","PN",6]
["PTT.A.AT.W1.BE.EMP1.2.2220.N.PN","A","AT","W1","BE","EMP1",2,2220,"N","PN","2017",null,"M",false,null,null,"P1Y",{"$nulls":4},"S",null,null,3,null,"Number of e-money payment transactions with cards with an e-money function at terminals acquired by resident PSP - terminal located in: Belgium","Number of e-money payment transactions with cards with an e-money function at terminals acquired by resident PSP - terminal located in: Belgium","PN",6]
["PTT.A.AT.W1.BE.EMP1.2.2220.N.PN","A","AT","W1","BE","EMP1",2,2220,"N","PN","2018",null,"M",false,null,null,"P1Y",{"$nulls":4},"S",null,null,3,null,"Number of e-money payment transactions with cards with an e-money function at terminals acquired by resident PSP - terminal located in: Belgium","Number of e-money payment transactions with cards with an e-money function at terminals acquired by resident PSP - terminal located in: Belgium","PN",6]
["PTT.A.AT.W1.BE.EMP1.2.2220.N.PN","A","AT","W1","BE","EMP1",2,2220,"N","PN","2019",null,"M",false,null,null,"P1Y",{"$nulls":4},"S",null,null,3,null,"Number of e-money payment transactions with cards with an e-money function at terminals acquired by resident PSP - terminal located in: Belgium","Number of e-money payment transactions with cards with an e-money function at terminals acquired by resident PSP - terminal located in: Belgium","PN",6]
["PTT.A.AT.W1.BE.EMP1.2.2220.N.PN","A","AT","W1","BE","EMP1",2,2220,"N","PN","2020",null,"M",false,null,null,"P1Y",{"$nulls":4},"S",null,null,3,null,"Number of e-money payment transactions with cards with an e-money function at terminals acquired by resident PSP - terminal located in: Belgium","Number of e-money payment transactions with cards with an e-money function at terminals acquired by resident PSP - terminal located in: Belgium","PN",6]
["PTT.A.AT.W1.BE.EMP1.2.2220.N.PN","A","AT","W1","BE","EMP1",2,2220,"N","PN","2021",null,"M",false,null,null,"P1Y",{"$nulls":4},"S",null,null,3,null,"Number of e-money payment transactions with cards with an e-money function at terminals acquired by resident PSP - terminal located in: Belgium","Number of e-money payment transactions with cards with an e-money function at terminals acquired by resident PSP - terminal located in: Belgium","PN",6]
["PTT.A.AT.W1.BE.EMP1.2.2220.N.PN","A","AT","W1","BE","EMP1",2,2220,"N","PN","2022",0,"A",false,null,null,"P1Y",{"$nulls":4},"S",null,null,3,null,"Number of e-money payment transactions with cards with an e-money function at terminals acquired by resident PSP - terminal located in: Belgium","Number of e-money payment transactions with cards with an e-money function at terminals acquired by resident PSP - terminal located in: Belgium","PN",6]
["PTT.A.AT.W1.BE.EMP1.2.2220.N.PN","A","AT","W1","BE","EMP1",2,2220,"N","PN","2023",0,"A",false,null,null,"P1Y",{"$nulls":4},"S",null,null,3,null,"Number of e-money payment transactions with cards with an e-money function at terminals acquired by resident PSP - terminal located in: Belgium","Number of e-money payment transactions with cards with an e-money function at terminals acquired by resident PSP - terminal located in: Belgium","PN",6]
["PTT.A.AT.W1.BE.TRSC.1.2221.N.EUR","A","AT","W1","BE","TRSC",1,2221,"N","EUR","2022",null,"Q",false,null,null,"P1Y",{"$nulls":4},"S",null,null,3,null,"Value of other atm transactions with cards issued by non-resident PSPs at terminals acquired by non-resident psp - terminal located in: Belgium","Value of other atm transactions with cards issued by non-resident PSPs at terminals acquired by non-resident psp - terminal located in: Belgium","EUR",6]
["PTT.A.AT.W1.BE.TRSC.1.2221.N.EUR","A","AT","W1","BE","TRSC",1,2221,"N","EUR","2023",null,"Q",false,null,null,"P1Y",{"$nulls":4},"S",null,null,3,null,"Value of other atm transactions with cards issued by non-resident PSPs at terminals acquired by non-resident psp - terminal located in: Belgium","Value of other atm transactions with cards issued by non-resident PSPs at terminals acquired by non-resident psp - terminal located in: Belgium","EUR",6]
["PTT.A.AT.W1.BE.TRSC.1.2221.N.PN","A","AT","W1","BE","TRSC",1,2221,"N","PN","2022",null,"Q",false,null,null,"P1Y",{"$nulls":4},"S",null,null,3,null,"Number of other atm transactions with cards issued by non-resident PSPs at terminals acquired by non-resident psp - terminal located in: Belgium","Number of other atm transactions with cards issued by non-resident PSPs at terminals acquired by non-resident psp - terminal located in: Belgium","PN",6]
["PTT.A.AT.W1.BE.TRSC.1.2221.N.PN","A","AT","W1","BE","TRSC",1,2221,"N","PN","2023",null,"Q",false,null,null,"P1Y",{"$nulls":4},"S",null,null,3,null,"Number of other atm transactions with cards issued by non-resident PSPs at terminals acquired by non-resident psp - terminal located in: Belgium","Number of other atm transactions with cards issued by non-resident PSPs at terminals acquired by non-resident psp - terminal located in: Belgium","PN",6]
["PTT.A.AT.W1.BE.TRSC.2.2221.N.EUR","A","AT","W1","BE","TRSC",2,2221,"N","EUR","2022",0,"A",false,null,null,"P1Y",{"$nulls":4},"S",null,null,3,null,"Value of other atm transactions with cards issued by non-resident PSPs at terminals acquired by resident psp - terminal located in: Belgium","Value of other atm transactions with cards issued by non-resident PSPs at terminals acquired by resident psp - terminal located in: Belgium","EUR",6]
["PTT.A.AT.W1.BE.TRSC.2.2221.N.EUR","A","AT","W1","BE","TRSC",2,2221,"N","EUR","2023",0,"A",false,null,null,"P1Y",{"$nulls":4},"S",null,null,3,null,"Value of other atm transactions with cards issued by non-resident PSPs at terminals acquired by resident psp - terminal located in: Belgium","Value of other atm transactions with cards issued by non-resident PSPs at terminals acquired by resident psp - terminal located in: Belgium","EUR",6]
["PTT.A.AT.W1.BE.TRSC.2.2221.N.PN","A","AT","W1","BE","TRSC",2,2221,"N","PN","2022",0,"A",false,null,null,"P1Y",{"$nulls":4},"S",null,null,3,null,"Number of other atm transactions with cards issued by non-resident PSPs at terminals acquired by resident psp - terminal located in: Belgium","Number of other atm transactions with cards issued by non-resident PSPs at terminals acquired by resident psp - terminal located in: Belgium","PN",6]
["PTT.A.AT.W1.BE.TRSC.2.2221.N.PN","A","AT","W1","BE","TRSC",2,2221,"N","PN","2023",0,"A",false,null,null,"P1Y",{"$nulls":4},"S",null,null,3,null,"Number of other atm transactions with cards issued by non-resident PSPs at terminals acquired by resident psp - terminal located in: Belgium","Number of other atm transactions with cards issued by non-resident PSPs at terminals acquired by resident psp - terminal located in: Belgium","PN",6]
["PTT.A.AT.W1.BE.TRSO.1.2222.N.EUR","A","AT","W1","BE","TRSO",1,2222,"N","EUR","2014",21.262,"A",false,null,null,"P1Y",{"$nulls":4},"S",null,null,3,"unspecified","Value of pos transactions with cards issued by non-resident PSPs at terminals acquired by non-resident psp - terminal located in: Belgium","Value of pos transactions with cards issued by non-resident PSPs at terminals acquired by non-resident psp - terminal located in: Belgium","EUR",6]
["PTT.A.AT.W1.BE.TRSO.1.2222.N.EUR","A","AT","W1","BE","TRSO",1,2222,"N","EUR","2015",22.522,"A",false,null,null,"P1Y",{"$nulls":4},"S",null,null,3,"unspecified","Value of pos transactions with cards issued by non-resident PSPs at terminals acquired by non-resident psp - terminal located in: Belgium","Value of pos transactions with cards issued by non-resident PSPs at terminals acquired by non-resident psp - terminal located in: Belgium","EUR",6]
["PTT.A.AT.W1.BE.TRSO.1.2222.N.EUR","A","AT","W1","BE","TRSO",1,2222,"N","EUR","2016",20.414,"A",false,null,null,"P1Y",{"$nulls":4},"S",null,null,3,"unspecified","Value of pos transactions with cards issued by non-resident PSPs at terminals acquired by non-resident psp - terminal located in: Belgium","Value of pos transactions with cards issued by non-resident PSPs at terminals acquired by non-resident psp - terminal located in: Belgium","EUR",6]
["PTT.A.AT.W1.BE.TRSO.1.2222.N.EUR","A","AT","W1","BE","TRSO",1,2222,"N","EUR","2017",22.51,"A",false,null,null,"P1Y",{"$nulls":4},"S",null,null,3,"unspecified","Value of pos transactions with cards issued by non-resident PSPs at terminals acquired by non-resident psp - terminal located in: Belgium","Value of pos transactions with cards issued by non-resident PSPs at terminals acquired by non-resident psp - terminal located in: Belgium","EUR",6]
["PTT.A.AT.W1.BE.TRSO.1.2222.N.EUR","A","AT","W1","BE","TRSO",1,2222,"N","EUR","2018",27.151,"A",false,null,null,"P1Y",{"$nulls":4},"S",null,null,3,"unspecified","Value of pos transactions with cards issued by non-resident PSPs at terminals acquired by non-resident psp - terminal located in: Belgium","Value of pos transactions with cards issued by non-resident PSPs at terminals acquired by non-resident psp - terminal located in: Belgium","EUR",6]
["PTT.A.AT.W1.BE.TRSO.1.2222.N.EUR","A","AT","W1","BE","TRSO",1,2222,"N","EUR","2019",27.548,"A",false,null,null,"P1Y",{"$nulls":4},"S",null,null,3,"unspecified","Value of pos transactions with cards issued by non-resident PSPs at terminals acquired by non-resident psp - terminal located in: Belgium","Value of pos transactions with cards issued by non-resident PSPs at terminals acquired by non-resident psp - terminal located in: Belgium","EUR",6]
["PTT.A.AT.W1.BE.TRSO.1.2222.N.EUR","A","AT","W1","BE","TRSO",1,2222,"N","EUR","2020",12.856,"A",false,null,null,"P1Y",{"$nulls":4},"S",null,null,3,"unspecified","Value of pos transactions with cards issued by non-resident PSPs at terminals acquired by non-resident psp - terminal located in: Belgium","Value of pos transactions with cards issued by non-resident PSPs at terminals acquired by non-resident psp - terminal located in: Belgium","EUR",6]
["PTT.A.AT.W1.BE.TRSO.1.2222.N.EUR","A","AT","W1","BE","TRSO",1,2222,"N","EUR","2021",16.629,"A",false,null,null,"P1Y",{"$nulls":4},"S",null,null,3,"unspecified","Value of pos transactions with cards issued by non-resident PSPs at terminals acquired by non-resident psp - terminal located in: Belgium","Value of pos transactions with cards issued by non-resident PSPs at terminals acquired by non-resident psp - terminal located in: Belgium","EUR",6]
["PTT.A.AT.W1.BE.TRSO.1.2222.N.EUR","A","AT","W1","BE","TRSO",1,2222,"N","EUR","2022",29.68261574,"A",false,null,null,"P1Y",{"$nulls":4},"S",null,null,3,"unspecified","Value of pos transactions with cards issued by non-resident PSPs at terminals acquired by non-resident psp - terminal located in: Belgium","Value of pos transactions with cards issued by non-resident PSPs at terminals acquired by non-resident psp - terminal located in: Belgium","EUR",6]
["PTT.A.AT.W1.BE.TRSO.1.2222.N.EUR","A","AT","W1","BE","TRSO",1,2222,"N","EUR","2023",37.15828135,"A",false,null,null,"P1Y",{"$nulls":4},"S",null,null,3,"unspecified","Value of pos transactions with cards issued by non-resident PSPs at terminals acquired by non-resident psp - terminal located in: Belgium","Value of pos transactions with cards issued by non-resident PSPs at terminals acquired by non-resident psp - terminal located in: Belgium","EUR",6]
["PTT.A.AT.W1.BE.TRSO.1.2222.N.PN","A","AT","W1","BE","TRSO",1,2222,"N","PN","2014",0.26,"A",false,null,null,"P1Y",{"$nulls":4},"S",null,null,3,"unspecified","Number of pos transactions with cards issued by non-resident PSPs at terminals acquired by non-resident psp - terminal located in: Belgium","Number of pos transactions with cards issued by non-resident PSPs at terminals acquired by non-resident psp - terminal located in: Belgium","PN",6]
["PTT.A.AT.W1.BE.TRSO.1.2222.N.PN","A","AT","W1","BE","TRSO",1,2222,"N","PN","2015",0.282,"A",false,null,null,"P1Y",{"$nulls":4},"S",null,null,3,"unspecified","Number of pos transactions with cards issued by non-resident PSPs at terminals acquired by non-resident psp - terminal located in: Belgium","Number of pos transactions with cards issued by non-resident PSPs at terminals acquired by non-resident psp - terminal located in: Belgium","PN",6]
["PTT.A.AT.W1.BE.TRSO.1.2222.N.PN","A","AT","W1","BE","TRSO",1,2222,"N","PN","2016",0.295,"A",false,null,null,"P1Y",{"$nulls":4},"S",null,null,3,"unspecified","Number of pos transactions with cards issued by non-resident PSPs at terminals acquired by non-resident psp - terminal located in: Belgium","Number of pos transactions with cards issued by non-resident PSPs at terminals acquired by non-resident psp - terminal located in: Belgium","PN",6]
["PTT.A.AT.W1.BE.TRSO.1.2222.N.PN","A","AT","W1","BE","TRSO",1,2222,"N","PN","2017",0.389,"A",false,null,null,"P1Y",{"$nulls":4},"S",null,null,3,"unspecified","Number of pos transactions with cards issued by non-resident PSPs at terminals acquired by non-resident psp - terminal located in: Belgium","Number of pos transactions with cards issued by non-resident PSPs at terminals acquired by non-resident psp - terminal located in: Belgium","PN",6]
["PTT.A.AT.W1.BE.TRSO.1.2222.N.PN","A","AT","W1","BE","TRSO",1,2222,"N","PN","2018",0.526,"A",false,null,null,"P1Y",{"$nulls":4},"S",null,null,3,"unspecified","Number of pos transactions with cards issued by non-resident PSPs at terminals acquired by non-resident psp - terminal located in: Belgium","Number of pos transactions with cards issued by non-resident PSPs at terminals acquired by non-resident psp - terminal located in: Belgium","PN",6]
["PTT.A.AT.W1.BE.TRSO.1.2222.N.PN","A","AT","W1","BE","TRSO",1,2222,"N","PN","2019",0.583,"A",false,null,null,"P1Y",{"$nulls":4},"S",null,null,3,"unspecified","Number of pos transactions with cards issued by non-resident PSPs at terminals acquired by non-resident psp - terminal located in: Belgium","Number of pos transactions with cards issued by non-resident PSPs at terminals acquired by non-resident psp - terminal located in: Belgium","PN",6]
["PTT.A.AT.W1.BE.TRSO.1.2222.N.PN","A","AT","W1","BE","TRSO",1,2222,"N","PN","2020",0.306,"A",false,null,null,"P1Y",{"$nulls":4},"S",null,null,3,"unspecified","Number of pos transactions with cards issued by non-resident PSPs at terminals acquired by non-resident psp - terminal located in: Belgium","Number of pos transactions with cards issued by non-resident PSPs at terminals acquired by non-resident psp - terminal located in: Belgium","PN",6]
["PTT.A.AT.W1.BE.TRSO.1.2222.N.PN","A","AT","W1","BE","TRSO",1,2222,"N","PN","2021",0.451,"A",false,null,null,"P1Y",{"$nulls":4},"S",null,null,3,"unspecified","Number of pos transactions with cards issued by non-resident PSPs at terminals acquired by non-resident psp - terminal located in: Belgium","Number of pos transactions with cards issued by non-resident PSPs at terminals acquired by non-resident psp - terminal located in: Belgium","PN",6]
["PTT.A.AT.W1.BE.TRSO.1.2222.N.PN","A","AT","W1","BE","TRSO",1,2222,"N","PN","2022",0.8558,"A",false,null,null,"P1Y",{"$nulls":4},"S",null,null,3,"unspecified","Number of pos transactions with cards issued by non-resident PSPs at terminals acquired by non-resident psp - terminal located in: Belgium","Number of pos transactions with cards issued by non-resident PSPs at terminals acquired by non-resident psp - terminal located in: Belgium","PN",6]
["PTT.A.AT.W1.BE.TRSO.1.2222.N.PN","A","AT","W1","BE","TRSO",1,2222,"N","PN","2023",1.126076,"A",false,null,null,"P1Y",{"$nulls":4},"S",null,null,3,"unspecified","Number of pos transactions with cards issued by non-resident PSPs at terminals acquired by non-resident psp - terminal located in: Belgium","Number of pos transactions with cards issued by non-resident PSPs at terminals acquired by non-resident psp - terminal located in: Belgium","PN",6]
["PTT.A.AT.W1.BE.TRSO.2.2222.N.EUR","A","AT","W1","BE","TRSO",2,2222,"N","EUR","2014",null,"M",false,null,null,"P1Y",{"$nulls":4},"S",null,null,3,null,"Value of POS transactions at terminals acquired by resident PSP - terminal located in: Belgium","Value of POS transactions at terminals acquired by resident PSP - terminal located in: Belgium","EUR",6]
["PTT.A.AT.W1.BE.TRSO.2.2222.N.EUR","A","AT","W1","BE","TRSO",2,2222,"N","EUR","2015",null,"M",false,null,null,"P1Y",{"$nulls":4},"S",null,null,3,null,"Value of POS transactions at terminals acquired by resident PSP - terminal located in: Belgium","Value of POS transactions at terminals acquired by resident PSP - terminal located in: Belgium","EUR",6]
["PTT.A.AT.W1.BE.TRSO.2.2222.N.EUR","A","AT","W1","BE","TRSO",2,2222,"N","EUR","2016",null,"M",false,null,null,"P1Y",{"$nulls":4},"S",null,null,3,null,"Value of POS transactions at terminals acquired by resident PSP - terminal located in: Belgium","Value of POS transactions at terminals acquired by resident PSP - terminal located in: Belgium","EUR",6]
["PTT.A.AT.W1.BE.TRSO.2.2222.N.EUR","A","AT","W1","BE","TRSO",2,2222,"N","EUR","2017",null,"M",false,null,null,"P1Y",{"$nulls":4},"S",null,null,3,null,"Value of POS transactions at terminals acquired by resident PSP - terminal located in: Belgium","Value of POS transactions at terminals acquired by resident PSP - terminal located in: Belgium","EUR",6]
["PTT.A.AT.W1.BE.TRSO.2.2222.N.EUR","A","AT","W1","BE","TRSO",2,2222,"N","EUR","2018",null,"M",false,null,null,"P1Y",{"$nulls":4},"S",null,null,3,null,"Value of POS transactions at terminals acquired by resident PSP - terminal located in: Belgium","Value of POS transactions at terminals acquired by resident PSP - terminal located in: Belgium","EUR",6]
["PTT.A.AT.W1.BE.TRSO.2.2222.N.EUR","A","AT","W1","BE","TRSO",2,2222,"N","EUR","2019",null,"M",false,null,null,"P1Y",{"$nulls":4},"S",null,null,3,null,"Value of POS transactions at terminals acquired by resident PSP - terminal located in: Belgium","Value of POS transactions at terminals acquired by resident PSP - terminal located in: Belgium","EUR",6]
["PTT.A.AT.W1.BE.TRSO.2.2222.N.EUR","A","AT","W1","BE","TRSO",2,2222,"N","EUR","2020",null,"M",false,null,null,"P1Y",{"$nulls":4},"S",null,null,3,null,"Value of POS transactions at terminals acquired by resident PSP - terminal located in: Belgium","Value of POS transactions at terminals acquired by resident PSP - terminal located in: Belgium","EUR",6]
["PTT.A.AT.W1.BE.TRSO.2.2222.N.EUR","A","AT","W1","BE","TRSO",2,2222,"N","EUR","2021",null,"M",false,null,null,"P1Y",{"$nulls":4},"S",null,null,3,null,"Value of POS transactions at terminals acquired by resident PSP - terminal located in: Belgium","Value of POS transactions at terminals acquired by resident PSP - terminal located in: Belgium","EUR",6]
["PTT.A.AT.W1.BE.TRSO.2.2222.N.EUR","A","AT","W1","BE","TRSO",2,2222,"N","EUR","2022",0.14567966,"A",false,null,null,"P1Y",{"$nulls":4},"S",null,null,3,null,"Value of POS transactions at terminals acquired by resident PSP - terminal located in: Belgium","Value of POS transactions at terminals acquired by resident PSP - terminal located in: Belgium","EUR",6]
["PTT.A.AT.W1.BE.TRSO.2.2222.N.EUR","A","AT","W1","BE","TRSO",2,2222,"N","EUR","2023",0.18508558,"A",false,null,null,"P1Y",{"$nulls":4},"S",null,null,3,null,"Value of POS transactions at terminals acquired by resident PSP - terminal located in: Belgium","Value of POS transactions at terminals acquired by resident PSP - terminal located in: Belgium","EUR",6]
["PTT.A.AT.W1.BE.TRSO.2.2222.N.PN","A","AT","W1","BE","TRSO",2,2222,"N","PN","2014",null,"M",false,null,null,"P1Y",{"$nulls":4},"S",null,null,3,null,"Number of POS transactions at terminals acquired by resident PSP - terminal located in: Belgium","Number of POS transactions at terminals acquired by resident PSP - terminal located in: Belgium","PN",6]
["PTT.A.AT.W1.BE.TRSO.2.2222.N.PN","A","AT","W1","BE","TRSO",2,2222,"N","PN","2015",null,"M",false,null,null,"P1Y",{"$nulls":4},"S",null,null,3,null,"Number of POS transactions at terminals acquired by resident PSP - terminal located in: Belgium","Number of POS transactions at terminals acquired by resident PSP - terminal located in: Belgium","PN",6]
["PTT.A.AT.W1.BE.TRSO.2.2222.N.PN","A","AT","W1","BE","TRSO",2,2222,"N","PN","2016",null,"M",false,null,null,"P1Y",{"$nulls":4},"S",null,null,3,null,"Number of POS transactions at terminals acquired by resident PSP - terminal located in: Belgium","Number of POS transactions at terminals acquired by resident PSP - terminal located in: Belgium","PN",6]
["PTT.A.AT.W1.BE.TRSO.2.2222.N.PN","A","AT","W1","BE","TRSO",2,2222,"N","PN","2017",null,"M",false,null,null,"P1Y",{"$nulls":4},"S",null,null,3,null,"Number of POS transactions at terminals acquired by resident PSP - terminal located in: Belgium","Number of POS transactions at terminals acquired by resident PSP - terminal located in: Belgium","PN",6]
["PTT.A.AT.W1.BE.TRSO.2.2222.N.PN","A","AT","W1","BE","TRSO",2,2222,"N","PN","2018",null,"M",false,null,null,"P1Y",{"$nulls":4},"S",null,null,3,null,"Number of POS transactions at terminals acquired by resident PSP - terminal located in: Belgium","Number of POS transactions at terminals acquired by resident PSP - terminal located in: Belgium","PN",6]
["PTT.A.AT.W1.BE.TRSO.2.2222.N.PN","A","AT","W1","BE","TRSO",2,2222,"N","PN","2019",null,"M",false,null,null,"P1Y",{"$nulls":4},"S",null,null,3,null,"Number of POS transactions at terminals acquired by resident PSP - terminal located in: Belgium","Number of POS transactions at terminals acquired by resident PSP - terminal located in: Belgium","PN",6]
["PTT.A.AT.W1.BE.TRSO.2.2222.N.PN","A","AT","W1","BE","TRSO",2,2222,"N","PN","2020",null,"M",false,null,null,"P1Y",{"$nulls":4},"S",null,null,3,null,"Number of POS transactions at terminals acquired by resident PSP - terminal located in: Belgium","Number of POS transactions at terminals acquired by resident PSP - terminal located in: Belgium","PN",6]
["PTT.A.AT.W1.BE.TRSO.2.2222.N.PN","A","AT","W1","BE","TRSO",2,2222,"N","PN","2021",null,"M",false,null,null,"P1Y",{"$nulls":4},"S",null,null,3,null,"Number of POS transactions at terminals acquired by resident PSP - terminal located in: Belgium","Number of POS transactions at terminals acquired by resident PSP - terminal located in: Belgium","PN",6]
["PTT.A.AT.W1.BE.TRSO.2.2222.N.PN","A","AT","W1","BE","TRSO",2,2222,"N","PN","2022",0.001224,"A",false,null,null,"P1Y",{"$nulls":4},"S",null,null,3,null,"Number of POS transactions at terminals acquired by resident PSP - terminal located in: Belgium","Number of POS transactions at terminals acquired by resident PSP - terminal located in: Belgium","PN",6]
["PTT.A.AT.W1.BE.TRSO.2.2222.N.PN","A","AT","W1","BE","TRSO",2,2222,"N","PN","2023",0.001554,"A",false,null,null,"P1Y",{"$nulls":4},"S",null,null,3,null,"Number of POS transactions at terminals acquired by resident PSP - terminal located in: Belgium","Number of POS transactions at terminals acquired by resident PSP - terminal located in: Belgium","PN",6]
["PTT.A.AT.W1.BE._T.1.2220.N.EUR","A","AT","W1","BE","_T",1,2220,"N","EUR","2014",30.016,"A",false,null,null,"P1Y",{"$nulls":4},"S",null,null,3,"unspecified","Value of total transactions with cards issued by non-resident PSPs at terminals acquired by non-resident psp - terminal located in: Belgium","Value of total transactions with cards issued by non-resident PSPs at terminals acquired by non-resident psp - terminal located in: Belgium","EUR",6]
["PTT.A.AT.W1.BE._T.1.2220.N.EUR","A","AT","W1","BE","_T",1,2220,"N","EUR","2015",31.139,"A",false,null,null,"P1Y",{"$nulls":4},"S",null,null,3,"unspecified","Value of total transactions with cards issued by non-resident PSPs at terminals acquired by non-resident psp - terminal located in: Belgium","Value of total transactions with cards issued by non-resident PSPs at terminals acquired by non-resident psp - terminal located in: Belgium","EUR",6]
["PTT.A.AT.W1.BE._T.1.2220.N.EUR","A","AT","W1","BE","_T",1,2220,"N","EUR","2016",28.255,"A",false,null,null,"P1Y",{"$nulls":4},"S",null,null,3,"unspecified","Value of total transactions with cards issued by non-resident PSPs at terminals acquired by non-resident psp - terminal located in: Belgium","Value of total transactions with cards issued by non-resident PSPs at terminals acquired by non-resident psp - terminal located in: Belgium","EUR",6]
["PTT.A.AT.W1.BE._T.1.2220.N.EUR","A","AT","W1","BE","_T",1,2220,"N","EUR","2017",30.731,"A",false,null,null,"P1Y",{"$nulls":4},"S",null,null,3,"unspecified","Value of total transactions with cards issued by non-resident PSPs at terminals acquired by non-resident psp - terminal located in: Belgium","Value of total transactions with cards issued by non-resident PSPs at terminals acquired by non-resident psp - terminal located in: Belgium","EUR",6]
["PTT.A.AT.W1.BE._T.1.2220.N.EUR","A","AT","W1","BE","_T",1,2220,"N","EUR","2018",35.453,"A",false,null,null,"P1Y",{"$nulls":4},"S",null,null,3,"unspecified","Value of total transactions with cards issued by non-resident PSPs at terminals acquired by non-resident psp - terminal located in: Belgium","Value of total transactions with cards issued by non-resident PSPs at terminals acquired by non-resident psp - terminal located in: Belgium","EUR",6]
["PTT.A.AT.W1.BE._T.1.2220.N.EUR","A","AT","W1","BE","_T",1,2220,"N","EUR","2019",35.338,"A",false,null,null,"P1Y",{"$nulls":4},"S",null,null,3,"unspecified","Value of total transactions with cards issued by non-resident PSPs at terminals acquired by non-resident psp - terminal located in: Belgium","Value of total transactions with cards issued by non-resident PSPs at terminals acquired by non-resident psp - terminal located in: Belgium","EUR",6]
["PTT.A.AT.W1.BE._T.1.2220.N.EUR","A","AT","W1","BE","_T",1,2220,"N","EUR","2020",16.809,"A",false,null,null,"P1Y",{"$nulls":4},"S",null,null,3,"unspecified","Value of total transactions with cards issued by non-resident PSPs at terminals acquired by non-resident psp - terminal located in: Belgium","Value of total transactions with cards issued by non-resident PSPs at terminals acquired by non-resident psp - terminal located in: Belgium","EUR",6]
["PTT.A.AT.W1.BE._T.1.2220.N.EUR","A","AT","W1","BE","_T",1,2220,"N","EUR","2021",20.645,"A",false,null,null,"P1Y",{"$nulls":4},"S",null,null,3,"unspecified","Value of total transactions with cards issued by non-resident PSPs at terminals acquired by non-resident psp - terminal located in: Belgium","Value of total transactions with cards issued by non-resident PSPs at terminals acquired by non-resident psp - terminal located in: Belgium","EUR",6]
["PTT.A.AT.W1.BE._T.1.2220.N.EUR","A","AT","W1","BE","_T",1,2220,"N","EUR","2022",35.69911855,"A",false,null,null,"P1Y",{"$nulls":4},"S",null,null,3,"unspecified","Value of total transactions with cards issued by non-resident PSPs at terminals acquired by non-resident psp - terminal located in: Belgium","Value of total transactions with cards issued by non-resident PSPs at terminals acquired by non-resident psp - terminal located in: Belgium","EUR",6]
["PTT.A.AT.W1.BE._T.1.2220.N.EUR","A","AT","W1","BE","_T",1,2220,"N","EUR","2023",43.08404298000001,"A",false,null,null,"P1Y",{"$nulls":4},"S",null,null,3,"unspecified","Value of total transactions with cards issued by non-resident PSPs at terminals acquired by non-resident psp - terminal located in: Belgium","Value of total transactions with cards issued by non-resident PSPs at terminals acquired by non-resident psp - terminal located in: Belgium","EUR",6]
["PTT.A.AT.W1.BE._T.1.2220.N.PN","A","AT","W1","BE","_T",1,2220,"N","PN","2014",0.323,"A",false,null,null,"P1Y",{"$nulls":4},"S",null,null,3,"unspecified","Number of total transactions with cards issued by non-resident PSPs at terminals acquired by non-resident psp - terminal located in: Belgium","Number of total transactions with cards issued by non-resident PSPs at terminals acquired by non-resident psp - terminal located in: Belgium","PN",6]
["PTT.A.AT.W1.BE._T.1.2220.N.PN","A","AT","W1","BE","_T",1,2220,"N","PN","2015",0.346,"A",false,null,null,"P1Y",{"$nulls":4},"S",null,null,3,"unspecified","Number of total transactions with cards issued by non-resident PSPs at terminals acquired by non-resident psp - terminal located in: Belgium","Number of total transactions with cards issued by non-resident PSPs at terminals acquired by non-resident psp - terminal located in: Belgium","PN",6]
["PTT.A.AT.W1.BE._T.1.2220.N.PN","A","AT","W1","BE","_T",1,2220,"N","PN","2016",0.354,"A",false,null,null,"P1Y",{"$nulls":4},"S",null,null,3,"unspecified","Number of total transactions with cards issued by non-resident PSPs at terminals acquired by non-resident psp - terminal located in: Belgium","Number of total transactions with cards issued by non-resident PSPs at terminals acquired by non-resident psp - terminal located in: Belgium","PN",6]
["PTT.A.AT.W1.BE._T.1.2220.N.PN","A","AT","W1","BE","_T",1,2220,"N","PN","2017",0.451,"A",false,null,null,"P1Y",{"$nulls":4},"S",null,null,3,"unspecified","Number of total transactions with cards issued by non-resident PSPs at terminals acquired by non-resident psp - terminal located in: Belgium","Number of total transactions with cards issued by non-resident PSPs at terminals acquired by non-resident psp - terminal located in: Belgium","PN",6]
["PTT.A.AT.W1.BE._T.1.2220.N.PN","A","AT","W1","BE","_T",1,2220,"N","PN","2018",0.589,"A",false,null,null,"P1Y",{"$nulls":4},"S",null,null,3,"unspecified","Number of total transactions with cards issued by non-resident PSPs at terminals acquired by non-resident psp - terminal located in: Belgium","Number of total transactions with cards issued by non-resident PSPs at terminals acquired by non-resident psp - terminal located in: Belgium","PN",6]
["PTT.A.AT.W1.BE._T.1.2220.N.PN","A","AT","W1","BE","_T",1,2220,"N","PN","2019",0.638,"A",false,null,null,"P1Y",{"$nulls":4},"S",null,null,3,"unspecified","Number of total transactions with cards issued by non-resident PSPs at terminals acquired by non-resident psp - terminal located in: Belgium","Number of total transactions with cards issued by non-resident PSPs at terminals acquired by non-resident psp - terminal located in: Belgium","PN",6]
["PTT.A.AT.W1.BE._T.1.2220.N.PN","A","AT","W1","BE","_T",1,2220,"N","PN","2020",0.33,"A",false,null,null,"P1Y",{"$nulls":4},"S",null,null,3,"unspecified","Number of total transactions with cards issued by non-resident PSPs at terminals acquired by non-resident psp - terminal located in: Belgium","Number of total transactions with cards issued by non-resident PSPs at terminals acquired by non-resident psp - terminal located in: Belgium","PN",6]
["PTT.A.AT.W1.BE._T.1.2220.N.PN","A","AT","W1","BE","_T",1,2220,"N","PN","2021",0.474,"A",false,null,null,"P1Y",{"$nulls":4},"S",null,null,3,"unspecified","Number of total transactions with cards issued by non-resident PSPs at terminals acquired by non-resident psp - terminal located in: Belgium","Number of total transactions with cards issued by non-resident PSPs at terminals acquired by non-resident psp - terminal located in: Belgium","PN",6]
["PTT.A.AT.W1.BE._T.1.2220.N.PN","A","AT","W1","BE","_T",1,2220,"N","PN","2022",0.8862479999999999,"A",false,null,null,"P1Y",{"$nulls":4},"S",null,null,3,"unspecified","Number of total transactions with cards issued by non-resident PSPs at terminals acquired by non-resident psp - terminal located in: Belgium","Number of total transactions with cards issued by non-resident PSPs at terminals acquired by non-resident psp - terminal located in: Belgium","PN",6]
["PTT.A.AT.W1.BE._T.1.2220.N.PN","A","AT","W1","BE","_T",1,2220,"N","PN","2023",1.153714,"A",false,null,null,"P1Y",{"$nulls":4},"S",null,null,3,"unspecified","Number of total transactions with cards issued by non-resident PSPs at terminals acquired by non-resident psp - terminal located in: Belgium","Number of total transactions with cards issued by non-resident PSPs at terminals acquired by non-resident psp - terminal located in: Belgium","PN",6]
["PTT.A.AT.W1.BE._T.2.2220.N.EUR","A","AT","W1","BE","_T",2,2220,"N","EUR","2014",null,"M",false,null,null,"P1Y",{"$nulls":4},"S",null,null,3,null,"Value of total transactions at terminals acquired by resident PSP - terminal located in: Belgium","Value of total transactions at terminals acquired by resident PSP - terminal located in: Belgium","EUR",6]
["PTT.A.AT.W1.BE._T.2.2220.N.EUR","A","AT","W1","BE","_T",2,2220,"N","EUR","2015",null,"M",false,null,null,"P1Y",{"$nulls":4},"S",null,null,3,null,"Value of total transactions at terminals acquired by resident PSP - terminal located in: Belgium","Value of total transactions at terminals acquired by resident PSP - terminal located in: Belgium","EUR",6]
["PTT.A.AT.W1.BE._T.2.2220.N.EUR","A","AT","W1","BE","_T",2,2220,"N","EUR","2016",null,"M",false,null,null,"P1Y",{"$nulls":4},"S",null,null,3,null,"Value of total transactions at terminals acquired by resident PSP - terminal located in: Belgium","Value of total transactions at terminals acquired by resident PSP - terminal located in: Belgium","EUR",6]
["PTT.A.AT.W1.BE._T.2.2220.N.EUR","A","AT","W1","BE","_T",2,2220,"N","EUR","2017",null,"M",false,null,null,"P1Y",{"$nulls":4},"S",null,null,3,null,"Value of total transactions at terminals acquired by resident PSP - terminal located in: Belgium","Value of total transactions at terminals acquired by resident PSP - terminal located in: Belgium","EUR",6]
["PTT.A.AT.W1.BE._T.2.2220.N.EUR","A","AT","W1","BE","_T",2,2220,"N","EUR","2018",null,"M",false,null,null,"P1Y",{"$nulls":4},"S",null,null,3,null,"Value of total transactions at terminals acquired by resident PSP - terminal located in: Belgium","Value of total transactions at terminals acquired by resident PSP - terminal located in: Belgium","EUR",6]
["PTT.A.AT.W1.BE._T.2.2220.N.EUR","A","AT","W1","BE","_T",2,2220,"N","EUR","2019",null,"M",false,null,null,"P1Y",{"$nulls":4},"S",null,null,3,null,"Value of total transactions at terminals acquired by resident PSP - terminal located in: Belgium","Value of total transactions at terminals acquired by resident PSP - terminal located in: Belgium","EUR",6]
["PTT.A.AT.W1.BE._T.2.2220.N.EUR","A","AT","W1","BE","_T",2,2220,"N","EUR","2020",null,"M",false,null,null,"P1Y",{"$nulls":4},"S",null,null,3,null,"Value of total transactions at terminals acquired by resident PSP - terminal located in: Belgium","Value of total transactions at terminals acquired by resident PSP - terminal located in: Belgium","EUR",6]
["PTT.A.AT.W1.BE._T.2.2220.N.EUR","A","AT","W1","BE","_T",2,2220,"N","EUR","2021",null,"M",false,null,null,"P1Y",{"$nulls":4},"S",null,null,3,null,"Value of total transactions at terminals acquired by resident PSP - terminal located in: Belgium","Value of total transactions at terminals acquired by resident PSP - terminal located in: Belgium","EUR",6]
["PTT.A.AT.W1.BE._T.2.2220.N.EUR","A","AT","W1","BE","_T",2,2220,"N","EUR","2022",0.14567966,"A",false,null,null,"P1Y",{"$nulls":4},"S",null,null,3,null,"Value of total transactions at terminals acquired by resident PSP - terminal located in: Belgium","Value of total transactions at terminals acquired by resident PSP - terminal located in: Belgium","EUR",6]
["PTT.A.AT.W1.BE._T.2.2220.N.EUR","A","AT","W1","BE","_T",2,2220,"N","EUR","2023",0.18508558,"A",false,null,null,"P1Y",{"$nulls":4},"S",null,null,3,null,"Value of total transactions at terminals acquired by resident PSP - terminal located in: Belgium","Value of total transactions at terminals acquired by resident PSP - terminal located in: Belgium","EUR",6]
["PTT.A.AT.W1.BE._T.2.2220.N.PN","A","AT","W1","BE","_T",2,2220,"N","PN","2014",null,"M",false,null,null,"P1Y",{"$nulls":4},"S",null,null,3,null,"Number of total transactions at terminals acquired by resident PSP - terminal located in: Belgium","Number of total transactions at terminals acquired by resident PSP - terminal located in: Belgium","PN",6]
["PTT.A.AT.W1.BE._T.2.2220.N.PN","A","AT","W1","BE","_T",2,2220,"N","PN","2015",null,"M",false,null,null,"P1Y",{"$nulls":4},"S",null,null,3,null,"Number of total transactions at terminals acquired by resident PSP - terminal located in: Belgium","Number of total transactions at terminals acquired by resident PSP - terminal located in: Belgium","PN",6]
["PTT.A.AT.W1.BE._T.2.2220.N.PN","A","AT","W1","BE","_T",2,2220,"N","PN","2016",null,"M",false,null,null,"P1Y",{"$nulls":4},"S",null,null,3,null,"Number of total transactions at terminals acquired by resident PSP - terminal located in: Belgium","Number of total transactions at terminals acquired by resident PSP - terminal located in: Belgium","PN",6]
["PTT.A.AT.W1.BE._T.2.2220.N.PN","A","AT","W1","BE","_T",2,2220,"N","PN","2017",null,"M",false,null,null,"P1Y",{"$nulls":4},"S",null,null,3,null,"Number of total transactions at terminals acquired by resident PSP - terminal located in: Belgium","Number of total transactions at terminals acquired by resident PSP - terminal located in: Belgium","PN",6]
["PTT.A.AT.W1.BE._T.2.2220.N.PN","A","AT","W1","BE","_T",2,2220,"N","PN","2018",null,"M",false,null,null,"P1Y",{"$nulls":4},"S",null,null,3,null,"Number of total transactions at terminals acquired by resident PSP - terminal located in: Belgium","Number of total transactions at terminals acquired by resident PSP - terminal located in: Belgium","PN",6]
["PTT.A.AT.W1.BE._T.2.2220.N.PN","A","AT","W1","BE","_T",2,2220,"N","PN","2019",null,"M",false,null,null,"P1Y",{"$nulls":4},"S",null,null,3,null,"Number of total transactions at terminals acquired by resident PSP - terminal located in: Belgium","Number of total transactions at terminals acquired by resident PSP - terminal located in: Belgium","PN",6]
["PTT.A.AT.W1.BE._T.2.2220.N.PN","A","AT","W1","BE","_T",2,2220,"N","PN","2020",null,"M",false,null,null,"P1Y",{"$nulls":4},"S",null,null,3,null,"Number of total transactions at terminals acquired by resident PSP - terminal located in: Belgium","Number of total transactions at terminals acquired by resident PSP - terminal located in: Belgium","PN",6]
["PTT.A.AT.W1.BE._T.2.2220.N.PN","A","AT","W1","BE","_T",2,2220,"N","PN","2021",null,"M",false,null,null,"P1Y",{"$nulls":4},"S",null,null,3,null,"Number of total transactions at terminals acquired by resident PSP - terminal located in: Belgium","Number of total transactions at terminals acquired by resident PSP - terminal located in: Belgium","PN",6]
["PTT.A.AT.W1.BE._T.2.2220.N.PN","A","AT","W1","BE","_T",2,2220,"N","PN","2022",0.001224,"A",false,null,null,"P1Y",{"$nulls":4},"S",null,null,3,null,"Number of total transactions at terminals acquired by resident PSP - terminal located in: Belgium","Number of total transactions at terminals acquired by resident PSP - terminal located in: Belgium","PN",6]
["PTT.A.AT.W1.BE._T.2.2220.N.PN","A","AT","W1","BE","_T",2,2220,"N","PN","2023",0.001554,"A",false,null,null,"P1Y",{"$nulls":4},"S",null,null,3,null,"Number of total transactions at terminals acquired by resident PSP - terminal located in: Belgium","Number of total transactions at terminals acquired by resident PSP - terminal located in: Belgium","PN",6]
["PTT.A.AT.W1.BG.CD1.1.2221.N.EUR","A","AT","W1","BG","CD1",1,2221,"N","EUR","2014",null,"M",false,null,null,"P1Y",{"$nulls":4},"S",null,null,3,null,"Value of ATM cash deposits at terminals acquired by non-resident PSP - terminal located in: Bulgaria","Value of ATM cash deposits at terminals acquired by non-resident PSP - terminal located in: Bulgaria","EUR",6]
["PTT.A.AT.W1.BG.CD1.1.2221.N.EUR","A","AT","W1","BG","CD1",1,2221,"N","EUR","2015",null,"M",false,null,null,"P1Y",{"$nulls":4},"S",null,null,3,null,"Value of ATM cash deposits at terminals acquired by non-resident PSP - terminal located in: Bulgaria","Value of ATM cash deposits at terminals acquired by non-resident PSP - terminal located in: Bulgaria","EUR",6]
["PTT.A.AT.W1.BG.CD1.1.2221.N.EUR","A","AT","W1","BG","CD1",1,2221,"N","EUR","2016",null,"M",false,null,null,"P1Y",{"$nulls":4},"S",null,null,3,null,"Value of ATM cash deposits at terminals acquired by non-resident PSP - terminal located in: Bulgaria","Value of ATM cash deposits at terminals acquired by non-resident PSP - terminal located in: Bulgaria","EUR",6]
["PTT.A.AT.W1.BG.CD1.1.2221.N.EUR","A","AT","W1","BG","CD1",1,2221,"N","EUR","2017",null,"M",false,null,null,"P1Y",{"$nulls":4},"S",null,null,3,null,"Value of ATM cash deposits at terminals acquired by non-resident PSP - terminal located in: Bulgaria","Value of ATM cash deposits at terminals acquired by non-resident PSP - terminal located in: Bulgaria","EUR",6]
["PTT.A.AT.W1.BG.CD1.1.2221.N.EUR","A","AT","W1","BG","CD1",1,2221,"N","EUR","2018",null,"M",false,null,null,"P1Y",{"$nulls":4},"S",null,null,3,null,"Value of ATM cash deposits at terminals acquired by non-resident PSP - terminal located in: Bulgaria","Value of ATM cash deposits at terminals acquired by non-resident PSP - terminal located in: Bulgaria","EUR",6]
["PTT.A.AT.W1.BG.CD1.1.2221.N.EUR","A","AT","W1","BG","CD1",1,2221,"N","EUR","2019",null,"M",false,null,null,"P1Y",{"$nulls":4},"S",null,null,3,null,"Value of ATM cash deposits at terminals acquired by non-resident PSP - terminal located in: Bulgaria","Value of ATM cash deposits at terminals acquired by non-resident PSP - terminal located in: Bulgaria","EUR",6]
["PTT.A.AT.W1.BG.CD1.1.2221.N.EUR","A","AT","W1","BG","CD1",1,2221,"N","EUR","2020",null,"M",false,null,null,"P1Y",{"$nulls":4},"S",null,null,3,null,"Value of ATM cash deposits at terminals acquired by non-resident PSP - terminal located in: Bulgaria","Value of ATM cash deposits at terminals acquired by non-resident PSP - terminal located in: Bulgaria","EUR",6]
["PTT.A.AT.W1.BG.CD1.1.2221.N.EUR","A","AT","W1","BG","CD1",1,2221,"N","EUR","2021",null,"M",false,null,null,"P1Y",{"$nulls":4},"S",null,null,3,null,"Value of ATM cash deposits at terminals acquired by non-resident PSP - terminal located in: Bulgaria","Value of ATM cash deposits at terminals acquired by non-resident PSP - terminal located in: Bulgaria","EUR",6]
["PTT.A.AT.W1.BG.CD1.1.2221.N.EUR","A","AT","W1","BG","CD1",1,2221,"N","EUR","2022",null,"Q",false,null,null,"P1Y",{"$nulls":4},"S",null,null,3,null,"Value of ATM cash deposits at terminals acquired by non-resident PSP - terminal located in: Bulgaria","Value of ATM cash deposits at terminals acquired by non-resident PSP - terminal located in: Bulgaria","EUR",6]
["PTT.A.AT.W1.BG.CD1.1.2221.N.EUR","A","AT","W1","BG","CD1",1,2221,"N","EUR","2023",0,"A",false,null,null,"P1Y",{"$nulls":4},"S",null,null,3,null,"Value of ATM cash deposits at terminals acquired by non-resident PSP - terminal located in: Bulgaria","Value of ATM cash deposits at terminals acquired by non-resident PSP - terminal located in: Bulgaria","EUR",6]
["PTT.A.AT.W1.BG.CD1.1.2221.N.PN","A","AT","W1","BG","CD1",1,2221,"N","PN","2014",null,"M",false,null,null,"P1Y",{"$nulls":4},"S",null,null,3,null,"Number of ATM cash deposits at terminals acquired by non-resident PSP - terminal located in: Bulgaria","Number of ATM cash deposits at terminals acquired by non-resident PSP - terminal located in: Bulgaria","PN",6]
["PTT.A.AT.W1.BG.CD1.1.2221.N.PN","A","AT","W1","BG","CD1",1,2221,"N","PN","2015",null,"M",false,null,null,"P1Y",{"$nulls":4},"S",null,null,3,null,"Number of ATM cash deposits at terminals acquired by non-resident PSP - terminal located in: Bulgaria","Number of ATM cash deposits at terminals acquired by non-resident PSP - terminal located in: Bulgaria","PN",6]
["PTT.A.AT.W1.BG.CD1.1.2221.N.PN","A","AT","W1","BG","CD1",1,2221,"N","PN","2016",null,"M",false,null,null,"P1Y",{"$nulls":4},"S",null,null,3,null,"Number of ATM cash deposits at terminals acquired by non-resident PSP - terminal located in: Bulgaria","Number of ATM cash deposits at terminals acquired by non-resident PSP - terminal located in: Bulgaria","PN",6]
["PTT.A.AT.W1.BG.CD1.1.2221.N.PN","A","AT","W1","BG","CD1",1,2221,"N","PN","2017",null,"M",false,null,null,"P1Y",{"$nulls":4},"S",null,null,3,null,"Number of ATM cash deposits at terminals acquired by non-resident PSP - terminal located in: Bulgaria","Number of ATM cash deposits at terminals acquired by non-resident PSP - terminal located in: Bulgaria","PN",6]
["PTT.A.AT.W1.BG.CD1.1.2221.N.PN","A","AT","W1","BG","CD1",1,2221,"N","PN","2018",null,"M",false,null,null,"P1Y",{"$nulls":4},"S",null,null,3,null,"Number of ATM cash deposits at terminals acquired by non-resident PSP - terminal located in: Bulgaria","Number of ATM cash deposits at terminals acquired by non-resident PSP - terminal located in: Bulgaria","PN",6]
["PTT.A.AT.W1.BG.CD1.1.2221.N.PN","A","AT","W1","BG","CD1",1,2221,"N","PN","2019",null,"M",false,null,null,"P1Y",{"$nulls":4},"S",null,null,3,null,"Number of ATM cash deposits at terminals acquired by non-resident PSP - terminal located in: Bulgaria","Number of ATM cash deposits at terminals acquired by non-resident PSP - terminal located in: Bulgaria","PN",6]
["PTT.A.AT.W1.BG.CD1.1.2221.N.PN","A","AT","W1","BG","CD1",1,2221,"N","PN","2020",null,"M",false,null,null,"P1Y",{"$nulls":4},"S",null,null,3,null,"Number of ATM cash deposits at terminals acquired by non-resident PSP - terminal located in: Bulgaria","Number of ATM cash deposits at terminals acquired by non-resident PSP - terminal located in: Bulgaria","PN",6]
["PTT.A.AT.W1.BG.CD1.1.2221.N.PN","A","AT","W1","BG","CD1",1,2221,"N","PN","2021",null,"M",false,null,null,"P1Y",{"$nulls":4},"S",null,null,3,null,"Number of ATM cash deposits at terminals acquired by non-resident PSP - terminal located in: Bulgaria","Number of ATM cash deposits at terminals acquired by non-resident PSP - terminal located in: Bulgaria","PN",6]
["PTT.A.AT.W1.BG.CD1.1.2221.N.PN","A","AT","W1","BG","CD1",1,2221,"N","PN","2022",null,"Q",false,null,null,"P1Y",{"$nulls":4},"S",null,null,3,null,"Number of ATM cash deposits at terminals acquired by non-resident PSP - terminal located in: Bulgaria","Number of ATM cash deposits at terminals acquired by non-resident PSP - terminal located in: Bulgaria","PN",6]
["PTT.A.AT.W1.BG.CD1.1.2221.N.PN","A","AT","W1","BG","CD1",1,2221,"N","PN","2023",0,"A",false,null,null,"P1Y",{"$nulls":4},"S",null,null,3,null,"Number of ATM cash deposits at terminals acquired by non-resident PSP - terminal located in: Bulgaria","Number of ATM cash deposits at terminals acquired by non-resident PSP - terminal located in: Bulgaria","PN",6]
["PTT.A.AT.W1.BG.CD1.2.2221.N.EUR","A","AT","W1","BG","CD1",2,2221,"N","EUR","2014",null,"M",false,null,null,"P1Y",{"$nulls":4},"S",null,null,3,null,"Value of ATM cash deposits at terminals acquired by resident PSP - terminal located in: Bulgaria","Value of ATM cash deposits at terminals acquired by resident PSP - terminal located in: Bulgaria","EUR",6]
["PTT.A.AT.W1.BG.CD1.2.2221.N.EUR","A","AT","W1","BG","CD1",2,2221,"N","EUR","2015",null,"M",false,null,null,"P1Y",{"$nulls":4},"S",null,null,3,null,"Value of ATM cash deposits at terminals acquired by resident PSP - terminal located in: Bulgaria","Value of ATM cash deposits at terminals acquired by resident PSP - terminal located in: Bulgaria","EUR",6]
["PTT.A.AT.W1.BG.CD1.2.2221.N.EUR","A","AT","W1","BG","CD1",2,2221,"N","EUR","2016",null,"M",false,null,null,"P1Y",{"$nulls":4},"S",null,null,3,null,"Value of ATM cash deposits at terminals acquired by resident PSP - terminal located in: Bulgaria","Value of ATM cash deposits at terminals acquired by resident PSP - terminal located in: Bulgaria","EUR",6]
["PTT.A.AT.W1.BG.CD1.2.2221.N.EUR","A","AT","W1","BG","CD1",2,2221,"N","EUR","2017",null,"M",false,null,null,"P1Y",{"$nulls":4},"S",null,null,3,null,"Value of ATM cash deposits at terminals acquired by resident PSP - terminal located in: Bulgaria","Value of ATM cash deposits at terminals acquired by resident PSP - terminal located in: Bulgaria","EUR",6]
["PTT.A.AT.W1.BG.CD1.2.2221.N.EUR","A","AT","W1","BG","CD1",2,2221,"N","EUR","2018",null,"M",false,null,null,"P1Y",{"$nulls":4},"S",null,null,3,null,"Value of ATM cash deposits at terminals acquired by resident PSP - terminal located in: Bulgaria","Value of ATM cash deposits at terminals acquired by resident PSP - terminal located in: Bulgaria","EUR",6]
["PTT.A.AT.W1.BG.CD1.2.2221.N.EUR","A","AT","W1","BG","CD1",2,2221,"N","EUR","2019",null,"M",false,null,null,"P1Y",{"$nulls":4},"S",null,null,3,null,"Value of ATM cash deposits at terminals acquired by resident PSP - terminal located in: Bulgaria","Value of ATM cash deposits at terminals acquired by resident PSP - terminal located in: Bulgaria","EUR",6]
["PTT.A.AT.W1.BG.CD1.2.2221.N.EUR","A","AT","W1","BG","CD1",2,2221,"N","EUR","2020",null,"M",false,null,null,"P1Y",{"$nulls":4},"S",null,null,3,null,"Value of ATM cash deposits at terminals acquired by resident PSP - terminal located in: Bulgaria","Value of ATM cash deposits at terminals acquired by resident PSP - terminal located in: Bulgaria","EUR",6]
["PTT.A.AT.W1.BG.CD1.2.2221.N.EUR","A","AT","W1","BG","CD1",2,2221,"N","EUR","2021",null,"M",false,null,null,"P1Y",{"$nulls":4},"S",null,null,3,null,"Value of ATM cash deposits at terminals acquired by resident PSP - terminal located in: Bulgaria","Value of ATM cash deposits at terminals acquired by resident PSP - terminal located in: Bulgaria","EUR",6]
["PTT.A.AT.W1.BG.CD1.2.2221.N.EUR","A","AT","W1","BG","CD1",2,2221,"N","EUR","2022",0,"A",false,null,null,"P1Y",{"$nulls":4},"S",null,null,3,null,"Value of ATM cash deposits at terminals acquired by resident PSP - terminal located in: Bulgaria","Value of ATM cash deposits at terminals acquired by resident PSP - terminal located in: Bulgaria","EUR",6]
["PTT.A.AT.W1.BG.CD1.2.2221.N.EUR","A","AT","W1","BG","CD1",2,2221,"N","EUR","2023",0,"A",false,null,null,"P1Y",{"$nulls":4},"S",null,null,3,null,"Value of ATM cash deposits at terminals acquired by resident PSP - terminal located in: Bulgaria","Value of ATM cash deposits at terminals acquired by resident PSP - terminal located in: Bulgaria","EUR",6]
["PTT.A.AT.W1.BG.CD1.2.2221.N.PN","A","AT","W1","BG","CD1",2,2221,"N","PN","2014",null,"M",false,null,null,"P1Y",{"$nulls":4},"S",null,null,3,null,"Number of ATM cash deposits at terminals acquired by resident PSP - terminal located in: Bulgaria","Number of ATM cash deposits at terminals acquired by resident PSP - terminal located in: Bulgaria","PN",6]
["PTT.A.AT.W1.BG.CD1.2.2221.N.PN","A","AT","W1","BG","CD1",2,2221,"N","PN","2015",null,"M",false,null,null,"P1Y",{"$nulls":4},"S",null,null,3,null,"Number of ATM cash deposits at terminals acquired by resident PSP - terminal located in: Bulgaria","Number of ATM cash deposits at terminals acquired by resident PSP - terminal located in: Bulgaria","PN",6]
["PTT.A.AT.W1.BG.CD1.2.2221.N.PN","A","AT","W1","BG","CD1",2,2221,"N","PN","2016",null,"M",false,null,null,"P1Y",{"$nulls":4},"S",null,null,3,null,"Number of ATM cash deposits at terminals acquired by resident PSP - terminal located in: Bulgaria","Number of ATM cash deposits at terminals acquired by resident PSP - terminal located in: Bulgaria","PN",6]
["PTT.A.AT.W1.BG.CD1.2.2221.N.PN","A","AT","W1","BG","CD1",2,2221,"N","PN","2017",null,"M",false,null,null,"P1Y",{"$nulls":4},"S",null,null,3,null,"Number of ATM cash deposits at terminals acquired by resident PSP - terminal located in: Bulgaria","Number of ATM cash deposits at terminals acquired by resident PSP - terminal located in: Bulgaria","PN",6]
["PTT.A.AT.W1.BG.CD1.2.2221.N.PN","A","AT","W1","BG","CD1",2,2221,"N","PN","2018",null,"M",false,null,null,"P1Y",{"$nulls":4},"S",null,null,3,null,"Number of ATM cash deposits at terminals acquired by resident PSP - terminal located in: Bulgaria","Number of ATM cash deposits at terminals acquired by resident PSP - terminal located in: Bulgaria","PN",6]
["PTT.A.AT.W1.BG.CD1.2.2221.N.PN","A","AT","W1","BG","CD1",2,2221,"N","PN","2019",null,"M",false,null,null,"P1Y",{"$nulls":4},"S",null,null,3,null,"Number of ATM cash deposits at terminals acquired by resident PSP - terminal located in: Bulgaria","Number of ATM cash deposits at terminals acquired by resident PSP - terminal located in: Bulgaria","PN",6]
["PTT.A.AT.W1.BG.CD1.2.2221.N.PN","A","AT","W1","BG","CD1",2,2221,"N","PN","2020",null,"M",false,null,null,"P1Y",{"$nulls":4},"S",null,null,3,null,"Number of ATM cash deposits at terminals acquired by resident PSP - terminal located in: Bulgaria","Number of ATM cash deposits at terminals acquired by resident PSP - terminal located in: Bulgaria","PN",6]
["PTT.A.AT.W1.BG.CD1.2.2221.N.PN","A","AT","W1","BG","CD1",2,2221,"N","PN","2021",null,"M",false,null,null,"P1Y",{"$nulls":4},"S",null,null,3,null,"Number of ATM cash deposits at terminals acquired by resident PSP - terminal located in: Bulgaria","Number of ATM cash deposits at terminals acquired by resident PSP - terminal located in: Bulgaria","PN",6]
["PTT.A.AT.W1.BG.CD1.2.2221.N.PN","A","AT","W1","BG","CD1",2,2221,"N","PN","2022",0,"A",false,null,null,"P1Y",{"$nulls":4},"S",null,null,3,null,"Number of ATM cash deposits at terminals acquired by resident PSP - terminal located in: Bulgaria","Number of ATM cash deposits at terminals acquired by resident PSP - terminal located in: Bulgaria","PN",6]
["PTT.A.AT.W1.BG.CD1.2.2221.N.PN","A","AT","W1","BG","CD1",2,2221,"N","PN","2023",0,"A",false,null,null,"P1Y",{"$nulls":4},"S",null,null,3,null,"Number of ATM cash deposits at terminals acquired by resident PSP - terminal located in: Bulgaria","Number of ATM cash deposits at terminals acquired by resident PSP - terminal located in: Bulgaria","PN",6]
["PTT.A.AT.W1.BG.CW1.1.2221.N.EUR","A","AT","W1","BG","CW1",1,2221,"N","EUR","2014",10.183,"A",false,null,null,"P1Y",{"$nulls":4},"S",null,null,3,"unspecified","Value of atm cash withdrawals with cards issued by non-resident PSPs at terminals acquired by non-resident psp - terminal located in: Bulgaria","Value of atm cash withdrawals with cards issued by non-resident PSPs at terminals acquired by non-resident psp - terminal located in: Bulgaria","EUR",6]
["PTT.A.AT.W1.BG.CW1.1.2221.N.EUR","A","AT","W1","BG","CW1",1,2221,"N","EUR","2015",8.439,"A",false,null,null,"P1Y",{"$nulls":4},"S",null,null,3,"unspecified","Value of atm cash withdrawals with cards issued by non-resident PSPs at terminals acquired by non-resident psp - terminal located in: Bulgaria","Value of atm cash withdrawals with cards issued by non-resident PSPs at terminals acquired by non-resident psp - terminal located in: Bulgaria","EUR",6]
["PTT.A.AT.W1.BG.CW1.1.2221.N.EUR","A","AT","W1","BG","CW1",1,2221,"N","EUR","2016",9.504,"A",false,null,null,"P1Y",{"$nulls":4},"S",null,null,3,"unspecified","Value of atm cash withdrawals with cards issued by non-resident PSPs at terminals acquired by non-resident psp - terminal located in: Bulgaria","Value of atm cash withdrawals with cards issued by non-resident PSPs at terminals acquired by non-resident psp - terminal located in: Bulgaria","EUR",6]
["PTT.A.AT.W1.BG.CW1.1.2221.N.EUR","A","AT","W1","BG","CW1",1,2221,"N","EUR","2017",10.408,"A",false,null,null,"P1Y",{"$nulls":4},"S",null,null,3,"unspecified","Value of atm cash withdrawals with cards issued by non-resident PSPs at terminals acquired by non-resident psp - terminal located in: Bulgaria","Value of atm cash withdrawals with cards issued by non-resident PSPs at terminals acquired by non-resident psp - terminal located in: Bulgaria","EUR",6]
["PTT.A.AT.W1.BG.CW1.1.2221.N.EUR","A","AT","W1","BG","CW1",1,2221,"N","EUR","2018",11.665,"A",false,null,null,"P1Y",{"$nulls":4},"S",null,null,3,"unspecified","Value of atm cash withdrawals with cards issued by non-resident PSPs at terminals acquired by non-resident psp - terminal located in: Bulgaria","Value of atm cash withdrawals with cards issued by non-resident PSPs at terminals acquired by non-resident psp - terminal located in: Bulgaria","EUR",6]
["PTT.A.AT.W1.BG.CW1.1.2221.N.EUR","A","AT","W1","BG","CW1",1,2221,"N","EUR","2019",11.772,"A",false,null,null,"P1Y",{"$nulls":4},"S",null,null,3,"unspecified","Value of atm cash withdrawals with cards issued by non-resident PSPs at terminals acquired by non-resident psp - terminal located in: Bulgaria","Value of atm cash withdrawals with cards issued by non-resident PSPs at terminals acquired by non-resident psp - terminal located in: Bulgaria","EUR",6]
["PTT.A.AT.W1.BG.CW1.1.2221.N.EUR","A","AT","W1","BG","CW1",1,2221,"N","EUR","2020",7.378,"A",false,null,null,"P1Y",{"$nulls":4},"S",null,null,3,"unspecified","Value of atm cash withdrawals with cards issued by non-resident PSPs at terminals acquired by non-resident psp - terminal located in: Bulgaria","Value of atm cash withdrawals with cards issued by non-resident PSPs at terminals acquired by non-resident psp - terminal located in: Bulgaria","EUR",6]
["PTT.A.AT.W1.BG.CW1.1.2221.N.EUR","A","AT","W1","BG","CW1",1,2221,"N","EUR","2021",10.98,"A",false,null,null,"P1Y",{"$nulls":4},"S",null,null,3,"unspecified","Value of atm cash withdrawals with cards issued by non-resident PSPs at terminals acquired by non-resident psp - terminal located in: Bulgaria","Value of atm cash withdrawals with cards issued by non-resident PSPs at terminals acquired by non-resident psp - terminal located in: Bulgaria","EUR",6]
["PTT.A.AT.W1.BG.CW1.1.2221.N.EUR","A","AT","W1","BG","CW1",1,2221,"N","EUR","2022",12.53735697,"A",false,null,null,"P1Y",{"$nulls":4},"S",null,null,3,"unspecified","Value of atm cash withdrawals with cards issued by non-resident PSPs at terminals acquired by non-resident psp - terminal located in: Bulgaria","Value of atm cash withdrawals with cards issued by non-resident PSPs at terminals acquired by non-resident psp - terminal located in: Bulgaria","EUR",6]
["PTT.A.AT.W1.BG.CW1.1.2221.N.EUR","A","AT","W1","BG","CW1",1,2221,"N","EUR","2023",12.97476146,"A",false,null,null,"P1Y",{"$nulls":4},"S",null,null,3,"unspecified","Value of atm cash withdrawals with cards issued by non-resident PSPs at terminals acquired by non-resident psp - terminal located in: Bulgaria","Value of atm cash withdrawals with cards issued by non-resident PSPs at terminals acquired by non-resident psp - terminal located in: Bulgaria","EUR",6]
["PTT.A.AT.W1.BG.CW1.1.2221.N.PN","A","AT","W1","BG","CW1",1,2221,"N","PN","2014",0.089,"A",false,null,null,"P1Y",{"$nulls":4},"S",null,null,3,"unspecified","Number of atm cash withdrawals with cards issued by non-resident PSPs at terminals acquired by non-resident psp - terminal located in: Bulgaria","Number of atm cash withdrawals with cards issued by non-resident PSPs at terminals acquired by non-resident psp - terminal located in: Bulgaria","PN",6]
["PTT.A.AT.W1.BG.CW1.1.2221.N.PN","A","AT","W1","BG","CW1",1,2221,"N","PN","2015",0.072,"A",false,null,null,"P1Y",{"$nulls":4},"S",null,null,3,"unspecified","Number of atm cash withdrawals with cards issued by non-resident PSPs at terminals acquired by non-resident psp - terminal located in: Bulgaria","Number of atm cash withdrawals with cards issued by non-resident PSPs at terminals acquired by non-resident psp - terminal located in: Bulgaria","PN",6]
["PTT.A.AT.W1.BG.CW1.1.2221.N.PN","A","AT","W1","BG","CW1",1,2221,"N","PN","2016",0.081,"A",false,null,null,"P1Y",{"$nulls":4},"S",null,null,3,"unspecified","Number of atm cash withdrawals with cards issued by non-resident PSPs at terminals acquired by non-resident psp - terminal located in: Bulgaria","Number of atm cash withdrawals with cards issued by non-resident PSPs at terminals acquired by non-resident psp - terminal located in: Bulgaria","PN",6]
["PTT.A.AT.W1.BG.CW1.1.2221.N.PN","A","AT","W1","BG","CW1",1,2221,"N","PN","2017",0.087,"A",false,null,null,"P1Y",{"$nulls":4},"S",null,null,3,"unspecified","Number of atm cash withdrawals with cards issued by non-resident PSPs at terminals acquired by non-resident psp - terminal located in: Bulgaria","Number of atm cash withdrawals with cards issued by non-resident PSPs at terminals acquired by non-resident psp - terminal located in: Bulgaria","PN",6]
["PTT.A.AT.W1.BG.CW1.1.2221.N.PN","A","AT","W1","BG","CW1",1,2221,"N","PN","2018",0.098,"A",false,null,null,"P1Y",{"$nulls":4},"S",null,null,3,"unspecified","Number of atm cash withdrawals with cards issued by non-resident PSPs at terminals acquired by non-resident psp - terminal located in: Bulgaria","Number of atm cash withdrawals with cards issued by non-resident PSPs at terminals acquired by non-resident psp - terminal located in: Bulgaria","PN",6]
["PTT.A.AT.W1.BG.CW1.1.2221.N.PN","A","AT","W1","BG","CW1",1,2221,"N","PN","2019",0.093,"A",false,null,null,"P1Y",{"$nulls":4},"S",null,null,3,"unspecified","Number of atm cash withdrawals with cards issued by non-resident PSPs at terminals acquired by non-resident psp - terminal located in: Bulgaria","Number of atm cash withdrawals with cards issued by non-resident PSPs at terminals acquired by non-resident psp - terminal located in: Bulgaria","PN",6]
["PTT.A.AT.W1.BG.CW1.1.2221.N.PN","A","AT","W1","BG","CW1",1,2221,"N","PN","2020",0.052,"A",false,null,null,"P1Y",{"$nulls":4},"S",null,null,3,"unspecified","Number of atm cash withdrawals with cards issued by non-resident PSPs at terminals acquired by non-resident psp - terminal located in: Bulgaria","Number of atm cash withdrawals with cards issued by non-resident PSPs at terminals acquired by non-resident psp - terminal located in: Bulgaria","PN",6]
["PTT.A.AT.W1.BG.CW1.1.2221.N.PN","A","AT","W1","BG","CW1",1,2221,"N","PN","2021",0.077,"A",false,null,null,"P1Y",{"$nulls":4},"S",null,null,3,"unspecified","Number of atm cash withdrawals with cards issued by non-resident PSPs at terminals acquired by non-resident psp - terminal located in: Bulgaria","Number of atm cash withdrawals with cards issued by non-resident PSPs at terminals acquired by non-resident psp - terminal located in: Bulgaria","PN",6]
["PTT.A.AT.W1.BG.CW1.1.2221.N.PN","A","AT","W1","BG","CW1",1,2221,"N","PN","2022",0.088172,"A",false,null,null,"P1Y",{"$nulls":4},"S",null,null,3,"unspecified","Number of atm cash withdrawals with cards issued by non-resident PSPs at terminals acquired by non-resident psp - terminal located in: Bulgaria","Number of atm cash withdrawals with cards issued by non-resident PSPs at terminals acquired by non-resident psp - terminal located in: Bulgaria","PN",6]
["PTT.A.AT.W1.BG.CW1.1.2221.N.PN","A","AT","W1","BG","CW1",1,2221,"N","PN","2023",0.090168,"A",false,null,null,"P1Y",{"$nulls":4},"S",null,null,3,"unspecified","Number of atm cash withdrawals with cards issued by non-resident PSPs at terminals acquired by non-resident psp - terminal located in: Bulgaria","Number of atm cash withdrawals with cards issued by non-resident PSPs at terminals acquired by non-resident psp - terminal located in: Bulgaria","PN",6]
["PTT.A.AT.W1.BG.CW1.2.2221.N.EUR","A","AT","W1","BG","CW1",2,2221,"N","EUR","2014",null,"M",false,null,null,"P1Y",{"$nulls":4},"S",null,null,3,null,"Value of ATM cash withdrawals at terminals acquired by resident PSP - terminal located in: Bulgaria","Value of ATM cash withdrawals at terminals acquired by resident PSP - terminal located in: Bulgaria","EUR",6]
["PTT.A.AT.W1.BG.CW1.2.2221.N.EUR","A","AT","W1","BG","CW1",2,2221,"N","EUR","2015",null,"M",false,null,null,"P1Y",{"$nulls":4},"S",null,null,3,null,"Value of ATM cash withdrawals at terminals acquired by resident PSP - terminal located in: Bulgaria","Value of ATM cash withdrawals at terminals acquired by resident PSP - terminal located in: Bulgaria","EUR",6]
["PTT.A.AT.W1.BG.CW1.2.2221.N.EUR","A","AT","W1","BG","CW1",2,2221,"N","EUR","2016",null,"M",false,null,null,"P1Y",{"$nulls":4},"S",null,null,3,null,"Value of ATM cash withdrawals at terminals acquired by resident PSP - terminal located in: Bulgaria","Value of ATM cash withdrawals at terminals acquired by resident PSP - terminal located in: Bulgaria","EUR",6]
["PTT.A.AT.W1.BG.CW1.2.2221.N.EUR","A","AT","W1","BG","CW1",2,2221,"N","EUR","2017",null,"M",false,null,null,"P1Y",{"$nulls":4},"S",null,null,3,null,"Value of ATM cash withdrawals at terminals acquired by resident PSP - terminal located in: Bulgaria","Value of ATM cash withdrawals at terminals acquired by resident PSP - terminal located in: Bulgaria","EUR",6]
["PTT.A.AT.W1.BG.CW1.2.2221.N.EUR","A","AT","W1","BG","CW1",2,2221,"N","EUR","2018",null,"M",false,null,null,"P1Y",{"$nulls":4},"S",null,null,3,null,"Value of ATM cash withdrawals at terminals acquired by resident PSP - terminal located in: Bulgaria","Value of ATM cash withdrawals at terminals acquired by resident PSP - terminal located in: Bulgaria","EUR",6]
["PTT.A.AT.W1.BG.CW1.2.2221.N.EUR","A","AT","W1","BG","CW1",2,2221,"N","EUR","2019",null,"M",false,null,null,"P1Y",{"$nulls":4},"S",null,null,3,null,"Value of ATM cash withdrawals at terminals acquired by resident PSP - terminal located in: Bulgaria","Value of ATM cash withdrawals at terminals acquired by resident PSP - terminal located in: Bulgaria","EUR",6]
["PTT.A.AT.W1.BG.CW1.2.2221.N.EUR","A","AT","W1","BG","CW1",2,2221,"N","EUR","2020",null,"M",false,null,null,"P1Y",{"$nulls":4},"S",null,null,3,null,"Value of ATM cash withdrawals at terminals acquired by resident PSP - terminal located in: Bulgaria","Value of ATM cash withdrawals at terminals acquired by resident PSP - terminal located in: Bulgaria","EUR",6]
["PTT.A.AT.W1.BG.CW1.2.2221.N.EUR","A","AT","W1","BG","CW1",2,2221,"N","EUR","2021",null,"M",false,null,null,"P1Y",{"$nulls":4},"S",null,null,3,null,"Value of ATM cash withdrawals at terminals acquired by resident PSP - terminal located in: Bulgaria","Value of ATM cash withdrawals at terminals acquired by resident PSP - terminal located in: Bulgaria","EUR",6]
["PTT.A.AT.W1.BG.CW1.2.2221.N.EUR","A","AT","W1","BG","CW1",2,2221,"N","EUR","2022",0,"A",false,null,null,"P1Y",{"$nulls":4},"S",null,null,3,null,"Value of ATM cash withdrawals at terminals acquired by resident PSP - terminal located in: Bulgaria","Value of ATM cash withdrawals at terminals acquired by resident PSP - terminal located in: Bulgaria","EUR",6]
["PTT.A.AT.W1.BG.CW1.2.2221.N.EUR","A","AT","W1","BG","CW1",2,2221,"N","EUR","2023",0,"A",false,null,null,"P1Y",{"$nulls":4},"S",null,null,3,null,"Value of ATM cash withdrawals at terminals acquired by resident PSP - terminal located in: Bulgaria","Value of ATM cash withdrawals at terminals acquired by resident PSP - terminal located in: Bulgaria","EUR",6]
["PTT.A.AT.W1.BG.CW1.2.2221.N.PN","A","AT","W1","BG","CW1",2,2221,"N","PN","2014",null,"M",false,null,null,"P1Y",{"$nulls":4},"S",null,null,3,null,"Number of ATM cash withdrawals at terminals acquired by resident PSP - terminal located in: Bulgaria","Number of ATM cash withdrawals at terminals acquired by resident PSP - terminal located in: Bulgaria","PN",6]
["PTT.A.AT.W1.BG.CW1.2.2221.N.PN","A","AT","W1","BG","CW1",2,2221,"N","PN","2015",null,"M",false,null,null,"P1Y",{"$nulls":4},"S",null,null,3,null,"Number of ATM cash withdrawals at terminals acquired by resident PSP - terminal located in: Bulgaria","Number of ATM cash withdrawals at terminals acquired by resident PSP - terminal located in: Bulgaria","PN",6]
["PTT.A.AT.W1.BG.CW1.2.2221.N.PN","A","AT","W1","BG","CW1",2,2221,"N","PN","2016",null,"M",false,null,null,"P1Y",{"$nulls":4},"S",null,null,3,null,"Number of ATM cash withdrawals at terminals acquired by resident PSP - terminal located in: Bulgaria","Number of ATM cash withdrawals at terminals acquired by resident PSP - terminal located in: Bulgaria","PN",6]
["PTT.A.AT.W1.BG.CW1.2.2221.N.PN","A","AT","W1","BG","CW1",2,2221,"N","PN","2017",null,"M",false,null,null,"P1Y",{"$nulls":4},"S",null,null,3,null,"Number of ATM cash withdrawals at terminals acquired by resident PSP - terminal located in: Bulgaria","Number of ATM cash withdrawals at terminals acquired by resident PSP - terminal located in: Bulgaria","PN",6]
["PTT.A.AT.W1.BG.CW1.2.2221.N.PN","A","AT","W1","BG","CW1",2,2221,"N","PN","2018",null,"M",false,null,null,"P1Y",{"$nulls":4},"S",null,null,3,null,"Number of ATM cash withdrawals at terminals acquired by resident PSP - terminal located in: Bulgaria","Number of ATM cash withdrawals at terminals acquired by resident PSP - terminal located in: Bulgaria","PN",6]
["PTT.A.AT.W1.BG.CW1.2.2221.N.PN","A","AT","W1","BG","CW1",2,2221,"N","PN","2019",null,"M",false,null,null,"P1Y",{"$nulls":4},"S",null,null,3,null,"Number of ATM cash withdrawals at terminals acquired by resident PSP - terminal located in: Bulgaria","Number of ATM cash withdrawals at terminals acquired by resident PSP - terminal located in: Bulgaria","PN",6]
["PTT.A.AT.W1.BG.CW1.2.2221.N.PN","A","AT","W1","BG","CW1",2,2221,"N","PN","2020",null,"M",false,null,null,"P1Y",{"$nulls":4},"S",null,null,3,null,"Number of ATM cash withdrawals at terminals acquired by resident PSP - terminal located in: Bulgaria","Number of ATM cash withdrawals at terminals acquired by resident PSP - terminal located in: Bulgaria","PN",6]
["PTT.A.AT.W1.BG.CW1.2.2221.N.PN","A","AT","W1","BG","CW1",2,2221,"N","PN","2021",null,"M",false,null,null,"P1Y",{"$nulls":4},"S",null,null,3,null,"Number of ATM cash withdrawals at terminals acquired by resident PSP - terminal located in: Bulgaria","Number of ATM cash withdrawals at terminals acquired by resident PSP - terminal located in: Bulgaria","PN",6]
["PTT.A.AT.W1.BG.CW1.2.2221.N.PN","A","AT","W1","BG","CW1",2,2221,"N","PN","2022",0,"A",false,null,null,"P1Y",{"$nulls":4},"S",null,null,3,null,"Number of ATM cash withdrawals at terminals acquired by resident PSP - terminal located in: Bulgaria","Number of ATM cash withdrawals at terminals acquired by resident PSP - terminal located in: Bulgaria","PN",6]
["PTT.A.AT.W1.BG.CW1.2.2221.N.PN","A","AT","W1","BG","CW1",2,2221,"N","PN","2023",0,"A",false,null,null,"P1Y",{"$nulls":4},"S",null,null,3,null,"Number of ATM cash withdrawals at terminals acquired by resident PSP - terminal located in: Bulgaria","Number of ATM cash withdrawals at terminals acquired by resident PSP - terminal located in: Bulgaria","PN",6]
["PTT.A.AT.W1.BG.EMLU.1.2220.N.EUR","A","AT","W1","BG","EMLU",1,2220,"N","EUR","2014",0.237,"A",false,null,null,"P1Y",{"$nulls":4},"S",null,null,3,"unspecified","Value of e-money card loading and unloading transactions with cards issued by non-resident PSPs at terminals acquired by non-resident psp - terminal located in: Bulgaria","Value of e-money card loading and unloading transactions with cards issued by non-resident PSPs at terminals acquired by non-resident psp - terminal located in: Bulgaria","EUR",6]
["PTT.A.AT.W1.BG.EMLU.1.2220.N.EUR","A","AT","W1","BG","EMLU",1,2220,"N","EUR","2015",0.273,"A",false,null,null,"P1Y",{"$nulls":4},"S",null,null,3,"unspecified","Value of e-money card loading and unloading transactions with cards issued by non-resident PSPs at terminals acquired by non-resident psp - terminal located in: Bulgaria","Value of e-money card loading and unloading transactions with cards issued by non-resident PSPs at terminals acquired by non-resident psp - terminal located in: Bulgaria","EUR",6]
["PTT.A.AT.W1.BG.EMLU.1.2220.N.EUR","A","AT","W1","BG","EMLU",1,2220,"N","EUR","2016",0.222,"A",false,null,null,"P1Y",{"$nulls":4},"S",null,null,3,"unspecified","Value of e-money card loading and unloading transactions with cards issued by non-resident PSPs at terminals acquired by non-resident psp - terminal located in: Bulgaria","Value of e-money card loading and unloading transactions with cards issued by non-resident PSPs at terminals acquired by non-resident psp - terminal located in: Bulgaria","EUR",6]
["PTT.A.AT.W1.BG.EMLU.1.2220.N.EUR","A","AT","W1","BG","EMLU",1,2220,"N","EUR","2017",0.206,"A",false,null,null,"P1Y",{"$nulls":4},"S",null,null,3,"unspecified","Value of e-money card loading and unloading transactions with cards issued by non-resident PSPs at terminals acquired by non-resident psp - terminal located in: Bulgaria","Value of e-money card loading and unloading transactions with cards issued by non-resident PSPs at terminals acquired by non-resident psp - terminal located in: Bulgaria","EUR",6]
["PTT.A.AT.W1.BG.EMLU.1.2220.N.EUR","A","AT","W1","BG","EMLU",1,2220,"N","EUR","2018",0.065,"A",false,null,null,"P1Y",{"$nulls":4},"S",null,null,3,"unspecified","Value of e-money card loading and unloading transactions with cards issued by non-resident PSPs at terminals acquired by non-resident psp - terminal located in: Bulgaria","Value of e-money card loading and unloading transactions with cards issued by non-resident PSPs at terminals acquired by non-resident psp - terminal located in: Bulgaria","EUR",6]
["PTT.A.AT.W1.BG.EMLU.1.2220.N.EUR","A","AT","W1","BG","EMLU",1,2220,"N","EUR","2019",null,"Q",false,null,null,"P1Y",{"$nulls":4},"S",null,null,3,"unspecified","Value of e-money card loading and unloading transactions with cards issued by non-resident PSPs at terminals acquired by non-resident psp - terminal located in: Bulgaria","Value of e-money card loading and unloading transactions with cards issued by non-resident PSPs at terminals acquired by non-resident psp - terminal located in: Bulgaria","EUR",6]
["PTT.A.AT.W1.BG.EMLU.1.2220.N.EUR","A","AT","W1","BG","EMLU",1,2220,"N","EUR","2020",null,"Q",false,null,null,"P1Y",{"$nulls":4},"S",null,null,3,"unspecified","Value of e-money card loading and unloading transactions with cards issued by non-resident PSPs at terminals acquired by non-resident psp - terminal located in: Bulgaria","Value of e-money card loading and unloading transactions with cards issued by non-resident PSPs at terminals acquired by non-resident psp - terminal located in: Bulgaria","EUR",6]
["PTT.A.AT.W1.BG.EMLU.1.2220.N.EUR","A","AT","W1","BG","EMLU",1,2220,"N","EUR","2021",null,"Q",false,null,null,"P1Y",{"$nulls":4},"S",null,null,3,"unspecified","Value of e-money card loading and unloading transactions with cards issued by non-resident PSPs at terminals acquired by non-resident psp - terminal located in: Bulgaria","Value of e-money card loading and unloading transactions with cards issued by non-resident PSPs at terminals acquired by non-resident psp - terminal located in: Bulgaria","EUR",6]
["PTT.A.AT.W1.BG.EMLU.1.2220.N.EUR","A","AT","W1","BG","EMLU",1,2220,"N","EUR","2022",null,"Q",false,null,null,"P1Y",{"$nulls":4},"S",null,null,3,"unspecified","Value of e-money card loading and unloading transactions with cards issued by non-resident PSPs at terminals acquired by non-resident psp - terminal located in: Bulgaria","Value of e-money card loading and unloading transactions with cards issued by non-resident PSPs at terminals acquired by non-resident psp - terminal located in: Bulgaria","EUR",6]
["PTT.A.AT.W1.BG.EMLU.1.2220.N.EUR","A","AT","W1","BG","EMLU",1,2220,"N","EUR","2023",null,"Q",false,null,null,"P1Y",{"$nulls":4},"S",null,null,3,"unspecified","Value of e-money card loading and unloading transactions with cards issued by non-resident PSPs at terminals acquired by non-resident psp - terminal located in: Bulgaria","Value of e-money card loading and unloading transactions with cards issued by non-resident PSPs at terminals acquired by non-resident psp - terminal located in: Bulgaria","EUR",6]
["PTT.A.AT.W1.BG.EMLU.1.2220.N.PN","A","AT","W1","BG","EMLU",1,2220,"N","PN","2014",0.002,"A",false,null,null,"P1Y",{"$nulls":4},"S",null,null,3,"unspecified","Number of e-money card loading and unloading transactions with cards issued by non-resident PSPs at terminals acquired by non-resident psp - terminal located in: Bulgaria","Number of e-money card loading and unloading transactions with cards issued by non-resident PSPs at terminals acquired by non-resident psp - terminal located in: Bulgaria","PN",6]
["PTT.A.AT.W1.BG.EMLU.1.2220.N.PN","A","AT","W1","BG","EMLU",1,2220,"N","PN","2015",0.002,"A",false,null,null,"P1Y",{"$nulls":4},"S",null,null,3,"unspecified","Number of e-money card loading and unloading transactions with cards issued by non-resident PSPs at terminals acquired by non-resident psp - terminal located in: Bulgaria","Number of e-money card loading and unloading transactions with cards issued by non-resident PSPs at terminals acquired by non-resident psp - terminal located in: Bulgaria","PN",6]
["PTT.A.AT.W1.BG.EMLU.1.2220.N.PN","A","AT","W1","BG","EMLU",1,2220,"N","PN","2016",0.002,"A",false,null,null,"P1Y",{"$nulls":4},"S",null,null,3,"unspecified","Number of e-money card loading and unloading transactions with cards issued by non-resident PSPs at terminals acquired by non-resident psp - terminal located in: Bulgaria","Number of e-money card loading and unloading transactions with cards issued by non-resident PSPs at terminals acquired by non-resident psp - terminal located in: Bulgaria","PN",6]
["PTT.A.AT.W1.BG.EMLU.1.2220.N.PN","A","AT","W1","BG","EMLU",1,2220,"N","PN","2017",0.002,"A",false,null,null,"P1Y",{"$nulls":4},"S",null,null,3,"unspecified","Number of e-money card loading and unloading transactions with cards issued by non-resident PSPs at terminals acquired by non-resident psp - terminal located in: Bulgaria","Number of e-money card loading and unloading transactions with cards issued by non-resident PSPs at terminals acquired by non-resident psp - terminal located in: Bulgaria","PN",6]
["PTT.A.AT.W1.BG.EMLU.1.2220.N.PN","A","AT","W1","BG","EMLU",1,2220,"N","PN","2018",0.001,"A",false,null,null,"P1Y",{"$nulls":4},"S",null,null,3,"unspecified","Number of e-money card loading and unloading transactions with cards issued by non-resident PSPs at terminals acquired by non-resident psp - terminal located in: Bulgaria","Number of e-money card loading and unloading transactions with cards issued by non-resident PSPs at terminals acquired by non-resident psp - terminal located in: Bulgaria","PN",6]
["PTT.A.AT.W1.BG.EMLU.1.2220.N.PN","A","AT","W1","BG","EMLU",1,2220,"N","PN","2019",null,"Q",false,null,null,"P1Y",{"$nulls":4},"S",null,null,3,"unspecified","Number of e-money card loading and unloading transactions with cards issued by non-resident PSPs at terminals acquired by non-resident psp - terminal located in: Bulgaria","Number of e-money card loading and unloading transactions with cards issued by non-resident PSPs at terminals acquired by non-resident psp - terminal located in: Bulgaria","PN",6]
["PTT.A.AT.W1.BG.EMLU.1.2220.N.PN","A","AT","W1","BG","EMLU",1,2220,"N","PN","2020",null,"Q",false,null,null,"P1Y",{"$nulls":4},"S",null,null,3,"unspecified","Number of e-money card loading and unloading transactions with cards issued by non-resident PSPs at terminals acquired by non-resident psp - terminal located in: Bulgaria","Number of e-money card loading and unloading transactions with cards issued by non-resident PSPs at terminals acquired by non-resident psp - terminal located in: Bulgaria","PN",6]
["PTT.A.AT.W1.BG.EMLU.1.2220.N.PN","A","AT","W1","BG","EMLU",1,2220,"N","PN","2021",null,"Q",false,null,null,"P1Y",{"$nulls":4},"S",null,null,3,"unspecified","Number of e-money card loading and unloading transactions with cards issued by non-resident PSPs at terminals acquired by non-resident psp - terminal located in: Bulgaria","Number of e-money card loading and unloading transactions with cards issued by non-resident PSPs at terminals acquired by non-resident psp - terminal located in: Bulgaria","PN",6]
["PTT.A.AT.W1.BG.EMLU.1.2220.N.PN","A","AT","W1","BG","EMLU",1,2220,"N","PN","2022",null,"Q",false,null,null,"P1Y",{"$nulls":4},"S",null,null,3,"unspecified","Number of e-money card loading and unloading transactions with cards issued by non-resident PSPs at terminals acquired by non-resident psp - terminal located in: Bulgaria","Number of e-money card loading and unloading transactions with cards issued by non-resident PSPs at terminals acquired by non-resident psp - terminal located in: Bulgaria","PN",6]
["PTT.A.AT.W1.BG.EMLU.1.2220.N.PN","A","AT","W1","BG","EMLU",1,2220,"N","PN","2023",null,"Q",false,null,null,"P1Y",{"$nulls":4},"S",null,null,3,"unspecified","Number of e-money card loading and unloading transactions with cards issued by non-resident PSPs at terminals acquired by non-resident psp - terminal located in: Bulgaria","Number of e-money card loading and unloading transactions with cards issued by non-resident PSPs at terminals acquired by non-resident psp - terminal located in: Bulgaria","PN",6]
["PTT.A.AT.W1.BG.EMLU.2.2220.N.EUR","A","AT","W1","BG","EMLU",2,2220,"N","EUR","2014",null,"M",false,null,null,"P1Y",{"$nulls":4},"S",null,null,3,null,"Value of E-money card loading and unloading at terminals acquired by resident PSP - terminal located in: Bulgaria","Value of E-money card loading and unloading at terminals acquired by resident PSP - terminal located in: Bulgaria","EUR",6]
["PTT.A.AT.W1.BG.EMLU.2.2220.N.EUR","A","AT","W1","BG","EMLU",2,2220,"N","EUR","2015",null,"M",false,null,null,"P1Y",{"$nulls":4},"S",null,null,3,null,"Value of E-money card loading and unloading at terminals acquired by resident PSP - terminal located in: Bulgaria","Value of E-money card loading and unloading at terminals acquired by resident PSP - terminal located in: Bulgaria","EUR",6]
["PTT.A.AT.W1.BG.EMLU.2.2220.N.EUR","A","AT","W1","BG","EMLU",2,2220,"N","EUR","2016",null,"M",false,null,null,"P1Y",{"$nulls":4},"S",null,null,3,null,"Value of E-money card loading and unloading at terminals acquired by resident PSP - terminal located in: Bulgaria","Value of E-money card loading and unloading at terminals acquired by resident PSP - terminal located in: Bulgaria","EUR",6]
["PTT.A.AT.W1.BG.EMLU.2.2220.N.EUR","A","AT","W1","BG","EMLU",2,2220,"N","EUR","2017",null,"M",false,null,null,"P1Y",{"$nulls":4},"S",null,null,3,null,"Value of E-money card loading and unloading at terminals acquired by resident PSP - terminal located in: Bulgaria","Value of E-money card loading and unloading at terminals acquired by resident PSP - terminal located in: Bulgaria","EUR",6]
["PTT.A.AT.W1.BG.EMLU.2.2220.N.EUR","A","AT","W1","BG","EMLU",2,2220,"N","EUR","2018",null,"M",false,null,null,"P1Y",{"$nulls":4},"S",null,null,3,null,"Value of E-money card loading and unloading at terminals acquired by resident PSP - terminal located in: Bulgaria","Value of E-money card loading and unloading at terminals acquired by resident PSP - terminal located in: Bulgaria","EUR",6]
["PTT.A.AT.W1.BG.EMLU.2.2220.N.EUR","A","AT","W1","BG","EMLU",2,2220,"N","EUR","2019",null,"M",false,null,null,"P1Y",{"$nulls":4},"S",null,null,3,null,"Value of E-money card loading and unloading at terminals acquired by resident PSP - terminal located in: Bulgaria","Value of E-money card loading and unloading at terminals acquired by resident PSP - terminal located in: Bulgaria","EUR",6]
["PTT.A.AT.W1.BG.EMLU.2.2220.N.EUR","A","AT","W1","BG","EMLU",2,2220,"N","EUR","2020",null,"M",false,null,null,"P1Y",{"$nulls":4},"S",null,null,3,null,"Value of E-money card loading and unloading at terminals acquired by resident PSP - terminal located in: Bulgaria","Value of E-money card loading and unloading at terminals acquired by resident PSP - terminal located in: Bulgaria","EUR",6]
["PTT.A.AT.W1.BG.EMLU.2.2220.N.EUR","A","AT","W1","BG","EMLU",2,2220,"N","EUR","2021",null,"M",false,null,null,"P1Y",{"$nulls":4},"S",null,null,3,null,"Value of E-money card loading and unloading at terminals acquired by resident PSP - terminal located in: Bulgaria","Value of E-money card loading and unloading at terminals acquired by resident PSP - terminal located in: Bulgaria","EUR",6]
["PTT.A.AT.W1.BG.EMLU.2.2220.N.EUR","A","AT","W1","BG","EMLU",2,2220,"N","EUR","2022",0,"A",false,null,null,"P1Y",{"$nulls":4},"S",null,null,3,null,"Value of E-money card loading and unloading at terminals acquired by resident PSP - terminal located in: Bulgaria","Value of E-money card loading and unloading at terminals acquired by resident PSP - terminal located in: Bulgaria","EUR",6]
["PTT.A.AT.W1.BG.EMLU.2.2220.N.EUR","A","AT","W1","BG","EMLU",2,2220,"N","EUR","2023",0,"A",false,null,null,"P1Y",{"$nulls":4},"S",null,null,3,null,"Value of E-money card loading and unloading at terminals acquired by resident PSP - terminal located in: Bulgaria","Value of E-money card loading and unloading at terminals acquired by resident PSP - terminal located in: Bulgaria","EUR",6]
["PTT.A.AT.W1.BG.EMLU.2.2220.N.PN","A","AT","W1","BG","EMLU",2,2220,"N","PN","2014",null,"M",false,null,null,"P1Y",{"$nulls":4},"S",null,null,3,null,"Number of E-money card loading and unloading at terminals acquired by resident PSP - terminal located in: Bulgaria","Number of E-money card loading and unloading at terminals acquired by resident PSP - terminal located in: Bulgaria","PN",6]
["PTT.A.AT.W1.BG.EMLU.2.2220.N.PN","A","AT","W1","BG","EMLU",2,2220,"N","PN","2015",null,"M",false,null,null,"P1Y",{"$nulls":4},"S",null,null,3,null,"Number of E-money card loading and unloading at terminals acquired by resident PSP - terminal located in: Bulgaria","Number of E-money card loading and unloading at terminals acquired by resident PSP - terminal located in: Bulgaria","PN",6]
["PTT.A.AT.W1.BG.EMLU.2.2220.N.PN","A","AT","W1","BG","EMLU",2,2220,"N","PN","2016",null,"M",false,null,null,"P1Y",{"$nulls":4},"S",null,null,3,null,"Number of E-money card loading and unloading at terminals acquired by resident PSP - terminal located in: Bulgaria","Number of E-money card loading and unloading at terminals acquired by resident PSP - terminal located in: Bulgaria","PN",6]
["PTT.A.AT.W1.BG.EMLU.2.2220.N.PN","A","AT","W1","BG","EMLU",2,2220,"N","PN","2017",null,"M",false,null,null,"P1Y",{"$nulls":4},"S",null,null,3,null,"Number of E-money card loading and unloading at terminals acquired by resident PSP - terminal located in: Bulgaria","Number of E-money card loading and unloading at terminals acquired by resident PSP - terminal located in: Bulgaria","PN",6]
["PTT.A.AT.W1.BG.EMLU.2.2220.N.PN","A","AT","W1","BG","EMLU",2,2220,"N","PN","2018",null,"M",false,null,null,"P1Y",{"$nulls":4},"S",null,null,3,null,"Number of E-money card loading and unloading at terminals acquired by resident PSP - terminal located in: Bulgaria","Number of E-money card loading and unloading at terminals acquired by resident PSP - terminal located in: Bulgaria","PN",6]
["PTT.A.AT.W1.BG.EMLU.2.2220.N.PN","A","AT","W1","BG","EMLU",2,2220,"N","PN","2019",null,"M",false,null,null,"P1Y",{"$nulls":4},"S",null,null,3,null,"Number of E-money card loading and unloading at terminals acquired by resident PSP - terminal located in: Bulgaria","Number of E-money card loading and unloading at terminals acquired by resident PSP - terminal located in: Bulgaria","PN",6]
["PTT.A.AT.W1.BG.EMLU.2.2220.N.PN","A","AT","W1","BG","EMLU",2,2220,"N","PN","2020",null,"M",false,null,null,"P1Y",{"$nulls":4},"S",null,null,3,null,"Number of E-money card loading and unloading at terminals acquired by resident PSP - terminal located in: Bulgaria","Number of E-money card loading and unloading at terminals acquired by resident PSP - terminal located in: Bulgaria","PN",6]
["PTT.A.AT.W1.BG.EMLU.2.2220.N.PN","A","AT","W1","BG","EMLU",2,2220,"N","PN","2021",null,"M",false,null,null,"P1Y",{"$nulls":4},"S",null,null,3,null,"Number of E-money card loading and unloading at terminals acquired by resident PSP - terminal located in: Bulgaria","Number of E-money card loading and unloading at terminals acquired by resident PSP - terminal located in: Bulgaria","PN",6]
["PTT.A.AT.W1.BG.EMLU.2.2220.N.PN","A","AT","W1","BG","EMLU",2,2220,"N","PN","2022",0,"A",false,null,null,"P1Y",{"$nulls":4},"S",null,null,3,null,"Number of E-money card loading and unloading at terminals acquired by resident PSP - terminal located in: Bulgaria","Number of E-money card loading and unloading at terminals acquired by resident PSP - terminal located in: Bulgaria","PN",6]
["PTT.A.AT.W1.BG.EMLU.2.2220.N.PN","A","AT","W1","BG","EMLU",2,2220,"N","PN","2023",0,"A",false,null,null,"P1Y",{"$nulls":4},"S",null,null,3,null,"Number of E-money card loading and unloading at terminals acquired by resident PSP - terminal located in: Bulgaria","Number of E-money card loading and unloading at terminals acquired by resident PSP - terminal located in: Bulgaria","PN",6]
["PTT.A.AT.W1.BG.EMP1.1.2220.N.EUR","A","AT","W1","BG","EMP1",1,2220,"N","EUR","2014",0.048,"A",false,null,null,"P1Y",{"$nulls":4},"S",null,null,3,"unspecified","Value of e-money payment transactions with cards with an e-money function with cards issued by non-resident PSPs at terminals acquired by non-resident psp - terminal located in: Bulgaria","Value of e-money payment transactions with cards with an e-money function with cards issued by non-resident PSPs at terminals acquired by non-resident psp - terminal located in: Bulgaria","EUR",6]
["PTT.A.AT.W1.BG.EMP1.1.2220.N.EUR","A","AT","W1","BG","EMP1",1,2220,"N","EUR","2015",0.063,"A",false,null,null,"P1Y",{"$nulls":4},"S",null,null,3,"unspecified","Value of e-money payment transactions with cards with an e-money function with cards issued by non-resident PSPs at terminals acquired by non-resident psp - terminal located in: Bulgaria","Value of e-money payment transactions with cards with an e-money function with cards issued by non-resident PSPs at terminals acquired by non-resident psp - terminal located in: Bulgaria","EUR",6]
["PTT.A.AT.W1.BG.EMP1.1.2220.N.EUR","A","AT","W1","BG","EMP1",1,2220,"N","EUR","2016",0.076,"A",false,null,null,"P1Y",{"$nulls":4},"S",null,null,3,"unspecified","Value of e-money payment transactions with cards with an e-money function with cards issued by non-resident PSPs at terminals acquired by non-resident psp - terminal located in: Bulgaria","Value of e-money payment transactions with cards with an e-money function with cards issued by non-resident PSPs at terminals acquired by non-resident psp - terminal located in: Bulgaria","EUR",6]
["PTT.A.AT.W1.BG.EMP1.1.2220.N.EUR","A","AT","W1","BG","EMP1",1,2220,"N","EUR","2017",0.083,"A",false,null,null,"P1Y",{"$nulls":4},"S",null,null,3,"unspecified","Value of e-money payment transactions with cards with an e-money function with cards issued by non-resident PSPs at terminals acquired by non-resident psp - terminal located in: Bulgaria","Value of e-money payment transactions with cards with an e-money function with cards issued by non-resident PSPs at terminals acquired by non-resident psp - terminal located in: Bulgaria","EUR",6]
["PTT.A.AT.W1.BG.EMP1.1.2220.N.EUR","A","AT","W1","BG","EMP1",1,2220,"N","EUR","2018",0.061,"A",false,null,null,"P1Y",{"$nulls":4},"S",null,null,3,"unspecified","Value of e-money payment transactions with cards with an e-money function with cards issued by non-resident PSPs at terminals acquired by non-resident psp - terminal located in: Bulgaria","Value of e-money payment transactions with cards with an e-money function with cards issued by non-resident PSPs at terminals acquired by non-resident psp - terminal located in: Bulgaria","EUR",6]
["PTT.A.AT.W1.BG.EMP1.1.2220.N.EUR","A","AT","W1","BG","EMP1",1,2220,"N","EUR","2019",0.046,"A",false,null,null,"P1Y",{"$nulls":4},"S",null,null,3,"unspecified","Value of e-money payment transactions with cards with an e-money function with cards issued by non-resident PSPs at terminals acquired by non-resident psp - terminal located in: Bulgaria","Value of e-money payment transactions with cards with an e-money function with cards issued by non-resident PSPs at terminals acquired by non-resident psp - terminal located in: Bulgaria","EUR",6]
["PTT.A.AT.W1.BG.EMP1.1.2220.N.EUR","A","AT","W1","BG","EMP1",1,2220,"N","EUR","2020",null,"Q",false,null,null,"P1Y",{"$nulls":4},"S",null,null,3,"unspecified","Value of e-money payment transactions with cards with an e-money function with cards issued by non-resident PSPs at terminals acquired by non-resident psp - terminal located in: Bulgaria","Value of e-money payment transactions with cards with an e-money function with cards issued by non-resident PSPs at terminals acquired by non-resident psp - terminal located in: Bulgaria","EUR",6]
["PTT.A.AT.W1.BG.EMP1.1.2220.N.EUR","A","AT","W1","BG","EMP1",1,2220,"N","EUR","2021",null,"Q",false,null,null,"P1Y",{"$nulls":4},"S",null,null,3,"unspecified","Value of e-money payment transactions with cards with an e-money function with cards issued by non-resident PSPs at terminals acquired by non-resident psp - terminal located in: Bulgaria","Value of e-money payment transactions with cards with an e-money function with cards issued by non-resident PSPs at terminals acquired by non-resident psp - terminal located in: Bulgaria","EUR",6]
["PTT.A.AT.W1.BG.EMP1.1.2220.N.EUR","A","AT","W1","BG","EMP1",1,2220,"N","EUR","2022",0,"A",false,null,null,"P1Y",{"$nulls":4},"S",null,null,3,"unspecified","Value of e-money payment transactions with cards with an e-money function with cards issued by non-resident PSPs at terminals acquired by non-resident psp - terminal located in: Bulgaria","Value of e-money payment transactions with cards with an e-money function with cards issued by non-resident PSPs at terminals acquired by non-resident psp - terminal located in: Bulgaria","EUR",6]
["PTT.A.AT.W1.BG.EMP1.1.2220.N.EUR","A","AT","W1","BG","EMP1",1,2220,"N","EUR","2023",0,"A",false,null,null,"P1Y",{"$nulls":4},"S",null,null,3,"unspecified","Value of e-money payment transactions with cards with an e-money function with cards issued by non-resident PSPs at terminals acquired by non-resident psp - terminal located in: Bulgaria","Value of e-money payment transactions with cards with an e-money function with cards issued by non-resident PSPs at terminals acquired by non-resident psp - terminal located in: Bulgaria","EUR",6]
["PTT.A.AT.W1.BG.EMP1.1.2220.N.PN","A","AT","W1","BG","EMP1",1,2220,"N","PN","2014",0.001,"A",false,null,null,"P1Y",{"$nulls":4},"S",null,null,3,"unspecified","Number of e-money payment transactions with cards with an e-money function with cards issued by non-resident PSPs at terminals acquired by non-resident psp - terminal located in: Bulgaria","Number of e-money payment transactions with cards with an e-money function with cards issued by non-resident PSPs at terminals acquired by non-resident psp - terminal located in: Bulgaria","PN",6]
["PTT.A.AT.W1.BG.EMP1.1.2220.N.PN","A","AT","W1","BG","EMP1",1,2220,"N","PN","2015",0.001,"A",false,null,null,"P1Y",{"$nulls":4},"S",null,null,3,"unspecified","Number of e-money payment transactions with cards with an e-money function with cards issued by non-resident PSPs at terminals acquired by non-resident psp - terminal located in: Bulgaria","Number of e-money payment transactions with cards with an e-money function with cards issued by non-resident PSPs at terminals acquired by non-resident psp - terminal located in: Bulgaria","PN",6]
["PTT.A.AT.W1.BG.EMP1.1.2220.N.PN","A","AT","W1","BG","EMP1",1,2220,"N","PN","2016",0.002,"A",false,null,null,"P1Y",{"$nulls":4},"S",null,null,3,"unspecified","Number of e-money payment transactions with cards with an e-money function with cards issued by non-resident PSPs at terminals acquired by non-resident psp - terminal located in: Bulgaria","Number of e-money payment transactions with cards with an e-money function with cards issued by non-resident PSPs at terminals acquired by non-resident psp - terminal located in: Bulgaria","PN",6]
["PTT.A.AT.W1.BG.EMP1.1.2220.N.PN","A","AT","W1","BG","EMP1",1,2220,"N","PN","2017",0.002,"A",false,null,null,"P1Y",{"$nulls":4},"S",null,null,3,"unspecified","Number of e-money payment transactions with cards with an e-money function with cards issued by non-resident PSPs at terminals acquired by non-resident psp - terminal located in: Bulgaria","Number of e-money payment transactions with cards with an e-money function with cards issued by non-resident PSPs at terminals acquired by non-resident psp - terminal located in: Bulgaria","PN",6]
["PTT.A.AT.W1.BG.EMP1.1.2220.N.PN","A","AT","W1","BG","EMP1",1,2220,"N","PN","2018",0.002,"A",false,null,null,"P1Y",{"$nulls":4},"S",null,null,3,"unspecified","Number of e-money payment transactions with cards with an e-money function with cards issued by non-resident PSPs at terminals acquired by non-resident psp - terminal located in: Bulgaria","Number of e-money payment transactions with cards with an e-money function with cards issued by non-resident PSPs at terminals acquired by non-resident psp - terminal located in: Bulgaria","PN",6]
["PTT.A.AT.W1.BG.EMP1.1.2220.N.PN","A","AT","W1","BG","EMP1",1,2220,"N","PN","2019",0.001,"A",false,null,null,"P1Y",{"$nulls":4},"S",null,null,3,"unspecified","Number of e-money payment transactions with cards with an e-money function with cards issued by non-resident PSPs at terminals acquired by non-resident psp - terminal located in: Bulgaria","Number of e-money payment transactions with cards with an e-money function with cards issued by non-resident PSPs at terminals acquired by non-resident psp - terminal located in: Bulgaria","PN",6]
["PTT.A.AT.W1.BG.EMP1.1.2220.N.PN","A","AT","W1","BG","EMP1",1,2220,"N","PN","2020",null,"Q",false,null,null,"P1Y",{"$nulls":4},"S",null,null,3,"unspecified","Number of e-money payment transactions with cards with an e-money function with cards issued by non-resident PSPs at terminals acquired by non-resident psp - terminal located in: Bulgaria","Number of e-money payment transactions with cards with an e-money function with cards issued by non-resident PSPs at terminals acquired by non-resident psp - terminal located in: Bulgaria","PN",6]
["PTT.A.AT.W1.BG.EMP1.1.2220.N.PN","A","AT","W1","BG","EMP1",1,2220,"N","PN","2021",null,"Q",false,null,null,"P1Y",{"$nulls":4},"S",null,null,3,"unspecified","Number of e-money payment transactions with cards with an e-money function with cards issued by non-resident PSPs at terminals acquired by non-resident psp - terminal located in: Bulgaria","Number of e-money payment transactions with cards with an e-money function with cards issued by non-resident PSPs at terminals acquired by non-resident psp - terminal located in: Bulgaria","PN",6]
["PTT.A.AT.W1.BG.EMP1.1.2220.N.PN","A","AT","W1","BG","EMP1",1,2220,"N","PN","2022",0,"A",false,null,null,"P1Y",{"$nulls":4},"S",null,null,3,"unspecified","Number of e-money payment transactions with cards with an e-money function with cards issued by non-resident PSPs at terminals acquired by non-resident psp - terminal located in: Bulgaria","Number of e-money payment transactions with cards with an e-money function with cards issued by non-resident PSPs at terminals acquired by non-resident psp - terminal located in: Bulgaria","PN",6]
["PTT.A.AT.W1.BG.EMP1.1.2220.N.PN","A","AT","W1","BG","EMP1",1,2220,"N","PN","2023",0,"A",false,null,null,"P1Y",{"$nulls":4},"S",null,null,3,"unspecified","Number of e-money payment transactions with cards with an e-money function with cards issued by non-resident PSPs at terminals acquired by non-resident psp - terminal located in: Bulgaria","Number of e-money payment transactions with cards with an e-money function with cards issued by non-resident PSPs at terminals acquired by non-resident psp - terminal located in: Bulgaria","PN",6]
["PTT.A.AT.W1.BG.EMP1.2.2220.N.EUR","A","AT","W1","BG","EMP1",2,2220,"N","EUR","2014",null,"M",false,null,null,"P1Y",{"$nulls":4},"S",null,null,3,null,"Value of e-money payment transactions with cards with an e-money function at terminals acquired by resident PSP - terminal located in: Bulgaria","Value of e-money payment transactions with cards with an e-money function at terminals acquired by resident PSP - terminal located in: Bulgaria","EUR",6]
["PTT.A.AT.W1.BG.EMP1.2.2220.N.EUR","A","AT","W1","BG","EMP1",2,2220,"N","EUR","2015",null,"M",false,null,null,"P1Y",{"$nulls":4},"S",null,null,3,null,"Value of e-money payment transactions with cards with an e-money function at terminals acquired by resident PSP - terminal located in: Bulgaria","Value of e-money payment transactions with cards with an e-money function at terminals acquired by resident PSP - terminal located in: Bulgaria","EUR",6]
["PTT.A.AT.W1.BG.EMP1.2.2220.N.EUR","A","AT","W1","BG","EMP1",2,2220,"N","EUR","2016",null,"M",false,null,null,"P1Y",{"$nulls":4},"S",null,null,3,null,"Value of e-money payment transactions with cards with an e-money function at terminals acquired by resident PSP - terminal located in: Bulgaria","Value of e-money payment transactions with cards with an e-money function at terminals acquired by resident PSP - terminal located in: Bulgaria","EUR",6]
["PTT.A.AT.W1.BG.EMP1.2.2220.N.EUR","A","AT","W1","BG","EMP1",2,2220,"N","EUR","2017",null,"M",false,null,null,"P1Y",{"$nulls":4},"S",null,null,3,null,"Value of e-money payment transactions with cards with an e-money function at terminals acquired by resident PSP - terminal located in: Bulgaria","Value of e-money payment transactions with cards with an e-money function at terminals acquired by resident PSP - terminal located in: Bulgaria","EUR",6]
["PTT.A.AT.W1.BG.EMP1.2.2220.N.EUR","A","AT","W1","BG","EMP1",2,2220,"N","EUR","2018",null,"M",false,null,null,"P1Y",{"$nulls":4},"S",null,null,3,null,"Value of e-money payment transactions with cards with an e-money function at terminals acquired by resident PSP - terminal located in: Bulgaria","Value of e-money payment transactions with cards with an e-money function at terminals acquired by resident PSP - terminal located in: Bulgaria","EUR",6]
["PTT.A.AT.W1.BG.EMP1.2.2220.N.EUR","A","AT","W1","BG","EMP1",2,2220,"N","EUR","2019",null,"M",false,null,null,"P1Y",{"$nulls":4},"S",null,null,3,null,"Value of e-money payment transactions with cards with an e-money function at terminals acquired by resident PSP - terminal located in: Bulgaria","Value of e-money payment transactions with cards with an e-money function at terminals acquired by resident PSP - terminal located in: Bulgaria","EUR",6]
["PTT.A.AT.W1.BG.EMP1.2.2220.N.EUR","A","AT","W1","BG","EMP1",2,2220,"N","EUR","2020",null,"M",false,null,null,"P1Y",{"$nulls":4},"S",null,null,3,null,"Value of e-money payment transactions with cards with an e-money function at terminals acquired by resident PSP - terminal located in: Bulgaria","Value of e-money payment transactions with cards with an e-money function at terminals acquired by resident PSP - terminal located in: Bulgaria","EUR",6]
["PTT.A.AT.W1.BG.EMP1.2.2220.N.EUR","A","AT","W1","BG","EMP1",2,2220,"N","EUR","2021",null,"M",false,null,null,"P1Y",{"$nulls":4},"S",null,null,3,null,"Value of e-money payment transactions with cards with an e-money function at terminals acquired by resident PSP - terminal located in: Bulgaria","Value of e-money payment transactions with cards with an e-money function at terminals acquired by resident PSP - terminal located in: Bulgaria","EUR",6]
["PTT.A.AT.W1.BG.EMP1.2.2220.N.EUR","A","AT","W1","BG","EMP1",2,2220,"N","EUR","2022",0,"A",false,null,null,"P1Y",{"$nulls":4},"S",null,null,3,null,"Value of e-money payment transactions with cards with an e-money function at terminals acquired by resident PSP - terminal located in: Bulgaria","Value of e-money payment transactions with cards with an e-money function at terminals acquired by resident PSP - terminal located in: Bulgaria","EUR",6]
["PTT.A.AT.W1.BG.EMP1.2.2220.N.EUR","A","AT","W1","BG","EMP1",2,2220,"N","EUR","2023",0,"A",false,null,null,"P1Y",{"$nulls":4},"S",null,null,3,null,"Value of e-money payment transactions with cards with an e-money function at terminals acquired by resident PSP - terminal located in: Bulgaria","Value of e-money payment transactions with cards with an e-money function at terminals acquired by resident PSP - terminal located in: Bulgaria","EUR",6]
["PTT.A.AT.W1.BG.EMP1.2.2220.N.PN","A","AT","W1","BG","EMP1",2,2220,"N","PN","2014",null,"M",false,null,null,"P1Y",{"$nulls":4},"S",null,null,3,null,"Number of e-money payment transactions with cards with an e-money function at terminals acquired by resident PSP - terminal located in: Bulgaria","Number of e-money payment transactions with cards with an e-money function at terminals acquired by resident PSP - terminal located in: Bulgaria","PN",6]
["PTT.A.AT.W1.BG.EMP1.2.2220.N.PN","A","AT","W1","BG","EMP1",2,2220,"N","PN","2015",null,"M",false,null,null,"P1Y",{"$nulls":4},"S",null,null,3,null,"Number of e-money payment transactions with cards with an e-money function at terminals acquired by resident PSP - terminal located in: Bulgaria","Number of e-money payment transactions with cards with an e-money function at terminals acquired by resident PSP - terminal located in: Bulgaria","PN",6]
["PTT.A.AT.W1.BG.EMP1.2.2220.N.PN","A","AT","W1","BG","EMP1",2,2220,"N","PN","2016",null,"M",false,null,null,"P1Y",{"$nulls":4},"S",null,null,3,null,"Number of e-money payment transactions with cards with an e-money function at terminals acquired by resident PSP - terminal located in: Bulgaria","Number of e-money payment transactions with cards with an e-money function at terminals acquired by resident PSP - terminal located in: Bulgaria","PN",6]
["PTT.A.AT.W1.BG.EMP1.2.2220.N.PN","A","AT","W1","BG","EMP1",2,2220,"N","PN","2017",null,"M",false,null,null,"P1Y",{"$nulls":4},"S",null,null,3,null,"Number of e-money payment transactions with cards with an e-money function at terminals acquired by resident PSP - terminal located in: Bulgaria","Number of e-money payment transactions with cards with an e-money function at terminals acquired by resident PSP - terminal located in: Bulgaria","PN",6]
["PTT.A.AT.W1.BG.EMP1.2.2220.N.PN","A","AT","W1","BG","EMP1",2,2220,"N","PN","2018",null,"M",false,null,null,"P1Y",{"$nulls":4},"S",null,null,3,null,"Number of e-money payment transactions with cards with an e-money function at terminals acquired by resident PSP - terminal located in: Bulgaria","Number of e-money payment transactions with cards with an e-money function at terminals acquired by resident PSP - terminal located in: Bulgaria","PN",6]
["PTT.A.AT.W1.BG.EMP1.2.2220.N.PN","A","AT","W1","BG","EMP1",2,2220,"N","PN","2019",null,"M",false,null,null,"P1Y",{"$nulls":4},"S",null,null,3,null,"Number of e-money payment transactions with cards with an e-money function at terminals acquired by resident PSP - terminal located in: Bulgaria","Number of e-money payment transactions with cards with an e-money function at terminals acquired by resident PSP - terminal located in: Bulgaria","PN",6]
["PTT.A.AT.W1.BG.EMP1.2.2220.N.PN","A","AT","W1","BG","EMP1",2,2220,"N","PN","2020",null,"M",false,null,null,"P1Y",{"$nulls":4},"S",null,null,3,null,"Number of e-money payment transactions with cards with an e-money function at terminals acquired by resident PSP - terminal located in: Bulgaria","Number of e-money payment transactions with cards with an e-money function at terminals acquired by resident PSP - terminal located in: Bulgaria","PN",6]
["PTT.A.AT.W1.BG.EMP1.2.2220.N.PN","A","AT","W1","BG","EMP1",2,2220,"N","PN","2021",null,"M",false,null,null,"P1Y",{"$nulls":4},"S",null,null,3,null,"Number of e-money payment transactions with cards with an e-money function at terminals acquired by resident PSP - terminal located in: Bulgaria","Number of e-money payment transactions with cards with an e-money function at terminals acquired by resident PSP - terminal located in: Bulgaria","PN",6]
["PTT.A.AT.W1.BG.EMP1.2.2220.N.PN","A","AT","W1","BG","EMP1",2,2220,"N","PN","2022",0,"A",false,null,null,"P1Y",{"$nulls":4},"S",null,null,3,null,"Number of e-money payment transactions with cards with an e-money function at terminals acquired by resident PSP - terminal located in: Bulgaria","Number of e-money payment transactions with cards with an e-money function at terminals acquired by resident PSP - terminal located in: Bulgaria","PN",6]
["PTT.A.AT.W1.BG.EMP1.2.2220.N.PN","A","AT","W1","BG","EMP1",2,2220,"N","PN","2023",0,"A",false,null,null,"P1Y",{"$nulls":4},"S",null,null,3,null,"Number of e-money payment transactions with cards with an e-money function at terminals acquired by resident PSP - terminal located in: Bulgaria","Number of e-money payment transactions with cards with an e-money function at terminals acquired by resident PSP - terminal located in: Bulgaria","PN",6]
["PTT.A.AT.W1.BG.TRSC.1.2221.N.EUR","A","AT","W1","BG","TRSC",1,2221,"N","EUR","2022",null,"Q",false,null,null,"P1Y",{"$nulls":4},"S",null,null,3,null,"Value of other atm transactions with cards issued by non-resident PSPs at terminals acquired by non-resident psp - terminal located in: Bulgaria","Value of other atm transactions with cards issued by non-resident PSPs at terminals acquired by non-resident psp - terminal located in: Bulgaria","EUR",6]
["PTT.A.AT.W1.BG.TRSC.1.2221.N.EUR","A","AT","W1","BG","TRSC",1,2221,"N","EUR","2023",null,"Q",false,null,null,"P1Y",{"$nulls":4},"S",null,null,3,null,"Value of other atm transactions with cards issued by non-resident PSPs at terminals acquired by non-resident psp - terminal located in: Bulgaria","Value of other atm transactions with cards issued by non-resident PSPs at terminals acquired by non-resident psp - terminal located in: Bulgaria","EUR",6]
["PTT.A.AT.W1.BG.TRSC.1.2221.N.PN","A","AT","W1","BG","TRSC",1,2221,"N","PN","2022",null,"Q",false,null,null,"P1Y",{"$nulls":4},"S",null,null,3,null,"Number of other atm transactions with cards issued by non-resident PSPs at terminals acquired by non-resident psp - terminal located in: Bulgaria","Number of other atm transactions with cards issued by non-resident PSPs at terminals acquired by non-resident psp - terminal located in: Bulgaria","PN",6]
["PTT.A.AT.W1.BG.TRSC.1.2221.N.PN","A","AT","W1","BG","TRSC",1,2221,"N","PN","2023",null,"Q",false,null,null,"P1Y",{"$nulls":4},"S",null,null,3,null,"Number of other atm transactions with cards issued by non-resident PSPs at terminals acquired by non-resident psp - terminal located in: Bulgaria","Number of other atm transactions with cards issued by non-resident PSPs at terminals acquired by non-resident psp - terminal located in: Bulgaria","PN",6]
["PTT.A.AT.W1.BG.TRSC.2.2221.N.EUR","A","AT","W1","BG","TRSC",2,2221,"N","EUR","2022",0,"A",false,null,null,"P1Y",{"$nulls":4},"S",null,null,3,null,"Value of other atm transactions with cards issued by non-resident PSPs at terminals acquired by resident psp - terminal located in: Bulgaria","Value of other atm transactions with cards issued by non-resident PSPs at terminals acquired by resident psp - terminal located in: Bulgaria","EUR",6]
["PTT.A.AT.W1.BG.TRSC.2.2221.N.EUR","A","AT","W1","BG","TRSC",2,2221,"N","EUR","2023",0,"A",false,null,null,"P1Y",{"$nulls":4},"S",null,null,3,null,"Value of other atm transactions with cards issued by non-resident PSPs at terminals acquired by resident psp - terminal located in: Bulgaria","Value of other atm transactions with cards issued by non-resident PSPs at terminals acquired by resident psp - terminal located in: Bulgaria","EUR",6]
["PTT.A.AT.W1.BG.TRSC.2.2221.N.PN","A","AT","W1","BG","TRSC",2,2221,"N","PN","2022",0,"A",false,null,null,"P1Y",{"$nulls":4},"S",null,null,3,null,"Number of other atm transactions with cards issued by non-resident PSPs at terminals acquired by resident psp - terminal located in: Bulgaria","Number of other atm transactions with cards issued by non-resident PSPs at terminals acquired by resident psp - terminal located in: Bulgaria","PN",6]
["PTT.A.AT.W1.BG.TRSC.2.2221.N.PN","A","AT","W1","BG","TRSC",2,2221,"N","PN","2023",0,"A",false,null,null,"P1Y",{"$nulls":4},"S",null,null,3,null,"Number of other atm transactions with cards issued by non-resident PSPs at terminals acquired by resident psp - terminal located in: Bulgaria","Number of other atm transactions with cards issued by non-resident PSPs at terminals acquired by resident psp - terminal located in: Bulgaria","PN",6]
["PTT.A.AT.W1.BG.TRSO.1.2222.N.EUR","A","AT","W1","BG","TRSO",1,2222,"N","EUR","2014",8.078,"A",false,null,null,"P1Y",{"$nulls":4},"S",null,null,3,"unspecified","Value of pos transactions with cards issued by non-resident PSPs at terminals acquired by non-resident psp - terminal located in: Bulgaria","Value of pos transactions with cards issued by non-resident PSPs at terminals acquired by non-resident psp - terminal located in: Bulgaria","EUR",6]
["PTT.A.AT.W1.BG.TRSO.1.2222.N.EUR","A","AT","W1","BG","TRSO",1,2222,"N","EUR","2015",6.404,"A",false,null,null,"P1Y",{"$nulls":4},"S",null,null,3,"unspecified","Value of pos transactions with cards issued by non-resident PSPs at terminals acquired by non-resident psp - terminal located in: Bulgaria","Value of pos transactions with cards issued by non-resident PSPs at terminals acquired by non-resident psp - terminal located in: Bulgaria","EUR",6]
["PTT.A.AT.W1.BG.TRSO.1.2222.N.EUR","A","AT","W1","BG","TRSO",1,2222,"N","EUR","2016",6.832,"A",false,null,null,"P1Y",{"$nulls":4},"S",null,null,3,"unspecified","Value of pos transactions with cards issued by non-resident PSPs at terminals acquired by non-resident psp - terminal located in: Bulgaria","Value of pos transactions with cards issued by non-resident PSPs at terminals acquired by non-resident psp - terminal located in: Bulgaria","EUR",6]
["PTT.A.AT.W1.BG.TRSO.1.2222.N.EUR","A","AT","W1","BG","TRSO",1,2222,"N","EUR","2017",8.103,"A",false,null,null,"P1Y",{"$nulls":4},"S",null,null,3,"unspecified","Value of pos transactions with cards issued by non-resident PSPs at terminals acquired by non-resident psp - terminal located in: Bulgaria","Value of pos transactions with cards issued by non-resident PSPs at terminals acquired by non-resident psp - terminal located in: Bulgaria","EUR",6]
["PTT.A.AT.W1.BG.TRSO.1.2222.N.EUR","A","AT","W1","BG","TRSO",1,2222,"N","EUR","2018",9.509,"A",false,null,null,"P1Y",{"$nulls":4},"S",null,null,3,"unspecified","Value of pos transactions with cards issued by non-resident PSPs at terminals acquired by non-resident psp - terminal located in: Bulgaria","Value of pos transactions with cards issued by non-resident PSPs at terminals acquired by non-resident psp - terminal located in: Bulgaria","EUR",6]
["PTT.A.AT.W1.BG.TRSO.1.2222.N.EUR","A","AT","W1","BG","TRSO",1,2222,"N","EUR","2019",9.528,"A",false,null,null,"P1Y",{"$nulls":4},"S",null,null,3,"unspecified","Value of pos transactions with cards issued by non-resident PSPs at terminals acquired by non-resident psp - terminal located in: Bulgaria","Value of pos transactions with cards issued by non-resident PSPs at terminals acquired by non-resident psp - terminal located in: Bulgaria","EUR",6]
["PTT.A.AT.W1.BG.TRSO.1.2222.N.EUR","A","AT","W1","BG","TRSO",1,2222,"N","EUR","2020",4.644,"A",false,null,null,"P1Y",{"$nulls":4},"S",null,null,3,"unspecified","Value of pos transactions with cards issued by non-resident PSPs at terminals acquired by non-resident psp - terminal located in: Bulgaria","Value of pos transactions with cards issued by non-resident PSPs at terminals acquired by non-resident psp - terminal located in: Bulgaria","EUR",6]
["PTT.A.AT.W1.BG.TRSO.1.2222.N.EUR","A","AT","W1","BG","TRSO",1,2222,"N","EUR","2021",9.167,"A",false,null,null,"P1Y",{"$nulls":4},"S",null,null,3,"unspecified","Value of pos transactions with cards issued by non-resident PSPs at terminals acquired by non-resident psp - terminal located in: Bulgaria","Value of pos transactions with cards issued by non-resident PSPs at terminals acquired by non-resident psp - terminal located in: Bulgaria","EUR",6]
["PTT.A.AT.W1.BG.TRSO.1.2222.N.EUR","A","AT","W1","BG","TRSO",1,2222,"N","EUR","2022",13.46345684,"A",false,null,null,"P1Y",{"$nulls":4},"S",null,null,3,"unspecified","Value of pos transactions with cards issued by non-resident PSPs at terminals acquired by non-resident psp - terminal located in: Bulgaria","Value of pos transactions with cards issued by non-resident PSPs at terminals acquired by non-resident psp - terminal located in: Bulgaria","EUR",6]
["PTT.A.AT.W1.BG.TRSO.1.2222.N.EUR","A","AT","W1","BG","TRSO",1,2222,"N","EUR","2023",17.09122658,"A",false,null,null,"P1Y",{"$nulls":4},"S",null,null,3,"unspecified","Value of pos transactions with cards issued by non-resident PSPs at terminals acquired by non-resident psp - terminal located in: Bulgaria","Value of pos transactions with cards issued by non-resident PSPs at terminals acquired by non-resident psp - terminal located in: Bulgaria","EUR",6]
["PTT.A.AT.W1.BG.TRSO.1.2222.N.PN","A","AT","W1","BG","TRSO",1,2222,"N","PN","2014",0.094,"A",false,null,null,"P1Y",{"$nulls":4},"S",null,null,3,"unspecified","Number of pos transactions with cards issued by non-resident PSPs at terminals acquired by non-resident psp - terminal located in: Bulgaria","Number of pos transactions with cards issued by non-resident PSPs at terminals acquired by non-resident psp - terminal located in: Bulgaria","PN",6]
["PTT.A.AT.W1.BG.TRSO.1.2222.N.PN","A","AT","W1","BG","TRSO",1,2222,"N","PN","2015",0.081,"A",false,null,null,"P1Y",{"$nulls":4},"S",null,null,3,"unspecified","Number of pos transactions with cards issued by non-resident PSPs at terminals acquired by non-resident psp - terminal located in: Bulgaria","Number of pos transactions with cards issued by non-resident PSPs at terminals acquired by non-resident psp - terminal located in: Bulgaria","PN",6]
["PTT.A.AT.W1.BG.TRSO.1.2222.N.PN","A","AT","W1","BG","TRSO",1,2222,"N","PN","2016",0.095,"A",false,null,null,"P1Y",{"$nulls":4},"S",null,null,3,"unspecified","Number of pos transactions with cards issued by non-resident PSPs at terminals acquired by non-resident psp - terminal located in: Bulgaria","Number of pos transactions with cards issued by non-resident PSPs at terminals acquired by non-resident psp - terminal located in: Bulgaria","PN",6]
["PTT.A.AT.W1.BG.TRSO.1.2222.N.PN","A","AT","W1","BG","TRSO",1,2222,"N","PN","2017",0.116,"A",false,null,null,"P1Y",{"$nulls":4},"S",null,null,3,"unspecified","Number of pos transactions with cards issued by non-resident PSPs at terminals acquired by non-resident psp - terminal located in: Bulgaria","Number of pos transactions with cards issued by non-resident PSPs at terminals acquired by non-resident psp - terminal located in: Bulgaria","PN",6]
["PTT.A.AT.W1.BG.TRSO.1.2222.N.PN","A","AT","W1","BG","TRSO",1,2222,"N","PN","2018",0.147,"A",false,null,null,"P1Y",{"$nulls":4},"S",null,null,3,"unspecified","Number of pos transactions with cards issued by non-resident PSPs at terminals acquired by non-resident psp - terminal located in: Bulgaria","Number of pos transactions with cards issued by non-resident PSPs at terminals acquired by non-resident psp - terminal located in: Bulgaria","PN",6]
["PTT.A.AT.W1.BG.TRSO.1.2222.N.PN","A","AT","W1","BG","TRSO",1,2222,"N","PN","2019",0.155,"A",false,null,null,"P1Y",{"$nulls":4},"S",null,null,3,"unspecified","Number of pos transactions with cards issued by non-resident PSPs at terminals acquired by non-resident psp - terminal located in: Bulgaria","Number of pos transactions with cards issued by non-resident PSPs at terminals acquired by non-resident psp - terminal located in: Bulgaria","PN",6]
["PTT.A.AT.W1.BG.TRSO.1.2222.N.PN","A","AT","W1","BG","TRSO",1,2222,"N","PN","2020",0.086,"A",false,null,null,"P1Y",{"$nulls":4},"S",null,null,3,"unspecified","Number of pos transactions with cards issued by non-resident PSPs at terminals acquired by non-resident psp - terminal located in: Bulgaria","Number of pos transactions with cards issued by non-resident PSPs at terminals acquired by non-resident psp - terminal located in: Bulgaria","PN",6]
["PTT.A.AT.W1.BG.TRSO.1.2222.N.PN","A","AT","W1","BG","TRSO",1,2222,"N","PN","2021",0.165,"A",false,null,null,"P1Y",{"$nulls":4},"S",null,null,3,"unspecified","Number of pos transactions with cards issued by non-resident PSPs at terminals acquired by non-resident psp - terminal located in: Bulgaria","Number of pos transactions with cards issued by non-resident PSPs at terminals acquired by non-resident psp - terminal located in: Bulgaria","PN",6]
["PTT.A.AT.W1.BG.TRSO.1.2222.N.PN","A","AT","W1","BG","TRSO",1,2222,"N","PN","2022",0.240443,"A",false,null,null,"P1Y",{"$nulls":4},"S",null,null,3,"unspecified","Number of pos transactions with cards issued by non-resident PSPs at terminals acquired by non-resident psp - terminal located in: Bulgaria","Number of pos transactions with cards issued by non-resident PSPs at terminals acquired by non-resident psp - terminal located in: Bulgaria","PN",6]
["PTT.A.AT.W1.BG.TRSO.1.2222.N.PN","A","AT","W1","BG","TRSO",1,2222,"N","PN","2023",0.34405,"A",false,null,null,"P1Y",{"$nulls":4},"S",null,null,3,"unspecified","Number of pos transactions with cards issued by non-resident PSPs at terminals acquired by non-resident psp - terminal located in: Bulgaria","Number of pos transactions with cards issued by non-resident PSPs at terminals acquired by non-resident psp - terminal located in: Bulgaria","PN",6]
["PTT.A.AT.W1.BG.TRSO.2.2222.N.EUR","A","AT","W1","BG","TRSO",2,2222,"N","EUR","2014",null,"Q",false,null,null,"P1Y",{"$nulls":4},"S",null,null,3,null,"Value of POS transactions at terminals acquired by resident PSP - terminal located in: Bulgaria","Value of POS transactions at terminals acquired by resident PSP - terminal located in: Bulgaria","EUR",6]
["PTT.A.AT.W1.BG.TRSO.2.2222.N.EUR","A","AT","W1","BG","TRSO",2,2222,"N","EUR","2015",null,"Q",false,null,null,"P1Y",{"$nulls":4},"S",null,null,3,null,"Value of POS transactions at terminals acquired by resident PSP - terminal located in: Bulgaria","Value of POS transactions at terminals acquired by resident PSP - terminal located in: Bulgaria","EUR",6]
["PTT.A.AT.W1.BG.TRSO.2.2222.N.EUR","A","AT","W1","BG","TRSO",2,2222,"N","EUR","2016",null,"Q",false,null,null,"P1Y",{"$nulls":4},"S",null,null,3,null,"Value of POS transactions at terminals acquired by resident PSP - terminal located in: Bulgaria","Value of POS transactions at terminals acquired by resident PSP - terminal located in: Bulgaria","EUR",6]
["PTT.A.AT.W1.BG.TRSO.2.2222.N.EUR","A","AT","W1","BG","TRSO",2,2222,"N","EUR","2017",null,"Q",false,null,null,"P1Y",{"$nulls":4},"S",null,null,3,null,"Value of POS transactions at terminals acquired by resident PSP - terminal located in: Bulgaria","Value of POS transactions at terminals acquired by resident PSP - terminal located in: Bulgaria","EUR",6]
["PTT.A.AT.W1.BG.TRSO.2.2222.N.EUR","A","AT","W1","BG","TRSO",2,2222,"N","EUR","2018",null,"Q",false,null,null,"P1Y",{"$nulls":4},"S",null,null,3,null,"Value of POS transactions at terminals acquired by resident PSP - terminal located in: Bulgaria","Value of POS transactions at terminals acquired by resident PSP - terminal located in: Bulgaria","EUR",6]
["PTT.A.AT.W1.BG.TRSO.2.2222.N.EUR","A","AT","W1","BG","TRSO",2,2222,"N","EUR","2019",null,"M",false,null,null,"P1Y",{"$nulls":4},"S",null,null,3,null,"Value of POS transactions at terminals acquired by resident PSP - terminal located in: Bulgaria","Value of POS transactions at terminals acquired by resident PSP - terminal located in: Bulgaria","EUR",6]
["PTT.A.AT.W1.BG.TRSO.2.2222.N.EUR","A","AT","W1","BG","TRSO",2,2222,"N","EUR","2020",null,"M",false,null,null,"P1Y",{"$nulls":4},"S",null,null,3,null,"Value of POS transactions at terminals acquired by resident PSP - terminal located in: Bulgaria","Value of POS transactions at terminals acquired by resident PSP - terminal located in: Bulgaria","EUR",6]
["PTT.A.AT.W1.BG.TRSO.2.2222.N.EUR","A","AT","W1","BG","TRSO",2,2222,"N","EUR","2021",null,"M",false,null,null,"P1Y",{"$nulls":4},"S",null,null,3,null,"Value of POS transactions at terminals acquired by resident PSP - terminal located in: Bulgaria","Value of POS transactions at terminals acquired by resident PSP - terminal located in: Bulgaria","EUR",6]
["PTT.A.AT.W1.BG.TRSO.2.2222.N.EUR","A","AT","W1","BG","TRSO",2,2222,"N","EUR","2022",0.05325278999999999,"A",false,null,null,"P1Y",{"$nulls":4},"S",null,null,3,null,"Value of POS transactions at terminals acquired by resident PSP - terminal located in: Bulgaria","Value of POS transactions at terminals acquired by resident PSP - terminal located in: Bulgaria","EUR",6]
["PTT.A.AT.W1.BG.TRSO.2.2222.N.EUR","A","AT","W1","BG","TRSO",2,2222,"N","EUR","2023",0.13823702,"A",false,null,null,"P1Y",{"$nulls":4},"S",null,null,3,null,"Value of POS transactions at terminals acquired by resident PSP - terminal located in: Bulgaria","Value of POS transactions at terminals acquired by resident PSP - terminal located in: Bulgaria","EUR",6]
["PTT.A.AT.W1.BG.TRSO.2.2222.N.PN","A","AT","W1","BG","TRSO",2,2222,"N","PN","2014",null,"Q",false,null,null,"P1Y",{"$nulls":4},"S",null,null,3,null,"Number of POS transactions at terminals acquired by resident PSP - terminal located in: Bulgaria","Number of POS transactions at terminals acquired by resident PSP - terminal located in: Bulgaria","PN",6]
["PTT.A.AT.W1.BG.TRSO.2.2222.N.PN","A","AT","W1","BG","TRSO",2,2222,"N","PN","2015",null,"Q",false,null,null,"P1Y",{"$nulls":4},"S",null,null,3,null,"Number of POS transactions at terminals acquired by resident PSP - terminal located in: Bulgaria","Number of POS transactions at terminals acquired by resident PSP - terminal located in: Bulgaria","PN",6]
["PTT.A.AT.W1.BG.TRSO.2.2222.N.PN","A","AT","W1","BG","TRSO",2,2222,"N","PN","2016",null,"Q",false,null,null,"P1Y",{"$nulls":4},"S",null,null,3,null,"Number of POS transactions at terminals acquired by resident PSP - terminal located in: Bulgaria","Number of POS transactions at terminals acquired by resident PSP - terminal located in: Bulgaria","PN",6]
["PTT.A.AT.W1.BG.TRSO.2.2222.N.PN","A","AT","W1","BG","TRSO",2,2222,"N","PN","2017",null,"Q",false,null,null,"P1Y",{"$nulls":4},"S",null,null,3,null,"Number of POS transactions at terminals acquired by resident PSP - terminal located in: Bulgaria","Number of POS transactions at terminals acquired by resident PSP - terminal located in: Bulgaria","PN",6]
["PTT.A.AT.W1.BG.TRSO.2.2222.N.PN","A","AT","W1","BG","TRSO",2,2222,"N","PN","2018",null,"Q",false,null,null,"P1Y",{"$nulls":4},"S",null,null,3,null,"Number of POS transactions at terminals acquired by resident PSP - terminal located in: Bulgaria","Number of POS transactions at terminals acquired by resident PSP - terminal located in: Bulgaria","PN",6]
["PTT.A.AT.W1.BG.TRSO.2.2222.N.PN","A","AT","W1","BG","TRSO",2,2222,"N","PN","2019",null,"M",false,null,null,"P1Y",{"$nulls":4},"S",null,null,3,null,"Number of POS transactions at terminals acquired by resident PSP - terminal located in: Bulgaria","Number of POS transactions at terminals acquired by resident PSP - terminal located in: Bulgaria","PN",6]
["PTT.A.AT.W1.BG.TRSO.2.2222.N.PN","A","AT","W1","BG","TRSO",2,2222,"N","PN","2020",null,"M",false,null,null,"P1Y",{"$nulls":4},"S",null,null,3,null,"Number of POS transactions at terminals acquired by resident PSP - terminal located in: Bulgaria","Number of POS transactions at terminals acquired by resident PSP - terminal located in: Bulgaria","PN",6]
["PTT.A.AT.W1.BG.TRSO.2.2222.N.PN","A","AT","W1","BG","TRSO",2,2222,"N","PN","2021",null,"M",false,null,null,"P1Y",{"$nulls":4},"S",null,null,3,null,"Number of POS transactions at terminals acquired by resident PSP - terminal located in: Bulgaria","Number of POS transactions at terminals acquired by resident PSP - terminal located in: Bulgaria","PN",6]
["PTT.A.AT.W1.BG.TRSO.2.2222.N.PN","A","AT","W1","BG","TRSO",2,2222,"N","PN","2022",0.000398,"A",false,null,null,"P1Y",{"$nulls":4},"S",null,null,3,null,"Number of POS transactions at terminals acquired by resident PSP - terminal located in: Bulgaria","Number of POS transactions at terminals acquired by resident PSP - terminal located in: Bulgaria","PN",6]
["PTT.A.AT.W1.BG.TRSO.2.2222.N.PN","A","AT","W1","BG","TRSO",2,2222,"N","PN","2023",0.00071,"A",false,null,null,"P1Y",{"$nulls":4},"S",null,null,3,null,"Number of POS transactions at terminals acquired by resident PSP - terminal located in: Bulgaria","Number of POS transactions at terminals acquired by resident PSP - terminal located in: Bulgaria","PN",6]
["PTT.A.AT.W1.BG._T.1.2220.N.EUR","A","AT","W1","BG","_T",1,2220,"N","EUR","2014",18.545,"A",false,null,null,"P1Y",{"$nulls":4},"S",null,null,3,"unspecified","Value of total transactions with cards issued by non-resident PSPs at terminals acquired by non-resident psp - terminal located in: Bulgaria","Value of total transactions with cards issued by non-resident PSPs at terminals acquired by non-resident psp - terminal located in: Bulgaria","EUR",6]
["PTT.A.AT.W1.BG._T.1.2220.N.EUR","A","AT","W1","BG","_T",1,2220,"N","EUR","2015",15.179,"A",false,null,null,"P1Y",{"$nulls":4},"S",null,null,3,"unspecified","Value of total transactions with cards issued by non-resident PSPs at terminals acquired by non-resident psp - terminal located in: Bulgaria","Value of total transactions with cards issued by non-resident PSPs at terminals acquired by non-resident psp - terminal located in: Bulgaria","EUR",6]
["PTT.A.AT.W1.BG._T.1.2220.N.EUR","A","AT","W1","BG","_T",1,2220,"N","EUR","2016",16.633,"A",false,null,null,"P1Y",{"$nulls":4},"S",null,null,3,"unspecified","Value of total transactions with cards issued by non-resident PSPs at terminals acquired by non-resident psp - terminal located in: Bulgaria","Value of total transactions with cards issued by non-resident PSPs at terminals acquired by non-resident psp - terminal located in: Bulgaria","EUR",6]
["PTT.A.AT.W1.BG._T.1.2220.N.EUR","A","AT","W1","BG","_T",1,2220,"N","EUR","2017",18.799,"A",false,null,null,"P1Y",{"$nulls":4},"S",null,null,3,"unspecified","Value of total transactions with cards issued by non-resident PSPs at terminals acquired by non-resident psp - terminal located in: Bulgaria","Value of total transactions with cards issued by non-resident PSPs at terminals acquired by non-resident psp - terminal located in: Bulgaria","EUR",6]
["PTT.A.AT.W1.BG._T.1.2220.N.EUR","A","AT","W1","BG","_T",1,2220,"N","EUR","2018",21.3,"A",false,null,null,"P1Y",{"$nulls":4},"S",null,null,3,"unspecified","Value of total transactions with cards issued by non-resident PSPs at terminals acquired by non-resident psp - terminal located in: Bulgaria","Value of total transactions with cards issued by non-resident PSPs at terminals acquired by non-resident psp - terminal located in: Bulgaria","EUR",6]
["PTT.A.AT.W1.BG._T.1.2220.N.EUR","A","AT","W1","BG","_T",1,2220,"N","EUR","2019",21.381,"A",false,null,null,"P1Y",{"$nulls":4},"S",null,null,3,"unspecified","Value of total transactions with cards issued by non-resident PSPs at terminals acquired by non-resident psp - terminal located in: Bulgaria","Value of total transactions with cards issued by non-resident PSPs at terminals acquired by non-resident psp - terminal located in: Bulgaria","EUR",6]
["PTT.A.AT.W1.BG._T.1.2220.N.EUR","A","AT","W1","BG","_T",1,2220,"N","EUR","2020",12.064,"A",false,null,null,"P1Y",{"$nulls":4},"S",null,null,3,"unspecified","Value of total transactions with cards issued by non-resident PSPs at terminals acquired by non-resident psp - terminal located in: Bulgaria","Value of total transactions with cards issued by non-resident PSPs at terminals acquired by non-resident psp - terminal located in: Bulgaria","EUR",6]
["PTT.A.AT.W1.BG._T.1.2220.N.EUR","A","AT","W1","BG","_T",1,2220,"N","EUR","2021",20.161,"A",false,null,null,"P1Y",{"$nulls":4},"S",null,null,3,"unspecified","Value of total transactions with cards issued by non-resident PSPs at terminals acquired by non-resident psp - terminal located in: Bulgaria","Value of total transactions with cards issued by non-resident PSPs at terminals acquired by non-resident psp - terminal located in: Bulgaria","EUR",6]
["PTT.A.AT.W1.BG._T.1.2220.N.EUR","A","AT","W1","BG","_T",1,2220,"N","EUR","2022",26.02531047,"A",false,null,null,"P1Y",{"$nulls":4},"S",null,null,3,"unspecified","Value of total transactions with cards issued by non-resident PSPs at terminals acquired by non-resident psp - terminal located in: Bulgaria","Value of total transactions with cards issued by non-resident PSPs at terminals acquired by non-resident psp - terminal located in: Bulgaria","EUR",6]
["PTT.A.AT.W1.BG._T.1.2220.N.EUR","A","AT","W1","BG","_T",1,2220,"N","EUR","2023",30.09277203,"A",false,null,null,"P1Y",{"$nulls":4},"S",null,null,3,"unspecified","Value of total transactions with cards issued by non-resident PSPs at terminals acquired by non-resident psp - terminal located in: Bulgaria","Value of total transactions with cards issued by non-resident PSPs at terminals acquired by non-resident psp - terminal located in: Bulgaria","EUR",6]
["PTT.A.AT.W1.BG._T.1.2220.N.PN","A","AT","W1","BG","_T",1,2220,"N","PN","2014",0.186,"A",false,null,null,"P1Y",{"$nulls":4},"S",null,null,3,"unspecified","Number of total transactions with cards issued by non-resident PSPs at terminals acquired by non-resident psp - terminal located in: Bulgaria","Number of total transactions with cards issued by non-resident PSPs at terminals acquired by non-resident psp - terminal located in: Bulgaria","PN",6]
["PTT.A.AT.W1.BG._T.1.2220.N.PN","A","AT","W1","BG","_T",1,2220,"N","PN","2015",0.157,"A",false,null,null,"P1Y",{"$nulls":4},"S",null,null,3,"unspecified","Number of total transactions with cards issued by non-resident PSPs at terminals acquired by non-resident psp - terminal located in: Bulgaria","Number of total transactions with cards issued by non-resident PSPs at terminals acquired by non-resident psp - terminal located in: Bulgaria","PN",6]
["PTT.A.AT.W1.BG._T.1.2220.N.PN","A","AT","W1","BG","_T",1,2220,"N","PN","2016",0.18,"A",false,null,null,"P1Y",{"$nulls":4},"S",null,null,3,"unspecified","Number of total transactions with cards issued by non-resident PSPs at terminals acquired by non-resident psp - terminal located in: Bulgaria","Number of total transactions with cards issued by non-resident PSPs at terminals acquired by non-resident psp - terminal located in: Bulgaria","PN",6]
["PTT.A.AT.W1.BG._T.1.2220.N.PN","A","AT","W1","BG","_T",1,2220,"N","PN","2017",0.208,"A",false,null,null,"P1Y",{"$nulls":4},"S",null,null,3,"unspecified","Number of total transactions with cards issued by non-resident PSPs at terminals acquired by non-resident psp - terminal located in: Bulgaria","Number of total transactions with cards issued by non-resident PSPs at terminals acquired by non-resident psp - terminal located in: Bulgaria","PN",6]
["PTT.A.AT.W1.BG._T.1.2220.N.PN","A","AT","W1","BG","_T",1,2220,"N","PN","2018",0.247,"A",false,null,null,"P1Y",{"$nulls":4},"S",null,null,3,"unspecified","Number of total transactions with cards issued by non-resident PSPs at terminals acquired by non-resident psp - terminal located in: Bulgaria","Number of total transactions with cards issued by non-resident PSPs at terminals acquired by non-resident psp - terminal located in: Bulgaria","PN",6]
["PTT.A.AT.W1.BG._T.1.2220.N.PN","A","AT","W1","BG","_T",1,2220,"N","PN","2019",0.249,"A",false,null,null,"P1Y",{"$nulls":4},"S",null,null,3,"unspecified","Number of total transactions with cards issued by non-resident PSPs at terminals acquired by non-resident psp - terminal located in: Bulgaria","Number of total transactions with cards issued by non-resident PSPs at terminals acquired by non-resident psp - terminal located in: Bulgaria","PN",6]
["PTT.A.AT.W1.BG._T.1.2220.N.PN","A","AT","W1","BG","_T",1,2220,"N","PN","2020",0.138,"A",false,null,null,"P1Y",{"$nulls":4},"S",null,null,3,"unspecified","Number of total transactions with cards issued by non-resident PSPs at terminals acquired by non-resident psp - terminal located in: Bulgaria","Number of total transactions with cards issued by non-resident PSPs at terminals acquired by non-resident psp - terminal located in: Bulgaria","PN",6]
["PTT.A.AT.W1.BG._T.1.2220.N.PN","A","AT","W1","BG","_T",1,2220,"N","PN","2021",0.243,"A",false,null,null,"P1Y",{"$nulls":4},"S",null,null,3,"unspecified","Number of total transactions with cards issued by non-resident PSPs at terminals acquired by non-resident psp - terminal located in: Bulgaria","Number of total transactions with cards issued by non-resident PSPs at terminals acquired by non-resident psp - terminal located in: Bulgaria","PN",6]
["PTT.A.AT.W1.BG._T.1.2220.N.PN","A","AT","W1","BG","_T",1,2220,"N","PN","2022",0.328749,"A",false,null,null,"P1Y",{"$nulls":4},"S",null,null,3,"unspecified","Number of total transactions with cards issued by non-resident PSPs at terminals acquired by non-resident psp - terminal located in: Bulgaria","Number of total transactions with cards issued by non-resident PSPs at terminals acquired by non-resident psp - terminal located in: Bulgaria","PN",6]
["PTT.A.AT.W1.BG._T.1.2220.N.PN","A","AT","W1","BG","_T",1,2220,"N","PN","2023",0.434387,"A",false,null,null,"P1Y",{"$nulls":4},"S",null,null,3,"unspecified","Number of total transactions with cards issued by non-resident PSPs at terminals acquired by non-resident psp - terminal located in: Bulgaria","Number of total transactions with cards issued by non-resident PSPs at terminals acquired by non-resident psp - terminal located in: Bulgaria","PN",6]
["PTT.A.AT.W1.BG._T.2.2220.N.EUR","A","AT","W1","BG","_T",2,2220,"N","EUR","2014",null,"Q",false,null,null,"P1Y",{"$nulls":4},"S",null,null,3,null,"Value of total transactions at terminals acquired by resident PSP - terminal located in: Bulgaria","Value of total transactions at terminals acquired by resident PSP - terminal located in: Bulgaria","EUR",6]
["PTT.A.AT.W1.BG._T.2.2220.N.EUR","A","AT","W1","BG","_T",2,2220,"N","EUR","2015",null,"Q",false,null,null,"P1Y",{"$nulls":4},"S",null,null,3,null,"Value of total transactions at terminals acquired by resident PSP - terminal located in: Bulgaria","Value of total transactions at terminals acquired by resident PSP - terminal located in: Bulgaria","EUR",6]
["PTT.A.AT.W1.BG._T.2.2220.N.EUR","A","AT","W1","BG","_T",2,2220,"N","EUR","2016",null,"Q",false,null,null,"P1Y",{"$nulls":4},"S",null,null,3,null,"Value of total transactions at terminals acquired by resident PSP - terminal located in: Bulgaria","Value of total transactions at terminals acquired by resident PSP - terminal located in: Bulgaria","EUR",6]
["PTT.A.AT.W1.BG._T.2.2220.N.EUR","A","AT","W1","BG","_T",2,2220,"N","EUR","2017",null,"Q",false,null,null,"P1Y",{"$nulls":4},"S",null,null,3,null,"Value of total transactions at terminals acquired by resident PSP - terminal located in: Bulgaria","Value of total transactions at terminals acquired by resident PSP - terminal located in: Bulgaria","EUR",6]
["PTT.A.AT.W1.BG._T.2.2220.N.EUR","A","AT","W1","BG","_T",2,2220,"N","EUR","2018",null,"Q",false,null,null,"P1Y",{"$nulls":4},"S",null,null,3,null,"Value of total transactions at terminals acquired by resident PSP - terminal located in: Bulgaria","Value of total transactions at terminals acquired by resident PSP - terminal located in: Bulgaria","EUR",6]
["PTT.A.AT.W1.BG._T.2.2220.N.EUR","A","AT","W1","BG","_T",2,2220,"N","EUR","2019",null,"M",false,null,null,"P1Y",{"$nulls":4},"S",null,null,3,null,"Value of total transactions at terminals acquired by resident PSP - terminal located in: Bulgaria","Value of total transactions at terminals acquired by resident PSP - terminal located in: Bulgaria","EUR",6]
["PTT.A.AT.W1.BG._T.2.2220.N.EUR","A","AT","W1","BG","_T",2,2220,"N","EUR","2020",null,"M",false,null,null,"P1Y",{"$nulls":4},"S",null,null,3,null,"Value of total transactions at terminals acquired by resident PSP - terminal located in: Bulgaria","Value of total transactions at terminals acquired by resident PSP - terminal located in: Bulgaria","EUR",6]
["PTT.A.AT.W1.BG._T.2.2220.N.EUR","A","AT","W1","BG","_T",2,2220,"N","EUR","2021",null,"M",false,null,null,"P1Y",{"$nulls":4},"S",null,null,3,null,"Value of total transactions at terminals acquired by resident PSP - terminal located in: Bulgaria","Value of total transactions at terminals acquired by resident PSP - terminal located in: Bulgaria","EUR",6]
["PTT.A.AT.W1.BG._T.2.2220.N.EUR","A","AT","W1","BG","_T",2,2220,"N","EUR","2022",0.05325278999999999,"A",false,null,null,"P1Y",{"$nulls":4},"S",null,null,3,null,"Value of total transactions at terminals acquired by resident PSP - terminal located in: Bulgaria","Value of total transactions at terminals acquired by resident PSP - terminal located in: Bulgaria","EUR",6]
["PTT.A.AT.W1.BG._T.2.2220.N.EUR","A","AT","W1","BG","_T",2,2220,"N","EUR","2023",0.13823702,"A",false,null,null,"P1Y",{"$nulls":4},"S",null,null,3,null,"Value of total transactions at terminals acquired by resident PSP - terminal located in: Bulgaria","Value of total transactions at terminals acquired by resident PSP - terminal located in: Bulgaria","EUR",6]
["PTT.A.AT.W1.BG._T.2.2220.N.PN","A","AT","W1","BG","_T",2,2220,"N","PN","2014",null,"Q",false,null,null,"P1Y",{"$nulls":4},"S",null,null,3,null,"Number of total transactions at terminals acquired by resident PSP - terminal located in: Bulgaria","Number of total transactions at terminals acquired by resident PSP - terminal located in: Bulgaria","PN",6]
["PTT.A.AT.W1.BG._T.2.2220.N.PN","A","AT","W1","BG","_T",2,2220,"N","PN","2015",null,"Q",false,null,null,"P1Y",{"$nulls":4},"S",null,null,3,null,"Number of total transactions at terminals acquired by resident PSP - terminal located in: Bulgaria","Number of total transactions at terminals acquired by resident PSP - terminal located in: Bulgaria","PN",6]
["PTT.A.AT.W1.BG._T.2.2220.N.PN","A","AT","W1","BG","_T",2,2220,"N","PN","2016",null,"Q",false,null,null,"P1Y",{"$nulls":4},"S",null,null,3,null,"Number of total transactions at terminals acquired by resident PSP - terminal located in: Bulgaria","Number of total transactions at terminals acquired by resident PSP - terminal located in: Bulgaria","PN",6]
["PTT.A.AT.W1.BG._T.2.2220.N.PN","A","AT","W1","BG","_T",2,2220,"N","PN","2017",null,"Q",false,null,null,"P1Y",{"$nulls":4},"S",null,null,3,null,"Number of total transactions at terminals acquired by resident PSP - terminal located in: Bulgaria","Number of total transactions at terminals acquired by resident PSP - terminal located in: Bulgaria","PN",6]
["PTT.A.AT.W1.BG._T.2.2220.N.PN","A","AT","W1","BG","_T",2,2220,"N","PN","2018",null,"Q",false,null,null,"P1Y",{"$nulls":4},"S",null,null,3,null,"Number of total transactions at terminals acquired by resident PSP - terminal located in: Bulgaria","Number of total transactions at terminals acquired by resident PSP - terminal located in: Bulgaria","PN",6]
["PTT.A.AT.W1.BG._T.2.2220.N.PN","A","AT","W1","BG","_T",2,2220,"N","PN","2019",null,"M",false,null,null,"P1Y",{"$nulls":4},"S",null,null,3,null,"Number of total transactions at terminals acquired by resident PSP - terminal located in: Bulgaria","Number of total transactions at terminals acquired by resident PSP - terminal located in: Bulgaria","PN",6]
["PTT.A.AT.W1.BG._T.2.2220.N.PN","A","AT","W1","BG","_T",2,2220,"N","PN","2020",null,"M",false,null,null,"P1Y",{"$nulls":4},"S",null,null,3,null,"Number of total transactions at terminals acquired by resident PSP - terminal located in: Bulgaria","Number of total transactions at terminals acquired by resident PSP - terminal located in: Bulgaria","PN",6]
["PTT.A.AT.W1.BG._T.2.2220.N.PN","A","AT","W1","BG","_T",2,2220,"N","PN","2021",null,"M",false,null,null,"P1Y",{"$nulls":4},"S",null,null,3,null,"Number of total transactions at terminals acquired by resident PSP - terminal located in: Bulgaria","Number of total transactions at terminals acquired by resident PSP - terminal located in: Bulgaria","PN",6]
["PTT.A.AT.W1.BG._T.2.2220.N.PN","A","AT","W1","BG","_T",2,2220,"N","PN","2022",0.000398,"A",false,null,null,"P1Y",{"$nulls":4},"S",null,null,3,null,"Number of total transactions at terminals acquired by resident PSP - terminal located in: Bulgaria","Number of total transactions at terminals acquired by resident PSP - terminal located in: Bulgaria","PN",6]
["PTT.A.AT.W1.BG._T.2.2220.N.PN","A","AT","W1","BG","_T",2,2220,"N","PN","2023",0.00071,"A",false,null,null,"P1Y",{"$nulls":4},"S",null,null,3,null,"Number of total transactions at terminals acquired by resident PSP - terminal located in: Bulgaria","Number of total transactions at terminals acquired by resident PSP - terminal located in: Bulgaria","PN",6]
["PTT.A.AT.W1.CY.CD1.1.2221.N.EUR","A","AT","W1","CY","CD1",1,2221,"N","EUR","2014",null,"M",false,null,null,"P1Y",{"$nulls":4},"S",null,null,3,null,"Value of ATM cash deposits at terminals acquired by non-resident PSP - terminal located in: Cyprus","Value of ATM cash deposits at terminals acquired by non-resident PSP - terminal located in: Cyprus","EUR",6]
["PTT.A.AT.W1.CY.CD1.1.2221.N.EUR","A","AT","W1","CY","CD1",1,2221,"N","EUR","2015",null,"M",false,null,null,"P1Y",{"$nulls":4},"S",null,null,3,null,"Value of ATM cash deposits at terminals acquired by non-resident PSP - terminal located in: Cyprus","Value of ATM cash deposits at terminals acquired by non-resident PSP - terminal located in: Cyprus","EUR",6]
["PTT.A.AT.W1.CY.CD1.1.2221.N.EUR","A","AT","W1","CY","CD1",1,2221,"N","EUR","2016",null,"M",false,null,null,"P1Y",{"$nulls":4},"S",null,null,3,null,"Value of ATM cash deposits at terminals acquired by non-resident PSP - terminal located in: Cyprus","Value of ATM cash deposits at terminals acquired by non-resident PSP - terminal located in: Cyprus","EUR",6]
["PTT.A.AT.W1.CY.CD1.1.2221.N.EUR","A","AT","W1","CY","CD1",1,2221,"N","EUR","2017",null,"M",false,null,null,"P1Y",{"$nulls":4},"S",null,null,3,null,"Value of ATM cash deposits at terminals acquired by non-resident PSP - terminal located in: Cyprus","Value of ATM cash deposits at terminals acquired by non-resident PSP - terminal located in: Cyprus","EUR",6]
["PTT.A.AT.W1.CY.CD1.1.2221.N.EUR","A","AT","W1","CY","CD1",1,2221,"N","EUR","2018",null,"M",false,null,null,"P1Y",{"$nulls":4},"S",null,null,3,null,"Value of ATM cash deposits at terminals acquired by non-resident PSP - terminal located in: Cyprus","Value of ATM cash deposits at terminals acquired by non-resident PSP - terminal located in: Cyprus","EUR",6]
["PTT.A.AT.W1.CY.CD1.1.2221.N.EUR","A","AT","W1","CY","CD1",1,2221,"N","EUR","2019",null,"M",false,null,null,"P1Y",{"$nulls":4},"S",null,null,3,null,"Value of ATM cash deposits at terminals acquired by non-resident PSP - terminal located in: Cyprus","Value of ATM cash deposits at terminals acquired by non-resident PSP - terminal located in: Cyprus","EUR",6]
["PTT.A.AT.W1.CY.CD1.1.2221.N.EUR","A","AT","W1","CY","CD1",1,2221,"N","EUR","2020",null,"M",false,null,null,"P1Y",{"$nulls":4},"S",null,null,3,null,"Value of ATM cash deposits at terminals acquired by non-resident PSP - terminal located in: Cyprus","Value of ATM cash deposits at terminals acquired by non-resident PSP - terminal located in: Cyprus","EUR",6]
["PTT.A.AT.W1.CY.CD1.1.2221.N.EUR","A","AT","W1","CY","CD1",1,2221,"N","EUR","2021",null,"M",false,null,null,"P1Y",{"$nulls":4},"S",null,null,3,null,"Value of ATM cash deposits at terminals acquired by non-resident PSP - terminal located in: Cyprus","Value of ATM cash deposits at terminals acquired by non-resident PSP - terminal located in: Cyprus","EUR",6]
["PTT.A.AT.W1.CY.CD1.1.2221.N.EUR","A","AT","W1","CY","CD1",1,2221,"N","EUR","2022",0,"A",false,null,null,"P1Y",{"$nulls":4},"S",null,null,3,null,"Value of ATM cash deposits at terminals acquired by non-resident PSP - terminal located in: Cyprus","Value of ATM cash deposits at terminals acquired by non-resident PSP - terminal located in: Cyprus","EUR",6]
["PTT.A.AT.W1.CY.CD1.1.2221.N.EUR","A","AT","W1","CY","CD1",1,2221,"N","EUR","2023",null,"Q",false,null,null,"P1Y",{"$nulls":4},"S",null,null,3,null,"Value of ATM cash deposits at terminals acquired by non-resident PSP - terminal located in: Cyprus","Value of ATM cash deposits at terminals acquired by non-resident PSP - terminal located in: Cyprus","EUR",6]
["PTT.A.AT.W1.CY.CD1.1.2221.N.PN","A","AT","W1","CY","CD1",1,2221,"N","PN","2014",null,"M",false,null,null,"P1Y",{"$nulls":4},"S",null,null,3,null,"Number of ATM cash deposits at terminals acquired by non-resident PSP - terminal located in: Cyprus","Number of ATM cash deposits at terminals acquired by non-resident PSP - terminal located in: Cyprus","PN",6]
["PTT.A.AT.W1.CY.CD1.1.2221.N.PN","A","AT","W1","CY","CD1",1,2221,"N","PN","2015",null,"M",false,null,null,"P1Y",{"$nulls":4},"S",null,null,3,null,"Number of ATM cash deposits at terminals acquired by non-resident PSP - terminal located in: Cyprus","Number of ATM cash deposits at terminals acquired by non-resident PSP - terminal located in: Cyprus","PN",6]
["PTT.A.AT.W1.CY.CD1.1.2221.N.PN","A","AT","W1","CY","CD1",1,2221,"N","PN","2016",null,"M",false,null,null,"P1Y",{"$nulls":4},"S",null,null,3,null,"Number of ATM cash deposits at terminals acquired by non-resident PSP - terminal located in: Cyprus","Number of ATM cash deposits at terminals acquired by non-resident PSP - terminal located in: Cyprus","PN",6]
["PTT.A.AT.W1.CY.CD1.1.2221.N.PN","A","AT","W1","CY","CD1",1,2221,"N","PN","2017",null,"M",false,null,null,"P1Y",{"$nulls":4},"S",null,null,3,null,"Number of ATM cash deposits at terminals acquired by non-resident PSP - terminal located in: Cyprus","Number of ATM cash deposits at terminals acquired by non-resident PSP - terminal located in: Cyprus","PN",6]
["PTT.A.AT.W1.CY.CD1.1.2221.N.PN","A","AT","W1","CY","CD1",1,2221,"N","PN","2018",null,"M",false,null,null,"P1Y",{"$nulls":4},"S",null,null,3,null,"Number of ATM cash deposits at terminals acquired by non-resident PSP - terminal located in: Cyprus","Number of ATM cash deposits at terminals acquired by non-resident PSP - terminal located in: Cyprus","PN",6]
["PTT.A.AT.W1.CY.CD1.1.2221.N.PN","A","AT","W1","CY","CD1",1,2221,"N","PN","2019",null,"M",false,null,null,"P1Y",{"$nulls":4},"S",null,null,3,null,"Number of ATM cash deposits at terminals acquired by non-resident PSP - terminal located in: Cyprus","Number of ATM cash deposits at terminals acquired by non-resident PSP - terminal located in: Cyprus","PN",6]
["PTT.A.AT.W1.CY.CD1.1.2221.N.PN","A","AT","W1","CY","CD1",1,2221,"N","PN","2020",null,"M",false,null,null,"P1Y",{"$nulls":4},"S",null,null,3,null,"Number of ATM cash deposits at terminals acquired by non-resident PSP - terminal located in: Cyprus","Number of ATM cash deposits at terminals acquired by non-resident PSP - terminal located in: Cyprus","PN",6]
["PTT.A.AT.W1.CY.CD1.1.2221.N.PN","A","AT","W1","CY","CD1",1,2221,"N","PN","2021",null,"M",false,null,null,"P1Y",{"$nulls":4},"S",null,null,3,null,"Number of ATM cash deposits at terminals acquired by non-resident PSP - terminal located in: Cyprus","Number of ATM cash deposits at terminals acquired by non-resident PSP - terminal located in: Cyprus","PN",6]
["PTT.A.AT.W1.CY.CD1.1.2221.N.PN","A","AT","W1","CY","CD1",1,2221,"N","PN","2022",0,"A",false,null,null,"P1Y",{"$nulls":4},"S",null,null,3,null,"Number of ATM cash deposits at terminals acquired by non-resident PSP - terminal located in: Cyprus","Number of ATM cash deposits at terminals acquired by non-resident PSP - terminal located in: Cyprus","PN",6]
["PTT.A.AT.W1.CY.CD1.1.2221.N.PN","A","AT","W1","CY","CD1",1,2221,"N","PN","2023",null,"Q",false,null,null,"P1Y",{"$nulls":4},"S",null,null,3,null,"Number of ATM cash deposits at terminals acquired by non-resident PSP - terminal located in: Cyprus","Number of ATM cash deposits at terminals acquired by non-resident PSP - terminal located in: Cyprus","PN",6]
["PTT.A.AT.W1.CY.CD1.2.2221.N.EUR","A","AT","W1","CY","CD1",2,2221,"N","EUR","2014",null,"M",false,null,null,"P1Y",{"$nulls":4},"S",null,null,3,null,"Value of ATM cash deposits at terminals acquired by resident PSP - terminal located in: Cyprus","Value of ATM cash deposits at terminals acquired by resident PSP - terminal located in: Cyprus","EUR",6]
["PTT.A.AT.W1.CY.CD1.2.2221.N.EUR","A","AT","W1","CY","CD1",2,2221,"N","EUR","2015",null,"M",false,null,null,"P1Y",{"$nulls":4},"S",null,null,3,null,"Value of ATM cash deposits at terminals acquired by resident PSP - terminal located in: Cyprus","Value of ATM cash deposits at terminals acquired by resident PSP - terminal located in: Cyprus","EUR",6]
["PTT.A.AT.W1.CY.CD1.2.2221.N.EUR","A","AT","W1","CY","CD1",2,2221,"N","EUR","2016",null,"M",false,null,null,"P1Y",{"$nulls":4},"S",null,null,3,null,"Value of ATM cash deposits at terminals acquired by resident PSP - terminal located in: Cyprus","Value of ATM cash deposits at terminals acquired by resident PSP - terminal located in: Cyprus","EUR",6]
["PTT.A.AT.W1.CY.CD1.2.2221.N.EUR","A","AT","W1","CY","CD1",2,2221,"N","EUR","2017",null,"M",false,null,null,"P1Y",{"$nulls":4},"S",null,null,3,null,"Value of ATM cash deposits at terminals acquired by resident PSP - terminal located in: Cyprus","Value of ATM cash deposits at terminals acquired by resident PSP - terminal located in: Cyprus","EUR",6]
["PTT.A.AT.W1.CY.CD1.2.2221.N.EUR","A","AT","W1","CY","CD1",2,2221,"N","EUR","2018",null,"M",false,null,null,"P1Y",{"$nulls":4},"S",null,null,3,null,"Value of ATM cash deposits at terminals acquired by resident PSP - terminal located in: Cyprus","Value of ATM cash deposits at terminals acquired by resident PSP - terminal located in: Cyprus","EUR",6]
["PTT.A.AT.W1.CY.CD1.2.2221.N.EUR","A","AT","W1","CY","CD1",2,2221,"N","EUR","2019",null,"M",false,null,null,"P1Y",{"$nulls":4},"S",null,null,3,null,"Value of ATM cash deposits at terminals acquired by resident PSP - terminal located in: Cyprus","Value of ATM cash deposits at terminals acquired by resident PSP - terminal located in: Cyprus","EUR",6]
["PTT.A.AT.W1.CY.CD1.2.2221.N.EUR","A","AT","W1","CY","CD1",2,2221,"N","EUR","2020",null,"M",false,null,null,"P1Y",{"$nulls":4},"S",null,null,3,null,"Value of ATM cash deposits at terminals acquired by resident PSP - terminal located in: Cyprus","Value of ATM cash deposits at terminals acquired by resident PSP - terminal located in: Cyprus","EUR",6]
["PTT.A.AT.W1.CY.CD1.2.2221.N.EUR","A","AT","W1","CY","CD1",2,2221,"N","EUR","2021",null,"M",false,null,null,"P1Y",{"$nulls":4},"S",null,null,3,null,"Value of ATM cash deposits at terminals acquired by resident PSP - terminal located in: Cyprus","Value of ATM cash deposits at terminals acquired by resident PSP - terminal located in: Cyprus","EUR",6]
["PTT.A.AT.W1.CY.CD1.2.2221.N.EUR","A","AT","W1","CY","CD1",2,2221,"N","EUR","2022",0,"A",false,null,null,"P1Y",{"$nulls":4},"S",null,null,3,null,"Value of ATM cash deposits at terminals acquired by resident PSP - terminal located in: Cyprus","Value of ATM cash deposits at terminals acquired by resident PSP - terminal located in: Cyprus","EUR",6]
["PTT.A.AT.W1.CY.CD1.2.2221.N.EUR","A","AT","W1","CY","CD1",2,2221,"N","EUR","2023",0,"A",false,null,null,"P1Y",{"$nulls":4},"S",null,null,3,null,"Value of ATM cash deposits at terminals acquired by resident PSP - terminal located in: Cyprus","Value of ATM cash deposits at terminals acquired by resident PSP - terminal located in: Cyprus","EUR",6]
["PTT.A.AT.W1.CY.CD1.2.2221.N.PN","A","AT","W1","CY","CD1",2,2221,"N","PN","2014",null,"M",false,null,null,"P1Y",{"$nulls":4},"S",null,null,3,null,"Number of ATM cash deposits at terminals acquired by resident PSP - terminal located in: Cyprus","Number of ATM cash deposits at terminals acquired by resident PSP - terminal located in: Cyprus","PN",6]
["PTT.A.AT.W1.CY.CD1.2.2221.N.PN","A","AT","W1","CY","CD1",2,2221,"N","PN","2015",null,"M",false,null,null,"P1Y",{"$nulls":4},"S",null,null,3,null,"Number of ATM cash deposits at terminals acquired by resident PSP - terminal located in: Cyprus","Number of ATM cash deposits at terminals acquired by resident PSP - terminal located in: Cyprus","PN",6]
["PTT.A.AT.W1.CY.CD1.2.2221.N.PN","A","AT","W1","CY","CD1",2,2221,"N","PN","2016",null,"M",false,null,null,"P1Y",{"$nulls":4},"S",null,null,3,null,"Number of ATM cash deposits at terminals acquired by resident PSP - terminal located in: Cyprus","Number of ATM cash deposits at terminals acquired by resident PSP - terminal located in: Cyprus","PN",6]
["PTT.A.AT.W1.CY.CD1.2.2221.N.PN","A","AT","W1","CY","CD1",2,2221,"N","PN","2017",null,"M",false,null,null,"P1Y",{"$nulls":4},"S",null,null,3,null,"Number of ATM cash deposits at terminals acquired by resident PSP - terminal located in: Cyprus","Number of ATM cash deposits at terminals acquired by resident PSP - terminal located in: Cyprus","PN",6]
["PTT.A.AT.W1.CY.CD1.2.2221.N.PN","A","AT","W1","CY","CD1",2,2221,"N","PN","2018",null,"M",false,null,null,"P1Y",{"$nulls":4},"S",null,null,3,null,"Number of ATM cash deposits at terminals acquired by resident PSP - terminal located in: Cyprus","Number of ATM cash deposits at terminals acquired by resident PSP - terminal located in: Cyprus","PN",6]
["PTT.A.AT.W1.CY.CD1.2.2221.N.PN","A","AT","W1","CY","CD1",2,2221,"N","PN","2019",null,"M",false,null,null,"P1Y",{"$nulls":4},"S",null,null,3,null,"Number of ATM cash deposits at terminals acquired by resident PSP - terminal located in: Cyprus","Number of ATM cash deposits at terminals acquired by resident PSP - terminal located in: Cyprus","PN",6]
["PTT.A.AT.W1.CY.CD1.2.2221.N.PN","A","AT","W1","CY","CD1",2,2221,"N","PN","2020",null,"M",false,null,null,"P1Y",{"$nulls":4},"S",null,null,3,null,"Number of ATM cash deposits at terminals acquired by resident PSP - terminal located in: Cyprus","Number of ATM cash deposits at terminals acquired by resident PSP - terminal located in: Cyprus","PN",6]
["PTT.A.AT.W1.CY.CD1.2.2221.N.PN","A","AT","W1","CY","CD1",2,2221,"N","PN","2021",null,"M",false,null,null,"P1Y",{"$nulls":4},"S",null,null,3,null,"Number of ATM cash deposits at terminals acquired by resident PSP - terminal located in: Cyprus","Number of ATM cash deposits at terminals acquired by resident PSP - terminal located in: Cyprus","PN",6]
["PTT.A.AT.W1.CY.CD1.2.2221.N.PN","A","AT","W1","CY","CD1",2,2221,"N","PN","2022",0,"A",false,null,null,"P1Y",{"$nulls":4},"S",null,null,3,null,"Number of ATM cash deposits at terminals acquired by resident PSP - terminal located in: Cyprus","Number of ATM cash deposits at terminals acquired by resident PSP - terminal located in: Cyprus","PN",6]
["PTT.A.AT.W1.CY.CD1.2.2221.N.PN","A","AT","W1","CY","CD1",2,2221,"N","PN","2023",0,"A",false,null,null,"P1Y",{"$nulls":4},"S",null,null,3,null,"Number of ATM cash deposits at terminals acquired by resident PSP - terminal located in: Cyprus","Number of ATM cash deposits at terminals acquired by resident PSP - terminal located in: Cyprus","PN",6]
["PTT.A.AT.W1.CY.CW1.1.2221.N.EUR","A","AT","W1","CY","CW1",1,2221,"N","EUR","2014",2.381,"A",false,null,null,"P1Y",{"$nulls":4},"S",null,null,3,"unspecified","Value of atm cash withdrawals with cards issued by non-resident PSPs at terminals acquired by non-resident psp - terminal located in: Cyprus","Value of atm cash withdrawals with cards issued by non-resident PSPs at terminals acquired by non-resident psp - terminal located in: Cyprus","EUR",6]
["PTT.A.AT.W1.CY.CW1.1.2221.N.EUR","A","AT","W1","CY","CW1",1,2221,"N","EUR","2015",2.139,"A",false,null,null,"P1Y",{"$nulls":4},"S",null,null,3,"unspecified","Value of atm cash withdrawals with cards issued by non-resident PSPs at terminals acquired by non-resident psp - terminal located in: Cyprus","Value of atm cash withdrawals with cards issued by non-resident PSPs at terminals acquired by non-resident psp - terminal located in: Cyprus","EUR",6]
["PTT.A.AT.W1.CY.CW1.1.2221.N.EUR","A","AT","W1","CY","CW1",1,2221,"N","EUR","2016",2.274,"A",false,null,null,"P1Y",{"$nulls":4},"S",null,null,3,"unspecified","Value of atm cash withdrawals with cards issued by non-resident PSPs at terminals acquired by non-resident psp - terminal located in: Cyprus","Value of atm cash withdrawals with cards issued by non-resident PSPs at terminals acquired by non-resident psp - terminal located in: Cyprus","EUR",6]
["PTT.A.AT.W1.CY.CW1.1.2221.N.EUR","A","AT","W1","CY","CW1",1,2221,"N","EUR","2017",2.964,"A",false,null,null,"P1Y",{"$nulls":4},"S",null,null,3,"unspecified","Value of atm cash withdrawals with cards issued by non-resident PSPs at terminals acquired by non-resident psp - terminal located in: Cyprus","Value of atm cash withdrawals with cards issued by non-resident PSPs at terminals acquired by non-resident psp - terminal located in: Cyprus","EUR",6]
["PTT.A.AT.W1.CY.CW1.1.2221.N.EUR","A","AT","W1","CY","CW1",1,2221,"N","EUR","2018",3.609,"A",false,null,null,"P1Y",{"$nulls":4},"S",null,null,3,"unspecified","Value of atm cash withdrawals with cards issued by non-resident PSPs at terminals acquired by non-resident psp - terminal located in: Cyprus","Value of atm cash withdrawals with cards issued by non-resident PSPs at terminals acquired by non-resident psp - terminal located in: Cyprus","EUR",6]
["PTT.A.AT.W1.CY.CW1.1.2221.N.EUR","A","AT","W1","CY","CW1",1,2221,"N","EUR","2019",3.666,"A",false,null,null,"P1Y",{"$nulls":4},"S",null,null,3,"unspecified","Value of atm cash withdrawals with cards issued by non-resident PSPs at terminals acquired by non-resident psp - terminal located in: Cyprus","Value of atm cash withdrawals with cards issued by non-resident PSPs at terminals acquired by non-resident psp - terminal located in: Cyprus","EUR",6]
["PTT.A.AT.W1.CY.CW1.1.2221.N.EUR","A","AT","W1","CY","CW1",1,2221,"N","EUR","2020",1.814,"A",false,null,null,"P1Y",{"$nulls":4},"S",null,null,3,"unspecified","Value of atm cash withdrawals with cards issued by non-resident PSPs at terminals acquired by non-resident psp - terminal located in: Cyprus","Value of atm cash withdrawals with cards issued by non-resident PSPs at terminals acquired by non-resident psp - terminal located in: Cyprus","EUR",6]
["PTT.A.AT.W1.CY.CW1.1.2221.N.EUR","A","AT","W1","CY","CW1",1,2221,"N","EUR","2021",2.68,"A",false,null,null,"P1Y",{"$nulls":4},"S",null,null,3,"unspecified","Value of atm cash withdrawals with cards issued by non-resident PSPs at terminals acquired by non-resident psp - terminal located in: Cyprus","Value of atm cash withdrawals with cards issued by non-resident PSPs at terminals acquired by non-resident psp - terminal located in: Cyprus","EUR",6]
["PTT.A.AT.W1.CY.CW1.1.2221.N.EUR","A","AT","W1","CY","CW1",1,2221,"N","EUR","2022",4.04000679,"A",false,null,null,"P1Y",{"$nulls":4},"S",null,null,3,"unspecified","Value of atm cash withdrawals with cards issued by non-resident PSPs at terminals acquired by non-resident psp - terminal located in: Cyprus","Value of atm cash withdrawals with cards issued by non-resident PSPs at terminals acquired by non-resident psp - terminal located in: Cyprus","EUR",6]
["PTT.A.AT.W1.CY.CW1.1.2221.N.EUR","A","AT","W1","CY","CW1",1,2221,"N","EUR","2023",4.33836321,"A",false,null,null,"P1Y",{"$nulls":4},"S",null,null,3,"unspecified","Value of atm cash withdrawals with cards issued by non-resident PSPs at terminals acquired by non-resident psp - terminal located in: Cyprus","Value of atm cash withdrawals with cards issued by non-resident PSPs at terminals acquired by non-resident psp - terminal located in: Cyprus","EUR",6]
["PTT.A.AT.W1.CY.CW1.1.2221.N.PN","A","AT","W1","CY","CW1",1,2221,"N","PN","2014",0.013,"A",false,null,null,"P1Y",{"$nulls":4},"S",null,null,3,"unspecified","Number of atm cash withdrawals with cards issued by non-resident PSPs at terminals acquired by non-resident psp - terminal located in: Cyprus","Number of atm cash withdrawals with cards issued by non-resident PSPs at terminals acquired by non-resident psp - terminal located in: Cyprus","PN",6]
["PTT.A.AT.W1.CY.CW1.1.2221.N.PN","A","AT","W1","CY","CW1",1,2221,"N","PN","2015",0.012,"A",false,null,null,"P1Y",{"$nulls":4},"S",null,null,3,"unspecified","Number of atm cash withdrawals with cards issued by non-resident PSPs at terminals acquired by non-resident psp - terminal located in: Cyprus","Number of atm cash withdrawals with cards issued by non-resident PSPs at terminals acquired by non-resident psp - terminal located in: Cyprus","PN",6]
["PTT.A.AT.W1.CY.CW1.1.2221.N.PN","A","AT","W1","CY","CW1",1,2221,"N","PN","2016",0.013,"A",false,null,null,"P1Y",{"$nulls":4},"S",null,null,3,"unspecified","Number of atm cash withdrawals with cards issued by non-resident PSPs at terminals acquired by non-resident psp - terminal located in: Cyprus","Number of atm cash withdrawals with cards issued by non-resident PSPs at terminals acquired by non-resident psp - terminal located in: Cyprus","PN",6]
["PTT.A.AT.W1.CY.CW1.1.2221.N.PN","A","AT","W1","CY","CW1",1,2221,"N","PN","2017",0.017,"A",false,null,null,"P1Y",{"$nulls":4},"S",null,null,3,"unspecified","Number of atm cash withdrawals with cards issued by non-resident PSPs at terminals acquired by non-resident psp - terminal located in: Cyprus","Number of atm cash withdrawals with cards issued by non-resident PSPs at terminals acquired by non-resident psp - terminal located in: Cyprus","PN",6]
["PTT.A.AT.W1.CY.CW1.1.2221.N.PN","A","AT","W1","CY","CW1",1,2221,"N","PN","2018",0.02,"A",false,null,null,"P1Y",{"$nulls":4},"S",null,null,3,"unspecified","Number of atm cash withdrawals with cards issued by non-resident PSPs at terminals acquired by non-resident psp - terminal located in: Cyprus","Number of atm cash withdrawals with cards issued by non-resident PSPs at terminals acquired by non-resident psp - terminal located in: Cyprus","PN",6]
["PTT.A.AT.W1.CY.CW1.1.2221.N.PN","A","AT","W1","CY","CW1",1,2221,"N","PN","2019",0.021,"A",false,null,null,"P1Y",{"$nulls":4},"S",null,null,3,"unspecified","Number of atm cash withdrawals with cards issued by non-resident PSPs at terminals acquired by non-resident psp - terminal located in: Cyprus","Number of atm cash withdrawals with cards issued by non-resident PSPs at terminals acquired by non-resident psp - terminal located in: Cyprus","PN",6]
["PTT.A.AT.W1.CY.CW1.1.2221.N.PN","A","AT","W1","CY","CW1",1,2221,"N","PN","2020",0.009,"A",false,null,null,"P1Y",{"$nulls":4},"S",null,null,3,"unspecified","Number of atm cash withdrawals with cards issued by non-resident PSPs at terminals acquired by non-resident psp - terminal located in: Cyprus","Number of atm cash withdrawals with cards issued by non-resident PSPs at terminals acquired by non-resident psp - terminal located in: Cyprus","PN",6]
["PTT.A.AT.W1.CY.CW1.1.2221.N.PN","A","AT","W1","CY","CW1",1,2221,"N","PN","2021",0.015,"A",false,null,null,"P1Y",{"$nulls":4},"S",null,null,3,"unspecified","Number of atm cash withdrawals with cards issued by non-resident PSPs at terminals acquired by non-resident psp - terminal located in: Cyprus","Number of atm cash withdrawals with cards issued by non-resident PSPs at terminals acquired by non-resident psp - terminal located in: Cyprus","PN",6]
["PTT.A.AT.W1.CY.CW1.1.2221.N.PN","A","AT","W1","CY","CW1",1,2221,"N","PN","2022",0.02299,"A",false,null,null,"P1Y",{"$nulls":4},"S",null,null,3,"unspecified","Number of atm cash withdrawals with cards issued by non-resident PSPs at terminals acquired by non-resident psp - terminal located in: Cyprus","Number of atm cash withdrawals with cards issued by non-resident PSPs at terminals acquired by non-resident psp - terminal located in: Cyprus","PN",6]
["PTT.A.AT.W1.CY.CW1.1.2221.N.PN","A","AT","W1","CY","CW1",1,2221,"N","PN","2023",0.023728,"A",false,null,null,"P1Y",{"$nulls":4},"S",null,null,3,"unspecified","Number of atm cash withdrawals with cards issued by non-resident PSPs at terminals acquired by non-resident psp - terminal located in: Cyprus","Number of atm cash withdrawals with cards issued by non-resident PSPs at terminals acquired by non-resident psp - terminal located in: Cyprus","PN",6]
["PTT.A.AT.W1.CY.CW1.2.2221.N.EUR","A","AT","W1","CY","CW1",2,2221,"N","EUR","2014",null,"M",false,null,null,"P1Y",{"$nulls":4},"S",null,null,3,null,"Value of ATM cash withdrawals at terminals acquired by resident PSP - terminal located in: Cyprus","Value of ATM cash withdrawals at terminals acquired by resident PSP - terminal located in: Cyprus","EUR",6]
["PTT.A.AT.W1.CY.CW1.2.2221.N.EUR","A","AT","W1","CY","CW1",2,2221,"N","EUR","2015",null,"M",false,null,null,"P1Y",{"$nulls":4},"S",null,null,3,null,"Value of ATM cash withdrawals at terminals acquired by resident PSP - terminal located in: Cyprus","Value of ATM cash withdrawals at terminals acquired by resident PSP - terminal located in: Cyprus","EUR",6]
["PTT.A.AT.W1.CY.CW1.2.2221.N.EUR","A","AT","W1","CY","CW1",2,2221,"N","EUR","2016",null,"M",false,null,null,"P1Y",{"$nulls":4},"S",null,null,3,null,"Value of ATM cash withdrawals at terminals acquired by resident PSP - terminal located in: Cyprus","Value of ATM cash withdrawals at terminals acquired by resident PSP - terminal located in: Cyprus","EUR",6]
["PTT.A.AT.W1.CY.CW1.2.2221.N.EUR","A","AT","W1","CY","CW1",2,2221,"N","EUR","2017",null,"M",false,null,null,"P1Y",{"$nulls":4},"S",null,null,3,null,"Value of ATM cash withdrawals at terminals acquired by resident PSP - terminal located in: Cyprus","Value of ATM cash withdrawals at terminals acquired by resident PSP - terminal located in: Cyprus","EUR",6]
["PTT.A.AT.W1.CY.CW1.2.2221.N.EUR","A","AT","W1","CY","CW1",2,2221,"N","EUR","2018",null,"M",false,null,null,"P1Y",{"$nulls":4},"S",null,null,3,null,"Value of ATM cash withdrawals at terminals acquired by resident PSP - terminal located in: Cyprus","Value of ATM cash withdrawals at terminals acquired by resident PSP - terminal located in: Cyprus","EUR",6]
["PTT.A.AT.W1.CY.CW1.2.2221.N.EUR","A","AT","W1","CY","CW1",2,2221,"N","EUR","2019",null,"M",false,null,null,"P1Y",{"$nulls":4},"S",null,null,3,null,"Value of ATM cash withdrawals at terminals acquired by resident PSP - terminal located in: Cyprus","Value of ATM cash withdrawals at terminals acquired by resident PSP - terminal located in: Cyprus","EUR",6]
["PTT.A.AT.W1.CY.CW1.2.2221.N.EUR","A","AT","W1","CY","CW1",2,2221,"N","EUR","2020",null,"M",false,null,null,"P1Y",{"$nulls":4},"S",null,null,3,null,"Value of ATM cash withdrawals at terminals acquired by resident PSP - terminal located in: Cyprus","Value of ATM cash withdrawals at terminals acquired by resident PSP - terminal located in: Cyprus","EUR",6]
["PTT.A.AT.W1.CY.CW1.2.2221.N.EUR","A","AT","W1","CY","CW1",2,2221,"N","EUR","2021",null,"M",false,null,null,"P1Y",{"$nulls":4},"S",null,null,3,null,"Value of ATM cash withdrawals at terminals acquired by resident PSP - terminal located in: Cyprus","Value of ATM cash withdrawals at terminals acquired by resident PSP - terminal located in: Cyprus","EUR",6]
["PTT.A.AT.W1.CY.CW1.2.2221.N.EUR","A","AT","W1","CY","CW1",2,2221,"N","EUR","2022",0,"A",false,null,null,"P1Y",{"$nulls":4},"S",null,null,3,null,"Value of ATM cash withdrawals at terminals acquired by resident PSP - terminal located in: Cyprus","Value of ATM cash withdrawals at terminals acquired by resident PSP - terminal located in: Cyprus","EUR",6]
["PTT.A.AT.W1.CY.CW1.2.2221.N.EUR","A","AT","W1","CY","CW1",2,2221,"N","EUR","2023",0,"A",false,null,null,"P1Y",{"$nulls":4},"S",null,null,3,null,"Value of ATM cash withdrawals at terminals acquired by resident PSP - terminal located in: Cyprus","Value of ATM cash withdrawals at terminals acquired by resident PSP - terminal located in: Cyprus","EUR",6]
["PTT.A.AT.W1.CY.CW1.2.2221.N.PN","A","AT","W1","CY","CW1",2,2221,"N","PN","2014",null,"M",false,null,null,"P1Y",{"$nulls":4},"S",null,null,3,null,"Number of ATM cash withdrawals at terminals acquired by resident PSP - terminal located in: Cyprus","Number of ATM cash withdrawals at terminals acquired by resident PSP - terminal located in: Cyprus","PN",6]
["PTT.A.AT.W1.CY.CW1.2.2221.N.PN","A","AT","W1","CY","CW1",2,2221,"N","PN","2015",null,"M",false,null,null,"P1Y",{"$nulls":4},"S",null,null,3,null,"Number of ATM cash withdrawals at terminals acquired by resident PSP - terminal located in: Cyprus","Number of ATM cash withdrawals at terminals acquired by resident PSP - terminal located in: Cyprus","PN",6]
["PTT.A.AT.W1.CY.CW1.2.2221.N.PN","A","AT","W1","CY","CW1",2,2221,"N","PN","2016",null,"M",false,null,null,"P1Y",{"$nulls":4},"S",null,null,3,null,"Number of ATM cash withdrawals at terminals acquired by resident PSP - terminal located in: Cyprus","Number of ATM cash withdrawals at terminals acquired by resident PSP - terminal located in: Cyprus","PN",6]
["PTT.A.AT.W1.CY.CW1.2.2221.N.PN","A","AT","W1","CY","CW1",2,2221,"N","PN","2017",null,"M",false,null,null,"P1Y",{"$nulls":4},"S",null,null,3,null,"Number of ATM cash withdrawals at terminals acquired by resident PSP - terminal located in: Cyprus","Number of ATM cash withdrawals at terminals acquired by resident PSP - terminal located in: Cyprus","PN",6]
["PTT.A.AT.W1.CY.CW1.2.2221.N.PN","A","AT","W1","CY","CW1",2,2221,"N","PN","2018",null,"M",false,null,null,"P1Y",{"$nulls":4},"S",null,null,3,null,"Number of ATM cash withdrawals at terminals acquired by resident PSP - terminal located in: Cyprus","Number of ATM cash withdrawals at terminals acquired by resident PSP - terminal located in: Cyprus","PN",6]
["PTT.A.AT.W1.CY.CW1.2.2221.N.PN","A","AT","W1","CY","CW1",2,2221,"N","PN","2019",null,"M",false,null,null,"P1Y",{"$nulls":4},"S",null,null,3,null,"Number of ATM cash withdrawals at terminals acquired by resident PSP - terminal located in: Cyprus","Number of ATM cash withdrawals at terminals acquired by resident PSP - terminal located in: Cyprus","PN",6]
["PTT.A.AT.W1.CY.CW1.2.2221.N.PN","A","AT","W1","CY","CW1",2,2221,"N","PN","2020",null,"M",false,null,null,"P1Y",{"$nulls":4},"S",null,null,3,null,"Number of ATM cash withdrawals at terminals acquired by resident PSP - terminal located in: Cyprus","Number of ATM cash withdrawals at terminals acquired by resident PSP - terminal located in: Cyprus","PN",6]
["PTT.A.AT.W1.CY.CW1.2.2221.N.PN","A","AT","W1","CY","CW1",2,2221,"N","PN","2021",null,"M",false,null,null,"P1Y",{"$nulls":4},"S",null,null,3,null,"Number of ATM cash withdrawals at terminals acquired by resident PSP - terminal located in: Cyprus","Number of ATM cash withdrawals at terminals acquired by resident PSP - terminal located in: Cyprus","PN",6]
["PTT.A.AT.W1.CY.CW1.2.2221.N.PN","A","AT","W1","CY","CW1",2,2221,"N","PN","2022",0,"A",false,null,null,"P1Y",{"$nulls":4},"S",null,null,3,null,"Number of ATM cash withdrawals at terminals acquired by resident PSP - terminal located in: Cyprus","Number of ATM cash withdrawals at terminals acquired by resident PSP - terminal located in: Cyprus","PN",6]
["PTT.A.AT.W1.CY.CW1.2.2221.N.PN","A","AT","W1","CY","CW1",2,2221,"N","PN","2023",0,"A",false,null,null,"P1Y",{"$nulls":4},"S",null,null,3,null,"Number of ATM cash withdrawals at terminals acquired by resident PSP - terminal located in: Cyprus","Number of ATM cash withdrawals at terminals acquired by resident PSP - terminal located in: Cyprus","PN",6]
["PTT.A.AT.W1.CY.EMLU.1.2220.N.EUR","A","AT","W1","CY","EMLU",1,2220,"N","EUR","2014",0.097,"A",false,null,null,"P1Y",{"$nulls":4},"S",null,null,3,"unspecified","Value of e-money card loading and unloading transactions with cards issued by non-resident PSPs at terminals acquired by non-resident psp - terminal located in: Cyprus","Value of e-money card loading and unloading transactions with cards issued by non-resident PSPs at terminals acquired by non-resident psp - terminal located in: Cyprus","EUR",6]
["PTT.A.AT.W1.CY.EMLU.1.2220.N.EUR","A","AT","W1","CY","EMLU",1,2220,"N","EUR","2015",0.156,"A",false,null,null,"P1Y",{"$nulls":4},"S",null,null,3,"unspecified","Value of e-money card loading and unloading transactions with cards issued by non-resident PSPs at terminals acquired by non-resident psp - terminal located in: Cyprus","Value of e-money card loading and unloading transactions with cards issued by non-resident PSPs at terminals acquired by non-resident psp - terminal located in: Cyprus","EUR",6]
["PTT.A.AT.W1.CY.EMLU.1.2220.N.EUR","A","AT","W1","CY","EMLU",1,2220,"N","EUR","2016",0.113,"A",false,null,null,"P1Y",{"$nulls":4},"S",null,null,3,"unspecified","Value of e-money card loading and unloading transactions with cards issued by non-resident PSPs at terminals acquired by non-resident psp - terminal located in: Cyprus","Value of e-money card loading and unloading transactions with cards issued by non-resident PSPs at terminals acquired by non-resident psp - terminal located in: Cyprus","EUR",6]
["PTT.A.AT.W1.CY.EMLU.1.2220.N.EUR","A","AT","W1","CY","EMLU",1,2220,"N","EUR","2017",0.051,"A",false,null,null,"P1Y",{"$nulls":4},"S",null,null,3,"unspecified","Value of e-money card loading and unloading transactions with cards issued by non-resident PSPs at terminals acquired by non-resident psp - terminal located in: Cyprus","Value of e-money card loading and unloading transactions with cards issued by non-resident PSPs at terminals acquired by non-resident psp - terminal located in: Cyprus","EUR",6]
["PTT.A.AT.W1.CY.EMLU.1.2220.N.EUR","A","AT","W1","CY","EMLU",1,2220,"N","EUR","2018",null,"Q",false,null,null,"P1Y",{"$nulls":4},"S",null,null,3,"unspecified","Value of e-money card loading and unloading transactions with cards issued by non-resident PSPs at terminals acquired by non-resident psp - terminal located in: Cyprus","Value of e-money card loading and unloading transactions with cards issued by non-resident PSPs at terminals acquired by non-resident psp - terminal located in: Cyprus","EUR",6]
["PTT.A.AT.W1.CY.EMLU.1.2220.N.EUR","A","AT","W1","CY","EMLU",1,2220,"N","EUR","2019",null,"Q",false,null,null,"P1Y",{"$nulls":4},"S",null,null,3,"unspecified","Value of e-money card loading and unloading transactions with cards issued by non-resident PSPs at terminals acquired by non-resident psp - terminal located in: Cyprus","Value of e-money card loading and unloading transactions with cards issued by non-resident PSPs at terminals acquired by non-resident psp - terminal located in: Cyprus","EUR",6]
["PTT.A.AT.W1.CY.EMLU.1.2220.N.EUR","A","AT","W1","CY","EMLU",1,2220,"N","EUR","2020",null,"Q",false,null,null,"P1Y",{"$nulls":4},"S",null,null,3,"unspecified","Value of e-money card loading and unloading transactions with cards issued by non-resident PSPs at terminals acquired by non-resident psp - terminal located in: Cyprus","Value of e-money card loading and unloading transactions with cards issued by non-resident PSPs at terminals acquired by non-resident psp - terminal located in: Cyprus","EUR",6]
["PTT.A.AT.W1.CY.EMLU.1.2220.N.EUR","A","AT","W1","CY","EMLU",1,2220,"N","EUR","2021",null,"Q",false,null,null,"P1Y",{"$nulls":4},"S",null,null,3,"unspecified","Value of e-money card loading and unloading transactions with cards issued by non-resident PSPs at terminals acquired by non-resident psp - terminal located in: Cyprus","Value of e-money card loading and unloading transactions with cards issued by non-resident PSPs at terminals acquired by non-resident psp - terminal located in: Cyprus","EUR",6]
["PTT.A.AT.W1.CY.EMLU.1.2220.N.EUR","A","AT","W1","CY","EMLU",1,2220,"N","EUR","2022",null,"Q",false,null,null,"P1Y",{"$nulls":4},"S",null,null,3,"unspecified","Value of e-money card loading and unloading transactions with cards issued by non-resident PSPs at terminals acquired by non-resident psp - terminal located in: Cyprus","Value of e-money card loading and unloading transactions with cards issued by non-resident PSPs at terminals acquired by non-resident psp - terminal located in: Cyprus","EUR",6]
["PTT.A.AT.W1.CY.EMLU.1.2220.N.EUR","A","AT","W1","CY","EMLU",1,2220,"N","EUR","2023",null,"Q",false,null,null,"P1Y",{"$nulls":4},"S",null,null,3,"unspecified","Value of e-money card loading and unloading transactions with cards issued by non-resident PSPs at terminals acquired by non-resident psp - terminal located in: Cyprus","Value of e-money card loading and unloading transactions with cards issued by non-resident PSPs at terminals acquired by non-resident psp - terminal located in: Cyprus","EUR",6]
["PTT.A.AT.W1.CY.EMLU.1.2220.N.PN","A","AT","W1","CY","EMLU",1,2220,"N","PN","2014",0,"A",false,null,null,"P1Y",{"$nulls":4},"S",null,null,3,"unspecified","Number of e-money card loading and unloading transactions with cards issued by non-resident PSPs at terminals acquired by non-resident psp - terminal located in: Cyprus","Number of e-money card loading and unloading transactions with cards issued by non-resident PSPs at terminals acquired by non-resident psp - terminal located in: Cyprus","PN",6]
["PTT.A.AT.W1.CY.EMLU.1.2220.N.PN","A","AT","W1","CY","EMLU",1,2220,"N","PN","2015",0,"A",false,null,null,"P1Y",{"$nulls":4},"S",null,null,3,"unspecified","Number of e-money card loading and unloading transactions with cards issued by non-resident PSPs at terminals acquired by non-resident psp - terminal located in: Cyprus","Number of e-money card loading and unloading transactions with cards issued by non-resident PSPs at terminals acquired by non-resident psp - terminal located in: Cyprus","PN",6]
["PTT.A.AT.W1.CY.EMLU.1.2220.N.PN","A","AT","W1","CY","EMLU",1,2220,"N","PN","2016",0,"A",false,null,null,"P1Y",{"$nulls":4},"S",null,null,3,"unspecified","Number of e-money card loading and unloading transactions with cards issued by non-resident PSPs at terminals acquired by non-resident psp - terminal located in: Cyprus","Number of e-money card loading and unloading transactions with cards issued by non-resident PSPs at terminals acquired by non-resident psp - terminal located in: Cyprus","PN",6]
["PTT.A.AT.W1.CY.EMLU.1.2220.N.PN","A","AT","W1","CY","EMLU",1,2220,"N","PN","2017",0,"A",false,null,null,"P1Y",{"$nulls":4},"S",null,null,3,"unspecified","Number of e-money card loading and unloading transactions with cards issued by non-resident PSPs at terminals acquired by non-resident psp - terminal located in: Cyprus","Number of e-money card loading and unloading transactions with cards issued by non-resident PSPs at terminals acquired by non-resident psp - terminal located in: Cyprus","PN",6]
["PTT.A.AT.W1.CY.EMLU.1.2220.N.PN","A","AT","W1","CY","EMLU",1,2220,"N","PN","2018",null,"Q",false,null,null,"P1Y",{"$nulls":4},"S",null,null,3,"unspecified","Number of e-money card loading and unloading transactions with cards issued by non-resident PSPs at terminals acquired by non-resident psp - terminal located in: Cyprus","Number of e-money card loading and unloading transactions with cards issued by non-resident PSPs at terminals acquired by non-resident psp - terminal located in: Cyprus","PN",6]
["PTT.A.AT.W1.CY.EMLU.1.2220.N.PN","A","AT","W1","CY","EMLU",1,2220,"N","PN","2019",null,"Q",false,null,null,"P1Y",{"$nulls":4},"S",null,null,3,"unspecified","Number of e-money card loading and unloading transactions with cards issued by non-resident PSPs at terminals acquired by non-resident psp - terminal located in: Cyprus","Number of e-money card loading and unloading transactions with cards issued by non-resident PSPs at terminals acquired by non-resident psp - terminal located in: Cyprus","PN",6]
["PTT.A.AT.W1.CY.EMLU.1.2220.N.PN","A","AT","W1","CY","EMLU",1,2220,"N","PN","2020",null,"Q",false,null,null,"P1Y",{"$nulls":4},"S",null,null,3,"unspecified","Number of e-money card loading and unloading transactions with cards issued by non-resident PSPs at terminals acquired by non-resident psp - terminal located in: Cyprus","Number of e-money card loading and unloading transactions with cards issued by non-resident PSPs at terminals acquired by non-resident psp - terminal located in: Cyprus","PN",6]
["PTT.A.AT.W1.CY.EMLU.1.2220.N.PN","A","AT","W1","CY","EMLU",1,2220,"N","PN","2021",null,"Q",false,null,null,"P1Y",{"$nulls":4},"S",null,null,3,"unspecified","Number of e-money card loading and unloading transactions with cards issued by non-resident PSPs at terminals acquired by non-resident psp - terminal located in: Cyprus","Number of e-money card loading and unloading transactions with cards issued by non-resident PSPs at terminals acquired by non-resident psp - terminal located in: Cyprus","PN",6]
["PTT.A.AT.W1.CY.EMLU.1.2220.N.PN","A","AT","W1","CY","EMLU",1,2220,"N","PN","2022",null,"Q",false,null,null,"P1Y",{"$nulls":4},"S",null,null,3,"unspecified","Number of e-money card loading and unloading transactions with cards issued by non-resident PSPs at terminals acquired by non-resident psp - terminal located in: Cyprus","Number of e-money card loading and unloading transactions with cards issued by non-resident PSPs at terminals acquired by non-resident psp - terminal located in: Cyprus","PN",6]
["PTT.A.AT.W1.CY.EMLU.1.2220.N.PN","A","AT","W1","CY","EMLU",1,2220,"N","PN","2023",null,"Q",false,null,null,"P1Y",{"$nulls":4},"S",null,null,3,"unspecified","Number of e-money card loading and unloading transactions with cards issued by non-resident PSPs at terminals acquired by non-resident psp - terminal located in: Cyprus","Number of e-money card loading and unloading transactions with cards issued by non-resident PSPs at terminals acquired by non-resident psp - terminal located in: Cyprus","PN",6]
["PTT.A.AT.W1.CY.EMLU.2.2220.N.EUR","A","AT","W1","CY","EMLU",2,2220,"N","EUR","2014",null,"M",false,null,null,"P1Y",{"$nulls":4},"S",null,null,3,null,"Value of E-money card loading and unloading at terminals acquired by resident PSP - terminal located in: Cyprus","Value of E-money card loading and unloading at terminals acquired by resident PSP - terminal located in: Cyprus","EUR",6]
["PTT.A.AT.W1.CY.EMLU.2.2220.N.EUR","A","AT","W1","CY","EMLU",2,2220,"N","EUR","2015",null,"M",false,null,null,"P1Y",{"$nulls":4},"S",null,null,3,null,"Value of E-money card loading and unloading at terminals acquired by resident PSP - terminal located in: Cyprus","Value of E-money card loading and unloading at terminals acquired by resident PSP - terminal located in: Cyprus","EUR",6]
["PTT.A.AT.W1.CY.EMLU.2.2220.N.EUR","A","AT","W1","CY","EMLU",2,2220,"N","EUR","2016",null,"M",false,null,null,"P1Y",{"$nulls":4},"S",null,null,3,null,"Value of E-money card loading and unloading at terminals acquired by resident PSP - terminal located in: Cyprus","Value of E-money card loading and unloading at terminals acquired by resident PSP - terminal located in: Cyprus","EUR",6]
["PTT.A.AT.W1.CY.EMLU.2.2220.N.EUR","A","AT","W1","CY","EMLU",2,2220,"N","EUR","2017",null,"M",false,null,null,"P1Y",{"$nulls":4},"S",null,null,3,null,"Value of E-money card loading and unloading at terminals acquired by resident PSP - terminal located in: Cyprus","Value of E-money card loading and unloading at terminals acquired by resident PSP - terminal located in: Cyprus","EUR",6]
["PTT.A.AT.W1.CY.EMLU.2.2220.N.EUR","A","AT","W1","CY","EMLU",2,2220,"N","EUR","2018",null,"M",false,null,null,"P1Y",{"$nulls":4},"S",null,null,3,null,"Value of E-money card loading and unloading at terminals acquired by resident PSP - terminal located in: Cyprus","Value of E-money card loading and unloading at terminals acquired by resident PSP - terminal located in: Cyprus","EUR",6]
["PTT.A.AT.W1.CY.EMLU.2.2220.N.EUR","A","AT","W1","CY","EMLU",2,2220,"N","EUR","2019",null,"M",false,null,null,"P1Y",{"$nulls":4},"S",null,null,3,null,"Value of E-money card loading and unloading at terminals acquired by resident PSP - terminal located in: Cyprus","Value of E-money card loading and unloading at terminals acquired by resident PSP - terminal located in: Cyprus","EUR",6]
["PTT.A.AT.W1.CY.EMLU.2.2220.N.EUR","A","AT","W1","CY","EMLU",2,2220,"N","EUR","2020",null,"M",false,null,null,"P1Y",{"$nulls":4},"S",null,null,3,null,"Value of E-money card loading and unloading at terminals acquired by resident PSP - terminal located in: Cyprus","Value of E-money card loading and unloading at terminals acquired by resident PSP - terminal located in: Cyprus","EUR",6]
["PTT.A.AT.W1.CY.EMLU.2.2220.N.EUR","A","AT","W1","CY","EMLU",2,2220,"N","EUR","2021",null,"M",false,null,null,"P1Y",{"$nulls":4},"S",null,null,3,null,"Value of E-money card loading and unloading at terminals acquired by resident PSP - terminal located in: Cyprus","Value of E-money card loading and unloading at terminals acquired by resident PSP - terminal located in: Cyprus","EUR",6]
["PTT.A.AT.W1.CY.EMLU.2.2220.N.EUR","A","AT","W1","CY","EMLU",2,2220,"N","EUR","2022",0,"A",false,null,null,"P1Y",{"$nulls":4},"S",null,null,3,null,"Value of E-money card loading and unloading at terminals acquired by resident PSP - terminal located in: Cyprus","Value of E-money card loading and unloading at terminals acquired by resident PSP - terminal located in: Cyprus","EUR",6]
["PTT.A.AT.W1.CY.EMLU.2.2220.N.EUR","A","AT","W1","CY","EMLU",2,2220,"N","EUR","2023",0,"A",false,null,null,"P1Y",{"$nulls":4},"S",null,null,3,null,"Value of E-money card loading and unloading at terminals acquired by resident PSP - terminal located in: Cyprus","Value of E-money card loading and unloading at terminals acquired by resident PSP - terminal located in: Cyprus","EUR",6]
["PTT.A.AT.W1.CY.EMLU.2.2220.N.PN","A","AT","W1","CY","EMLU",2,2220,"N","PN","2014",null,"M",false,null,null,"P1Y",{"$nulls":4},"S",null,null,3,null,"Number of E-money card loading and unloading at terminals acquired by resident PSP - terminal located in: Cyprus","Number of E-money card loading and unloading at terminals acquired by resident PSP - terminal located in: Cyprus","PN",6]
["PTT.A.AT.W1.CY.EMLU.2.2220.N.PN","A","AT","W1","CY","EMLU",2,2220,"N","PN","2015",null,"M",false,null,null,"P1Y",{"$nulls":4},"S",null,null,3,null,"Number of E-money card loading and unloading at terminals acquired by resident PSP - terminal located in: Cyprus","Number of E-money card loading and unloading at terminals acquired by resident PSP - terminal located in: Cyprus","PN",6]
["PTT.A.AT.W1.CY.EMLU.2.2220.N.PN","A","AT","W1","CY","EMLU",2,2220,"N","PN","2016",null,"M",false,null,null,"P1Y",{"$nulls":4},"S",null,null,3,null,"Number of E-money card loading and unloading at terminals acquired by resident PSP - terminal located in: Cyprus","Number of E-money card loading and unloading at terminals acquired by resident PSP - terminal located in: Cyprus","PN",6]
["PTT.A.AT.W1.CY.EMLU.2.2220.N.PN","A","AT","W1","CY","EMLU",2,2220,"N","PN","2017",null,"M",false,null,null,"P1Y",{"$nulls":4},"S",null,null,3,null,"Number of E-money card loading and unloading at terminals acquired by resident PSP - terminal located in: Cyprus","Number of E-money card loading and unloading at terminals acquired by resident PSP - terminal located in: Cyprus","PN",6]
["PTT.A.AT.W1.CY.EMLU.2.2220.N.PN","A","AT","W1","CY","EMLU",2,2220,"N","PN","2018",null,"M",false,null,null,"P1Y",{"$nulls":4},"S",null,null,3,null,"Number of E-money card loading and unloading at terminals acquired by resident PSP - terminal located in: Cyprus","Number of E-money card loading and unloading at terminals acquired by resident PSP - terminal located in: Cyprus","PN",6]
["PTT.A.AT.W1.CY.EMLU.2.2220.N.PN","A","AT","W1","CY","EMLU",2,2220,"N","PN","2019",null,"M",false,null,null,"P1Y",{"$nulls":4},"S",null,null,3,null,"Number of E-money card loading and unloading at terminals acquired by resident PSP - terminal located in: Cyprus","Number of E-money card loading and unloading at terminals acquired by resident PSP - terminal located in: Cyprus","PN",6]
["PTT.A.AT.W1.CY.EMLU.2.2220.N.PN","A","AT","W1","CY","EMLU",2,2220,"N","PN","2020",null,"M",false,null,null,"P1Y",{"$nulls":4},"S",null,null,3,null,"Number of E-money card loading and unloading at terminals acquired by resident PSP - terminal located in: Cyprus","Number of E-money card loading and unloading at terminals acquired by resident PSP - terminal located in: Cyprus","PN",6]
["PTT.A.AT.W1.CY.EMLU.2.2220.N.PN","A","AT","W1","CY","EMLU",2,2220,"N","PN","2021",null,"M",false,null,null,"P1Y",{"$nulls":4},"S",null,null,3,null,"Number of E-money card loading and unloading at terminals acquired by resident PSP - terminal located in: Cyprus","Number of E-money card loading and unloading at terminals acquired by resident PSP - terminal located in: Cyprus","PN",6]
["PTT.A.AT.W1.CY.EMLU.2.2220.N.PN","A","AT","W1","CY","EMLU",2,2220,"N","PN","2022",0,"A",false,null,null,"P1Y",{"$nulls":4},"S",null,null,3,null,"Number of E-money card loading and unloading at terminals acquired by resident PSP - terminal located in: Cyprus","Number of E-money card loading and unloading at terminals acquired by resident PSP - terminal located in: Cyprus","PN",6]
["PTT.A.AT.W1.CY.EMLU.2.2220.N.PN","A","AT","W1","CY","EMLU",2,2220,"N","PN","2023",0,"A",false,null,null,"P1Y",{"$nulls":4},"S",null,null,3,null,"Number of E-money card loading and unloading at terminals acquired by resident PSP - terminal located in: Cyprus","Number of E-money card loading and unloading at terminals acquired by resident PSP - terminal located in: Cyprus","PN",6]
["PTT.A.AT.W1.CY.EMP1.1.2220.N.EUR","A","AT","W1","CY","EMP1",1,2220,"N","EUR","2014",0.071,"A",false,null,null,"P1Y",{"$nulls":4},"S",null,null,3,"unspecified","Value of e-money payment transactions with cards with an e-money function with cards issued by non-resident PSPs at terminals acquired by non-resident psp - terminal located in: Cyprus","Value of e-money payment transactions with cards with an e-money function with cards issued by non-resident PSPs at terminals acquired by non-resident psp - terminal located in: Cyprus","EUR",6]
["PTT.A.AT.W1.CY.EMP1.1.2220.N.EUR","A","AT","W1","CY","EMP1",1,2220,"N","EUR","2015",0.039,"A",false,null,null,"P1Y",{"$nulls":4},"S",null,null,3,"unspecified","Value of e-money payment transactions with cards with an e-money function with cards issued by non-resident PSPs at terminals acquired by non-resident psp - terminal located in: Cyprus","Value of e-money payment transactions with cards with an e-money function with cards issued by non-resident PSPs at terminals acquired by non-resident psp - terminal located in: Cyprus","EUR",6]
["PTT.A.AT.W1.CY.EMP1.1.2220.N.EUR","A","AT","W1","CY","EMP1",1,2220,"N","EUR","2016",0.082,"A",false,null,null,"P1Y",{"$nulls":4},"S",null,null,3,"unspecified","Value of e-money payment transactions with cards with an e-money function with cards issued by non-resident PSPs at terminals acquired by non-resident psp - terminal located in: Cyprus","Value of e-money payment transactions with cards with an e-money function with cards issued by non-resident PSPs at terminals acquired by non-resident psp - terminal located in: Cyprus","EUR",6]
["PTT.A.AT.W1.CY.EMP1.1.2220.N.EUR","A","AT","W1","CY","EMP1",1,2220,"N","EUR","2017",0.036,"A",false,null,null,"P1Y",{"$nulls":4},"S",null,null,3,"unspecified","Value of e-money payment transactions with cards with an e-money function with cards issued by non-resident PSPs at terminals acquired by non-resident psp - terminal located in: Cyprus","Value of e-money payment transactions with cards with an e-money function with cards issued by non-resident PSPs at terminals acquired by non-resident psp - terminal located in: Cyprus","EUR",6]
["PTT.A.AT.W1.CY.EMP1.1.2220.N.EUR","A","AT","W1","CY","EMP1",1,2220,"N","EUR","2018",null,"Q",false,null,null,"P1Y",{"$nulls":4},"S",null,null,3,"unspecified","Value of e-money payment transactions with cards with an e-money function with cards issued by non-resident PSPs at terminals acquired by non-resident psp - terminal located in: Cyprus","Value of e-money payment transactions with cards with an e-money function with cards issued by non-resident PSPs at terminals acquired by non-resident psp - terminal located in: Cyprus","EUR",6]
["PTT.A.AT.W1.CY.EMP1.1.2220.N.EUR","A","AT","W1","CY","EMP1",1,2220,"N","EUR","2019",null,"Q",false,null,null,"P1Y",{"$nulls":4},"S",null,null,3,"unspecified","Value of e-money payment transactions with cards with an e-money function with cards issued by non-resident PSPs at terminals acquired by non-resident psp - terminal located in: Cyprus","Value of e-money payment transactions with cards with an e-money function with cards issued by non-resident PSPs at terminals acquired by non-resident psp - terminal located in: Cyprus","EUR",6]
["PTT.A.AT.W1.CY.EMP1.1.2220.N.EUR","A","AT","W1","CY","EMP1",1,2220,"N","EUR","2020",null,"Q",false,null,null,"P1Y",{"$nulls":4},"S",null,null,3,"unspecified","Value of e-money payment transactions with cards with an e-money function with cards issued by non-resident PSPs at terminals acquired by non-resident psp - terminal located in: Cyprus","Value of e-money payment transactions with cards with an e-money function with cards issued by non-resident PSPs at terminals acquired by non-resident psp - terminal located in: Cyprus","EUR",6]
["PTT.A.AT.W1.CY.EMP1.1.2220.N.EUR","A","AT","W1","CY","EMP1",1,2220,"N","EUR","2021",null,"Q",false,null,null,"P1Y",{"$nulls":4},"S",null,null,3,"unspecified","Value of e-money payment transactions with cards with an e-money function with cards issued by non-resident PSPs at terminals acquired by non-resident psp - terminal located in: Cyprus","Value of e-money payment transactions with cards with an e-money function with cards issued by non-resident PSPs at terminals acquired by non-resident psp - terminal located in: Cyprus","EUR",6]
["PTT.A.AT.W1.CY.EMP1.1.2220.N.EUR","A","AT","W1","CY","EMP1",1,2220,"N","EUR","2022",0,"A",false,null,null,"P1Y",{"$nulls":4},"S",null,null,3,"unspecified","Value of e-money payment transactions with cards with an e-money function with cards issued by non-resident PSPs at terminals acquired by non-resident psp - terminal located in: Cyprus","Value of e-money payment transactions with cards with an e-money function with cards issued by non-resident PSPs at terminals acquired by non-resident psp - terminal located in: Cyprus","EUR",6]
["PTT.A.AT.W1.CY.EMP1.1.2220.N.EUR","A","AT","W1","CY","EMP1",1,2220,"N","EUR","2023",0,"A",false,null,null,"P1Y",{"$nulls":4},"S",null,null,3,"unspecified","Value of e-money payment transactions with cards with an e-money function with cards issued by non-resident PSPs at terminals acquired by non-resident psp - terminal located in: Cyprus","Value of e-money payment transactions with cards with an e-money function with cards issued by non-resident PSPs at terminals acquired by non-resident psp - terminal located in: Cyprus","EUR",6]
["PTT.A.AT.W1.CY.EMP1.1.2220.N.PN","A","AT","W1","CY","EMP1",1,2220,"N","PN","2014",0.001,"A",false,null,null,"P1Y",{"$nulls":4},"S",null,null,3,"unspecified","Number of e-money payment transactions with cards with an e-money function with cards issued by non-resident PSPs at terminals acquired by non-resident psp - terminal located in: Cyprus","Number of e-money payment transactions with cards with an e-money function with cards issued by non-resident PSPs at terminals acquired by non-resident psp - terminal located in: Cyprus","PN",6]
["PTT.A.AT.W1.CY.EMP1.1.2220.N.PN","A","AT","W1","CY","EMP1",1,2220,"N","PN","2015",0.001,"A",false,null,null,"P1Y",{"$nulls":4},"S",null,null,3,"unspecified","Number of e-money payment transactions with cards with an e-money function with cards issued by non-resident PSPs at terminals acquired by non-resident psp - terminal located in: Cyprus","Number of e-money payment transactions with cards with an e-money function with cards issued by non-resident PSPs at terminals acquired by non-resident psp - terminal located in: Cyprus","PN",6]
["PTT.A.AT.W1.CY.EMP1.1.2220.N.PN","A","AT","W1","CY","EMP1",1,2220,"N","PN","2016",0.001,"A",false,null,null,"P1Y",{"$nulls":4},"S",null,null,3,"unspecified","Number of e-money payment transactions with cards with an e-money function with cards issued by non-resident PSPs at terminals acquired by non-resident psp - terminal located in: Cyprus","Number of e-money payment transactions with cards with an e-money function with cards issued by non-resident PSPs at terminals acquired by non-resident psp - terminal located in: Cyprus","PN",6]
["PTT.A.AT.W1.CY.EMP1.1.2220.N.PN","A","AT","W1","CY","EMP1",1,2220,"N","PN","2017",0.001,"A",false,null,null,"P1Y",{"$nulls":4},"S",null,null,3,"unspecified","Number of e-money payment transactions with cards with an e-money function with cards issued by non-resident PSPs at terminals acquired by non-resident psp - terminal located in: Cyprus","Number of e-money payment transactions with cards with an e-money function with cards issued by non-resident PSPs at terminals acquired by non-resident psp - terminal located in: Cyprus","PN",6]
["PTT.A.AT.W1.CY.EMP1.1.2220.N.PN","A","AT","W1","CY","EMP1",1,2220,"N","PN","2018",null,"Q",false,null,null,"P1Y",{"$nulls":4},"S",null,null,3,"unspecified","Number of e-money payment transactions with cards with an e-money function with cards issued by non-resident PSPs at terminals acquired by non-resident psp - terminal located in: Cyprus","Number of e-money payment transactions with cards with an e-money function with cards issued by non-resident PSPs at terminals acquired by non-resident psp - terminal located in: Cyprus","PN",6]
["PTT.A.AT.W1.CY.EMP1.1.2220.N.PN","A","AT","W1","CY","EMP1",1,2220,"N","PN","2019",null,"Q",false,null,null,"P1Y",{"$nulls":4},"S",null,null,3,"unspecified","Number of e-money payment transactions with cards with an e-money function with cards issued by non-resident PSPs at terminals acquired by non-resident psp - terminal located in: Cyprus","Number of e-money payment transactions with cards with an e-money function with cards issued by non-resident PSPs at terminals acquired by non-resident psp - terminal located in: Cyprus","PN",6]
["PTT.A.AT.W1.CY.EMP1.1.2220.N.PN","A","AT","W1","CY","EMP1",1,2220,"N","PN","2020",null,"Q",false,null,null,"P1Y",{"$nulls":4},"S",null,null,3,"unspecified","Number of e-money payment transactions with cards with an e-money function with cards issued by non-resident PSPs at terminals acquired by non-resident psp - terminal located in: Cyprus","Number of e-money payment transactions with cards with an e-money function with cards issued by non-resident PSPs at terminals acquired by non-resident psp - terminal located in: Cyprus","PN",6]
["PTT.A.AT.W1.CY.EMP1.1.2220.N.PN","A","AT","W1","CY","EMP1",1,2220,"N","PN","2021",null,"Q",false,null,null,"P1Y",{"$nulls":4},"S",null,null,3,"unspecified","Number of e-money payment transactions with cards with an e-money function with cards issued by non-resident PSPs at terminals acquired by non-resident psp - terminal located in: Cyprus","Number of e-money payment transactions with cards with an e-money function with cards issued by non-resident PSPs at terminals acquired by non-resident psp - terminal located in: Cyprus","PN",6]
["PTT.A.AT.W1.CY.EMP1.1.2220.N.PN","A","AT","W1","CY","EMP1",1,2220,"N","PN","2022",0,"A",false,null,null,"P1Y",{"$nulls":4},"S",null,null,3,"unspecified","Number of e-money payment transactions with cards with an e-money function with cards issued by non-resident PSPs at terminals acquired by non-resident psp - terminal located in: Cyprus","Number of e-money payment transactions with cards with an e-money function with cards issued by non-resident PSPs at terminals acquired by non-resident psp - terminal located in: Cyprus","PN",6]
["PTT.A.AT.W1.CY.EMP1.1.2220.N.PN","A","AT","W1","CY","EMP1",1,2220,"N","PN","2023",0,"A",false,null,null,"P1Y",{"$nulls":4},"S",null,null,3,"unspecified","Number of e-money payment transactions with cards with an e-money function with cards issued by non-resident PSPs at terminals acquired by non-resident psp - terminal located in: Cyprus","Number of e-money payment transactions with cards with an e-money function with cards issued by non-resident PSPs at terminals acquired by non-resident psp - terminal located in: Cyprus","PN",6]
["PTT.A.AT.W1.CY.EMP1.2.2220.N.EUR","A","AT","W1","CY","EMP1",2,2220,"N","EUR","2014",null,"M",false,null,null,"P1Y",{"$nulls":4},"S",null,null,3,null,"Value of e-money payment transactions with cards with an e-money function at terminals acquired by resident PSP - terminal located in: Cyprus","Value of e-money payment transactions with cards with an e-money function at terminals acquired by resident PSP - terminal located in: Cyprus","EUR",6]
["PTT.A.AT.W1.CY.EMP1.2.2220.N.EUR","A","AT","W1","CY","EMP1",2,2220,"N","EUR","2015",null,"M",false,null,null,"P1Y",{"$nulls":4},"S",null,null,3,null,"Value of e-money payment transactions with cards with an e-money function at terminals acquired by resident PSP - terminal located in: Cyprus","Value of e-money payment transactions with cards with an e-money function at terminals acquired by resident PSP - terminal located in: Cyprus","EUR",6]
["PTT.A.AT.W1.CY.EMP1.2.2220.N.EUR","A","AT","W1","CY","EMP1",2,2220,"N","EUR","2016",null,"M",false,null,null,"P1Y",{"$nulls":4},"S",null,null,3,null,"Value of e-money payment transactions with cards with an e-money function at terminals acquired by resident PSP - terminal located in: Cyprus","Value of e-money payment transactions with cards with an e-money function at terminals acquired by resident PSP - terminal located in: Cyprus","EUR",6]
["PTT.A.AT.W1.CY.EMP1.2.2220.N.EUR","A","AT","W1","CY","EMP1",2,2220,"N","EUR","2017",null,"M",false,null,null,"P1Y",{"$nulls":4},"S",null,null,3,null,"Value of e-money payment transactions with cards with an e-money function at terminals acquired by resident PSP - terminal located in: Cyprus","Value of e-money payment transactions with cards with an e-money function at terminals acquired by resident PSP - terminal located in: Cyprus","EUR",6]
["PTT.A.AT.W1.CY.EMP1.2.2220.N.EUR","A","AT","W1","CY","EMP1",2,2220,"N","EUR","2018",null,"M",false,null,null,"P1Y",{"$nulls":4},"S",null,null,3,null,"Value of e-money payment transactions with cards with an e-money function at terminals acquired by resident PSP - terminal located in: Cyprus","Value of e-money payment transactions with cards with an e-money function at terminals acquired by resident PSP - terminal located in: Cyprus","EUR",6]
["PTT.A.AT.W1.CY.EMP1.2.2220.N.EUR","A","AT","W1","CY","EMP1",2,2220,"N","EUR","2019",null,"M",false,null,null,"P1Y",{"$nulls":4},"S",null,null,3,null,"Value of e-money payment transactions with cards with an e-money function at terminals acquired by resident PSP - terminal located in: Cyprus","Value of e-money payment transactions with cards with an e-money function at terminals acquired by resident PSP - terminal located in: Cyprus","EUR",6]
["PTT.A.AT.W1.CY.EMP1.2.2220.N.EUR","A","AT","W1","CY","EMP1",2,2220,"N","EUR","2020",null,"M",false,null,null,"P1Y",{"$nulls":4},"S",null,null,3,null,"Value of e-money payment transactions with cards with an e-money function at terminals acquired by resident PSP - terminal located in: Cyprus","Value of e-money payment transactions with cards with an e-money function at terminals acquired by resident PSP - terminal located in: Cyprus","EUR",6]
["PTT.A.AT.W1.CY.EMP1.2.2220.N.EUR","A","AT","W1","CY","EMP1",2,2220,"N","EUR","2021",null,"M",false,null,null,"P1Y",{"$nulls":4},"S",null,null,3,null,"Value of e-money payment transactions with cards with an e-money function at terminals acquired by resident PSP - terminal located in: Cyprus","Value of e-money payment transactions with cards with an e-money function at terminals acquired by resident PSP - terminal located in: Cyprus","EUR",6]
["PTT.A.AT.W1.CY.EMP1.2.2220.N.EUR","A","AT","W1","CY","EMP1",2,2220,"N","EUR","2022",0,"A",false,null,null,"P1Y",{"$nulls":4},"S",null,null,3,null,"Value of e-money payment transactions with cards with an e-money function at terminals acquired by resident PSP - terminal located in: Cyprus","Value of e-money payment transactions with cards with an e-money function at terminals acquired by resident PSP - terminal located in: Cyprus","EUR",6]
["PTT.A.AT.W1.CY.EMP1.2.2220.N.EUR","A","AT","W1","CY","EMP1",2,2220,"N","EUR","2023",0,"A",false,null,null,"P1Y",{"$nulls":4},"S",null,null,3,null,"Value of e-money payment transactions with cards with an e-money function at terminals acquired by resident PSP - terminal located in: Cyprus","Value of e-money payment transactions with cards with an e-money function at terminals acquired by resident PSP - terminal located in: Cyprus","EUR",6]
["PTT.A.AT.W1.CY.EMP1.2.2220.N.PN","A","AT","W1","CY","EMP1",2,2220,"N","PN","2014",null,"M",false,null,null,"P1Y",{"$nulls":4},"S",null,null,3,null,"Number of e-money payment transactions with cards with an e-money function at terminals acquired by resident PSP - terminal located in: Cyprus","Number of e-money payment transactions with cards with an e-money function at terminals acquired by resident PSP - terminal located in: Cyprus","PN",6]
["PTT.A.AT.W1.CY.EMP1.2.2220.N.PN","A","AT","W1","CY","EMP1",2,2220,"N","PN","2015",null,"M",false,null,null,"P1Y",{"$nulls":4},"S",null,null,3,null,"Number of e-money payment transactions with cards with an e-money function at terminals acquired by resident PSP - terminal located in: Cyprus","Number of e-money payment transactions with cards with an e-money function at terminals acquired by resident PSP - terminal located in: Cyprus","PN",6]
["PTT.A.AT.W1.CY.EMP1.2.2220.N.PN","A","AT","W1","CY","EMP1",2,2220,"N","PN","2016",null,"M",false,null,null,"P1Y",{"$nulls":4},"S",null,null,3,null,"Number of e-money payment transactions with cards with an e-money function at terminals acquired by resident PSP - terminal located in: Cyprus","Number of e-money payment transactions with cards with an e-money function at terminals acquired by resident PSP - terminal located in: Cyprus","PN",6]
["PTT.A.AT.W1.CY.EMP1.2.2220.N.PN","A","AT","W1","CY","EMP1",2,2220,"N","PN","2017",null,"M",false,null,null,"P1Y",{"$nulls":4},"S",null,null,3,null,"Number of e-money payment transactions with cards with an e-money function at terminals acquired by resident PSP - terminal located in: Cyprus","Number of e-money payment transactions with cards with an e-money function at terminals acquired by resident PSP - terminal located in: Cyprus","PN",6]
["PTT.A.AT.W1.CY.EMP1.2.2220.N.PN","A","AT","W1","CY","EMP1",2,2220,"N","PN","2018",null,"M",false,null,null,"P1Y",{"$nulls":4},"S",null,null,3,null,"Number of e-money payment transactions with cards with an e-money function at terminals acquired by resident PSP - terminal located in: Cyprus","Number of e-money payment transactions with cards with an e-money function at terminals acquired by resident PSP - terminal located in: Cyprus","PN",6]
["PTT.A.AT.W1.CY.EMP1.2.2220.N.PN","A","AT","W1","CY","EMP1",2,2220,"N","PN","2019",null,"M",false,null,null,"P1Y",{"$nulls":4},"S",null,null,3,null,"Number of e-money payment transactions with cards with an e-money function at terminals acquired by resident PSP - terminal located in: Cyprus","Number of e-money payment transactions with cards with an e-money function at terminals acquired by resident PSP - terminal located in: Cyprus","PN",6]
["PTT.A.AT.W1.CY.EMP1.2.2220.N.PN","A","AT","W1","CY","EMP1",2,2220,"N","PN","2020",null,"M",false,null,null,"P1Y",{"$nulls":4},"S",null,null,3,null,"Number of e-money payment transactions with cards with an e-money function at terminals acquired by resident PSP - terminal located in: Cyprus","Number of e-money payment transactions with cards with an e-money function at terminals acquired by resident PSP - terminal located in: Cyprus","PN",6]
["PTT.A.AT.W1.CY.EMP1.2.2220.N.PN","A","AT","W1","CY","EMP1",2,2220,"N","PN","2021",null,"M",false,null,null,"P1Y",{"$nulls":4},"S",null,null,3,null,"Number of e-money payment transactions with cards with an e-money function at terminals acquired by resident PSP - terminal located in: Cyprus","Number of e-money payment transactions with cards with an e-money function at terminals acquired by resident PSP - terminal located in: Cyprus","PN",6]
["PTT.A.AT.W1.CY.EMP1.2.2220.N.PN","A","AT","W1","CY","EMP1",2,2220,"N","PN","2022",0,"A",false,null,null,"P1Y",{"$nulls":4},"S",null,null,3,null,"Number of e-money payment transactions with cards with an e-money function at terminals acquired by resident PSP - terminal located in: Cyprus","Number of e-money payment transactions with cards with an e-money function at terminals acquired by resident PSP - terminal located in: Cyprus","PN",6]
["PTT.A.AT.W1.CY.EMP1.2.2220.N.PN","A","AT","W1","CY","EMP1",2,2220,"N","PN","2023",0,"A",false,null,null,"P1Y",{"$nulls":4},"S",null,null,3,null,"Number of e-money payment transactions with cards with an e-money function at terminals acquired by resident PSP - terminal located in: Cyprus","Number of e-money payment transactions with cards with an e-money function at terminals acquired by resident PSP - terminal located in: Cyprus","PN",6]
["PTT.A.AT.W1.CY.TRSC.1.2221.N.EUR","A","AT","W1","CY","TRSC",1,2221,"N","EUR","2022",null,"Q",false,null,null,"P1Y",{"$nulls":4},"S",null,null,3,null,"Value of other atm transactions with cards issued by non-resident PSPs at terminals acquired by non-resident psp - terminal located in: Cyprus","Value of other atm transactions with cards issued by non-resident PSPs at terminals acquired by non-resident psp - terminal located in: Cyprus","EUR",6]
["PTT.A.AT.W1.CY.TRSC.1.2221.N.EUR","A","AT","W1","CY","TRSC",1,2221,"N","EUR","2023",null,"Q",false,null,null,"P1Y",{"$nulls":4},"S",null,null,3,null,"Value of other atm transactions with cards issued by non-resident PSPs at terminals acquired by non-resident psp - terminal located in: Cyprus","Value of other atm transactions with cards issued by non-resident PSPs at terminals acquired by non-resident psp - terminal located in: Cyprus","EUR",6]
["PTT.A.AT.W1.CY.TRSC.1.2221.N.PN","A","AT","W1","CY","TRSC",1,2221,"N","PN","2022",null,"Q",false,null,null,"P1Y",{"$nulls":4},"S",null,null,3,null,"Number of other atm transactions with cards issued by non-resident PSPs at terminals acquired by non-resident psp - terminal located in: Cyprus","Number of other atm transactions with cards issued by non-resident PSPs at terminals acquired by non-resident psp - terminal located in: Cyprus","PN",6]
["PTT.A.AT.W1.CY.TRSC.1.2221.N.PN","A","AT","W1","CY","TRSC",1,2221,"N","PN","2023",null,"Q",false,null,null,"P1Y",{"$nulls":4},"S",null,null,3,null,"Number of other atm transactions with cards issued by non-resident PSPs at terminals acquired by non-resident psp - terminal located in: Cyprus","Number of other atm transactions with cards issued by non-resident PSPs at terminals acquired by non-resident psp - terminal located in: Cyprus","PN",6]
["PTT.A.AT.W1.CY.TRSC.2.2221.N.EUR","A","AT","W1","CY","TRSC",2,2221,"N","EUR","2022",0,"A",false,null,null,"P1Y",{"$nulls":4},"S",null,null,3,null,"Value of other atm transactions with cards issued by non-resident PSPs at terminals acquired by resident psp - terminal located in: Cyprus","Value of other atm transactions with cards issued by non-resident PSPs at terminals acquired by resident psp - terminal located in: Cyprus","EUR",6]
["PTT.A.AT.W1.CY.TRSC.2.2221.N.EUR","A","AT","W1","CY","TRSC",2,2221,"N","EUR","2023",0,"A",false,null,null,"P1Y",{"$nulls":4},"S",null,null,3,null,"Value of other atm transactions with cards issued by non-resident PSPs at terminals acquired by resident psp - terminal located in: Cyprus","Value of other atm transactions with cards issued by non-resident PSPs at terminals acquired by resident psp - terminal located in: Cyprus","EUR",6]
["PTT.A.AT.W1.CY.TRSC.2.2221.N.PN","A","AT","W1","CY","TRSC",2,2221,"N","PN","2022",0,"A",false,null,null,"P1Y",{"$nulls":4},"S",null,null,3,null,"Number of other atm transactions with cards issued by non-resident PSPs at terminals acquired by resident psp - terminal located in: Cyprus","Number of other atm transactions with cards issued by non-resident PSPs at terminals acquired by resident psp - terminal located in: Cyprus","PN",6]
["PTT.A.AT.W1.CY.TRSC.2.2221.N.PN","A","AT","W1","CY","TRSC",2,2221,"N","PN","2023",0,"A",false,null,null,"P1Y",{"$nulls":4},"S",null,null,3,null,"Number of other atm transactions with cards issued by non-resident PSPs at terminals acquired by resident psp - terminal located in: Cyprus","Number of other atm transactions with cards issued by non-resident PSPs at terminals acquired by resident psp - terminal located in: Cyprus","PN",6]
["PTT.A.AT.W1.CY.TRSO.1.2222.N.EUR","A","AT","W1","CY","TRSO",1,2222,"N","EUR","2014",6.241,"A",false,null,null,"P1Y",{"$nulls":4},"S",null,null,3,"unspecified","Value of pos transactions with cards issued by non-resident PSPs at terminals acquired by non-resident psp - terminal located in: Cyprus","Value of pos transactions with cards issued by non-resident PSPs at terminals acquired by non-resident psp - terminal located in: Cyprus","EUR",6]
["PTT.A.AT.W1.CY.TRSO.1.2222.N.EUR","A","AT","W1","CY","TRSO",1,2222,"N","EUR","2015",5.59,"A",false,null,null,"P1Y",{"$nulls":4},"S",null,null,3,"unspecified","Value of pos transactions with cards issued by non-resident PSPs at terminals acquired by non-resident psp - terminal located in: Cyprus","Value of pos transactions with cards issued by non-resident PSPs at terminals acquired by non-resident psp - terminal located in: Cyprus","EUR",6]
["PTT.A.AT.W1.CY.TRSO.1.2222.N.EUR","A","AT","W1","CY","TRSO",1,2222,"N","EUR","2016",6.49,"A",false,null,null,"P1Y",{"$nulls":4},"S",null,null,3,"unspecified","Value of pos transactions with cards issued by non-resident PSPs at terminals acquired by non-resident psp - terminal located in: Cyprus","Value of pos transactions with cards issued by non-resident PSPs at terminals acquired by non-resident psp - terminal located in: Cyprus","EUR",6]
["PTT.A.AT.W1.CY.TRSO.1.2222.N.EUR","A","AT","W1","CY","TRSO",1,2222,"N","EUR","2017",6.933,"A",false,null,null,"P1Y",{"$nulls":4},"S",null,null,3,"unspecified","Value of pos transactions with cards issued by non-resident PSPs at terminals acquired by non-resident psp - terminal located in: Cyprus","Value of pos transactions with cards issued by non-resident PSPs at terminals acquired by non-resident psp - terminal located in: Cyprus","EUR",6]
["PTT.A.AT.W1.CY.TRSO.1.2222.N.EUR","A","AT","W1","CY","TRSO",1,2222,"N","EUR","2018",8.6,"A",false,null,null,"P1Y",{"$nulls":4},"S",null,null,3,"unspecified","Value of pos transactions with cards issued by non-resident PSPs at terminals acquired by non-resident psp - terminal located in: Cyprus","Value of pos transactions with cards issued by non-resident PSPs at terminals acquired by non-resident psp - terminal located in: Cyprus","EUR",6]
["PTT.A.AT.W1.CY.TRSO.1.2222.N.EUR","A","AT","W1","CY","TRSO",1,2222,"N","EUR","2019",9.878,"A",false,null,null,"P1Y",{"$nulls":4},"S",null,null,3,"unspecified","Value of pos transactions with cards issued by non-resident PSPs at terminals acquired by non-resident psp - terminal located in: Cyprus","Value of pos transactions with cards issued by non-resident PSPs at terminals acquired by non-resident psp - terminal located in: Cyprus","EUR",6]
["PTT.A.AT.W1.CY.TRSO.1.2222.N.EUR","A","AT","W1","CY","TRSO",1,2222,"N","EUR","2020",4.888,"A",false,null,null,"P1Y",{"$nulls":4},"S",null,null,3,"unspecified","Value of pos transactions with cards issued by non-resident PSPs at terminals acquired by non-resident psp - terminal located in: Cyprus","Value of pos transactions with cards issued by non-resident PSPs at terminals acquired by non-resident psp - terminal located in: Cyprus","EUR",6]
["PTT.A.AT.W1.CY.TRSO.1.2222.N.EUR","A","AT","W1","CY","TRSO",1,2222,"N","EUR","2021",10.242,"A",false,null,null,"P1Y",{"$nulls":4},"S",null,null,3,"unspecified","Value of pos transactions with cards issued by non-resident PSPs at terminals acquired by non-resident psp - terminal located in: Cyprus","Value of pos transactions with cards issued by non-resident PSPs at terminals acquired by non-resident psp - terminal located in: Cyprus","EUR",6]
["PTT.A.AT.W1.CY.TRSO.1.2222.N.EUR","A","AT","W1","CY","TRSO",1,2222,"N","EUR","2022",15.43466125,"A",false,null,null,"P1Y",{"$nulls":4},"S",null,null,3,"unspecified","Value of pos transactions with cards issued by non-resident PSPs at terminals acquired by non-resident psp - terminal located in: Cyprus","Value of pos transactions with cards issued by non-resident PSPs at terminals acquired by non-resident psp - terminal located in: Cyprus","EUR",6]
["PTT.A.AT.W1.CY.TRSO.1.2222.N.EUR","A","AT","W1","CY","TRSO",1,2222,"N","EUR","2023",20.3316281,"A",false,null,null,"P1Y",{"$nulls":4},"S",null,null,3,"unspecified","Value of pos transactions with cards issued by non-resident PSPs at terminals acquired by non-resident psp - terminal located in: Cyprus","Value of pos transactions with cards issued by non-resident PSPs at terminals acquired by non-resident psp - terminal located in: Cyprus","EUR",6]
["PTT.A.AT.W1.CY.TRSO.1.2222.N.PN","A","AT","W1","CY","TRSO",1,2222,"N","PN","2014",0.049,"A",false,null,null,"P1Y",{"$nulls":4},"S",null,null,3,"unspecified","Number of pos transactions with cards issued by non-resident PSPs at terminals acquired by non-resident psp - terminal located in: Cyprus","Number of pos transactions with cards issued by non-resident PSPs at terminals acquired by non-resident psp - terminal located in: Cyprus","PN",6]
["PTT.A.AT.W1.CY.TRSO.1.2222.N.PN","A","AT","W1","CY","TRSO",1,2222,"N","PN","2015",0.047,"A",false,null,null,"P1Y",{"$nulls":4},"S",null,null,3,"unspecified","Number of pos transactions with cards issued by non-resident PSPs at terminals acquired by non-resident psp - terminal located in: Cyprus","Number of pos transactions with cards issued by non-resident PSPs at terminals acquired by non-resident psp - terminal located in: Cyprus","PN",6]
["PTT.A.AT.W1.CY.TRSO.1.2222.N.PN","A","AT","W1","CY","TRSO",1,2222,"N","PN","2016",0.055,"A",false,null,null,"P1Y",{"$nulls":4},"S",null,null,3,"unspecified","Number of pos transactions with cards issued by non-resident PSPs at terminals acquired by non-resident psp - terminal located in: Cyprus","Number of pos transactions with cards issued by non-resident PSPs at terminals acquired by non-resident psp - terminal located in: Cyprus","PN",6]
["PTT.A.AT.W1.CY.TRSO.1.2222.N.PN","A","AT","W1","CY","TRSO",1,2222,"N","PN","2017",0.06,"A",false,null,null,"P1Y",{"$nulls":4},"S",null,null,3,"unspecified","Number of pos transactions with cards issued by non-resident PSPs at terminals acquired by non-resident psp - terminal located in: Cyprus","Number of pos transactions with cards issued by non-resident PSPs at terminals acquired by non-resident psp - terminal located in: Cyprus","PN",6]
["PTT.A.AT.W1.CY.TRSO.1.2222.N.PN","A","AT","W1","CY","TRSO",1,2222,"N","PN","2018",0.083,"A",false,null,null,"P1Y",{"$nulls":4},"S",null,null,3,"unspecified","Number of pos transactions with cards issued by non-resident PSPs at terminals acquired by non-resident psp - terminal located in: Cyprus","Number of pos transactions with cards issued by non-resident PSPs at terminals acquired by non-resident psp - terminal located in: Cyprus","PN",6]
["PTT.A.AT.W1.CY.TRSO.1.2222.N.PN","A","AT","W1","CY","TRSO",1,2222,"N","PN","2019",0.101,"A",false,null,null,"P1Y",{"$nulls":4},"S",null,null,3,"unspecified","Number of pos transactions with cards issued by non-resident PSPs at terminals acquired by non-resident psp - terminal located in: Cyprus","Number of pos transactions with cards issued by non-resident PSPs at terminals acquired by non-resident psp - terminal located in: Cyprus","PN",6]
["PTT.A.AT.W1.CY.TRSO.1.2222.N.PN","A","AT","W1","CY","TRSO",1,2222,"N","PN","2020",0.073,"A",false,null,null,"P1Y",{"$nulls":4},"S",null,null,3,"unspecified","Number of pos transactions with cards issued by non-resident PSPs at terminals acquired by non-resident psp - terminal located in: Cyprus","Number of pos transactions with cards issued by non-resident PSPs at terminals acquired by non-resident psp - terminal located in: Cyprus","PN",6]
["PTT.A.AT.W1.CY.TRSO.1.2222.N.PN","A","AT","W1","CY","TRSO",1,2222,"N","PN","2021",0.143,"A",false,null,null,"P1Y",{"$nulls":4},"S",null,null,3,"unspecified","Number of pos transactions with cards issued by non-resident PSPs at terminals acquired by non-resident psp - terminal located in: Cyprus","Number of pos transactions with cards issued by non-resident PSPs at terminals acquired by non-resident psp - terminal located in: Cyprus","PN",6]
["PTT.A.AT.W1.CY.TRSO.1.2222.N.PN","A","AT","W1","CY","TRSO",1,2222,"N","PN","2022",0.253583,"A",false,null,null,"P1Y",{"$nulls":4},"S",null,null,3,"unspecified","Number of pos transactions with cards issued by non-resident PSPs at terminals acquired by non-resident psp - terminal located in: Cyprus","Number of pos transactions with cards issued by non-resident PSPs at terminals acquired by non-resident psp - terminal located in: Cyprus","PN",6]
["PTT.A.AT.W1.CY.TRSO.1.2222.N.PN","A","AT","W1","CY","TRSO",1,2222,"N","PN","2023",0.363357,"A",false,null,null,"P1Y",{"$nulls":4},"S",null,null,3,"unspecified","Number of pos transactions with cards issued by non-resident PSPs at terminals acquired by non-resident psp - terminal located in: Cyprus","Number of pos transactions with cards issued by non-resident PSPs at terminals acquired by non-resident psp - terminal located in: Cyprus","PN",6]
["PTT.A.AT.W1.CY.TRSO.2.2222.N.EUR","A","AT","W1","CY","TRSO",2,2222,"N","EUR","2014",null,"M",false,null,null,"P1Y",{"$nulls":4},"S",null,null,3,null,"Value of POS transactions at terminals acquired by resident PSP - terminal located in: Cyprus","Value of POS transactions at terminals acquired by resident PSP - terminal located in: Cyprus","EUR",6]
["PTT.A.AT.W1.CY.TRSO.2.2222.N.EUR","A","AT","W1","CY","TRSO",2,2222,"N","EUR","2015",null,"M",false,null,null,"P1Y",{"$nulls":4},"S",null,null,3,null,"Value of POS transactions at terminals acquired by resident PSP - terminal located in: Cyprus","Value of POS transactions at terminals acquired by resident PSP - terminal located in: Cyprus","EUR",6]
["PTT.A.AT.W1.CY.TRSO.2.2222.N.EUR","A","AT","W1","CY","TRSO",2,2222,"N","EUR","2016",null,"M",false,null,null,"P1Y",{"$nulls":4},"S",null,null,3,null,"Value of POS transactions at terminals acquired by resident PSP - terminal located in: Cyprus","Value of POS transactions at terminals acquired by resident PSP - terminal located in: Cyprus","EUR",6]
["PTT.A.AT.W1.CY.TRSO.2.2222.N.EUR","A","AT","W1","CY","TRSO",2,2222,"N","EUR","2017",null,"M",false,null,null,"P1Y",{"$nulls":4},"S",null,null,3,null,"Value of POS transactions at terminals acquired by resident PSP - terminal located in: Cyprus","Value of POS transactions at terminals acquired by resident PSP - terminal located in: Cyprus","EUR",6]
["PTT.A.AT.W1.CY.TRSO.2.2222.N.EUR","A","AT","W1","CY","TRSO",2,2222,"N","EUR","2018",null,"M",false,null,null,"P1Y",{"$nulls":4},"S",null,null,3,null,"Value of POS transactions at terminals acquired by resident PSP - terminal located in: Cyprus","Value of POS transactions at terminals acquired by resident PSP - terminal located in: Cyprus","EUR",6]
["PTT.A.AT.W1.CY.TRSO.2.2222.N.EUR","A","AT","W1","CY","TRSO",2,2222,"N","EUR","2019",null,"M",false,null,null,"P1Y",{"$nulls":4},"S",null,null,3,null,"Value of POS transactions at terminals acquired by resident PSP - terminal located in: Cyprus","Value of POS transactions at terminals acquired by resident PSP - terminal located in: Cyprus","EUR",6]
["PTT.A.AT.W1.CY.TRSO.2.2222.N.EUR","A","AT","W1","CY","TRSO",2,2222,"N","EUR","2020",null,"M",false,null,null,"P1Y",{"$nulls":4},"S",null,null,3,null,"Value of POS transactions at terminals acquired by resident PSP - terminal located in: Cyprus","Value of POS transactions at terminals acquired by resident PSP - terminal located in: Cyprus","EUR",6]
["PTT.A.AT.W1.CY.TRSO.2.2222.N.EUR","A","AT","W1","CY","TRSO",2,2222,"N","EUR","2021",null,"M",false,null,null,"P1Y",{"$nulls":4},"S",null,null,3,null,"Value of POS transactions at terminals acquired by resident PSP - terminal located in: Cyprus","Value of POS transactions at terminals acquired by resident PSP - terminal located in: Cyprus","EUR",6]
["PTT.A.AT.W1.CY.TRSO.2.2222.N.EUR","A","AT","W1","CY","TRSO",2,2222,"N","EUR","2022",0.18552785,"A",false,null,null,"P1Y",{"$nulls":4},"S",null,null,3,null,"Value of POS transactions at terminals acquired by resident PSP - terminal located in: Cyprus","Value of POS transactions at terminals acquired by resident PSP - terminal located in: Cyprus","EUR",6]
["PTT.A.AT.W1.CY.TRSO.2.2222.N.EUR","A","AT","W1","CY","TRSO",2,2222,"N","EUR","2023",0.28907705,"A",false,null,null,"P1Y",{"$nulls":4},"S",null,null,3,null,"Value of POS transactions at terminals acquired by resident PSP - terminal located in: Cyprus","Value of POS transactions at terminals acquired by resident PSP - terminal located in: Cyprus","EUR",6]
["PTT.A.AT.W1.CY.TRSO.2.2222.N.PN","A","AT","W1","CY","TRSO",2,2222,"N","PN","2014",null,"M",false,null,null,"P1Y",{"$nulls":4},"S",null,null,3,null,"Number of POS transactions at terminals acquired by resident PSP - terminal located in: Cyprus","Number of POS transactions at terminals acquired by resident PSP - terminal located in: Cyprus","PN",6]
["PTT.A.AT.W1.CY.TRSO.2.2222.N.PN","A","AT","W1","CY","TRSO",2,2222,"N","PN","2015",null,"M",false,null,null,"P1Y",{"$nulls":4},"S",null,null,3,null,"Number of POS transactions at terminals acquired by resident PSP - terminal located in: Cyprus","Number of POS transactions at terminals acquired by resident PSP - terminal located in: Cyprus","PN",6]
["PTT.A.AT.W1.CY.TRSO.2.2222.N.PN","A","AT","W1","CY","TRSO",2,2222,"N","PN","2016",null,"M",false,null,null,"P1Y",{"$nulls":4},"S",null,null,3,null,"Number of POS transactions at terminals acquired by resident PSP - terminal located in: Cyprus","Number of POS transactions at terminals acquired by resident PSP - terminal located in: Cyprus","PN",6]
["PTT.A.AT.W1.CY.TRSO.2.2222.N.PN","A","AT","W1","CY","TRSO",2,2222,"N","PN","2017",null,"M",false,null,null,"P1Y",{"$nulls":4},"S",null,null,3,null,"Number of POS transactions at terminals acquired by resident PSP - terminal located in: Cyprus","Number of POS transactions at terminals acquired by resident PSP - terminal located in: Cyprus","PN",6]
["PTT.A.AT.W1.CY.TRSO.2.2222.N.PN","A","AT","W1","CY","TRSO",2,2222,"N","PN","2018",null,"M",false,null,null,"P1Y",{"$nulls":4},"S",null,null,3,null,"Number of POS transactions at terminals acquired by resident PSP - terminal located in: Cyprus","Number of POS transactions at terminals acquired by resident PSP - terminal located in: Cyprus","PN",6]
["PTT.A.AT.W1.CY.TRSO.2.2222.N.PN","A","AT","W1","CY","TRSO",2,2222,"N","PN","2019",null,"M",false,null,null,"P1Y",{"$nulls":4},"S",null,null,3,null,"Number of POS transactions at terminals acquired by resident PSP - terminal located in: Cyprus","Number of POS transactions at terminals acquired by resident PSP - terminal located in: Cyprus","PN",6]
["PTT.A.AT.W1.CY.TRSO.2.2222.N.PN","A","AT","W1","CY","TRSO",2,2222,"N","PN","2020",null,"M",false,null,null,"P1Y",{"$nulls":4},"S",null,null,3,null,"Number of POS transactions at terminals acquired by resident PSP - terminal located in: Cyprus","Number of POS transactions at terminals acquired by resident PSP - terminal located in: Cyprus","PN",6]
["PTT.A.AT.W1.CY.TRSO.2.2222.N.PN","A","AT","W1","CY","TRSO",2,2222,"N","PN","2021",null,"M",false,null,null,"P1Y",{"$nulls":4},"S",null,null,3,null,"Number of POS transactions at terminals acquired by resident PSP - terminal located in: Cyprus","Number of POS transactions at terminals acquired by resident PSP - terminal located in: Cyprus","PN",6]
["PTT.A.AT.W1.CY.TRSO.2.2222.N.PN","A","AT","W1","CY","TRSO",2,2222,"N","PN","2022",0.001236,"A",false,null,null,"P1Y",{"$nulls":4},"S",null,null,3,null,"Number of POS transactions at terminals acquired by resident PSP - terminal located in: Cyprus","Number of POS transactions at terminals acquired by resident PSP - terminal located in: Cyprus","PN",6]
["PTT.A.AT.W1.CY.TRSO.2.2222.N.PN","A","AT","W1","CY","TRSO",2,2222,"N","PN","2023",0.002255,"A",false,null,null,"P1Y",{"$nulls":4},"S",null,null,3,null,"Number of POS transactions at terminals acquired by resident PSP - terminal located in: Cyprus","Number of POS transactions at terminals acquired by resident PSP - terminal located in: Cyprus","PN",6]
["PTT.A.AT.W1.CY._T.1.2220.N.EUR","A","AT","W1","CY","_T",1,2220,"N","EUR","2014",8.79,"A",false,null,null,"P1Y",{"$nulls":4},"S",null,null,3,"unspecified","Value of total transactions with cards issued by non-resident PSPs at terminals acquired by non-resident psp - terminal located in: Cyprus","Value of total transactions with cards issued by non-resident PSPs at terminals acquired by non-resident psp - terminal located in: Cyprus","EUR",6]
["PTT.A.AT.W1.CY._T.1.2220.N.EUR","A","AT","W1","CY","_T",1,2220,"N","EUR","2015",7.925,"A",false,null,null,"P1Y",{"$nulls":4},"S",null,null,3,"unspecified","Value of total transactions with cards issued by non-resident PSPs at terminals acquired by non-resident psp - terminal located in: Cyprus","Value of total transactions with cards issued by non-resident PSPs at terminals acquired by non-resident psp - terminal located in: Cyprus","EUR",6]
["PTT.A.AT.W1.CY._T.1.2220.N.EUR","A","AT","W1","CY","_T",1,2220,"N","EUR","2016",8.958,"A",false,null,null,"P1Y",{"$nulls":4},"S",null,null,3,"unspecified","Value of total transactions with cards issued by non-resident PSPs at terminals acquired by non-resident psp - terminal located in: Cyprus","Value of total transactions with cards issued by non-resident PSPs at terminals acquired by non-resident psp - terminal located in: Cyprus","EUR",6]
["PTT.A.AT.W1.CY._T.1.2220.N.EUR","A","AT","W1","CY","_T",1,2220,"N","EUR","2017",9.983,"A",false,null,null,"P1Y",{"$nulls":4},"S",null,null,3,"unspecified","Value of total transactions with cards issued by non-resident PSPs at terminals acquired by non-resident psp - terminal located in: Cyprus","Value of total transactions with cards issued by non-resident PSPs at terminals acquired by non-resident psp - terminal located in: Cyprus","EUR",6]
["PTT.A.AT.W1.CY._T.1.2220.N.EUR","A","AT","W1","CY","_T",1,2220,"N","EUR","2018",12.305,"A",false,null,null,"P1Y",{"$nulls":4},"S",null,null,3,"unspecified","Value of total transactions with cards issued by non-resident PSPs at terminals acquired by non-resident psp - terminal located in: Cyprus","Value of total transactions with cards issued by non-resident PSPs at terminals acquired by non-resident psp - terminal located in: Cyprus","EUR",6]
["PTT.A.AT.W1.CY._T.1.2220.N.EUR","A","AT","W1","CY","_T",1,2220,"N","EUR","2019",13.606,"A",false,null,null,"P1Y",{"$nulls":4},"S",null,null,3,"unspecified","Value of total transactions with cards issued by non-resident PSPs at terminals acquired by non-resident psp - terminal located in: Cyprus","Value of total transactions with cards issued by non-resident PSPs at terminals acquired by non-resident psp - terminal located in: Cyprus","EUR",6]
["PTT.A.AT.W1.CY._T.1.2220.N.EUR","A","AT","W1","CY","_T",1,2220,"N","EUR","2020",6.878,"A",false,null,null,"P1Y",{"$nulls":4},"S",null,null,3,"unspecified","Value of total transactions with cards issued by non-resident PSPs at terminals acquired by non-resident psp - terminal located in: Cyprus","Value of total transactions with cards issued by non-resident PSPs at terminals acquired by non-resident psp - terminal located in: Cyprus","EUR",6]
["PTT.A.AT.W1.CY._T.1.2220.N.EUR","A","AT","W1","CY","_T",1,2220,"N","EUR","2021",12.932,"A",false,null,null,"P1Y",{"$nulls":4},"S",null,null,3,"unspecified","Value of total transactions with cards issued by non-resident PSPs at terminals acquired by non-resident psp - terminal located in: Cyprus","Value of total transactions with cards issued by non-resident PSPs at terminals acquired by non-resident psp - terminal located in: Cyprus","EUR",6]
["PTT.A.AT.W1.CY._T.1.2220.N.EUR","A","AT","W1","CY","_T",1,2220,"N","EUR","2022",19.47609804,"A",false,null,null,"P1Y",{"$nulls":4},"S",null,null,3,"unspecified","Value of total transactions with cards issued by non-resident PSPs at terminals acquired by non-resident psp - terminal located in: Cyprus","Value of total transactions with cards issued by non-resident PSPs at terminals acquired by non-resident psp - terminal located in: Cyprus","EUR",6]
["PTT.A.AT.W1.CY._T.1.2220.N.EUR","A","AT","W1","CY","_T",1,2220,"N","EUR","2023",24.67165131,"A",false,null,null,"P1Y",{"$nulls":4},"S",null,null,3,"unspecified","Value of total transactions with cards issued by non-resident PSPs at terminals acquired by non-resident psp - terminal located in: Cyprus","Value of total transactions with cards issued by non-resident PSPs at terminals acquired by non-resident psp - terminal located in: Cyprus","EUR",6]
["PTT.A.AT.W1.CY._T.1.2220.N.PN","A","AT","W1","CY","_T",1,2220,"N","PN","2014",0.063,"A",false,null,null,"P1Y",{"$nulls":4},"S",null,null,3,"unspecified","Number of total transactions with cards issued by non-resident PSPs at terminals acquired by non-resident psp - terminal located in: Cyprus","Number of total transactions with cards issued by non-resident PSPs at terminals acquired by non-resident psp - terminal located in: Cyprus","PN",6]
["PTT.A.AT.W1.CY._T.1.2220.N.PN","A","AT","W1","CY","_T",1,2220,"N","PN","2015",0.06,"A",false,null,null,"P1Y",{"$nulls":4},"S",null,null,3,"unspecified","Number of total transactions with cards issued by non-resident PSPs at terminals acquired by non-resident psp - terminal located in: Cyprus","Number of total transactions with cards issued by non-resident PSPs at terminals acquired by non-resident psp - terminal located in: Cyprus","PN",6]
["PTT.A.AT.W1.CY._T.1.2220.N.PN","A","AT","W1","CY","_T",1,2220,"N","PN","2016",0.069,"A",false,null,null,"P1Y",{"$nulls":4},"S",null,null,3,"unspecified","Number of total transactions with cards issued by non-resident PSPs at terminals acquired by non-resident psp - terminal located in: Cyprus","Number of total transactions with cards issued by non-resident PSPs at terminals acquired by non-resident psp - terminal located in: Cyprus","PN",6]
["PTT.A.AT.W1.CY._T.1.2220.N.PN","A","AT","W1","CY","_T",1,2220,"N","PN","2017",0.078,"A",false,null,null,"P1Y",{"$nulls":4},"S",null,null,3,"unspecified","Number of total transactions with cards issued by non-resident PSPs at terminals acquired by non-resident psp - terminal located in: Cyprus","Number of total transactions with cards issued by non-resident PSPs at terminals acquired by non-resident psp - terminal located in: Cyprus","PN",6]
["PTT.A.AT.W1.CY._T.1.2220.N.PN","A","AT","W1","CY","_T",1,2220,"N","PN","2018",0.105,"A",false,null,null,"P1Y",{"$nulls":4},"S",null,null,3,"unspecified","Number of total transactions with cards issued by non-resident PSPs at terminals acquired by non-resident psp - terminal located in: Cyprus","Number of total transactions with cards issued by non-resident PSPs at terminals acquired by non-resident psp - terminal located in: Cyprus","PN",6]
["PTT.A.AT.W1.CY._T.1.2220.N.PN","A","AT","W1","CY","_T",1,2220,"N","PN","2019",0.123,"A",false,null,null,"P1Y",{"$nulls":4},"S",null,null,3,"unspecified","Number of total transactions with cards issued by non-resident PSPs at terminals acquired by non-resident psp - terminal located in: Cyprus","Number of total transactions with cards issued by non-resident PSPs at terminals acquired by non-resident psp - terminal located in: Cyprus","PN",6]
["PTT.A.AT.W1.CY._T.1.2220.N.PN","A","AT","W1","CY","_T",1,2220,"N","PN","2020",0.085,"A",false,null,null,"P1Y",{"$nulls":4},"S",null,null,3,"unspecified","Number of total transactions with cards issued by non-resident PSPs at terminals acquired by non-resident psp - terminal located in: Cyprus","Number of total transactions with cards issued by non-resident PSPs at terminals acquired by non-resident psp - terminal located in: Cyprus","PN",6]
["PTT.A.AT.W1.CY._T.1.2220.N.PN","A","AT","W1","CY","_T",1,2220,"N","PN","2021",0.158,"A",false,null,null,"P1Y",{"$nulls":4},"S",null,null,3,"unspecified","Number of total transactions with cards issued by non-resident PSPs at terminals acquired by non-resident psp - terminal located in: Cyprus","Number of total transactions with cards issued by non-resident PSPs at terminals acquired by non-resident psp - terminal located in: Cyprus","PN",6]
["PTT.A.AT.W1.CY._T.1.2220.N.PN","A","AT","W1","CY","_T",1,2220,"N","PN","2022",0.276585,"A",false,null,null,"P1Y",{"$nulls":4},"S",null,null,3,"unspecified","Number of total transactions with cards issued by non-resident PSPs at terminals acquired by non-resident psp - terminal located in: Cyprus","Number of total transactions with cards issued by non-resident PSPs at terminals acquired by non-resident psp - terminal located in: Cyprus","PN",6]
["PTT.A.AT.W1.CY._T.1.2220.N.PN","A","AT","W1","CY","_T",1,2220,"N","PN","2023",0.387102,"A",false,null,null,"P1Y",{"$nulls":4},"S",null,null,3,"unspecified","Number of total transactions with cards issued by non-resident PSPs at terminals acquired by non-resident psp - terminal located in: Cyprus","Number of total transactions with cards issued by non-resident PSPs at terminals acquired by non-resident psp - terminal located in: Cyprus","PN",6]
["PTT.A.AT.W1.CY._T.2.2220.N.EUR","A","AT","W1","CY","_T",2,2220,"N","EUR","2014",null,"M",false,null,null,"P1Y",{"$nulls":4},"S",null,null,3,null,"Value of total transactions at terminals acquired by resident PSP - terminal located in: Cyprus","Value of total transactions at terminals acquired by resident PSP - terminal located in: Cyprus","EUR",6]
["PTT.A.AT.W1.CY._T.2.2220.N.EUR","A","AT","W1","CY","_T",2,2220,"N","EUR","2015",null,"M",false,null,null,"P1Y",{"$nulls":4},"S",null,null,3,null,"Value of total transactions at terminals acquired by resident PSP - terminal located in: Cyprus","Value of total transactions at terminals acquired by resident PSP - terminal located in: Cyprus","EUR",6]
["PTT.A.AT.W1.CY._T.2.2220.N.EUR","A","AT","W1","CY","_T",2,2220,"N","EUR","2016",null,"M",false,null,null,"P1Y",{"$nulls":4},"S",null,null,3,null,"Value of total transactions at terminals acquired by resident PSP - terminal located in: Cyprus","Value of total transactions at terminals acquired by resident PSP - terminal located in: Cyprus","EUR",6]
["PTT.A.AT.W1.CY._T.2.2220.N.EUR","A","AT","W1","CY","_T",2,2220,"N","EUR","2017",null,"M",false,null,null,"P1Y",{"$nulls":4},"S",null,null,3,null,"Value of total transactions at terminals acquired by resident PSP - terminal located in: Cyprus","Value of total transactions at terminals acquired by resident PSP - terminal located in: Cyprus","EUR",6]
["PTT.A.AT.W1.CY._T.2.2220.N.EUR","A","AT","W1","CY","_T",2,2220,"N","EUR","2018",null,"M",false,null,null,"P1Y",{"$nulls":4},"S",null,null,3,null,"Value of total transactions at terminals acquired by resident PSP - terminal located in: Cyprus","Value of total transactions at terminals acquired by resident PSP - terminal located in: Cyprus","EUR",6]
["PTT.A.AT.W1.CY._T.2.2220.N.EUR","A","AT","W1","CY","_T",2,2220,"N","EUR","2019",null,"M",false,null,null,"P1Y",{"$nulls":4},"S",null,null,3,null,"Value of total transactions at terminals acquired by resident PSP - terminal located in: Cyprus","Value of total transactions at terminals acquired by resident PSP - terminal located in: Cyprus","EUR",6]
["PTT.A.AT.W1.CY._T.2.2220.N.EUR","A","AT","W1","CY","_T",2,2220,"N","EUR","2020",null,"M",false,null,null,"P1Y",{"$nulls":4},"S",null,null,3,null,"Value of total transactions at terminals acquired by resident PSP - terminal located in: Cyprus","Value of total transactions at terminals acquired by resident PSP - terminal located in: Cyprus","EUR",6]
["PTT.A.AT.W1.CY._T.2.2220.N.EUR","A","AT","W1","CY","_T",2,2220,"N","EUR","2021",null,"M",false,null,null,"P1Y",{"$nulls":4},"S",null,null,3,null,"Value of total transactions at terminals acquired by resident PSP - terminal located in: Cyprus","Value of total transactions at terminals acquired by resident PSP - terminal located in: Cyprus","EUR",6]
["PTT.A.AT.W1.CY._T.2.2220.N.EUR","A","AT","W1","CY","_T",2,2220,"N","EUR","2022",0.18552785,"A",false,null,null,"P1Y",{"$nulls":4},"S",null,null,3,null,"Value of total transactions at terminals acquired by resident PSP - terminal located in: Cyprus","Value of total transactions at terminals acquired by resident PSP - terminal located in: Cyprus","EUR",6]
["PTT.A.AT.W1.CY._T.2.2220.N.EUR","A","AT","W1","CY","_T",2,2220,"N","EUR","2023",0.28907705,"A",false,null,null,"P1Y",{"$nulls":4},"S",null,null,3,null,"Value of total transactions at terminals acquired by resident PSP - terminal located in: Cyprus","Value of total transactions at terminals acquired by resident PSP - terminal located in: Cyprus","EUR",6]
["PTT.A.AT.W1.CY._T.2.2220.N.PN","A","AT","W1","CY","_T",2,2220,"N","PN","2014",null,"M",false,null,null,"P1Y",{"$nulls":4},"S",null,null,3,null,"Number of total transactions at terminals acquired by resident PSP - terminal located in: Cyprus","Number of total transactions at terminals acquired by resident PSP - terminal located in: Cyprus","PN",6]
["PTT.A.AT.W1.CY._T.2.2220.N.PN","A","AT","W1","CY","_T",2,2220,"N","PN","2015",null,"M",false,null,null,"P1Y",{"$nulls":4},"S",null,null,3,null,"Number of total transactions at terminals acquired by resident PSP - terminal located in: Cyprus","Number of total transactions at terminals acquired by resident PSP - terminal located in: Cyprus","PN",6]
["PTT.A.AT.W1.CY._T.2.2220.N.PN","A","AT","W1","CY","_T",2,2220,"N","PN","2016",null,"M",false,null,null,"P1Y",{"$nulls":4},"S",null,null,3,null,"Number of total transactions at terminals acquired by resident PSP - terminal located in: Cyprus","Number of total transactions at terminals acquired by resident PSP - terminal located in: Cyprus","PN",6]
["PTT.A.AT.W1.CY._T.2.2220.N.PN","A","AT","W1","CY","_T",2,2220,"N","PN","2017",null,"M",false,null,null,"P1Y",{"$nulls":4},"S",null,null,3,null,"Number of total transactions at terminals acquired by resident PSP - terminal located in: Cyprus","Number of total transactions at terminals acquired by resident PSP - terminal located in: Cyprus","PN",6]
["PTT.A.AT.W1.CY._T.2.2220.N.PN","A","AT","W1","CY","_T",2,2220,"N","PN","2018",null,"M",false,null,null,"P1Y",{"$nulls":4},"S",null,null,3,null,"Number of total transactions at terminals acquired by resident PSP - terminal located in: Cyprus","Number of total transactions at terminals acquired by resident PSP - terminal located in: Cyprus","PN",6]
["PTT.A.AT.W1.CY._T.2.2220.N.PN","A","AT","W1","CY","_T",2,2220,"N","PN","2019",null,"M",false,null,null,"P1Y",{"$nulls":4},"S",null,null,3,null,"Number of total transactions at terminals acquired by resident PSP - terminal located in: Cyprus","Number of total transactions at terminals acquired by resident PSP - terminal located in: Cyprus","PN",6]
["PTT.A.AT.W1.CY._T.2.2220.N.PN","A","AT","W1","CY","_T",2,2220,"N","PN","2020",null,"M",false,null,null,"P1Y",{"$nulls":4},"S",null,null,3,null,"Number of total transactions at terminals acquired by resident PSP - terminal located in: Cyprus","Number of total transactions at terminals acquired by resident PSP - terminal located in: Cyprus","PN",6]
["PTT.A.AT.W1.CY._T.2.2220.N.PN","A","AT","W1","CY","_T",2,2220,"N","PN","2021",null,"M",false,null,null,"P1Y",{"$nulls":4},"S",null,null,3,null,"Number of total transactions at terminals acquired by resident PSP - terminal located in: Cyprus","Number of total transactions at terminals acquired by resident PSP - terminal located in: Cyprus","PN",6]
["PTT.A.AT.W1.CY._T.2.2220.N.PN","A","AT","W1","CY","_T",2,2220,"N","PN","2022",0.001236,"A",false,null,null,"P1Y",{"$nulls":4},"S",null,null,3,null,"Number of total transactions at terminals acquired by resident PSP - terminal located in: Cyprus","Number of total transactions at terminals acquired by resident PSP - terminal located in: Cyprus","PN",6]
["PTT.A.AT.W1.CY._T.2.2220.N.PN","A","AT","W1","CY","_T",2,2220,"N","PN","2023",0.002255,"A",false,null,null,"P1Y",{"$nulls":4},"S",null,null,3,null,"Number of total transactions at terminals acquired by resident PSP - terminal located in: Cyprus","Number of total transactions at terminals acquired by resident PSP - terminal located in: Cyprus","PN",6]
["PTT.A.AT.W1.CZ.CD1.1.2221.N.EUR","A","AT","W1","CZ","CD1",1,2221,"N","EUR","2014",null,"M",false,null,null,"P1Y",{"$nulls":4},"S",null,null,3,null,"Value of ATM cash deposits at terminals acquired by non-resident PSP - terminal located in: Czech Republic","Value of ATM cash deposits at terminals acquired by non-resident PSP - terminal located in: Czech Republic","EUR",6]
["PTT.A.AT.W1.CZ.CD1.1.2221.N.EUR","A","AT","W1","CZ","CD1",1,2221,"N","EUR","2015",null,"M",false,null,null,"P1Y",{"$nulls":4},"S",null,null,3,null,"Value of ATM cash deposits at terminals acquired by non-resident PSP - terminal located in: Czech Republic","Value of ATM cash deposits at terminals acquired by non-resident PSP - terminal located in: Czech Republic","EUR",6]
["PTT.A.AT.W1.CZ.CD1.1.2221.N.EUR","A","AT","W1","CZ","CD1",1,2221,"N","EUR","2016",null,"M",false,null,null,"P1Y",{"$nulls":4},"S",null,null,3,null,"Value of ATM cash deposits at terminals acquired by non-resident PSP - terminal located in: Czech Republic","Value of ATM cash deposits at terminals acquired by non-resident PSP - terminal located in: Czech Republic","EUR",6]
["PTT.A.AT.W1.CZ.CD1.1.2221.N.EUR","A","AT","W1","CZ","CD1",1,2221,"N","EUR","2017",null,"M",false,null,null,"P1Y",{"$nulls":4},"S",null,null,3,null,"Value of ATM cash deposits at terminals acquired by non-resident PSP - terminal located in: Czech Republic","Value of ATM cash deposits at terminals acquired by non-resident PSP - terminal located in: Czech Republic","EUR",6]
["PTT.A.AT.W1.CZ.CD1.1.2221.N.EUR","A","AT","W1","CZ","CD1",1,2221,"N","EUR","2018",null,"M",false,null,null,"P1Y",{"$nulls":4},"S",null,null,3,null,"Value of ATM cash deposits at terminals acquired by non-resident PSP - terminal located in: Czech Republic","Value of ATM cash deposits at terminals acquired by non-resident PSP - terminal located in: Czech Republic","EUR",6]
["PTT.A.AT.W1.CZ.CD1.1.2221.N.EUR","A","AT","W1","CZ","CD1",1,2221,"N","EUR","2019",null,"M",false,null,null,"P1Y",{"$nulls":4},"S",null,null,3,null,"Value of ATM cash deposits at terminals acquired by non-resident PSP - terminal located in: Czech Republic","Value of ATM cash deposits at terminals acquired by non-resident PSP - terminal located in: Czech Republic","EUR",6]
["PTT.A.AT.W1.CZ.CD1.1.2221.N.EUR","A","AT","W1","CZ","CD1",1,2221,"N","EUR","2020",null,"M",false,null,null,"P1Y",{"$nulls":4},"S",null,null,3,null,"Value of ATM cash deposits at terminals acquired by non-resident PSP - terminal located in: Czech Republic","Value of ATM cash deposits at terminals acquired by non-resident PSP - terminal located in: Czech Republic","EUR",6]
["PTT.A.AT.W1.CZ.CD1.1.2221.N.EUR","A","AT","W1","CZ","CD1",1,2221,"N","EUR","2021",null,"M",false,null,null,"P1Y",{"$nulls":4},"S",null,null,3,null,"Value of ATM cash deposits at terminals acquired by non-resident PSP - terminal located in: Czech Republic","Value of ATM cash deposits at terminals acquired by non-resident PSP - terminal located in: Czech Republic","EUR",6]
["PTT.A.AT.W1.CZ.CD1.1.2221.N.EUR","A","AT","W1","CZ","CD1",1,2221,"N","EUR","2022",null,"Q",false,null,null,"P1Y",{"$nulls":4},"S",null,null,3,null,"Value of ATM cash deposits at terminals acquired by non-resident PSP - terminal located in: Czech Republic","Value of ATM cash deposits at terminals acquired by non-resident PSP - terminal located in: Czech Republic","EUR",6]
["PTT.A.AT.W1.CZ.CD1.1.2221.N.EUR","A","AT","W1","CZ","CD1",1,2221,"N","EUR","2023",null,"Q",false,null,null,"P1Y",{"$nulls":4},"S",null,null,3,null,"Value of ATM cash deposits at terminals acquired by non-resident PSP - terminal located in: Czech Republic","Value of ATM cash deposits at terminals acquired by non-resident PSP - terminal located in: Czech Republic","EUR",6]
["PTT.A.AT.W1.CZ.CD1.1.2221.N.PN","A","AT","W1","CZ","CD1",1,2221,"N","PN","2014",null,"M",false,null,null,"P1Y",{"$nulls":4},"S",null,null,3,null,"Number of ATM cash deposits at terminals acquired by non-resident PSP - terminal located in: Czech Republic","Number of ATM cash deposits at terminals acquired by non-resident PSP - terminal located in: Czech Republic","PN",6]
["PTT.A.AT.W1.CZ.CD1.1.2221.N.PN","A","AT","W1","CZ","CD1",1,2221,"N","PN","2015",null,"M",false,null,null,"P1Y",{"$nulls":4},"S",null,null,3,null,"Number of ATM cash deposits at terminals acquired by non-resident PSP - terminal located in: Czech Republic","Number of ATM cash deposits at terminals acquired by non-resident PSP - terminal located in: Czech Republic","PN",6]
["PTT.A.AT.W1.CZ.CD1.1.2221.N.PN","A","AT","W1","CZ","CD1",1,2221,"N","PN","2016",null,"M",false,null,null,"P1Y",{"$nulls":4},"S",null,null,3,null,"Number of ATM cash deposits at terminals acquired by non-resident PSP - terminal located in: Czech Republic","Number of ATM cash deposits at terminals acquired by non-resident PSP - terminal located in: Czech Republic","PN",6]
["PTT.A.AT.W1.CZ.CD1.1.2221.N.PN","A","AT","W1","CZ","CD1",1,2221,"N","PN","2017",null,"M",false,null,null,"P1Y",{"$nulls":4},"S",null,null,3,null,"Number of ATM cash deposits at terminals acquired by non-resident PSP - terminal located in: Czech Republic","Number of ATM cash deposits at terminals acquired by non-resident PSP - terminal located in: Czech Republic","PN",6]
["PTT.A.AT.W1.CZ.CD1.1.2221.N.PN","A","AT","W1","CZ","CD1",1,2221,"N","PN","2018",null,"M",false,null,null,"P1Y",{"$nulls":4},"S",null,null,3,null,"Number of ATM cash deposits at terminals acquired by non-resident PSP - terminal located in: Czech Republic","Number of ATM cash deposits at terminals acquired by non-resident PSP - terminal located in: Czech Republic","PN",6]
["PTT.A.AT.W1.CZ.CD1.1.2221.N.PN","A","AT","W1","CZ","CD1",1,2221,"N","PN","2019",null,"M",false,null,null,"P1Y",{"$nulls":4},"S",null,null,3,null,"Number of ATM cash deposits at terminals acquired by non-resident PSP - terminal located in: Czech Republic","Number of ATM cash deposits at terminals acquired by non-resident PSP - terminal located in: Czech Republic","PN",6]
["PTT.A.AT.W1.CZ.CD1.1.2221.N.PN","A","AT","W1","CZ","CD1",1,2221,"N","PN","2020",null,"M",false,null,null,"P1Y",{"$nulls":4},"S",null,null,3,null,"Number of ATM cash deposits at terminals acquired by non-resident PSP - terminal located in: Czech Republic","Number of ATM cash deposits at terminals acquired by non-resident PSP - terminal located in: Czech Republic","PN",6]
["PTT.A.AT.W1.CZ.CD1.1.2221.N.PN","A","AT","W1","CZ","CD1",1,2221,"N","PN","2021",null,"M",false,null,null,"P1Y",{"$nulls":4},"S",null,null,3,null,"Number of ATM cash deposits at terminals acquired by non-resident PSP - terminal located in: Czech Republic","Number of ATM cash deposits at terminals acquired by non-resident PSP - terminal located in: Czech Republic","PN",6]
["PTT.A.AT.W1.CZ.CD1.1.2221.N.PN","A","AT","W1","CZ","CD1",1,2221,"N","PN","2022",null,"Q",false,null,null,"P1Y",{"$nulls":4},"S",null,null,3,null,"Number of ATM cash deposits at terminals acquired by non-resident PSP - terminal located in: Czech Republic","Number of ATM cash deposits at terminals acquired by non-resident PSP - terminal located in: Czech Republic","PN",6]
["PTT.A.AT.W1.CZ.CD1.1.2221.N.PN","A","AT","W1","CZ","CD1",1,2221,"N","PN","2023",null,"Q",false,null,null,"P1Y",{"$nulls":4},"S",null,null,3,null,"Number of ATM cash deposits at terminals acquired by non-resident PSP - terminal located in: Czech Republic","Number of ATM cash deposits at terminals acquired by non-resident PSP - terminal located in: Czech Republic","PN",6]
["PTT.A.AT.W1.CZ.CD1.2.2221.N.EUR","A","AT","W1","CZ","CD1",2,2221,"N","EUR","2014",null,"M",false,null,null,"P1Y",{"$nulls":4},"S",null,null,3,null,"Value of ATM cash deposits at terminals acquired by resident PSP - terminal located in: Czech Republic","Value of ATM cash deposits at terminals acquired by resident PSP - terminal located in: Czech Republic","EUR",6]
["PTT.A.AT.W1.CZ.CD1.2.2221.N.EUR","A","AT","W1","CZ","CD1",2,2221,"N","EUR","2015",null,"M",false,null,null,"P1Y",{"$nulls":4},"S",null,null,3,null,"Value of ATM cash deposits at terminals acquired by resident PSP - terminal located in: Czech Republic","Value of ATM cash deposits at terminals acquired by resident PSP - terminal located in: Czech Republic","EUR",6]
["PTT.A.AT.W1.CZ.CD1.2.2221.N.EUR","A","AT","W1","CZ","CD1",2,2221,"N","EUR","2016",null,"M",false,null,null,"P1Y",{"$nulls":4},"S",null,null,3,null,"Value of ATM cash deposits at terminals acquired by resident PSP - terminal located in: Czech Republic","Value of ATM cash deposits at terminals acquired by resident PSP - terminal located in: Czech Republic","EUR",6]
["PTT.A.AT.W1.CZ.CD1.2.2221.N.EUR","A","AT","W1","CZ","CD1",2,2221,"N","EUR","2017",null,"M",false,null,null,"P1Y",{"$nulls":4},"S",null,null,3,null,"Value of ATM cash deposits at terminals acquired by resident PSP - terminal located in: Czech Republic","Value of ATM cash deposits at terminals acquired by resident PSP - terminal located in: Czech Republic","EUR",6]
["PTT.A.AT.W1.CZ.CD1.2.2221.N.EUR","A","AT","W1","CZ","CD1",2,2221,"N","EUR","2018",null,"M",false,null,null,"P1Y",{"$nulls":4},"S",null,null,3,null,"Value of ATM cash deposits at terminals acquired by resident PSP - terminal located in: Czech Republic","Value of ATM cash deposits at terminals acquired by resident PSP - terminal located in: Czech Republic","EUR",6]
["PTT.A.AT.W1.CZ.CD1.2.2221.N.EUR","A","AT","W1","CZ","CD1",2,2221,"N","EUR","2019",null,"M",false,null,null,"P1Y",{"$nulls":4},"S",null,null,3,null,"Value of ATM cash deposits at terminals acquired by resident PSP - terminal located in: Czech Republic","Value of ATM cash deposits at terminals acquired by resident PSP - terminal located in: Czech Republic","EUR",6]
["PTT.A.AT.W1.CZ.CD1.2.2221.N.EUR","A","AT","W1","CZ","CD1",2,2221,"N","EUR","2020",null,"M",false,null,null,"P1Y",{"$nulls":4},"S",null,null,3,null,"Value of ATM cash deposits at terminals acquired by resident PSP - terminal located in: Czech Republic","Value of ATM cash deposits at terminals acquired by resident PSP - terminal located in: Czech Republic","EUR",6]
["PTT.A.AT.W1.CZ.CD1.2.2221.N.EUR","A","AT","W1","CZ","CD1",2,2221,"N","EUR","2021",null,"M",false,null,null,"P1Y",{"$nulls":4},"S",null,null,3,null,"Value of ATM cash deposits at terminals acquired by resident PSP - terminal located in: Czech Republic","Value of ATM cash deposits at terminals acquired by resident PSP - terminal located in: Czech Republic","EUR",6]
["PTT.A.AT.W1.CZ.CD1.2.2221.N.EUR","A","AT","W1","CZ","CD1",2,2221,"N","EUR","2022",0,"A",false,null,null,"P1Y",{"$nulls":4},"S",null,null,3,null,"Value of ATM cash deposits at terminals acquired by resident PSP - terminal located in: Czech Republic","Value of ATM cash deposits at terminals acquired by resident PSP - terminal located in: Czech Republic","EUR",6]
["PTT.A.AT.W1.CZ.CD1.2.2221.N.EUR","A","AT","W1","CZ","CD1",2,2221,"N","EUR","2023",0,"A",false,null,null,"P1Y",{"$nulls":4},"S",null,null,3,null,"Value of ATM cash deposits at terminals acquired by resident PSP - terminal located in: Czech Republic","Value of ATM cash deposits at terminals acquired by resident PSP - terminal located in: Czech Republic","EUR",6]
["PTT.A.AT.W1.CZ.CD1.2.2221.N.PN","A","AT","W1","CZ","CD1",2,2221,"N","PN","2014",null,"M",false,null,null,"P1Y",{"$nulls":4},"S",null,null,3,null,"Number of ATM cash deposits at terminals acquired by resident PSP - terminal located in: Czech Republic","Number of ATM cash deposits at terminals acquired by resident PSP - terminal located in: Czech Republic","PN",6]
["PTT.A.AT.W1.CZ.CD1.2.2221.N.PN","A","AT","W1","CZ","CD1",2,2221,"N","PN","2015",null,"M",false,null,null,"P1Y",{"$nulls":4},"S",null,null,3,null,"Number of ATM cash deposits at terminals acquired by resident PSP - terminal located in: Czech Republic","Number of ATM cash deposits at terminals acquired by resident PSP - terminal located in: Czech Republic","PN",6]
["PTT.A.AT.W1.CZ.CD1.2.2221.N.PN","A","AT","W1","CZ","CD1",2,2221,"N","PN","2016",null,"M",false,null,null,"P1Y",{"$nulls":4},"S",null,null,3,null,"Number of ATM cash deposits at terminals acquired by resident PSP - terminal located in: Czech Republic","Number of ATM cash deposits at terminals acquired by resident PSP - terminal located in: Czech Republic","PN",6]
["PTT.A.AT.W1.CZ.CD1.2.2221.N.PN","A","AT","W1","CZ","CD1",2,2221,"N","PN","2017",null,"M",false,null,null,"P1Y",{"$nulls":4},"S",null,null,3,null,"Number of ATM cash deposits at terminals acquired by resident PSP - terminal located in: Czech Republic","Number of ATM cash deposits at terminals acquired by resident PSP - terminal located in: Czech Republic","PN",6]
["PTT.A.AT.W1.CZ.CD1.2.2221.N.PN","A","AT","W1","CZ","CD1",2,2221,"N","PN","2018",null,"M",false,null,null,"P1Y",{"$nulls":4},"S",null,null,3,null,"Number of ATM cash deposits at terminals acquired by resident PSP - terminal located in: Czech Republic","Number of ATM cash deposits at terminals acquired by resident PSP - terminal located in: Czech Republic","PN",6]
["PTT.A.AT.W1.CZ.CD1.2.2221.N.PN","A","AT","W1","CZ","CD1",2,2221,"N","PN","2019",null,"M",false,null,null,"P1Y",{"$nulls":4},"S",null,null,3,null,"Number of ATM cash deposits at terminals acquired by resident PSP - terminal located in: Czech Republic","Number of ATM cash deposits at terminals acquired by resident PSP - terminal located in: Czech Republic","PN",6]
["PTT.A.AT.W1.CZ.CD1.2.2221.N.PN","A","AT","W1","CZ","CD1",2,2221,"N","PN","2020",null,"M",false,null,null,"P1Y",{"$nulls":4},"S",null,null,3,null,"Number of ATM cash deposits at terminals acquired by resident PSP - terminal located in: Czech Republic","Number of ATM cash deposits at terminals acquired by resident PSP - terminal located in: Czech Republic","PN",6]
["PTT.A.AT.W1.CZ.CD1.2.2221.N.PN","A","AT","W1","CZ","CD1",2,2221,"N","PN","2021",null,"M",false,null,null,"P1Y",{"$nulls":4},"S",null,null,3,null,"Number of ATM cash deposits at terminals acquired by resident PSP - terminal located in: Czech Republic","Number of ATM cash deposits at terminals acquired by resident PSP - terminal located in: Czech Republic","PN",6]
["PTT.A.AT.W1.CZ.CD1.2.2221.N.PN","A","AT","W1","CZ","CD1",2,2221,"N","PN","2022",0,"A",false,null,null,"P1Y",{"$nulls":4},"S",null,null,3,null,"Number of ATM cash deposits at terminals acquired by resident PSP - terminal located in: Czech Republic","Number of ATM cash deposits at terminals acquired by resident PSP - terminal located in: Czech Republic","PN",6]
["PTT.A.AT.W1.CZ.CD1.2.2221.N.PN","A","AT","W1","CZ","CD1",2,2221,"N","PN","2023",0,"A",false,null,null,"P1Y",{"$nulls":4},"S",null,null,3,null,"Number of ATM cash deposits at terminals acquired by resident PSP - terminal located in: Czech Republic","Number of ATM cash deposits at terminals acquired by resident PSP - terminal located in: Czech Republic","PN",6]
["PTT.A.AT.W1.CZ.CW1.1.2221.N.EUR","A","AT","W1","CZ","CW1",1,2221,"N","EUR","2014",35.257,"A",false,null,null,"P1Y",{"$nulls":4},"S",null,null,3,"unspecified","Value of atm cash withdrawals with cards issued by non-resident PSPs at terminals acquired by non-resident psp - terminal located in: Czech Republic","Value of atm cash withdrawals with cards issued by non-resident PSPs at terminals acquired by non-resident psp - terminal located in: Czech Republic","EUR",6]
["PTT.A.AT.W1.CZ.CW1.1.2221.N.EUR","A","AT","W1","CZ","CW1",1,2221,"N","EUR","2015",35.338,"A",false,null,null,"P1Y",{"$nulls":4},"S",null,null,3,"unspecified","Value of atm cash withdrawals with cards issued by non-resident PSPs at terminals acquired by non-resident psp - terminal located in: Czech Republic","Value of atm cash withdrawals with cards issued by non-resident PSPs at terminals acquired by non-resident psp - terminal located in: Czech Republic","EUR",6]
["PTT.A.AT.W1.CZ.CW1.1.2221.N.EUR","A","AT","W1","CZ","CW1",1,2221,"N","EUR","2016",37.513,"A",false,null,null,"P1Y",{"$nulls":4},"S",null,null,3,"unspecified","Value of atm cash withdrawals with cards issued by non-resident PSPs at terminals acquired by non-resident psp - terminal located in: Czech Republic","Value of atm cash withdrawals with cards issued by non-resident PSPs at terminals acquired by non-resident psp - terminal located in: Czech Republic","EUR",6]
["PTT.A.AT.W1.CZ.CW1.1.2221.N.EUR","A","AT","W1","CZ","CW1",1,2221,"N","EUR","2017",37.772,"A",false,null,null,"P1Y",{"$nulls":4},"S",null,null,3,"unspecified","Value of atm cash withdrawals with cards issued by non-resident PSPs at terminals acquired by non-resident psp - terminal located in: Czech Republic","Value of atm cash withdrawals with cards issued by non-resident PSPs at terminals acquired by non-resident psp - terminal located in: Czech Republic","EUR",6]
["PTT.A.AT.W1.CZ.CW1.1.2221.N.EUR","A","AT","W1","CZ","CW1",1,2221,"N","EUR","2018",38.62,"A",false,null,null,"P1Y",{"$nulls":4},"S",null,null,3,"unspecified","Value of atm cash withdrawals with cards issued by non-resident PSPs at terminals acquired by non-resident psp - terminal located in: Czech Republic","Value of atm cash withdrawals with cards issued by non-resident PSPs at terminals acquired by non-resident psp - terminal located in: Czech Republic","EUR",6]
["PTT.A.AT.W1.CZ.CW1.1.2221.N.EUR","A","AT","W1","CZ","CW1",1,2221,"N","EUR","2019",37.453,"A",false,null,null,"P1Y",{"$nulls":4},"S",null,null,3,"unspecified","Value of atm cash withdrawals with cards issued by non-resident PSPs at terminals acquired by non-resident psp - terminal located in: Czech Republic","Value of atm cash withdrawals with cards issued by non-resident PSPs at terminals acquired by non-resident psp - terminal located in: Czech Republic","EUR",6]
["PTT.A.AT.W1.CZ.CW1.1.2221.N.EUR","A","AT","W1","CZ","CW1",1,2221,"N","EUR","2020",22.453,"A",false,null,null,"P1Y",{"$nulls":4},"S",null,null,3,"unspecified","Value of atm cash withdrawals with cards issued by non-resident PSPs at terminals acquired by non-resident psp - terminal located in: Czech Republic","Value of atm cash withdrawals with cards issued by non-resident PSPs at terminals acquired by non-resident psp - terminal located in: Czech Republic","EUR",6]
["PTT.A.AT.W1.CZ.CW1.1.2221.N.EUR","A","AT","W1","CZ","CW1",1,2221,"N","EUR","2021",22.783,"A",false,null,null,"P1Y",{"$nulls":4},"S",null,null,3,"unspecified","Value of atm cash withdrawals with cards issued by non-resident PSPs at terminals acquired by non-resident psp - terminal located in: Czech Republic","Value of atm cash withdrawals with cards issued by non-resident PSPs at terminals acquired by non-resident psp - terminal located in: Czech Republic","EUR",6]
["PTT.A.AT.W1.CZ.CW1.1.2221.N.EUR","A","AT","W1","CZ","CW1",1,2221,"N","EUR","2022",33.27488426,"A",false,null,null,"P1Y",{"$nulls":4},"S",null,null,3,"unspecified","Value of atm cash withdrawals with cards issued by non-resident PSPs at terminals acquired by non-resident psp - terminal located in: Czech Republic","Value of atm cash withdrawals with cards issued by non-resident PSPs at terminals acquired by non-resident psp - terminal located in: Czech Republic","EUR",6]
["PTT.A.AT.W1.CZ.CW1.1.2221.N.EUR","A","AT","W1","CZ","CW1",1,2221,"N","EUR","2023",34.35673263,"A",false,null,null,"P1Y",{"$nulls":4},"S",null,null,3,"unspecified","Value of atm cash withdrawals with cards issued by non-resident PSPs at terminals acquired by non-resident psp - terminal located in: Czech Republic","Value of atm cash withdrawals with cards issued by non-resident PSPs at terminals acquired by non-resident psp - terminal located in: Czech Republic","EUR",6]
["PTT.A.AT.W1.CZ.CW1.1.2221.N.PN","A","AT","W1","CZ","CW1",1,2221,"N","PN","2014",0.35,"A",false,null,null,"P1Y",{"$nulls":4},"S",null,null,3,"unspecified","Number of atm cash withdrawals with cards issued by non-resident PSPs at terminals acquired by non-resident psp - terminal located in: Czech Republic","Number of atm cash withdrawals with cards issued by non-resident PSPs at terminals acquired by non-resident psp - terminal located in: Czech Republic","PN",6]
["PTT.A.AT.W1.CZ.CW1.1.2221.N.PN","A","AT","W1","CZ","CW1",1,2221,"N","PN","2015",0.336,"A",false,null,null,"P1Y",{"$nulls":4},"S",null,null,3,"unspecified","Number of atm cash withdrawals with cards issued by non-resident PSPs at terminals acquired by non-resident psp - terminal located in: Czech Republic","Number of atm cash withdrawals with cards issued by non-resident PSPs at terminals acquired by non-resident psp - terminal located in: Czech Republic","PN",6]
["PTT.A.AT.W1.CZ.CW1.1.2221.N.PN","A","AT","W1","CZ","CW1",1,2221,"N","PN","2016",0.342,"A",false,null,null,"P1Y",{"$nulls":4},"S",null,null,3,"unspecified","Number of atm cash withdrawals with cards issued by non-resident PSPs at terminals acquired by non-resident psp - terminal located in: Czech Republic","Number of atm cash withdrawals with cards issued by non-resident PSPs at terminals acquired by non-resident psp - terminal located in: Czech Republic","PN",6]
["PTT.A.AT.W1.CZ.CW1.1.2221.N.PN","A","AT","W1","CZ","CW1",1,2221,"N","PN","2017",0.337,"A",false,null,null,"P1Y",{"$nulls":4},"S",null,null,3,"unspecified","Number of atm cash withdrawals with cards issued by non-resident PSPs at terminals acquired by non-resident psp - terminal located in: Czech Republic","Number of atm cash withdrawals with cards issued by non-resident PSPs at terminals acquired by non-resident psp - terminal located in: Czech Republic","PN",6]
["PTT.A.AT.W1.CZ.CW1.1.2221.N.PN","A","AT","W1","CZ","CW1",1,2221,"N","PN","2018",0.343,"A",false,null,null,"P1Y",{"$nulls":4},"S",null,null,3,"unspecified","Number of atm cash withdrawals with cards issued by non-resident PSPs at terminals acquired by non-resident psp - terminal located in: Czech Republic","Number of atm cash withdrawals with cards issued by non-resident PSPs at terminals acquired by non-resident psp - terminal located in: Czech Republic","PN",6]
["PTT.A.AT.W1.CZ.CW1.1.2221.N.PN","A","AT","W1","CZ","CW1",1,2221,"N","PN","2019",0.314,"A",false,null,null,"P1Y",{"$nulls":4},"S",null,null,3,"unspecified","Number of atm cash withdrawals with cards issued by non-resident PSPs at terminals acquired by non-resident psp - terminal located in: Czech Republic","Number of atm cash withdrawals with cards issued by non-resident PSPs at terminals acquired by non-resident psp - terminal located in: Czech Republic","PN",6]
["PTT.A.AT.W1.CZ.CW1.1.2221.N.PN","A","AT","W1","CZ","CW1",1,2221,"N","PN","2020",0.151,"A",false,null,null,"P1Y",{"$nulls":4},"S",null,null,3,"unspecified","Number of atm cash withdrawals with cards issued by non-resident PSPs at terminals acquired by non-resident psp - terminal located in: Czech Republic","Number of atm cash withdrawals with cards issued by non-resident PSPs at terminals acquired by non-resident psp - terminal located in: Czech Republic","PN",6]
["PTT.A.AT.W1.CZ.CW1.1.2221.N.PN","A","AT","W1","CZ","CW1",1,2221,"N","PN","2021",0.143,"A",false,null,null,"P1Y",{"$nulls":4},"S",null,null,3,"unspecified","Number of atm cash withdrawals with cards issued by non-resident PSPs at terminals acquired by non-resident psp - terminal located in: Czech Republic","Number of atm cash withdrawals with cards issued by non-resident PSPs at terminals acquired by non-resident psp - terminal located in: Czech Republic","PN",6]
["PTT.A.AT.W1.CZ.CW1.1.2221.N.PN","A","AT","W1","CZ","CW1",1,2221,"N","PN","2022",0.236407,"A",false,null,null,"P1Y",{"$nulls":4},"S",null,null,3,"unspecified","Number of atm cash withdrawals with cards issued by non-resident PSPs at terminals acquired by non-resident psp - terminal located in: Czech Republic","Number of atm cash withdrawals with cards issued by non-resident PSPs at terminals acquired by non-resident psp - terminal located in: Czech Republic","PN",6]
["PTT.A.AT.W1.CZ.CW1.1.2221.N.PN","A","AT","W1","CZ","CW1",1,2221,"N","PN","2023",0.24335,"A",false,null,null,"P1Y",{"$nulls":4},"S",null,null,3,"unspecified","Number of atm cash withdrawals with cards issued by non-resident PSPs at terminals acquired by non-resident psp - terminal located in: Czech Republic","Number of atm cash withdrawals with cards issued by non-resident PSPs at terminals acquired by non-resident psp - terminal located in: Czech Republic","PN",6]
["PTT.A.AT.W1.CZ.CW1.2.2221.N.EUR","A","AT","W1","CZ","CW1",2,2221,"N","EUR","2014",null,"M",false,null,null,"P1Y",{"$nulls":4},"S",null,null,3,null,"Value of ATM cash withdrawals at terminals acquired by resident PSP - terminal located in: Czech Republic","Value of ATM cash withdrawals at terminals acquired by resident PSP - terminal located in: Czech Republic","EUR",6]
["PTT.A.AT.W1.CZ.CW1.2.2221.N.EUR","A","AT","W1","CZ","CW1",2,2221,"N","EUR","2015",null,"M",false,null,null,"P1Y",{"$nulls":4},"S",null,null,3,null,"Value of ATM cash withdrawals at terminals acquired by resident PSP - terminal located in: Czech Republic","Value of ATM cash withdrawals at terminals acquired by resident PSP - terminal located in: Czech Republic","EUR",6]
["PTT.A.AT.W1.CZ.CW1.2.2221.N.EUR","A","AT","W1","CZ","CW1",2,2221,"N","EUR","2016",null,"M",false,null,null,"P1Y",{"$nulls":4},"S",null,null,3,null,"Value of ATM cash withdrawals at terminals acquired by resident PSP - terminal located in: Czech Republic","Value of ATM cash withdrawals at terminals acquired by resident PSP - terminal located in: Czech Republic","EUR",6]
["PTT.A.AT.W1.CZ.CW1.2.2221.N.EUR","A","AT","W1","CZ","CW1",2,2221,"N","EUR","2017",null,"M",false,null,null,"P1Y",{"$nulls":4},"S",null,null,3,null,"Value of ATM cash withdrawals at terminals acquired by resident PSP - terminal located in: Czech Republic","Value of ATM cash withdrawals at terminals acquired by resident PSP - terminal located in: Czech Republic","EUR",6]
["PTT.A.AT.W1.CZ.CW1.2.2221.N.EUR","A","AT","W1","CZ","CW1",2,2221,"N","EUR","2018",null,"M",false,null,null,"P1Y",{"$nulls":4},"S",null,null,3,null,"Value of ATM cash withdrawals at terminals acquired by resident PSP - terminal located in: Czech Republic","Value of ATM cash withdrawals at terminals acquired by resident PSP - terminal located in: Czech Republic","EUR",6]
["PTT.A.AT.W1.CZ.CW1.2.2221.N.EUR","A","AT","W1","CZ","CW1",2,2221,"N","EUR","2019",null,"M",false,null,null,"P1Y",{"$nulls":4},"S",null,null,3,null,"Value of ATM cash withdrawals at terminals acquired by resident PSP - terminal located in: Czech Republic","Value of ATM cash withdrawals at terminals acquired by resident PSP - terminal located in: Czech Republic","EUR",6]
["PTT.A.AT.W1.CZ.CW1.2.2221.N.EUR","A","AT","W1","CZ","CW1",2,2221,"N","EUR","2020",null,"M",false,null,null,"P1Y",{"$nulls":4},"S",null,null,3,null,"Value of ATM cash withdrawals at terminals acquired by resident PSP - terminal located in: Czech Republic","Value of ATM cash withdrawals at terminals acquired by resident PSP - terminal located in: Czech Republic","EUR",6]
["PTT.A.AT.W1.CZ.CW1.2.2221.N.EUR","A","AT","W1","CZ","CW1",2,2221,"N","EUR","2021",null,"M",false,null,null,"P1Y",{"$nulls":4},"S",null,null,3,null,"Value of ATM cash withdrawals at terminals acquired by resident PSP - terminal located in: Czech Republic","Value of ATM cash withdrawals at terminals acquired by resident PSP - terminal located in: Czech Republic","EUR",6]
["PTT.A.AT.W1.CZ.CW1.2.2221.N.EUR","A","AT","W1","CZ","CW1",2,2221,"N","EUR","2022",0,"A",false,null,null,"P1Y",{"$nulls":4},"S",null,null,3,null,"Value of ATM cash withdrawals at terminals acquired by resident PSP - terminal located in: Czech Republic","Value of ATM cash withdrawals at terminals acquired by resident PSP - terminal located in: Czech Republic","EUR",6]
["PTT.A.AT.W1.CZ.CW1.2.2221.N.EUR","A","AT","W1","CZ","CW1",2,2221,"N","EUR","2023",0,"A",false,null,null,"P1Y",{"$nulls":4},"S",null,null,3,null,"Value of ATM cash withdrawals at terminals acquired by resident PSP - terminal located in: Czech Republic","Value of ATM cash withdrawals at terminals acquired by resident PSP - terminal located in: Czech Republic","EUR",6]
["PTT.A.AT.W1.CZ.CW1.2.2221.N.PN","A","AT","W1","CZ","CW1",2,2221,"N","PN","2014",null,"M",false,null,null,"P1Y",{"$nulls":4},"S",null,null,3,null,"Number of ATM cash withdrawals at terminals acquired by resident PSP - terminal located in: Czech Republic","Number of ATM cash withdrawals at terminals acquired by resident PSP - terminal located in: Czech Republic","PN",6]
["PTT.A.AT.W1.CZ.CW1.2.2221.N.PN","A","AT","W1","CZ","CW1",2,2221,"N","PN","2015",null,"M",false,null,null,"P1Y",{"$nulls":4},"S",null,null,3,null,"Number of ATM cash withdrawals at terminals acquired by resident PSP - terminal located in: Czech Republic","Number of ATM cash withdrawals at terminals acquired by resident PSP - terminal located in: Czech Republic","PN",6]
["PTT.A.AT.W1.CZ.CW1.2.2221.N.PN","A","AT","W1","CZ","CW1",2,2221,"N","PN","2016",null,"M",false,null,null,"P1Y",{"$nulls":4},"S",null,null,3,null,"Number of ATM cash withdrawals at terminals acquired by resident PSP - terminal located in: Czech Republic","Number of ATM cash withdrawals at terminals acquired by resident PSP - terminal located in: Czech Republic","PN",6]
["PTT.A.AT.W1.CZ.CW1.2.2221.N.PN","A","AT","W1","CZ","CW1",2,2221,"N","PN","2017",null,"M",false,null,null,"P1Y",{"$nulls":4},"S",null,null,3,null,"Number of ATM cash withdrawals at terminals acquired by resident PSP - terminal located in: Czech Republic","Number of ATM cash withdrawals at terminals acquired by resident PSP - terminal located in: Czech Republic","PN",6]
["PTT.A.AT.W1.CZ.CW1.2.2221.N.PN","A","AT","W1","CZ","CW1",2,2221,"N","PN","2018",null,"M",false,null,null,"P1Y",{"$nulls":4},"S",null,null,3,null,"Number of ATM cash withdrawals at terminals acquired by resident PSP - terminal located in: Czech Republic","Number of ATM cash withdrawals at terminals acquired by resident PSP - terminal located in: Czech Republic","PN",6]
["PTT.A.AT.W1.CZ.CW1.2.2221.N.PN","A","AT","W1","CZ","CW1",2,2221,"N","PN","2019",null,"M",false,null,null,"P1Y",{"$nulls":4},"S",null,null,3,null,"Number of ATM cash withdrawals at terminals acquired by resident PSP - terminal located in: Czech Republic","Number of ATM cash withdrawals at terminals acquired by resident PSP - terminal located in: Czech Republic","PN",6]
["PTT.A.AT.W1.CZ.CW1.2.2221.N.PN","A","AT","W1","CZ","CW1",2,2221,"N","PN","2020",null,"M",false,null,null,"P1Y",{"$nulls":4},"S",null,null,3,null,"Number of ATM cash withdrawals at terminals acquired by resident PSP - terminal located in: Czech Republic","Number of ATM cash withdrawals at terminals acquired by resident PSP - terminal located in: Czech Republic","PN",6]
["PTT.A.AT.W1.CZ.CW1.2.2221.N.PN","A","AT","W1","CZ","CW1",2,2221,"N","PN","2021",null,"M",false,null,null,"P1Y",{"$nulls":4},"S",null,null,3,null,"Number of ATM cash withdrawals at terminals acquired by resident PSP - terminal located in: Czech Republic","Number of ATM cash withdrawals at terminals acquired by resident PSP - terminal located in: Czech Republic","PN",6]
["PTT.A.AT.W1.CZ.CW1.2.2221.N.PN","A","AT","W1","CZ","CW1",2,2221,"N","PN","2022",0,"A",false,null,null,"P1Y",{"$nulls":4},"S",null,null,3,null,"Number of ATM cash withdrawals at terminals acquired by resident PSP - terminal located in: Czech Republic","Number of ATM cash withdrawals at terminals acquired by resident PSP - terminal located in: Czech Republic","PN",6]
["PTT.A.AT.W1.CZ.CW1.2.2221.N.PN","A","AT","W1","CZ","CW1",2,2221,"N","PN","2023",0,"A",false,null,null,"P1Y",{"$nulls":4},"S",null,null,3,null,"Number of ATM cash withdrawals at terminals acquired by resident PSP - terminal located in: Czech Republic","Number of ATM cash withdrawals at terminals acquired by resident PSP - terminal located in: Czech Republic","PN",6]
["PTT.A.AT.W1.CZ.EMLU.1.2220.N.EUR","A","AT","W1","CZ","EMLU",1,2220,"N","EUR","2014",0.093,"A",false,null,null,"P1Y",{"$nulls":4},"S",null,null,3,"unspecified","Value of e-money card loading and unloading transactions with cards issued by non-resident PSPs at terminals acquired by non-resident psp - terminal located in: Czech Republic","Value of e-money card loading and unloading transactions with cards issued by non-resident PSPs at terminals acquired by non-resident psp - terminal located in: Czech Republic","EUR",6]
["PTT.A.AT.W1.CZ.EMLU.1.2220.N.EUR","A","AT","W1","CZ","EMLU",1,2220,"N","EUR","2015",0.124,"A",false,null,null,"P1Y",{"$nulls":4},"S",null,null,3,"unspecified","Value of e-money card loading and unloading transactions with cards issued by non-resident PSPs at terminals acquired by non-resident psp - terminal located in: Czech Republic","Value of e-money card loading and unloading transactions with cards issued by non-resident PSPs at terminals acquired by non-resident psp - terminal located in: Czech Republic","EUR",6]
["PTT.A.AT.W1.CZ.EMLU.1.2220.N.EUR","A","AT","W1","CZ","EMLU",1,2220,"N","EUR","2016",0.104,"A",false,null,null,"P1Y",{"$nulls":4},"S",null,null,3,"unspecified","Value of e-money card loading and unloading transactions with cards issued by non-resident PSPs at terminals acquired by non-resident psp - terminal located in: Czech Republic","Value of e-money card loading and unloading transactions with cards issued by non-resident PSPs at terminals acquired by non-resident psp - terminal located in: Czech Republic","EUR",6]
["PTT.A.AT.W1.CZ.EMLU.1.2220.N.EUR","A","AT","W1","CZ","EMLU",1,2220,"N","EUR","2017",0.063,"A",false,null,null,"P1Y",{"$nulls":4},"S",null,null,3,"unspecified","Value of e-money card loading and unloading transactions with cards issued by non-resident PSPs at terminals acquired by non-resident psp - terminal located in: Czech Republic","Value of e-money card loading and unloading transactions with cards issued by non-resident PSPs at terminals acquired by non-resident psp - terminal located in: Czech Republic","EUR",6]
["PTT.A.AT.W1.CZ.EMLU.1.2220.N.EUR","A","AT","W1","CZ","EMLU",1,2220,"N","EUR","2018",0.059,"A",false,null,null,"P1Y",{"$nulls":4},"S",null,null,3,"unspecified","Value of e-money card loading and unloading transactions with cards issued by non-resident PSPs at terminals acquired by non-resident psp - terminal located in: Czech Republic","Value of e-money card loading and unloading transactions with cards issued by non-resident PSPs at terminals acquired by non-resident psp - terminal located in: Czech Republic","EUR",6]
["PTT.A.AT.W1.CZ.EMLU.1.2220.N.EUR","A","AT","W1","CZ","EMLU",1,2220,"N","EUR","2019",0.047,"A",false,null,null,"P1Y",{"$nulls":4},"S",null,null,3,"unspecified","Value of e-money card loading and unloading transactions with cards issued by non-resident PSPs at terminals acquired by non-resident psp - terminal located in: Czech Republic","Value of e-money card loading and unloading transactions with cards issued by non-resident PSPs at terminals acquired by non-resident psp - terminal located in: Czech Republic","EUR",6]
["PTT.A.AT.W1.CZ.EMLU.1.2220.N.EUR","A","AT","W1","CZ","EMLU",1,2220,"N","EUR","2020",null,"Q",false,null,null,"P1Y",{"$nulls":4},"S",null,null,3,"unspecified","Value of e-money card loading and unloading transactions with cards issued by non-resident PSPs at terminals acquired by non-resident psp - terminal located in: Czech Republic","Value of e-money card loading and unloading transactions with cards issued by non-resident PSPs at terminals acquired by non-resident psp - terminal located in: Czech Republic","EUR",6]
["PTT.A.AT.W1.CZ.EMLU.1.2220.N.EUR","A","AT","W1","CZ","EMLU",1,2220,"N","EUR","2021",null,"Q",false,null,null,"P1Y",{"$nulls":4},"S",null,null,3,"unspecified","Value of e-money card loading and unloading transactions with cards issued by non-resident PSPs at terminals acquired by non-resident psp - terminal located in: Czech Republic","Value of e-money card loading and unloading transactions with cards issued by non-resident PSPs at terminals acquired by non-resident psp - terminal located in: Czech Republic","EUR",6]
["PTT.A.AT.W1.CZ.EMLU.1.2220.N.EUR","A","AT","W1","CZ","EMLU",1,2220,"N","EUR","2022",null,"Q",false,null,null,"P1Y",{"$nulls":4},"S",null,null,3,"unspecified","Value of e-money card loading and unloading transactions with cards issued by non-resident PSPs at terminals acquired by non-resident psp - terminal located in: Czech Republic","Value of e-money card loading and unloading transactions with cards issued by non-resident PSPs at terminals acquired by non-resident psp - terminal located in: Czech Republic","EUR",6]
["PTT.A.AT.W1.CZ.EMLU.1.2220.N.EUR","A","AT","W1","CZ","EMLU",1,2220,"N","EUR","2023",null,"Q",false,null,null,"P1Y",{"$nulls":4},"S",null,null,3,"unspecified","Value of e-money card loading and unloading transactions with cards issued by non-resident PSPs at terminals acquired by non-resident psp - terminal located in: Czech Republic","Value of e-money card loading and unloading transactions with cards issued by non-resident PSPs at terminals acquired by non-resident psp - terminal located in: Czech Republic","EUR",6]
["PTT.A.AT.W1.CZ.EMLU.1.2220.N.PN","A","AT","W1","CZ","EMLU",1,2220,"N","PN","2014",0.001,"A",false,null,null,"P1Y",{"$nulls":4},"S",null,null,3,"unspecified","Number of e-money card loading and unloading transactions with cards issued by non-resident PSPs at terminals acquired by non-resident psp - terminal located in: Czech Republic","Number of e-money card loading and unloading transactions with cards issued by non-resident PSPs at terminals acquired by non-resident psp - terminal located in: Czech Republic","PN",6]
["PTT.A.AT.W1.CZ.EMLU.1.2220.N.PN","A","AT","W1","CZ","EMLU",1,2220,"N","PN","2015",0.001,"A",false,null,null,"P1Y",{"$nulls":4},"S",null,null,3,"unspecified","Number of e-money card loading and unloading transactions with cards issued by non-resident PSPs at terminals acquired by non-resident psp - terminal located in: Czech Republic","Number of e-money card loading and unloading transactions with cards issued by non-resident PSPs at terminals acquired by non-resident psp - terminal located in: Czech Republic","PN",6]
["PTT.A.AT.W1.CZ.EMLU.1.2220.N.PN","A","AT","W1","CZ","EMLU",1,2220,"N","PN","2016",0.001,"A",false,null,null,"P1Y",{"$nulls":4},"S",null,null,3,"unspecified","Number of e-money card loading and unloading transactions with cards issued by non-resident PSPs at terminals acquired by non-resident psp - terminal located in: Czech Republic","Number of e-money card loading and unloading transactions with cards issued by non-resident PSPs at terminals acquired by non-resident psp - terminal located in: Czech Republic","PN",6]
["PTT.A.AT.W1.CZ.EMLU.1.2220.N.PN","A","AT","W1","CZ","EMLU",1,2220,"N","PN","2017",0,"A",false,null,null,"P1Y",{"$nulls":4},"S",null,null,3,"unspecified","Number of e-money card loading and unloading transactions with cards issued by non-resident PSPs at terminals acquired by non-resident psp - terminal located in: Czech Republic","Number of e-money card loading and unloading transactions with cards issued by non-resident PSPs at terminals acquired by non-resident psp - terminal located in: Czech Republic","PN",6]
["PTT.A.AT.W1.CZ.EMLU.1.2220.N.PN","A","AT","W1","CZ","EMLU",1,2220,"N","PN","2018",0,"A",false,null,null,"P1Y",{"$nulls":4},"S",null,null,3,"unspecified","Number of e-money card loading and unloading transactions with cards issued by non-resident PSPs at terminals acquired by non-resident psp - terminal located in: Czech Republic","Number of e-money card loading and unloading transactions with cards issued by non-resident PSPs at terminals acquired by non-resident psp - terminal located in: Czech Republic","PN",6]
["PTT.A.AT.W1.CZ.EMLU.1.2220.N.PN","A","AT","W1","CZ","EMLU",1,2220,"N","PN","2019",0,"A",false,null,null,"P1Y",{"$nulls":4},"S",null,null,3,"unspecified","Number of e-money card loading and unloading transactions with cards issued by non-resident PSPs at terminals acquired by non-resident psp - terminal located in: Czech Republic","Number of e-money card loading and unloading transactions with cards issued by non-resident PSPs at terminals acquired by non-resident psp - terminal located in: Czech Republic","PN",6]
["PTT.A.AT.W1.CZ.EMLU.1.2220.N.PN","A","AT","W1","CZ","EMLU",1,2220,"N","PN","2020",null,"Q",false,null,null,"P1Y",{"$nulls":4},"S",null,null,3,"unspecified","Number of e-money card loading and unloading transactions with cards issued by non-resident PSPs at terminals acquired by non-resident psp - terminal located in: Czech Republic","Number of e-money card loading and unloading transactions with cards issued by non-resident PSPs at terminals acquired by non-resident psp - terminal located in: Czech Republic","PN",6]
["PTT.A.AT.W1.CZ.EMLU.1.2220.N.PN","A","AT","W1","CZ","EMLU",1,2220,"N","PN","2021",null,"Q",false,null,null,"P1Y",{"$nulls":4},"S",null,null,3,"unspecified","Number of e-money card loading and unloading transactions with cards issued by non-resident PSPs at terminals acquired by non-resident psp - terminal located in: Czech Republic","Number of e-money card loading and unloading transactions with cards issued by non-resident PSPs at terminals acquired by non-resident psp - terminal located in: Czech Republic","PN",6]
["PTT.A.AT.W1.CZ.EMLU.1.2220.N.PN","A","AT","W1","CZ","EMLU",1,2220,"N","PN","2022",null,"Q",false,null,null,"P1Y",{"$nulls":4},"S",null,null,3,"unspecified","Number of e-money card loading and unloading transactions with cards issued by non-resident PSPs at terminals acquired by non-resident psp - terminal located in: Czech Republic","Number of e-money card loading and unloading transactions with cards issued by non-resident PSPs at terminals acquired by non-resident psp - terminal located in: Czech Republic","PN",6]
["PTT.A.AT.W1.CZ.EMLU.1.2220.N.PN","A","AT","W1","CZ","EMLU",1,2220,"N","PN","2023",null,"Q",false,null,null,"P1Y",{"$nulls":4},"S",null,null,3,"unspecified","Number of e-money card loading and unloading transactions with cards issued by non-resident PSPs at terminals acquired by non-resident psp - terminal located in: Czech Republic","Number of e-money card loading and unloading transactions with cards issued by non-resident PSPs at terminals acquired by non-resident psp - terminal located in: Czech Republic","PN",6]
["PTT.A.AT.W1.CZ.EMLU.2.2220.N.EUR","A","AT","W1","CZ","EMLU",2,2220,"N","EUR","2014",null,"M",false,null,null,"P1Y",{"$nulls":4},"S",null,null,3,null,"Value of E-money card loading and unloading at terminals acquired by resident PSP - terminal located in: Czech Republic","Value of E-money card loading and unloading at terminals acquired by resident PSP - terminal located in: Czech Republic","EUR",6]
["PTT.A.AT.W1.CZ.EMLU.2.2220.N.EUR","A","AT","W1","CZ","EMLU",2,2220,"N","EUR","2015",null,"M",false,null,null,"P1Y",{"$nulls":4},"S",null,null,3,null,"Value of E-money card loading and unloading at terminals acquired by resident PSP - terminal located in: Czech Republic","Value of E-money card loading and unloading at terminals acquired by resident PSP - terminal located in: Czech Republic","EUR",6]
["PTT.A.AT.W1.CZ.EMLU.2.2220.N.EUR","A","AT","W1","CZ","EMLU",2,2220,"N","EUR","2016",null,"M",false,null,null,"P1Y",{"$nulls":4},"S",null,null,3,null,"Value of E-money card loading and unloading at terminals acquired by resident PSP - terminal located in: Czech Republic","Value of E-money card loading and unloading at terminals acquired by resident PSP - terminal located in: Czech Republic","EUR",6]
["PTT.A.AT.W1.CZ.EMLU.2.2220.N.EUR","A","AT","W1","CZ","EMLU",2,2220,"N","EUR","2017",null,"M",false,null,null,"P1Y",{"$nulls":4},"S",null,null,3,null,"Value of E-money card loading and unloading at terminals acquired by resident PSP - terminal located in: Czech Republic","Value of E-money card loading and unloading at terminals acquired by resident PSP - terminal located in: Czech Republic","EUR",6]
["PTT.A.AT.W1.CZ.EMLU.2.2220.N.EUR","A","AT","W1","CZ","EMLU",2,2220,"N","EUR","2018",null,"M",false,null,null,"P1Y",{"$nulls":4},"S",null,null,3,null,"Value of E-money card loading and unloading at terminals acquired by resident PSP - terminal located in: Czech Republic","Value of E-money card loading and unloading at terminals acquired by resident PSP - terminal located in: Czech Republic","EUR",6]
["PTT.A.AT.W1.CZ.EMLU.2.2220.N.EUR","A","AT","W1","CZ","EMLU",2,2220,"N","EUR","2019",null,"M",false,null,null,"P1Y",{"$nulls":4},"S",null,null,3,null,"Value of E-money card loading and unloading at terminals acquired by resident PSP - terminal located in: Czech Republic","Value of E-money card loading and unloading at terminals acquired by resident PSP - terminal located in: Czech Republic","EUR",6]
["PTT.A.AT.W1.CZ.EMLU.2.2220.N.EUR","A","AT","W1","CZ","EMLU",2,2220,"N","EUR","2020",null,"M",false,null,null,"P1Y",{"$nulls":4},"S",null,null,3,null,"Value of E-money card loading and unloading at terminals acquired by resident PSP - terminal located in: Czech Republic","Value of E-money card loading and unloading at terminals acquired by resident PSP - terminal located in: Czech Republic","EUR",6]
["PTT.A.AT.W1.CZ.EMLU.2.2220.N.EUR","A","AT","W1","CZ","EMLU",2,2220,"N","EUR","2021",null,"M",false,null,null,"P1Y",{"$nulls":4},"S",null,null,3,null,"Value of E-money card loading and unloading at terminals acquired by resident PSP - terminal located in: Czech Republic","Value of E-money card loading and unloading at terminals acquired by resident PSP - terminal located in: Czech Republic","EUR",6]
["PTT.A.AT.W1.CZ.EMLU.2.2220.N.EUR","A","AT","W1","CZ","EMLU",2,2220,"N","EUR","2022",0,"A",false,null,null,"P1Y",{"$nulls":4},"S",null,null,3,null,"Value of E-money card loading and unloading at terminals acquired by resident PSP - terminal located in: Czech Republic","Value of E-money card loading and unloading at terminals acquired by resident PSP - terminal located in: Czech Republic","EUR",6]
["PTT.A.AT.W1.CZ.EMLU.2.2220.N.EUR","A","AT","W1","CZ","EMLU",2,2220,"N","EUR","2023",0,"A",false,null,null,"P1Y",{"$nulls":4},"S",null,null,3,null,"Value of E-money card loading and unloading at terminals acquired by resident PSP - terminal located in: Czech Republic","Value of E-money card loading and unloading at terminals acquired by resident PSP - terminal located in: Czech Republic","EUR",6]
["PTT.A.AT.W1.CZ.EMLU.2.2220.N.PN","A","AT","W1","CZ","EMLU",2,2220,"N","PN","2014",null,"M",false,null,null,"P1Y",{"$nulls":4},"S",null,null,3,null,"Number of E-money card loading and unloading at terminals acquired by resident PSP - terminal located in: Czech Republic","Number of E-money card loading and unloading at terminals acquired by resident PSP - terminal located in: Czech Republic","PN",6]
["PTT.A.AT.W1.CZ.EMLU.2.2220.N.PN","A","AT","W1","CZ","EMLU",2,2220,"N","PN","2015",null,"M",false,null,null,"P1Y",{"$nulls":4},"S",null,null,3,null,"Number of E-money card loading and unloading at terminals acquired by resident PSP - terminal located in: Czech Republic","Number of E-money card loading and unloading at terminals acquired by resident PSP - terminal located in: Czech Republic","PN",6]
["PTT.A.AT.W1.CZ.EMLU.2.2220.N.PN","A","AT","W1","CZ","EMLU",2,2220,"N","PN","2016",null,"M",false,null,null,"P1Y",{"$nulls":4},"S",null,null,3,null,"Number of E-money card loading and unloading at terminals acquired by resident PSP - terminal located in: Czech Republic","Number of E-money card loading and unloading at terminals acquired by resident PSP - terminal located in: Czech Republic","PN",6]
["PTT.A.AT.W1.CZ.EMLU.2.2220.N.PN","A","AT","W1","CZ","EMLU",2,2220,"N","PN","2017",null,"M",false,null,null,"P1Y",{"$nulls":4},"S",null,null,3,null,"Number of E-money card loading and unloading at terminals acquired by resident PSP - terminal located in: Czech Republic","Number of E-money card loading and unloading at terminals acquired by resident PSP - terminal located in: Czech Republic","PN",6]
["PTT.A.AT.W1.CZ.EMLU.2.2220.N.PN","A","AT","W1","CZ","EMLU",2,2220,"N","PN","2018",null,"M",false,null,null,"P1Y",{"$nulls":4},"S",null,null,3,null,"Number of E-money card loading and unloading at terminals acquired by resident PSP - terminal located in: Czech Republic","Number of E-money card loading and unloading at terminals acquired by resident PSP - terminal located in: Czech Republic","PN",6]
["PTT.A.AT.W1.CZ.EMLU.2.2220.N.PN","A","AT","W1","CZ","EMLU",2,2220,"N","PN","2019",null,"M",false,null,null,"P1Y",{"$nulls":4},"S",null,null,3,null,"Number of E-money card loading and unloading at terminals acquired by resident PSP - terminal located in: Czech Republic","Number of E-money card loading and unloading at terminals acquired by resident PSP - terminal located in: Czech Republic","PN",6]
["PTT.A.AT.W1.CZ.EMLU.2.2220.N.PN","A","AT","W1","CZ","EMLU",2,2220,"N","PN","2020",null,"M",false,null,null,"P1Y",{"$nulls":4},"S",null,null,3,null,"Number of E-money card loading and unloading at terminals acquired by resident PSP - terminal located in: Czech Republic","Number of E-money card loading and unloading at terminals acquired by resident PSP - terminal located in: Czech Republic","PN",6]
["PTT.A.AT.W1.CZ.EMLU.2.2220.N.PN","A","AT","W1","CZ","EMLU",2,2220,"N","PN","2021",null,"M",false,null,null,"P1Y",{"$nulls":4},"S",null,null,3,null,"Number of E-money card loading and unloading at terminals acquired by resident PSP - terminal located in: Czech Republic","Number of E-money card loading and unloading at terminals acquired by resident PSP - terminal located in: Czech Republic","PN",6]
["PTT.A.AT.W1.CZ.EMLU.2.2220.N.PN","A","AT","W1","CZ","EMLU",2,2220,"N","PN","2022",0,"A",false,null,null,"P1Y",{"$nulls":4},"S",null,null,3,null,"Number of E-money card loading and unloading at terminals acquired by resident PSP - terminal located in: Czech Republic","Number of E-money card loading and unloading at terminals acquired by resident PSP - terminal located in: Czech Republic","PN",6]
["PTT.A.AT.W1.CZ.EMLU.2.2220.N.PN","A","AT","W1","CZ","EMLU",2,2220,"N","PN","2023",0,"A",false,null,null,"P1Y",{"$nulls":4},"S",null,null,3,null,"Number of E-money card loading and unloading at terminals acquired by resident PSP - terminal located in: Czech Republic","Number of E-money card loading and unloading at terminals acquired by resident PSP - terminal located in: Czech Republic","PN",6]
["PTT.A.AT.W1.CZ.EMP1.1.2220.N.EUR","A","AT","W1","CZ","EMP1",1,2220,"N","EUR","2014",1.561,"A",false,null,null,"P1Y",{"$nulls":4},"S",null,null,3,"unspecified","Value of e-money payment transactions with cards with an e-money function with cards issued by non-resident PSPs at terminals acquired by non-resident psp - terminal located in: Czech Republic","Value of e-money payment transactions with cards with an e-money function with cards issued by non-resident PSPs at terminals acquired by non-resident psp - terminal located in: Czech Republic","EUR",6]
["PTT.A.AT.W1.CZ.EMP1.1.2220.N.EUR","A","AT","W1","CZ","EMP1",1,2220,"N","EUR","2015",1.836,"A",false,null,null,"P1Y",{"$nulls":4},"S",null,null,3,"unspecified","Value of e-money payment transactions with cards with an e-money function with cards issued by non-resident PSPs at terminals acquired by non-resident psp - terminal located in: Czech Republic","Value of e-money payment transactions with cards with an e-money function with cards issued by non-resident PSPs at terminals acquired by non-resident psp - terminal located in: Czech Republic","EUR",6]
["PTT.A.AT.W1.CZ.EMP1.1.2220.N.EUR","A","AT","W1","CZ","EMP1",1,2220,"N","EUR","2016",2.105,"A",false,null,null,"P1Y",{"$nulls":4},"S",null,null,3,"unspecified","Value of e-money payment transactions with cards with an e-money function with cards issued by non-resident PSPs at terminals acquired by non-resident psp - terminal located in: Czech Republic","Value of e-money payment transactions with cards with an e-money function with cards issued by non-resident PSPs at terminals acquired by non-resident psp - terminal located in: Czech Republic","EUR",6]
["PTT.A.AT.W1.CZ.EMP1.1.2220.N.EUR","A","AT","W1","CZ","EMP1",1,2220,"N","EUR","2017",2.369,"A",false,null,null,"P1Y",{"$nulls":4},"S",null,null,3,"unspecified","Value of e-money payment transactions with cards with an e-money function with cards issued by non-resident PSPs at terminals acquired by non-resident psp - terminal located in: Czech Republic","Value of e-money payment transactions with cards with an e-money function with cards issued by non-resident PSPs at terminals acquired by non-resident psp - terminal located in: Czech Republic","EUR",6]
["PTT.A.AT.W1.CZ.EMP1.1.2220.N.EUR","A","AT","W1","CZ","EMP1",1,2220,"N","EUR","2018",3.188,"A",false,null,null,"P1Y",{"$nulls":4},"S",null,null,3,"unspecified","Value of e-money payment transactions with cards with an e-money function with cards issued by non-resident PSPs at terminals acquired by non-resident psp - terminal located in: Czech Republic","Value of e-money payment transactions with cards with an e-money function with cards issued by non-resident PSPs at terminals acquired by non-resident psp - terminal located in: Czech Republic","EUR",6]
["PTT.A.AT.W1.CZ.EMP1.1.2220.N.EUR","A","AT","W1","CZ","EMP1",1,2220,"N","EUR","2019",3.861,"A",false,null,null,"P1Y",{"$nulls":4},"S",null,null,3,"unspecified","Value of e-money payment transactions with cards with an e-money function with cards issued by non-resident PSPs at terminals acquired by non-resident psp - terminal located in: Czech Republic","Value of e-money payment transactions with cards with an e-money function with cards issued by non-resident PSPs at terminals acquired by non-resident psp - terminal located in: Czech Republic","EUR",6]
["PTT.A.AT.W1.CZ.EMP1.1.2220.N.EUR","A","AT","W1","CZ","EMP1",1,2220,"N","EUR","2020",null,"Q",false,null,null,"P1Y",{"$nulls":4},"S",null,null,3,"unspecified","Value of e-money payment transactions with cards with an e-money function with cards issued by non-resident PSPs at terminals acquired by non-resident psp - terminal located in: Czech Republic","Value of e-money payment transactions with cards with an e-money function with cards issued by non-resident PSPs at terminals acquired by non-resident psp - terminal located in: Czech Republic","EUR",6]
["PTT.A.AT.W1.CZ.EMP1.1.2220.N.EUR","A","AT","W1","CZ","EMP1",1,2220,"N","EUR","2021",null,"Q",false,null,null,"P1Y",{"$nulls":4},"S",null,null,3,"unspecified","Value of e-money payment transactions with cards with an e-money function with cards issued by non-resident PSPs at terminals acquired by non-resident psp - terminal located in: Czech Republic","Value of e-money payment transactions with cards with an e-money function with cards issued by non-resident PSPs at terminals acquired by non-resident psp - terminal located in: Czech Republic","EUR",6]
["PTT.A.AT.W1.CZ.EMP1.1.2220.N.EUR","A","AT","W1","CZ","EMP1",1,2220,"N","EUR","2022",0,"A",false,null,null,"P1Y",{"$nulls":4},"S",null,null,3,"unspecified","Value of e-money payment transactions with cards with an e-money function with cards issued by non-resident PSPs at terminals acquired by non-resident psp - terminal located in: Czech Republic","Value of e-money payment transactions with cards with an e-money function with cards issued by non-resident PSPs at terminals acquired by non-resident psp - terminal located in: Czech Republic","EUR",6]
["PTT.A.AT.W1.CZ.EMP1.1.2220.N.EUR","A","AT","W1","CZ","EMP1",1,2220,"N","EUR","2023",0,"A",false,null,null,"P1Y",{"$nulls":4},"S",null,null,3,"unspecified","Value of e-money payment transactions with cards with an e-money function with cards issued by non-resident PSPs at terminals acquired by non-resident psp - terminal located in: Czech Republic","Value of e-money payment transactions with cards with an e-money function with cards issued by non-resident PSPs at terminals acquired by non-resident psp - terminal located in: Czech Republic","EUR",6]
["PTT.A.AT.W1.CZ.EMP1.1.2220.N.PN","A","AT","W1","CZ","EMP1",1,2220,"N","PN","2014",0.062,"A",false,null,null,"P1Y",{"$nulls":4},"S",null,null,3,"unspecified","Number of e-money payment transactions with cards with an e-money function with cards issued by non-resident PSPs at terminals acquired by non-resident psp - terminal located in: Czech Republic","Number of e-money payment transactions with cards with an e-money function with cards issued by non-resident PSPs at terminals acquired by non-resident psp - terminal located in: Czech Republic","PN",6]
["PTT.A.AT.W1.CZ.EMP1.1.2220.N.PN","A","AT","W1","CZ","EMP1",1,2220,"N","PN","2015",0.077,"A",false,null,null,"P1Y",{"$nulls":4},"S",null,null,3,"unspecified","Number of e-money payment transactions with cards with an e-money function with cards issued by non-resident PSPs at terminals acquired by non-resident psp - terminal located in: Czech Republic","Number of e-money payment transactions with cards with an e-money function with cards issued by non-resident PSPs at terminals acquired by non-resident psp - terminal located in: Czech Republic","PN",6]
["PTT.A.AT.W1.CZ.EMP1.1.2220.N.PN","A","AT","W1","CZ","EMP1",1,2220,"N","PN","2016",0.082,"A",false,null,null,"P1Y",{"$nulls":4},"S",null,null,3,"unspecified","Number of e-money payment transactions with cards with an e-money function with cards issued by non-resident PSPs at terminals acquired by non-resident psp - terminal located in: Czech Republic","Number of e-money payment transactions with cards with an e-money function with cards issued by non-resident PSPs at terminals acquired by non-resident psp - terminal located in: Czech Republic","PN",6]
["PTT.A.AT.W1.CZ.EMP1.1.2220.N.PN","A","AT","W1","CZ","EMP1",1,2220,"N","PN","2017",0.09,"A",false,null,null,"P1Y",{"$nulls":4},"S",null,null,3,"unspecified","Number of e-money payment transactions with cards with an e-money function with cards issued by non-resident PSPs at terminals acquired by non-resident psp - terminal located in: Czech Republic","Number of e-money payment transactions with cards with an e-money function with cards issued by non-resident PSPs at terminals acquired by non-resident psp - terminal located in: Czech Republic","PN",6]
["PTT.A.AT.W1.CZ.EMP1.1.2220.N.PN","A","AT","W1","CZ","EMP1",1,2220,"N","PN","2018",0.121,"A",false,null,null,"P1Y",{"$nulls":4},"S",null,null,3,"unspecified","Number of e-money payment transactions with cards with an e-money function with cards issued by non-resident PSPs at terminals acquired by non-resident psp - terminal located in: Czech Republic","Number of e-money payment transactions with cards with an e-money function with cards issued by non-resident PSPs at terminals acquired by non-resident psp - terminal located in: Czech Republic","PN",6]
["PTT.A.AT.W1.CZ.EMP1.1.2220.N.PN","A","AT","W1","CZ","EMP1",1,2220,"N","PN","2019",0.15,"A",false,null,null,"P1Y",{"$nulls":4},"S",null,null,3,"unspecified","Number of e-money payment transactions with cards with an e-money function with cards issued by non-resident PSPs at terminals acquired by non-resident psp - terminal located in: Czech Republic","Number of e-money payment transactions with cards with an e-money function with cards issued by non-resident PSPs at terminals acquired by non-resident psp - terminal located in: Czech Republic","PN",6]
["PTT.A.AT.W1.CZ.EMP1.1.2220.N.PN","A","AT","W1","CZ","EMP1",1,2220,"N","PN","2020",null,"Q",false,null,null,"P1Y",{"$nulls":4},"S",null,null,3,"unspecified","Number of e-money payment transactions with cards with an e-money function with cards issued by non-resident PSPs at terminals acquired by non-resident psp - terminal located in: Czech Republic","Number of e-money payment transactions with cards with an e-money function with cards issued by non-resident PSPs at terminals acquired by non-resident psp - terminal located in: Czech Republic","PN",6]
["PTT.A.AT.W1.CZ.EMP1.1.2220.N.PN","A","AT","W1","CZ","EMP1",1,2220,"N","PN","2021",null,"Q",false,null,null,"P1Y",{"$nulls":4},"S",null,null,3,"unspecified","Number of e-money payment transactions with cards with an e-money function with cards issued by non-resident PSPs at terminals acquired by non-resident psp - terminal located in: Czech Republic","Number of e-money payment transactions with cards with an e-money function with cards issued by non-resident PSPs at terminals acquired by non-resident psp - terminal located in: Czech Republic","PN",6]
["PTT.A.AT.W1.CZ.EMP1.1.2220.N.PN","A","AT","W1","CZ","EMP1",1,2220,"N","PN","2022",0,"A",false,null,null,"P1Y",{"$nulls":4},"S",null,null,3,"unspecified","Number of e-money payment transactions with cards with an e-money function with cards issued by non-resident PSPs at terminals acquired by non-resident psp - terminal located in: Czech Republic","Number of e-money payment transactions with cards with an e-money function with cards issued by non-resident PSPs at terminals acquired by non-resident psp - terminal located in: Czech Republic","PN",6]
["PTT.A.AT.W1.CZ.EMP1.1.2220.N.PN","A","AT","W1","CZ","EMP1",1,2220,"N","PN","2023",0,"A",false,null,null,"P1Y",{"$nulls":4},"S",null,null,3,"unspecified","Number of e-money payment transactions with cards with an e-money function with cards issued by non-resident PSPs at terminals acquired by non-resident psp - terminal located in: Czech Republic","Number of e-money payment transactions with cards with an e-money function with cards issued by non-resident PSPs at terminals acquired by non-resident psp - terminal located in: Czech Republic","PN",6]
["PTT.A.AT.W1.CZ.EMP1.2.2220.N.EUR","A","AT","W1","CZ","EMP1",2,2220,"N","EUR","2014",null,"M",false,null,null,"P1Y",{"$nulls":4},"S",null,null,3,null,"Value of e-money payment transactions with cards with an e-money function at terminals acquired by resident PSP - terminal located in: Czech Republic","Value of e-money payment transactions with cards with an e-money function at terminals acquired by resident PSP - terminal located in: Czech Republic","EUR",6]
["PTT.A.AT.W1.CZ.EMP1.2.2220.N.EUR","A","AT","W1","CZ","EMP1",2,2220,"N","EUR","2015",null,"M",false,null,null,"P1Y",{"$nulls":4},"S",null,null,3,null,"Value of e-money payment transactions with cards with an e-money function at terminals acquired by resident PSP - terminal located in: Czech Republic","Value of e-money payment transactions with cards with an e-money function at terminals acquired by resident PSP - terminal located in: Czech Republic","EUR",6]
["PTT.A.AT.W1.CZ.EMP1.2.2220.N.EUR","A","AT","W1","CZ","EMP1",2,2220,"N","EUR","2016",null,"M",false,null,null,"P1Y",{"$nulls":4},"S",null,null,3,null,"Value of e-money payment transactions with cards with an e-money function at terminals acquired by resident PSP - terminal located in: Czech Republic","Value of e-money payment transactions with cards with an e-money function at terminals acquired by resident PSP - terminal located in: Czech Republic","EUR",6]
["PTT.A.AT.W1.CZ.EMP1.2.2220.N.EUR","A","AT","W1","CZ","EMP1",2,2220,"N","EUR","2017",null,"M",false,null,null,"P1Y",{"$nulls":4},"S",null,null,3,null,"Value of e-money payment transactions with cards with an e-money function at terminals acquired by resident PSP - terminal located in: Czech Republic","Value of e-money payment transactions with cards with an e-money function at terminals acquired by resident PSP - terminal located in: Czech Republic","EUR",6]
["PTT.A.AT.W1.CZ.EMP1.2.2220.N.EUR","A","AT","W1","CZ","EMP1",2,2220,"N","EUR","2018",null,"M",false,null,null,"P1Y",{"$nulls":4},"S",null,null,3,null,"Value of e-money payment transactions with cards with an e-money function at terminals acquired by resident PSP - terminal located in: Czech Republic","Value of e-money payment transactions with cards with an e-money function at terminals acquired by resident PSP - terminal located in: Czech Republic","EUR",6]
["PTT.A.AT.W1.CZ.EMP1.2.2220.N.EUR","A","AT","W1","CZ","EMP1",2,2220,"N","EUR","2019",null,"M",false,null,null,"P1Y",{"$nulls":4},"S",null,null,3,null,"Value of e-money payment transactions with cards with an e-money function at terminals acquired by resident PSP - terminal located in: Czech Republic","Value of e-money payment transactions with cards with an e-money function at terminals acquired by resident PSP - terminal located in: Czech Republic","EUR",6]
["PTT.A.AT.W1.CZ.EMP1.2.2220.N.EUR","A","AT","W1","CZ","EMP1",2,2220,"N","EUR","2020",null,"M",false,null,null,"P1Y",{"$nulls":4},"S",null,null,3,null,"Value of e-money payment transactions with cards with an e-money function at terminals acquired by resident PSP - terminal located in: Czech Republic","Value of e-money payment transactions with cards with an e-money function at terminals acquired by resident PSP - terminal located in: Czech Republic","EUR",6]
["PTT.A.AT.W1.CZ.EMP1.2.2220.N.EUR","A","AT","W1","CZ","EMP1",2,2220,"N","EUR","2021",null,"M",false,null,null,"P1Y",{"$nulls":4},"S",null,null,3,null,"Value of e-money payment transactions with cards with an e-money function at terminals acquired by resident PSP - terminal located in: Czech Republic","Value of e-money payment transactions with cards with an e-money function at terminals acquired by resident PSP - terminal located in: Czech Republic","EUR",6]
["PTT.A.AT.W1.CZ.EMP1.2.2220.N.EUR","A","AT","W1","CZ","EMP1",2,2220,"N","EUR","2022",0,"A",false,null,null,"P1Y",{"$nulls":4},"S",null,null,3,null,"Value of e-money payment transactions with cards with an e-money function at terminals acquired by resident PSP - terminal located in: Czech Republic","Value of e-money payment transactions with cards with an e-money function at terminals acquired by resident PSP - terminal located in: Czech Republic","EUR",6]
["PTT.A.AT.W1.CZ.EMP1.2.2220.N.EUR","A","AT","W1","CZ","EMP1",2,2220,"N","EUR","2023",0,"A",false,null,null,"P1Y",{"$nulls":4},"S",null,null,3,null,"Value of e-money payment transactions with cards with an e-money function at terminals acquired by resident PSP - terminal located in: Czech Republic","Value of e-money payment transactions with cards with an e-money function at terminals acquired by resident PSP - terminal located in: Czech Republic","EUR",6]
["PTT.A.AT.W1.CZ.EMP1.2.2220.N.PN","A","AT","W1","CZ","EMP1",2,2220,"N","PN","2014",null,"M",false,null,null,"P1Y",{"$nulls":4},"S",null,null,3,null,"Number of e-money payment transactions with cards with an e-money function at terminals acquired by resident PSP - terminal located in: Czech Republic","Number of e-money payment transactions with cards with an e-money function at terminals acquired by resident PSP - terminal located in: Czech Republic","PN",6]
["PTT.A.AT.W1.CZ.EMP1.2.2220.N.PN","A","AT","W1","CZ","EMP1",2,2220,"N","PN","2015",null,"M",false,null,null,"P1Y",{"$nulls":4},"S",null,null,3,null,"Number of e-money payment transactions with cards with an e-money function at terminals acquired by resident PSP - terminal located in: Czech Republic","Number of e-money payment transactions with cards with an e-money function at terminals acquired by resident PSP - terminal located in: Czech Republic","PN",6]
["PTT.A.AT.W1.CZ.EMP1.2.2220.N.PN","A","AT","W1","CZ","EMP1",2,2220,"N","PN","2016",null,"M",false,null,null,"P1Y",{"$nulls":4},"S",null,null,3,null,"Number of e-money payment transactions with cards with an e-money function at terminals acquired by resident PSP - terminal located in: Czech Republic","Number of e-money payment transactions with cards with an e-money function at terminals acquired by resident PSP - terminal located in: Czech Republic","PN",6]
["PTT.A.AT.W1.CZ.EMP1.2.2220.N.PN","A","AT","W1","CZ","EMP1",2,2220,"N","PN","2017",null,"M",false,null,null,"P1Y",{"$nulls":4},"S",null,null,3,null,"Number of e-money payment transactions with cards with an e-money function at terminals acquired by resident PSP - terminal located in: Czech Republic","Number of e-money payment transactions with cards with an e-money function at terminals acquired by resident PSP - terminal located in: Czech Republic","PN",6]
["PTT.A.AT.W1.CZ.EMP1.2.2220.N.PN","A","AT","W1","CZ","EMP1",2,2220,"N","PN","2018",null,"M",false,null,null,"P1Y",{"$nulls":4},"S",null,null,3,null,"Number of e-money payment transactions with cards with an e-money function at terminals acquired by resident PSP - terminal located in: Czech Republic","Number of e-money payment transactions with cards with an e-money function at terminals acquired by resident PSP - terminal located in: Czech Republic","PN",6]
["PTT.A.AT.W1.CZ.EMP1.2.2220.N.PN","A","AT","W1","CZ","EMP1",2,2220,"N","PN","2019",null,"M",false,null,null,"P1Y",{"$nulls":4},"S",null,null,3,null,"Number of e-money payment transactions with cards with an e-money function at terminals acquired by resident PSP - terminal located in: Czech Republic","Number of e-money payment transactions with cards with an e-money function at terminals acquired by resident PSP - terminal located in: Czech Republic","PN",6]
["PTT.A.AT.W1.CZ.EMP1.2.2220.N.PN","A","AT","W1","CZ","EMP1",2,2220,"N","PN","2020",null,"M",false,null,null,"P1Y",{"$nulls":4},"S",null,null,3,null,"Number of e-money payment transactions with cards with an e-money function at terminals acquired by resident PSP - terminal located in: Czech Republic","Number of e-money payment transactions with cards with an e-money function at terminals acquired by resident PSP - terminal located in: Czech Republic","PN",6]
["PTT.A.AT.W1.CZ.EMP1.2.2220.N.PN","A","AT","W1","CZ","EMP1",2,2220,"N","PN","2021",null,"M",false,null,null,"P1Y",{"$nulls":4},"S",null,null,3,null,"Number of e-money payment transactions with cards with an e-money function at terminals acquired by resident PSP - terminal located in: Czech Republic","Number of e-money payment transactions with cards with an e-money function at terminals acquired by resident PSP - terminal located in: Czech Republic","PN",6]
["PTT.A.AT.W1.CZ.EMP1.2.2220.N.PN","A","AT","W1","CZ","EMP1",2,2220,"N","PN","2022",0,"A",false,null,null,"P1Y",{"$nulls":4},"S",null,null,3,null,"Number of e-money payment transactions with cards with an e-money function at terminals acquired by resident PSP - terminal located in: Czech Republic","Number of e-money payment transactions with cards with an e-money function at terminals acquired by resident PSP - terminal located in: Czech Republic","PN",6]
["PTT.A.AT.W1.CZ.EMP1.2.2220.N.PN","A","AT","W1","CZ","EMP1",2,2220,"N","PN","2023",0,"A",false,null,null,"P1Y",{"$nulls":4},"S",null,null,3,null,"Number of e-money payment transactions with cards with an e-money function at terminals acquired by resident PSP - terminal located in: Czech Republic","Number of e-money payment transactions with cards with an e-money function at terminals acquired by resident PSP - terminal located in: Czech Republic","PN",6]
["PTT.A.AT.W1.CZ.TRSC.1.2221.N.EUR","A","AT","W1","CZ","TRSC",1,2221,"N","EUR","2022",null,"Q",false,null,null,"P1Y",{"$nulls":4},"S",null,null,3,null,"Value of other atm transactions with cards issued by non-resident PSPs at terminals acquired by non-resident psp - terminal located in: Czech Republic","Value of other atm transactions with cards issued by non-resident PSPs at terminals acquired by non-resident psp - terminal located in: Czech Republic","EUR",6]
["PTT.A.AT.W1.CZ.TRSC.1.2221.N.EUR","A","AT","W1","CZ","TRSC",1,2221,"N","EUR","2023",null,"Q",false,null,null,"P1Y",{"$nulls":4},"S",null,null,3,null,"Value of other atm transactions with cards issued by non-resident PSPs at terminals acquired by non-resident psp - terminal located in: Czech Republic","Value of other atm transactions with cards issued by non-resident PSPs at terminals acquired by non-resident psp - terminal located in: Czech Republic","EUR",6]
["PTT.A.AT.W1.CZ.TRSC.1.2221.N.PN","A","AT","W1","CZ","TRSC",1,2221,"N","PN","2022",null,"Q",false,null,null,"P1Y",{"$nulls":4},"S",null,null,3,null,"Number of other atm transactions with cards issued by non-resident PSPs at terminals acquired by non-resident psp - terminal located in: Czech Republic","Number of other atm transactions with cards issued by non-resident PSPs at terminals acquired by non-resident psp - terminal located in: Czech Republic","PN",6]
["PTT.A.AT.W1.CZ.TRSC.1.2221.N.PN","A","AT","W1","CZ","TRSC",1,2221,"N","PN","2023",null,"Q",false,null,null,"P1Y",{"$nulls":4},"S",null,null,3,null,"Number of other atm transactions with cards issued by non-resident PSPs at terminals acquired by non-resident psp - terminal located in: Czech Republic","Number of other atm transactions with cards issued by non-resident PSPs at terminals acquired by non-resident psp - terminal located in: Czech Republic","PN",6]
["PTT.A.AT.W1.CZ.TRSC.2.2221.N.EUR","A","AT","W1","CZ","TRSC",2,2221,"N","EUR","2022",0,"A",false,null,null,"P1Y",{"$nulls":4},"S",null,null,3,null,"Value of other atm transactions with cards issued by non-resident PSPs at terminals acquired by resident psp - terminal located in: Czech Republic","Value of other atm transactions with cards issued by non-resident PSPs at terminals acquired by resident psp - terminal located in: Czech Republic","EUR",6]
["PTT.A.AT.W1.CZ.TRSC.2.2221.N.EUR","A","AT","W1","CZ","TRSC",2,2221,"N","EUR","2023",0,"A",false,null,null,"P1Y",{"$nulls":4},"S",null,null,3,null,"Value of other atm transactions with cards issued by non-resident PSPs at terminals acquired by resident psp - terminal located in: Czech Republic","Value of other atm transactions with cards issued by non-resident PSPs at terminals acquired by resident psp - terminal located in: Czech Republic","EUR",6]
["PTT.A.AT.W1.CZ.TRSC.2.2221.N.PN","A","AT","W1","CZ","TRSC",2,2221,"N","PN","2022",0,"A",false,null,null,"P1Y",{"$nulls":4},"S",null,null,3,null,"Number of other atm transactions with cards issued by non-resident PSPs at terminals acquired by resident psp - terminal located in: Czech Republic","Number of other atm transactions with cards issued by non-resident PSPs at terminals acquired by resident psp - terminal located in: Czech Republic","PN",6]
["PTT.A.AT.W1.CZ.TRSC.2.2221.N.PN","A","AT","W1","CZ","TRSC",2,2221,"N","PN","2023",0,"A",false,null,null,"P1Y",{"$nulls":4},"S",null,null,3,null,"Number of other atm transactions with cards issued by non-resident PSPs at terminals acquired by resident psp - terminal located in: Czech Republic","Number of other atm transactions with cards issued by non-resident PSPs at terminals acquired by resident psp - terminal located in: Czech Republic","PN",6]
["PTT.A.AT.W1.CZ.TRSO.1.2222.N.EUR","A","AT","W1","CZ","TRSO",1,2222,"N","EUR","2014",91.532,"A",false,null,null,"P1Y",{"$nulls":4},"S",null,null,3,"unspecified","Value of pos transactions with cards issued by non-resident PSPs at terminals acquired by non-resident psp - terminal located in: Czech Republic","Value of pos transactions with cards issued by non-resident PSPs at terminals acquired by non-resident psp - terminal located in: Czech Republic","EUR",6]
["PTT.A.AT.W1.CZ.TRSO.1.2222.N.EUR","A","AT","W1","CZ","TRSO",1,2222,"N","EUR","2015",106.351,"A",false,null,null,"P1Y",{"$nulls":4},"S",null,null,3,"unspecified","Value of pos transactions with cards issued by non-resident PSPs at terminals acquired by non-resident psp - terminal located in: Czech Republic","Value of pos transactions with cards issued by non-resident PSPs at terminals acquired by non-resident psp - terminal located in: Czech Republic","EUR",6]
["PTT.A.AT.W1.CZ.TRSO.1.2222.N.EUR","A","AT","W1","CZ","TRSO",1,2222,"N","EUR","2016",124.684,"A",false,null,null,"P1Y",{"$nulls":4},"S",null,null,3,"unspecified","Value of pos transactions with cards issued by non-resident PSPs at terminals acquired by non-resident psp - terminal located in: Czech Republic","Value of pos transactions with cards issued by non-resident PSPs at terminals acquired by non-resident psp - terminal located in: Czech Republic","EUR",6]
["PTT.A.AT.W1.CZ.TRSO.1.2222.N.EUR","A","AT","W1","CZ","TRSO",1,2222,"N","EUR","2017",141.952,"A",false,null,null,"P1Y",{"$nulls":4},"S",null,null,3,"unspecified","Value of pos transactions with cards issued by non-resident PSPs at terminals acquired by non-resident psp - terminal located in: Czech Republic","Value of pos transactions with cards issued by non-resident PSPs at terminals acquired by non-resident psp - terminal located in: Czech Republic","EUR",6]
["PTT.A.AT.W1.CZ.TRSO.1.2222.N.EUR","A","AT","W1","CZ","TRSO",1,2222,"N","EUR","2018",141.426,"A",false,null,null,"P1Y",{"$nulls":4},"S",null,null,3,"unspecified","Value of pos transactions with cards issued by non-resident PSPs at terminals acquired by non-resident psp - terminal located in: Czech Republic","Value of pos transactions with cards issued by non-resident PSPs at terminals acquired by non-resident psp - terminal located in: Czech Republic","EUR",6]
["PTT.A.AT.W1.CZ.TRSO.1.2222.N.EUR","A","AT","W1","CZ","TRSO",1,2222,"N","EUR","2019",158.735,"A",false,null,null,"P1Y",{"$nulls":4},"S",null,null,3,"unspecified","Value of pos transactions with cards issued by non-resident PSPs at terminals acquired by non-resident psp - terminal located in: Czech Republic","Value of pos transactions with cards issued by non-resident PSPs at terminals acquired by non-resident psp - terminal located in: Czech Republic","EUR",6]
["PTT.A.AT.W1.CZ.TRSO.1.2222.N.EUR","A","AT","W1","CZ","TRSO",1,2222,"N","EUR","2020",95.699,"A",false,null,null,"P1Y",{"$nulls":4},"S",null,null,3,"unspecified","Value of pos transactions with cards issued by non-resident PSPs at terminals acquired by non-resident psp - terminal located in: Czech Republic","Value of pos transactions with cards issued by non-resident PSPs at terminals acquired by non-resident psp - terminal located in: Czech Republic","EUR",6]
["PTT.A.AT.W1.CZ.TRSO.1.2222.N.EUR","A","AT","W1","CZ","TRSO",1,2222,"N","EUR","2021",89.459,"A",false,null,null,"P1Y",{"$nulls":4},"S",null,null,3,"unspecified","Value of pos transactions with cards issued by non-resident PSPs at terminals acquired by non-resident psp - terminal located in: Czech Republic","Value of pos transactions with cards issued by non-resident PSPs at terminals acquired by non-resident psp - terminal located in: Czech Republic","EUR",6]
["PTT.A.AT.W1.CZ.TRSO.1.2222.N.EUR","A","AT","W1","CZ","TRSO",1,2222,"N","EUR","2022",194.79353596,"A",false,null,null,"P1Y",{"$nulls":4},"S",null,null,3,"unspecified","Value of pos transactions with cards issued by non-resident PSPs at terminals acquired by non-resident psp - terminal located in: Czech Republic","Value of pos transactions with cards issued by non-resident PSPs at terminals acquired by non-resident psp - terminal located in: Czech Republic","EUR",6]
["PTT.A.AT.W1.CZ.TRSO.1.2222.N.EUR","A","AT","W1","CZ","TRSO",1,2222,"N","EUR","2023",225.76234482,"A",false,null,null,"P1Y",{"$nulls":4},"S",null,null,3,"unspecified","Value of pos transactions with cards issued by non-resident PSPs at terminals acquired by non-resident psp - terminal located in: Czech Republic","Value of pos transactions with cards issued by non-resident PSPs at terminals acquired by non-resident psp - terminal located in: Czech Republic","EUR",6]
["PTT.A.AT.W1.CZ.TRSO.1.2222.N.PN","A","AT","W1","CZ","TRSO",1,2222,"N","PN","2014",1.074,"A",false,null,null,"P1Y",{"$nulls":4},"S",null,null,3,"unspecified","Number of pos transactions with cards issued by non-resident PSPs at terminals acquired by non-resident psp - terminal located in: Czech Republic","Number of pos transactions with cards issued by non-resident PSPs at terminals acquired by non-resident psp - terminal located in: Czech Republic","PN",6]
["PTT.A.AT.W1.CZ.TRSO.1.2222.N.PN","A","AT","W1","CZ","TRSO",1,2222,"N","PN","2015",1.217,"A",false,null,null,"P1Y",{"$nulls":4},"S",null,null,3,"unspecified","Number of pos transactions with cards issued by non-resident PSPs at terminals acquired by non-resident psp - terminal located in: Czech Republic","Number of pos transactions with cards issued by non-resident PSPs at terminals acquired by non-resident psp - terminal located in: Czech Republic","PN",6]
["PTT.A.AT.W1.CZ.TRSO.1.2222.N.PN","A","AT","W1","CZ","TRSO",1,2222,"N","PN","2016",1.452,"A",false,null,null,"P1Y",{"$nulls":4},"S",null,null,3,"unspecified","Number of pos transactions with cards issued by non-resident PSPs at terminals acquired by non-resident psp - terminal located in: Czech Republic","Number of pos transactions with cards issued by non-resident PSPs at terminals acquired by non-resident psp - terminal located in: Czech Republic","PN",6]
["PTT.A.AT.W1.CZ.TRSO.1.2222.N.PN","A","AT","W1","CZ","TRSO",1,2222,"N","PN","2017",1.722,"A",false,null,null,"P1Y",{"$nulls":4},"S",null,null,3,"unspecified","Number of pos transactions with cards issued by non-resident PSPs at terminals acquired by non-resident psp - terminal located in: Czech Republic","Number of pos transactions with cards issued by non-resident PSPs at terminals acquired by non-resident psp - terminal located in: Czech Republic","PN",6]
["PTT.A.AT.W1.CZ.TRSO.1.2222.N.PN","A","AT","W1","CZ","TRSO",1,2222,"N","PN","2018",1.953,"A",false,null,null,"P1Y",{"$nulls":4},"S",null,null,3,"unspecified","Number of pos transactions with cards issued by non-resident PSPs at terminals acquired by non-resident psp - terminal located in: Czech Republic","Number of pos transactions with cards issued by non-resident PSPs at terminals acquired by non-resident psp - terminal located in: Czech Republic","PN",6]
["PTT.A.AT.W1.CZ.TRSO.1.2222.N.PN","A","AT","W1","CZ","TRSO",1,2222,"N","PN","2019",2.291,"A",false,null,null,"P1Y",{"$nulls":4},"S",null,null,3,"unspecified","Number of pos transactions with cards issued by non-resident PSPs at terminals acquired by non-resident psp - terminal located in: Czech Republic","Number of pos transactions with cards issued by non-resident PSPs at terminals acquired by non-resident psp - terminal located in: Czech Republic","PN",6]
["PTT.A.AT.W1.CZ.TRSO.1.2222.N.PN","A","AT","W1","CZ","TRSO",1,2222,"N","PN","2020",1.471,"A",false,null,null,"P1Y",{"$nulls":4},"S",null,null,3,"unspecified","Number of pos transactions with cards issued by non-resident PSPs at terminals acquired by non-resident psp - terminal located in: Czech Republic","Number of pos transactions with cards issued by non-resident PSPs at terminals acquired by non-resident psp - terminal located in: Czech Republic","PN",6]
["PTT.A.AT.W1.CZ.TRSO.1.2222.N.PN","A","AT","W1","CZ","TRSO",1,2222,"N","PN","2021",1.517,"A",false,null,null,"P1Y",{"$nulls":4},"S",null,null,3,"unspecified","Number of pos transactions with cards issued by non-resident PSPs at terminals acquired by non-resident psp - terminal located in: Czech Republic","Number of pos transactions with cards issued by non-resident PSPs at terminals acquired by non-resident psp - terminal located in: Czech Republic","PN",6]
["PTT.A.AT.W1.CZ.TRSO.1.2222.N.PN","A","AT","W1","CZ","TRSO",1,2222,"N","PN","2022",3.185309,"A",false,null,null,"P1Y",{"$nulls":4},"S",null,null,3,"unspecified","Number of pos transactions with cards issued by non-resident PSPs at terminals acquired by non-resident psp - terminal located in: Czech Republic","Number of pos transactions with cards issued by non-resident PSPs at terminals acquired by non-resident psp - terminal located in: Czech Republic","PN",6]
["PTT.A.AT.W1.CZ.TRSO.1.2222.N.PN","A","AT","W1","CZ","TRSO",1,2222,"N","PN","2023",4.069234,"A",false,null,null,"P1Y",{"$nulls":4},"S",null,null,3,"unspecified","Number of pos transactions with cards issued by non-resident PSPs at terminals acquired by non-resident psp - terminal located in: Czech Republic","Number of pos transactions with cards issued by non-resident PSPs at terminals acquired by non-resident psp - terminal located in: Czech Republic","PN",6]
["PTT.A.AT.W1.CZ.TRSO.2.2222.N.EUR","A","AT","W1","CZ","TRSO",2,2222,"N","EUR","2014",null,"Q",false,null,null,"P1Y",{"$nulls":4},"S",null,null,3,null,"Value of POS transactions at terminals acquired by resident PSP - terminal located in: Czech Republic","Value of POS transactions at terminals acquired by resident PSP - terminal located in: Czech Republic","EUR",6]
["PTT.A.AT.W1.CZ.TRSO.2.2222.N.EUR","A","AT","W1","CZ","TRSO",2,2222,"N","EUR","2015",8.893,"A",false,null,null,"P1Y",{"$nulls":4},"S",null,null,3,null,"Value of POS transactions at terminals acquired by resident PSP - terminal located in: Czech Republic","Value of POS transactions at terminals acquired by resident PSP - terminal located in: Czech Republic","EUR",6]
["PTT.A.AT.W1.CZ.TRSO.2.2222.N.EUR","A","AT","W1","CZ","TRSO",2,2222,"N","EUR","2016",25.461,"A",false,null,null,"P1Y",{"$nulls":4},"S",null,null,3,null,"Value of POS transactions at terminals acquired by resident PSP - terminal located in: Czech Republic","Value of POS transactions at terminals acquired by resident PSP - terminal located in: Czech Republic","EUR",6]
["PTT.A.AT.W1.CZ.TRSO.2.2222.N.EUR","A","AT","W1","CZ","TRSO",2,2222,"N","EUR","2017",null,"Q",false,null,null,"P1Y",{"$nulls":4},"S",null,null,3,null,"Value of POS transactions at terminals acquired by resident PSP - terminal located in: Czech Republic","Value of POS transactions at terminals acquired by resident PSP - terminal located in: Czech Republic","EUR",6]
["PTT.A.AT.W1.CZ.TRSO.2.2222.N.EUR","A","AT","W1","CZ","TRSO",2,2222,"N","EUR","2018",1087.467,"A",false,null,null,"P1Y",{"$nulls":4},"S",null,null,3,null,"Value of POS transactions at terminals acquired by resident PSP - terminal located in: Czech Republic","Value of POS transactions at terminals acquired by resident PSP - terminal located in: Czech Republic","EUR",6]
["PTT.A.AT.W1.CZ.TRSO.2.2222.N.EUR","A","AT","W1","CZ","TRSO",2,2222,"N","EUR","2019",null,"Q",false,null,null,"P1Y",{"$nulls":4},"S",null,null,3,null,"Value of POS transactions at terminals acquired by resident PSP - terminal located in: Czech Republic","Value of POS transactions at terminals acquired by resident PSP - terminal located in: Czech Republic","EUR",6]
["PTT.A.AT.W1.CZ.TRSO.2.2222.N.EUR","A","AT","W1","CZ","TRSO",2,2222,"N","EUR","2020",null,"Q",false,null,null,"P1Y",{"$nulls":4},"S",null,null,3,null,"Value of POS transactions at terminals acquired by resident PSP - terminal located in: Czech Republic","Value of POS transactions at terminals acquired by resident PSP - terminal located in: Czech Republic","EUR",6]
["PTT.A.AT.W1.CZ.TRSO.2.2222.N.EUR","A","AT","W1","CZ","TRSO",2,2222,"N","EUR","2021",439.976,"A",false,null,null,"P1Y",{"$nulls":4},"S",null,null,3,null,"Value of POS transactions at terminals acquired by resident PSP - terminal located in: Czech Republic","Value of POS transactions at terminals acquired by resident PSP - terminal located in: Czech Republic","EUR",6]
["PTT.A.AT.W1.CZ.TRSO.2.2222.N.EUR","A","AT","W1","CZ","TRSO",2,2222,"N","EUR","2022",618.58489614,"A",false,null,null,"P1Y",{"$nulls":4},"S",null,null,3,null,"Value of POS transactions at terminals acquired by resident PSP - terminal located in: Czech Republic","Value of POS transactions at terminals acquired by resident PSP - terminal located in: Czech Republic","EUR",6]
["PTT.A.AT.W1.CZ.TRSO.2.2222.N.EUR","A","AT","W1","CZ","TRSO",2,2222,"N","EUR","2023",432.9530332,"A",false,null,null,"P1Y",{"$nulls":4},"S",null,null,3,null,"Value of POS transactions at terminals acquired by resident PSP - terminal located in: Czech Republic","Value of POS transactions at terminals acquired by resident PSP - terminal located in: Czech Republic","EUR",6]
["PTT.A.AT.W1.CZ.TRSO.2.2222.N.PN","A","AT","W1","CZ","TRSO",2,2222,"N","PN","2014",null,"Q",false,null,null,"P1Y",{"$nulls":4},"S",null,null,3,null,"Number of POS transactions at terminals acquired by resident PSP - terminal located in: Czech Republic","Number of POS transactions at terminals acquired by resident PSP - terminal located in: Czech Republic","PN",6]
["PTT.A.AT.W1.CZ.TRSO.2.2222.N.PN","A","AT","W1","CZ","TRSO",2,2222,"N","PN","2015",0.134,"A",false,null,null,"P1Y",{"$nulls":4},"S",null,null,3,null,"Number of POS transactions at terminals acquired by resident PSP - terminal located in: Czech Republic","Number of POS transactions at terminals acquired by resident PSP - terminal located in: Czech Republic","PN",6]
["PTT.A.AT.W1.CZ.TRSO.2.2222.N.PN","A","AT","W1","CZ","TRSO",2,2222,"N","PN","2016",0.672,"A",false,null,null,"P1Y",{"$nulls":4},"S",null,null,3,null,"Number of POS transactions at terminals acquired by resident PSP - terminal located in: Czech Republic","Number of POS transactions at terminals acquired by resident PSP - terminal located in: Czech Republic","PN",6]
["PTT.A.AT.W1.CZ.TRSO.2.2222.N.PN","A","AT","W1","CZ","TRSO",2,2222,"N","PN","2017",null,"Q",false,null,null,"P1Y",{"$nulls":4},"S",null,null,3,null,"Number of POS transactions at terminals acquired by resident PSP - terminal located in: Czech Republic","Number of POS transactions at terminals acquired by resident PSP - terminal located in: Czech Republic","PN",6]
["PTT.A.AT.W1.CZ.TRSO.2.2222.N.PN","A","AT","W1","CZ","TRSO",2,2222,"N","PN","2018",49.87,"A",false,null,null,"P1Y",{"$nulls":4},"S",null,null,3,null,"Number of POS transactions at terminals acquired by resident PSP - terminal located in: Czech Republic","Number of POS transactions at terminals acquired by resident PSP - terminal located in: Czech Republic","PN",6]
["PTT.A.AT.W1.CZ.TRSO.2.2222.N.PN","A","AT","W1","CZ","TRSO",2,2222,"N","PN","2019",null,"Q",false,null,null,"P1Y",{"$nulls":4},"S",null,null,3,null,"Number of POS transactions at terminals acquired by resident PSP - terminal located in: Czech Republic","Number of POS transactions at terminals acquired by resident PSP - terminal located in: Czech Republic","PN",6]
["PTT.A.AT.W1.CZ.TRSO.2.2222.N.PN","A","AT","W1","CZ","TRSO",2,2222,"N","PN","2020",null,"Q",false,null,null,"P1Y",{"$nulls":4},"S",null,null,3,null,"Number of POS transactions at terminals acquired by resident PSP - terminal located in: Czech Republic","Number of POS transactions at terminals acquired by resident PSP - terminal located in: Czech Republic","PN",6]
["PTT.A.AT.W1.CZ.TRSO.2.2222.N.PN","A","AT","W1","CZ","TRSO",2,2222,"N","PN","2021",37.518,"A",false,null,null,"P1Y",{"$nulls":4},"S",null,null,3,null,"Number of POS transactions at terminals acquired by resident PSP - terminal located in: Czech Republic","Number of POS transactions at terminals acquired by resident PSP - terminal located in: Czech Republic","PN",6]
["PTT.A.AT.W1.CZ.TRSO.2.2222.N.PN","A","AT","W1","CZ","TRSO",2,2222,"N","PN","2022",53.398233,"A",false,null,null,"P1Y",{"$nulls":4},"S",null,null,3,null,"Number of POS transactions at terminals acquired by resident PSP - terminal located in: Czech Republic","Number of POS transactions at terminals acquired by resident PSP - terminal located in: Czech Republic","PN",6]
["PTT.A.AT.W1.CZ.TRSO.2.2222.N.PN","A","AT","W1","CZ","TRSO",2,2222,"N","PN","2023",60.166668,"A",false,null,null,"P1Y",{"$nulls":4},"S",null,null,3,null,"Number of POS transactions at terminals acquired by resident PSP - terminal located in: Czech Republic","Number of POS transactions at terminals acquired by resident PSP - terminal located in: Czech Republic","PN",6]
["PTT.A.AT.W1.CZ._T.1.2220.N.EUR","A","AT","W1","CZ","_T",1,2220,"N","EUR","2014",128.444,"A",false,null,null,"P1Y",{"$nulls":4},"S",null,null,3,"unspecified","Value of total transactions with cards issued by non-resident PSPs at terminals acquired by non-resident psp - terminal located in: Czech Republic","Value of total transactions with cards issued by non-resident PSPs at terminals acquired by non-resident psp - terminal located in: Czech Republic","EUR",6]
["PTT.A.AT.W1.CZ._T.1.2220.N.EUR","A","AT","W1","CZ","_T",1,2220,"N","EUR","2015",143.65,"A",false,null,null,"P1Y",{"$nulls":4},"S",null,null,3,"unspecified","Value of total transactions with cards issued by non-resident PSPs at terminals acquired by non-resident psp - terminal located in: Czech Republic","Value of total transactions with cards issued by non-resident PSPs at terminals acquired by non-resident psp - terminal located in: Czech Republic","EUR",6]
["PTT.A.AT.W1.CZ._T.1.2220.N.EUR","A","AT","W1","CZ","_T",1,2220,"N","EUR","2016",164.405,"A",false,null,null,"P1Y",{"$nulls":4},"S",null,null,3,"unspecified","Value of total transactions with cards issued by non-resident PSPs at terminals acquired by non-resident psp - terminal located in: Czech Republic","Value of total transactions with cards issued by non-resident PSPs at terminals acquired by non-resident psp - terminal located in: Czech Republic","EUR",6]
["PTT.A.AT.W1.CZ._T.1.2220.N.EUR","A","AT","W1","CZ","_T",1,2220,"N","EUR","2017",182.156,"A",false,null,null,"P1Y",{"$nulls":4},"S",null,null,3,"unspecified","Value of total transactions with cards issued by non-resident PSPs at terminals acquired by non-resident psp - terminal located in: Czech Republic","Value of total transactions with cards issued by non-resident PSPs at terminals acquired by non-resident psp - terminal located in: Czech Republic","EUR",6]
["PTT.A.AT.W1.CZ._T.1.2220.N.EUR","A","AT","W1","CZ","_T",1,2220,"N","EUR","2018",183.294,"A",false,null,null,"P1Y",{"$nulls":4},"S",null,null,3,"unspecified","Value of total transactions with cards issued by non-resident PSPs at terminals acquired by non-resident psp - terminal located in: Czech Republic","Value of total transactions with cards issued by non-resident PSPs at terminals acquired by non-resident psp - terminal located in: Czech Republic","EUR",6]
["PTT.A.AT.W1.CZ._T.1.2220.N.EUR","A","AT","W1","CZ","_T",1,2220,"N","EUR","2019",200.096,"A",false,null,null,"P1Y",{"$nulls":4},"S",null,null,3,"unspecified","Value of total transactions with cards issued by non-resident PSPs at terminals acquired by non-resident psp - terminal located in: Czech Republic","Value of total transactions with cards issued by non-resident PSPs at terminals acquired by non-resident psp - terminal located in: Czech Republic","EUR",6]
["PTT.A.AT.W1.CZ._T.1.2220.N.EUR","A","AT","W1","CZ","_T",1,2220,"N","EUR","2020",121.435,"A",false,null,null,"P1Y",{"$nulls":4},"S",null,null,3,"unspecified","Value of total transactions with cards issued by non-resident PSPs at terminals acquired by non-resident psp - terminal located in: Czech Republic","Value of total transactions with cards issued by non-resident PSPs at terminals acquired by non-resident psp - terminal located in: Czech Republic","EUR",6]
["PTT.A.AT.W1.CZ._T.1.2220.N.EUR","A","AT","W1","CZ","_T",1,2220,"N","EUR","2021",115.352,"A",false,null,null,"P1Y",{"$nulls":4},"S",null,null,3,"unspecified","Value of total transactions with cards issued by non-resident PSPs at terminals acquired by non-resident psp - terminal located in: Czech Republic","Value of total transactions with cards issued by non-resident PSPs at terminals acquired by non-resident psp - terminal located in: Czech Republic","EUR",6]
["PTT.A.AT.W1.CZ._T.1.2220.N.EUR","A","AT","W1","CZ","_T",1,2220,"N","EUR","2022",228.08977893,"A",false,null,null,"P1Y",{"$nulls":4},"S",null,null,3,"unspecified","Value of total transactions with cards issued by non-resident PSPs at terminals acquired by non-resident psp - terminal located in: Czech Republic","Value of total transactions with cards issued by non-resident PSPs at terminals acquired by non-resident psp - terminal located in: Czech Republic","EUR",6]
["PTT.A.AT.W1.CZ._T.1.2220.N.EUR","A","AT","W1","CZ","_T",1,2220,"N","EUR","2023",260.13896209,"A",false,null,null,"P1Y",{"$nulls":4},"S",null,null,3,"unspecified","Value of total transactions with cards issued by non-resident PSPs at terminals acquired by non-resident psp - terminal located in: Czech Republic","Value of total transactions with cards issued by non-resident PSPs at terminals acquired by non-resident psp - terminal located in: Czech Republic","EUR",6]
["PTT.A.AT.W1.CZ._T.1.2220.N.PN","A","AT","W1","CZ","_T",1,2220,"N","PN","2014",1.486,"A",false,null,null,"P1Y",{"$nulls":4},"S",null,null,3,"unspecified","Number of total transactions with cards issued by non-resident PSPs at terminals acquired by non-resident psp - terminal located in: Czech Republic","Number of total transactions with cards issued by non-resident PSPs at terminals acquired by non-resident psp - terminal located in: Czech Republic","PN",6]
["PTT.A.AT.W1.CZ._T.1.2220.N.PN","A","AT","W1","CZ","_T",1,2220,"N","PN","2015",1.63,"A",false,null,null,"P1Y",{"$nulls":4},"S",null,null,3,"unspecified","Number of total transactions with cards issued by non-resident PSPs at terminals acquired by non-resident psp - terminal located in: Czech Republic","Number of total transactions with cards issued by non-resident PSPs at terminals acquired by non-resident psp - terminal located in: Czech Republic","PN",6]
["PTT.A.AT.W1.CZ._T.1.2220.N.PN","A","AT","W1","CZ","_T",1,2220,"N","PN","2016",1.876,"A",false,null,null,"P1Y",{"$nulls":4},"S",null,null,3,"unspecified","Number of total transactions with cards issued by non-resident PSPs at terminals acquired by non-resident psp - terminal located in: Czech Republic","Number of total transactions with cards issued by non-resident PSPs at terminals acquired by non-resident psp - terminal located in: Czech Republic","PN",6]
["PTT.A.AT.W1.CZ._T.1.2220.N.PN","A","AT","W1","CZ","_T",1,2220,"N","PN","2017",2.149,"A",false,null,null,"P1Y",{"$nulls":4},"S",null,null,3,"unspecified","Number of total transactions with cards issued by non-resident PSPs at terminals acquired by non-resident psp - terminal located in: Czech Republic","Number of total transactions with cards issued by non-resident PSPs at terminals acquired by non-resident psp - terminal located in: Czech Republic","PN",6]
["PTT.A.AT.W1.CZ._T.1.2220.N.PN","A","AT","W1","CZ","_T",1,2220,"N","PN","2018",2.418,"A",false,null,null,"P1Y",{"$nulls":4},"S",null,null,3,"unspecified","Number of total transactions with cards issued by non-resident PSPs at terminals acquired by non-resident psp - terminal located in: Czech Republic","Number of total transactions with cards issued by non-resident PSPs at terminals acquired by non-resident psp - terminal located in: Czech Republic","PN",6]
["PTT.A.AT.W1.CZ._T.1.2220.N.PN","A","AT","W1","CZ","_T",1,2220,"N","PN","2019",2.756,"A",false,null,null,"P1Y",{"$nulls":4},"S",null,null,3,"unspecified","Number of total transactions with cards issued by non-resident PSPs at terminals acquired by non-resident psp - terminal located in: Czech Republic","Number of total transactions with cards issued by non-resident PSPs at terminals acquired by non-resident psp - terminal located in: Czech Republic","PN",6]
["PTT.A.AT.W1.CZ._T.1.2220.N.PN","A","AT","W1","CZ","_T",1,2220,"N","PN","2020",1.752,"A",false,null,null,"P1Y",{"$nulls":4},"S",null,null,3,"unspecified","Number of total transactions with cards issued by non-resident PSPs at terminals acquired by non-resident psp - terminal located in: Czech Republic","Number of total transactions with cards issued by non-resident PSPs at terminals acquired by non-resident psp - terminal located in: Czech Republic","PN",6]
["PTT.A.AT.W1.CZ._T.1.2220.N.PN","A","AT","W1","CZ","_T",1,2220,"N","PN","2021",1.778,"A",false,null,null,"P1Y",{"$nulls":4},"S",null,null,3,"unspecified","Number of total transactions with cards issued by non-resident PSPs at terminals acquired by non-resident psp - terminal located in: Czech Republic","Number of total transactions with cards issued by non-resident PSPs at terminals acquired by non-resident psp - terminal located in: Czech Republic","PN",6]
["PTT.A.AT.W1.CZ._T.1.2220.N.PN","A","AT","W1","CZ","_T",1,2220,"N","PN","2022",3.421861,"A",false,null,null,"P1Y",{"$nulls":4},"S",null,null,3,"unspecified","Number of total transactions with cards issued by non-resident PSPs at terminals acquired by non-resident psp - terminal located in: Czech Republic","Number of total transactions with cards issued by non-resident PSPs at terminals acquired by non-resident psp - terminal located in: Czech Republic","PN",6]
["PTT.A.AT.W1.CZ._T.1.2220.N.PN","A","AT","W1","CZ","_T",1,2220,"N","PN","2023",4.312725,"A",false,null,null,"P1Y",{"$nulls":4},"S",null,null,3,"unspecified","Number of total transactions with cards issued by non-resident PSPs at terminals acquired by non-resident psp - terminal located in: Czech Republic","Number of total transactions with cards issued by non-resident PSPs at terminals acquired by non-resident psp - terminal located in: Czech Republic","PN",6]
["PTT.A.AT.W1.CZ._T.2.2220.N.EUR","A","AT","W1","CZ","_T",2,2220,"N","EUR","2014",null,"Q",false,null,null,"P1Y",{"$nulls":4},"S",null,null,3,null,"Value of total transactions at terminals acquired by resident PSP - terminal located in: Czech Republic","Value of total transactions at terminals acquired by resident PSP - terminal located in: Czech Republic","EUR",6]
["PTT.A.AT.W1.CZ._T.2.2220.N.EUR","A","AT","W1","CZ","_T",2,2220,"N","EUR","2015",8.893,"A",false,null,null,"P1Y",{"$nulls":4},"S",null,null,3,null,"Value of total transactions at terminals acquired by resident PSP - terminal located in: Czech Republic","Value of total transactions at terminals acquired by resident PSP - terminal located in: Czech Republic","EUR",6]
["PTT.A.AT.W1.CZ._T.2.2220.N.EUR","A","AT","W1","CZ","_T",2,2220,"N","EUR","2016",25.461,"A",false,null,null,"P1Y",{"$nulls":4},"S",null,null,3,null,"Value of total transactions at terminals acquired by resident PSP - terminal located in: Czech Republic","Value of total transactions at terminals acquired by resident PSP - terminal located in: Czech Republic","EUR",6]
["PTT.A.AT.W1.CZ._T.2.2220.N.EUR","A","AT","W1","CZ","_T",2,2220,"N","EUR","2017",null,"Q",false,null,null,"P1Y",{"$nulls":4},"S",null,null,3,null,"Value of total transactions at terminals acquired by resident PSP - terminal located in: Czech Republic","Value of total transactions at terminals acquired by resident PSP - terminal located in: Czech Republic","EUR",6]
["PTT.A.AT.W1.CZ._T.2.2220.N.EUR","A","AT","W1","CZ","_T",2,2220,"N","EUR","2018",1087.467,"A",false,null,null,"P1Y",{"$nulls":4},"S",null,null,3,null,"Value of total transactions at terminals acquired by resident PSP - terminal located in: Czech Republic","Value of total transactions at terminals acquired by resident PSP - terminal located in: Czech Republic","EUR",6]
["PTT.A.AT.W1.CZ._T.2.2220.N.EUR","A","AT","W1","CZ","_T",2,2220,"N","EUR","2019",null,"Q",false,null,null,"P1Y",{"$nulls":4},"S",null,null,3,null,"Value of total transactions at terminals acquired by resident PSP - terminal located in: Czech Republic","Value of total transactions at terminals acquired by resident PSP - terminal located in: Czech Republic","EUR",6]
["PTT.A.AT.W1.CZ._T.2.2220.N.EUR","A","AT","W1","CZ","_T",2,2220,"N","EUR","2020",null,"Q",false,null,null,"P1Y",{"$nulls":4},"S",null,null,3,null,"Value of total transactions at terminals acquired by resident PSP - terminal located in: Czech Republic","Value of total transactions at terminals acquired by resident PSP - terminal located in: Czech Republic","EUR",6]
["PTT.A.AT.W1.CZ._T.2.2220.N.EUR","A","AT","W1","CZ","_T",2,2220,"N","EUR","2021",439.976,"A",false,null,null,"P1Y",{"$nulls":4},"S",null,null,3,null,"Value of total transactions at terminals acquired by resident PSP - terminal located in: Czech Republic","Value of total transactions at terminals acquired by resident PSP - terminal located in: Czech Republic","EUR",6]
["PTT.A.AT.W1.CZ._T.2.2220.N.EUR","A","AT","W1","CZ","_T",2,2220,"N","EUR","2022",618.58489614,"A",false,null,null,"P1Y",{"$nulls":4},"S",null,null,3,null,"Value of total transactions at terminals acquired by resident PSP - terminal located in: Czech Republic","Value of total transactions at terminals acquired by resident PSP - terminal located in: Czech Republic","EUR",6]
["PTT.A.AT.W1.CZ._T.2.2220.N.EUR","A","AT","W1","CZ","_T",2,2220,"N","EUR","2023",432.9530332,"A",false,null,null,"P1Y",{"$nulls":4},"S",null,null,3,null,"Value of total transactions at terminals acquired by resident PSP - terminal located in: Czech Republic","Value of total transactions at terminals acquired by resident PSP - terminal located in: Czech Republic","EUR",6]
["PTT.A.AT.W1.CZ._T.2.2220.N.PN","A","AT","W1","CZ","_T",2,2220,"N","PN","2014",null,"Q",false,null,null,"P1Y",{"$nulls":4},"S",null,null,3,null,"Number of total transactions at terminals acquired by resident PSP - terminal located in: Czech Republic","Number of total transactions at terminals acquired by resident PSP - terminal located in: Czech Republic","PN",6]
["PTT.A.AT.W1.CZ._T.2.2220.N.PN","A","AT","W1","CZ","_T",2,2220,"N","PN","2015",0.134,"A",false,null,null,"P1Y",{"$nulls":4},"S",null,null,3,null,"Number of total transactions at terminals acquired by resident PSP - terminal located in: Czech Republic","Number of total transactions at terminals acquired by resident PSP - terminal located in: Czech Republic","PN",6]
["PTT.A.AT.W1.CZ._T.2.2220.N.PN","A","AT","W1","CZ","_T",2,2220,"N","PN","2016",0.672,"A",false,null,null,"P1Y",{"$nulls":4},"S",null,null,3,null,"Number of total transactions at terminals acquired by resident PSP - terminal located in: Czech Republic","Number of total transactions at terminals acquired by resident PSP - terminal located in: Czech Republic","PN",6]
["PTT.A.AT.W1.CZ._T.2.2220.N.PN","A","AT","W1","CZ","_T",2,2220,"N","PN","2017",null,"Q",false,null,null,"P1Y",{"$nulls":4},"S",null,null,3,null,"Number of total transactions at terminals acquired by resident PSP - terminal located in: Czech Republic","Number of total transactions at terminals acquired by resident PSP - terminal located in: Czech Republic","PN",6]
["PTT.A.AT.W1.CZ._T.2.2220.N.PN","A","AT","W1","CZ","_T",2,2220,"N","PN","2018",49.87,"A",false,null,null,"P1Y",{"$nulls":4},"S",null,null,3,null,"Number of total transactions at terminals acquired by resident PSP - terminal located in: Czech Republic","Number of total transactions at terminals acquired by resident PSP - terminal located in: Czech Republic","PN",6]
["PTT.A.AT.W1.CZ._T.2.2220.N.PN","A","AT","W1","CZ","_T",2,2220,"N","PN","2019",null,"Q",false,null,null,"P1Y",{"$nulls":4},"S",null,null,3,null,"Number of total transactions at terminals acquired by resident PSP - terminal located in: Czech Republic","Number of total transactions at terminals acquired by resident PSP - terminal located in: Czech Republic","PN",6]
["PTT.A.AT.W1.CZ._T.2.2220.N.PN","A","AT","W1","CZ","_T",2,2220,"N","PN","2020",null,"Q",false,null,null,"P1Y",{"$nulls":4},"S",null,null,3,null,"Number of total transactions at terminals acquired by resident PSP - terminal located in: Czech Republic","Number of total transactions at terminals acquired by resident PSP - terminal located in: Czech Republic","PN",6]
["PTT.A.AT.W1.CZ._T.2.2220.N.PN","A","AT","W1","CZ","_T",2,2220,"N","PN","2021",37.518,"A",false,null,null,"P1Y",{"$nulls":4},"S",null,null,3,null,"Number of total transactions at terminals acquired by resident PSP - terminal located in: Czech Republic","Number of total transactions at terminals acquired by resident PSP - terminal located in: Czech Republic","PN",6]
["PTT.A.AT.W1.CZ._T.2.2220.N.PN","A","AT","W1","CZ","_T",2,2220,"N","PN","2022",53.398233,"A",false,null,null,"P1Y",{"$nulls":4},"S",null,null,3,null,"Number of total transactions at terminals acquired by resident PSP - terminal located in: Czech Republic","Number of total transactions at terminals acquired by resident PSP - terminal located in: Czech Republic","PN",6]
["PTT.A.AT.W1.CZ._T.2.2220.N.PN","A","AT","W1","CZ","_T",2,2220,"N","PN","2023",60.166668,"A",false,null,null,"P1Y",{"$nulls":4},"S",null,null,3,null,"Number of total transactions at terminals acquired by resident PSP - terminal located in: Czech Republic","Number of total transactions at terminals acquired by resident PSP - terminal located in: Czech Republic","PN",6]
["PTT.A.AT.W1.DE.CD1.1.2221.N.EUR","A","AT","W1","DE","CD1",1,2221,"N","EUR","2014",null,"M",false,null,null,"P1Y",{"$nulls":4},"S",null,null,3,null,"Value of ATM cash deposits at terminals acquired by non-resident PSP - terminal located in: Germany","Value of ATM cash deposits at terminals acquired by non-resident PSP - terminal located in: Germany","EUR",6]
["PTT.A.AT.W1.DE.CD1.1.2221.N.EUR","A","AT","W1","DE","CD1",1,2221,"N","EUR","2015",null,"M",false,null,null,"P1Y",{"$nulls":4},"S",null,null,3,null,"Value of ATM cash deposits at terminals acquired by non-resident PSP - terminal located in: Germany","Value of ATM cash deposits at terminals acquired by non-resident PSP - terminal located in: Germany","EUR",6]
["PTT.A.AT.W1.DE.CD1.1.2221.N.EUR","A","AT","W1","DE","CD1",1,2221,"N","EUR","2016",null,"M",false,null,null,"P1Y",{"$nulls":4},"S",null,null,3,null,"Value of ATM cash deposits at terminals acquired by non-resident PSP - terminal located in: Germany","Value of ATM cash deposits at terminals acquired by non-resident PSP - terminal located in: Germany","EUR",6]
["PTT.A.AT.W1.DE.CD1.1.2221.N.EUR","A","AT","W1","DE","CD1",1,2221,"N","EUR","2017",null,"M",false,null,null,"P1Y",{"$nulls":4},"S",null,null,3,null,"Value of ATM cash deposits at terminals acquired by non-resident PSP - terminal located in: Germany","Value of ATM cash deposits at terminals acquired by non-resident PSP - terminal located in: Germany","EUR",6]
["PTT.A.AT.W1.DE.CD1.1.2221.N.EUR","A","AT","W1","DE","CD1",1,2221,"N","EUR","2018",null,"M",false,null,null,"P1Y",{"$nulls":4},"S",null,null,3,null,"Value of ATM cash deposits at terminals acquired by non-resident PSP - terminal located in: Germany","Value of ATM cash deposits at terminals acquired by non-resident PSP - terminal located in: Germany","EUR",6]
["PTT.A.AT.W1.DE.CD1.1.2221.N.EUR","A","AT","W1","DE","CD1",1,2221,"N","EUR","2019",null,"M",false,null,null,"P1Y",{"$nulls":4},"S",null,null,3,null,"Value of ATM cash deposits at terminals acquired by non-resident PSP - terminal located in: Germany","Value of ATM cash deposits at terminals acquired by non-resident PSP - terminal located in: Germany","EUR",6]
["PTT.A.AT.W1.DE.CD1.1.2221.N.EUR","A","AT","W1","DE","CD1",1,2221,"N","EUR","2020",null,"M",false,null,null,"P1Y",{"$nulls":4},"S",null,null,3,null,"Value of ATM cash deposits at terminals acquired by non-resident PSP - terminal located in: Germany","Value of ATM cash deposits at terminals acquired by non-resident PSP - terminal located in: Germany","EUR",6]
["PTT.A.AT.W1.DK.CW1.2.2221.N.PN","A","AT","W1","DK","CW1",2,2221,"N","PN","2016",null,"M",false,null,null,"P1Y",{"$nulls":4},"S",null,null,3,null,"Number of ATM cash withdrawals at terminals acquired by resident PSP - terminal located in: Denmark","Number of ATM cash withdrawals at terminals acquired by resident PSP - terminal located in: Denmark","PN",6]
["PTT.A.AT.W1.EE.CW1.1.2221.N.EUR","A","AT","W1","EE","CW1",1,2221,"N","EUR","2015",0.93,"A",false,null,null,"P1Y",{"$nulls":4},"S",null,null,3,"unspecified","Value of atm cash withdrawals with cards issued by non-resident PSPs at terminals acquired by non-resident psp - terminal located in: Estonia","Value of atm cash withdrawals with cards issued by non-resident PSPs at terminals acquired by non-resident psp - terminal located in: Estonia","EUR",6]
["PTT.A.AT.W1.FI.EMLU.1.2220.N.PN","A","AT","W1","FI","EMLU",1,2220,"N","PN","2022",null,"Q",false,null,null,"P1Y",{"$nulls":4},"S",null,null,3,"unspecified","Number of e-money card loading and unloading transactions with cards issued by non-resident PSPs at terminals acquired by non-resident psp - terminal located in: Finland","Number of e-money card loading and unloading transactions with cards issued by non-resident PSPs at terminals acquired by non-resident psp - terminal located in: Finland","PN",6]
["PTT.A.AT.W1.FR.EMLU.2.2220.N.EUR","A","AT","W1","FR","EMLU",2,2220,"N","EUR","2014",null,"M",false,null,null,"P1Y",{"$nulls":4},"S",null,null,3,null,"Value of E-money card loading and unloading at terminals acquired by resident PSP - terminal located in: France","Value of E-money card loading and unloading at terminals acquired by resident PSP - terminal located in: France","EUR",6]
["PTT.A.AT.W1.G1.CD1.2.2221.N.EUR","A","AT","W1","G1","CD1",2,2221,"N","EUR","2022",0,"A",false,null,null,"P1Y",{"$nulls":4},"S",null,null,3,null,"Value of atm cash deposits with cards issued by non-resident PSPs at terminals acquired by resident psp - terminal located in: outside EEA","Value of atm cash deposits with cards issued by non-resident PSPs at terminals acquired by resident psp - terminal located in: outside EEA","EUR",6]
["PTT.A.AT.W1.HR.EMLU.1.2220.N.EUR","A","AT","W1","HR","EMLU",1,2220,"N","EUR","2023",null,"Q",false,null,null,"P1Y",{"$nulls":4},"S",null,null,3,"unspecified","Value of e-money card loading and unloading transactions with cards issued by non-resident PSPs at terminals acquired by non-resident psp - terminal located in: Croatia","Value of e-money card loading and unloading transactions with cards issued by non-resident PSPs at terminals acquired by non-resident psp - terminal located in: Croatia","EUR",6]
["PTT.A.AT.W1.HU.CD1.2.2221.N.PN","A","AT","W1","HU","CD1",2,2221,"N","PN","2014",null,"M",false,null,null,"P1Y",{"$nulls":4},"S",null,null,3,null,"Number of ATM cash deposits at terminals acquired by resident PSP - terminal located in: Hungary","Number of ATM cash deposits at terminals acquired by resident PSP - terminal located in: Hungary","PN",6]
["PTT.A.AT.W1.IT.CD1.2.2221.N.PN","A","AT","W1","IT","CD1",2,2221,"N","PN","2015",null,"M",false,null,null,"P1Y",{"$nulls":4},"S",null,null,3,null,"Number of ATM cash deposits at terminals acquired by resident PSP - terminal located in: Italy","Number of ATM cash deposits at terminals acquired by resident PSP - terminal located in: Italy","PN",6]
["PTT.A.AT.W1.LI.TRSC.1.2221.N.EUR","A","AT","W1","LI","TRSC",1,2221,"N","EUR","2023",null,"Q",false,null,null,"P1Y",{"$nulls":4},"S",null,null,3,null,"Value of other atm transactions with cards issued by non-resident PSPs at terminals acquired by non-resident psp - terminal located in: Liechtenstein","Value of other atm transactions with cards issued by non-resident PSPs at terminals acquired by non-resident psp - terminal located in: Liechtenstein","EUR",6]
["PTT.A.AT.W1.LV.CD1.2.2221.N.PN","A","AT","W1","LV","CD1",2,2221,"N","PN","2018",null,"M",false,null,null,"P1Y",{"$nulls":4},"S",null,null,3,null,"Number of ATM cash deposits at terminals acquired by resident PSP - terminal located in: Latvia","Number of ATM cash deposits at terminals acquired by resident PSP - terminal located in: Latvia","PN",6]
["PTT.A.AT.W1.LV._T.1.2220.N.EUR","A","AT","W1","LV","_T",1,2220,"N","EUR","2016",4.622,"A",false,null,null,"P1Y",{"$nulls":4},"S",null,null,3,"unspecified","Value of total transactions with cards issued by non-resident PSPs at terminals acquired by non-resident psp - terminal located in: Latvia","Value of total transactions with cards issued by non-resident PSPs at terminals acquired by non-resident psp - terminal located in: Latvia","EUR",6]
["PTT.A.AT.W1.NL.CD1.2.2221.N.EUR","A","AT","W1","NL","CD1",2,2221,"N","EUR","2014",null,"M",false,null,null,"P1Y",{"$nulls":4},"S",null,null,3,null,"Value of ATM cash deposits at terminals acquired by resident PSP - terminal located in: Netherlands","Value of ATM cash deposits at terminals acquired by resident PSP - terminal located in: Netherlands","EUR",6]
["PTT.A.AT.W1.PL._T.1.2220.N.EUR","A","AT","W1","PL","_T",1,2220,"N","EUR","2018",71.225,"A",false,null,null,"P1Y",{"$nulls":4},"S",null,null,3,"unspecified","Value of total transactions with cards issued by non-resident PSPs at terminals acquired by non-resident psp - terminal located in: Poland","Value of total transactions with cards issued by non-resident PSPs at terminals acquired by non-resident psp - terminal located in: Poland","EUR",6]
["PTT.A.AT.W1.SE.CD1.2.2221.N.EUR","A","AT","W1","SE","CD1",2,2221,"N","EUR","2015",null,"M",false,null,null,"P1Y",{"$nulls":4},"S",null,null,3,null,"Value of ATM cash deposits at terminals acquired by resident PSP - terminal located in: Sweden","Value of ATM cash deposits at terminals acquired by resident PSP - terminal located in: Sweden","EUR",6]
["PTT.A.AT.W1.SI.CD1.2.2221.N.EUR","A","AT","W1","SI","CD1",2,2221,"N","EUR","2017",null,"M",false,null,null,"P1Y",{"$nulls":4},"S",null,null,3,null,"Value of ATM cash deposits at terminals acquired by resident PSP - terminal located in: Slovenia","Value of ATM cash deposits at terminals acquired by resident PSP - terminal located in: Slovenia","EUR",6]
["PTT.A.AT.W1.W0.CW1.1.2221.N.EUR","A","AT","W1","W0","CW1",1,2221,"N","EUR","2019",1989.878,"A",false,null,null,"P1Y",{"$nulls":4},"S",null,null,3,null,"Total value of atm cash withdrawals with cards issued by non-resident PSPs at terminals acquired by non-resident psp","Total value of atm cash withdrawals with cards issued by non-resident PSPs at terminals acquired by non-resident psp","EUR",6]
["PTT.A.AT.W1.W0.EMP1.2.2220.N.EUR","A","AT","W1","W0","EMP1",2,2220,"N","EUR","2017",null,"M",false,null,null,"P1Y",{"$nulls":4},"S",null,null,3,null,"Total value of e-money payment transactions with cards with an e-money function with cards issued by non-resident PSPs at terminals acquired by resident psp","Total value of e-money payment transactions with cards with an e-money function with cards issued by non-resident PSPs at terminals acquired by resident psp","EUR",6]
["PTT.A.AT.W1.W0._T.1.2220.N.PN","A","AT","W1","W0","_T",1,2220,"N","PN","2011",null,"M",false,null,null,"P1Y",{"$nulls":4},"S",null,null,3,null,"Total number of total transactions with cards issued by non-resident PSPs at terminals acquired by non-resident psp","Total number of total transactions with cards issued by non-resident PSPs at terminals acquired by non-resident psp","PN",6]
["PTT.A.AT.W2.BE.CD1.2.2221.N.EUR","A","AT","W2","BE","CD1",2,2221,"N","EUR","2020",null,"M",false,null,null,"P1Y",{"$nulls":4},"S",null,null,3,null,"Value of ATM cash deposits at terminals acquired by resident PSP - terminal located in: Belgium","Value of ATM cash deposits at terminals acquired by resident PSP - terminal located in: Belgium","EUR",6]
["PTT.A.AT.W2.CY.CD1.2.2221.N.EUR","A","AT","W2","CY","CD1",2,2221,"N","EUR","2022",0,"A",false,null,null,"P1Y",{"$nulls":4},"S",null,null,3,null,"Value of ATM cash deposits at terminals acquired by resident PSP - terminal located in: Cyprus","Value of ATM cash deposits at terminals acquired by resident PSP - terminal located in: Cyprus","EUR",6]
["PTT.A.AT.W2.EE.EMP1.2.2220.N.EUR","A","AT","W2","EE","EMP1",2,2220,"N","EUR","2019",null,"M",false,null,null,"P1Y",{"$nulls":4},"S",null,null,3,null,"Value of e-money payment transactions with cards with an e-money function at terminals acquired by resident PSP - terminal located in: Estonia","Value of e-money payment transactions with cards with an e-money function at terminals acquired by resident PSP - terminal located in: Estonia","EUR",6]
["PTT.A.AT.W2.FI.EMP1.2.2220.N.EUR","A","AT","W2","FI","EMP1",2,2220,"N","EUR","2021",null,"M",false,null,null,"P1Y",{"$nulls":4},"S",null,null,3,null,"Value of e-money payment transactions with cards with an e-money function at terminals acquired by resident PSP - terminal located in: Finland","Value of e-money payment transactions with cards with an e-money function at terminals acquired by resident PSP - terminal located in: Finland","EUR",6]
["PTT.A.AT.W2.HR.TRSO.2.2222.N.PN","A","AT","W2","HR","TRSO",2,2222,"N","PN","2016",null,"Q",false,null,null,"P1Y",{"$nulls":4},"S",null,null,3,null,"Number of POS transactions at terminals acquired by resident PSP - terminal located in: Croatia","Number of POS transactions at terminals acquired by resident PSP - terminal located in: Croatia","PN",6]
["PTT.A.AT.W2.HU.EMP1.2.2220.N.PN","A","AT","W2","HU","EMP1",2,2220,"N","PN","2014",null,"M",false,null,null,"P1Y",{"$nulls":4},"S",null,null,3,null,"Number of e-money payment transactions with cards with an e-money function at terminals acquired by resident PSP - terminal located in: Hungary","Number of e-money payment transactions with cards with an e-money function at terminals acquired by resident PSP - terminal located in: Hungary","PN",6]
["PTT.A.AT.W2.LV.TRSO.2.2222.N.PN","A","AT","W2","LV","TRSO",2,2222,"N","PN","2018",null,"M",false,null,null,"P1Y",{"$nulls":4},"S",null,null,3,null,"Number of POS transactions at terminals acquired by resident PSP - terminal located in: Latvia","Number of POS transactions at terminals acquired by resident PSP - terminal located in: Latvia","PN",6]
["PTT.A.AT.W2.NL.CW1.2.2221.N.EUR","A","AT","W2","NL","CW1",2,2221,"N","EUR","2020",null,"M",false,null,null,"P1Y",{"$nulls":4},"S",null,null,3,null,"Value of ATM cash withdrawals at terminals acquired by resident PSP - terminal located in: Netherlands","Value of ATM cash withdrawals at terminals acquired by resident PSP - terminal located in: Netherlands","EUR",6]
["PTT.A.AT.W2.SE.EMLU.2.2220.N.PN","A","AT","W2","SE","EMLU",2,2220,"N","PN","2019",null,"M",false,null,null,"P1Y",{"$nulls":4},"S",null,null,3,null,"Number of E-money card loading and unloading at terminals acquired by resident PSP - terminal located in: Sweden","Number of E-money card loading and unloading at terminals acquired by resident PSP - terminal located in: Sweden","PN",6]
["PTT.A.AT.W2.SK.EMLU.2.2220.N.PN","A","AT","W2","SK","EMLU",2,2220,"N","PN","2021",null,"M",false,null,null,"P1Y",{"$nulls":4},"S",null,null,3,null,"Number of E-money card loading and unloading at terminals acquired by resident PSP - terminal located in: Slovakia","Number of E-money card loading and unloading at terminals acquired by resident PSP - terminal located in: Slovakia","PN",6]
["PTT.A.AT.W2.W2.EMLU.2.2220.N.EUR","A","AT","W2","W2","EMLU",2,2220,"N","EUR","2014",157.407,"A",false,null,null,"P1Y",{"$nulls":4},"S",null,null,3,"unspecified","Value of e-money card loading and unloading transactions with cards issued by resident PSPs at terminals acquired by resident psp - terminal location: domestic","Value of e-money card loading and unloading transactions with cards issued by resident PSPs at terminals acquired by resident psp - terminal location: domestic","EUR",6]
["PTT.A.AT._Z.W0.CD0.2.1300.N.PN","A","AT","_Z","W0","CD0",2,1300,"N","PN","2011",null,"M",false,null,null,"P1Y",{"$nulls":4},"S",null,null,3,null,"Number of over-the-counter (otc) cash deposits - Austria","Number of over-the-counter (otc) cash deposits - Austria","PN",6]
["PTT.A.B0.W1.W0.EMP1.2.2220.N.EUR","A","B0","W1","W0","EMP1",2,2220,"N","EUR","2015",32.57057535762965,"A",false,null,"Due to partial reporting, EU aggregates do not include national data for Denmark, Poland and Sweden.","P1Y",{"$nulls":4},"S",null,null,3,null,"Total value of e-money payment transactions with cards with an e-money function with cards issued by non-resident PSPs at terminals acquired by resident psp","Total value of e-money payment transactions with cards with an e-money function with cards issued by non-resident PSPs at terminals acquired by resident psp","EUR",6]
["PTT.A.BE.W1.AT.CD1.2.2221.N.EUR","A","BE","W1","AT","CD1",2,2221,"N","EUR","2016",null,"M",false,null,null,"P1Y",{"$nulls":4},"S",null,null,3,null,"Value of ATM cash deposits at terminals acquired by resident PSP - terminal located in: Austria","Value of ATM cash deposits at terminals acquired by resident PSP - terminal located in: Austria","EUR",6]
["PTT.A.BE.W1.BG.CD1.2.2221.N.EUR","A","BE","W1","BG","CD1",2,2221,"N","EUR","2018",null,"M",false,null,null,"P1Y",{"$nulls":4},"S",null,null,3,null,"Value of ATM cash deposits at terminals acquired by resident PSP - terminal located in: Bulgaria","Value of ATM cash deposits at terminals acquired by resident PSP - terminal located in: Bulgaria","EUR",6]
["PTT.A.BE.W1.CZ.EMLU.1.2220.N.EUR","A","BE","W1","CZ","EMLU",1,2220,"N","EUR","2015",null,"M",false,null,null,"P1Y",{"$nulls":4},"S",null,null,3,null,"Value of E-money card loading and unloading at terminals acquired by non-resident PSP - terminal located in: Czech Republic","Value of E-money card loading and unloading at terminals acquired by non-resident PSP - terminal located in: Czech Republic","EUR",6]
["PTT.A.BE.W1.DE.CD1.1.2221.N.EUR","A","BE","W1","DE","CD1",1,2221,"N","EUR","2023",0,"A",false,null,null,"P1Y",{"$nulls":4},"S",null,null,3,null,"Value of ATM cash deposits at terminals acquired by non-resident PSP - terminal located in: Germany","Value of ATM cash deposits at terminals acquired by non-resident PSP - terminal located in: Germany","EUR",6]
["PTT.A.BE.W1.DK._T.2.2220.N.PN","A","BE","W1","DK","_T",2,2220,"N","PN","2014",null,"M",false,null,null,"P1Y",{"$nulls":4},"S",null,null,3,null,"Number of total transactions at terminals acquired by resident PSP - terminal located in: Denmark","Number of total transactions at terminals acquired by resident PSP - terminal located in: Denmark","PN",6]
["PTT.A.BE.W1.ES.CW1.2.2221.N.EUR","A","BE","W1","ES","CW1",2,2221,"N","EUR","2021",2.113,"A",false,null,null,"P1Y",{"$nulls":4},"S",null,null,3,null,"Value of ATM cash withdrawals at terminals acquired by resident PSP - terminal located in: Spain","Value of ATM cash withdrawals at terminals acquired by resident PSP - terminal located in: Spain","EUR",6]
["PTT.A.BE.W1.FR.TRSO.2.2222.N.PN","A","BE","W1","FR","TRSO",2,2222,"N","PN","2014",null,"M",false,null,null,"P1Y",{"$nulls":4},"S",null,null,3,null,"Number of POS transactions at terminals acquired by resident PSP - terminal located in: France","Number of POS transactions at terminals acquired by resident PSP - terminal located in: France","PN",6]
["PTT.A.BE.W1.G1.EMP1.1.2220.N.EUR","A","BE","W1","G1","EMP1",1,2220,"N","EUR","2020",55.818,"A",false,null,null,"P1Y",{"$nulls":4},"S",null,null,3,"unspecified","Value of e-money payment transactions with cards with an e-money function with cards issued by non-resident PSPs at terminals acquired by non-resident psp - terminal located in: outside EEA","Value of e-money payment transactions with cards with an e-money function with cards issued by non-resident PSPs at terminals acquired by non-resident psp - terminal located in: outside EEA","EUR",6]
["PTT.A.BE.W1.HR.EMP1.1.2220.N.EUR","A","BE","W1","HR","EMP1",1,2220,"N","EUR","2021",0.631,"A",false,null,null,"P1Y",{"$nulls":4},"S",null,null,3,"unspecified","Value of e-money payment transactions with cards with an e-money function with cards issued by non-resident PSPs at terminals acquired by non-resident psp - terminal located in: Croatia","Value of e-money payment transactions with cards with an e-money function with cards issued by non-resident PSPs at terminals acquired by non-resident psp - terminal located in: Croatia","EUR",6]
["PTT.A.BE.W1.HU.EMP1.1.2220.N.EUR","A","BE","W1","HU","EMP1",1,2220,"N","EUR","2023",null,"Q",false,null,null,"P1Y",{"$nulls":4},"S",null,null,3,"unspecified","Value of e-money payment transactions with cards with an e-money function with cards issued by non-resident PSPs at terminals acquired by non-resident psp - terminal located in: Hungary","Value of e-money payment transactions with cards with an e-money function with cards issued by non-resident PSPs at terminals acquired by non-resident psp - terminal located in: Hungary","EUR",6]
["PTT.A.BE.W1.IE._T.1.2220.N.EUR","A","BE","W1","IE","_T",1,2220,"N","EUR","2023",375.347254,"A",false,null,null,"P1Y",{"$nulls":4},"S",null,null,3,"unspecified","Value of total transactions with cards issued by non-resident PSPs at terminals acquired by non-resident psp - terminal located in: Ireland","Value of total transactions with cards issued by non-resident PSPs at terminals acquired by non-resident psp - terminal located in: Ireland","EUR",6]
["PTT.A.BE.W1.LT.CW1.2.2221.N.PN","A","BE","W1","LT","CW1",2,2221,"N","PN","2019",null,"M",false,null,null,"P1Y",{"$nulls":4},"S",null,null,3,null,"Number of ATM cash withdrawals at terminals acquired by resident PSP - terminal located in: Lithuania","Number of ATM cash withdrawals at terminals acquired by resident PSP - terminal located in: Lithuania","PN",6]
["PTT.A.BE.W1.LU.CD1.1.2221.N.EUR","A","BE","W1","LU","CD1",1,2221,"N","EUR","2017",null,"M",false,null,null,"P1Y",{"$nulls":4},"S",null,null,3,null,"Value of ATM cash deposits at terminals acquired by non-resident PSP - terminal located in: Luxembourg","Value of ATM cash deposits at terminals acquired by non-resident PSP - terminal located in: Luxembourg","EUR",6]
["PTT.A.BE.W1.MT.CW1.2.2221.N.EUR","A","BE","W1","MT","CW1",2,2221,"N","EUR","2014",null,"M",false,null,null,"P1Y",{"$nulls":4},"S",null,null,3,null,"Value of ATM cash withdrawals at terminals acquired by resident PSP - terminal located in: Malta","Value of ATM cash withdrawals at terminals acquired by resident PSP - terminal located in: Malta","EUR",6]
["PTT.A.BE.W1.NL.CW1.2.2221.N.EUR","A","BE","W1","NL","CW1",2,2221,"N","EUR","2016",null,"M",false,null,null,"P1Y",{"$nulls":4},"S",null,null,3,null,"Value of ATM cash withdrawals at terminals acquired by resident PSP - terminal located in: Netherlands","Value of ATM cash withdrawals at terminals acquired by resident PSP - terminal located in: Netherlands","EUR",6]
["PTT.A.BE.W1.PT.CW1.2.2221.N.EUR","A","BE","W1","PT","CW1",2,2221,"N","EUR","2017",0.537,"A",false,null,null,"P1Y",{"$nulls":4},"S",null,null,3,null,"Value of ATM cash withdrawals at terminals acquired by resident PSP - terminal located in: Portugal","Value of ATM cash withdrawals at terminals acquired by resident PSP - terminal located in: Portugal","EUR",6]
["PTT.A.BE.W1.RO.EMLU.1.2220.N.EUR","A","BE","W1","RO","EMLU",1,2220,"N","EUR","2018",null,"M",false,null,null,"P1Y",{"$nulls":4},"S",null,null,3,null,"Value of E-money card loading and unloading at terminals acquired by non-resident PSP - terminal located in: Romania","Value of E-money card loading and unloading at terminals acquired by non-resident PSP - terminal located in: Romania","EUR",6]
["PTT.A.BE.W1.SI.EMP1.1.2220.N.EUR","A","BE","W1","SI","EMP1",1,2220,"N","EUR","2015",0.004,"A",false,null,null,"P1Y",{"$nulls":4},"S",null,null,3,null,"Value of e-money payment transactions with cards with an e-money function at terminals acquired by non-resident PSP - terminal located in: Slovenia","Value of e-money payment transactions with cards with an e-money function at terminals acquired by non-resident PSP - terminal located in: Slovenia","EUR",6]
["PTT.A.BE.W1.SK.CW1.1.2221.N.EUR","A","BE","W1","SK","CW1",1,2221,"N","EUR","2023",null,"Q",false,null,null,"P1Y",{"$nulls":4},"S",null,null,3,"unspecified","Value of atm cash withdrawals with cards issued by non-resident PSPs at terminals acquired by non-resident psp - terminal located in: Slovakia","Value of atm cash withdrawals with cards issued by non-resident PSPs at terminals acquired by non-resident psp - terminal located in: Slovakia","EUR",6]
["PTT.A.BE.W1.W0.CW1.1.2221.G1.EUR","A","BE","W1","W0","CW1",1,2221,"G1","EUR","2007",null,"M",false,null,null,"P1Y",{"$nulls":4},"S",null,null,3,null,"Value of ATM cash withdrawals at terminals acquired by non-resident PSP - terminal located in: World","Value of ATM cash withdrawals at terminals acquired by non-resident PSP - terminal located in: World","EUR",0]
["PTT.A.BE.W1.W1.CW1.1.2221.N.EUR","A","BE","W1","W1","CW1",1,2221,"N","EUR","2022",2312.333979999999,"A",false,null,null,"P1Y",{"$nulls":4},"S",null,null,3,"unspecified","Value of atm cash withdrawals with cards issued by non-resident PSPs at terminals acquired by non-resident psp - terminal located in: Rest of the World","Value of atm cash withdrawals with cards issued by non-resident PSPs at terminals acquired by non-resident psp - terminal located in: Rest of the World","EUR",6]
["PTT.A.BE.W1.W2.EMLU.1.2220.N.PN","A","BE","W1","W2","EMLU",1,2220,"N","PN","2021",null,"M",false,null,null,"P1Y",{"$nulls":4},"S",null,null,3,null,"Number of e-money card loading and unloading transactions with cards issued by non-resident PSPs at terminals acquired by non-resident psp - terminal located in: domestic","Number of e-money card loading and unloading transactions with cards issued by non-resident PSPs at terminals acquired by non-resident psp - terminal located in: domestic","PN",6]
["PTT.A.BE.W2.CY._T.2.2220.N.EUR","A","BE","W2","CY","_T",2,2220,"N","EUR","2016",null,"M",false,null,null,"P1Y",{"$nulls":4},"S",null,null,3,null,"Value of total transactions at terminals acquired by resident PSP - terminal located in: Cyprus","Value of total transactions at terminals acquired by resident PSP - terminal located in: Cyprus","EUR",6]
["PTT.A.BE.W2.DE.CW1.2.2221.N.PN","A","BE","W2","DE","CW1",2,2221,"N","PN","2018",0,"A",false,null,null,"P1Y",{"$nulls":4},"S",null,null,3,null,"Number of ATM cash withdrawals at terminals acquired by resident PSP - terminal located in: Germany","Number of ATM cash withdrawals at terminals acquired by resident PSP - terminal located in: Germany","PN",6]
["PTT.A.BE.W2.FR.EMLU.2.2220.N.EUR","A","BE","W2","FR","EMLU",2,2220,"N","EUR","2015",null,"M",false,null,null,"P1Y",{"$nulls":4},"S",null,null,3,null,"Value of E-money card loading and unloading at terminals acquired by resident PSP - terminal located in: France","Value of E-money card loading and unloading at terminals acquired by resident PSP - terminal located in: France","EUR",6]
["PTT.A.BE.W2.G1.TRSO.2.2222.N.EUR","A","BE","W2","G1","TRSO",2,2222,"N","EUR","2023",null,"Q",false,null,null,"P1Y",{"$nulls":4},"S",null,null,3,null,"Value of pos transactions with cards issued by resident PSPs at terminals acquired by resident psp - terminal location: outside EEA","Value of pos transactions with cards issued by resident PSPs at terminals acquired by resident psp - terminal location: outside EEA","EUR",6]
["PTT.A.BE.W2.IE._T.2.2220.N.PN","A","BE","W2","IE","_T",2,2220,"N","PN","2022",1.8E-05,"A",false,null,null,"P1Y",{"$nulls":4},"S",null,null,3,null,"Number of total transactions at terminals acquired by resident PSP - terminal located in: Ireland","Number of total transactions at terminals acquired by resident PSP - terminal located in: Ireland","PN",6]
["PTT.A.BE.W2.LU.EMP1.2.2220.N.EUR","A","BE","W2","LU","EMP1",2,2220,"N","EUR","2014",null,"M",false,null,null,"P1Y",{"$nulls":4},"S",null,null,3,null,"Value of e-money payment transactions with cards with an e-money function at terminals acquired by resident PSP - terminal located in: Luxembourg","Value of e-money payment transactions with cards with an e-money function at terminals acquired by resident PSP - terminal located in: Luxembourg","EUR",6]
["PTT.A.BE.W2.NO.CD1.2.2221.N.EUR","A","BE","W2","NO","CD1",2,2221,"N","EUR","2022",0,"A",false,null,null,"P1Y",{"$nulls":4},"S",null,null,3,null,"Value of atm cash deposits with cards issued by resident PSPs at terminals acquired by resident psp - terminal location: Norway","Value of atm cash deposits with cards issued by resident PSPs at terminals acquired by resident psp - terminal location: Norway","EUR",6]
["PTT.A.BE.W2.PT.CW1.2.2221.N.EUR","A","BE","W2","PT","CW1",2,2221,"N","EUR","2018",null,"M",false,null,null,"P1Y",{"$nulls":4},"S",null,null,3,null,"Value of ATM cash withdrawals at terminals acquired by resident PSP - terminal located in: Portugal","Value of ATM cash withdrawals at terminals acquired by resident PSP - terminal located in: Portugal","EUR",6]
["PTT.A.BE.W2.W0.CW1.2.2221.G1.EUR","A","BE","W2","W0","CW1",2,2221,"G1","EUR","2009",null,"M",false,null,null,"P1Y",{"$nulls":4},"S",null,null,3,null,"Value of ATM cash withdrawals at terminals acquired by resident PSP - terminal located in: World","Value of ATM cash withdrawals at terminals acquired by resident PSP - terminal located in: World","EUR",0]
["PTT.A.BE.W2.W0.EMP1.2.2220.N.PN","A","BE","W2","W0","EMP1",2,2220,"N","PN","2014",10.174,"A",false,null,null,"P1Y",{"$nulls":4},"S",null,null,3,null,"Total number of e-money payment transactions with cards with an e-money function with cards issued by resident PSPs at terminals acquired by resident psp","Total number of e-money payment transactions with cards with an e-money function with cards issued by resident PSPs at terminals acquired by resident psp","PN",6]
["PTT.A.BE.W2.W2.CD1.2.2221.N.PN","A","BE","W2","W2","CD1",2,2221,"N","PN","2016",22.209,"A",false,null,null,"P1Y",{"$nulls":4},"S",null,null,3,"unspecified","Number of atm cash deposits with cards issued by resident PSPs at terminals acquired by resident psp - terminal location: domestic","Number of atm cash deposits with cards issued by resident PSPs at terminals acquired by resident psp - terminal location: domestic","PN",6]
["PTT.A.BG.W1.BE.CD1.1.2221.N.EUR","A","BG","W1","BE","CD1",1,2221,"N","EUR","2020",0,"A",false,null,null,"P1Y",{"$nulls":4},"S",null,null,3,"unspecified","Value of atm cash deposits with cards issued by non-resident PSPs at terminals acquired by non-resident psp - terminal located in: Belgium","Value of atm cash deposits with cards issued by non-resident PSPs at terminals acquired by non-resident psp - terminal located in: Belgium","EUR",6]
["PTT.A.BG.W1.CY.EMP1.1.2220.N.EUR","A","BG","W1","CY","EMP1",1,2220,"N","EUR","2015",0,"A",false,null,null,"P1Y",{"$nulls":4},"S",null,null,3,"unspecified","Value of e-money payment transactions with cards with an e-money function with cards issued by non-resident PSPs at terminals acquired by non-resident psp - terminal located in: Cyprus","Value of e-money payment transactions with cards with an e-money function with cards issued by non-resident PSPs at terminals acquired by non-resident psp - terminal located in: Cyprus","EUR",6]
["PTT.A.BG.W1.CZ.CW1.1.2221.N.XDF","A","BG","W1","CZ","CW1",1,2221,"N","XDF","2019",3.646,"A",false,null,null,"P1Y",{"$nulls":4},"S",null,null,3,"unspecified","Value of atm cash withdrawals with cards issued by non-resident PSPs at terminals acquired by non-resident psp - terminal located in: Czech Republic","Value of atm cash withdrawals with cards issued by non-resident PSPs at terminals acquired by non-resident psp - terminal located in: Czech Republic","XDF",6]
["PTT.A.BG.W1.CZ.TRSO.1.2222.N.XDF","A","BG","W1","CZ","TRSO",1,2222,"N","XDF","2023",49.01793498,"A",false,null,null,"P1Y",{"$nulls":4},"S",null,null,3,"unspecified","Value of pos transactions with cards issued by non-resident PSPs at terminals acquired by non-resident psp - terminal located in: Czech Republic","Value of pos transactions with cards issued by non-resident PSPs at terminals acquired by non-resident psp - terminal located in: Czech Republic","XDF",6]
["PTT.A.BG.W1.DK.EMLU.1.2220.N.PN","A","BG","W1","DK","EMLU",1,2220,"N","PN","2022",null,"Q",false,null,null,"P1Y",{"$nulls":4},"S",null,null,3,"unspecified","Number of e-money card loading and unloading transactions with cards issued by non-resident PSPs at terminals acquired by non-resident psp - terminal located in: Denmark","Number of e-money card loading and unloading transactions with cards issued by non-resident PSPs at terminals acquired by non-resident psp - terminal located in: Denmark","PN",6]
["PTT.A.BG.W1.EE.CD1.2.2221.N.PN","A","BG","W1","EE","CD1",2,2221,"N","PN","2016",0,"A",false,null,null,"P1Y",{"$nulls":4},"S",null,null,3,"unspecified","Number of atm cash deposits with cards issued by non-resident PSPs at terminals acquired by resident psp - terminal located in: Estonia","Number of atm cash deposits with cards issued by non-resident PSPs at terminals acquired by resident psp - terminal located in: Estonia","PN",6]
["PTT.A.BG.W1.ES.TRSO.1.2222.N.EUR","A","BG","W1","ES","TRSO",1,2222,"N","EUR","2019",60.46221495040371,"A",false,null,null,"P1Y",{"$nulls":4},"S",null,null,3,"unspecified","Value of pos transactions with cards issued by non-resident PSPs at terminals acquired by non-resident psp - terminal located in: Spain","Value of pos transactions with cards issued by non-resident PSPs at terminals acquired by non-resident psp - terminal located in: Spain","EUR",6]
["PTT.A.BG.W1.FI.EMLU.2.2220.N.XDF","A","BG","W1","FI","EMLU",2,2220,"N","XDF","2016",0,"A",false,null,null,"P1Y",{"$nulls":4},"S",null,null,3,"unspecified","Value of e-money card loading and unloading transactions with cards issued by non-resident PSPs at terminals acquired by resident psp - terminal located in: Finland","Value of e-money card loading and unloading transactions with cards issued by non-resident PSPs at terminals acquired by resident psp - terminal located in: Finland","XDF",6]
["PTT.A.BG.W1.G1.CD1.2.2221.N.EUR","A","BG","W1","G1","CD1",2,2221,"N","EUR","2021",0,"A",false,null,null,"P1Y",{"$nulls":4},"S",null,null,3,"unspecified","Value of atm cash deposits with cards issued by non-resident PSPs at terminals acquired by resident psp - terminal located in: outside EEA","Value of atm cash deposits with cards issued by non-resident PSPs at terminals acquired by resident psp - terminal located in: outside EEA","EUR",6]
["PTT.A.BG.W1.G1.TRSC.1.2221.N.XDF","A","BG","W1","G1","TRSC",1,2221,"N","XDF","2023",null,"Q",false,null,null,"P1Y",{"$nulls":4},"S",null,null,3,null,"Value of other atm transactions with cards issued by non-resident PSPs at terminals acquired by non-resident psp - terminal located in: outside EEA","Value of other atm transactions with cards issued by non-resident PSPs at terminals acquired by non-resident psp - terminal located in: outside EEA","XDF",6]
["PTT.A.BG.W1.HR.EMLU.1.2220.N.PN","A","BG","W1","HR","EMLU",1,2220,"N","PN","2022",null,"Q",false,null,null,"P1Y",{"$nulls":4},"S",null,null,3,"unspecified","Number of e-money card loading and unloading transactions with cards issued by non-resident PSPs at terminals acquired by non-resident psp - terminal located in: Croatia","Number of e-money card loading and unloading transactions with cards issued by non-resident PSPs at terminals acquired by non-resident psp - terminal located in: Croatia","PN",6]
["PTT.A.BG.W1.HR._T.1.2220.N.XDF","A","BG","W1","HR","_T",1,2220,"N","XDF","2016",11.482,"A",false,null,null,"P1Y",{"$nulls":4},"S",null,null,3,"unspecified","Value of total transactions with cards issued by non-resident PSPs at terminals acquired by non-resident psp - terminal located in: Croatia","Value of total transactions with cards issued by non-resident PSPs at terminals acquired by non-resident psp - terminal located in: Croatia","XDF",6]
["PTT.A.BG.W1.HU.EMP1.1.2220.N.XDF","A","BG","W1","HU","EMP1",1,2220,"N","XDF","2020",2.542,"A",false,null,null,"P1Y",{"$nulls":4},"S",null,null,3,"unspecified","Value of e-money payment transactions with cards with an e-money function with cards issued by non-resident PSPs at terminals acquired by non-resident psp - terminal located in: Hungary","Value of e-money payment transactions with cards with an e-money function with cards issued by non-resident PSPs at terminals acquired by non-resident psp - terminal located in: Hungary","XDF",6]
["PTT.A.BG.W1.IT.CW1.1.2221.N.EUR","A","BG","W1","IT","CW1",1,2221,"N","EUR","2016",75.40034768381197,"A",false,null,null,"P1Y",{"$nulls":4},"S",null,null,3,"unspecified","Value of atm cash withdrawals with cards issued by non-resident PSPs at terminals acquired by non-resident psp - terminal located in: Italy","Value of atm cash withdrawals with cards issued by non-resident PSPs at terminals acquired by non-resident psp - terminal located in: Italy","EUR",6]
["PTT.A.BG.W1.IT.TRSO.1.2222.N.EUR","A","BG","W1","IT","TRSO",1,2222,"N","EUR","2020",48.50751610594112,"A",false,null,null,"P1Y",{"$nulls":4},"S",null,null,3,"unspecified","Value of pos transactions with cards issued by non-resident PSPs at terminals acquired by non-resident psp - terminal located in: Italy","Value of pos transactions with cards issued by non-resident PSPs at terminals acquired by non-resident psp - terminal located in: Italy","EUR",6]
["PTT.A.BG.W1.LU.EMLU.2.2220.N.PN","A","BG","W1","LU","EMLU",2,2220,"N","PN","2019",null,"Q",false,null,null,"P1Y",{"$nulls":4},"S",null,null,3,"unspecified","Number of e-money card loading and unloading transactions with cards issued by non-resident PSPs at terminals acquired by resident psp - terminal located in: Luxembourg","Number of e-money card loading and unloading transactions with cards issued by non-resident PSPs at terminals acquired by resident psp - terminal located in: Luxembourg","PN",6]
["PTT.A.BG.W1.LU._T.2.2220.N.PN","A","BG","W1","LU","_T",2,2220,"N","PN","2023",0.284648,"A",false,null,null,"P1Y",{"$nulls":4},"S",null,null,3,"unspecified","Number of total transactions with cards issued by non-resident PSPs at terminals acquired by resident psp - terminal located in: Luxembourg","Number of total transactions with cards issued by non-resident PSPs at terminals acquired by resident psp - terminal located in: Luxembourg","PN",6]
["PTT.A.BG.W1.MT.EMP1.2.2220.N.EUR","A","BG","W1","MT","EMP1",2,2220,"N","EUR","2020",null,"Q",false,null,null,"P1Y",{"$nulls":4},"S",null,null,3,"unspecified","Value of e-money payment transactions with cards with an e-money function with cards issued by non-resident PSPs at terminals acquired by resident psp - terminal located in: Malta","Value of e-money payment transactions with cards with an e-money function with cards issued by non-resident PSPs at terminals acquired by resident psp - terminal located in: Malta","EUR",6]
["PTT.A.BG.W1.NL.CD1.1.2221.N.XDF","A","BG","W1","NL","CD1",1,2221,"N","XDF","2019",0,"A",false,null,null,"P1Y",{"$nulls":4},"S",null,null,3,"unspecified","Value of atm cash deposits with cards issued by non-resident PSPs at terminals acquired by non-resident psp - terminal located in: Netherlands","Value of atm cash deposits with cards issued by non-resident PSPs at terminals acquired by non-resident psp - terminal located in: Netherlands","XDF",6]
["PTT.A.BG.W1.PL._T.1.2220.N.PN","A","BG","W1","PL","_T",1,2220,"N","PN","2018",0.727,"A",false,null,null,"P1Y",{"$nulls":4},"S",null,null,3,"unspecified","Number of total transactions with cards issued by non-resident PSPs at terminals acquired by non-resident psp - terminal located in: Poland","Number of total transactions with cards issued by non-resident PSPs at terminals acquired by non-resident psp - terminal located in: Poland","PN",6]
["PTT.A.BG.W1.PT.EMP1.2.2220.N.PN","A","BG","W1","PT","EMP1",2,2220,"N","PN","2016",0,"A",false,null,null,"P1Y",{"$nulls":4},"S",null,null,3,"unspecified","Number of e-money payment transactions with cards with an e-money function with cards issued by non-resident PSPs at terminals acquired by resident psp - terminal located in: Portugal","Number of e-money payment transactions with cards with an e-money function with cards issued by non-resident PSPs at terminals acquired by resident psp - terminal located in: Portugal","PN",6]
["PTT.A.BG.W1.SE.CW1.1.2221.N.XDF","A","BG","W1","SE","CW1",1,2221,"N","XDF","2019",5.427,"A",false,null,null,"P1Y",{"$nulls":4},"S",null,null,3,"unspecified","Value of atm cash withdrawals with cards issued by non-resident PSPs at terminals acquired by non-resident psp - terminal located in: Sweden","Value of atm cash withdrawals with cards issued by non-resident PSPs at terminals acquired by non-resident psp - terminal located in: Sweden","XDF",6]
["PTT.A.BG.W1.SE.TRSO.1.2222.N.XDF","A","BG","W1","SE","TRSO",1,2222,"N","XDF","2023",25.67118081,"A",false,null,null,"P1Y",{"$nulls":4},"S",null,null,3,"unspecified","Value of pos transactions with cards issued by non-resident PSPs at terminals acquired by non-resident psp - terminal located in: Sweden","Value of pos transactions with cards issued by non-resident PSPs at terminals acquired by non-resident psp - terminal located in: Sweden","XDF",6]
["PTT.A.BG.W1.SI.EMLU.2.2220.N.XDF","A","BG","W1","SI","EMLU",2,2220,"N","XDF","2021",null,"Q",false,null,null,"P1Y",{"$nulls":4},"S",null,null,3,"unspecified","Value of e-money card loading and unloading transactions with cards issued by non-resident PSPs at terminals acquired by resident psp - terminal located in: Slovenia","Value of e-money card loading and unloading transactions with cards issued by non-resident PSPs at terminals acquired by resident psp - terminal located in: Slovenia","XDF",6]
["PTT.A.BG.W1.SK.EMP1.2.2220.N.XDF","A","BG","W1","SK","EMP1",2,2220,"N","XDF","2022",null,"Q",false,null,null,"P1Y",{"$nulls":4},"S",null,null,3,"unspecified","Value of e-money payment transactions with cards with an e-money function with cards issued by non-resident PSPs at terminals acquired by resident psp - terminal located in: Slovakia","Value of e-money payment transactions with cards with an e-money function with cards issued by non-resident PSPs at terminals acquired by resident psp - terminal located in: Slovakia","XDF",6]
["PTT.A.BG.W1.W0.TRSO.2.2222.N.XDF","A","BG","W1","W0","TRSO",2,2222,"N","XDF","2018",null,"Q",false,null,null,"P1Y",{"$nulls":4},"S",null,null,3,null,"Total value of pos transactions with cards issued by non-resident PSPs at terminals acquired by resident psp","Total value of pos transactions with cards issued by non-resident PSPs at terminals acquired by resident psp","XDF",6]
["PTT.A.BG.W1.W1.EMLU.2.2220.N.PN","A","BG","W1","W1","EMLU",2,2220,"N","PN","2014",0,"A",false,null,null,"P1Y",{"$nulls":4},"S",null,null,3,"unspecified","Number of e-money card loading and unloading transactions with cards issued by non-resident PSPs at terminals acquired by resident psp - terminal located in: Rest of the World","Number of e-money card loading and unloading transactions with cards issued by non-resident PSPs at terminals acquired by resident psp - terminal located in: Rest of the World","PN",6]
["PTT.A.BG.W1.W2.CD1.2.2221.N.EUR","A","BG","W1","W2","CD1",2,2221,"N","EUR","2018",0,"A",false,null,null,"P1Y",{"$nulls":4},"S",null,null,3,"unspecified","Value of atm cash deposits with cards issued by non-resident PSPs at terminals acquired by resident psp - terminal located in: domestic","Value of atm cash deposits with cards issued by non-resident PSPs at terminals acquired by resident psp - terminal located in: domestic","EUR",6]
["PTT.A.BG.W2.BE._T.2.2220.N.EUR","A","BG","W2","BE","_T",2,2220,"N","EUR","2021",null,"Q",false,null,null,"P1Y",{"$nulls":4},"S",null,null,3,"unspecified","Value of total transactions with cards issued by resident PSPs at terminals acquired by resident psp - terminal location: Belgium","Value of total transactions with cards issued by resident PSPs at terminals acquired by resident psp - terminal location: Belgium","EUR",6]
["PTT.A.BG.W2.CY._T.2.2220.N.PN","A","BG","W2","CY","_T",2,2220,"N","PN","2019",null,"Q",false,null,null,"P1Y",{"$nulls":4},"S",null,null,3,"unspecified","Number of total transactions with cards issued by resident PSPs at terminals acquired by resident psp - terminal location: Cyprus","Number of total transactions with cards issued by resident PSPs at terminals acquired by resident psp - terminal location: Cyprus","PN",6]
["PTT.A.BG.W2.DE._T.2.2220.N.EUR","A","BG","W2","DE","_T",2,2220,"N","EUR","2017",null,"Q",false,null,null,"P1Y",{"$nulls":4},"S",null,null,3,"unspecified","Value of total transactions with cards issued by resident PSPs at terminals acquired by resident psp - terminal location: Germany","Value of total transactions with cards issued by resident PSPs at terminals acquired by resident psp - terminal location: Germany","EUR",6]
["PTT.A.BG.W2.ES.EMP1.2.2220.N.XDF","A","BG","W2","ES","EMP1",2,2220,"N","XDF","2019",null,"Q",false,null,null,"P1Y",{"$nulls":4},"S",null,null,3,"unspecified","Value of e-money payment transactions with cards with an e-money function with cards issued by resident PSPs at terminals acquired by resident psp - terminal location: Spain","Value of e-money payment transactions with cards with an e-money function with cards issued by resident PSPs at terminals acquired by resident psp - terminal location: Spain","XDF",6]
["PTT.A.BG.W2.G1._T.2.2220.N.PN","A","BG","W2","G1","_T",2,2220,"N","PN","2019",null,"Q",false,null,null,"P1Y",{"$nulls":4},"S",null,null,3,"unspecified","Number of total transactions with cards issued by resident PSPs at terminals acquired by resident psp - terminal location: outside EEA","Number of total transactions with cards issued by resident PSPs at terminals acquired by resident psp - terminal location: outside EEA","PN",6]
["PTT.A.BG.W2.HR.CW1.2.2221.N.PN","A","BG","W2","HR","CW1",2,2221,"N","PN","2018",0,"A",false,null,null,"P1Y",{"$nulls":4},"S",null,null,3,"unspecified","Number of atm cash withdrawals with cards issued by resident PSPs at terminals acquired by resident psp - terminal location: Croatia","Number of atm cash withdrawals with cards issued by resident PSPs at terminals acquired by resident psp - terminal location: Croatia","PN",6]
["PTT.A.BG.W2.IT.EMLU.2.2220.N.PN","A","BG","W2","IT","EMLU",2,2220,"N","PN","2019",null,"Q",false,null,null,"P1Y",{"$nulls":4},"S",null,null,3,"unspecified","Number of e-money card loading and unloading transactions with cards issued by resident PSPs at terminals acquired by resident psp - terminal location: Italy","Number of e-money card loading and unloading transactions with cards issued by resident PSPs at terminals acquired by resident psp - terminal location: Italy","PN",6]
["PTT.A.BG.W2.LT.EMLU.2.2220.N.EUR","A","BG","W2","LT","EMLU",2,2220,"N","EUR","2019",null,"Q",false,null,null,"P1Y",{"$nulls":4},"S",null,null,3,"unspecified","Value of e-money card loading and unloading transactions with cards issued by resident PSPs at terminals acquired by resident psp - terminal location: Lithuania","Value of e-money card loading and unloading transactions with cards issued by resident PSPs at terminals acquired by resident psp - terminal location: Lithuania","EUR",6]
["PTT.A.BG.W2.LV.TRSO.2.2222.N.EUR","A","BG","W2","LV","TRSO",2,2222,"N","EUR","2020",null,"Q",false,null,null,"P1Y",{"$nulls":4},"S",null,null,3,"unspecified","Value of pos transactions with cards issued by resident PSPs at terminals acquired by resident psp - terminal location: Latvia","Value of pos transactions with cards issued by resident PSPs at terminals acquired by resident psp - terminal location: Latvia","EUR",6]
["PTT.A.BG.W2.NO._T.2.2220.N.XDF","A","BG","W2","NO","_T",2,2220,"N","XDF","2023",0.91550113,"A",false,null,null,"P1Y",{"$nulls":4},"S",null,null,3,null,"Value of total transactions with cards issued by resident PSPs at terminals acquired by resident psp - terminal location: Norway","Value of total transactions with cards issued by resident PSPs at terminals acquired by resident psp - terminal location: Norway","XDF",6]
["PTT.A.BG.W2.PT.CD1.2.2221.N.EUR","A","BG","W2","PT","CD1",2,2221,"N","EUR","2019",0,"A",false,null,null,"P1Y",{"$nulls":4},"S",null,null,3,"unspecified","Value of atm cash deposits with cards issued by resident PSPs at terminals acquired by resident psp - terminal location: Portugal","Value of atm cash deposits with cards issued by resident PSPs at terminals acquired by resident psp - terminal location: Portugal","EUR",6]
["PTT.A.BG.W2.SI.TRSO.2.2222.N.PN","A","BG","W2","SI","TRSO",2,2222,"N","PN","2014",0,"A",false,null,null,"P1Y",{"$nulls":4},"S",null,null,3,"unspecified","Number of pos transactions with cards issued by resident PSPs at terminals acquired by resident psp - terminal location: Slovenia","Number of pos transactions with cards issued by resident PSPs at terminals acquired by resident psp - terminal location: Slovenia","PN",6]
["PTT.A.BG.W2.SK.TRSO.2.2222.N.PN","A","BG","W2","SK","TRSO",2,2222,"N","PN","2020",null,"Q",false,null,null,"P1Y",{"$nulls":4},"S",null,null,3,"unspecified","Number of pos transactions with cards issued by resident PSPs at terminals acquired by resident psp - terminal location: Slovakia","Number of pos transactions with cards issued by resident PSPs at terminals acquired by resident psp - terminal location: Slovakia","PN",6]
["PTT.A.BG.W2.W0._T.2.2220.N.PN","A","BG","W2","W0","_T",2,2220,"N","PN","2020",null,"Q",false,null,null,"P1Y",{"$nulls":4},"S",null,null,3,null,"Total number of total transactions with cards issued by resident PSPs at terminals acquired by resident psp","Total number of total transactions with cards issued by resident PSPs at terminals acquired by resident psp","PN",6]
["PTT.A.BG._Z.W0.CADV.2.2222.N.XDF","A","BG","_Z","W0","CADV",2,2222,"N","XDF","2008",null,"M",false,null,null,"P1Y",{"$nulls":4},"S",null,null,3,null,"Value of cash advances at pos terminals - Bulgaria","Value of cash advances at pos terminals - Bulgaria","XDF",6]
["PTT.A.CY.W1.BE.EMP1.2.2220.N.EUR","A","CY","W1","BE","EMP1",2,2220,"N","EUR","2020",0,"A",false,null,null,"P1Y",{"$nulls":4},"S",null,null,3,"unspecified","Value of e-money payment transactions with cards with an e-money function with cards issued by non-resident PSPs at terminals acquired by resident psp - terminal located in: Belgium","Value of e-money payment transactions with cards with an e-money function with cards issued by non-resident PSPs at terminals acquired by resident psp - terminal located in: Belgium","EUR",6]
["PTT.A.CY.W1.BG.EMP1.2.2220.N.EUR","A","CY","W1","BG","EMP1",2,2220,"N","EUR","2022",0,"A",false,null,null,"P1Y",{"$nulls":4},"S",null,null,3,"unspecified","Value of e-money payment transactions with cards with an e-money function with cards issued by non-resident PSPs at terminals acquired by resident psp - terminal located in: Bulgaria","Value of e-money payment transactions with cards with an e-money function with cards issued by non-resident PSPs at terminals acquired by resident psp - terminal located in: Bulgaria","EUR",6]
["PTT.A.CY.W1.DE.TRSO.2.2222.N.PN","A","CY","W1","DE","TRSO",2,2222,"N","PN","2021",0,"A",false,null,null,"P1Y",{"$nulls":4},"S",null,null,3,null,"Number of POS transactions at terminals acquired by resident PSP - terminal located in: Germany","Number of POS transactions at terminals acquired by resident PSP - terminal located in: Germany","PN",6]
["PTT.A.CY.W1.DK.TRSO.2.2222.N.PN","A","CY","W1","DK","TRSO",2,2222,"N","PN","2023",null,"Q",false,null,null,"P1Y",{"$nulls":4},"S",null,null,3,null,"Number of POS transactions at terminals acquired by resident PSP - terminal located in: Denmark","Number of POS transactions at terminals acquired by resident PSP - terminal located in: Denmark","PN",6]
["PTT.A.CY.W1.EE._T.2.2220.N.PN","A","CY","W1","EE","_T",2,2220,"N","PN","2021",0,"A",false,null,null,"P1Y",{"$nulls":4},"S",null,null,3,null,"Number of total transactions at terminals acquired by resident PSP - terminal located in: Estonia","Number of total transactions at terminals acquired by resident PSP - terminal located in: Estonia","PN",6]
["PTT.A.CY.W1.FI.TRSO.2.2222.N.EUR","A","CY","W1","FI","TRSO",2,2222,"N","EUR","2017",null,"Q",false,null,null,"P1Y",{"$nulls":4},"S",null,null,3,null,"Value of POS transactions at terminals acquired by resident PSP - terminal located in: Finland","Value of POS transactions at terminals acquired by resident PSP - terminal located in: Finland","EUR",6]
["PTT.A.CY.W1.FR.TRSO.2.2222.N.EUR","A","CY","W1","FR","TRSO",2,2222,"N","EUR","2019",0,"A",false,null,null,"P1Y",{"$nulls":4},"S",null,null,3,null,"Value of POS transactions at terminals acquired by resident PSP - terminal located in: France","Value of POS transactions at terminals acquired by resident PSP - terminal located in: France","EUR",6]
["PTT.A.CY.W1.GR.TRSO.2.2222.N.EUR","A","CY","W1","GR","TRSO",2,2222,"N","EUR","2020",0,"A",false,null,null,"P1Y",{"$nulls":4},"S",null,null,3,null,"Value of POS transactions at terminals acquired by resident PSP - terminal located in: Greece","Value of POS transactions at terminals acquired by resident PSP - terminal located in: Greece","EUR",6]
["PTT.A.CY.W1.HR.EMP1.1.2220.N.EUR","A","CY","W1","HR","EMP1",1,2220,"N","EUR","2016",0,"A",false,null,null,"P1Y",{"$nulls":4},"S",null,null,3,null,"Value of e-money payment transactions with cards with an e-money function at terminals acquired by non-resident PSP - terminal located in: Croatia","Value of e-money payment transactions with cards with an e-money function at terminals acquired by non-resident PSP - terminal located in: Croatia","EUR",6]
["PTT.A.CY.W1.IS.CD1.2.2221.N.EUR","A","CY","W1","IS","CD1",2,2221,"N","EUR","2023",0,"A",false,null,null,"P1Y",{"$nulls":4},"S",null,null,3,null,"Value of atm cash deposits with cards issued by non-resident PSPs at terminals acquired by resident psp - terminal located in: Iceland","Value of atm cash deposits with cards issued by non-resident PSPs at terminals acquired by resident psp - terminal located in: Iceland","EUR",6]
["PTT.A.CY.W1.IT.TRSO.1.2222.N.EUR","A","CY","W1","IT","TRSO",1,2222,"N","EUR","2014",null,"Q",false,null,null,"P1Y",{"$nulls":4},"S",null,null,3,null,"Value of POS transactions at terminals acquired by non-resident PSP - terminal located in: Italy","Value of POS transactions at terminals acquired by non-resident PSP - terminal located in: Italy","EUR",6]
["PTT.A.CY.W1.LU.TRSO.2.2222.N.PN","A","CY","W1","LU","TRSO",2,2222,"N","PN","2015",null,"Q",false,null,null,"P1Y",{"$nulls":4},"S",null,null,3,null,"Number of POS transactions at terminals acquired by resident PSP - terminal located in: Luxembourg","Number of POS transactions at terminals acquired by resident PSP - terminal located in: Luxembourg","PN",6]
["PTT.A.CY.W1.LV.EMP1.1.2220.N.EUR","A","CY","W1","LV","EMP1",1,2220,"N","EUR","2021",null,"Q",false,null,null,"P1Y",{"$nulls":4},"S",null,null,3,null,"Value of e-money payment transactions with cards with an e-money function at terminals acquired by non-resident PSP - terminal located in: Latvia","Value of e-money payment transactions with cards with an e-money function at terminals acquired by non-resident PSP - terminal located in: Latvia","EUR",6]
["PTT.A.CY.W1.NL.TRSO.1.2222.N.PN","A","CY","W1","NL","TRSO",1,2222,"N","PN","2020",1.16,"A",false,null,null,"P1Y",{"$nulls":4},"S",null,null,3,null,"Number of POS transactions at terminals acquired by non-resident PSP - terminal located in: Netherlands","Number of POS transactions at terminals acquired by non-resident PSP - terminal located in: Netherlands","PN",6]
["PTT.A.CY.W1.PL.EMP1.1.2220.N.PN","A","CY","W1","PL","EMP1",1,2220,"N","PN","2014",0,"A",false,null,null,"P1Y",{"$nulls":4},"S",null,null,3,null,"Number of e-money payment transactions with cards with an e-money function at terminals acquired by non-resident PSP - terminal located in: Poland","Number of e-money payment transactions with cards with an e-money function at terminals acquired by non-resident PSP - terminal located in: Poland","PN",6]
["PTT.A.CY.W1.RO.TRSO.1.2222.N.PN","A","CY","W1","RO","TRSO",1,2222,"N","PN","2023",0.112395,"A",false,null,null,"P1Y",{"$nulls":4},"S",null,null,3,null,"Number of POS transactions at terminals acquired by non-resident PSP - terminal located in: Romania","Number of POS transactions at terminals acquired by non-resident PSP - terminal located in: Romania","PN",6]
["PTT.A.CY.W1.SE.EMLU.1.2220.N.PN","A","CY","W1","SE","EMLU",1,2220,"N","PN","2015",null,"Q",false,null,null,"P1Y",{"$nulls":4},"S",null,null,3,null,"Number of E-money card loading and unloading at terminals acquired by non-resident PSP - terminal located in: Sweden","Number of E-money card loading and unloading at terminals acquired by non-resident PSP - terminal located in: Sweden","PN",6]
["PTT.A.CY.W1.SI.EMLU.2.2220.N.PN","A","CY","W1","SI","EMLU",2,2220,"N","PN","2020",0,"A",false,null,null,"P1Y",{"$nulls":4},"S",null,null,3,"unspecified","Number of e-money card loading and unloading transactions with cards issued by non-resident PSPs at terminals acquired by resident psp - terminal located in: Slovenia","Number of e-money card loading and unloading transactions with cards issued by non-resident PSPs at terminals acquired by resident psp - terminal located in: Slovenia","PN",6]
["PTT.A.CY.W1.W0.EMLU.1.2220.N.PN","A","CY","W1","W0","EMLU",1,2220,"N","PN","2001",0,"A",false,null,null,"P1Y",{"$nulls":4},"S",null,null,3,null,"Total number of e-money card loading and unloading transactions with cards issued by non-resident PSPs at terminals acquired by non-resident psp","Total number of e-money card loading and unloading transactions with cards issued by non-resident PSPs at terminals acquired by non-resident psp","PN",6]
["PTT.A.CY.W1.W0.TRSO.2.2222.G1.EUR","A","CY","W1","W0","TRSO",2,2222,"G1","EUR","2015",null,"Q",false,null,null,"P1Y",{"$nulls":4},"S",null,null,3,null,"Value of POS transactions at terminals acquired by resident PSP - terminal located in: World","Value of POS transactions at terminals acquired by resident PSP - terminal located in: World","EUR",0]
["PTT.A.CY.W1.W2.TRSO.1.2222.N.EUR","A","CY","W1","W2","TRSO",1,2222,"N","EUR","2018",0,"A",false,null,null,"P1Y",{"$nulls":4},"S",null,null,3,"unspecified","Value of pos transactions with cards issued by non-resident PSPs at terminals acquired by non-resident psp - terminal located in: domestic","Value of pos transactions with cards issued by non-resident PSPs at terminals acquired by non-resident psp - terminal located in: domestic","EUR",6]
["PTT.A.CY.W2.AT.TRSO.2.2222.N.PN","A","CY","W2","AT","TRSO",2,2222,"N","PN","2020",0,"A",false,null,null,"P1Y",{"$nulls":4},"S",null,null,3,"unspecified","Number of pos transactions with cards issued by resident PSPs at terminals acquired by resident psp - terminal location: Austria","Number of pos transactions with cards issued by resident PSPs at terminals acquired by resident psp - terminal location: Austria","PN",6]
["PTT.A.CY.W2.DK.EMP1.2.2220.N.PN","A","CY","W2","DK","EMP1",2,2220,"N","PN","2022",0,"A",false,null,null,"P1Y",{"$nulls":4},"S",null,null,3,"unspecified","Number of e-money payment transactions with cards with an e-money function with cards issued by resident PSPs at terminals acquired by resident psp - terminal location: Denmark","Number of e-money payment transactions with cards with an e-money function with cards issued by resident PSPs at terminals acquired by resident psp - terminal location: Denmark","PN",6]
["PTT.A.CY.W2.ES.CW1.2.2221.N.PN","A","CY","W2","ES","CW1",2,2221,"N","PN","2018",0,"A",false,null,null,"P1Y",{"$nulls":4},"S",null,null,3,"unspecified","Number of atm cash withdrawals with cards issued by resident PSPs at terminals acquired by resident psp - terminal location: Spain","Number of atm cash withdrawals with cards issued by resident PSPs at terminals acquired by resident psp - terminal location: Spain","PN",6]
["PTT.A.CY.W2.HR.CD1.2.2221.N.PN","A","CY","W2","HR","CD1",2,2221,"N","PN","2017",0,"A",false,null,null,"P1Y",{"$nulls":4},"S",null,null,3,"unspecified","Number of atm cash deposits with cards issued by resident PSPs at terminals acquired by resident psp - terminal location: Croatia","Number of atm cash deposits with cards issued by resident PSPs at terminals acquired by resident psp - terminal location: Croatia","PN",6]
["PTT.A.CY.W2.HU.EMP1.2.2220.N.EUR","A","CY","W2","HU","EMP1",2,2220,"N","EUR","2019",0,"A",false,null,null,"P1Y",{"$nulls":4},"S",null,null,3,"unspecified","Value of e-money payment transactions with cards with an e-money function with cards issued by resident PSPs at terminals acquired by resident psp - terminal location: Hungary","Value of e-money payment transactions with cards with an e-money function with cards issued by resident PSPs at terminals acquired by resident psp - terminal location: Hungary","EUR",6]
["PTT.A.CY.W2.LU.EMP1.2.2220.N.EUR","A","CY","W2","LU","EMP1",2,2220,"N","EUR","2020",0,"A",false,null,null,"P1Y",{"$nulls":4},"S",null,null,3,"unspecified","Value of e-money payment transactions with cards with an e-money function with cards issued by resident PSPs at terminals acquired by resident psp - terminal location: Luxembourg","Value of e-money payment transactions with cards with an e-money function with cards issued by resident PSPs at terminals acquired by resident psp - terminal location: Luxembourg","EUR",6]
["PTT.A.CY.W2.MT.EMP1.2.2220.N.EUR","A","CY","W2","MT","EMP1",2,2220,"N","EUR","2022",0,"A",false,null,null,"P1Y",{"$nulls":4},"S",null,null,3,"unspecified","Value of e-money payment transactions with cards with an e-money function with cards issued by resident PSPs at terminals acquired by resident psp - terminal location: Malta","Value of e-money payment transactions with cards with an e-money function with cards issued by resident PSPs at terminals acquired by resident psp - terminal location: Malta","EUR",6]
["PTT.A.CY.W2.RO.CD1.2.2221.N.EUR","A","CY","W2","RO","CD1",2,2221,"N","EUR","2015",0,"A",false,null,null,"P1Y",{"$nulls":4},"S",null,null,3,"unspecified","Value of atm cash deposits with cards issued by resident PSPs at terminals acquired by resident psp - terminal location: Romania","Value of atm cash deposits with cards issued by resident PSPs at terminals acquired by resident psp - terminal location: Romania","EUR",6]
["PTT.A.CY.W2.SI.CW1.2.2221.N.EUR","A","CY","W2","SI","CW1",2,2221,"N","EUR","2018",0,"A",false,null,null,"P1Y",{"$nulls":4},"S",null,null,3,"unspecified","Value of atm cash withdrawals with cards issued by resident PSPs at terminals acquired by resident psp - terminal location: Slovenia","Value of atm cash withdrawals with cards issued by resident PSPs at terminals acquired by resident psp - terminal location: Slovenia","EUR",6]
["PTT.A.CY.W2.W0.CW1.2.2221.G1.EUR","A","CY","W2","W0","CW1",2,2221,"G1","EUR","2004",null,"M",false,null,null,"P1Y",{"$nulls":4},"S",null,null,3,null,"Value of ATM cash withdrawals at terminals acquired by resident PSP - terminal located in: World","Value of ATM cash withdrawals at terminals acquired by resident PSP - terminal located in: World","EUR",0]
["PTT.A.CY._Z.W0.CADV.2.2222.N.EUR","A","CY","_Z","W0","CADV",2,2222,"N","EUR","2010",25.784,"A",false,null,null,"P1Y",{"$nulls":4},"S",null,null,3,null,"Value of cash advances at pos terminals - Cyprus","Value of cash advances at pos terminals - Cyprus","EUR",6]
["PTT.A.CZ.W1.AT.EMLU.1.2220.N.XDF","A","CZ","W1","AT","EMLU",1,2220,"N","XDF","2015",0,"A",false,null,null,"P1Y",{"$nulls":4},"S",null,null,3,"unspecified","Value of e-money card loading and unloading transactions with cards issued by non-resident PSPs at terminals acquired by non-resident psp - terminal located in: Austria","Value of e-money card loading and unloading transactions with cards issued by non-resident PSPs at terminals acquired by non-resident psp - terminal located in: Austria","XDF",6]
["PTT.A.CZ.W1.BG.CW1.1.2221.N.EUR","A","CZ","W1","BG","CW1",1,2221,"N","EUR","2018",11.93854849230564,"A",false,null,null,"P1Y",{"$nulls":4},"S",null,null,3,"unspecified","Value of atm cash withdrawals with cards issued by non-resident PSPs at terminals acquired by non-resident psp - terminal located in: Bulgaria","Value of atm cash withdrawals with cards issued by non-resident PSPs at terminals acquired by non-resident psp - terminal located in: Bulgaria","EUR",6]
["PTT.A.CZ.W1.CY.EMLU.2.2220.N.PN","A","CZ","W1","CY","EMLU",2,2220,"N","PN","2018",0,"A",false,null,null,"P1Y",{"$nulls":4},"S",null,null,3,"unspecified","Number of e-money card loading and unloading transactions with cards issued by non-resident PSPs at terminals acquired by resident psp - terminal located in: Cyprus","Number of e-money card loading and unloading transactions with cards issued by non-resident PSPs at terminals acquired by resident psp - terminal located in: Cyprus","PN",6]
["PTT.A.CZ.W1.DE.TRSO.2.2222.N.EUR","A","CZ","W1","DE","TRSO",2,2222,"N","EUR","2021",0,"A",false,null,null,"P1Y",{"$nulls":4},"S",null,null,3,"unspecified","Value of pos transactions with cards issued by non-resident PSPs at terminals acquired by resident psp - terminal located in: Germany","Value of pos transactions with cards issued by non-resident PSPs at terminals acquired by resident psp - terminal located in: Germany","EUR",6]
["PTT.A.CZ.W1.DK.EMLU.1.2220.N.PN","A","CZ","W1","DK","EMLU",1,2220,"N","PN","2015",0,"A",false,null,null,"P1Y",{"$nulls":4},"S",null,null,3,"unspecified","Number of e-money card loading and unloading transactions with cards issued by non-resident PSPs at terminals acquired by non-resident psp - terminal located in: Denmark","Number of e-money card loading and unloading transactions with cards issued by non-resident PSPs at terminals acquired by non-resident psp - terminal located in: Denmark","PN",6]
["PTT.A.CZ.W1.ES.EMLU.1.2220.N.XDF","A","CZ","W1","ES","EMLU",1,2220,"N","XDF","2017",0,"A",false,null,null,"P1Y",{"$nulls":4},"S",null,null,3,"unspecified","Value of e-money card loading and unloading transactions with cards issued by non-resident PSPs at terminals acquired by non-resident psp - terminal located in: Spain","Value of e-money card loading and unloading transactions with cards issued by non-resident PSPs at terminals acquired by non-resident psp - terminal located in: Spain","XDF",6]
["PTT.A.CZ.W1.ES._T.2.2220.N.PN","A","CZ","W1","ES","_T",2,2220,"N","PN","2019",0,"A",false,null,null,"P1Y",{"$nulls":4},"S",null,null,3,"unspecified","Number of total transactions with cards issued by non-resident PSPs at terminals acquired by resident psp - terminal located in: Spain","Number of total transactions with cards issued by non-resident PSPs at terminals acquired by resident psp - terminal located in: Spain","PN",6]
["PTT.A.CZ.W1.FR.TRSO.1.2222.N.XDF","A","CZ","W1","FR","TRSO",1,2222,"N","XDF","2022",2247.159165,"A",false,null,null,"P1Y",{"$nulls":4},"S",null,null,3,"unspecified","Value of pos transactions with cards issued by non-resident PSPs at terminals acquired by non-resident psp - terminal located in: France","Value of pos transactions with cards issued by non-resident PSPs at terminals acquired by non-resident psp - terminal located in: France","XDF",6]
["PTT.A.CZ.W1.G1.CD1.1.2221.N.EUR","A","CZ","W1","G1","CD1",1,2221,"N","EUR","2021",0,"A",false,null,null,"P1Y",{"$nulls":4},"S",null,null,3,null,"Value of ATM cash deposits at terminals acquired by non-resident PSP - terminal located in: Extra EEA","Value of ATM cash deposits at terminals acquired by non-resident PSP - terminal located in: Extra EEA","EUR",6]
["PTT.A.CZ.W1.G3.TRSO.1.2222.N.PN","A","CZ","W1","G3","TRSO",1,2222,"N","PN","2022",58.977155,"A",false,null,null,"P1Y",{"$nulls":4},"S",null,null,3,null,"Number of pos transactions with cards issued by non-resident PSPs at terminals acquired by non-resident psp - terminal located in: other EEA countries","Number of pos transactions with cards issued by non-resident PSPs at terminals acquired by non-resident psp - terminal located in: other EEA countries","PN",6]
["PTT.A.CZ.W1.HR.TRSO.1.2222.N.XDF","A","CZ","W1","HR","TRSO",1,2222,"N","XDF","2020",1759.276,"A",false,null,null,"P1Y",{"$nulls":4},"S",null,null,3,"unspecified","Value of pos transactions with cards issued by non-resident PSPs at terminals acquired by non-resident psp - terminal located in: Croatia","Value of pos transactions with cards issued by non-resident PSPs at terminals acquired by non-resident psp - terminal located in: Croatia","XDF",6]
["PTT.A.CZ.W1.HU.EMP1.1.2220.N.XDF","A","CZ","W1","HU","EMP1",1,2220,"N","XDF","2020",null,"Q",false,null,null,"P1Y",{"$nulls":4},"S",null,null,3,null,"Value of e-money payment transactions with cards with an e-money function at terminals acquired by non-resident PSP - terminal located in: Hungary","Value of e-money payment transactions with cards with an e-money function at terminals acquired by non-resident PSP - terminal located in: Hungary","XDF",0]
["PTT.A.CZ.W1.IT.CW1.1.2221.N.EUR","A","CZ","W1","IT","CW1",1,2221,"N","EUR","2017",42.89562607299933,"A",false,null,null,"P1Y",{"$nulls":4},"S",null,null,3,"unspecified","Value of atm cash withdrawals with cards issued by non-resident PSPs at terminals acquired by non-resident psp - terminal located in: Italy","Value of atm cash withdrawals with cards issued by non-resident PSPs at terminals acquired by non-resident psp - terminal located in: Italy","EUR",6]
["PTT.A.CZ.W1.LT.EMP1.2.2220.N.EUR","A","CZ","W1","LT","EMP1",2,2220,"N","EUR","2015",0,"A",false,null,null,"P1Y",{"$nulls":4},"S",null,null,3,"unspecified","Value of e-money payment transactions with cards with an e-money function with cards issued by non-resident PSPs at terminals acquired by resident psp - terminal located in: Lithuania","Value of e-money payment transactions with cards with an e-money function with cards issued by non-resident PSPs at terminals acquired by resident psp - terminal located in: Lithuania","EUR",6]
["PTT.A.CZ.W1.LU.EMP1.2.2220.N.PN","A","CZ","W1","LU","EMP1",2,2220,"N","PN","2015",0,"A",false,null,null,"P1Y",{"$nulls":4},"S",null,null,3,"unspecified","Number of e-money payment transactions with cards with an e-money function with cards issued by non-resident PSPs at terminals acquired by resident psp - terminal located in: Luxembourg","Number of e-money payment transactions with cards with an e-money function with cards issued by non-resident PSPs at terminals acquired by resident psp - terminal located in: Luxembourg","PN",6]
["PTT.A.CZ.W1.LV.CW1.1.2221.N.EUR","A","CZ","W1","LV","CW1",1,2221,"N","EUR","2015",1.250074067752268,"A",false,null,null,"P1Y",{"$nulls":4},"S",null,null,3,"unspecified","Value of atm cash withdrawals with cards issued by non-resident PSPs at terminals acquired by non-resident psp - terminal located in: Latvia","Value of atm cash withdrawals with cards issued by non-resident PSPs at terminals acquired by non-resident psp - terminal located in: Latvia","EUR",6]
["PTT.A.CZ.W1.NL.CW1.1.2221.N.PN","A","CZ","W1","NL","CW1",1,2221,"N","PN","2019",0.085,"A",false,null,null,"P1Y",{"$nulls":4},"S",null,null,3,"unspecified","Number of atm cash withdrawals with cards issued by non-resident PSPs at terminals acquired by non-resident psp - terminal located in: Netherlands","Number of atm cash withdrawals with cards issued by non-resident PSPs at terminals acquired by non-resident psp - terminal located in: Netherlands","PN",6]
["PTT.A.CZ.W1.NL.TRSO.2.2222.N.EUR","A","CZ","W1","NL","TRSO",2,2222,"N","EUR","2019",0,"A",false,null,null,"P1Y",{"$nulls":4},"S",null,null,3,"unspecified","Value of pos transactions with cards issued by non-resident PSPs at terminals acquired by resident psp - terminal located in: Netherlands","Value of pos transactions with cards issued by non-resident PSPs at terminals acquired by resident psp - terminal located in: Netherlands","EUR",6]
["PTT.A.CZ.W1.PT.EMLU.1.2220.N.XDF","A","CZ","W1","PT","EMLU",1,2220,"N","XDF","2017",0,"A",false,null,null,"P1Y",{"$nulls":4},"S",null,null,3,"unspecified","Value of e-money card loading and unloading transactions with cards issued by non-resident PSPs at terminals acquired by non-resident psp - terminal located in: Portugal","Value of e-money card loading and unloading transactions with cards issued by non-resident PSPs at terminals acquired by non-resident psp - terminal located in: Portugal","XDF",6]
["PTT.A.CZ.W1.RO.TRSO.1.2222.N.XDF","A","CZ","W1","RO","TRSO",1,2222,"N","XDF","2021",165.09,"A",false,null,null,"P1Y",{"$nulls":4},"S",null,null,3,"unspecified","Value of pos transactions with cards issued by non-resident PSPs at terminals acquired by non-resident psp - terminal located in: Romania","Value of pos transactions with cards issued by non-resident PSPs at terminals acquired by non-resident psp - terminal located in: Romania","XDF",6]
["PTT.A.CZ.W1.SE._T.2.2220.N.XDF","A","CZ","W1","SE","_T",2,2220,"N","XDF","2020",0,"A",false,null,null,"P1Y",{"$nulls":4},"S",null,null,3,"unspecified","Value of total transactions with cards issued by non-resident PSPs at terminals acquired by resident psp - terminal located in: Sweden","Value of total transactions with cards issued by non-resident PSPs at terminals acquired by resident psp - terminal located in: Sweden","XDF",6]
["PTT.A.CZ.W1.SI.TRSO.2.2222.N.PN","A","CZ","W1","SI","TRSO",2,2222,"N","PN","2021",0,"A",false,null,null,"P1Y",{"$nulls":4},"S",null,null,3,"unspecified","Number of pos transactions with cards issued by non-resident PSPs at terminals acquired by resident psp - terminal located in: Slovenia","Number of pos transactions with cards issued by non-resident PSPs at terminals acquired by resident psp - terminal located in: Slovenia","PN",6]
["PTT.A.CZ.W1.SK.EMLU.1.2220.N.PN","A","CZ","W1","SK","EMLU",1,2220,"N","PN","2022",0,"A",false,null,null,"P1Y",{"$nulls":4},"S",null,null,3,"unspecified","Number of e-money card loading and unloading transactions with cards issued by non-resident PSPs at terminals acquired by non-resident psp - terminal located in: Slovakia","Number of e-money card loading and unloading transactions with cards issued by non-resident PSPs at terminals acquired by non-resident psp - terminal located in: Slovakia","PN",6]
["PTT.A.CZ.W1.W0.EMP1.1.2220.G1.XDF","A","CZ","W1","W0","EMP1",1,2220,"G1","XDF","2015",null,"Q",false,null,null,"P1Y",{"$nulls":4},"S",null,null,3,null,"Value of e-money payment transactions with cards with an e-money function at terminals acquired by non-resident PSP - terminal located in: World","Value of e-money payment transactions with cards with an e-money function at terminals acquired by non-resident PSP - terminal located in: World","XDF",0]
["PTT.A.CZ.W1.W0._T.1.2220.N.EUR","A","CZ","W1","W0","_T",1,2220,"N","EUR","2009",1170.137890280919,"A",false,null,null,"P1Y",{"$nulls":4},"S",null,null,3,"2005","Total value of total transactions with cards issued by non-resident PSPs at terminals acquired by non-resident psp","Total value of total transactions with cards issued by non-resident PSPs at terminals acquired by non-resident psp","EUR",6]
["PTT.A.CZ.W1.W2._T.2.2220.N.PN","A","CZ","W1","W2","_T",2,2220,"N","PN","2022",69.62100600000001,"A",false,null,null,"P1Y",{"$nulls":4},"S",null,null,3,"unspecified","Number of total transactions with cards issued by non-resident PSPs at terminals acquired by resident psp - terminal located in: domestic","Number of total transactions with cards issued by non-resident PSPs at terminals acquired by resident psp - terminal located in: domestic","PN",6]
["PTT.A.CZ.W2.AT._T.2.2220.N.EUR","A","CZ","W2","AT","_T",2,2220,"N","EUR","2021",null,"Q",false,null,null,"P1Y",{"$nulls":4},"S",null,null,3,null,"Value of total transactions at terminals acquired by resident PSP - terminal located in: Austria","Value of total transactions at terminals acquired by resident PSP - terminal located in: Austria","EUR",6]
["PTT.A.CZ.W2.DE.EMLU.2.2220.N.XDF","A","CZ","W2","DE","EMLU",2,2220,"N","XDF","2021",0,"A",false,null,null,"P1Y",{"$nulls":4},"S",null,null,3,"unspecified","Value of e-money card loading and unloading transactions with cards issued by resident PSPs at terminals acquired by resident psp - terminal location: Germany","Value of e-money card loading and unloading transactions with cards issued by resident PSPs at terminals acquired by resident psp - terminal location: Germany","XDF",6]
["PTT.A.CZ.W2.DK.EMP1.2.2220.N.XDF","A","CZ","W2","DK","EMP1",2,2220,"N","XDF","2018",0,"A",false,null,null,"P1Y",{"$nulls":4},"S",null,null,3,"unspecified","Value of e-money payment transactions with cards with an e-money function with cards issued by resident PSPs at terminals acquired by resident psp - terminal location: Denmark","Value of e-money payment transactions with cards with an e-money function with cards issued by resident PSPs at terminals acquired by resident psp - terminal location: Denmark","XDF",6]
["PTT.A.CZ.W2.FR.TRSO.2.2222.N.EUR","A","CZ","W2","FR","TRSO",2,2222,"N","EUR","2016",0,"A",false,null,null,"P1Y",{"$nulls":4},"S",null,null,3,"unspecified","Value of pos transactions with cards issued by resident PSPs at terminals acquired by resident psp - terminal location: France","Value of pos transactions with cards issued by resident PSPs at terminals acquired by resident psp - terminal location: France","EUR",6]
["PTT.A.CZ.W2.G1.TRSO.2.2222.N.XDF","A","CZ","W2","G1","TRSO",2,2222,"N","XDF","2022",null,"Q",false,null,null,"P1Y",{"$nulls":4},"S",null,null,3,"unspecified","Value of pos transactions with cards issued by resident PSPs at terminals acquired by resident psp - terminal location: outside EEA","Value of pos transactions with cards issued by resident PSPs at terminals acquired by resident psp - terminal location: outside EEA","XDF",6]
["PTT.A.CZ.W2.IE.EMLU.2.2220.N.XDF","A","CZ","W2","IE","EMLU",2,2220,"N","XDF","2021",0,"A",false,null,null,"P1Y",{"$nulls":4},"S",null,null,3,"unspecified","Value of e-money card loading and unloading transactions with cards issued by resident PSPs at terminals acquired by resident psp - terminal location: Ireland","Value of e-money card loading and unloading transactions with cards issued by resident PSPs at terminals acquired by resident psp - terminal location: Ireland","XDF",6]
["PTT.A.CZ.W2.IT.TRSC.2.2221.N.XDF","A","CZ","W2","IT","TRSC",2,2221,"N","XDF","2023",0,"A",false,null,null,"P1Y",{"$nulls":4},"S",null,null,3,null,"Value of other atm transactions with cards issued by resident PSPs at terminals acquired by resident psp - terminal location: Italy","Value of other atm transactions with cards issued by resident PSPs at terminals acquired by resident psp - terminal location: Italy","XDF",6]
["PTT.A.CZ.W2.MT.CD1.2.2221.N.PN","A","CZ","W2","MT","CD1",2,2221,"N","PN","2020",0,"A",false,null,null,"P1Y",{"$nulls":4},"S",null,null,3,"unspecified","Number of atm cash deposits with cards issued by resident PSPs at terminals acquired by resident psp - terminal location: Malta","Number of atm cash deposits with cards issued by resident PSPs at terminals acquired by resident psp - terminal location: Malta","PN",6]
["PTT.A.CZ.W2.NL.TRSO.2.2222.N.EUR","A","CZ","W2","NL","TRSO",2,2222,"N","EUR","2019",0,"A",false,null,null,"P1Y",{"$nulls":4},"S",null,null,3,"unspecified","Value of pos transactions with cards issued by resident PSPs at terminals acquired by resident psp - terminal location: Netherlands","Value of pos transactions with cards issued by resident PSPs at terminals acquired by resident psp - terminal location: Netherlands","EUR",6]
["PTT.A.CZ.W2.PL.TRSC.2.2221.N.XDF","A","CZ","W2","PL","TRSC",2,2221,"N","XDF","2022",0,"A",false,null,null,"P1Y",{"$nulls":4},"S",null,null,3,null,"Value of other atm transactions with cards issued by resident PSPs at terminals acquired by resident psp - terminal location: Poland","Value of other atm transactions with cards issued by resident PSPs at terminals acquired by resident psp - terminal location: Poland","XDF",6]
["PTT.A.CZ.W2.SI.CW1.2.2221.N.PN","A","CZ","W2","SI","CW1",2,2221,"N","PN","2022",0,"A",false,null,null,"P1Y",{"$nulls":4},"S",null,null,3,"unspecified","Number of atm cash withdrawals with cards issued by resident PSPs at terminals acquired by resident psp - terminal location: Slovenia","Number of atm cash withdrawals with cards issued by resident PSPs at terminals acquired by resident psp - terminal location: Slovenia","PN",6]
["PTT.A.CZ.W2.W0.CD1.2.2221.N.PN","A","CZ","W2","W0","CD1",2,2221,"N","PN","2015",3.89,"A",false,null,null,"P1Y",{"$nulls":4},"S",null,null,3,null,"Total number of atm cash deposits with cards issued by resident PSPs at terminals acquired by resident psp","Total number of atm cash deposits with cards issued by resident PSPs at terminals acquired by resident psp","PN",6]
["PTT.A.CZ.W2.W2.CD1.2.2221.N.EUR","A","CZ","W2","W2","CD1",2,2221,"N","EUR","2021",13573.26342421733,"A",false,null,null,"P1Y",{"$nulls":4},"S",null,null,3,"unspecified","Value of atm cash deposits with cards issued by resident PSPs at terminals acquired by resident psp - terminal location: domestic","Value of atm cash deposits with cards issued by resident PSPs at terminals acquired by resident psp - terminal location: domestic","EUR",6]
["PTT.A.CZ._Z.W0.CADV.2.2222.N.PN","A","CZ","_Z","W0","CADV",2,2222,"N","PN","2004",null,"M",false,null,null,"P1Y",{"$nulls":4},"S",null,null,3,null,"Number of cash advances at pos terminals - Czech Republic","Number of cash advances at pos terminals - Czech Republic","PN",6]
["PTT.A.DE.W1.BE.TRSO.2.2222.N.EUR","A","DE","W1","BE","TRSO",2,2222,"N","EUR","2017",2263.566,"A",false,null,null,"P1Y",{"$nulls":4},"S",null,null,3,"unspecified","Value of pos transactions with cards issued by non-resident PSPs at terminals acquired by resident psp - terminal located in: Belgium","Value of pos transactions with cards issued by non-resident PSPs at terminals acquired by resident psp - terminal located in: Belgium","EUR",6]
["PTT.A.DE.W1.BG.EMLU.2.2220.N.PN","A","DE","W1","BG","EMLU",2,2220,"N","PN","2023",null,"Q",false,null,null,"P1Y",{"$nulls":4},"S",null,null,3,null,"Number of E-money card loading and unloading at terminals acquired by resident PSP - terminal located in: Bulgaria","Number of E-money card loading and unloading at terminals acquired by resident PSP - terminal located in: Bulgaria","PN",6]
["PTT.A.DE.W1.DK.CD1.1.2221.N.EUR","A","DE","W1","DK","CD1",1,2221,"N","EUR","2016",null,"M",false,null,null,"P1Y",{"$nulls":4},"S",null,null,3,null,"Value of ATM cash deposits at terminals acquired by non-resident PSP - terminal located in: Denmark","Value of ATM cash deposits at terminals acquired by non-resident PSP - terminal located in: Denmark","EUR",6]
["PTT.A.DE.W1.DK.EMP1.2.2220.N.EUR","A","DE","W1","DK","EMP1",2,2220,"N","EUR","2017",null,"Q",false,null,null,"P1Y",{"$nulls":4},"S",null,null,3,null,"Value of e-money payment transactions with cards with an e-money function at terminals acquired by resident PSP - terminal located in: Denmark","Value of e-money payment transactions with cards with an e-money function at terminals acquired by resident PSP - terminal located in: Denmark","EUR",6]
["PTT.A.DE.W1.ES._T.2.2220.N.EUR","A","DE","W1","ES","_T",2,2220,"N","EUR","2020",126.93,"A",false,null,null,"P1Y",{"$nulls":4},"S",null,null,3,"unspecified","Value of total transactions with cards issued by non-resident PSPs at terminals acquired by resident psp - terminal located in: Spain","Value of total transactions with cards issued by non-resident PSPs at terminals acquired by resident psp - terminal located in: Spain","EUR",6]
["PTT.A.DE.W1.FI._T.2.2220.N.EUR","A","DE","W1","FI","_T",2,2220,"N","EUR","2022",190.96571601,"A",false,null,null,"P1Y",{"$nulls":4},"S",null,null,3,null,"Value of total transactions at terminals acquired by resident PSP - terminal located in: Finland","Value of total transactions at terminals acquired by resident PSP - terminal located in: Finland","EUR",6]
["PTT.A.DE.W1.FR.TRSC.2.2221.N.EUR","A","DE","W1","FR","TRSC",2,2221,"N","EUR","2022",0,"A",false,null,null,"P1Y",{"$nulls":4},"S",null,null,3,null,"Value of other atm transactions with cards issued by non-resident PSPs at terminals acquired by resident psp - terminal located in: France","Value of other atm transactions with cards issued by non-resident PSPs at terminals acquired by resident psp - terminal located in: France","EUR",6]
["PTT.A.DE.W1.GR._T.2.2220.N.PN","A","DE","W1","GR","_T",2,2220,"N","PN","2015",0.09,"A",false,null,null,"P1Y",{"$nulls":4},"S",null,null,3,null,"Number of total transactions at terminals acquired by resident PSP - terminal located in: Greece","Number of total transactions at terminals acquired by resident PSP - terminal located in: Greece","PN",6]
["PTT.A.DE.W1.HR.TRSC.2.2221.N.PN","A","DE","W1","HR","TRSC",2,2221,"N","PN","2023",0,"A",false,null,null,"P1Y",{"$nulls":4},"S",null,null,3,null,"Number of other atm transactions with cards issued by non-resident PSPs at terminals acquired by resident psp - terminal located in: Croatia","Number of other atm transactions with cards issued by non-resident PSPs at terminals acquired by resident psp - terminal located in: Croatia","PN",6]
["PTT.A.DE.W1.IE.EMP1.1.2220.N.EUR","A","DE","W1","IE","EMP1",1,2220,"N","EUR","2016",0.771,"A",false,null,null,"P1Y",{"$nulls":4},"S",null,null,3,null,"Value of e-money payment transactions with cards with an e-money function at terminals acquired by non-resident PSP - terminal located in: Ireland","Value of e-money payment transactions with cards with an e-money function at terminals acquired by non-resident PSP - terminal located in: Ireland","EUR",6]
["PTT.A.DE.W1.IT.TRSO.1.2222.N.EUR","A","DE","W1","IT","TRSO",1,2222,"N","EUR","2015",null,"Q",false,null,null,"P1Y",{"$nulls":4},"S",null,null,3,null,"Value of POS transactions at terminals acquired by non-resident PSP - terminal located in: Italy","Value of POS transactions at terminals acquired by non-resident PSP - terminal located in: Italy","EUR",6]
["PTT.A.DE.W1.LU.TRSO.1.2222.N.EUR","A","DE","W1","LU","TRSO",1,2222,"N","EUR","2016",763.286,"A",false,null,null,"P1Y",{"$nulls":4},"S",null,null,3,null,"Value of POS transactions at terminals acquired by non-resident PSP - terminal located in: Luxembourg","Value of POS transactions at terminals acquired by non-resident PSP - terminal located in: Luxembourg","EUR",6]
["PTT.A.DE.W1.LV.EMLU.1.2220.N.PN","A","DE","W1","LV","EMLU",1,2220,"N","PN","2022",null,"Q",false,null,null,"P1Y",{"$nulls":4},"S",null,null,3,null,"Number of E-money card loading and unloading at terminals acquired by non-resident PSP - terminal located in: Latvia","Number of E-money card loading and unloading at terminals acquired by non-resident PSP - terminal located in: Latvia","PN",6]
["PTT.A.DE.W1.NL._T.2.2220.N.EUR","A","DE","W1","NL","_T",2,2220,"N","EUR","2015",758.274,"A",false,null,null,"P1Y",{"$nulls":4},"S",null,null,3,"unspecified","Value of total transactions with cards issued by non-resident PSPs at terminals acquired by resident psp - terminal located in: Netherlands","Value of total transactions with cards issued by non-resident PSPs at terminals acquired by resident psp - terminal located in: Netherlands","EUR",6]
["PTT.A.DE.W1.PL.EMLU.2.2220.N.EUR","A","DE","W1","PL","EMLU",2,2220,"N","EUR","2015",null,"M",false,null,null,"P1Y",{"$nulls":4},"S",null,null,3,null,"Value of E-money card loading and unloading at terminals acquired by resident PSP - terminal located in: Poland","Value of E-money card loading and unloading at terminals acquired by resident PSP - terminal located in: Poland","EUR",6]
["PTT.A.DE.W1.RO.EMP1.1.2220.N.EUR","A","DE","W1","RO","EMP1",1,2220,"N","EUR","2019",0.281,"A",false,null,null,"P1Y",{"$nulls":4},"S",null,null,3,null,"Value of e-money payment transactions with cards with an e-money function at terminals acquired by non-resident PSP - terminal located in: Romania","Value of e-money payment transactions with cards with an e-money function at terminals acquired by non-resident PSP - terminal located in: Romania","EUR",6]
["PTT.A.DE.W1.SE.EMP1.2.2220.N.PN","A","DE","W1","SE","EMP1",2,2220,"N","PN","2023",null,"Q",false,null,null,"P1Y",{"$nulls":4},"S",null,null,3,null,"Number of e-money payment transactions with cards with an e-money function at terminals acquired by resident PSP - terminal located in: Sweden","Number of e-money payment transactions with cards with an e-money function at terminals acquired by resident PSP - terminal located in: Sweden","PN",6]
["PTT.A.DE.W1.SK._T.1.2220.N.EUR","A","DE","W1","SK","_T",1,2220,"N","EUR","2022",97.8028535,"A",false,null,null,"P1Y",{"$nulls":4},"S",null,null,3,"unspecified","Value of total transactions with cards issued by non-resident PSPs at terminals acquired by non-resident psp - terminal located in: Slovakia","Value of total transactions with cards issued by non-resident PSPs at terminals acquired by non-resident psp - terminal located in: Slovakia","EUR",6]
["PTT.A.DE.W1.W0.EMLU.2.2220.N.EUR","A","DE","W1","W0","EMLU",2,2220,"N","EUR","2022",null,"Q",false,null,null,"P1Y",{"$nulls":4},"S",null,null,3,null,"Total value of e-money card loading and unloading transactions with cards issued by non-resident PSPs at terminals acquired by resident psp","Total value of e-money card loading and unloading transactions with cards issued by non-resident PSPs at terminals acquired by resident psp","EUR",6]
["PTT.A.DE.W1.W0.TRSO.1.2222.N.EUR","A","DE","W1","W0","TRSO",1,2222,"N","EUR","2021",21159.835,"A",false,null,null,"P1Y",{"$nulls":4},"S",null,null,3,null,"Total value of pos transactions with cards issued by non-resident PSPs at terminals acquired by non-resident psp","Total value of pos transactions with cards issued by non-resident PSPs at terminals acquired by non-resident psp","EUR",6]
["PTT.A.DE.W1.W2.TRSO.2.2222.N.EUR","A","DE","W1","W2","TRSO",2,2222,"N","EUR","2019",21126.309,"A",false,null,null,"P1Y",{"$nulls":4},"S",null,null,3,"unspecified","Value of pos transactions with cards issued by non-resident PSPs at terminals acquired by resident psp - terminal located in: domestic","Value of pos transactions with cards issued by non-resident PSPs at terminals acquired by resident psp - terminal located in: domestic","EUR",6]
["PTT.A.DE.W2.BG.EMP1.2.2220.N.PN","A","DE","W2","BG","EMP1",2,2220,"N","PN","2020",null,"Q",false,null,null,"P1Y",{"$nulls":4},"S",null,null,3,"unspecified","Number of e-money payment transactions with cards with an e-money function with cards issued by resident PSPs at terminals acquired by resident psp - terminal location: Bulgaria","Number of e-money payment transactions with cards with an e-money function with cards issued by resident PSPs at terminals acquired by resident psp - terminal location: Bulgaria","PN",6]
["PTT.A.DE.W2.DK.EMLU.2.2220.N.PN","A","DE","W2","DK","EMLU",2,2220,"N","PN","2017",null,"Q",false,null,null,"P1Y",{"$nulls":4},"S",null,null,3,null,"Number of E-money card loading and unloading at terminals acquired by resident PSP - terminal located in: Denmark","Number of E-money card loading and unloading at terminals acquired by resident PSP - terminal located in: Denmark","PN",6]
["PTT.A.DE.W2.ES.EMLU.2.2220.N.PN","A","DE","W2","ES","EMLU",2,2220,"N","PN","2019",null,"Q",false,null,null,"P1Y",{"$nulls":4},"S",null,null,3,null,"Number of E-money card loading and unloading at terminals acquired by resident PSP - terminal located in: Spain","Number of E-money card loading and unloading at terminals acquired by resident PSP - terminal located in: Spain","PN",6]
["PTT.A.DE.W2.GR.TRSO.2.2222.N.EUR","A","DE","W2","GR","TRSO",2,2222,"N","EUR","2014",1.448,"A",false,null,null,"P1Y",{"$nulls":4},"S",null,null,3,"unspecified","Value of pos transactions with cards issued by resident PSPs at terminals acquired by resident psp - terminal location: Greece","Value of pos transactions with cards issued by resident PSPs at terminals acquired by resident psp - terminal location: Greece","EUR",6]
["PTT.A.DE.W2.HU.CD1.2.2221.N.PN","A","DE","W2","HU","CD1",2,2221,"N","PN","2016",null,"M",false,null,null,"P1Y",{"$nulls":4},"S",null,null,3,null,"Number of ATM cash deposits at terminals acquired by resident PSP - terminal located in: Hungary","Number of ATM cash deposits at terminals acquired by resident PSP - terminal located in: Hungary","PN",6]
["PTT.A.DE.W2.LT.EMP1.2.2220.N.EUR","A","DE","W2","LT","EMP1",2,2220,"N","EUR","2019",null,"Q",false,null,null,"P1Y",{"$nulls":4},"S",null,null,3,"unspecified","Value of e-money payment transactions with cards with an e-money function with cards issued by resident PSPs at terminals acquired by resident psp - terminal location: Lithuania","Value of e-money payment transactions with cards with an e-money function with cards issued by resident PSPs at terminals acquired by resident psp - terminal location: Lithuania","EUR",6]
["PTT.A.DE.W2.MT.CD1.2.2221.N.PN","A","DE","W2","MT","CD1",2,2221,"N","PN","2018",null,"M",false,null,null,"P1Y",{"$nulls":4},"S",null,null,3,null,"Number of ATM cash deposits at terminals acquired by resident PSP - terminal located in: Malta","Number of ATM cash deposits at terminals acquired by resident PSP - terminal located in: Malta","PN",6]
["PTT.A.DE.W2.NO.TRSC.2.2221.N.EUR","A","DE","W2","NO","TRSC",2,2221,"N","EUR","2022",0,"A",false,null,null,"P1Y",{"$nulls":4},"S",null,null,3,null,"Value of other atm transactions with cards issued by resident PSPs at terminals acquired by resident psp - terminal location: Norway","Value of other atm transactions with cards issued by resident PSPs at terminals acquired by resident psp - terminal location: Norway","EUR",6]
["PTT.A.DE.W2.SI.EMLU.2.2220.N.EUR","A","DE","W2","SI","EMLU",2,2220,"N","EUR","2019",null,"M",false,null,null,"P1Y",{"$nulls":4},"S",null,null,3,null,"Value of E-money card loading and unloading at terminals acquired by resident PSP - terminal located in: Slovenia","Value of E-money card loading and unloading at terminals acquired by resident PSP - terminal located in: Slovenia","EUR",6]
["PTT.A.DE.W2.SK.TRSO.2.2222.N.PN","A","DE","W2","SK","TRSO",2,2222,"N","PN","2017",null,"Q",false,null,null,"P1Y",{"$nulls":4},"S",null,null,3,null,"Number of POS transactions at terminals acquired by resident PSP - terminal located in: Slovakia","Number of POS transactions at terminals acquired by resident PSP - terminal located in: Slovakia","PN",6]
["PTT.A.DE._Z.W0.CADV.2.2222.N.EUR","A","DE","_Z","W0","CADV",2,2222,"N","EUR","2018",798.387,"A",false,null,null,"P1Y",{"$nulls":4},"S",null,null,3,null,"Value of cash advances at pos terminals - Germany","Value of cash advances at pos terminals - Germany","EUR",6]
["PTT.A.DK.W1.AT.EMLU.2.2220.N.XDF","A","DK","W1","AT","EMLU",2,2220,"N","XDF","2020",null,"M",false,null,null,"P1Y",{"$nulls":4},"S",null,null,3,null,"Value of E-money card loading and unloading at terminals acquired by resident PSP - terminal located in: Austria","Value of E-money card loading and unloading at terminals acquired by resident PSP - terminal located in: Austria","XDF",0]
["PTT.A.DK.W1.BE.EMLU.1.2220.N.XDF","A","DK","W1","BE","EMLU",1,2220,"N","XDF","2012",null,"M",false,null,null,"P1Y",{"$nulls":4},"S",null,null,3,null,"Value of E-money card loading and unloading at terminals acquired by non-resident PSP - terminal located in: Belgium","Value of E-money card loading and unloading at terminals acquired by non-resident PSP - terminal located in: Belgium","XDF",0]
["PTT.A.DK.W1.BE._T.2.2220.N.XDF","A","DK","W1","BE","_T",2,2220,"N","XDF","2010",null,"M",false,null,null,"P1Y",{"$nulls":4},"S",null,null,3,null,"Value of total transactions at terminals acquired by resident PSP - terminal located in: Belgium","Value of total transactions at terminals acquired by resident PSP - terminal located in: Belgium","XDF",0]
["PTT.A.DK.W1.CY.CW1.2.2221.N.EUR","A","DK","W1","CY","CW1",2,2221,"N","EUR","2011",null,"M",false,null,null,"P1Y",{"$nulls":4},"S",null,null,3,null,"Value of ATM cash withdrawals at terminals acquired by resident PSP - terminal located in: Cyprus","Value of ATM cash withdrawals at terminals acquired by resident PSP - terminal located in: Cyprus","EUR",6]
["PTT.A.DK.W1.CY.TRSO.2.2222.N.XDF","A","DK","W1","CY","TRSO",2,2222,"N","XDF","2021",null,"M",false,null,null,"P1Y",{"$nulls":4},"S",null,null,3,null,"Value of POS transactions at terminals acquired by resident PSP - terminal located in: Cyprus","Value of POS transactions at terminals acquired by resident PSP - terminal located in: Cyprus","XDF",0]
["PTT.A.DK.W1.DE.CD1.2.2221.N.PN","A","DK","W1","DE","CD1",2,2221,"N","PN","2010",null,"M",false,null,null,"P1Y",{"$nulls":4},"S",null,null,3,null,"Number of ATM cash deposits at terminals acquired by resident PSP - terminal located in: Germany","Number of ATM cash deposits at terminals acquired by resident PSP - terminal located in: Germany","PN",6]
["PTT.A.DK.W1.DE.TRSO.1.2222.N.XDF","A","DK","W1","DE","TRSO",1,2222,"N","XDF","2019",null,"M",false,null,null,"P1Y",{"$nulls":4},"S",null,null,3,null,"Value of POS transactions at terminals acquired by non-resident PSP - terminal located in: Germany","Value of POS transactions at terminals acquired by non-resident PSP - terminal located in: Germany","XDF",0]
["PTT.A.DK.W1.EE.CD1.2.2221.N.EUR","A","DK","W1","EE","CD1",2,2221,"N","EUR","2015",null,"M",false,null,null,"P1Y",{"$nulls":4},"S",null,null,3,null,"Value of ATM cash deposits at terminals acquired by resident PSP - terminal located in: Estonia","Value of ATM cash deposits at terminals acquired by resident PSP - terminal located in: Estonia","EUR",6]
["PTT.A.DK.W1.ES.EMLU.1.2220.N.PN","A","DK","W1","ES","EMLU",1,2220,"N","PN","2016",null,"M",false,null,null,"P1Y",{"$nulls":4},"S",null,null,3,null,"Number of E-money card loading and unloading at terminals acquired by non-resident PSP - terminal located in: Spain","Number of E-money card loading and unloading at terminals acquired by non-resident PSP - terminal located in: Spain","PN",6]
["PTT.A.DK.W1.ES._T.2.2220.N.PN","A","DK","W1","ES","_T",2,2220,"N","PN","2014",null,"M",false,null,null,"P1Y",{"$nulls":4},"S",null,null,3,null,"Number of total transactions at terminals acquired by resident PSP - terminal located in: Spain","Number of total transactions at terminals acquired by resident PSP - terminal located in: Spain","PN",6]
["PTT.A.DK.W1.FR.CW1.1.2221.N.XDF","A","DK","W1","FR","CW1",1,2221,"N","XDF","2015",null,"M",false,null,null,"P1Y",{"$nulls":4},"S",null,null,3,null,"Value of ATM cash withdrawals at terminals acquired by non-resident PSP - terminal located in: France","Value of ATM cash withdrawals at terminals acquired by non-resident PSP - terminal located in: France","XDF",0]
["PTT.A.DK.W1.FR.EMP1.2.2220.N.XDF","A","DK","W1","FR","EMP1",2,2220,"N","XDF","2011",null,"M",false,null,null,"P1Y",{"$nulls":4},"S",null,null,3,null,"Value of e-money payment transactions with cards with an e-money function at terminals acquired by resident PSP - terminal located in: France","Value of e-money payment transactions with cards with an e-money function at terminals acquired by resident PSP - terminal located in: France","XDF",0]
["PTT.A.DK.W1.GR.CW1.2.2221.N.XDF","A","DK","W1","GR","CW1",2,2221,"N","XDF","2010",null,"M",false,null,null,"P1Y",{"$nulls":4},"S",null,null,3,null,"Value of ATM cash withdrawals at terminals acquired by resident PSP - terminal located in: Greece","Value of ATM cash withdrawals at terminals acquired by resident PSP - terminal located in: Greece","XDF",0]
["PTT.A.DK.W1.GR.EMLU.2.2220.N.XDF","A","DK","W1","GR","EMLU",2,2220,"N","XDF","2021",null,"M",false,null,null,"P1Y",{"$nulls":4},"S",null,null,3,null,"Value of E-money card loading and unloading at terminals acquired by resident PSP - terminal located in: Greece","Value of E-money card loading and unloading at terminals acquired by resident PSP - terminal located in: Greece","XDF",0]
["PTT.A.DK.W1.HR.TRSO.2.2222.N.PN","A","DK","W1","HR","TRSO",2,2222,"N","PN","2010",null,"M",false,null,null,"P1Y",{"$nulls":4},"S",null,null,3,null,"Number of POS transactions at terminals acquired by resident PSP - terminal located in: Croatia","Number of POS transactions at terminals acquired by resident PSP - terminal located in: Croatia","PN",6]
["PTT.A.DK.W1.HU.EMP1.2.2220.N.PN","A","DK","W1","HU","EMP1",2,2220,"N","PN","2015",null,"M",false,null,null,"P1Y",{"$nulls":4},"S",null,null,3,null,"Number of e-money payment transactions with cards with an e-money function at terminals acquired by resident PSP - terminal located in: Hungary","Number of e-money payment transactions with cards with an e-money function at terminals acquired by resident PSP - terminal located in: Hungary","PN",6]
["PTT.A.DK.W1.IT.CD1.1.2221.N.PN","A","DK","W1","IT","CD1",1,2221,"N","PN","2021",null,"M",false,null,null,"P1Y",{"$nulls":4},"S",null,null,3,null,"Number of ATM cash deposits at terminals acquired by non-resident PSP - terminal located in: Italy","Number of ATM cash deposits at terminals acquired by non-resident PSP - terminal located in: Italy","PN",6]
["PTT.A.DK.W1.IT.EMP1.2.2220.N.PN","A","DK","W1","IT","EMP1",2,2220,"N","PN","2019",null,"M",false,null,null,"P1Y",{"$nulls":4},"S",null,null,3,null,"Number of e-money payment transactions with cards with an e-money function at terminals acquired by resident PSP - terminal located in: Italy","Number of e-money payment transactions with cards with an e-money function at terminals acquired by resident PSP - terminal located in: Italy","PN",6]
["PTT.A.DK.W1.LT._T.2.2220.N.PN","A","DK","W1","LT","_T",2,2220,"N","PN","2021",null,"M",false,null,null,"P1Y",{"$nulls":4},"S",null,null,3,null,"Number of total transactions at terminals acquired by resident PSP - terminal located in: Lithuania","Number of total transactions at terminals acquired by resident PSP - terminal located in: Lithuania","PN",6]
["PTT.A.DK.W1.LU.CW1.2.2221.N.XDF","A","DK","W1","LU","CW1",2,2221,"N","XDF","2015",null,"M",false,null,null,"P1Y",{"$nulls":4},"S",null,null,3,null,"Value of ATM cash withdrawals at terminals acquired by resident PSP - terminal located in: Luxembourg","Value of ATM cash withdrawals at terminals acquired by resident PSP - terminal located in: Luxembourg","XDF",0]
["PTT.A.DK.W1.LU._T.1.2220.N.XDF","A","DK","W1","LU","_T",1,2220,"N","XDF","2013",null,"M",false,null,null,"P1Y",{"$nulls":4},"S",null,null,3,null,"Value of total transactions at terminals acquired by non-resident PSP - terminal located in: Luxembourg","Value of total transactions at terminals acquired by non-resident PSP - terminal located in: Luxembourg","XDF",0]
["PTT.A.DK.W1.MT.CW1.1.2221.N.EUR","A","DK","W1","MT","CW1",1,2221,"N","EUR","2014",null,"M",false,null,null,"P1Y",{"$nulls":4},"S",null,null,3,null,"Value of ATM cash withdrawals at terminals acquired by non-resident PSP - terminal located in: Malta","Value of ATM cash withdrawals at terminals acquired by non-resident PSP - terminal located in: Malta","EUR",6]
["PTT.A.DK.W1.NL.EMLU.2.2220.N.PN","A","DK","W1","NL","EMLU",2,2220,"N","PN","2015",null,"M",false,null,null,"P1Y",{"$nulls":4},"S",null,null,3,null,"Number of E-money card loading and unloading at terminals acquired by resident PSP - terminal located in: Netherlands","Number of E-money card loading and unloading at terminals acquired by resident PSP - terminal located in: Netherlands","PN",6]
["PTT.A.DK.W1.PL.CD1.1.2221.N.PN","A","DK","W1","PL","CD1",1,2221,"N","PN","2013",null,"M",false,null,null,"P1Y",{"$nulls":4},"S",null,null,3,null,"Number of ATM cash deposits at terminals acquired by non-resident PSP - terminal located in: Poland","Number of ATM cash deposits at terminals acquired by non-resident PSP - terminal located in: Poland","PN",6]
["PTT.A.DK.W1.PL.EMLU.1.2220.N.EUR","A","DK","W1","PL","EMLU",1,2220,"N","EUR","2016",null,"M",false,null,null,"P1Y",{"$nulls":4},"S",null,null,3,null,"Value of E-money card loading and unloading at terminals acquired by non-resident PSP - terminal located in: Poland","Value of E-money card loading and unloading at terminals acquired by non-resident PSP - terminal located in: Poland","EUR",6]
["PTT.A.DK.W1.PT._T.1.2220.N.XDF","A","DK","W1","PT","_T",1,2220,"N","XDF","2011",null,"M",false,null,null,"P1Y",{"$nulls":4},"S",null,null,3,null,"Value of total transactions at terminals acquired by non-resident PSP - terminal located in: Portugal","Value of total transactions at terminals acquired by non-resident PSP - terminal located in: Portugal","XDF",0]
["PTT.A.DK.W1.RO.CW1.2.2221.N.PN","A","DK","W1","RO","CW1",2,2221,"N","PN","2019",null,"M",false,null,null,"P1Y",{"$nulls":4},"S",null,null,3,null,"Number of ATM cash withdrawals at terminals acquired by resident PSP - terminal located in: Romania","Number of ATM cash withdrawals at terminals acquired by resident PSP - terminal located in: Romania","PN",6]
["PTT.A.DK.W1.SE.EMP1.1.2220.N.XDF","A","DK","W1","SE","EMP1",1,2220,"N","XDF","2020",null,"M",false,null,null,"P1Y",{"$nulls":4},"S",null,null,3,null,"Value of e-money payment transactions with cards with an e-money function at terminals acquired by non-resident PSP - terminal located in: Sweden","Value of e-money payment transactions with cards with an e-money function at terminals acquired by non-resident PSP - terminal located in: Sweden","XDF",0]
["PTT.A.DK.W1.SI.CD1.2.2221.N.XDF","A","DK","W1","SI","CD1",2,2221,"N","XDF","2018",null,"M",false,null,null,"P1Y",{"$nulls":4},"S",null,null,3,null,"Value of ATM cash deposits at terminals acquired by resident PSP - terminal located in: Slovenia","Value of ATM cash deposits at terminals acquired by resident PSP - terminal located in: Slovenia","XDF",0]
["PTT.A.DK.W1.SK.EMLU.2.2220.N.EUR","A","DK","W1","SK","EMLU",2,2220,"N","EUR","2019",null,"M",false,null,null,"P1Y",{"$nulls":4},"S",null,null,3,null,"Value of E-money card loading and unloading at terminals acquired by resident PSP - terminal located in: Slovakia","Value of E-money card loading and unloading at terminals acquired by resident PSP - terminal located in: Slovakia","EUR",6]
["PTT.A.DK.W1.SK._T.1.2220.N.XDF","A","DK","W1","SK","_T",1,2220,"N","XDF","2019",null,"M",false,null,null,"P1Y",{"$nulls":4},"S",null,null,3,null,"Value of total transactions at terminals acquired by non-resident PSP - terminal located in: Slovakia","Value of total transactions at terminals acquired by non-resident PSP - terminal located in: Slovakia","XDF",0]
["PTT.A.DK.W1.W0.TRSO.2.2222.N.XDF","A","DK","W1","W0","TRSO",2,2222,"N","XDF","2018",25905,"A",false,null,null,"P1Y",{"$nulls":4},"S",null,null,3,"unspecified","Total value of pos transactions with cards issued by non-resident PSPs at terminals acquired by resident psp","Total value of pos transactions with cards issued by non-resident PSPs at terminals acquired by resident psp","XDF",6]
["PTT.A.DK.W1.W1.CD1.2.2221.N.PN","A","DK","W1","W1","CD1",2,2221,"N","PN","2017",null,"M",false,null,null,"P1Y",{"$nulls":4},"S",null,null,3,null,"Number of ATM cash deposits at terminals acquired by resident PSP - terminal located in: Rest of the World","Number of ATM cash deposits at terminals acquired by resident PSP - terminal located in: Rest of the World","PN",6]
["PTT.A.DK.W1.W1._T.2.2220.N.PN","A","DK","W1","W1","_T",2,2220,"N","PN","2015",null,"M",false,null,null,"P1Y",{"$nulls":4},"S",null,null,3,null,"Number of total transactions at terminals acquired by resident PSP - terminal located in: Rest of the World","Number of total transactions at terminals acquired by resident PSP - terminal located in: Rest of the World","PN",6]
["PTT.A.DK.W2.AT.EMLU.2.2220.N.XDF","A","DK","W2","AT","EMLU",2,2220,"N","XDF","2017",null,"M",false,null,null,"P1Y",{"$nulls":4},"S",null,null,3,null,"Value of E-money card loading and unloading at terminals acquired by resident PSP - terminal located in: Austria","Value of E-money card loading and unloading at terminals acquired by resident PSP - terminal located in: Austria","XDF",0]
["PTT.A.DK.W2.BE.CW1.2.2221.N.XDF","A","DK","W2","BE","CW1",2,2221,"N","XDF","2013",null,"M",false,null,null,"P1Y",{"$nulls":4},"S",null,null,3,null,"Value of ATM cash withdrawals at terminals acquired by resident PSP - terminal located in: Belgium","Value of ATM cash withdrawals at terminals acquired by resident PSP - terminal located in: Belgium","XDF",0]
["PTT.A.DK.W2.CY._T.2.2220.N.EUR","A","DK","W2","CY","_T",2,2220,"N","EUR","2020",null,"M",false,null,null,"P1Y",{"$nulls":4},"S",null,null,3,null,"Value of total transactions at terminals acquired by resident PSP - terminal located in: Cyprus","Value of total transactions at terminals acquired by resident PSP - terminal located in: Cyprus","EUR",6]
["PTT.A.DK.W2.DE.CW1.2.2221.N.XDF","A","DK","W2","DE","CW1",2,2221,"N","XDF","2011",null,"M",false,null,null,"P1Y",{"$nulls":4},"S",null,null,3,null,"Value of ATM cash withdrawals at terminals acquired by resident PSP - terminal located in: Germany","Value of ATM cash withdrawals at terminals acquired by resident PSP - terminal located in: Germany","XDF",0]
["PTT.A.DK.W2.FI.EMLU.2.2220.N.PN","A","DK","W2","FI","EMLU",2,2220,"N","PN","2021",null,"M",false,null,null,"P1Y",{"$nulls":4},"S",null,null,3,null,"Number of E-money card loading and unloading at terminals acquired by resident PSP - terminal located in: Finland","Number of E-money card loading and unloading at terminals acquired by resident PSP - terminal located in: Finland","PN",6]
["PTT.A.DK.W2.FR.CW1.2.2221.N.XDF","A","DK","W2","FR","CW1",2,2221,"N","XDF","2010",null,"M",false,null,null,"P1Y",{"$nulls":4},"S",null,null,3,null,"Value of ATM cash withdrawals at terminals acquired by resident PSP - terminal located in: France","Value of ATM cash withdrawals at terminals acquired by resident PSP - terminal located in: France","XDF",0]
["PTT.A.DK.W2.HR.CD1.2.2221.N.EUR","A","DK","W2","HR","CD1",2,2221,"N","EUR","2020",null,"M",false,null,null,"P1Y",{"$nulls":4},"S",null,null,3,null,"Value of ATM cash deposits at terminals acquired by resident PSP - terminal located in: Croatia","Value of ATM cash deposits at terminals acquired by resident PSP - terminal located in: Croatia","EUR",6]
["PTT.A.DK.W2.HR._T.2.2220.N.EUR","A","DK","W2","HR","_T",2,2220,"N","EUR","2020",null,"M",false,null,null,"P1Y",{"$nulls":4},"S",null,null,3,null,"Value of total transactions at terminals acquired by resident PSP - terminal located in: Croatia","Value of total transactions at terminals acquired by resident PSP - terminal located in: Croatia","EUR",6]
["PTT.A.DK.W2.LT.EMLU.2.2220.N.PN","A","DK","W2","LT","EMLU",2,2220,"N","PN","2019",null,"M",false,null,null,"P1Y",{"$nulls":4},"S",null,null,3,null,"Number of E-money card loading and unloading at terminals acquired by resident PSP - terminal located in: Lithuania","Number of E-money card loading and unloading at terminals acquired by resident PSP - terminal located in: Lithuania","PN",6]
["PTT.A.DK.W2.LU.TRSO.2.2222.N.EUR","A","DK","W2","LU","TRSO",2,2222,"N","EUR","2013",null,"M",false,null,null,"P1Y",{"$nulls":4},"S",null,null,3,null,"Value of POS transactions at terminals acquired by resident PSP - terminal located in: Luxembourg","Value of POS transactions at terminals acquired by resident PSP - terminal located in: Luxembourg","EUR",6]
["PTT.A.DK.W2.LV.EMP1.2.2220.N.PN","A","DK","W2","LV","EMP1",2,2220,"N","PN","2012",null,"M",false,null,null,"P1Y",{"$nulls":4},"S",null,null,3,null,"Number of e-money payment transactions with cards with an e-money function at terminals acquired by resident PSP - terminal located in: Latvia","Number of e-money payment transactions with cards with an e-money function at terminals acquired by resident PSP - terminal located in: Latvia","PN",6]
["PTT.A.DK.W2.PL.CW1.2.2221.N.PN","A","DK","W2","PL","CW1",2,2221,"N","PN","2019",null,"M",false,null,null,"P1Y",{"$nulls":4},"S",null,null,3,null,"Number of ATM cash withdrawals at terminals acquired by resident PSP - terminal located in: Poland","Number of ATM cash withdrawals at terminals acquired by resident PSP - terminal located in: Poland","PN",6]
["PTT.A.DK.W2.PT.EMP1.2.2220.N.PN","A","DK","W2","PT","EMP1",2,2220,"N","PN","2011",null,"M",false,null,null,"P1Y",{"$nulls":4},"S",null,null,3,null,"Number of e-money payment transactions with cards with an e-money function at terminals acquired by resident PSP - terminal located in: Portugal","Number of e-money payment transactions with cards with an e-money function at terminals acquired by resident PSP - terminal located in: Portugal","PN",6]
["PTT.A.DK.W2.SE.EMP1.2.2220.N.PN","A","DK","W2","SE","EMP1",2,2220,"N","PN","2010",null,"M",false,null,null,"P1Y",{"$nulls":4},"S",null,null,3,null,"Number of e-money payment transactions with cards with an e-money function at terminals acquired by resident PSP - terminal located in: Sweden","Number of e-money payment transactions with cards with an e-money function at terminals acquired by resident PSP - terminal located in: Sweden","PN",6]
["PTT.A.DK.W2.SK.CD1.2.2221.N.XDF","A","DK","W2","SK","CD1",2,2221,"N","XDF","2016",null,"M",false,null,null,"P1Y",{"$nulls":4},"S",null,null,3,null,"Value of ATM cash deposits at terminals acquired by resident PSP - terminal located in: Slovakia","Value of ATM cash deposits at terminals acquired by resident PSP - terminal located in: Slovakia","XDF",0]
["PTT.A.DK.W2.W1.EMLU.2.2220.N.XDF","A","DK","W2","W1","EMLU",2,2220,"N","XDF","2015",null,"M",false,null,null,"P1Y",{"$nulls":4},"S",null,null,3,null,"Value of E-money card loading and unloading at terminals acquired by resident PSP - terminal located in: Rest of the World","Value of E-money card loading and unloading at terminals acquired by resident PSP - terminal located in: Rest of the World","XDF",0]
["PTT.A.DK.W2.W2.EMLU.2.2220.N.XDF","A","DK","W2","W2","EMLU",2,2220,"N","XDF","2021",null,"M",false,null,null,"P1Y",{"$nulls":4},"S",null,null,3,null,"Value of e-money card loading and unloading transactions with cards issued by resident PSPs at terminals acquired by resident psp - terminal location: domestic","Value of e-money card loading and unloading transactions with cards issued by resident PSPs at terminals acquired by resident psp - terminal location: domestic","XDF",6]
["PTT.A.EE.W1.BE.CW1.1.2221.N.PN","A","EE","W1","BE","CW1",1,2221,"N","PN","2015",0.008,"A",false,null,null,"P1Y",{"$nulls":4},"S",null,null,3,"unspecified","Number of atm cash withdrawals with cards issued by non-resident PSPs at terminals acquired by non-resident psp - terminal located in: Belgium","Number of atm cash withdrawals with cards issued by non-resident PSPs at terminals acquired by non-resident psp - terminal located in: Belgium","PN",6]
["PTT.A.EE.W1.BE._T.1.2220.N.PN","A","EE","W1","BE","_T",1,2220,"N","PN","2023",0.382421,"A",false,null,null,"P1Y",{"$nulls":4},"S",null,null,3,"unspecified","Number of total transactions with cards issued by non-resident PSPs at terminals acquired by non-resident psp - terminal located in: Belgium","Number of total transactions with cards issued by non-resident PSPs at terminals acquired by non-resident psp - terminal located in: Belgium","PN",6]
["PTT.A.EE.W1.CY.CW1.2.2221.N.EUR","A","EE","W1","CY","CW1",2,2221,"N","EUR","2019",null,"M",false,null,null,"P1Y",{"$nulls":4},"S",null,null,3,null,"Value of ATM cash withdrawals at terminals acquired by resident PSP - terminal located in: Cyprus","Value of ATM cash withdrawals at terminals acquired by resident PSP - terminal located in: Cyprus","EUR",6]
["PTT.A.EE.W1.DE.CD1.2.2221.N.PN","A","EE","W1","DE","CD1",2,2221,"N","PN","2021",null,"M",false,null,null,"P1Y",{"$nulls":4},"S",null,null,3,null,"Number of ATM cash deposits at terminals acquired by resident PSP - terminal located in: Germany","Number of ATM cash deposits at terminals acquired by resident PSP - terminal located in: Germany","PN",6]
["PTT.A.EE.W1.ES.EMLU.1.2220.N.PN","A","EE","W1","ES","EMLU",1,2220,"N","PN","2018",null,"M",false,null,null,"P1Y",{"$nulls":4},"S",null,null,3,null,"Number of E-money card loading and unloading at terminals acquired by non-resident PSP - terminal located in: Spain","Number of E-money card loading and unloading at terminals acquired by non-resident PSP - terminal located in: Spain","PN",6]
["PTT.A.EE.W1.FI.CD1.2.2221.N.EUR","A","EE","W1","FI","CD1",2,2221,"N","EUR","2016",null,"M",false,null,null,"P1Y",{"$nulls":4},"S",null,null,3,null,"Value of ATM cash deposits at terminals acquired by resident PSP - terminal located in: Finland","Value of ATM cash deposits at terminals acquired by resident PSP - terminal located in: Finland","EUR",6]
["PTT.A.EE.W1.FR.CD1.2.2221.N.EUR","A","EE","W1","FR","CD1",2,2221,"N","EUR","2018",null,"M",false,null,null,"P1Y",{"$nulls":4},"S",null,null,3,null,"Value of ATM cash deposits at terminals acquired by resident PSP - terminal located in: France","Value of ATM cash deposits at terminals acquired by resident PSP - terminal located in: France","EUR",6]
["PTT.A.EE.W1.GR.CD1.2.2221.N.EUR","A","EE","W1","GR","CD1",2,2221,"N","EUR","2019",null,"M",false,null,null,"P1Y",{"$nulls":4},"S",null,null,3,null,"Value of ATM cash deposits at terminals acquired by resident PSP - terminal located in: Greece","Value of ATM cash deposits at terminals acquired by resident PSP - terminal located in: Greece","EUR",6]
["PTT.A.EE.W1.HR.TRSO.1.2222.N.PN","A","EE","W1","HR","TRSO",1,2222,"N","PN","2016",0.097,"A",false,null,null,"P1Y",{"$nulls":4},"S",null,null,3,"unspecified","Number of pos transactions with cards issued by non-resident PSPs at terminals acquired by non-resident psp - terminal located in: Croatia","Number of pos transactions with cards issued by non-resident PSPs at terminals acquired by non-resident psp - terminal located in: Croatia","PN",6]
["PTT.A.EE.W1.IE.EMLU.1.2220.N.EUR","A","EE","W1","IE","EMLU",1,2220,"N","EUR","2017",null,"M",false,null,null,"P1Y",{"$nulls":4},"S",null,null,3,null,"Value of E-money card loading and unloading at terminals acquired by non-resident PSP - terminal located in: Ireland","Value of E-money card loading and unloading at terminals acquired by non-resident PSP - terminal located in: Ireland","EUR",6]
["PTT.A.EE.W1.IS.CW1.1.2221.N.PN","A","EE","W1","IS","CW1",1,2221,"N","PN","2023",0.000561,"A",false,null,null,"P1Y",{"$nulls":4},"S",null,null,3,null,"Number of atm cash withdrawals with cards issued by non-resident PSPs at terminals acquired by non-resident psp - terminal located in: Iceland","Number of atm cash withdrawals with cards issued by non-resident PSPs at terminals acquired by non-resident psp - terminal located in: Iceland","PN",6]
["PTT.A.EE.W1.LU.CD1.2.2221.N.PN","A","EE","W1","LU","CD1",2,2221,"N","PN","2014",null,"M",false,null,null,"P1Y",{"$nulls":4},"S",null,null,3,null,"Number of ATM cash deposits at terminals acquired by resident PSP - terminal located in: Luxembourg","Number of ATM cash deposits at terminals acquired by resident PSP - terminal located in: Luxembourg","PN",6]
["PTT.A.EE.W1.LU.TRSO.2.2222.N.PN","A","EE","W1","LU","TRSO",2,2222,"N","PN","2022",0,"A",false,null,null,"P1Y",{"$nulls":4},"S",null,null,3,null,"Number of POS transactions at terminals acquired by resident PSP - terminal located in: Luxembourg","Number of POS transactions at terminals acquired by resident PSP - terminal located in: Luxembourg","PN",6]
["PTT.A.EE.W1.NL.EMLU.1.2220.N.EUR","A","EE","W1","NL","EMLU",1,2220,"N","EUR","2023",null,"M",false,null,null,"P1Y",{"$nulls":4},"S",null,null,3,null,"Value of E-money card loading and unloading at terminals acquired by non-resident PSP - terminal located in: Netherlands","Value of E-money card loading and unloading at terminals acquired by non-resident PSP - terminal located in: Netherlands","EUR",6]
["PTT.A.EE.W1.PL.CW1.1.2221.N.EUR","A","EE","W1","PL","CW1",1,2221,"N","EUR","2021",0.88,"A",false,null,null,"P1Y",{"$nulls":4},"S",null,null,3,"unspecified","Value of atm cash withdrawals with cards issued by non-resident PSPs at terminals acquired by non-resident psp - terminal located in: Poland","Value of atm cash withdrawals with cards issued by non-resident PSPs at terminals acquired by non-resident psp - terminal located in: Poland","EUR",6]
["PTT.A.EE.W1.RO.CD1.1.2221.N.PN","A","EE","W1","RO","CD1",1,2221,"N","PN","2021",null,"M",false,null,null,"P1Y",{"$nulls":4},"S",null,null,3,null,"Number of ATM cash deposits at terminals acquired by non-resident PSP - terminal located in: Romania","Number of ATM cash deposits at terminals acquired by non-resident PSP - terminal located in: Romania","PN",6]
["PTT.A.EE.W1.SE.CD1.1.2221.N.PN","A","EE","W1","SE","CD1",1,2221,"N","PN","2023",0,"A",false,null,null,"P1Y",{"$nulls":4},"S",null,null,3,null,"Number of ATM cash deposits at terminals acquired by non-resident PSP - terminal located in: Sweden","Number of ATM cash deposits at terminals acquired by non-resident PSP - terminal located in: Sweden","PN",6]
["PTT.A.EE.W1.SK.CW1.2.2221.N.PN","A","EE","W1","SK","CW1",2,2221,"N","PN","2020",null,"M",false,null,null,"P1Y",{"$nulls":4},"S",null,null,3,null,"Number of ATM cash withdrawals at terminals acquired by resident PSP - terminal located in: Slovakia","Number of ATM cash withdrawals at terminals acquired by resident PSP - terminal located in: Slovakia","PN",6]
["PTT.A.EE.W1.W0.CD1.1.2221.N.EUR","A","EE","W1","W0","CD1",1,2221,"N","EUR","2017",null,"Q",false,null,null,"P1Y",{"$nulls":4},"S",null,null,3,null,"Total value of atm cash deposits with cards issued by non-resident PSPs at terminals acquired by non-resident psp","Total value of atm cash deposits with cards issued by non-resident PSPs at terminals acquired by non-resident psp","EUR",6]
["PTT.A.EE.W1.W0.EMP1.1.2220.G1.EUR","A","EE","W1","W0","EMP1",1,2220,"G1","EUR","2010",null,"M",false,null,null,"P1Y",{"$nulls":4},"S",null,null,3,null,"Value of e-money payment transactions with cards with an e-money function at terminals acquired by non-resident PSP - terminal located in: World","Value of e-money payment transactions with cards with an e-money function at terminals acquired by non-resident PSP - terminal located in: World","EUR",0]
["PTT.A.EE.W1.W2.CD1.2.2221.N.EUR","A","EE","W1","W2","CD1",2,2221,"N","EUR","2016",null,"M",false,null,null,"P1Y",{"$nulls":4},"S",null,null,3,null,"Value of atm cash deposits with cards issued by non-resident PSPs at terminals acquired by resident psp - terminal located in: domestic","Value of atm cash deposits with cards issued by non-resident PSPs at terminals acquired by resident psp - terminal located in: domestic","EUR",6]
["PTT.A.EE.W2.AT.CD1.2.2221.N.EUR","A","EE","W2","AT","CD1",2,2221,"N","EUR","2015",null,"M",false,null,null,"P1Y",{"$nulls":4},"S",null,null,3,null,"Value of ATM cash deposits at terminals acquired by resident PSP - terminal located in: Austria","Value of ATM cash deposits at terminals acquired by resident PSP - terminal located in: Austria","EUR",6]
["PTT.A.EE.W2.CZ.EMLU.2.2220.N.PN","A","EE","W2","CZ","EMLU",2,2220,"N","PN","2022",null,"M",false,null,null,"P1Y",{"$nulls":4},"S",null,null,3,null,"Number of E-money card loading and unloading at terminals acquired by resident PSP - terminal located in: Czech Republic","Number of E-money card loading and unloading at terminals acquired by resident PSP - terminal located in: Czech Republic","PN",6]
["PTT.A.EE.W2.DE._T.2.2220.N.EUR","A","EE","W2","DE","_T",2,2220,"N","EUR","2020",null,"M",false,null,null,"P1Y",{"$nulls":4},"S",null,null,3,null,"Value of total transactions at terminals acquired by resident PSP - terminal located in: Germany","Value of total transactions at terminals acquired by resident PSP - terminal located in: Germany","EUR",6]
["PTT.A.EE.W2.G1._T.2.2220.N.PN","A","EE","W2","G1","_T",2,2220,"N","PN","2017",null,"M",false,null,null,"P1Y",{"$nulls":4},"S",null,null,3,null,"Number of total transactions with cards issued by resident PSPs at terminals acquired by resident psp - terminal location: outside EEA","Number of total transactions with cards issued by resident PSPs at terminals acquired by resident psp - terminal location: outside EEA","PN",6]
["PTT.A.EE.W2.HR.CD1.2.2221.N.PN","A","EE","W2","HR","CD1",2,2221,"N","PN","2021",null,"M",false,null,null,"P1Y",{"$nulls":4},"S",null,null,3,null,"Number of ATM cash deposits at terminals acquired by resident PSP - terminal located in: Croatia","Number of ATM cash deposits at terminals acquired by resident PSP - terminal located in: Croatia","PN",6]
["PTT.A.EE.W2.IE.CW1.2.2221.N.PN","A","EE","W2","IE","CW1",2,2221,"N","PN","2018",null,"M",false,null,null,"P1Y",{"$nulls":4},"S",null,null,3,null,"Number of ATM cash withdrawals at terminals acquired by resident PSP - terminal located in: Ireland","Number of ATM cash withdrawals at terminals acquired by resident PSP - terminal located in: Ireland","PN",6]
["PTT.A.EE.W2.LV.CD1.2.2221.N.PN","A","EE","W2","LV","CD1",2,2221,"N","PN","2023",0,"A",false,null,null,"P1Y",{"$nulls":4},"S",null,null,3,null,"Number of ATM cash deposits at terminals acquired by resident PSP - terminal located in: Latvia","Number of ATM cash deposits at terminals acquired by resident PSP - terminal located in: Latvia","PN",6]
["PTT.A.EE.W2.PT.EMLU.2.2220.N.EUR","A","EE","W2","PT","EMLU",2,2220,"N","EUR","2022",null,"M",false,null,null,"P1Y",{"$nulls":4},"S",null,null,3,null,"Value of E-money card loading and unloading at terminals acquired by resident PSP - terminal located in: Portugal","Value of E-money card loading and unloading at terminals acquired by resident PSP - terminal located in: Portugal","EUR",6]
["PTT.A.EE.W2.SE.EMLU.2.2220.N.PN","A","EE","W2","SE","EMLU",2,2220,"N","PN","2014",null,"M",false,null,null,"P1Y",{"$nulls":4},"S",null,null,3,null,"Number of E-money card loading and unloading at terminals acquired by resident PSP - terminal located in: Sweden","Number of E-money card loading and unloading at terminals acquired by resident PSP - terminal located in: Sweden","PN",6]
["PTT.A.EE.W2.SI.TRSO.2.2222.N.PN","A","EE","W2","SI","TRSO",2,2222,"N","PN","2022",0,"A",false,null,null,"P1Y",{"$nulls":4},"S",null,null,3,null,"Number of POS transactions at terminals acquired by resident PSP - terminal located in: Slovenia","Number of POS transactions at terminals acquired by resident PSP - terminal located in: Slovenia","PN",6]
["PTT.A.EE.W2.W1.TRSO.2.2222.N.EUR","A","EE","W2","W1","TRSO",2,2222,"N","EUR","2015",null,"M",false,null,null,"P1Y",{"$nulls":4},"S",null,null,3,null,"Value of pos transactions with cards issued by resident PSPs at terminals acquired by resident psp - terminal location: Rest of the World","Value of pos transactions with cards issued by resident PSPs at terminals acquired by resident psp - terminal location: Rest of the World","EUR",6]
["PTT.A.EE._Z.W0.CADV.2.2222.N.PN","A","EE","_Z","W0","CADV",2,2222,"N","PN","2009",null,"M",false,null,null,"P1Y",{"$nulls":4},"S",null,null,3,null,"Number of cash advances at pos terminals - Estonia","Number of cash advances at pos terminals - Estonia","PN",6]
["PTT.A.ES.W1.BE._T.2.2220.N.PN","A","ES","W1","BE","_T",2,2220,"N","PN","2021",0.302,"A",false,null,null,"P1Y",{"$nulls":4},"S",null,null,3,"unspecified","Number of total transactions with cards issued by non-resident PSPs at terminals acquired by resident psp - terminal located in: Belgium","Number of total transactions with cards issued by non-resident PSPs at terminals acquired by resident psp - terminal located in: Belgium","PN",6]
["PTT.A.ES.W1.BG._T.2.2220.N.PN","A","ES","W1","BG","_T",2,2220,"N","PN","2023",null,"Q",false,null,null,"P1Y",{"$nulls":4},"S",null,null,3,"unspecified","Number of total transactions with cards issued by non-resident PSPs at terminals acquired by resident psp - terminal located in: Bulgaria","Number of total transactions with cards issued by non-resident PSPs at terminals acquired by resident psp - terminal located in: Bulgaria","PN",6]
["PTT.A.ES.W1.DE.CW1.1.2221.N.PN","A","ES","W1","DE","CW1",1,2221,"N","PN","2020",0.326,"A",false,null,null,"P1Y",{"$nulls":4},"S",null,null,3,"unspecified","Number of atm cash withdrawals with cards issued by non-resident PSPs at terminals acquired by non-resident psp - terminal located in: Germany","Number of atm cash withdrawals with cards issued by non-resident PSPs at terminals acquired by non-resident psp - terminal located in: Germany","PN",6]
["PTT.A.ES.W1.DE._T.2.2220.N.EUR","A","ES","W1","DE","_T",2,2220,"N","EUR","2018",240.062,"A",false,null,null,"P1Y",{"$nulls":4},"S",null,null,3,"unspecified","Value of total transactions with cards issued by non-resident PSPs at terminals acquired by resident psp - terminal located in: Germany","Value of total transactions with cards issued by non-resident PSPs at terminals acquired by resident psp - terminal located in: Germany","EUR",6]
["PTT.A.ES.W1.FI.EMLU.2.2220.N.PN","A","ES","W1","FI","EMLU",2,2220,"N","PN","2019",0,"A",false,null,null,"P1Y",{"$nulls":4},"S",null,null,3,"unspecified","Number of e-money card loading and unloading transactions with cards issued by non-resident PSPs at terminals acquired by resident psp - terminal located in: Finland","Number of e-money card loading and unloading transactions with cards issued by non-resident PSPs at terminals acquired by resident psp - terminal located in: Finland","PN",6]
["PTT.A.ES.W1.FI.TRSO.1.2222.N.EUR","A","ES","W1","FI","TRSO",1,2222,"N","EUR","2018",38.133,"A",false,null,null,"P1Y",{"$nulls":4},"S",null,null,3,"unspecified","Value of pos transactions with cards issued by non-resident PSPs at terminals acquired by non-resident psp - terminal located in: Finland","Value of pos transactions with cards issued by non-resident PSPs at terminals acquired by non-resident psp - terminal located in: Finland","EUR",6]
["PTT.A.ES.W1.GR.CW1.1.2221.N.EUR","A","ES","W1","GR","CW1",1,2221,"N","EUR","2017",16.916,"A",false,null,null,"P1Y",{"$nulls":4},"S",null,null,3,"unspecified","Value of atm cash withdrawals with cards issued by non-resident PSPs at terminals acquired by non-resident psp - terminal located in: Greece","Value of atm cash withdrawals with cards issued by non-resident PSPs at terminals acquired by non-resident psp - terminal located in: Greece","EUR",6]
["PTT.A.ES.W1.HR.CW1.1.2221.N.EUR","A","ES","W1","HR","CW1",1,2221,"N","EUR","2019",9.848,"A",false,null,null,"P1Y",{"$nulls":4},"S",null,null,3,"unspecified","Value of atm cash withdrawals with cards issued by non-resident PSPs at terminals acquired by non-resident psp - terminal located in: Croatia","Value of atm cash withdrawals with cards issued by non-resident PSPs at terminals acquired by non-resident psp - terminal located in: Croatia","EUR",6]
["PTT.A.ES.W1.IE.EMLU.2.2220.N.EUR","A","ES","W1","IE","EMLU",2,2220,"N","EUR","2016",0,"A",false,null,null,"P1Y",{"$nulls":4},"S",null,null,3,"unspecified","Value of e-money card loading and unloading transactions with cards issued by non-resident PSPs at terminals acquired by resident psp - terminal located in: Ireland","Value of e-money card loading and unloading transactions with cards issued by non-resident PSPs at terminals acquired by resident psp - terminal located in: Ireland","EUR",6]
["PTT.A.ES.W1.IT.CW1.1.2221.N.EUR","A","ES","W1","IT","CW1",1,2221,"N","EUR","2022",64.18477858,"A",false,null,null,"P1Y",{"$nulls":4},"S",null,null,3,"unspecified","Value of atm cash withdrawals with cards issued by non-resident PSPs at terminals acquired by non-resident psp - terminal located in: Italy","Value of atm cash withdrawals with cards issued by non-resident PSPs at terminals acquired by non-resident psp - terminal located in: Italy","EUR",6]
["PTT.A.ES.W1.LT.TRSO.2.2222.N.PN","A","ES","W1","LT","TRSO",2,2222,"N","PN","2021",0.006,"A",false,null,null,"P1Y",{"$nulls":4},"S",null,null,3,"unspecified","Number of pos transactions with cards issued by non-resident PSPs at terminals acquired by resident psp - terminal located in: Lithuania","Number of pos transactions with cards issued by non-resident PSPs at terminals acquired by resident psp - terminal located in: Lithuania","PN",6]
["PTT.A.ES.W1.LU._T.1.2220.N.PN","A","ES","W1","LU","_T",1,2220,"N","PN","2020",0.369,"A",false,null,null,"P1Y",{"$nulls":4},"S",null,null,3,"unspecified","Number of total transactions with cards issued by non-resident PSPs at terminals acquired by non-resident psp - terminal located in: Luxembourg","Number of total transactions with cards issued by non-resident PSPs at terminals acquired by non-resident psp - terminal located in: Luxembourg","PN",6]
["PTT.A.ES.W1.LV._T.1.2220.N.PN","A","ES","W1","LV","_T",1,2220,"N","PN","2022",0.283023,"A",false,null,null,"P1Y",{"$nulls":4},"S",null,null,3,"unspecified","Number of total transactions with cards issued by non-resident PSPs at terminals acquired by non-resident psp - terminal located in: Latvia","Number of total transactions with cards issued by non-resident PSPs at terminals acquired by non-resident psp - terminal located in: Latvia","PN",6]
["PTT.A.ES.W1.NO.TRSC.1.2221.N.PN","A","ES","W1","NO","TRSC",1,2221,"N","PN","2023",null,"Q",false,null,null,"P1Y",{"$nulls":4},"S",null,null,3,null,"Number of other atm transactions with cards issued by non-resident PSPs at terminals acquired by non-resident psp - terminal located in: Norway","Number of other atm transactions with cards issued by non-resident PSPs at terminals acquired by non-resident psp - terminal located in: Norway","PN",6]
["PTT.A.ES.W1.PL._T.2.2220.N.EUR","A","ES","W1","PL","_T",2,2220,"N","EUR","2015",0.525,"A",false,null,null,"P1Y",{"$nulls":4},"S",null,null,3,"unspecified","Value of total transactions with cards issued by non-resident PSPs at terminals acquired by resident psp - terminal located in: Poland","Value of total transactions with cards issued by non-resident PSPs at terminals acquired by resident psp - terminal located in: Poland","EUR",6]
["PTT.A.ES.W1.SE.CD1.2.2221.N.PN","A","ES","W1","SE","CD1",2,2221,"N","PN","2022",0,"A",false,null,null,"P1Y",{"$nulls":4},"S",null,null,3,"unspecified","Number of atm cash deposits with cards issued by non-resident PSPs at terminals acquired by resident psp - terminal located in: Sweden","Number of atm cash deposits with cards issued by non-resident PSPs at terminals acquired by resident psp - terminal located in: Sweden","PN",6]
["PTT.A.ES.W1.SI.TRSO.1.2222.N.PN","A","ES","W1","SI","TRSO",1,2222,"N","PN","2020",0.153,"A",false,null,null,"P1Y",{"$nulls":4},"S",null,null,3,"unspecified","Number of pos transactions with cards issued by non-resident PSPs at terminals acquired by non-resident psp - terminal located in: Slovenia","Number of pos transactions with cards issued by non-resident PSPs at terminals acquired by non-resident psp - terminal located in: Slovenia","PN",6]
["PTT.A.ES.W1.W0.CW1.2.2221.G1.EUR","A","ES","W1","W0","CW1",2,2221,"G1","EUR","2000",null,"M",false,null,null,"P1Y",{"$nulls":4},"S",null,null,3,null,"Value of ATM cash withdrawals at terminals acquired by resident PSP - terminal located in: World","Value of ATM cash withdrawals at terminals acquired by resident PSP - terminal located in: World","EUR",0]
["PTT.A.ES.W1.W0.EMP1.1.2220.G1.PN","A","ES","W1","W0","EMP1",1,2220,"G1","PN","2020",null,"M",false,null,null,"P1Y",{"$nulls":4},"S",null,null,3,null,"Number of e-money payment transactions with cards with an e-money function at terminals acquired by non-resident PSP - terminal located in: World","Number of e-money payment transactions with cards with an e-money function at terminals acquired by non-resident PSP - terminal located in: World","PN",0]
["PTT.A.ES.W1.W2.CD1.2.2221.N.EUR","A","ES","W1","W2","CD1",2,2221,"N","EUR","2015",0,"A",false,null,null,"P1Y",{"$nulls":4},"S",null,null,3,"unspecified","Value of atm cash deposits with cards issued by non-resident PSPs at terminals acquired by resident psp - terminal located in: domestic","Value of atm cash deposits with cards issued by non-resident PSPs at terminals acquired by resident psp - terminal located in: domestic","EUR",6]
["PTT.A.ES.W2.AT.CW1.2.2221.N.EUR","A","ES","W2","AT","CW1",2,2221,"N","EUR","2017",0,"A",false,null,null,"P1Y",{"$nulls":4},"S",null,null,3,"unspecified","Value of atm cash withdrawals with cards issued by resident PSPs at terminals acquired by resident psp - terminal location: Austria","Value of atm cash withdrawals with cards issued by resident PSPs at terminals acquired by resident psp - terminal location: Austria","EUR",6]
["PTT.A.ES.W2.BE.EMP1.2.2220.N.PN","A","ES","W2","BE","EMP1",2,2220,"N","PN","2019",0,"A",false,null,null,"P1Y",{"$nulls":4},"S",null,null,3,"unspecified","Number of e-money payment transactions with cards with an e-money function with cards issued by resident PSPs at terminals acquired by resident psp - terminal location: Belgium","Number of e-money payment transactions with cards with an e-money function with cards issued by resident PSPs at terminals acquired by resident psp - terminal location: Belgium","PN",6]
["PTT.A.ES.W2.DE.EMLU.2.2220.N.EUR","A","ES","W2","DE","EMLU",2,2220,"N","EUR","2017",0,"A",false,null,null,"P1Y",{"$nulls":4},"S",null,null,3,"unspecified","Value of e-money card loading and unloading transactions with cards issued by resident PSPs at terminals acquired by resident psp - terminal location: Germany","Value of e-money card loading and unloading transactions with cards issued by resident PSPs at terminals acquired by resident psp - terminal location: Germany","EUR",6]
["PTT.A.ES.W2.FI.CD1.2.2221.N.EUR","A","ES","W2","FI","CD1",2,2221,"N","EUR","2023",0,"A",false,null,null,"P1Y",{"$nulls":4},"S",null,null,3,"unspecified","Value of atm cash deposits with cards issued by resident PSPs at terminals acquired by resident psp - terminal location: Finland","Value of atm cash deposits with cards issued by resident PSPs at terminals acquired by resident psp - terminal location: Finland","EUR",6]
["PTT.A.ES.W2.HR.CW1.2.2221.N.PN","A","ES","W2","HR","CW1",2,2221,"N","PN","2022",null,"Q",false,null,null,"P1Y",{"$nulls":4},"S",null,null,3,"unspecified","Number of atm cash withdrawals with cards issued by resident PSPs at terminals acquired by resident psp - terminal location: Croatia","Number of atm cash withdrawals with cards issued by resident PSPs at terminals acquired by resident psp - terminal location: Croatia","PN",6]
["PTT.A.ES.W2.IE.EMLU.2.2220.N.EUR","A","ES","W2","IE","EMLU",2,2220,"N","EUR","2014",0,"A",false,null,null,"P1Y",{"$nulls":4},"S",null,null,3,"unspecified","Value of e-money card loading and unloading transactions with cards issued by resident PSPs at terminals acquired by resident psp - terminal location: Ireland","Value of e-money card loading and unloading transactions with cards issued by resident PSPs at terminals acquired by resident psp - terminal location: Ireland","EUR",6]
["PTT.A.ES.W2.LV.EMLU.2.2220.N.EUR","A","ES","W2","LV","EMLU",2,2220,"N","EUR","2015",0,"A",false,null,null,"P1Y",{"$nulls":4},"S",null,null,3,"unspecified","Value of e-money card loading and unloading transactions with cards issued by resident PSPs at terminals acquired by resident psp - terminal location: Latvia","Value of e-money card loading and unloading transactions with cards issued by resident PSPs at terminals acquired by resident psp - terminal location: Latvia","EUR",6]
["PTT.A.ES.W2.MT.TRSO.2.2222.N.EUR","A","ES","W2","MT","TRSO",2,2222,"N","EUR","2023",null,"Q",false,null,null,"P1Y",{"$nulls":4},"S",null,null,3,"unspecified","Value of pos transactions with cards issued by resident PSPs at terminals acquired by resident psp - terminal location: Malta","Value of pos transactions with cards issued by resident PSPs at terminals acquired by resident psp - terminal location: Malta","EUR",6]
["PTT.A.ES.W2.PT.TRSO.2.2222.N.EUR","A","ES","W2","PT","TRSO",2,2222,"N","EUR","2020",14.969,"A",false,null,null,"P1Y",{"$nulls":4},"S",null,null,3,"unspecified","Value of pos transactions with cards issued by resident PSPs at terminals acquired by resident psp - terminal location: Portugal","Value of pos transactions with cards issued by resident PSPs at terminals acquired by resident psp - terminal location: Portugal","EUR",6]
["PTT.A.ES.W2.SI._T.2.2220.N.PN","A","ES","W2","SI","_T",2,2220,"N","PN","2023",null,"Q",false,null,null,"P1Y",{"$nulls":4},"S",null,null,3,"unspecified","Number of total transactions with cards issued by resident PSPs at terminals acquired by resident psp - terminal location: Slovenia","Number of total transactions with cards issued by resident PSPs at terminals acquired by resident psp - terminal location: Slovenia","PN",6]
["PTT.A.ES.W2.W0.EMLU.2.2220.N.EUR","A","ES","W2","W0","EMLU",2,2220,"N","EUR","2007",1.856,"A",false,null,null,"P1Y",{"$nulls":4},"S",null,null,3,null,"Total value of e-money card loading and unloading transactions with cards issued by resident PSPs at terminals acquired by resident psp","Total value of e-money card loading and unloading transactions with cards issued by resident PSPs at terminals acquired by resident psp","EUR",6]
["PTT.A.ES._Z.W0.CW0.1.1300.N.EUR","A","ES","_Z","W0","CW0",1,1300,"N","EUR","2012",208423.558,"A",false,null,null,"P1Y",{"$nulls":4},"S",null,null,3,null,"Value of over-the-counter (otc) cash withdrawals - Spain","Value of over-the-counter (otc) cash withdrawals - Spain","EUR",6]
["PTT.A.FI.W1.BG.CD1.2.2221.N.EUR","A","FI","W1","BG","CD1",2,2221,"N","EUR","2015",null,"M",false,null,null,"P1Y",{"$nulls":4},"S",null,null,3,null,"Value of ATM cash deposits at terminals acquired by resident PSP - terminal located in: Bulgaria","Value of ATM cash deposits at terminals acquired by resident PSP - terminal located in: Bulgaria","EUR",6]
["PTT.A.FI.W1.CY.CD1.2.2221.N.EUR","A","FI","W1","CY","CD1",2,2221,"N","EUR","2017",null,"M",false,null,null,"P1Y",{"$nulls":4},"S",null,null,3,null,"Value of ATM cash deposits at terminals acquired by resident PSP - terminal located in: Cyprus","Value of ATM cash deposits at terminals acquired by resident PSP - terminal located in: Cyprus","EUR",6]
["PTT.A.FI.W1.CZ.CD1.2.2221.N.PN","A","FI","W1","CZ","CD1",2,2221,"N","PN","2015",null,"M",false,null,null,"P1Y",{"$nulls":4},"S",null,null,3,null,"Number of ATM cash deposits at terminals acquired by resident PSP - terminal located in: Czech Republic","Number of ATM cash deposits at terminals acquired by resident PSP - terminal located in: Czech Republic","PN",6]
["PTT.A.FI.W1.DK.EMLU.1.2220.N.EUR","A","FI","W1","DK","EMLU",1,2220,"N","EUR","2015",null,"M",false,null,null,"P1Y",{"$nulls":4},"S",null,null,3,null,"Value of E-money card loading and unloading at terminals acquired by non-resident PSP - terminal located in: Denmark","Value of E-money card loading and unloading at terminals acquired by non-resident PSP - terminal located in: Denmark","EUR",6]
["PTT.A.FI.W1.EE.CD1.1.2221.N.EUR","A","FI","W1","EE","CD1",1,2221,"N","EUR","2023",null,"M",false,null,null,"P1Y",{"$nulls":4},"S",null,null,3,null,"Value of ATM cash deposits at terminals acquired by non-resident PSP - terminal located in: Estonia","Value of ATM cash deposits at terminals acquired by non-resident PSP - terminal located in: Estonia","EUR",6]
["PTT.A.FI.W1.FR.CW1.2.2221.N.EUR","A","FI","W1","FR","CW1",2,2221,"N","EUR","2020",null,"M",false,null,null,"P1Y",{"$nulls":4},"S",null,null,3,null,"Value of ATM cash withdrawals at terminals acquired by resident PSP - terminal located in: France","Value of ATM cash withdrawals at terminals acquired by resident PSP - terminal located in: France","EUR",6]
["PTT.A.FI.W1.G1.CW1.2.2221.N.EUR","A","FI","W1","G1","CW1",2,2221,"N","EUR","2022",null,"Q",false,null,null,"P1Y",{"$nulls":4},"S",null,null,3,null,"Value of atm cash withdrawals with cards issued by non-resident PSPs at terminals acquired by resident psp - terminal located in: outside EEA","Value of atm cash withdrawals with cards issued by non-resident PSPs at terminals acquired by resident psp - terminal located in: outside EEA","EUR",6]
["PTT.A.FI.W1.HR.CW1.2.2221.N.EUR","A","FI","W1","HR","CW1",2,2221,"N","EUR","2023",0,"A",false,null,null,"P1Y",{"$nulls":4},"S",null,null,3,null,"Value of ATM cash withdrawals at terminals acquired by resident PSP - terminal located in: Croatia","Value of ATM cash withdrawals at terminals acquired by resident PSP - terminal located in: Croatia","EUR",6]
["PTT.A.FI.W1.HU.CD1.1.2221.N.PN","A","FI","W1","HU","CD1",1,2221,"N","PN","2014",null,"M",false,null,null,"P1Y",{"$nulls":4},"S",null,null,3,null,"Number of ATM cash deposits at terminals acquired by non-resident PSP - terminal located in: Hungary","Number of ATM cash deposits at terminals acquired by non-resident PSP - terminal located in: Hungary","PN",6]
["PTT.A.FI.W1.IT.CW1.2.2221.N.PN","A","FI","W1","IT","CW1",2,2221,"N","PN","2015",null,"M",false,null,null,"P1Y",{"$nulls":4},"S",null,null,3,null,"Number of ATM cash withdrawals at terminals acquired by resident PSP - terminal located in: Italy","Number of ATM cash withdrawals at terminals acquired by resident PSP - terminal located in: Italy","PN",6]
["PTT.A.FI.W1.IT._T.2.2220.N.PN","A","FI","W1","IT","_T",2,2220,"N","PN","2023",0.00012,"A",false,null,null,"P1Y",{"$nulls":4},"S",null,null,3,null,"Number of total transactions at terminals acquired by resident PSP - terminal located in: Italy","Number of total transactions at terminals acquired by resident PSP - terminal located in: Italy","PN",6]
["PTT.A.FI.W1.LT.TRSO.2.2222.N.EUR","A","FI","W1","LT","TRSO",2,2222,"N","EUR","2019",null,"Q",false,null,null,"P1Y",{"$nulls":4},"S",null,null,3,null,"Value of POS transactions at terminals acquired by resident PSP - terminal located in: Lithuania","Value of POS transactions at terminals acquired by resident PSP - terminal located in: Lithuania","EUR",6]
["PTT.A.FI.W1.MT.CD1.1.2221.N.EUR","A","FI","W1","MT","CD1",1,2221,"N","EUR","2016",null,"M",false,null,null,"P1Y",{"$nulls":4},"S",null,null,3,null,"Value of ATM cash deposits at terminals acquired by non-resident PSP - terminal located in: Malta","Value of ATM cash deposits at terminals acquired by non-resident PSP - terminal located in: Malta","EUR",6]
["PTT.A.FI.W1.PL.CD1.1.2221.N.EUR","A","FI","W1","PL","CD1",1,2221,"N","EUR","2017",null,"M",false,null,null,"P1Y",{"$nulls":4},"S",null,null,3,null,"Value of ATM cash deposits at terminals acquired by non-resident PSP - terminal located in: Poland","Value of ATM cash deposits at terminals acquired by non-resident PSP - terminal located in: Poland","EUR",6]
["PTT.A.FI.W1.PT.CD1.1.2221.N.PN","A","FI","W1","PT","CD1",1,2221,"N","PN","2017",null,"M",false,null,null,"P1Y",{"$nulls":4},"S",null,null,3,null,"Number of ATM cash deposits at terminals acquired by non-resident PSP - terminal located in: Portugal","Number of ATM cash deposits at terminals acquired by non-resident PSP - terminal located in: Portugal","PN",6]
["PTT.A.FI.W1.PT.TRSO.1.2222.N.PN","A","FI","W1","PT","TRSO",1,2222,"N","PN","2016",0.481,"A",false,null,null,"P1Y",{"$nulls":4},"S",null,null,3,"unspecified","Number of pos transactions with cards issued by non-resident PSPs at terminals acquired by non-resident psp - terminal located in: Portugal","Number of pos transactions with cards issued by non-resident PSPs at terminals acquired by non-resident psp - terminal located in: Portugal","PN",6]
["PTT.A.FI.W1.SI.CW1.2.2221.N.EUR","A","FI","W1","SI","CW1",2,2221,"N","EUR","2017",null,"M",false,null,null,"P1Y",{"$nulls":4},"S",null,null,3,null,"Value of ATM cash withdrawals at terminals acquired by resident PSP - terminal located in: Slovenia","Value of ATM cash withdrawals at terminals acquired by resident PSP - terminal located in: Slovenia","EUR",6]
["PTT.A.FI.W1.SI._T.2.2220.N.PN","A","FI","W1","SI","_T",2,2220,"N","PN","2015",null,"M",false,null,null,"P1Y",{"$nulls":4},"S",null,null,3,null,"Number of total transactions at terminals acquired by resident PSP - terminal located in: Slovenia","Number of total transactions at terminals acquired by resident PSP - terminal located in: Slovenia","PN",6]
["PTT.A.FI.W1.W0.EMP1.2.2220.G1.EUR","A","FI","W1","W0","EMP1",2,2220,"G1","EUR","2000",null,"M",false,null,null,"P1Y",{"$nulls":4},"S",null,null,3,null,"Value of e-money payment transactions with cards with an e-money function at terminals acquired by resident PSP - terminal located in: World","Value of e-money payment transactions with cards with an e-money function at terminals acquired by resident PSP - terminal located in: World","EUR",0]
["PTT.A.FI.W1.W0._T.2.2220.N.PN","A","FI","W1","W0","_T",2,2220,"N","PN","2014",25.091,"A",false,null,null,"P1Y",{"$nulls":4},"S",null,null,3,"unspecified","Total number of total transactions with cards issued by non-resident PSPs at terminals acquired by resident psp","Total number of total transactions with cards issued by non-resident PSPs at terminals acquired by resident psp","PN",6]
["PTT.A.FI.W1.W2._T.2.2220.N.EUR","A","FI","W1","W2","_T",2,2220,"N","EUR","2022",1600.50418117,"A",false,null,null,"P1Y",{"$nulls":4},"S",null,null,3,null,"Value of total transactions with cards issued by non-resident PSPs at terminals acquired by resident psp - terminal located in: domestic","Value of total transactions with cards issued by non-resident PSPs at terminals acquired by resident psp - terminal located in: domestic","EUR",6]
["PTT.A.FI.W2.BE.TRSO.2.2222.N.PN","A","FI","W2","BE","TRSO",2,2222,"N","PN","2018",null,"M",false,null,null,"P1Y",{"$nulls":4},"S",null,null,3,null,"Number of POS transactions at terminals acquired by resident PSP - terminal located in: Belgium","Number of POS transactions at terminals acquired by resident PSP - terminal located in: Belgium","PN",6]
["PTT.A.FI.W2.DK._T.2.2220.N.EUR","A","FI","W2","DK","_T",2,2220,"N","EUR","2015",null,"M",false,null,null,"P1Y",{"$nulls":4},"S",null,null,3,null,"Value of total transactions at terminals acquired by resident PSP - terminal located in: Denmark","Value of total transactions at terminals acquired by resident PSP - terminal located in: Denmark","EUR",6]
["PTT.A.FI.W2.ES.CW1.2.2221.N.PN","A","FI","W2","ES","CW1",2,2221,"N","PN","2017",null,"M",false,null,null,"P1Y",{"$nulls":4},"S",null,null,3,null,"Number of ATM cash withdrawals at terminals acquired by resident PSP - terminal located in: Spain","Number of ATM cash withdrawals at terminals acquired by resident PSP - terminal located in: Spain","PN",6]
["PTT.A.FI.W2.G1.CW1.2.2221.N.PN","A","FI","W2","G1","CW1",2,2221,"N","PN","2019",null,"M",false,null,null,"P1Y",{"$nulls":4},"S",null,null,3,null,"Number of atm cash withdrawals with cards issued by resident PSPs at terminals acquired by resident psp - terminal location: outside EEA","Number of atm cash withdrawals with cards issued by resident PSPs at terminals acquired by resident psp - terminal location: outside EEA","PN",6]
["PTT.A.FI.W2.IE.CW1.2.2221.N.PN","A","FI","W2","IE","CW1",2,2221,"N","PN","2017",null,"M",false,null,null,"P1Y",{"$nulls":4},"S",null,null,3,null,"Number of ATM cash withdrawals at terminals acquired by resident PSP - terminal located in: Ireland","Number of ATM cash withdrawals at terminals acquired by resident PSP - terminal located in: Ireland","PN",6]
["PTT.A.FI.W2.IT.TRSO.2.2222.N.EUR","A","FI","W2","IT","TRSO",2,2222,"N","EUR","2017",null,"M",false,null,null,"P1Y",{"$nulls":4},"S",null,null,3,null,"Value of POS transactions at terminals acquired by resident PSP - terminal located in: Italy","Value of POS transactions at terminals acquired by resident PSP - terminal located in: Italy","EUR",6]
["PTT.A.FI.W2.NL.EMP1.2.2220.N.EUR","A","FI","W2","NL","EMP1",2,2220,"N","EUR","2020",null,"M",false,null,null,"P1Y",{"$nulls":4},"S",null,null,3,null,"Value of e-money payment transactions with cards with an e-money function at terminals acquired by resident PSP - terminal located in: Netherlands","Value of e-money payment transactions with cards with an e-money function at terminals acquired by resident PSP - terminal located in: Netherlands","EUR",6]
["PTT.A.FI.W2.PL.TRSO.2.2222.N.EUR","A","FI","W2","PL","TRSO",2,2222,"N","EUR","2020",null,"M",false,null,null,"P1Y",{"$nulls":4},"S",null,null,3,null,"Value of POS transactions at terminals acquired by resident PSP - terminal located in: Poland","Value of POS transactions at terminals acquired by resident PSP - terminal located in: Poland","EUR",6]
["PTT.A.FI.W2.SK.CW1.2.2221.N.EUR","A","FI","W2","SK","CW1",2,2221,"N","EUR","2017",null,"M",false,null,null,"P1Y",{"$nulls":4},"S",null,null,3,null,"Value of ATM cash withdrawals at terminals acquired by resident PSP - terminal located in: Slovakia","Value of ATM cash withdrawals at terminals acquired by resident PSP - terminal located in: Slovakia","EUR",6]
["PTT.A.FI.W2.W0.EMLU.2.2220.N.PN","A","FI","W2","W0","EMLU",2,2220,"N","PN","2008",null,"M",false,null,null,"P1Y",{"$nulls":4},"S",null,null,3,null,"Total number of e-money card loading and unloading transactions with cards issued by resident PSPs at terminals acquired by resident psp","Total number of e-money card loading and unloading transactions with cards issued by resident PSPs at terminals acquired by resident psp","PN",6]
["PTT.A.FI._Z.W0.CADV.2.2222.N.PN","A","FI","_Z","W0","CADV",2,2222,"N","PN","2011",0.794,"A",false,null,null,"P1Y",{"$nulls":4},"S",null,null,3,null,"Number of cash advances at pos terminals - Finland","Number of cash advances at pos terminals - Finland","PN",6]
["PTT.A.FR.W1.AT._T.2.2220.N.PN","A","FR","W1","AT","_T",2,2220,"N","PN","2014",null,"M",false,null,null,"P1Y",{"$nulls":4},"S",null,null,3,null,"Number of total transactions at terminals acquired by resident PSP - terminal located in: Austria","Number of total transactions at terminals acquired by resident PSP - terminal located in: Austria","PN",6]
["PTT.A.FR.W1.CY.CW1.1.2221.N.EUR","A","FR","W1","CY","CW1",1,2221,"N","EUR","2021",0,"A",false,null,null,"P1Y",{"$nulls":4},"S",null,null,3,null,"Value of ATM cash withdrawals at terminals acquired by non-resident PSP - terminal located in: Cyprus","Value of ATM cash withdrawals at terminals acquired by non-resident PSP - terminal located in: Cyprus","EUR",6]
["PTT.A.FR.W1.CY._T.1.2220.N.PN","A","FR","W1","CY","_T",1,2220,"N","PN","2019",4.107,"A",false,null,null,"P1Y",{"$nulls":4},"S",null,null,3,null,"Number of total transactions at terminals acquired by non-resident PSP - terminal located in: Cyprus","Number of total transactions at terminals acquired by non-resident PSP - terminal located in: Cyprus","PN",6]
["PTT.A.FR.W1.CZ._T.1.2220.N.PN","A","FR","W1","CZ","_T",1,2220,"N","PN","2021",1.391,"A",false,null,null,"P1Y",{"$nulls":4},"S",null,null,3,null,"Number of total transactions at terminals acquired by non-resident PSP - terminal located in: Czech Republic","Number of total transactions at terminals acquired by non-resident PSP - terminal located in: Czech Republic","PN",6]
["PTT.A.FR.W1.EE.CD1.2.2221.N.PN","A","FR","W1","EE","CD1",2,2221,"N","PN","2018",0,"A",false,null,null,"P1Y",{"$nulls":4},"S",null,null,3,null,"Number of ATM cash deposits at terminals acquired by resident PSP - terminal located in: Estonia","Number of ATM cash deposits at terminals acquired by resident PSP - terminal located in: Estonia","PN",6]
["PTT.A.FR.W1.FI.CW1.2.2221.N.EUR","A","FR","W1","FI","CW1",2,2221,"N","EUR","2016",1.39,"A",false,null,null,"P1Y",{"$nulls":4},"S",null,null,3,null,"Value of ATM cash withdrawals at terminals acquired by resident PSP - terminal located in: Finland","Value of ATM cash withdrawals at terminals acquired by resident PSP - terminal located in: Finland","EUR",6]
["PTT.A.FR.W1.G1.EMLU.1.2220.N.PN","A","FR","W1","G1","EMLU",1,2220,"N","PN","2016",0,"A",false,null,null,"P1Y",{"$nulls":4},"S",null,null,3,null,"Number of e-money card loading and unloading transactions with cards issued by non-resident PSPs at terminals acquired by non-resident psp - terminal located in: outside EEA","Number of e-money card loading and unloading transactions with cards issued by non-resident PSPs at terminals acquired by non-resident psp - terminal located in: outside EEA","PN",6]
["PTT.A.FR.W1.G3.EMLU.2.2220.N.EUR","A","FR","W1","G3","EMLU",2,2220,"N","EUR","2022",0,"A",false,null,null,"P1Y",{"$nulls":4},"S",null,null,3,null,"Value of e-money card loading and unloading transactions with cards issued by non-resident PSPs at terminals acquired by resident psp - terminal located in: other EEA countries","Value of e-money card loading and unloading transactions with cards issued by non-resident PSPs at terminals acquired by resident psp - terminal located in: other EEA countries","EUR",6]
["PTT.A.FR.W1.HU.EMLU.1.2220.N.PN","A","FR","W1","HU","EMLU",1,2220,"N","PN","2019",0,"A",false,null,null,"P1Y",{"$nulls":4},"S",null,null,3,null,"Number of E-money card loading and unloading at terminals acquired by non-resident PSP - terminal located in: Hungary","Number of E-money card loading and unloading at terminals acquired by non-resident PSP - terminal located in: Hungary","PN",6]
["PTT.A.FR.W1.IE.CD1.2.2221.N.EUR","A","FR","W1","IE","CD1",2,2221,"N","EUR","2017",0,"A",false,null,null,"P1Y",{"$nulls":4},"S",null,null,3,null,"Value of ATM cash deposits at terminals acquired by resident PSP - terminal located in: Ireland","Value of ATM cash deposits at terminals acquired by resident PSP - terminal located in: Ireland","EUR",6]
["PTT.A.FR.W1.LI.EMP1.1.2220.N.EUR","A","FR","W1","LI","EMP1",1,2220,"N","EUR","2022",0.00860722,"A",false,null,null,"P1Y",{"$nulls":4},"S",null,null,3,null,"Value of e-money payment transactions with cards with an e-money function with cards issued by non-resident PSPs at terminals acquired by non-resident psp - terminal located in: Liechtenstein","Value of e-money payment transactions with cards with an e-money function with cards issued by non-resident PSPs at terminals acquired by non-resident psp - terminal located in: Liechtenstein","EUR",6]
["PTT.A.FR.W1.LU.TRSO.1.2222.N.EUR","A","FR","W1","LU","TRSO",1,2222,"N","EUR","2023",2550.41550585,"A",false,null,null,"P1Y",{"$nulls":4},"S",null,null,3,null,"Value of POS transactions at terminals acquired by non-resident PSP - terminal located in: Luxembourg","Value of POS transactions at terminals acquired by non-resident PSP - terminal located in: Luxembourg","EUR",6]
["PTT.A.FR.W1.MT.CD1.2.2221.N.EUR","A","FR","W1","MT","CD1",2,2221,"N","EUR","2020",0,"A",false,null,null,"P1Y",{"$nulls":4},"S",null,null,3,null,"Value of ATM cash deposits at terminals acquired by resident PSP - terminal located in: Malta","Value of ATM cash deposits at terminals acquired by resident PSP - terminal located in: Malta","EUR",6]
["PTT.A.FR.W1.NL.CD1.2.2221.N.EUR","A","FR","W1","NL","CD1",2,2221,"N","EUR","2022",0,"A",false,null,null,"P1Y",{"$nulls":4},"S",null,null,3,null,"Value of ATM cash deposits at terminals acquired by resident PSP - terminal located in: Netherlands","Value of ATM cash deposits at terminals acquired by resident PSP - terminal located in: Netherlands","EUR",6]
["PTT.A.FR.W1.PT.CD1.2.2221.N.EUR","A","FR","W1","PT","CD1",2,2221,"N","EUR","2023",0,"A",false,null,null,"P1Y",{"$nulls":4},"S",null,null,3,null,"Value of ATM cash deposits at terminals acquired by resident PSP - terminal located in: Portugal","Value of ATM cash deposits at terminals acquired by resident PSP - terminal located in: Portugal","EUR",6]
["PTT.A.FR.W1.PT.TRSO.2.2222.N.PN","A","FR","W1","PT","TRSO",2,2222,"N","PN","2021",0.1,"A",false,null,null,"P1Y",{"$nulls":4},"S",null,null,3,null,"Number of POS transactions at terminals acquired by resident PSP - terminal located in: Portugal","Number of POS transactions at terminals acquired by resident PSP - terminal located in: Portugal","PN",6]
["PTT.A.FR.W1.RO.TRSO.2.2222.N.PN","A","FR","W1","RO","TRSO",2,2222,"N","PN","2023",9.9e-05,"A",false,null,null,"P1Y",{"$nulls":4},"S",null,null,3,null,"Number of POS transactions at terminals acquired by resident PSP - terminal located in: Romania","Number of POS transactions at terminals acquired by resident PSP - terminal located in: Romania","PN",6]
["PTT.A.FR.W1.SK.EMP1.2.2220.N.PN","A","FR","W1","SK","EMP1",2,2220,"N","PN","2020",0,"A",false,null,null,"P1Y",{"$nulls":4},"S",null,null,3,null,"Number of e-money payment transactions with cards with an e-money function at terminals acquired by resident PSP - terminal located in: Slovakia","Number of e-money payment transactions with cards with an e-money function at terminals acquired by resident PSP - terminal located in: Slovakia","PN",6]
["PTT.A.FR.W1.W0.CD1.1.2221.N.PN","A","FR","W1","W0","CD1",1,2221,"N","PN","2019",9.389,"A",false,null,null,"P1Y",{"$nulls":4},"S",null,null,3,null,"Total number of atm cash deposits with cards issued by non-resident PSPs at terminals acquired by non-resident psp","Total number of atm cash deposits with cards issued by non-resident PSPs at terminals acquired by non-resident psp","PN",6]
["PTT.A.FR.W1.W1.CD1.1.2221.N.PN","A","FR","W1","W1","CD1",1,2221,"N","PN","2018",0,"A",false,null,null,"P1Y",{"$nulls":4},"S",null,null,3,null,"Number of atm cash deposits with cards issued by non-resident PSPs at terminals acquired by non-resident psp - terminal located in: Rest of the World","Number of atm cash deposits with cards issued by non-resident PSPs at terminals acquired by non-resident psp - terminal located in: Rest of the World","PN",6]
["PTT.A.FR.W1.W1.TRSO.2.2222.N.EUR","A","FR","W1","W1","TRSO",2,2222,"N","EUR","2016",5539.995,"A",false,null,null,"P1Y",{"$nulls":4},"S",null,null,3,"unspecified","Value of pos transactions with cards issued by non-resident PSPs at terminals acquired by resident psp - terminal located in: Rest of the World","Value of pos transactions with cards issued by non-resident PSPs at terminals acquired by resident psp - terminal located in: Rest of the World","EUR",6]
["PTT.A.FR.W2.BG.EMP1.2.2220.N.PN","A","FR","W2","BG","EMP1",2,2220,"N","PN","2017",0,"A",false,null,null,"P1Y",{"$nulls":4},"S",null,null,3,null,"Number of e-money payment transactions with cards with an e-money function at terminals acquired by resident PSP - terminal located in: Bulgaria","Number of e-money payment transactions with cards with an e-money function at terminals acquired by resident PSP - terminal located in: Bulgaria","PN",6]
["PTT.A.FR.W2.CZ.CD1.2.2221.N.EUR","A","FR","W2","CZ","CD1",2,2221,"N","EUR","2015",0,"A",false,null,null,"P1Y",{"$nulls":4},"S",null,null,3,null,"Value of ATM cash deposits at terminals acquired by resident PSP - terminal located in: Czech Republic","Value of ATM cash deposits at terminals acquired by resident PSP - terminal located in: Czech Republic","EUR",6]
["PTT.A.FR.W2.FI.CD1.2.2221.N.EUR","A","FR","W2","FI","CD1",2,2221,"N","EUR","2021",0,"A",false,null,null,"P1Y",{"$nulls":4},"S",null,null,3,null,"Value of ATM cash deposits at terminals acquired by resident PSP - terminal located in: Finland","Value of ATM cash deposits at terminals acquired by resident PSP - terminal located in: Finland","EUR",6]
["PTT.A.FR.W2.G1.EMLU.2.2220.N.PN","A","FR","W2","G1","EMLU",2,2220,"N","PN","2023",0,"A",false,null,null,"P1Y",{"$nulls":4},"S",null,null,3,"unspecified","Number of e-money card loading and unloading transactions with cards issued by resident PSPs at terminals acquired by resident psp - terminal location: outside EEA","Number of e-money card loading and unloading transactions with cards issued by resident PSPs at terminals acquired by resident psp - terminal location: outside EEA","PN",6]
["PTT.A.FR.W2.IE.TRSO.2.2222.N.EUR","A","FR","W2","IE","TRSO",2,2222,"N","EUR","2018",0.038,"A",false,null,null,"P1Y",{"$nulls":4},"S",null,null,3,null,"Value of POS transactions at terminals acquired by resident PSP - terminal located in: Ireland","Value of POS transactions at terminals acquired by resident PSP - terminal located in: Ireland","EUR",6]
["PTT.A.FR.W2.LT.CW1.2.2221.N.PN","A","FR","W2","LT","CW1",2,2221,"N","PN","2018",0,"A",false,null,null,"P1Y",{"$nulls":4},"S",null,null,3,null,"Number of ATM cash withdrawals at terminals acquired by resident PSP - terminal located in: Lithuania","Number of ATM cash withdrawals at terminals acquired by resident PSP - terminal located in: Lithuania","PN",6]
["PTT.A.FR.W2.NL.TRSO.2.2222.N.EUR","A","FR","W2","NL","TRSO",2,2222,"N","EUR","2021",0.551,"A",false,null,null,"P1Y",{"$nulls":4},"S",null,null,3,null,"Value of POS transactions at terminals acquired by resident PSP - terminal located in: Netherlands","Value of POS transactions at terminals acquired by resident PSP - terminal located in: Netherlands","EUR",6]
["PTT.A.FR.W2.PL._T.2.2220.N.PN","A","FR","W2","PL","_T",2,2220,"N","PN","2015",0.002,"A",false,null,null,"P1Y",{"$nulls":4},"S",null,null,3,null,"Number of total transactions at terminals acquired by resident PSP - terminal located in: Poland","Number of total transactions at terminals acquired by resident PSP - terminal located in: Poland","PN",6]
["PTT.A.FR.W2.SE.EMP1.2.2220.N.EUR","A","FR","W2","SE","EMP1",2,2220,"N","EUR","2016",0,"A",false,null,null,"P1Y",{"$nulls":4},"S",null,null,3,null,"Value of e-money payment transactions with cards with an e-money function at terminals acquired by resident PSP - terminal located in: Sweden","Value of e-money payment transactions with cards with an e-money function at terminals acquired by resident PSP - terminal located in: Sweden","EUR",6]
["PTT.A.FR.W2.W0.EMP1.2.2220.G1.EUR","A","FR","W2","W0","EMP1",2,2220,"G1","EUR","2007",null,"M",false,null,null,"P1Y",{"$nulls":4},"S",null,null,3,null,"Value of e-money payment transactions with cards with an e-money function at terminals acquired by resident PSP - terminal located in: World","Value of e-money payment transactions with cards with an e-money function at terminals acquired by resident PSP - terminal located in: World","EUR",0]
["PTT.A.FR.W2.W1.CW1.2.2221.N.EUR","A","FR","W2","W1","CW1",2,2221,"N","EUR","2021",38.567,"A",false,null,null,"P1Y",{"$nulls":4},"S",null,null,3,"unspecified","Value of atm cash withdrawals with cards issued by resident PSPs at terminals acquired by resident psp - terminal location: Rest of the World","Value of atm cash withdrawals with cards issued by resident PSPs at terminals acquired by resident psp - terminal location: Rest of the World","EUR",6]
["PTT.A.GR.W1.BE.CD1.1.2221.N.PN","A","GR","W1","BE","CD1",1,2221,"N","PN","2018",0,"A",false,null,null,"P1Y",{"$nulls":4},"S",null,null,3,"unspecified","Number of atm cash deposits with cards issued by non-resident PSPs at terminals acquired by non-resident psp - terminal located in: Belgium","Number of atm cash deposits with cards issued by non-resident PSPs at terminals acquired by non-resident psp - terminal located in: Belgium","PN",6]
["PTT.A.GR.W1.BE.TRSO.2.2222.N.EUR","A","GR","W1","BE","TRSO",2,2222,"N","EUR","2016",null,"M",false,null,null,"P1Y",{"$nulls":4},"S",null,null,3,null,"Value of POS transactions at terminals acquired by resident PSP - terminal located in: Belgium","Value of POS transactions at terminals acquired by resident PSP - terminal located in: Belgium","EUR",6]
["PTT.A.GR.W1.CZ.CW1.2.2221.N.PN","A","GR","W1","CZ","CW1",2,2221,"N","PN","2017",null,"M",false,null,null,"P1Y",{"$nulls":4},"S",null,null,3,null,"Number of ATM cash withdrawals at terminals acquired by resident PSP - terminal located in: Czech Republic","Number of ATM cash withdrawals at terminals acquired by resident PSP - terminal located in: Czech Republic","PN",6]
["PTT.A.GR.W1.DE.CD1.1.2221.N.EUR","A","GR","W1","DE","CD1",1,2221,"N","EUR","2017",0,"A",false,null,null,"P1Y",{"$nulls":4},"S",null,null,3,"unspecified","Value of atm cash deposits with cards issued by non-resident PSPs at terminals acquired by non-resident psp - terminal located in: Germany","Value of atm cash deposits with cards issued by non-resident PSPs at terminals acquired by non-resident psp - terminal located in: Germany","EUR",6]
["PTT.A.GR.W1.EE.CW1.1.2221.N.PN","A","GR","W1","EE","CW1",1,2221,"N","PN","2021",0.001,"A",false,null,null,"P1Y",{"$nulls":4},"S",null,null,3,"unspecified","Number of atm cash withdrawals with cards issued by non-resident PSPs at terminals acquired by non-resident psp - terminal located in: Estonia","Number of atm cash withdrawals with cards issued by non-resident PSPs at terminals acquired by non-resident psp - terminal located in: Estonia","PN",6]
["PTT.A.GR.W1.ES.CW1.1.2221.N.PN","A","GR","W1","ES","CW1",1,2221,"N","PN","2023",0.020931,"A",false,null,null,"P1Y",{"$nulls":4},"S",null,null,3,"unspecified","Number of atm cash withdrawals with cards issued by non-resident PSPs at terminals acquired by non-resident psp - terminal located in: Spain","Number of atm cash withdrawals with cards issued by non-resident PSPs at terminals acquired by non-resident psp - terminal located in: Spain","PN",6]
["PTT.A.GR.W1.FR.EMLU.2.2220.N.PN","A","GR","W1","FR","EMLU",2,2220,"N","PN","2020",null,"M",false,null,null,"P1Y",{"$nulls":4},"S",null,null,3,null,"Number of E-money card loading and unloading at terminals acquired by resident PSP - terminal located in: France","Number of E-money card loading and unloading at terminals acquired by resident PSP - terminal located in: France","PN",6]
["PTT.A.GR.W1.G1.EMLU.2.2220.N.PN","A","GR","W1","G1","EMLU",2,2220,"N","PN","2022",0,"A",false,null,null,"P1Y",{"$nulls":4},"S",null,null,3,null,"Number of e-money card loading and unloading transactions with cards issued by non-resident PSPs at terminals acquired by resident psp - terminal located in: outside EEA","Number of e-money card loading and unloading transactions with cards issued by non-resident PSPs at terminals acquired by resident psp - terminal located in: outside EEA","PN",6]
["PTT.A.GR.W1.G3.TRSO.2.2222.N.PN","A","GR","W1","G3","TRSO",2,2222,"N","PN","2022",3.451778999999999,"A",false,null,null,"P1Y",{"$nulls":4},"S",null,null,3,null,"Number of pos transactions with cards issued by non-resident PSPs at terminals acquired by resident psp - terminal located in: other EEA countries","Number of pos transactions with cards issued by non-resident PSPs at terminals acquired by resident psp - terminal located in: other EEA countries","PN",6]
["PTT.A.GR.W1.HU._T.2.2220.N.EUR","A","GR","W1","HU","_T",2,2220,"N","EUR","2016",null,"M",false,null,null,"P1Y",{"$nulls":4},"S",null,null,3,null,"Value of total transactions at terminals acquired by resident PSP - terminal located in: Hungary","Value of total transactions at terminals acquired by resident PSP - terminal located in: Hungary","EUR",6]
["PTT.A.GR.W1.IS._T.1.2220.N.EUR","A","GR","W1","IS","_T",1,2220,"N","EUR","2022",2.98004043,"A",false,null,null,"P1Y",{"$nulls":4},"S",null,null,3,null,"Value of total transactions with cards issued by non-resident PSPs at terminals acquired by non-resident psp - terminal located in: Iceland","Value of total transactions with cards issued by non-resident PSPs at terminals acquired by non-resident psp - terminal located in: Iceland","EUR",6]
["PTT.A.GR.W1.LT._T.2.2220.N.PN","A","GR","W1","LT","_T",2,2220,"N","PN","2017",null,"M",false,null,null,"P1Y",{"$nulls":4},"S",null,null,3,null,"Number of total transactions at terminals acquired by resident PSP - terminal located in: Lithuania","Number of total transactions at terminals acquired by resident PSP - terminal located in: Lithuania","PN",6]
["PTT.A.GR.W1.LU.TRSO.1.2222.N.EUR","A","GR","W1","LU","TRSO",1,2222,"N","EUR","2015",62.399,"A",false,null,null,"P1Y",{"$nulls":4},"S",null,null,3,"unspecified","Value of pos transactions with cards issued by non-resident PSPs at terminals acquired by non-resident psp - terminal located in: Luxembourg","Value of pos transactions with cards issued by non-resident PSPs at terminals acquired by non-resident psp - terminal located in: Luxembourg","EUR",6]
["PTT.A.GR.W1.NL.CW1.1.2221.N.PN","A","GR","W1","NL","CW1",1,2221,"N","PN","2016",0.074,"A",false,null,null,"P1Y",{"$nulls":4},"S",null,null,3,"unspecified","Number of atm cash withdrawals with cards issued by non-resident PSPs at terminals acquired by non-resident psp - terminal located in: Netherlands","Number of atm cash withdrawals with cards issued by non-resident PSPs at terminals acquired by non-resident psp - terminal located in: Netherlands","PN",6]
["PTT.A.GR.W1.NL.TRSO.2.2222.N.EUR","A","GR","W1","NL","TRSO",2,2222,"N","EUR","2017",null,"M",false,null,null,"P1Y",{"$nulls":4},"S",null,null,3,null,"Value of POS transactions at terminals acquired by resident PSP - terminal located in: Netherlands","Value of POS transactions at terminals acquired by resident PSP - terminal located in: Netherlands","EUR",6]
["PTT.A.GR.W1.RO.CW1.1.2221.N.PN","A","GR","W1","RO","CW1",1,2221,"N","PN","2018",0.06,"A",false,null,null,"P1Y",{"$nulls":4},"S",null,null,3,"unspecified","Number of atm cash withdrawals with cards issued by non-resident PSPs at terminals acquired by non-resident psp - terminal located in: Romania","Number of atm cash withdrawals with cards issued by non-resident PSPs at terminals acquired by non-resident psp - terminal located in: Romania","PN",6]
["PTT.A.GR.W1.RO._T.2.2220.N.EUR","A","GR","W1","RO","_T",2,2220,"N","EUR","2016",null,"M",false,null,null,"P1Y",{"$nulls":4},"S",null,null,3,null,"Value of total transactions at terminals acquired by resident PSP - terminal located in: Romania","Value of total transactions at terminals acquired by resident PSP - terminal located in: Romania","EUR",6]
["PTT.A.GR.W1.SK.CD1.2.2221.N.PN","A","GR","W1","SK","CD1",2,2221,"N","PN","2023",0,"A",false,null,null,"P1Y",{"$nulls":4},"S",null,null,3,null,"Number of ATM cash deposits at terminals acquired by resident PSP - terminal located in: Slovakia","Number of ATM cash deposits at terminals acquired by resident PSP - terminal located in: Slovakia","PN",6]
["PTT.A.GR.W1.W0.CD1.2.2221.N.PN","A","GR","W1","W0","CD1",2,2221,"N","PN","2021",0,"A",false,null,null,"P1Y",{"$nulls":4},"S",null,null,3,null,"Total number of atm cash deposits with cards issued by non-resident PSPs at terminals acquired by resident psp","Total number of atm cash deposits with cards issued by non-resident PSPs at terminals acquired by resident psp","PN",6]
["PTT.A.GR.W1.W1.CD1.2.2221.N.PN","A","GR","W1","W1","CD1",2,2221,"N","PN","2022",0,"A",false,null,null,"P1Y",{"$nulls":4},"S",null,null,3,null,"Number of atm cash deposits with cards issued by non-resident PSPs at terminals acquired by resident psp - terminal located in: Rest of the World","Number of atm cash deposits with cards issued by non-resident PSPs at terminals acquired by resident psp - terminal located in: Rest of the World","PN",6]
["PTT.A.GR.W1.W1.EMLU.2.2220.N.PN","A","GR","W1","W1","EMLU",2,2220,"N","PN","2014",null,"M",false,null,null,"P1Y",{"$nulls":4},"S",null,null,3,null,"Number of e-money card loading and unloading transactions with cards issued by non-resident PSPs at terminals acquired by resident psp - terminal located in: Rest of the World","Number of e-money card loading and unloading transactions with cards issued by non-resident PSPs at terminals acquired by resident psp - terminal located in: Rest of the World","PN",6]
["PTT.A.GR.W1.W2._T.1.2220.N.EUR","A","GR","W1","W2","_T",1,2220,"N","EUR","2021",0,"A",false,null,null,"P1Y",{"$nulls":4},"S",null,null,3,null,"Value of total transactions with cards issued by non-resident PSPs at terminals acquired by non-resident psp - terminal located in: domestic","Value of total transactions with cards issued by non-resident PSPs at terminals acquired by non-resident psp - terminal located in: domestic","EUR",6]
["PTT.A.GR.W2.CZ.CW1.2.2221.N.EUR","A","GR","W2","CZ","CW1",2,2221,"N","EUR","2018",null,"M",false,null,null,"P1Y",{"$nulls":4},"S",null,null,3,null,"Value of ATM cash withdrawals at terminals acquired by resident PSP - terminal located in: Czech Republic","Value of ATM cash withdrawals at terminals acquired by resident PSP - terminal located in: Czech Republic","EUR",6]
["PTT.A.GR.W2.DK.CW1.2.2221.N.EUR","A","GR","W2","DK","CW1",2,2221,"N","EUR","2020",null,"M",false,null,null,"P1Y",{"$nulls":4},"S",null,null,3,null,"Value of ATM cash withdrawals at terminals acquired by resident PSP - terminal located in: Denmark","Value of ATM cash withdrawals at terminals acquired by resident PSP - terminal located in: Denmark","EUR",6]
["PTT.A.GR.W2.FR.TRSC.2.2221.N.PN","A","GR","W2","FR","TRSC",2,2221,"N","PN","2023",0,"A",false,null,null,"P1Y",{"$nulls":4},"S",null,null,3,null,"Number of other atm transactions with cards issued by resident PSPs at terminals acquired by resident psp - terminal location: France","Number of other atm transactions with cards issued by resident PSPs at terminals acquired by resident psp - terminal location: France","PN",6]
["PTT.A.GR.W2.G3.EMLU.2.2220.N.PN","A","GR","W2","G3","EMLU",2,2220,"N","PN","2023",0,"A",false,null,null,"P1Y",{"$nulls":4},"S",null,null,3,null,"Number of e-money card loading and unloading transactions with cards issued by resident PSPs at terminals acquired by resident psp - terminal location: other EEA countries","Number of e-money card loading and unloading transactions with cards issued by resident PSPs at terminals acquired by resident psp - terminal location: other EEA countries","PN",6]
["PTT.A.GR.W2.IT.TRSO.2.2222.N.PN","A","GR","W2","IT","TRSO",2,2222,"N","PN","2021",null,"M",false,null,null,"P1Y",{"$nulls":4},"S",null,null,3,null,"Number of POS transactions at terminals acquired by resident PSP - terminal located in: Italy","Number of POS transactions at terminals acquired by resident PSP - terminal located in: Italy","PN",6]
["PTT.A.GR.W2.LU._T.2.2220.N.EUR","A","GR","W2","LU","_T",2,2220,"N","EUR","2019",null,"M",false,null,null,"P1Y",{"$nulls":4},"S",null,null,3,null,"Value of total transactions at terminals acquired by resident PSP - terminal located in: Luxembourg","Value of total transactions at terminals acquired by resident PSP - terminal located in: Luxembourg","EUR",6]
["PTT.A.GR.W2.PT.TRSO.2.2222.N.EUR","A","GR","W2","PT","TRSO",2,2222,"N","EUR","2018",null,"M",false,null,null,"P1Y",{"$nulls":4},"S",null,null,3,null,"Value of POS transactions at terminals acquired by resident PSP - terminal located in: Portugal","Value of POS transactions at terminals acquired by resident PSP - terminal located in: Portugal","EUR",6]
["PTT.A.GR.W2.SE.CD1.2.2221.N.PN","A","GR","W2","SE","CD1",2,2221,"N","PN","2020",null,"M",false,null,null,"P1Y",{"$nulls":4},"S",null,null,3,null,"Number of ATM cash deposits at terminals acquired by resident PSP - terminal located in: Sweden","Number of ATM cash deposits at terminals acquired by resident PSP - terminal located in: Sweden","PN",6]
["PTT.A.GR.W2.W0.EMP1.2.2220.N.EUR","A","GR","W2","W0","EMP1",2,2220,"N","EUR","2015",87.63,"A",false,null,null,"P1Y",{"$nulls":4},"S",null,null,3,null,"Total value of e-money payment transactions with cards with an e-money function with cards issued by resident PSPs at terminals acquired by resident psp","Total value of e-money payment transactions with cards with an e-money function with cards issued by resident PSPs at terminals acquired by resident psp","EUR",6]
["PTT.A.GR.W2.W2.CD1.2.2221.N.EUR","A","GR","W2","W2","CD1",2,2221,"N","EUR","2016",3592.314,"A",false,null,null,"P1Y",{"$nulls":4},"S",null,null,3,"unspecified","Value of atm cash deposits with cards issued by resident PSPs at terminals acquired by resident psp - terminal location: domestic","Value of atm cash deposits with cards issued by resident PSPs at terminals acquired by resident psp - terminal location: domestic","EUR",6]
["PTT.A.HR.W1.AT.CW1.2.2221.N.XDF","A","HR","W1","AT","CW1",2,2221,"N","XDF","2021",0,"A",false,null,null,"P1Y",{"$nulls":4},"S",null,null,3,null,"Value of ATM cash withdrawals at terminals acquired by resident PSP - terminal located in: Austria","Value of ATM cash withdrawals at terminals acquired by resident PSP - terminal located in: Austria","XDF",0]
["PTT.A.HR.W1.BE.EMLU.1.2220.N.EUR","A","HR","W1","BE","EMLU",1,2220,"N","EUR","2020",0,"A",false,null,null,"P1Y",{"$nulls":4},"S",null,null,3,null,"Value of E-money card loading and unloading at terminals acquired by non-resident PSP - terminal located in: Belgium","Value of E-money card loading and unloading at terminals acquired by non-resident PSP - terminal located in: Belgium","EUR",6]
["PTT.A.HR.W1.BG.CD1.1.2221.N.XDF","A","HR","W1","BG","CD1",1,2221,"N","XDF","2018",0,"A",false,null,null,"P1Y",{"$nulls":4},"S",null,null,3,null,"Value of ATM cash deposits at terminals acquired by non-resident PSP - terminal located in: Bulgaria","Value of ATM cash deposits at terminals acquired by non-resident PSP - terminal located in: Bulgaria","XDF",0]
["PTT.A.HR.W1.CY.TRSO.1.2222.N.EUR","A","HR","W1","CY","TRSO",1,2222,"N","EUR","2015",null,"M",false,null,null,"P1Y",{"$nulls":4},"S",null,null,3,null,"Value of POS transactions at terminals acquired by non-resident PSP - terminal located in: Cyprus","Value of POS transactions at terminals acquired by non-resident PSP - terminal located in: Cyprus","EUR",6]
["PTT.A.HR.W1.CZ.EMLU.1.2220.N.XDF","A","HR","W1","CZ","EMLU",1,2220,"N","XDF","2021",0,"A",false,null,null,"P1Y",{"$nulls":4},"S",null,null,3,null,"Value of E-money card loading and unloading at terminals acquired by non-resident PSP - terminal located in: Czech Republic","Value of E-money card loading and unloading at terminals acquired by non-resident PSP - terminal located in: Czech Republic","XDF",0]
["PTT.A.HR.W1.DK.CD1.1.2221.N.EUR","A","HR","W1","DK","CD1",1,2221,"N","EUR","2018",0,"A",false,null,null,"P1Y",{"$nulls":4},"S",null,null,3,null,"Value of ATM cash deposits at terminals acquired by non-resident PSP - terminal located in: Denmark","Value of ATM cash deposits at terminals acquired by non-resident PSP - terminal located in: Denmark","EUR",6]
["PTT.A.HR.W1.DK._T.1.2220.N.XDF","A","HR","W1","DK","_T",1,2220,"N","XDF","2020",34.104,"A",false,null,null,"P1Y",{"$nulls":4},"S",null,null,3,"unspecified","Value of total transactions with cards issued by non-resident PSPs at terminals acquired by non-resident psp - terminal located in: Denmark","Value of total transactions with cards issued by non-resident PSPs at terminals acquired by non-resident psp - terminal located in: Denmark","XDF",6]
["PTT.A.HR.W1.ES.EMLU.1.2220.N.EUR","A","HR","W1","ES","EMLU",1,2220,"N","EUR","2020",0,"A",false,null,null,"P1Y",{"$nulls":4},"S",null,null,3,null,"Value of E-money card loading and unloading at terminals acquired by non-resident PSP - terminal located in: Spain","Value of E-money card loading and unloading at terminals acquired by non-resident PSP - terminal located in: Spain","EUR",6]
["PTT.A.HR.W1.ES._T.1.2220.N.EUR","A","HR","W1","ES","_T",1,2220,"N","EUR","2020",56.13219794892485,"A",false,null,null,"P1Y",{"$nulls":4},"S",null,null,3,"unspecified","Value of total transactions with cards issued by non-resident PSPs at terminals acquired by non-resident psp - terminal located in: Spain","Value of total transactions with cards issued by non-resident PSPs at terminals acquired by non-resident psp - terminal located in: Spain","EUR",6]
["PTT.A.HR.W1.FI.EMP1.2.2220.N.EUR","A","HR","W1","FI","EMP1",2,2220,"N","EUR","2018",0,"A",false,null,null,"P1Y",{"$nulls":4},"S",null,null,3,null,"Value of e-money payment transactions with cards with an e-money function at terminals acquired by resident PSP - terminal located in: Finland","Value of e-money payment transactions with cards with an e-money function at terminals acquired by resident PSP - terminal located in: Finland","EUR",6]
["PTT.A.HR.W1.G1.CW1.1.2221.N.EUR","A","HR","W1","G1","CW1",1,2221,"N","EUR","2023",197.907969,"A",false,null,null,"P1Y",{"$nulls":4},"S",null,null,3,null,"Value of atm cash withdrawals with cards issued by non-resident PSPs at terminals acquired by non-resident psp - terminal located in: outside EEA","Value of atm cash withdrawals with cards issued by non-resident PSPs at terminals acquired by non-resident psp - terminal located in: outside EEA","EUR",6]
["PTT.A.HR.W1.GR.EMP1.2.2220.N.XDF","A","HR","W1","GR","EMP1",2,2220,"N","XDF","2020",0,"A",false,null,null,"P1Y",{"$nulls":4},"S",null,null,3,null,"Value of e-money payment transactions with cards with an e-money function at terminals acquired by resident PSP - terminal located in: Greece","Value of e-money payment transactions with cards with an e-money function at terminals acquired by resident PSP - terminal located in: Greece","XDF",0]
["PTT.A.HR.W1.HU.TRSO.1.2222.N.XDF","A","HR","W1","HU","TRSO",1,2222,"N","XDF","2019",null,"M",false,null,null,"P1Y",{"$nulls":4},"S",null,null,3,null,"Value of POS transactions at terminals acquired by non-resident PSP - terminal located in: Hungary","Value of POS transactions at terminals acquired by non-resident PSP - terminal located in: Hungary","XDF",0]
["PTT.A.HR.W1.HU._T.1.2220.N.PN","A","HR","W1","HU","_T",1,2220,"N","PN","2019",0.52,"A",false,null,null,"P1Y",{"$nulls":4},"S",null,null,3,"unspecified","Number of total transactions with cards issued by non-resident PSPs at terminals acquired by non-resident psp - terminal located in: Hungary","Number of total transactions with cards issued by non-resident PSPs at terminals acquired by non-resident psp - terminal located in: Hungary","PN",6]
["PTT.A.HR.W1.IT.EMLU.1.2220.N.EUR","A","HR","W1","IT","EMLU",1,2220,"N","EUR","2014",null,"M",false,null,null,"P1Y",{"$nulls":4},"S",null,null,3,null,"Value of E-money card loading and unloading at terminals acquired by non-resident PSP - terminal located in: Italy","Value of E-money card loading and unloading at terminals acquired by non-resident PSP - terminal located in: Italy","EUR",6]
["PTT.A.HR.W1.LI.EMLU.1.2220.N.PN","A","HR","W1","LI","EMLU",1,2220,"N","PN","2022",null,"M",false,null,null,"P1Y",{"$nulls":4},"S",null,null,3,null,"Number of e-money card loading and unloading transactions with cards issued by non-resident PSPs at terminals acquired by non-resident psp - terminal located in: Liechtenstein","Number of e-money card loading and unloading transactions with cards issued by non-resident PSPs at terminals acquired by non-resident psp - terminal located in: Liechtenstein","PN",6]
["PTT.A.HR.W1.LU.EMP1.1.2220.N.EUR","A","HR","W1","LU","EMP1",1,2220,"N","EUR","2017",9.483504625211728,"A",false,null,null,"P1Y",{"$nulls":4},"S",null,null,3,"unspecified","Value of e-money payment transactions with cards with an e-money function with cards issued by non-resident PSPs at terminals acquired by non-resident psp - terminal located in: Luxembourg","Value of e-money payment transactions with cards with an e-money function with cards issued by non-resident PSPs at terminals acquired by non-resident psp - terminal located in: Luxembourg","EUR",6]
["PTT.A.HR.W1.LV.CW1.1.2221.N.XDF","A","HR","W1","LV","CW1",1,2221,"N","XDF","2015",null,"M",false,null,null,"P1Y",{"$nulls":4},"S",null,null,3,null,"Value of ATM cash withdrawals at terminals acquired by non-resident PSP - terminal located in: Latvia","Value of ATM cash withdrawals at terminals acquired by non-resident PSP - terminal located in: Latvia","XDF",0]
["PTT.A.HR.W1.NL.CD1.1.2221.N.EUR","A","HR","W1","NL","CD1",1,2221,"N","EUR","2018",0,"A",false,null,null,"P1Y",{"$nulls":4},"S",null,null,3,null,"Value of ATM cash deposits at terminals acquired by non-resident PSP - terminal located in: Netherlands","Value of ATM cash deposits at terminals acquired by non-resident PSP - terminal located in: Netherlands","EUR",6]
["PTT.A.HR.W1.NL.EMLU.1.2220.N.EUR","A","HR","W1","NL","EMLU",1,2220,"N","EUR","2019",0,"A",false,null,null,"P1Y",{"$nulls":4},"S",null,null,3,null,"Value of E-money card loading and unloading at terminals acquired by non-resident PSP - terminal located in: Netherlands","Value of E-money card loading and unloading at terminals acquired by non-resident PSP - terminal located in: Netherlands","EUR",6]
["PTT.A.HR.W1.PT.CD1.1.2221.N.EUR","A","HR","W1","PT","CD1",1,2221,"N","EUR","2014",null,"M",false,null,null,"P1Y",{"$nulls":4},"S",null,null,3,null,"Value of ATM cash deposits at terminals acquired by non-resident PSP - terminal located in: Portugal","Value of ATM cash deposits at terminals acquired by non-resident PSP - terminal located in: Portugal","EUR",6]
["PTT.A.HR.W1.PT.EMP1.1.2220.N.EUR","A","HR","W1","PT","EMP1",1,2220,"N","EUR","2022",0.164659,"A",false,null,null,"P1Y",{"$nulls":4},"S",null,null,3,"unspecified","Value of e-money payment transactions with cards with an e-money function with cards issued by non-resident PSPs at terminals acquired by non-resident psp - terminal located in: Portugal","Value of e-money payment transactions with cards with an e-money function with cards issued by non-resident PSPs at terminals acquired by non-resident psp - terminal located in: Portugal","EUR",6]
["PTT.A.HR.W1.SE.CD1.2.2221.N.PN","A","HR","W1","SE","CD1",2,2221,"N","PN","2017",0,"A",false,null,null,"P1Y",{"$nulls":4},"S",null,null,3,null,"Number of ATM cash deposits at terminals acquired by resident PSP - terminal located in: Sweden","Number of ATM cash deposits at terminals acquired by resident PSP - terminal located in: Sweden","PN",6]
["PTT.A.HR.W1.SE._T.1.2220.N.EUR","A","HR","W1","SE","_T",1,2220,"N","EUR","2017",13.29676258822706,"A",false,null,null,"P1Y",{"$nulls":4},"S",null,null,3,"unspecified","Value of total transactions with cards issued by non-resident PSPs at terminals acquired by non-resident psp - terminal located in: Sweden","Value of total transactions with cards issued by non-resident PSPs at terminals acquired by non-resident psp - terminal located in: Sweden","EUR",6]
["PTT.A.HR.W1.SK.EMLU.2.2220.N.PN","A","HR","W1","SK","EMLU",2,2220,"N","PN","2015",0,"A",false,null,null,"P1Y",{"$nulls":4},"S",null,null,3,null,"Number of E-money card loading and unloading at terminals acquired by resident PSP - terminal located in: Slovakia","Number of E-money card loading and unloading at terminals acquired by resident PSP - terminal located in: Slovakia","PN",6]
["PTT.A.HR.W1.W0.CD1.2.2221.N.XDF","A","HR","W1","W0","CD1",2,2221,"N","XDF","2021",0,"A",false,null,null,"P1Y",{"$nulls":4},"S",null,null,3,null,"Value of ATM cash deposits at terminals acquired by resident PSP - terminal located in: World","Value of ATM cash deposits at terminals acquired by resident PSP - terminal located in: World","XDF",0]
["PTT.A.HR.W1.W0.EMLU.2.2220.N.XDF","A","HR","W1","W0","EMLU",2,2220,"N","XDF","2013",null,"M",false,null,null,"P1Y",{"$nulls":4},"S",null,null,3,null,"Value of E-money card loading and unloading at terminals acquired by resident PSP - terminal located in: World","Value of E-money card loading and unloading at terminals acquired by resident PSP - terminal located in: World","XDF",0]
["PTT.A.HR.W1.W1._T.2.2220.N.PN","A","HR","W1","W1","_T",2,2220,"N","PN","2014",null,"M",false,null,null,"P1Y",{"$nulls":4},"S",null,null,3,null,"Number of total transactions with cards issued by non-resident PSPs at terminals acquired by resident psp - terminal located in: Rest of the World","Number of total transactions with cards issued by non-resident PSPs at terminals acquired by resident psp - terminal located in: Rest of the World","PN",6]
["PTT.A.HR.W1.W2.TRSO.1.2222.N.EUR","A","HR","W1","W2","TRSO",1,2222,"N","EUR","2014",null,"M",false,null,null,"P1Y",{"$nulls":4},"S",null,null,3,null,"Value of pos transactions with cards issued by non-resident PSPs at terminals acquired by non-resident psp - terminal located in: domestic","Value of pos transactions with cards issued by non-resident PSPs at terminals acquired by non-resident psp - terminal located in: domestic","EUR",6]
["PTT.A.HR.W2.BG.TRSO.2.2222.N.EUR","A","HR","W2","BG","TRSO",2,2222,"N","EUR","2018",0,"A",false,null,null,"P1Y",{"$nulls":4},"S",null,null,3,null,"Value of POS transactions at terminals acquired by resident PSP - terminal located in: Bulgaria","Value of POS transactions at terminals acquired by resident PSP - terminal located in: Bulgaria","EUR",6]
["PTT.A.HR.W2.CZ.CD1.2.2221.N.EUR","A","HR","W2","CZ","CD1",2,2221,"N","EUR","2016",0,"A",false,null,null,"P1Y",{"$nulls":4},"S",null,null,3,null,"Value of ATM cash deposits at terminals acquired by resident PSP - terminal located in: Czech Republic","Value of ATM cash deposits at terminals acquired by resident PSP - terminal located in: Czech Republic","EUR",6]
["PTT.A.HR.W2.EE.CW1.2.2221.N.PN","A","HR","W2","EE","CW1",2,2221,"N","PN","2015",0,"A",false,null,null,"P1Y",{"$nulls":4},"S",null,null,3,null,"Number of ATM cash withdrawals at terminals acquired by resident PSP - terminal located in: Estonia","Number of ATM cash withdrawals at terminals acquired by resident PSP - terminal located in: Estonia","PN",6]
["PTT.A.HR.W2.ES.CW1.2.2221.N.PN","A","HR","W2","ES","CW1",2,2221,"N","PN","2019",0,"A",false,null,null,"P1Y",{"$nulls":4},"S",null,null,3,null,"Number of ATM cash withdrawals at terminals acquired by resident PSP - terminal located in: Spain","Number of ATM cash withdrawals at terminals acquired by resident PSP - terminal located in: Spain","PN",6]
["PTT.A.HR.W2.G1._T.2.2220.N.PN","A","HR","W2","G1","_T",2,2220,"N","PN","2014",null,"M",false,null,null,"P1Y",{"$nulls":4},"S",null,null,3,null,"Number of total transactions with cards issued by resident PSPs at terminals acquired by resident psp - terminal location: outside EEA","Number of total transactions with cards issued by resident PSPs at terminals acquired by resident psp - terminal location: outside EEA","PN",6]
["PTT.A.HR.W2.GR.TRSO.2.2222.N.PN","A","HR","W2","GR","TRSO",2,2222,"N","PN","2018",0,"A",false,null,null,"P1Y",{"$nulls":4},"S",null,null,3,null,"Number of POS transactions at terminals acquired by resident PSP - terminal located in: Greece","Number of POS transactions at terminals acquired by resident PSP - terminal located in: Greece","PN",6]
["PTT.A.HR.W2.IT.EMP1.2.2220.N.PN","A","HR","W2","IT","EMP1",2,2220,"N","PN","2015",0,"A",false,null,null,"P1Y",{"$nulls":4},"S",null,null,3,null,"Number of e-money payment transactions with cards with an e-money function at terminals acquired by resident PSP - terminal located in: Italy","Number of e-money payment transactions with cards with an e-money function at terminals acquired by resident PSP - terminal located in: Italy","PN",6]
["PTT.A.HR.W2.LU.CD1.2.2221.N.PN","A","HR","W2","LU","CD1",2,2221,"N","PN","2020",0,"A",false,null,null,"P1Y",{"$nulls":4},"S",null,null,3,null,"Number of ATM cash deposits at terminals acquired by resident PSP - terminal located in: Luxembourg","Number of ATM cash deposits at terminals acquired by resident PSP - terminal located in: Luxembourg","PN",6]
["PTT.A.HR.W2.LV.CD1.2.2221.N.XDF","A","HR","W2","LV","CD1",2,2221,"N","XDF","2014",null,"M",false,null,null,"P1Y",{"$nulls":4},"S",null,null,3,null,"Value of ATM cash deposits at terminals acquired by resident PSP - terminal located in: Latvia","Value of ATM cash deposits at terminals acquired by resident PSP - terminal located in: Latvia","XDF",0]
["PTT.A.HR.W2.PL.EMP1.2.2220.N.PN","A","HR","W2","PL","EMP1",2,2220,"N","PN","2023",0,"A",false,null,null,"P1Y",{"$nulls":4},"S",null,null,3,null,"Number of e-money payment transactions with cards with an e-money function at terminals acquired by resident PSP - terminal located in: Poland","Number of e-money payment transactions with cards with an e-money function at terminals acquired by resident PSP - terminal located in: Poland","PN",6]
["PTT.A.HR.W2.PT.EMP1.2.2220.N.XDF","A","HR","W2","PT","EMP1",2,2220,"N","XDF","2017",0,"A",false,null,null,"P1Y",{"$nulls":4},"S",null,null,3,null,"Value of e-money payment transactions with cards with an e-money function at terminals acquired by resident PSP - terminal located in: Portugal","Value of e-money payment transactions with cards with an e-money function at terminals acquired by resident PSP - terminal located in: Portugal","XDF",0]
["PTT.A.HR.W2.SI._T.2.2220.N.EUR","A","HR","W2","SI","_T",2,2220,"N","EUR","2014",null,"M",false,null,null,"P1Y",{"$nulls":4},"S",null,null,3,null,"Value of total transactions at terminals acquired by resident PSP - terminal located in: Slovenia","Value of total transactions at terminals acquired by resident PSP - terminal located in: Slovenia","EUR",6]
["PTT.A.HR.W2.W0.CD1.2.2221.N.EUR","A","HR","W2","W0","CD1",2,2221,"N","EUR","2015",855.6315146480374,"A",false,null,null,"P1Y",{"$nulls":4},"S",null,null,3,null,"Total value of atm cash deposits with cards issued by resident PSPs at terminals acquired by resident psp","Total value of atm cash deposits with cards issued by resident PSPs at terminals acquired by resident psp","EUR",6]
["PTT.A.HR.W2.W2._T.2.2220.N.XDF","A","HR","W2","W2","_T",2,2220,"N","XDF","2018",147351.527,"A",false,null,null,"P1Y",{"$nulls":4},"S",null,null,3,"unspecified","Value of total transactions with cards issued by resident PSPs at terminals acquired by resident psp - terminal location: domestic","Value of total transactions with cards issued by resident PSPs at terminals acquired by resident psp - terminal location: domestic","XDF",6]
["PTT.A.HU.W1.AT.CW1.1.2221.N.XDF","A","HU","W1","AT","CW1",1,2221,"N","XDF","2019",8772,"A",false,null,null,"P1Y",{"$nulls":4},"S",null,null,3,"unspecified","Value of atm cash withdrawals with cards issued by non-resident PSPs at terminals acquired by non-resident psp - terminal located in: Austria","Value of atm cash withdrawals with cards issued by non-resident PSPs at terminals acquired by non-resident psp - terminal located in: Austria","XDF",6]
["PTT.A.HU.W1.BG.CD1.1.2221.N.XDF","A","HU","W1","BG","CD1",1,2221,"N","XDF","2014",0,"A",false,null,null,"P1Y",{"$nulls":4},"S",null,null,3,"unspecified","Value of atm cash deposits with cards issued by non-resident PSPs at terminals acquired by non-resident psp - terminal located in: Bulgaria","Value of atm cash deposits with cards issued by non-resident PSPs at terminals acquired by non-resident psp - terminal located in: Bulgaria","XDF",6]
["PTT.A.HU.W1.BG.EMP1.1.2220.N.XDF","A","HU","W1","BG","EMP1",1,2220,"N","XDF","2022",0,"A",false,null,null,"P1Y",{"$nulls":4},"S",null,null,3,"unspecified","Value of e-money payment transactions with cards with an e-money function with cards issued by non-resident PSPs at terminals acquired by non-resident psp - terminal located in: Bulgaria","Value of e-money payment transactions with cards with an e-money function with cards issued by non-resident PSPs at terminals acquired by non-resident psp - terminal located in: Bulgaria","XDF",6]
["PTT.A.HU.W1.CY.CW1.2.2221.N.PN","A","HU","W1","CY","CW1",2,2221,"N","PN","2022",0,"A",false,null,null,"P1Y",{"$nulls":4},"S",null,null,3,"unspecified","Number of atm cash withdrawals with cards issued by non-resident PSPs at terminals acquired by resident psp - terminal located in: Cyprus","Number of atm cash withdrawals with cards issued by non-resident PSPs at terminals acquired by resident psp - terminal located in: Cyprus","PN",6]
["PTT.A.HU.W1.CZ.EMP1.1.2220.N.XDF","A","HU","W1","CZ","EMP1",1,2220,"N","XDF","2022",0,"A",false,null,null,"P1Y",{"$nulls":4},"S",null,null,3,"unspecified","Value of e-money payment transactions with cards with an e-money function with cards issued by non-resident PSPs at terminals acquired by non-resident psp - terminal located in: Czech Republic","Value of e-money payment transactions with cards with an e-money function with cards issued by non-resident PSPs at terminals acquired by non-resident psp - terminal located in: Czech Republic","XDF",6]
["PTT.A.HU.W1.DK.EMP1.1.2220.N.EUR","A","HU","W1","DK","EMP1",1,2220,"N","EUR","2019",0,"A",false,null,null,"P1Y",{"$nulls":4},"S",null,null,3,"unspecified","Value of e-money payment transactions with cards with an e-money function with cards issued by non-resident PSPs at terminals acquired by non-resident psp - terminal located in: Denmark","Value of e-money payment transactions with cards with an e-money function with cards issued by non-resident PSPs at terminals acquired by non-resident psp - terminal located in: Denmark","EUR",6]
["PTT.A.HU.W1.EE.CW1.1.2221.N.XDF","A","HU","W1","EE","CW1",1,2221,"N","XDF","2019",26,"A",false,null,null,"P1Y",{"$nulls":4},"S",null,null,3,"unspecified","Value of atm cash withdrawals with cards issued by non-resident PSPs at terminals acquired by non-resident psp - terminal located in: Estonia","Value of atm cash withdrawals with cards issued by non-resident PSPs at terminals acquired by non-resident psp - terminal located in: Estonia","XDF",6]
["PTT.A.HU.W1.EE.TRSO.1.2222.N.XDF","A","HU","W1","EE","TRSO",1,2222,"N","XDF","2019",297,"A",false,null,null,"P1Y",{"$nulls":4},"S",null,null,3,"unspecified","Value of pos transactions with cards issued by non-resident PSPs at terminals acquired by non-resident psp - terminal located in: Estonia","Value of pos transactions with cards issued by non-resident PSPs at terminals acquired by non-resident psp - terminal located in: Estonia","XDF",6]
["PTT.A.HU.W1.FI.EMP1.1.2220.N.XDF","A","HU","W1","FI","EMP1",1,2220,"N","XDF","2022",0,"A",false,null,null,"P1Y",{"$nulls":4},"S",null,null,3,"unspecified","Value of e-money payment transactions with cards with an e-money function with cards issued by non-resident PSPs at terminals acquired by non-resident psp - terminal located in: Finland","Value of e-money payment transactions with cards with an e-money function with cards issued by non-resident PSPs at terminals acquired by non-resident psp - terminal located in: Finland","XDF",6]
["PTT.A.HU.W1.FR.CD1.1.2221.N.XDF","A","HU","W1","FR","CD1",1,2221,"N","XDF","2022",0,"A",false,null,null,"P1Y",{"$nulls":4},"S",null,null,3,"unspecified","Value of atm cash deposits with cards issued by non-resident PSPs at terminals acquired by non-resident psp - terminal located in: France","Value of atm cash deposits with cards issued by non-resident PSPs at terminals acquired by non-resident psp - terminal located in: France","XDF",6]
["PTT.A.HU.W1.G1.CD1.2.2221.N.XDF","A","HU","W1","G1","CD1",2,2221,"N","XDF","2021",0,"A",false,null,null,"P1Y",{"$nulls":4},"S",null,null,3,"unspecified","Value of atm cash deposits with cards issued by non-resident PSPs at terminals acquired by resident psp - terminal located in: outside EEA","Value of atm cash deposits with cards issued by non-resident PSPs at terminals acquired by resident psp - terminal located in: outside EEA","XDF",6]
["PTT.A.HU.W1.GR.CW1.2.2221.N.EUR","A","HU","W1","GR","CW1",2,2221,"N","EUR","2014",0,"A",false,null,null,"P1Y",{"$nulls":4},"S",null,null,3,"unspecified","Value of atm cash withdrawals with cards issued by non-resident PSPs at terminals acquired by resident psp - terminal located in: Greece","Value of atm cash withdrawals with cards issued by non-resident PSPs at terminals acquired by resident psp - terminal located in: Greece","EUR",6]
["PTT.A.HU.W1.HR._T.1.2220.N.EUR","A","HU","W1","HR","_T",1,2220,"N","EUR","2019",72.13106295585074,"A",false,null,null,"P1Y",{"$nulls":4},"S",null,null,3,"unspecified","Value of total transactions with cards issued by non-resident PSPs at terminals acquired by non-resident psp - terminal located in: Croatia","Value of total transactions with cards issued by non-resident PSPs at terminals acquired by non-resident psp - terminal located in: Croatia","EUR",6]
["PTT.A.HU.W1.IE.EMLU.1.2220.N.PN","A","HU","W1","IE","EMLU",1,2220,"N","PN","2019",0,"A",false,null,null,"P1Y",{"$nulls":4},"S",null,null,3,"unspecified","Number of e-money card loading and unloading transactions with cards issued by non-resident PSPs at terminals acquired by non-resident psp - terminal located in: Ireland","Number of e-money card loading and unloading transactions with cards issued by non-resident PSPs at terminals acquired by non-resident psp - terminal located in: Ireland","PN",6]
["PTT.A.HU.W1.LI.CW1.1.2221.N.PN","A","HU","W1","LI","CW1",1,2221,"N","PN","2022",0,"A",false,null,null,"P1Y",{"$nulls":4},"S",null,null,3,null,"Number of atm cash withdrawals with cards issued by non-resident PSPs at terminals acquired by non-resident psp - terminal located in: Liechtenstein","Number of atm cash withdrawals with cards issued by non-resident PSPs at terminals acquired by non-resident psp - terminal located in: Liechtenstein","PN",6]
["PTT.A.HU.W1.LT.EMLU.1.2220.N.PN","A","HU","W1","LT","EMLU",1,2220,"N","PN","2022",0,"A",false,null,null,"P1Y",{"$nulls":4},"S",null,null,3,"unspecified","Number of e-money card loading and unloading transactions with cards issued by non-resident PSPs at terminals acquired by non-resident psp - terminal located in: Lithuania","Number of e-money card loading and unloading transactions with cards issued by non-resident PSPs at terminals acquired by non-resident psp - terminal located in: Lithuania","PN",6]
["PTT.A.HU.W1.LU.TRSC.1.2221.N.PN","A","HU","W1","LU","TRSC",1,2221,"N","PN","2022",0,"A",false,null,null,"P1Y",{"$nulls":4},"S",null,null,3,null,"Number of other atm transactions with cards issued by non-resident PSPs at terminals acquired by non-resident psp - terminal located in: Luxembourg","Number of other atm transactions with cards issued by non-resident PSPs at terminals acquired by non-resident psp - terminal located in: Luxembourg","PN",6]
["PTT.A.HU.W1.LV.TRSO.1.2222.N.PN","A","HU","W1","LV","TRSO",1,2222,"N","PN","2016",0.032,"A",false,null,null,"P1Y",{"$nulls":4},"S",null,null,3,"unspecified","Number of pos transactions with cards issued by non-resident PSPs at terminals acquired by non-resident psp - terminal located in: Latvia","Number of pos transactions with cards issued by non-resident PSPs at terminals acquired by non-resident psp - terminal located in: Latvia","PN",6]
["PTT.A.HU.W1.MT.CW1.1.2221.N.XDF","A","HU","W1","MT","CW1",1,2221,"N","XDF","2014",263,"A",false,null,null,"P1Y",{"$nulls":4},"S",null,null,3,"unspecified","Value of atm cash withdrawals with cards issued by non-resident PSPs at terminals acquired by non-resident psp - terminal located in: Malta","Value of atm cash withdrawals with cards issued by non-resident PSPs at terminals acquired by non-resident psp - terminal located in: Malta","XDF",6]
["PTT.A.HU.W1.NO.CW1.2.2221.N.PN","A","HU","W1","NO","CW1",2,2221,"N","PN","2023",0,"A",false,null,null,"P1Y",{"$nulls":4},"S",null,null,3,null,"Number of atm cash withdrawals with cards issued by non-resident PSPs at terminals acquired by resident psp - terminal located in: Norway","Number of atm cash withdrawals with cards issued by non-resident PSPs at terminals acquired by resident psp - terminal located in: Norway","PN",6]
["PTT.A.HU.W1.PL.EMLU.1.2220.N.XDF","A","HU","W1","PL","EMLU",1,2220,"N","XDF","2017",0,"A",false,null,null,"P1Y",{"$nulls":4},"S",null,null,3,"unspecified","Value of e-money card loading and unloading transactions with cards issued by non-resident PSPs at terminals acquired by non-resident psp - terminal located in: Poland","Value of e-money card loading and unloading transactions with cards issued by non-resident PSPs at terminals acquired by non-resident psp - terminal located in: Poland","XDF",6]
["PTT.A.HU.W1.RO.CW1.1.2221.N.PN","A","HU","W1","RO","CW1",1,2221,"N","PN","2022",0.08294599999999999,"A",false,null,null,"P1Y",{"$nulls":4},"S",null,null,3,"unspecified","Number of atm cash withdrawals with cards issued by non-resident PSPs at terminals acquired by non-resident psp - terminal located in: Romania","Number of atm cash withdrawals with cards issued by non-resident PSPs at terminals acquired by non-resident psp - terminal located in: Romania","PN",6]
["PTT.A.HU.W1.SE.CD1.1.2221.N.XDF","A","HU","W1","SE","CD1",1,2221,"N","XDF","2023",0,"A",false,null,null,"P1Y",{"$nulls":4},"S",null,null,3,"unspecified","Value of atm cash deposits with cards issued by non-resident PSPs at terminals acquired by non-resident psp - terminal located in: Sweden","Value of atm cash deposits with cards issued by non-resident PSPs at terminals acquired by non-resident psp - terminal located in: Sweden","XDF",6]
["PTT.A.HU.W1.SI.EMLU.1.2220.N.EUR","A","HU","W1","SI","EMLU",1,2220,"N","EUR","2014",0,"A",false,null,null,"P1Y",{"$nulls":4},"S",null,null,3,"unspecified","Value of e-money card loading and unloading transactions with cards issued by non-resident PSPs at terminals acquired by non-resident psp - terminal located in: Slovenia","Value of e-money card loading and unloading transactions with cards issued by non-resident PSPs at terminals acquired by non-resident psp - terminal located in: Slovenia","EUR",6]
["PTT.A.HU.W1.SK.CD1.1.2221.N.XDF","A","HU","W1","SK","CD1",1,2221,"N","XDF","2014",0,"A",false,null,null,"P1Y",{"$nulls":4},"S",null,null,3,"unspecified","Value of atm cash deposits with cards issued by non-resident PSPs at terminals acquired by non-resident psp - terminal located in: Slovakia","Value of atm cash deposits with cards issued by non-resident PSPs at terminals acquired by non-resident psp - terminal located in: Slovakia","XDF",6]
["PTT.A.HU.W1.W0.EMLU.1.2220.N.PN","A","HU","W1","W0","EMLU",1,2220,"N","PN","2011",null,"M",false,null,null,"P1Y",{"$nulls":4},"S",null,null,3,null,"Total number of e-money card loading and unloading transactions with cards issued by non-resident PSPs at terminals acquired by non-resident psp","Total number of e-money card loading and unloading transactions with cards issued by non-resident PSPs at terminals acquired by non-resident psp","PN",6]
["PTT.A.HU.W1.W0.EMP1.2.2220.G1.PN","A","HU","W1","W0","EMP1",2,2220,"G1","PN","2018",null,"M",false,null,null,"P1Y",{"$nulls":4},"S",null,null,3,null,"Number of e-money payment transactions with cards with an e-money function at terminals acquired by resident PSP - terminal located in: World","Number of e-money payment transactions with cards with an e-money function at terminals acquired by resident PSP - terminal located in: World","PN",0]
["PTT.A.HU.W1.W2.CD1.2.2221.N.PN","A","HU","W1","W2","CD1",2,2221,"N","PN","2016",0.001,"A",false,null,null,"P1Y",{"$nulls":4},"S",null,null,3,"unspecified","Number of atm cash deposits with cards issued by non-resident PSPs at terminals acquired by resident psp - terminal located in: domestic","Number of atm cash deposits with cards issued by non-resident PSPs at terminals acquired by resident psp - terminal located in: domestic","PN",6]
["PTT.A.HU.W1.W2.TRSO.2.2222.N.PN","A","HU","W1","W2","TRSO",2,2222,"N","PN","2016",29.425,"A",false,null,null,"P1Y",{"$nulls":4},"S",null,null,3,"unspecified","Number of pos transactions with cards issued by non-resident PSPs at terminals acquired by resident psp - terminal located in: domestic","Number of pos transactions with cards issued by non-resident PSPs at terminals acquired by resident psp - terminal located in: domestic","PN",6]
["PTT.A.HU.W2.AT.TRSO.2.2222.N.EUR","A","HU","W2","AT","TRSO",2,2222,"N","EUR","2017",0,"A",false,null,null,"P1Y",{"$nulls":4},"S",null,null,3,"unspecified","Value of pos transactions with cards issued by resident PSPs at terminals acquired by resident psp - terminal location: Austria","Value of pos transactions with cards issued by resident PSPs at terminals acquired by resident psp - terminal location: Austria","EUR",6]
["PTT.A.HU.W2.CY._T.2.2220.N.PN","A","HU","W2","CY","_T",2,2220,"N","PN","2018",0,"A",false,null,null,"P1Y",{"$nulls":4},"S",null,null,3,"unspecified","Number of total transactions with cards issued by resident PSPs at terminals acquired by resident psp - terminal location: Cyprus","Number of total transactions with cards issued by resident PSPs at terminals acquired by resident psp - terminal location: Cyprus","PN",6]
["PTT.A.HU.W2.CZ._T.2.2220.N.PN","A","HU","W2","CZ","_T",2,2220,"N","PN","2022",0,"A",false,null,null,"P1Y",{"$nulls":4},"S",null,null,3,"unspecified","Number of total transactions with cards issued by resident PSPs at terminals acquired by resident psp - terminal location: Czech Republic","Number of total transactions with cards issued by resident PSPs at terminals acquired by resident psp - terminal location: Czech Republic","PN",6]
["PTT.A.HU.W2.ES.EMP1.2.2220.N.PN","A","HU","W2","ES","EMP1",2,2220,"N","PN","2021",0,"A",false,null,null,"P1Y",{"$nulls":4},"S",null,null,3,"unspecified","Number of e-money payment transactions with cards with an e-money function with cards issued by resident PSPs at terminals acquired by resident psp - terminal location: Spain","Number of e-money payment transactions with cards with an e-money function with cards issued by resident PSPs at terminals acquired by resident psp - terminal location: Spain","PN",6]
["PTT.A.HU.W2.FI.EMP1.2.2220.N.XDF","A","HU","W2","FI","EMP1",2,2220,"N","XDF","2015",0,"A",false,null,null,"P1Y",{"$nulls":4},"S",null,null,3,"unspecified","Value of e-money payment transactions with cards with an e-money function with cards issued by resident PSPs at terminals acquired by resident psp - terminal location: Finland","Value of e-money payment transactions with cards with an e-money function with cards issued by resident PSPs at terminals acquired by resident psp - terminal location: Finland","XDF",6]
["PTT.A.HU.W2.GR.EMP1.2.2220.N.PN","A","HU","W2","GR","EMP1",2,2220,"N","PN","2023",0,"A",false,null,null,"P1Y",{"$nulls":4},"S",null,null,3,"unspecified","Number of e-money payment transactions with cards with an e-money function with cards issued by resident PSPs at terminals acquired by resident psp - terminal location: Greece","Number of e-money payment transactions with cards with an e-money function with cards issued by resident PSPs at terminals acquired by resident psp - terminal location: Greece","PN",6]
["PTT.A.HU.W2.IE.CD1.2.2221.N.PN","A","HU","W2","IE","CD1",2,2221,"N","PN","2023",0,"A",false,null,null,"P1Y",{"$nulls":4},"S",null,null,3,"unspecified","Number of atm cash deposits with cards issued by resident PSPs at terminals acquired by resident psp - terminal location: Ireland","Number of atm cash deposits with cards issued by resident PSPs at terminals acquired by resident psp - terminal location: Ireland","PN",6]
["PTT.A.HU.W2.LT._T.2.2220.N.XDF","A","HU","W2","LT","_T",2,2220,"N","XDF","2022",0,"A",false,null,null,"P1Y",{"$nulls":4},"S",null,null,3,"unspecified","Value of total transactions with cards issued by resident PSPs at terminals acquired by resident psp - terminal location: Lithuania","Value of total transactions with cards issued by resident PSPs at terminals acquired by resident psp - terminal location: Lithuania","XDF",6]
["PTT.A.HU.W2.LV.EMLU.2.2220.N.XDF","A","HU","W2","LV","EMLU",2,2220,"N","XDF","2016",0,"A",false,null,null,"P1Y",{"$nulls":4},"S",null,null,3,"unspecified","Value of e-money card loading and unloading transactions with cards issued by resident PSPs at terminals acquired by resident psp - terminal location: Latvia","Value of e-money card loading and unloading transactions with cards issued by resident PSPs at terminals acquired by resident psp - terminal location: Latvia","XDF",6]
["PTT.A.HU.W2.PL.EMP1.2.2220.N.EUR","A","HU","W2","PL","EMP1",2,2220,"N","EUR","2015",0,"A",false,null,null,"P1Y",{"$nulls":4},"S",null,null,3,"unspecified","Value of e-money payment transactions with cards with an e-money function with cards issued by resident PSPs at terminals acquired by resident psp - terminal location: Poland","Value of e-money payment transactions with cards with an e-money function with cards issued by resident PSPs at terminals acquired by resident psp - terminal location: Poland","EUR",6]
["PTT.A.HU.W2.PT.EMP1.2.2220.N.XDF","A","HU","W2","PT","EMP1",2,2220,"N","XDF","2018",0,"A",false,null,null,"P1Y",{"$nulls":4},"S",null,null,3,"unspecified","Value of e-money payment transactions with cards with an e-money function with cards issued by resident PSPs at terminals acquired by resident psp - terminal location: Portugal","Value of e-money payment transactions with cards with an e-money function with cards issued by resident PSPs at terminals acquired by resident psp - terminal location: Portugal","XDF",6]
["PTT.A.HU.W2.RO._T.2.2220.N.XDF","A","HU","W2","RO","_T",2,2220,"N","XDF","2018",0,"A",false,null,null,"P1Y",{"$nulls":4},"S",null,null,3,"unspecified","Value of total transactions with cards issued by resident PSPs at terminals acquired by resident psp - terminal location: Romania","Value of total transactions with cards issued by resident PSPs at terminals acquired by resident psp - terminal location: Romania","XDF",6]
["PTT.A.HU.W2.W0.CD1.2.2221.N.XDF","A","HU","W2","W0","CD1",2,2221,"N","XDF","2022",2495914.042911,"A",false,null,null,"P1Y",{"$nulls":4},"S",null,null,3,null,"Total value of atm cash deposits with cards issued by resident PSPs at terminals acquired by resident psp","Total value of atm cash deposits with cards issued by resident PSPs at terminals acquired by resident psp","XDF",6]
["PTT.A.HU.W2.W0.TRSO.2.2222.G1.PN","A","HU","W2","W0","TRSO",2,2222,"G1","PN","2015",22.20696291670119,"A",false,null,null,"P1Y",{"$nulls":4},"S",null,null,3,null,"Number of POS transactions at terminals acquired by resident PSP - terminal located in: World","Number of POS transactions at terminals acquired by resident PSP - terminal located in: World","PN",0]
["PTT.A.HU._Z.W0.CD0.2.1300.N.XDF","A","HU","_Z","W0","CD0",2,1300,"N","XDF","2003",14255579,"A",false,null,null,"P1Y",{"$nulls":4},"S",null,null,3,null,"Value of over-the-counter (otc) cash deposits - Hungary","Value of over-the-counter (otc) cash deposits - Hungary","XDF",6]
["PTT.A.IE.W1.AT.EMLU.1.2220.N.EUR","A","IE","W1","AT","EMLU",1,2220,"N","EUR","2017",0,"A",false,null,null,"P1Y",{"$nulls":4},"S",null,null,3,"unspecified","Value of e-money card loading and unloading transactions with cards issued by non-resident PSPs at terminals acquired by non-resident psp - terminal located in: Austria","Value of e-money card loading and unloading transactions with cards issued by non-resident PSPs at terminals acquired by non-resident psp - terminal located in: Austria","EUR",6]
["PTT.A.IE.W1.BG._T.1.2220.N.PN","A","IE","W1","BG","_T",1,2220,"N","PN","2022",0.721319,"A",false,null,null,"P1Y",{"$nulls":4},"S",null,null,3,"unspecified","Number of total transactions with cards issued by non-resident PSPs at terminals acquired by non-resident psp - terminal located in: Bulgaria","Number of total transactions with cards issued by non-resident PSPs at terminals acquired by non-resident psp - terminal located in: Bulgaria","PN",6]
["PTT.A.IE.W1.CY.EMP1.2.2220.N.EUR","A","IE","W1","CY","EMP1",2,2220,"N","EUR","2015",null,"Q",false,null,null,"P1Y",{"$nulls":4},"S",null,null,3,null,"Value of e-money payment transactions with cards with an e-money function at terminals acquired by resident PSP - terminal located in: Cyprus","Value of e-money payment transactions with cards with an e-money function at terminals acquired by resident PSP - terminal located in: Cyprus","EUR",6]
["PTT.A.IE.W1.DE.TRSO.2.2222.N.PN","A","IE","W1","DE","TRSO",2,2222,"N","PN","2014",null,"Q",false,null,null,"P1Y",{"$nulls":4},"S",null,null,3,null,"Number of POS transactions at terminals acquired by resident PSP - terminal located in: Germany","Number of POS transactions at terminals acquired by resident PSP - terminal located in: Germany","PN",6]
["PTT.A.IE.W1.DK.TRSO.2.2222.N.PN","A","IE","W1","DK","TRSO",2,2222,"N","PN","2016",null,"Q",false,null,null,"P1Y",{"$nulls":4},"S",null,null,3,null,"Number of POS transactions at terminals acquired by resident PSP - terminal located in: Denmark","Number of POS transactions at terminals acquired by resident PSP - terminal located in: Denmark","PN",6]
["PTT.A.IE.W1.FI.CD1.1.2221.N.EUR","A","IE","W1","FI","CD1",1,2221,"N","EUR","2023",null,"Q",false,null,null,"P1Y",{"$nulls":4},"S",null,null,3,"unspecified","Value of atm cash deposits with cards issued by non-resident PSPs at terminals acquired by non-resident psp - terminal located in: Finland","Value of atm cash deposits with cards issued by non-resident PSPs at terminals acquired by non-resident psp - terminal located in: Finland","EUR",6]
["PTT.A.IE.W1.FR.CD1.1.2221.N.PN","A","IE","W1","FR","CD1",1,2221,"N","PN","2015",0,"A",false,null,null,"P1Y",{"$nulls":4},"S",null,null,3,"unspecified","Number of atm cash deposits with cards issued by non-resident PSPs at terminals acquired by non-resident psp - terminal located in: France","Number of atm cash deposits with cards issued by non-resident PSPs at terminals acquired by non-resident psp - terminal located in: France","PN",6]
["PTT.A.IE.W1.G3.CW1.2.2221.N.EUR","A","IE","W1","G3","CW1",2,2221,"N","EUR","2023",0,"A",false,null,null,"P1Y",{"$nulls":4},"S",null,null,3,null,"Value of atm cash withdrawals with cards issued by non-resident PSPs at terminals acquired by resident psp - terminal located in: other EEA countries","Value of atm cash withdrawals with cards issued by non-resident PSPs at terminals acquired by resident psp - terminal located in: other EEA countries","EUR",6]
["PTT.A.IE.W1.GR.TRSO.1.2222.N.PN","A","IE","W1","GR","TRSO",1,2222,"N","PN","2023",2.810114,"A",false,null,null,"P1Y",{"$nulls":4},"S",null,null,3,"unspecified","Number of pos transactions with cards issued by non-resident PSPs at terminals acquired by non-resident psp - terminal located in: Greece","Number of pos transactions with cards issued by non-resident PSPs at terminals acquired by non-resident psp - terminal located in: Greece","PN",6]
["PTT.A.IE.W1.HR.TRSO.2.2222.N.EUR","A","IE","W1","HR","TRSO",2,2222,"N","EUR","2015",null,"Q",false,null,null,"P1Y",{"$nulls":4},"S",null,null,3,null,"Value of POS transactions at terminals acquired by resident PSP - terminal located in: Croatia","Value of POS transactions at terminals acquired by resident PSP - terminal located in: Croatia","EUR",6]
["PTT.A.IE.W1.IT.TRSO.2.2222.N.EUR","A","IE","W1","IT","TRSO",2,2222,"N","EUR","2016",null,"Q",false,null,null,"P1Y",{"$nulls":4},"S",null,null,3,null,"Value of POS transactions at terminals acquired by resident PSP - terminal located in: Italy","Value of POS transactions at terminals acquired by resident PSP - terminal located in: Italy","EUR",6]
["PTT.A.IE.W1.LT.EMP1.1.2220.N.PN","A","IE","W1","LT","EMP1",1,2220,"N","PN","2020",null,"Q",false,null,null,"P1Y",{"$nulls":4},"S",null,null,3,null,"Number of e-money payment transactions with cards with an e-money function at terminals acquired by non-resident PSP - terminal located in: Lithuania","Number of e-money payment transactions with cards with an e-money function at terminals acquired by non-resident PSP - terminal located in: Lithuania","PN",6]
["PTT.A.IE.W1.LV.TRSO.2.2222.N.EUR","A","IE","W1","LV","TRSO",2,2222,"N","EUR","2019",144.7529,"A",false,null,null,"P1Y",{"$nulls":4},"S",null,null,3,null,"Value of POS transactions at terminals acquired by resident PSP - terminal located in: Latvia","Value of POS transactions at terminals acquired by resident PSP - terminal located in: Latvia","EUR",6]
["PTT.A.IE.W1.NL.EMP1.1.2220.N.EUR","A","IE","W1","NL","EMP1",1,2220,"N","EUR","2022",null,"Q",false,null,null,"P1Y",{"$nulls":4},"S",null,null,3,"unspecified","Value of e-money payment transactions with cards with an e-money function with cards issued by non-resident PSPs at terminals acquired by non-resident psp - terminal located in: Netherlands","Value of e-money payment transactions with cards with an e-money function with cards issued by non-resident PSPs at terminals acquired by non-resident psp - terminal located in: Netherlands","EUR",6]
["PTT.A.IE.W1.PL.TRSO.2.2222.N.EUR","A","IE","W1","PL","TRSO",2,2222,"N","EUR","2021",null,"Q",false,null,null,"P1Y",{"$nulls":4},"S",null,null,3,null,"Value of POS transactions at terminals acquired by resident PSP - terminal located in: Poland","Value of POS transactions at terminals acquired by resident PSP - terminal located in: Poland","EUR",6]
["PTT.A.IE.W1.PT.EMP1.1.2220.N.EUR","A","IE","W1","PT","EMP1",1,2220,"N","EUR","2017",0,"A",false,null,null,"P1Y",{"$nulls":4},"S",null,null,3,"unspecified","Value of e-money payment transactions with cards with an e-money function with cards issued by non-resident PSPs at terminals acquired by non-resident psp - terminal located in: Portugal","Value of e-money payment transactions with cards with an e-money function with cards issued by non-resident PSPs at terminals acquired by non-resident psp - terminal located in: Portugal","EUR",6]
["PTT.A.IE.W1.SE.TRSO.1.2222.N.PN","A","IE","W1","SE","TRSO",1,2222,"N","PN","2016",0.67,"A",false,null,null,"P1Y",{"$nulls":4},"S",null,null,3,"unspecified","Number of pos transactions with cards issued by non-resident PSPs at terminals acquired by non-resident psp - terminal located in: Sweden","Number of pos transactions with cards issued by non-resident PSPs at terminals acquired by non-resident psp - terminal located in: Sweden","PN",6]
["PTT.A.IE.W1.SI.TRSO.1.2222.N.PN","A","IE","W1","SI","TRSO",1,2222,"N","PN","2018",0.0548,"A",false,null,null,"P1Y",{"$nulls":4},"S",null,null,3,"unspecified","Number of pos transactions with cards issued by non-resident PSPs at terminals acquired by non-resident psp - terminal located in: Slovenia","Number of pos transactions with cards issued by non-resident PSPs at terminals acquired by non-resident psp - terminal located in: Slovenia","PN",6]
["PTT.A.IE.W1.W0.EMLU.2.2220.N.PN","A","IE","W1","W0","EMLU",2,2220,"N","PN","2019",0,"A",false,null,null,"P1Y",{"$nulls":4},"S",null,null,3,null,"Total number of e-money card loading and unloading transactions with cards issued by non-resident PSPs at terminals acquired by resident psp","Total number of e-money card loading and unloading transactions with cards issued by non-resident PSPs at terminals acquired by resident psp","PN",6]
["PTT.A.IE.W1.W0.TRSO.1.2222.G1.EUR","A","IE","W1","W0","TRSO",1,2222,"G1","EUR","2007",null,"M",false,null,null,"P1Y",{"$nulls":4},"S",null,null,3,null,"Value of POS transactions at terminals acquired by non-resident PSP - terminal located in: World","Value of POS transactions at terminals acquired by non-resident PSP - terminal located in: World","EUR",0]
["PTT.A.IE.W1.W1.EMLU.2.2220.N.EUR","A","IE","W1","W1","EMLU",2,2220,"N","EUR","2022",0,"A",false,null,null,"P1Y",{"$nulls":4},"S",null,null,3,"unspecified","Value of e-money card loading and unloading transactions with cards issued by non-resident PSPs at terminals acquired by resident psp - terminal located in: Rest of the World","Value of e-money card loading and unloading transactions with cards issued by non-resident PSPs at terminals acquired by resident psp - terminal located in: Rest of the World","EUR",6]
["PTT.A.IE.W2.BE.EMLU.2.2220.N.EUR","A","IE","W2","BE","EMLU",2,2220,"N","EUR","2015",null,"Q",false,null,null,"P1Y",{"$nulls":4},"S",null,null,3,null,"Value of E-money card loading and unloading at terminals acquired by resident PSP - terminal located in: Belgium","Value of E-money card loading and unloading at terminals acquired by resident PSP - terminal located in: Belgium","EUR",6]
["PTT.A.IE.W2.CY.EMLU.2.2220.N.EUR","A","IE","W2","CY","EMLU",2,2220,"N","EUR","2017",null,"Q",false,null,null,"P1Y",{"$nulls":4},"S",null,null,3,null,"Value of E-money card loading and unloading at terminals acquired by resident PSP - terminal located in: Cyprus","Value of E-money card loading and unloading at terminals acquired by resident PSP - terminal located in: Cyprus","EUR",6]
["PTT.A.IE.W2.EE.TRSO.2.2222.N.PN","A","IE","W2","EE","TRSO",2,2222,"N","PN","2020",0.0029,"A",false,null,null,"P1Y",{"$nulls":4},"S",null,null,3,null,"Number of POS transactions at terminals acquired by resident PSP - terminal located in: Estonia","Number of POS transactions at terminals acquired by resident PSP - terminal located in: Estonia","PN",6]
["PTT.A.IE.W2.FI.CW1.2.2221.N.EUR","A","IE","W2","FI","CW1",2,2221,"N","EUR","2022",null,"Q",false,null,null,"P1Y",{"$nulls":4},"S",null,null,3,null,"Value of ATM cash withdrawals at terminals acquired by resident PSP - terminal located in: Finland","Value of ATM cash withdrawals at terminals acquired by resident PSP - terminal located in: Finland","EUR",6]
["PTT.A.IE.W2.GR.EMP1.2.2220.N.EUR","A","IE","W2","GR","EMP1",2,2220,"N","EUR","2016",null,"Q",false,null,null,"P1Y",{"$nulls":4},"S",null,null,3,null,"Value of e-money payment transactions with cards with an e-money function at terminals acquired by resident PSP - terminal located in: Greece","Value of e-money payment transactions with cards with an e-money function at terminals acquired by resident PSP - terminal located in: Greece","EUR",6]
["PTT.A.IE.W2.IT.CW1.2.2221.N.PN","A","IE","W2","IT","CW1",2,2221,"N","PN","2014",null,"Q",false,null,null,"P1Y",{"$nulls":4},"S",null,null,3,null,"Number of ATM cash withdrawals at terminals acquired by resident PSP - terminal located in: Italy","Number of ATM cash withdrawals at terminals acquired by resident PSP - terminal located in: Italy","PN",6]
["PTT.A.IE.W2.NL.CD1.2.2221.N.EUR","A","IE","W2","NL","CD1",2,2221,"N","EUR","2023",null,"Q",false,null,null,"P1Y",{"$nulls":4},"S",null,null,3,null,"Value of ATM cash deposits at terminals acquired by resident PSP - terminal located in: Netherlands","Value of ATM cash deposits at terminals acquired by resident PSP - terminal located in: Netherlands","EUR",6]
["PTT.A.IE.W2.PL.CW1.2.2221.N.PN","A","IE","W2","PL","CW1",2,2221,"N","PN","2017",0,"A",false,null,null,"P1Y",{"$nulls":4},"S",null,null,3,"unspecified","Number of atm cash withdrawals with cards issued by resident PSPs at terminals acquired by resident psp - terminal location: Poland","Number of atm cash withdrawals with cards issued by resident PSPs at terminals acquired by resident psp - terminal location: Poland","PN",6]
["PTT.A.IE.W2.SI.TRSO.2.2222.N.EUR","A","IE","W2","SI","TRSO",2,2222,"N","EUR","2020",0.1746,"A",false,null,null,"P1Y",{"$nulls":4},"S",null,null,3,null,"Value of POS transactions at terminals acquired by resident PSP - terminal located in: Slovenia","Value of POS transactions at terminals acquired by resident PSP - terminal located in: Slovenia","EUR",6]
["PTT.A.IE.W2.W0.EMLU.2.2220.G1.EUR","A","IE","W2","W0","EMLU",2,2220,"G1","EUR","2018",null,"M",false,null,null,"P1Y",{"$nulls":4},"S",null,null,3,null,"Value of E-money card loading and unloading at terminals acquired by resident PSP - terminal located in: World","Value of E-money card loading and unloading at terminals acquired by resident PSP - terminal located in: World","EUR",0]
["PTT.A.IE.W2.W1.EMP1.2.2220.N.EUR","A","IE","W2","W1","EMP1",2,2220,"N","EUR","2018",0,"A",false,null,null,"P1Y",{"$nulls":4},"S",null,null,3,null,"Value of e-money payment transactions with cards with an e-money function with cards issued by resident PSPs at terminals acquired by resident psp - terminal location: Rest of the World","Value of e-money payment transactions with cards with an e-money function with cards issued by resident PSPs at terminals acquired by resident psp - terminal location: Rest of the World","EUR",6]
["PTT.A.IT.W1.AT.TRSO.1.2222.N.PN","A","IT","W1","AT","TRSO",1,2222,"N","PN","2017",1.816,"A",false,null,null,"P1Y",{"$nulls":4},"S",null,null,3,"unspecified","Number of pos transactions with cards issued by non-resident PSPs at terminals acquired by non-resident psp - terminal located in: Austria","Number of pos transactions with cards issued by non-resident PSPs at terminals acquired by non-resident psp - terminal located in: Austria","PN",6]
["PTT.A.IT.W1.BE.EMLU.2.2220.N.EUR","A","IT","W1","BE","EMLU",2,2220,"N","EUR","2023",0,"A",false,null,null,"P1Y",{"$nulls":4},"S",null,null,3,"unspecified","Value of e-money card loading and unloading transactions with cards issued by non-resident PSPs at terminals acquired by resident psp - terminal located in: Belgium","Value of e-money card loading and unloading transactions with cards issued by non-resident PSPs at terminals acquired by resident psp - terminal located in: Belgium","EUR",6]
["PTT.A.IT.W1.CY.TRSC.2.2221.N.PN","A","IT","W1","CY","TRSC",2,2221,"N","PN","2022",0,"A",false,null,null,"P1Y",{"$nulls":4},"S",null,null,3,null,"Number of other atm transactions with cards issued by non-resident PSPs at terminals acquired by resident psp - terminal located in: Cyprus","Number of other atm transactions with cards issued by non-resident PSPs at terminals acquired by resident psp - terminal located in: Cyprus","PN",6]
["PTT.A.IT.W1.CZ.TRSO.1.2222.N.EUR","A","IT","W1","CZ","TRSO",1,2222,"N","EUR","2014",7.412,"A",false,null,null,"P1Y",{"$nulls":4},"S",null,null,3,"unspecified","Value of pos transactions with cards issued by non-resident PSPs at terminals acquired by non-resident psp - terminal located in: Czech Republic","Value of pos transactions with cards issued by non-resident PSPs at terminals acquired by non-resident psp - terminal located in: Czech Republic","EUR",6]
["PTT.A.IT.W1.DK._T.1.2220.N.PN","A","IT","W1","DK","_T",1,2220,"N","PN","2021",2.693435,"A",false,null,null,"P1Y",{"$nulls":4},"S",null,null,3,"unspecified","Number of total transactions with cards issued by non-resident PSPs at terminals acquired by non-resident psp - terminal located in: Denmark","Number of total transactions with cards issued by non-resident PSPs at terminals acquired by non-resident psp - terminal located in: Denmark","PN",6]
["PTT.A.IT.W1.EE.TRSO.2.2222.N.PN","A","IT","W1","EE","TRSO",2,2222,"N","PN","2019",0,"A",false,null,null,"P1Y",{"$nulls":4},"S",null,null,3,"unspecified","Number of pos transactions with cards issued by non-resident PSPs at terminals acquired by resident psp - terminal located in: Estonia","Number of pos transactions with cards issued by non-resident PSPs at terminals acquired by resident psp - terminal located in: Estonia","PN",6]
["PTT.A.IT.W1.FR.CD1.2.2221.N.PN","A","IT","W1","FR","CD1",2,2221,"N","PN","2019",null,"M",false,null,null,"P1Y",{"$nulls":4},"S",null,null,3,null,"Number of ATM cash deposits at terminals acquired by resident PSP - terminal located in: France","Number of ATM cash deposits at terminals acquired by resident PSP - terminal located in: France","PN",6]
["PTT.A.IT.W1.FR._T.1.2220.N.EUR","A","IT","W1","FR","_T",1,2220,"N","EUR","2017",685.144,"A",false,null,null,"P1Y",{"$nulls":4},"S",null,null,3,"unspecified","Value of total transactions with cards issued by non-resident PSPs at terminals acquired by non-resident psp - terminal located in: France","Value of total transactions with cards issued by non-resident PSPs at terminals acquired by non-resident psp - terminal located in: France","EUR",6]
["PTT.A.IT.W1.HR.CD1.2.2221.N.PN","A","IT","W1","HR","CD1",2,2221,"N","PN","2022",null,"M",false,null,null,"P1Y",{"$nulls":4},"S",null,null,3,null,"Number of ATM cash deposits at terminals acquired by resident PSP - terminal located in: Croatia","Number of ATM cash deposits at terminals acquired by resident PSP - terminal located in: Croatia","PN",6]
["PTT.A.IT.W1.HR._T.1.2220.N.EUR","A","IT","W1","HR","_T",1,2220,"N","EUR","2020",48.402444,"A",false,null,null,"P1Y",{"$nulls":4},"S",null,null,3,"unspecified","Value of total transactions with cards issued by non-resident PSPs at terminals acquired by non-resident psp - terminal located in: Croatia","Value of total transactions with cards issued by non-resident PSPs at terminals acquired by non-resident psp - terminal located in: Croatia","EUR",6]
["PTT.A.IT.W1.HU._T.1.2220.N.PN","A","IT","W1","HU","_T",1,2220,"N","PN","2016",0.553,"A",false,null,null,"P1Y",{"$nulls":4},"S",null,null,3,"unspecified","Number of total transactions with cards issued by non-resident PSPs at terminals acquired by non-resident psp - terminal located in: Hungary","Number of total transactions with cards issued by non-resident PSPs at terminals acquired by non-resident psp - terminal located in: Hungary","PN",6]
["PTT.A.IT.W1.LT.TRSC.1.2221.N.EUR","A","IT","W1","LT","TRSC",1,2221,"N","EUR","2022",0.018596,"A",false,null,null,"P1Y",{"$nulls":4},"S",null,null,3,null,"Value of other atm transactions with cards issued by non-resident PSPs at terminals acquired by non-resident psp - terminal located in: Lithuania","Value of other atm transactions with cards issued by non-resident PSPs at terminals acquired by non-resident psp - terminal located in: Lithuania","EUR",6]
["PTT.A.IT.W1.LV._T.1.2220.N.EUR","A","IT","W1","LV","_T",1,2220,"N","EUR","2023",9.434776,"A",false,null,null,"P1Y",{"$nulls":4},"S",null,null,3,"unspecified","Value of total transactions with cards issued by non-resident PSPs at terminals acquired by non-resident psp - terminal located in: Latvia","Value of total transactions with cards issued by non-resident PSPs at terminals acquired by non-resident psp - terminal located in: Latvia","EUR",6]
["PTT.A.IT.W1.MT.EMP1.2.2220.N.EUR","A","IT","W1","MT","EMP1",2,2220,"N","EUR","2019",null,"M",false,null,null,"P1Y",{"$nulls":4},"S",null,null,3,"unspecified","Value of e-money payment transactions with cards with an e-money function with cards issued by non-resident PSPs at terminals acquired by resident psp - terminal located in: Malta","Value of e-money payment transactions with cards with an e-money function with cards issued by non-resident PSPs at terminals acquired by resident psp - terminal located in: Malta","EUR",6]
["PTT.A.IT.W1.NL.EMP1.2.2220.N.EUR","A","IT","W1","NL","EMP1",2,2220,"N","EUR","2021",null,"M",false,null,null,"P1Y",{"$nulls":4},"S",null,null,3,"unspecified","Value of e-money payment transactions with cards with an e-money function with cards issued by non-resident PSPs at terminals acquired by resident psp - terminal located in: Netherlands","Value of e-money payment transactions with cards with an e-money function with cards issued by non-resident PSPs at terminals acquired by resident psp - terminal located in: Netherlands","EUR",6]
["PTT.A.IT.W1.PT.EMP1.2.2220.N.EUR","A","IT","W1","PT","EMP1",2,2220,"N","EUR","2022",0.603618,"A",false,null,null,"P1Y",{"$nulls":4},"S",null,null,3,"unspecified","Value of e-money payment transactions with cards with an e-money function with cards issued by non-resident PSPs at terminals acquired by resident psp - terminal located in: Portugal","Value of e-money payment transactions with cards with an e-money function with cards issued by non-resident PSPs at terminals acquired by resident psp - terminal located in: Portugal","EUR",6]
["PTT.A.IT.W1.RO._T.1.2220.N.PN","A","IT","W1","RO","_T",1,2220,"N","PN","2019",3,"A",false,null,null,"P1Y",{"$nulls":4},"S",null,null,3,"unspecified","Number of total transactions with cards issued by non-resident PSPs at terminals acquired by non-resident psp - terminal located in: Romania","Number of total transactions with cards issued by non-resident PSPs at terminals acquired by non-resident psp - terminal located in: Romania","PN",6]
["PTT.A.IT.W1.SI.TRSO.2.2222.N.PN","A","IT","W1","SI","TRSO",2,2222,"N","PN","2022",0.03356,"A",false,null,null,"P1Y",{"$nulls":4},"S",null,null,3,"unspecified","Number of pos transactions with cards issued by non-resident PSPs at terminals acquired by resident psp - terminal located in: Slovenia","Number of pos transactions with cards issued by non-resident PSPs at terminals acquired by resident psp - terminal located in: Slovenia","PN",6]
["PTT.A.IT.W1.SK.EMP1.1.2220.N.PN","A","IT","W1","SK","EMP1",1,2220,"N","PN","2018",0.154925,"A",false,null,null,"P1Y",{"$nulls":4},"S",null,null,3,"unspecified","Number of e-money payment transactions with cards with an e-money function with cards issued by non-resident PSPs at terminals acquired by non-resident psp - terminal located in: Slovakia","Number of e-money payment transactions with cards with an e-money function with cards issued by non-resident PSPs at terminals acquired by non-resident psp - terminal located in: Slovakia","PN",6]
["PTT.A.IT.W1.W0._T.2.2220.N.EUR","A","IT","W1","W0","_T",2,2220,"N","EUR","2005",null,"M",false,null,null,"P1Y",{"$nulls":4},"S",null,null,3,null,"Total value of total transactions with cards issued by non-resident PSPs at terminals acquired by resident psp","Total value of total transactions with cards issued by non-resident PSPs at terminals acquired by resident psp","EUR",6]
["PTT.A.IT.W1.W1.EMP1.1.2220.N.PN","A","IT","W1","W1","EMP1",1,2220,"N","PN","2017",123,"A",false,null,null,"P1Y",{"$nulls":4},"S",null,null,3,"unspecified","Number of e-money payment transactions with cards with an e-money function with cards issued by non-resident PSPs at terminals acquired by non-resident psp - terminal located in: Rest of the World","Number of e-money payment transactions with cards with an e-money function with cards issued by non-resident PSPs at terminals acquired by non-resident psp - terminal located in: Rest of the World","PN",6]
["PTT.A.IT.W2.BG.CD1.2.2221.N.PN","A","IT","W2","BG","CD1",2,2221,"N","PN","2020",null,"M",false,null,null,"P1Y",{"$nulls":4},"S",null,null,3,null,"Number of ATM cash deposits at terminals acquired by resident PSP - terminal located in: Bulgaria","Number of ATM cash deposits at terminals acquired by resident PSP - terminal located in: Bulgaria","PN",6]
["PTT.A.IT.W2.CY.EMP1.2.2220.N.PN","A","IT","W2","CY","EMP1",2,2220,"N","PN","2018",0,"A",false,null,null,"P1Y",{"$nulls":4},"S",null,null,3,"unspecified","Number of e-money payment transactions with cards with an e-money function with cards issued by resident PSPs at terminals acquired by resident psp - terminal location: Cyprus","Number of e-money payment transactions with cards with an e-money function with cards issued by resident PSPs at terminals acquired by resident psp - terminal location: Cyprus","PN",6]
["PTT.A.IT.W2.ES.CD1.2.2221.N.EUR","A","IT","W2","ES","CD1",2,2221,"N","EUR","2014",0,"A",false,null,null,"P1Y",{"$nulls":4},"S",null,null,3,null,"Value of ATM cash deposits at terminals acquired by resident PSP - terminal located in: Spain","Value of ATM cash deposits at terminals acquired by resident PSP - terminal located in: Spain","EUR",6]
["PTT.A.IT.W2.FR.CD1.2.2221.N.EUR","A","IT","W2","FR","CD1",2,2221,"N","EUR","2016",null,"M",false,null,null,"P1Y",{"$nulls":4},"S",null,null,3,null,"Value of ATM cash deposits at terminals acquired by resident PSP - terminal located in: France","Value of ATM cash deposits at terminals acquired by resident PSP - terminal located in: France","EUR",6]
["PTT.A.IT.W2.G1.EMLU.2.2220.N.PN","A","IT","W2","G1","EMLU",2,2220,"N","PN","2018",0,"A",false,null,null,"P1Y",{"$nulls":4},"S",null,null,3,"unspecified","Number of e-money card loading and unloading transactions with cards issued by resident PSPs at terminals acquired by resident psp - terminal location: outside EEA","Number of e-money card loading and unloading transactions with cards issued by resident PSPs at terminals acquired by resident psp - terminal location: outside EEA","PN",6]
["PTT.A.IT.W2.IE.TRSC.2.2221.N.PN","A","IT","W2","IE","TRSC",2,2221,"N","PN","2023",0,"A",false,null,null,"P1Y",{"$nulls":4},"S",null,null,3,null,"Number of other atm transactions with cards issued by resident PSPs at terminals acquired by resident psp - terminal location: Ireland","Number of other atm transactions with cards issued by resident PSPs at terminals acquired by resident psp - terminal location: Ireland","PN",6]
["PTT.A.IT.W2.LU.CW1.2.2221.N.EUR","A","IT","W2","LU","CW1",2,2221,"N","EUR","2023",0.00025,"A",false,null,null,"P1Y",{"$nulls":4},"S",null,null,3,"unspecified","Value of atm cash withdrawals with cards issued by resident PSPs at terminals acquired by resident psp - terminal location: Luxembourg","Value of atm cash withdrawals with cards issued by resident PSPs at terminals acquired by resident psp - terminal location: Luxembourg","EUR",6]
["PTT.A.IT.W2.NO._T.2.2220.N.EUR","A","IT","W2","NO","_T",2,2220,"N","EUR","2023",0,"A",false,null,null,"P1Y",{"$nulls":4},"S",null,null,3,null,"Value of total transactions with cards issued by resident PSPs at terminals acquired by resident psp - terminal location: Norway","Value of total transactions with cards issued by resident PSPs at terminals acquired by resident psp - terminal location: Norway","EUR",6]
["PTT.A.IT.W2.RO.EMLU.2.2220.N.PN","A","IT","W2","RO","EMLU",2,2220,"N","PN","2023",0,"A",false,null,null,"P1Y",{"$nulls":4},"S",null,null,3,"unspecified","Number of e-money card loading and unloading transactions with cards issued by resident PSPs at terminals acquired by resident psp - terminal location: Romania","Number of e-money card loading and unloading transactions with cards issued by resident PSPs at terminals acquired by resident psp - terminal location: Romania","PN",6]
["PTT.A.IT.W2.W0.EMLU.2.2220.G1.PN","A","IT","W2","W0","EMLU",2,2220,"G1","PN","2021",17.74356001150834,"A",false,null,null,"P1Y",{"$nulls":4},"S",null,null,3,null,"Number of E-money card loading and unloading at terminals acquired by resident PSP - terminal located in: World","Number of E-money card loading and unloading at terminals acquired by resident PSP - terminal located in: World","PN",0]
["PTT.A.IT.W2.W0._T.2.2220.N.EUR","A","IT","W2","W0","_T",2,2220,"N","EUR","2019",482879.170673,"A",false,null,null,"P1Y",{"$nulls":4},"S",null,null,3,"2005 FOR THE WHOLE SERIES","Total value of total transactions with cards issued by resident PSPs at terminals acquired by resident psp","Total value of total transactions with cards issued by resident PSPs at terminals acquired by resident psp","EUR",6]
["PTT.A.LT.W1.AT.TRSO.2.2222.N.EUR","A","LT","W1","AT","TRSO",2,2222,"N","EUR","2013",null,"M",false,null,null,"P1Y",{"$nulls":4},"S",null,null,3,null,"Value of POS transactions at terminals acquired by resident PSP - terminal located in: Austria","Value of POS transactions at terminals acquired by resident PSP - terminal located in: Austria","EUR",6]
["PTT.A.LT.W1.BE.EMLU.2.2220.N.EUR","A","LT","W1","BE","EMLU",2,2220,"N","EUR","2013",null,"M",false,null,null,"P1Y",{"$nulls":4},"S",null,null,3,null,"Value of E-money card loading and unloading at terminals acquired by resident PSP - terminal located in: Belgium","Value of E-money card loading and unloading at terminals acquired by resident PSP - terminal located in: Belgium","EUR",6]
["PTT.A.LT.W1.CY.EMLU.2.2220.N.PN","A","LT","W1","CY","EMLU",2,2220,"N","PN","2019",null,"M",false,null,null,"P1Y",{"$nulls":4},"S",null,null,3,null,"Number of E-money card loading and unloading at terminals acquired by resident PSP - terminal located in: Cyprus","Number of E-money card loading and unloading at terminals acquired by resident PSP - terminal located in: Cyprus","PN",6]
["PTT.A.LT.W1.CZ.EMLU.1.2220.N.EUR","A","LT","W1","CZ","EMLU",1,2220,"N","EUR","2021",null,"M",false,null,null,"P1Y",{"$nulls":4},"S",null,null,3,null,"Value of E-money card loading and unloading at terminals acquired by non-resident PSP - terminal located in: Czech Republic","Value of E-money card loading and unloading at terminals acquired by non-resident PSP - terminal located in: Czech Republic","EUR",6]
["PTT.A.LT.W1.DK.EMLU.1.2220.N.PN","A","LT","W1","DK","EMLU",1,2220,"N","PN","2019",null,"M",false,null,null,"P1Y",{"$nulls":4},"S",null,null,3,null,"Number of E-money card loading and unloading at terminals acquired by non-resident PSP - terminal located in: Denmark","Number of E-money card loading and unloading at terminals acquired by non-resident PSP - terminal located in: Denmark","PN",6]
["PTT.A.LT.W1.EE.CW1.2.2221.N.PN","A","LT","W1","EE","CW1",2,2221,"N","PN","2019",null,"M",false,null,null,"P1Y",{"$nulls":4},"S",null,null,3,null,"Number of ATM cash withdrawals at terminals acquired by resident PSP - terminal located in: Estonia","Number of ATM cash withdrawals at terminals acquired by resident PSP - terminal located in: Estonia","PN",6]
["PTT.A.LT.W1.EE._T.2.2220.N.EUR","A","LT","W1","EE","_T",2,2220,"N","EUR","2022",null,"Q",false,null,null,"P1Y",{"$nulls":4},"S",null,null,3,null,"Value of total transactions at terminals acquired by resident PSP - terminal located in: Estonia","Value of total transactions at terminals acquired by resident PSP - terminal located in: Estonia","EUR",6]
["PTT.A.LT.W1.FI._T.2.2220.N.PN","A","LT","W1","FI","_T",2,2220,"N","PN","2020",null,"M",false,null,null,"P1Y",{"$nulls":4},"S",null,null,3,null,"Number of total transactions at terminals acquired by resident PSP - terminal located in: Finland","Number of total transactions at terminals acquired by resident PSP - terminal located in: Finland","PN",6]
["PTT.A.LT.W1.G1.TRSO.2.2222.N.PN","A","LT","W1","G1","TRSO",2,2222,"N","PN","2014",null,"M",false,null,null,"P1Y",{"$nulls":4},"S",null,null,3,null,"Number of pos transactions with cards issued by non-resident PSPs at terminals acquired by resident psp - terminal located in: outside EEA","Number of pos transactions with cards issued by non-resident PSPs at terminals acquired by resident psp - terminal located in: outside EEA","PN",6]
["PTT.A.LT.W1.GR.TRSO.1.2222.N.PN","A","LT","W1","GR","TRSO",1,2222,"N","PN","2016",0.093,"A",false,null,null,"P1Y",{"$nulls":4},"S",null,null,3,null,"Number of POS transactions at terminals acquired by non-resident PSP - terminal located in: Greece","Number of POS transactions at terminals acquired by non-resident PSP - terminal located in: Greece","PN",6]
["PTT.A.LT.W1.HR.TRSC.1.2221.N.EUR","A","LT","W1","HR","TRSC",1,2221,"N","EUR","2022",0,"A",false,null,null,"P1Y",{"$nulls":4},"S",null,null,3,null,"Value of other atm transactions with cards issued by non-resident PSPs at terminals acquired by non-resident psp - terminal located in: Croatia","Value of other atm transactions with cards issued by non-resident PSPs at terminals acquired by non-resident psp - terminal located in: Croatia","EUR",6]
["PTT.A.LT.W1.IE.TRSO.1.2222.N.EUR","A","LT","W1","IE","TRSO",1,2222,"N","EUR","2014",null,"M",false,null,null,"P1Y",{"$nulls":4},"S",null,null,3,null,"Value of POS transactions at terminals acquired by non-resident PSP - terminal located in: Ireland","Value of POS transactions at terminals acquired by non-resident PSP - terminal located in: Ireland","EUR",6]
["PTT.A.LT.W1.IT.CD1.2.2221.N.PN","A","LT","W1","IT","CD1",2,2221,"N","PN","2013",null,"M",false,null,null,"P1Y",{"$nulls":4},"S",null,null,3,null,"Number of ATM cash deposits at terminals acquired by resident PSP - terminal located in: Italy","Number of ATM cash deposits at terminals acquired by resident PSP - terminal located in: Italy","PN",6]
["PTT.A.LT.W1.LV.CW1.1.2221.N.PN","A","LT","W1","LV","CW1",1,2221,"N","PN","2018",0.035,"A",false,null,null,"P1Y",{"$nulls":4},"S",null,null,3,null,"Number of ATM cash withdrawals at terminals acquired by non-resident PSP - terminal located in: Latvia","Number of ATM cash withdrawals at terminals acquired by non-resident PSP - terminal located in: Latvia","PN",6]
["PTT.A.LT.W1.MT.EMP1.1.2220.N.EUR","A","LT","W1","MT","EMP1",1,2220,"N","EUR","2022",null,"Q",false,null,null,"P1Y",{"$nulls":4},"S",null,null,3,null,"Value of e-money payment transactions with cards with an e-money function at terminals acquired by non-resident PSP - terminal located in: Malta","Value of e-money payment transactions with cards with an e-money function at terminals acquired by non-resident PSP - terminal located in: Malta","EUR",6]
["PTT.A.LT.W1.NL._T.1.2220.N.PN","A","LT","W1","NL","_T",1,2220,"N","PN","2018",null,"Q",false,null,null,"P1Y",{"$nulls":4},"S",null,null,3,null,"Number of total transactions at terminals acquired by non-resident PSP - terminal located in: Netherlands","Number of total transactions at terminals acquired by non-resident PSP - terminal located in: Netherlands","PN",6]
["PTT.A.LT.W1.PL.EMP1.2.2220.N.PN","A","LT","W1","PL","EMP1",2,2220,"N","PN","2014",null,"M",false,null,null,"P1Y",{"$nulls":4},"S",null,null,3,null,"Number of e-money payment transactions with cards with an e-money function at terminals acquired by resident PSP - terminal located in: Poland","Number of e-money payment transactions with cards with an e-money function at terminals acquired by resident PSP - terminal located in: Poland","PN",6]
["PTT.A.LT.W1.PT.CW1.2.2221.N.EUR","A","LT","W1","PT","CW1",2,2221,"N","EUR","2017",null,"M",false,null,null,"P1Y",{"$nulls":4},"S",null,null,3,null,"Value of ATM cash withdrawals at terminals acquired by resident PSP - terminal located in: Portugal","Value of ATM cash withdrawals at terminals acquired by resident PSP - terminal located in: Portugal","EUR",6]
["PTT.A.LT.W1.SE.EMP1.1.2220.N.PN","A","LT","W1","SE","EMP1",1,2220,"N","PN","2023",null,"Q",false,null,null,"P1Y",{"$nulls":4},"S",null,null,3,null,"Number of e-money payment transactions with cards with an e-money function at terminals acquired by non-resident PSP - terminal located in: Sweden","Number of e-money payment transactions with cards with an e-money function at terminals acquired by non-resident PSP - terminal located in: Sweden","PN",6]
["PTT.A.LT.W1.SI.CW1.1.2221.N.PN","A","LT","W1","SI","CW1",1,2221,"N","PN","2015",null,"Q",false,null,null,"P1Y",{"$nulls":4},"S",null,null,3,null,"Number of ATM cash withdrawals at terminals acquired by non-resident PSP - terminal located in: Slovenia","Number of ATM cash withdrawals at terminals acquired by non-resident PSP - terminal located in: Slovenia","PN",6]
["PTT.A.LT.W1.W0.EMLU.1.2220.N.PN","A","LT","W1","W0","EMLU",1,2220,"N","PN","2004",null,"M",false,null,null,"P1Y",{"$nulls":4},"S",null,null,3,null,"Total number of e-money card loading and unloading transactions with cards issued by non-resident PSPs at terminals acquired by non-resident psp","Total number of e-money card loading and unloading transactions with cards issued by non-resident PSPs at terminals acquired by non-resident psp","PN",6]
["PTT.A.LT.W1.W0.EMP1.2.2220.G1.EUR","A","LT","W1","W0","EMP1",2,2220,"G1","EUR","2019",null,"M",false,null,null,"P1Y",{"$nulls":4},"S",null,null,3,null,"Value of e-money payment transactions with cards with an e-money function at terminals acquired by resident PSP - terminal located in: World","Value of e-money payment transactions with cards with an e-money function at terminals acquired by resident PSP - terminal located in: World","EUR",0]
["PTT.A.LT.W1.W2.CD1.2.2221.N.PN","A","LT","W1","W2","CD1",2,2221,"N","PN","2020",null,"M",false,null,null,"P1Y",{"$nulls":4},"S",null,null,3,null,"Number of atm cash deposits with cards issued by non-resident PSPs at terminals acquired by resident psp - terminal located in: domestic","Number of atm cash deposits with cards issued by non-resident PSPs at terminals acquired by resident psp - terminal located in: domestic","PN",6]
["PTT.A.LT.W2.AT.CD1.2.2221.N.PN","A","LT","W2","AT","CD1",2,2221,"N","PN","2020",null,"M",false,null,null,"P1Y",{"$nulls":4},"S",null,null,3,null,"Number of ATM cash deposits at terminals acquired by resident PSP - terminal located in: Austria","Number of ATM cash deposits at terminals acquired by resident PSP - terminal located in: Austria","PN",6]
["PTT.A.LT.W2.CZ.CW1.2.2221.N.EUR","A","LT","W2","CZ","CW1",2,2221,"N","EUR","2018",null,"M",false,null,null,"P1Y",{"$nulls":4},"S",null,null,3,null,"Value of ATM cash withdrawals at terminals acquired by resident PSP - terminal located in: Czech Republic","Value of ATM cash withdrawals at terminals acquired by resident PSP - terminal located in: Czech Republic","EUR",6]
["PTT.A.LT.W2.DE.EMP1.2.2220.N.EUR","A","LT","W2","DE","EMP1",2,2220,"N","EUR","2014",null,"M",false,null,null,"P1Y",{"$nulls":4},"S",null,null,3,null,"Value of e-money payment transactions with cards with an e-money function at terminals acquired by resident PSP - terminal located in: Germany","Value of e-money payment transactions with cards with an e-money function at terminals acquired by resident PSP - terminal located in: Germany","EUR",6]
["PTT.A.LT.W2.ES.CD1.2.2221.N.PN","A","LT","W2","ES","CD1",2,2221,"N","PN","2017",null,"M",false,null,null,"P1Y",{"$nulls":4},"S",null,null,3,null,"Number of ATM cash deposits at terminals acquired by resident PSP - terminal located in: Spain","Number of ATM cash deposits at terminals acquired by resident PSP - terminal located in: Spain","PN",6]
["PTT.A.LT.W2.G1.EMLU.2.2220.N.EUR","A","LT","W2","G1","EMLU",2,2220,"N","EUR","2022",0,"A",false,null,null,"P1Y",{"$nulls":4},"S",null,null,3,null,"Value of e-money card loading and unloading transactions with cards issued by resident PSPs at terminals acquired by resident psp - terminal location: outside EEA","Value of e-money card loading and unloading transactions with cards issued by resident PSPs at terminals acquired by resident psp - terminal location: outside EEA","EUR",6]
["PTT.A.LT.W2.IE.CW1.2.2221.N.PN","A","LT","W2","IE","CW1",2,2221,"N","PN","2014",null,"M",false,null,null,"P1Y",{"$nulls":4},"S",null,null,3,null,"Number of ATM cash withdrawals at terminals acquired by resident PSP - terminal located in: Ireland","Number of ATM cash withdrawals at terminals acquired by resident PSP - terminal located in: Ireland","PN",6]
["PTT.A.LT.W2.IT._T.2.2220.N.EUR","A","LT","W2","IT","_T",2,2220,"N","EUR","2019",null,"M",false,null,null,"P1Y",{"$nulls":4},"S",null,null,3,null,"Value of total transactions at terminals acquired by resident PSP - terminal located in: Italy","Value of total transactions at terminals acquired by resident PSP - terminal located in: Italy","EUR",6]
["PTT.A.LT.W2.LU._T.2.2220.N.PN","A","LT","W2","LU","_T",2,2220,"N","PN","2020",null,"M",false,null,null,"P1Y",{"$nulls":4},"S",null,null,3,null,"Number of total transactions at terminals acquired by resident PSP - terminal located in: Luxembourg","Number of total transactions at terminals acquired by resident PSP - terminal located in: Luxembourg","PN",6]
["PTT.A.LT.W2.NL.TRSO.2.2222.N.PN","A","LT","W2","NL","TRSO",2,2222,"N","PN","2018",null,"M",false,null,null,"P1Y",{"$nulls":4},"S",null,null,3,null,"Number of POS transactions at terminals acquired by resident PSP - terminal located in: Netherlands","Number of POS transactions at terminals acquired by resident PSP - terminal located in: Netherlands","PN",6]
["PTT.A.LT.W2.RO.TRSC.2.2221.N.PN","A","LT","W2","RO","TRSC",2,2221,"N","PN","2022",0,"A",false,null,null,"P1Y",{"$nulls":4},"S",null,null,3,null,"Number of other atm transactions with cards issued by resident PSPs at terminals acquired by resident psp - terminal location: Romania","Number of other atm transactions with cards issued by resident PSPs at terminals acquired by resident psp - terminal location: Romania","PN",6]
["PTT.A.LT.W2.W0.EMLU.2.2220.G1.PN","A","LT","W2","W0","EMLU",2,2220,"G1","PN","2004",null,"M",false,null,null,"P1Y",{"$nulls":4},"S",null,null,3,null,"Number of E-money card loading and unloading at terminals acquired by resident PSP - terminal located in: World","Number of E-money card loading and unloading at terminals acquired by resident PSP - terminal located in: World","PN",0]
["PTT.A.LT.W2.W1.CW1.2.2221.N.EUR","A","LT","W2","W1","CW1",2,2221,"N","EUR","2019",null,"M",false,null,null,"P1Y",{"$nulls":4},"S",null,null,3,null,"Value of atm cash withdrawals with cards issued by resident PSPs at terminals acquired by resident psp - terminal location: Rest of the World","Value of atm cash withdrawals with cards issued by resident PSPs at terminals acquired by resident psp - terminal location: Rest of the World","EUR",6]
["PTT.A.LU.W1.AT.TRSC.2.2221.N.EUR","A","LU","W1","AT","TRSC",2,2221,"N","EUR","2023",0,"A",false,null,null,"P1Y",{"$nulls":4},"S",null,null,3,null,"Value of other atm transactions with cards issued by non-resident PSPs at terminals acquired by resident psp - terminal located in: Austria","Value of other atm transactions with cards issued by non-resident PSPs at terminals acquired by resident psp - terminal located in: Austria","EUR",6]
["PTT.A.LU.W1.BE.EMLU.1.2220.N.PN","A","LU","W1","BE","EMLU",1,2220,"N","PN","2017",null,"M",false,null,null,"P1Y",{"$nulls":4},"S",null,null,3,null,"Number of E-money card loading and unloading at terminals acquired by non-resident PSP - terminal located in: Belgium","Number of E-money card loading and unloading at terminals acquired by non-resident PSP - terminal located in: Belgium","PN",6]
["PTT.A.LU.W1.BG.TRSC.1.2221.N.PN","A","LU","W1","BG","TRSC",1,2221,"N","PN","2022",0,"A",false,null,null,"P1Y",{"$nulls":4},"S",null,null,3,null,"Number of other atm transactions with cards issued by non-resident PSPs at terminals acquired by non-resident psp - terminal located in: Bulgaria","Number of other atm transactions with cards issued by non-resident PSPs at terminals acquired by non-resident psp - terminal located in: Bulgaria","PN",6]
["PTT.A.LU.W1.CZ.EMP1.2.2220.N.PN","A","LU","W1","CZ","EMP1",2,2220,"N","PN","2015",null,"M",false,null,null,"P1Y",{"$nulls":4},"S",null,null,3,null,"Number of e-money payment transactions with cards with an e-money function at terminals acquired by resident PSP - terminal located in: Czech Republic","Number of e-money payment transactions with cards with an e-money function at terminals acquired by resident PSP - terminal located in: Czech Republic","PN",6]
["PTT.A.LU.W1.DE.EMP1.2.2220.N.PN","A","LU","W1","DE","EMP1",2,2220,"N","PN","2017",null,"M",false,null,null,"P1Y",{"$nulls":4},"S",null,null,3,null,"Number of e-money payment transactions with cards with an e-money function at terminals acquired by resident PSP - terminal located in: Germany","Number of e-money payment transactions with cards with an e-money function at terminals acquired by resident PSP - terminal located in: Germany","PN",6]
["PTT.A.LU.W1.EE._T.1.2220.N.EUR","A","LU","W1","EE","_T",1,2220,"N","EUR","2016",1.728289,"A",false,null,null,"P1Y",{"$nulls":4},"S",null,null,3,"unspecified","Value of total transactions with cards issued by non-resident PSPs at terminals acquired by non-resident psp - terminal located in: Estonia","Value of total transactions with cards issued by non-resident PSPs at terminals acquired by non-resident psp - terminal located in: Estonia","EUR",6]
["PTT.A.LU.W1.FR.CD1.1.2221.N.PN","A","LU","W1","FR","CD1",1,2221,"N","PN","2023",0,"A",false,null,null,"P1Y",{"$nulls":4},"S",null,null,3,null,"Number of ATM cash deposits at terminals acquired by non-resident PSP - terminal located in: France","Number of ATM cash deposits at terminals acquired by non-resident PSP - terminal located in: France","PN",6]
["PTT.A.LU.W1.G1.CD1.2.2221.N.EUR","A","LU","W1","G1","CD1",2,2221,"N","EUR","2015",null,"M",false,null,null,"P1Y",{"$nulls":4},"S",null,null,3,null,"Value of atm cash deposits with cards issued by non-resident PSPs at terminals acquired by resident psp - terminal located in: outside EEA","Value of atm cash deposits with cards issued by non-resident PSPs at terminals acquired by resident psp - terminal located in: outside EEA","EUR",6]
["PTT.A.LU.W1.G1.TRSO.2.2222.N.EUR","A","LU","W1","G1","TRSO",2,2222,"N","EUR","2023",2118.437053,"A",false,null,null,"P1Y",{"$nulls":4},"S",null,null,3,"unspecified","Value of pos transactions with cards issued by non-resident PSPs at terminals acquired by resident psp - terminal located in: outside EEA","Value of pos transactions with cards issued by non-resident PSPs at terminals acquired by resident psp - terminal located in: outside EEA","EUR",6]
["PTT.A.LU.W1.HU.CD1.2.2221.N.EUR","A","LU","W1","HU","CD1",2,2221,"N","EUR","2017",null,"M",false,null,null,"P1Y",{"$nulls":4},"S",null,null,3,null,"Value of ATM cash deposits at terminals acquired by resident PSP - terminal located in: Hungary","Value of ATM cash deposits at terminals acquired by resident PSP - terminal located in: Hungary","EUR",6]
["PTT.A.LU.W1.HU.TRSO.2.2222.N.PN","A","LU","W1","HU","TRSO",2,2222,"N","PN","2015",36.593082,"A",false,null,null,"P1Y",{"$nulls":4},"S",null,null,3,"unspecified","Number of pos transactions with cards issued by non-resident PSPs at terminals acquired by resident psp - terminal located in: Hungary","Number of pos transactions with cards issued by non-resident PSPs at terminals acquired by resident psp - terminal located in: Hungary","PN",6]
["PTT.A.LU.W1.IT.TRSO.2.2222.N.PN","A","LU","W1","IT","TRSO",2,2222,"N","PN","2016",5.598457,"A",false,null,null,"P1Y",{"$nulls":4},"S",null,null,3,"unspecified","Number of pos transactions with cards issued by non-resident PSPs at terminals acquired by resident psp - terminal located in: Italy","Number of pos transactions with cards issued by non-resident PSPs at terminals acquired by resident psp - terminal located in: Italy","PN",6]
["PTT.A.LU.W1.LT.EMP1.2.2220.N.EUR","A","LU","W1","LT","EMP1",2,2220,"N","EUR","2020",null,"M",false,null,null,"P1Y",{"$nulls":4},"S",null,null,3,null,"Value of e-money payment transactions with cards with an e-money function at terminals acquired by resident PSP - terminal located in: Lithuania","Value of e-money payment transactions with cards with an e-money function at terminals acquired by resident PSP - terminal located in: Lithuania","EUR",6]
["PTT.A.LU.W1.MT.TRSO.2.2222.N.PN","A","LU","W1","MT","TRSO",2,2222,"N","PN","2019",0.4238,"A",false,null,null,"P1Y",{"$nulls":4},"S",null,null,3,"unspecified","Number of pos transactions with cards issued by non-resident PSPs at terminals acquired by resident psp - terminal located in: Malta","Number of pos transactions with cards issued by non-resident PSPs at terminals acquired by resident psp - terminal located in: Malta","PN",6]
["PTT.A.LU.W1.NL.CW1.2.2221.N.EUR","A","LU","W1","NL","CW1",2,2221,"N","EUR","2018",0,"A",false,null,null,"P1Y",{"$nulls":4},"S",null,null,3,"unspecified","Value of atm cash withdrawals with cards issued by non-resident PSPs at terminals acquired by resident psp - terminal located in: Netherlands","Value of atm cash withdrawals with cards issued by non-resident PSPs at terminals acquired by resident psp - terminal located in: Netherlands","EUR",6]
["PTT.A.LU.W1.PT.TRSO.2.2222.N.PN","A","LU","W1","PT","TRSO",2,2222,"N","PN","2021",1.271368,"A",false,null,null,"P1Y",{"$nulls":4},"S",null,null,3,"unspecified","Number of pos transactions with cards issued by non-resident PSPs at terminals acquired by resident psp - terminal located in: Portugal","Number of pos transactions with cards issued by non-resident PSPs at terminals acquired by resident psp - terminal located in: Portugal","PN",6]
["PTT.A.LU.W1.RO.EMP1.1.2220.N.PN","A","LU","W1","RO","EMP1",1,2220,"N","PN","2017",null,"M",false,null,null,"P1Y",{"$nulls":4},"S",null,null,3,null,"Number of e-money payment transactions with cards with an e-money function at terminals acquired by non-resident PSP - terminal located in: Romania","Number of e-money payment transactions with cards with an e-money function at terminals acquired by non-resident PSP - terminal located in: Romania","PN",6]
["PTT.A.LU.W1.SE.EMP1.1.2220.N.PN","A","LU","W1","SE","EMP1",1,2220,"N","PN","2019",null,"M",false,null,null,"P1Y",{"$nulls":4},"S",null,null,3,null,"Number of e-money payment transactions with cards with an e-money function at terminals acquired by non-resident PSP - terminal located in: Sweden","Number of e-money payment transactions with cards with an e-money function at terminals acquired by non-resident PSP - terminal located in: Sweden","PN",6]
["PTT.A.LU.W1.SK.TRSO.2.2222.N.EUR","A","LU","W1","SK","TRSO",2,2222,"N","EUR","2018",85.217257,"A",false,null,null,"P1Y",{"$nulls":4},"S",null,null,3,"unspecified","Value of pos transactions with cards issued by non-resident PSPs at terminals acquired by resident psp - terminal located in: Slovakia","Value of pos transactions with cards issued by non-resident PSPs at terminals acquired by resident psp - terminal located in: Slovakia","EUR",6]
["PTT.A.LU.W1.W0.CW1.2.2221.G1.PN","A","LU","W1","W0","CW1",2,2221,"G1","PN","2016",1.599030077331509,"A",false,null,null,"P1Y",{"$nulls":4},"S",null,null,3,null,"Number of ATM cash withdrawals at terminals acquired by resident PSP - terminal located in: World","Number of ATM cash withdrawals at terminals acquired by resident PSP - terminal located in: World","PN",0]
["PTT.A.LU.W1.W1.EMLU.2.2220.N.PN","A","LU","W1","W1","EMLU",2,2220,"N","PN","2023",0,"A",false,null,null,"P1Y",{"$nulls":4},"S",null,null,3,null,"Number of e-money card loading and unloading transactions with cards issued by non-resident PSPs at terminals acquired by resident psp - terminal located in: Rest of the World","Number of e-money card loading and unloading transactions with cards issued by non-resident PSPs at terminals acquired by resident psp - terminal located in: Rest of the World","PN",6]
["PTT.A.LU.W1.W2.EMLU.2.2220.N.PN","A","LU","W1","W2","EMLU",2,2220,"N","PN","2022",0,"A",false,null,null,"P1Y",{"$nulls":4},"S",null,null,3,null,"Number of e-money card loading and unloading transactions with cards issued by non-resident PSPs at terminals acquired by resident psp - terminal located in: domestic","Number of e-money card loading and unloading transactions with cards issued by non-resident PSPs at terminals acquired by resident psp - terminal located in: domestic","PN",6]
["PTT.A.LU.W2.CZ.CD1.2.2221.N.EUR","A","LU","W2","CZ","CD1",2,2221,"N","EUR","2015",null,"M",false,null,null,"P1Y",{"$nulls":4},"S",null,null,3,null,"Value of ATM cash deposits at terminals acquired by resident PSP - terminal located in: Czech Republic","Value of ATM cash deposits at terminals acquired by resident PSP - terminal located in: Czech Republic","EUR",6]
["PTT.A.LU.W2.DE.EMLU.2.2220.N.PN","A","LU","W2","DE","EMLU",2,2220,"N","PN","2017",0,"A",false,null,null,"P1Y",{"$nulls":4},"S",null,null,3,"unspecified","Number of e-money card loading and unloading transactions with cards issued by resident PSPs at terminals acquired by resident psp - terminal location: Germany","Number of e-money card loading and unloading transactions with cards issued by resident PSPs at terminals acquired by resident psp - terminal location: Germany","PN",6]
["PTT.A.LU.W2.FI._T.2.2220.N.EUR","A","LU","W2","FI","_T",2,2220,"N","EUR","2020",0.030382,"A",false,null,null,"P1Y",{"$nulls":4},"S",null,null,3,"unspecified","Value of total transactions with cards issued by resident PSPs at terminals acquired by resident psp - terminal location: Finland","Value of total transactions with cards issued by resident PSPs at terminals acquired by resident psp - terminal location: Finland","EUR",6]
["PTT.A.LU.W2.G1._T.2.2220.N.EUR","A","LU","W2","G1","_T",2,2220,"N","EUR","2022",1.692478,"A",false,null,null,"P1Y",{"$nulls":4},"S",null,null,3,"unspecified","Value of total transactions with cards issued by resident PSPs at terminals acquired by resident psp - terminal location: outside EEA","Value of total transactions with cards issued by resident PSPs at terminals acquired by resident psp - terminal location: outside EEA","EUR",6]
["PTT.A.LU.W2.IE.CD1.2.2221.N.EUR","A","LU","W2","IE","CD1",2,2221,"N","EUR","2016",null,"M",false,null,null,"P1Y",{"$nulls":4},"S",null,null,3,null,"Value of ATM cash deposits at terminals acquired by resident PSP - terminal located in: Ireland","Value of ATM cash deposits at terminals acquired by resident PSP - terminal located in: Ireland","EUR",6]
["PTT.A.LU.W2.LT.CD1.2.2221.N.PN","A","LU","W2","LT","CD1",2,2221,"N","PN","2016",null,"M",false,null,null,"P1Y",{"$nulls":4},"S",null,null,3,null,"Number of ATM cash deposits at terminals acquired by resident PSP - terminal located in: Lithuania","Number of ATM cash deposits at terminals acquired by resident PSP - terminal located in: Lithuania","PN",6]
["PTT.A.LU.W2.MT.CD1.2.2221.N.PN","A","LU","W2","MT","CD1",2,2221,"N","PN","2018",null,"M",false,null,null,"P1Y",{"$nulls":4},"S",null,null,3,null,"Number of ATM cash deposits at terminals acquired by resident PSP - terminal located in: Malta","Number of ATM cash deposits at terminals acquired by resident PSP - terminal located in: Malta","PN",6]
["PTT.A.LU.W2.RO.EMLU.2.2220.N.EUR","A","LU","W2","RO","EMLU",2,2220,"N","EUR","2017",0,"A",false,null,null,"P1Y",{"$nulls":4},"S",null,null,3,"unspecified","Value of e-money card loading and unloading transactions with cards issued by resident PSPs at terminals acquired by resident psp - terminal location: Romania","Value of e-money card loading and unloading transactions with cards issued by resident PSPs at terminals acquired by resident psp - terminal location: Romania","EUR",6]
["PTT.A.LU.W2.SI.EMLU.2.2220.N.EUR","A","LU","W2","SI","EMLU",2,2220,"N","EUR","2019",null,"M",false,null,null,"P1Y",{"$nulls":4},"S",null,null,3,"unspecified","Value of e-money card loading and unloading transactions with cards issued by resident PSPs at terminals acquired by resident psp - terminal location: Slovenia","Value of e-money card loading and unloading transactions with cards issued by resident PSPs at terminals acquired by resident psp - terminal location: Slovenia","EUR",6]
["PTT.A.LU.W2.W1.CW1.2.2221.N.EUR","A","LU","W2","W1","CW1",2,2221,"N","EUR","2023",0,"A",false,null,null,"P1Y",{"$nulls":4},"S",null,null,3,"unspecified","Value of atm cash withdrawals with cards issued by resident PSPs at terminals acquired by resident psp - terminal location: Rest of the World","Value of atm cash withdrawals with cards issued by resident PSPs at terminals acquired by resident psp - terminal location: Rest of the World","EUR",6]
["PTT.A.LU._Z.W0.CW0.1.1300.N.PN","A","LU","_Z","W0","CW0",1,1300,"N","PN","2008",null,"M",false,null,null,"P1Y",{"$nulls":4},"S",null,null,3,null,"Number of over-the-counter (otc) cash withdrawals - Luxembourg","Number of over-the-counter (otc) cash withdrawals - Luxembourg","PN",6]
["PTT.A.LV.W1.BE.TRSO.2.2222.N.EUR","A","LV","W1","BE","TRSO",2,2222,"N","EUR","2017",0,"A",false,null,null,"P1Y",{"$nulls":4},"S",null,null,3,"unspecified","Value of pos transactions with cards issued by non-resident PSPs at terminals acquired by resident psp - terminal located in: Belgium","Value of pos transactions with cards issued by non-resident PSPs at terminals acquired by resident psp - terminal located in: Belgium","EUR",6]
["PTT.A.LV.W1.BG.EMLU.2.2220.N.PN","A","LV","W1","BG","EMLU",2,2220,"N","PN","2023",null,"Q",false,null,null,"P1Y",{"$nulls":4},"S",null,null,3,"unspecified","Number of e-money card loading and unloading transactions with cards issued by non-resident PSPs at terminals acquired by resident psp - terminal located in: Bulgaria","Number of e-money card loading and unloading transactions with cards issued by non-resident PSPs at terminals acquired by resident psp - terminal located in: Bulgaria","PN",6]
["PTT.A.LV.W1.CZ.TRSO.1.2222.N.EUR","A","LV","W1","CZ","TRSO",1,2222,"N","EUR","2022",null,"Q",false,null,null,"P1Y",{"$nulls":4},"S",null,null,3,"unspecified","Value of pos transactions with cards issued by non-resident PSPs at terminals acquired by non-resident psp - terminal located in: Czech Republic","Value of pos transactions with cards issued by non-resident PSPs at terminals acquired by non-resident psp - terminal located in: Czech Republic","EUR",6]
["PTT.A.LV.W1.DE.TRSO.1.2222.N.PN","A","LV","W1","DE","TRSO",1,2222,"N","PN","2014",0.586,"A",false,null,null,"P1Y",{"$nulls":4},"S",null,null,3,"unspecified","Number of pos transactions with cards issued by non-resident PSPs at terminals acquired by non-resident psp - terminal located in: Germany","Number of pos transactions with cards issued by non-resident PSPs at terminals acquired by non-resident psp - terminal located in: Germany","PN",6]
["PTT.A.LV.W1.EE._T.2.2220.N.EUR","A","LV","W1","EE","_T",2,2220,"N","EUR","2021",null,"Q",false,null,null,"P1Y",{"$nulls":4},"S",null,null,3,"2005","Value of total transactions with cards issued by non-resident PSPs at terminals acquired by resident psp - terminal located in: Estonia","Value of total transactions with cards issued by non-resident PSPs at terminals acquired by resident psp - terminal located in: Estonia","EUR",6]
["PTT.A.LV.W1.FI.EMP1.2.2220.N.PN","A","LV","W1","FI","EMP1",2,2220,"N","PN","2019",0,"A",false,null,null,"P1Y",{"$nulls":4},"S",null,null,3,"unspecified","Number of e-money payment transactions with cards with an e-money function with cards issued by non-resident PSPs at terminals acquired by resident psp - terminal located in: Finland","Number of e-money payment transactions with cards with an e-money function with cards issued by non-resident PSPs at terminals acquired by resident psp - terminal located in: Finland","PN",6]
["PTT.A.LV.W1.G1.CW1.1.2221.N.EUR","A","LV","W1","G1","CW1",1,2221,"N","EUR","2019",85.6827625,"A",false,null,null,"P1Y",{"$nulls":4},"S",null,null,3,"unspecified","Value of atm cash withdrawals with cards issued by non-resident PSPs at terminals acquired by non-resident psp - terminal located in: outside EEA","Value of atm cash withdrawals with cards issued by non-resident PSPs at terminals acquired by non-resident psp - terminal located in: outside EEA","EUR",6]
["PTT.A.LV.W1.G1._T.1.2220.N.PN","A","LV","W1","G1","_T",1,2220,"N","PN","2017",5.033,"A",false,null,null,"P1Y",{"$nulls":4},"S",null,null,3,"unspecified","Number of total transactions with cards issued by non-resident PSPs at terminals acquired by non-resident psp - terminal located in: outside EEA","Number of total transactions with cards issued by non-resident PSPs at terminals acquired by non-resident psp - terminal located in: outside EEA","PN",6]
["PTT.A.LV.W1.GR.TRSC.2.2221.N.PN","A","LV","W1","GR","TRSC",2,2221,"N","PN","2023",null,"Q",false,null,null,"P1Y",{"$nulls":4},"S",null,null,3,null,"Number of other atm transactions with cards issued by non-resident PSPs at terminals acquired by resident psp - terminal located in: Greece","Number of other atm transactions with cards issued by non-resident PSPs at terminals acquired by resident psp - terminal located in: Greece","PN",6]
["PTT.A.LV.W1.HU._T.1.2220.N.PN","A","LV","W1","HU","_T",1,2220,"N","PN","2020",0.082,"A",false,null,null,"P1Y",{"$nulls":4},"S",null,null,3,"unspecified","Number of total transactions with cards issued by non-resident PSPs at terminals acquired by non-resident psp - terminal located in: Hungary","Number of total transactions with cards issued by non-resident PSPs at terminals acquired by non-resident psp - terminal located in: Hungary","PN",6]
["PTT.A.LV.W1.IT.EMLU.2.2220.N.PN","A","LV","W1","IT","EMLU",2,2220,"N","PN","2020",0,"A",false,null,null,"P1Y",{"$nulls":4},"S",null,null,3,"unspecified","Number of e-money card loading and unloading transactions with cards issued by non-resident PSPs at terminals acquired by resident psp - terminal located in: Italy","Number of e-money card loading and unloading transactions with cards issued by non-resident PSPs at terminals acquired by resident psp - terminal located in: Italy","PN",6]
["PTT.A.LV.W1.LT.TRSO.1.2222.N.EUR","A","LV","W1","LT","TRSO",1,2222,"N","EUR","2016",36.401,"A",false,null,null,"P1Y",{"$nulls":4},"S",null,null,3,"unspecified","Value of pos transactions with cards issued by non-resident PSPs at terminals acquired by non-resident psp - terminal located in: Lithuania","Value of pos transactions with cards issued by non-resident PSPs at terminals acquired by non-resident psp - terminal located in: Lithuania","EUR",6]
["PTT.A.LV.W1.LU.EMLU.1.2220.N.PN","A","LV","W1","LU","EMLU",1,2220,"N","PN","2022",null,"Q",false,null,null,"P1Y",{"$nulls":4},"S",null,null,3,"unspecified","Number of e-money card loading and unloading transactions with cards issued by non-resident PSPs at terminals acquired by non-resident psp - terminal located in: Luxembourg","Number of e-money card loading and unloading transactions with cards issued by non-resident PSPs at terminals acquired by non-resident psp - terminal located in: Luxembourg","PN",6]
["PTT.A.LV.W1.NL._T.2.2220.N.EUR","A","LV","W1","NL","_T",2,2220,"N","EUR","2015",0,"A",false,null,null,"P1Y",{"$nulls":4},"S",null,null,3,"unspecified","Value of total transactions with cards issued by non-resident PSPs at terminals acquired by resident psp - terminal located in: Netherlands","Value of total transactions with cards issued by non-resident PSPs at terminals acquired by resident psp - terminal located in: Netherlands","EUR",6]
["PTT.A.LV.W1.PL.EMLU.2.2220.N.EUR","A","LV","W1","PL","EMLU",2,2220,"N","EUR","2015",0,"A",false,null,null,"P1Y",{"$nulls":4},"S",null,null,3,"unspecified","Value of e-money card loading and unloading transactions with cards issued by non-resident PSPs at terminals acquired by resident psp - terminal located in: Poland","Value of e-money card loading and unloading transactions with cards issued by non-resident PSPs at terminals acquired by resident psp - terminal located in: Poland","EUR",6]
["PTT.A.LV.W1.RO.EMP1.2.2220.N.PN","A","LV","W1","RO","EMP1",2,2220,"N","PN","2022",null,"Q",false,null,null,"P1Y",{"$nulls":4},"S",null,null,3,"unspecified","Number of e-money payment transactions with cards with an e-money function with cards issued by non-resident PSPs at terminals acquired by resident psp - terminal located in: Romania","Number of e-money payment transactions with cards with an e-money function with cards issued by non-resident PSPs at terminals acquired by resident psp - terminal located in: Romania","PN",6]
["PTT.A.LV.W1.SI.CD1.2.2221.N.PN","A","LV","W1","SI","CD1",2,2221,"N","PN","2023",null,"Q",false,null,null,"P1Y",{"$nulls":4},"S",null,null,3,"unspecified","Number of atm cash deposits with cards issued by non-resident PSPs at terminals acquired by resident psp - terminal located in: Slovenia","Number of atm cash deposits with cards issued by non-resident PSPs at terminals acquired by resident psp - terminal located in: Slovenia","PN",6]
["PTT.A.LV.W1.SK._T.1.2220.N.EUR","A","LV","W1","SK","_T",1,2220,"N","EUR","2022",2.31738147,"A",false,null,null,"P1Y",{"$nulls":4},"S",null,null,3,"2005","Value of total transactions with cards issued by non-resident PSPs at terminals acquired by non-resident psp - terminal located in: Slovakia","Value of total transactions with cards issued by non-resident PSPs at terminals acquired by non-resident psp - terminal located in: Slovakia","EUR",6]
["PTT.A.LV.W1.W0.EMLU.2.2220.N.EUR","A","LV","W1","W0","EMLU",2,2220,"N","EUR","2022",0,"A",false,null,null,"P1Y",{"$nulls":4},"S",null,null,3,null,"Total value of e-money card loading and unloading transactions with cards issued by non-resident PSPs at terminals acquired by resident psp","Total value of e-money card loading and unloading transactions with cards issued by non-resident PSPs at terminals acquired by resident psp","EUR",6]
["PTT.A.LV.W1.W1._T.1.2220.N.EUR","A","LV","W1","W1","_T",1,2220,"N","EUR","2021",622.773,"A",false,null,null,"P1Y",{"$nulls":4},"S",null,null,3,"unspecified","Value of total transactions with cards issued by non-resident PSPs at terminals acquired by non-resident psp - terminal located in: Rest of the World","Value of total transactions with cards issued by non-resident PSPs at terminals acquired by non-resident psp - terminal located in: Rest of the World","EUR",6]
["PTT.A.LV.W1.W2.EMP1.2.2220.N.EUR","A","LV","W1","W2","EMP1",2,2220,"N","EUR","2017",0,"A",false,null,null,"P1Y",{"$nulls":4},"S",null,null,3,"unspecified","Value of e-money payment transactions with cards with an e-money function with cards issued by non-resident PSPs at terminals acquired by resident psp - terminal located in: domestic","Value of e-money payment transactions with cards with an e-money function with cards issued by non-resident PSPs at terminals acquired by resident psp - terminal located in: domestic","EUR",6]
["PTT.A.LV.W2.BE.CW1.2.2221.N.EUR","A","LV","W2","BE","CW1",2,2221,"N","EUR","2015",0,"A",false,null,null,"P1Y",{"$nulls":4},"S",null,null,3,"unspecified","Value of atm cash withdrawals with cards issued by resident PSPs at terminals acquired by resident psp - terminal location: Belgium","Value of atm cash withdrawals with cards issued by resident PSPs at terminals acquired by resident psp - terminal location: Belgium","EUR",6]
["PTT.A.LV.W2.DK.CD1.2.2221.N.PN","A","LV","W2","DK","CD1",2,2221,"N","PN","2018",0,"A",false,null,null,"P1Y",{"$nulls":4},"S",null,null,3,"unspecified","Number of atm cash deposits with cards issued by resident PSPs at terminals acquired by resident psp - terminal location: Denmark","Number of atm cash deposits with cards issued by resident PSPs at terminals acquired by resident psp - terminal location: Denmark","PN",6]
["PTT.A.LV.W2.EE.EMP1.2.2220.N.PN","A","LV","W2","EE","EMP1",2,2220,"N","PN","2023",null,"Q",false,null,null,"P1Y",{"$nulls":4},"S",null,null,3,"unspecified","Number of e-money payment transactions with cards with an e-money function with cards issued by resident PSPs at terminals acquired by resident psp - terminal location: Estonia","Number of e-money payment transactions with cards with an e-money function with cards issued by resident PSPs at terminals acquired by resident psp - terminal location: Estonia","PN",6]
["PTT.A.LV.W2.G3.EMP1.2.2220.N.EUR","A","LV","W2","G3","EMP1",2,2220,"N","EUR","2022",0,"A",false,null,null,"P1Y",{"$nulls":4},"S",null,null,3,null,"Value of e-money payment transactions with cards with an e-money function with cards issued by resident PSPs at terminals acquired by resident psp - terminal location: other EEA countries","Value of e-money payment transactions with cards with an e-money function with cards issued by resident PSPs at terminals acquired by resident psp - terminal location: other EEA countries","EUR",6]
["PTT.A.LV.W2.HR.CW1.2.2221.N.PN","A","LV","W2","HR","CW1",2,2221,"N","PN","2020",0,"A",false,null,null,"P1Y",{"$nulls":4},"S",null,null,3,"unspecified","Number of atm cash withdrawals with cards issued by resident PSPs at terminals acquired by resident psp - terminal location: Croatia","Number of atm cash withdrawals with cards issued by resident PSPs at terminals acquired by resident psp - terminal location: Croatia","PN",6]
["PTT.A.LV.W2.LT._T.2.2220.N.EUR","A","LV","W2","LT","_T",2,2220,"N","EUR","2021",null,"Q",false,null,null,"P1Y",{"$nulls":4},"S",null,null,3,"2005","Value of total transactions with cards issued by resident PSPs at terminals acquired by resident psp - terminal location: Lithuania","Value of total transactions with cards issued by resident PSPs at terminals acquired by resident psp - terminal location: Lithuania","EUR",6]
["PTT.A.LV.W2.MT.CW1.2.2221.N.PN","A","LV","W2","MT","CW1",2,2221,"N","PN","2023",null,"Q",false,null,null,"P1Y",{"$nulls":4},"S",null,null,3,"unspecified","Number of atm cash withdrawals with cards issued by resident PSPs at terminals acquired by resident psp - terminal location: Malta","Number of atm cash withdrawals with cards issued by resident PSPs at terminals acquired by resident psp - terminal location: Malta","PN",6]
["PTT.A.LV.W2.RO.EMP1.2.2220.N.EUR","A","LV","W2","RO","EMP1",2,2220,"N","EUR","2015",0,"A",false,null,null,"P1Y",{"$nulls":4},"S",null,null,3,"unspecified","Value of e-money payment transactions with cards with an e-money function with cards issued by resident PSPs at terminals acquired by resident psp - terminal location: Romania","Value of e-money payment transactions with cards with an e-money function with cards issued by resident PSPs at terminals acquired by resident psp - terminal location: Romania","EUR",6]
["PTT.A.LV.W2.SI.EMP1.2.2220.N.EUR","A","LV","W2","SI","EMP1",2,2220,"N","EUR","2023",null,"Q",false,null,null,"P1Y",{"$nulls":4},"S",null,null,3,"unspecified","Value of e-money payment transactions with cards with an e-money function with cards issued by resident PSPs at terminals acquired by resident psp - terminal location: Slovenia","Value of e-money payment transactions with cards with an e-money function with cards issued by resident PSPs at terminals acquired by resident psp - terminal location: Slovenia","EUR",6]
["PTT.A.LV.W2.W1.EMLU.2.2220.N.PN","A","LV","W2","W1","EMLU",2,2220,"N","PN","2017",0,"A",false,null,null,"P1Y",{"$nulls":4},"S",null,null,3,"unspecified","Number of e-money card loading and unloading transactions with cards issued by resident PSPs at terminals acquired by resident psp - terminal location: Rest of the World","Number of e-money card loading and unloading transactions with cards issued by resident PSPs at terminals acquired by resident psp - terminal location: Rest of the World","PN",6]
["PTT.A.LV._Z.W0.CD0.2.1300.N.EUR","A","LV","_Z","W0","CD0",2,1300,"N","EUR","2007",15508.82788362914,"A",false,null,null,"P1Y",{"$nulls":4},"S",null,null,3,"2005","Value of over-the-counter (otc) cash deposits - Latvia","Value of over-the-counter (otc) cash deposits - Latvia","EUR",6]
["PTT.A.MT.W1.AT.EMLU.1.2220.N.EUR","A","MT","W1","AT","EMLU",1,2220,"N","EUR","2021",null,"Q",false,null,null,"P1Y",{"$nulls":4},"S",null,null,3,"unspecified","Value of e-money card loading and unloading transactions with cards issued by non-resident PSPs at terminals acquired by non-resident psp - terminal located in: Austria","Value of e-money card loading and unloading transactions with cards issued by non-resident PSPs at terminals acquired by non-resident psp - terminal located in: Austria","EUR",6]
["PTT.A.MT.W1.BG.EMP1.2.2220.N.EUR","A","MT","W1","BG","EMP1",2,2220,"N","EUR","2018",0,"A",false,null,null,"P1Y",{"$nulls":4},"S",null,null,3,"unspecified","Value of e-money payment transactions with cards with an e-money function with cards issued by non-resident PSPs at terminals acquired by resident psp - terminal located in: Bulgaria","Value of e-money payment transactions with cards with an e-money function with cards issued by non-resident PSPs at terminals acquired by resident psp - terminal located in: Bulgaria","EUR",6]
["PTT.A.MT.W1.CY.EMP1.1.2220.N.PN","A","MT","W1","CY","EMP1",1,2220,"N","PN","2019",0.002,"A",false,null,null,"P1Y",{"$nulls":4},"S",null,null,3,null,"Number of e-money payment transactions with cards with an e-money function at terminals acquired by non-resident PSP - terminal located in: Cyprus","Number of e-money payment transactions with cards with an e-money function at terminals acquired by non-resident PSP - terminal located in: Cyprus","PN",6]
["PTT.A.MT.W1.DE.TRSO.2.2222.N.PN","A","MT","W1","DE","TRSO",2,2222,"N","PN","2018",0,"A",false,null,null,"P1Y",{"$nulls":4},"S",null,null,3,null,"Number of POS transactions at terminals acquired by resident PSP - terminal located in: Germany","Number of POS transactions at terminals acquired by resident PSP - terminal located in: Germany","PN",6]
["PTT.A.MT.W1.DK.EMP1.1.2220.N.PN","A","MT","W1","DK","EMP1",1,2220,"N","PN","2014",0,"A",false,null,null,"P1Y",{"$nulls":4},"S",null,null,3,null,"Number of e-money payment transactions with cards with an e-money function at terminals acquired by non-resident PSP - terminal located in: Denmark","Number of e-money payment transactions with cards with an e-money function at terminals acquired by non-resident PSP - terminal located in: Denmark","PN",6]
["PTT.A.MT.W1.FI.CD1.1.2221.N.PN","A","MT","W1","FI","CD1",1,2221,"N","PN","2017",0,"A",false,null,null,"P1Y",{"$nulls":4},"S",null,null,3,"unspecified","Number of atm cash deposits with cards issued by non-resident PSPs at terminals acquired by non-resident psp - terminal located in: Finland","Number of atm cash deposits with cards issued by non-resident PSPs at terminals acquired by non-resident psp - terminal located in: Finland","PN",6]
["PTT.A.MT.W1.FI.TRSO.2.2222.N.EUR","A","MT","W1","FI","TRSO",2,2222,"N","EUR","2015",0,"A",false,null,null,"P1Y",{"$nulls":4},"S",null,null,3,null,"Value of POS transactions at terminals acquired by resident PSP - terminal located in: Finland","Value of POS transactions at terminals acquired by resident PSP - terminal located in: Finland","EUR",6]
["PTT.A.MT.W1.GR.CD1.1.2221.N.PN","A","MT","W1","GR","CD1",1,2221,"N","PN","2020",0,"A",false,null,null,"P1Y",{"$nulls":4},"S",null,null,3,"unspecified","Number of atm cash deposits with cards issued by non-resident PSPs at terminals acquired by non-resident psp - terminal located in: Greece","Number of atm cash deposits with cards issued by non-resident PSPs at terminals acquired by non-resident psp - terminal located in: Greece","PN",6]
["PTT.A.MT.W1.GR.EMLU.2.2220.N.PN","A","MT","W1","GR","EMLU",2,2220,"N","PN","2018",0,"A",false,null,null,"P1Y",{"$nulls":4},"S",null,null,3,"unspecified","Number of e-money card loading and unloading transactions with cards issued by non-resident PSPs at terminals acquired by resident psp - terminal located in: Greece","Number of e-money card loading and unloading transactions with cards issued by non-resident PSPs at terminals acquired by resident psp - terminal located in: Greece","PN",6]
["PTT.A.MT.W1.IE.CD1.1.2221.N.EUR","A","MT","W1","IE","CD1",1,2221,"N","EUR","2014",0,"A",false,null,null,"P1Y",{"$nulls":4},"S",null,null,3,"unspecified","Value of atm cash deposits with cards issued by non-resident PSPs at terminals acquired by non-resident psp - terminal located in: Ireland","Value of atm cash deposits with cards issued by non-resident PSPs at terminals acquired by non-resident psp - terminal located in: Ireland","EUR",6]
["PTT.A.MT.W1.IS.CD1.1.2221.N.PN","A","MT","W1","IS","CD1",1,2221,"N","PN","2022",0,"A",false,null,null,"P1Y",{"$nulls":4},"S",null,null,3,null,"Number of atm cash deposits with cards issued by non-resident PSPs at terminals acquired by non-resident psp - terminal located in: Iceland","Number of atm cash deposits with cards issued by non-resident PSPs at terminals acquired by non-resident psp - terminal located in: Iceland","PN",6]
["PTT.A.MT.W1.LT.TRSO.2.2222.N.EUR","A","MT","W1","LT","TRSO",2,2222,"N","EUR","2021",null,"Q",false,null,null,"P1Y",{"$nulls":4},"S",null,null,3,null,"Value of POS transactions at terminals acquired by resident PSP - terminal located in: Lithuania","Value of POS transactions at terminals acquired by resident PSP - terminal located in: Lithuania","EUR",6]
["PTT.A.MT.W1.LU.TRSO.2.2222.N.EUR","A","MT","W1","LU","TRSO",2,2222,"N","EUR","2023",null,"Q",false,null,null,"P1Y",{"$nulls":4},"S",null,null,3,null,"Value of POS transactions at terminals acquired by resident PSP - terminal located in: Luxembourg","Value of POS transactions at terminals acquired by resident PSP - terminal located in: Luxembourg","EUR",6]
["PTT.A.MT.W1.LV.EMP1.1.2220.N.EUR","A","MT","W1","LV","EMP1",1,2220,"N","EUR","2019",null,"Q",false,null,null,"P1Y",{"$nulls":4},"S",null,null,3,null,"Value of e-money payment transactions with cards with an e-money function at terminals acquired by non-resident PSP - terminal located in: Latvia","Value of e-money payment transactions with cards with an e-money function at terminals acquired by non-resident PSP - terminal located in: Latvia","EUR",6]
["PTT.A.MT.W1.NO.TRSC.2.2221.N.EUR","A","MT","W1","NO","TRSC",2,2221,"N","EUR","2023",0,"A",false,null,null,"P1Y",{"$nulls":4},"S",null,null,3,null,"Value of other atm transactions with cards issued by non-resident PSPs at terminals acquired by resident psp - terminal located in: Norway","Value of other atm transactions with cards issued by non-resident PSPs at terminals acquired by resident psp - terminal located in: Norway","EUR",6]
["PTT.A.MT.W1.PT.EMP1.1.2220.N.EUR","A","MT","W1","PT","EMP1",1,2220,"N","EUR","2021",null,"Q",false,null,null,"P1Y",{"$nulls":4},"S",null,null,3,null,"Value of e-money payment transactions with cards with an e-money function at terminals acquired by non-resident PSP - terminal located in: Portugal","Value of e-money payment transactions with cards with an e-money function at terminals acquired by non-resident PSP - terminal located in: Portugal","EUR",6]
["PTT.A.MT.W1.SE.TRSO.1.2222.N.PN","A","MT","W1","SE","TRSO",1,2222,"N","PN","2020",0.034,"A",false,null,null,"P1Y",{"$nulls":4},"S",null,null,3,null,"Number of POS transactions at terminals acquired by non-resident PSP - terminal located in: Sweden","Number of POS transactions at terminals acquired by non-resident PSP - terminal located in: Sweden","PN",6]
["PTT.A.MT.W1.SI.EMLU.2.2220.N.PN","A","MT","W1","SI","EMLU",2,2220,"N","PN","2016",0,"A",false,null,null,"P1Y",{"$nulls":4},"S",null,null,3,"unspecified","Number of e-money card loading and unloading transactions with cards issued by non-resident PSPs at terminals acquired by resident psp - terminal located in: Slovenia","Number of e-money card loading and unloading transactions with cards issued by non-resident PSPs at terminals acquired by resident psp - terminal located in: Slovenia","PN",6]
["PTT.A.MT.W1.W0.EMLU.2.2220.N.PN","A","MT","W1","W0","EMLU",2,2220,"N","PN","2023",0,"A",false,null,null,"P1Y",{"$nulls":4},"S",null,null,3,null,"Total number of e-money card loading and unloading transactions with cards issued by non-resident PSPs at terminals acquired by resident psp","Total number of e-money card loading and unloading transactions with cards issued by non-resident PSPs at terminals acquired by resident psp","PN",6]
["PTT.A.MT.W1.W0.TRSO.2.2222.G1.EUR","A","MT","W1","W0","TRSO",2,2222,"G1","EUR","2011",null,"M",false,null,null,"P1Y",{"$nulls":4},"S",null,null,3,null,"Value of POS transactions at terminals acquired by resident PSP - terminal located in: World","Value of POS transactions at terminals acquired by resident PSP - terminal located in: World","EUR",0]
["PTT.A.MT.W1.W2.EMLU.1.2220.N.PN","A","MT","W1","W2","EMLU",1,2220,"N","PN","2016",0,"A",false,null,null,"P1Y",{"$nulls":4},"S",null,null,3,"unspecified","Number of e-money card loading and unloading transactions with cards issued by non-resident PSPs at terminals acquired by non-resident psp - terminal located in: domestic","Number of e-money card loading and unloading transactions with cards issued by non-resident PSPs at terminals acquired by non-resident psp - terminal located in: domestic","PN",6]
["PTT.A.MT.W2.BE.EMLU.2.2220.N.EUR","A","MT","W2","BE","EMLU",2,2220,"N","EUR","2019",0,"A",false,null,null,"P1Y",{"$nulls":4},"S",null,null,3,"unspecified","Value of e-money card loading and unloading transactions with cards issued by resident PSPs at terminals acquired by resident psp - terminal location: Belgium","Value of e-money card loading and unloading transactions with cards issued by resident PSPs at terminals acquired by resident psp - terminal location: Belgium","EUR",6]
["PTT.A.MT.W2.DE.TRSO.2.2222.N.PN","A","MT","W2","DE","TRSO",2,2222,"N","PN","2022",null,"Q",false,null,null,"P1Y",{"$nulls":4},"S",null,null,3,null,"Number of POS transactions at terminals acquired by resident PSP - terminal located in: Germany","Number of POS transactions at terminals acquired by resident PSP - terminal located in: Germany","PN",6]
["PTT.A.MT.W2.EE._T.2.2220.N.EUR","A","MT","W2","EE","_T",2,2220,"N","EUR","2014",0,"A",false,null,null,"P1Y",{"$nulls":4},"S",null,null,3,null,"Value of total transactions at terminals acquired by resident PSP - terminal located in: Estonia","Value of total transactions at terminals acquired by resident PSP - terminal located in: Estonia","EUR",6]
["PTT.A.MT.W2.FI.CW1.2.2221.N.PN","A","MT","W2","FI","CW1",2,2221,"N","PN","2016",null,"Q",false,null,null,"P1Y",{"$nulls":4},"S",null,null,3,null,"Number of ATM cash withdrawals at terminals acquired by resident PSP - terminal located in: Finland","Number of ATM cash withdrawals at terminals acquired by resident PSP - terminal located in: Finland","PN",6]
["PTT.A.MT.W2.HR.EMP1.2.2220.N.EUR","A","MT","W2","HR","EMP1",2,2220,"N","EUR","2015",0,"A",false,null,null,"P1Y",{"$nulls":4},"S",null,null,3,"unspecified","Value of e-money payment transactions with cards with an e-money function with cards issued by resident PSPs at terminals acquired by resident psp - terminal location: Croatia","Value of e-money payment transactions with cards with an e-money function with cards issued by resident PSPs at terminals acquired by resident psp - terminal location: Croatia","EUR",6]
["PTT.A.MT.W2.IT.EMP1.2.2220.N.PN","A","MT","W2","IT","EMP1",2,2220,"N","PN","2015",0,"A",false,null,null,"P1Y",{"$nulls":4},"S",null,null,3,"unspecified","Number of e-money payment transactions with cards with an e-money function with cards issued by resident PSPs at terminals acquired by resident psp - terminal location: Italy","Number of e-money payment transactions with cards with an e-money function with cards issued by resident PSPs at terminals acquired by resident psp - terminal location: Italy","PN",6]
["PTT.A.MT.W2.LV.EMP1.2.2220.N.EUR","A","MT","W2","LV","EMP1",2,2220,"N","EUR","2017",0,"A",false,null,null,"P1Y",{"$nulls":4},"S",null,null,3,"unspecified","Value of e-money payment transactions with cards with an e-money function with cards issued by resident PSPs at terminals acquired by resident psp - terminal location: Latvia","Value of e-money payment transactions with cards with an e-money function with cards issued by resident PSPs at terminals acquired by resident psp - terminal location: Latvia","EUR",6]
["PTT.A.MT.W2.PL.CW1.2.2221.N.PN","A","MT","W2","PL","CW1",2,2221,"N","PN","2021",0,"A",false,null,null,"P1Y",{"$nulls":4},"S",null,null,3,null,"Number of ATM cash withdrawals at terminals acquired by resident PSP - terminal located in: Poland","Number of ATM cash withdrawals at terminals acquired by resident PSP - terminal located in: Poland","PN",6]
["PTT.A.MT.W2.SI.TRSO.2.2222.N.PN","A","MT","W2","SI","TRSO",2,2222,"N","PN","2014",0,"A",false,null,null,"P1Y",{"$nulls":4},"S",null,null,3,"unspecified","Number of pos transactions with cards issued by resident PSPs at terminals acquired by resident psp - terminal location: Slovenia","Number of pos transactions with cards issued by resident PSPs at terminals acquired by resident psp - terminal location: Slovenia","PN",6]
["PTT.A.MT.W2.W0.CW1.2.2221.G1.EUR","A","MT","W2","W0","CW1",2,2221,"G1","EUR","2000",null,"M",false,null,null,"P1Y",{"$nulls":4},"S",null,null,3,null,"Value of ATM cash withdrawals at terminals acquired by resident PSP - terminal located in: World","Value of ATM cash withdrawals at terminals acquired by resident PSP - terminal located in: World","EUR",0]
["PTT.A.MT.W2.W2.CD1.2.2221.N.PN","A","MT","W2","W2","CD1",2,2221,"N","PN","2019",null,"Q",false,null,null,"P1Y",{"$nulls":4},"S",null,null,3,null,"Number of atm cash deposits with cards issued by resident PSPs at terminals acquired by resident psp - terminal location: domestic","Number of atm cash deposits with cards issued by resident PSPs at terminals acquired by resident psp - terminal location: domestic","PN",6]
["PTT.A.NL.W1.AT.CW1.2.2221.N.PN","A","NL","W1","AT","CW1",2,2221,"N","PN","2023",0,"A",false,null,null,"P1Y",{"$nulls":4},"S",null,null,3,null,"Number of ATM cash withdrawals at terminals acquired by resident PSP - terminal located in: Austria","Number of ATM cash withdrawals at terminals acquired by resident PSP - terminal located in: Austria","PN",6]
["PTT.A.NL.W1.BG.CD1.2.2221.N.PN","A","NL","W1","BG","CD1",2,2221,"N","PN","2018",0,"A",false,null,null,"P1Y",{"$nulls":4},"S",null,null,3,null,"Number of ATM cash deposits at terminals acquired by resident PSP - terminal located in: Bulgaria","Number of ATM cash deposits at terminals acquired by resident PSP - terminal located in: Bulgaria","PN",6]
["PTT.A.NL.W1.BG.TRSC.1.2221.N.PN","A","NL","W1","BG","TRSC",1,2221,"N","PN","2022",0,"A",false,null,null,"P1Y",{"$nulls":4},"S",null,null,3,null,"Number of other atm transactions with cards issued by non-resident PSPs at terminals acquired by non-resident psp - terminal located in: Bulgaria","Number of other atm transactions with cards issued by non-resident PSPs at terminals acquired by non-resident psp - terminal located in: Bulgaria","PN",6]
["PTT.A.NL.W1.CZ.CW1.2.2221.N.EUR","A","NL","W1","CZ","CW1",2,2221,"N","EUR","2017",0,"A",false,null,null,"P1Y",{"$nulls":4},"S",null,null,3,null,"Value of ATM cash withdrawals at terminals acquired by resident PSP - terminal located in: Czech Republic","Value of ATM cash withdrawals at terminals acquired by resident PSP - terminal located in: Czech Republic","EUR",6]
["PTT.A.NL.W1.CZ._T.2.2220.N.PN","A","NL","W1","CZ","_T",2,2220,"N","PN","2021",0,"A",false,null,null,"P1Y",{"$nulls":4},"S",null,null,3,null,"Number of total transactions at terminals acquired by resident PSP - terminal located in: Czech Republic","Number of total transactions at terminals acquired by resident PSP - terminal located in: Czech Republic","PN",6]
["PTT.A.NL.W1.DE._T.1.2220.N.EUR","A","NL","W1","DE","_T",1,2220,"N","EUR","2016",2818.112,"A",false,null,null,"P1Y",{"$nulls":4},"S",null,null,3,null,"Value of total transactions at terminals acquired by non-resident PSP - terminal located in: Germany","Value of total transactions at terminals acquired by non-resident PSP - terminal located in: Germany","EUR",6]
["PTT.A.NL.W1.EE.CD1.2.2221.N.EUR","A","NL","W1","EE","CD1",2,2221,"N","EUR","2019",0,"A",false,null,null,"P1Y",{"$nulls":4},"S",null,null,3,null,"Value of ATM cash deposits at terminals acquired by resident PSP - terminal located in: Estonia","Value of ATM cash deposits at terminals acquired by resident PSP - terminal located in: Estonia","EUR",6]
["PTT.A.NL.W1.EE.TRSO.2.2222.N.PN","A","NL","W1","EE","TRSO",2,2222,"N","PN","2023",null,"Q",false,null,null,"P1Y",{"$nulls":4},"S",null,null,3,null,"Number of POS transactions at terminals acquired by resident PSP - terminal located in: Estonia","Number of POS transactions at terminals acquired by resident PSP - terminal located in: Estonia","PN",6]
["PTT.A.NL.W1.FI.EMLU.2.2220.N.EUR","A","NL","W1","FI","EMLU",2,2220,"N","EUR","2022",0,"A",false,null,null,"P1Y",{"$nulls":4},"S",null,null,3,null,"Value of E-money card loading and unloading at terminals acquired by resident PSP - terminal located in: Finland","Value of E-money card loading and unloading at terminals acquired by resident PSP - terminal located in: Finland","EUR",6]
["PTT.A.NL.W1.FR.CW1.1.2221.N.EUR","A","NL","W1","FR","CW1",1,2221,"N","EUR","2012",null,"M",false,null,null,"P1Y",{"$nulls":4},"S",null,null,3,null,"Value of ATM cash withdrawals at terminals acquired by non-resident PSP - terminal located in: France","Value of ATM cash withdrawals at terminals acquired by non-resident PSP - terminal located in: France","EUR",6]
["PTT.A.NL.W1.G1.TRSO.2.2222.N.EUR","A","NL","W1","G1","TRSO",2,2222,"N","EUR","2017",0,"A",false,null,null,"P1Y",{"$nulls":4},"S",null,null,3,null,"Value of pos transactions with cards issued by non-resident PSPs at terminals acquired by resident psp - terminal located in: outside EEA","Value of pos transactions with cards issued by non-resident PSPs at terminals acquired by resident psp - terminal located in: outside EEA","EUR",6]
["PTT.A.NL.W1.GR.CW1.2.2221.N.EUR","A","NL","W1","GR","CW1",2,2221,"N","EUR","2023",0,"A",false,null,null,"P1Y",{"$nulls":4},"S",null,null,3,null,"Value of ATM cash withdrawals at terminals acquired by resident PSP - terminal located in: Greece","Value of ATM cash withdrawals at terminals acquired by resident PSP - terminal located in: Greece","EUR",6]
["PTT.A.NL.W1.HR._T.2.2220.N.EUR","A","NL","W1","HR","_T",2,2220,"N","EUR","2019",0,"A",false,null,null,"P1Y",{"$nulls":4},"S",null,null,3,null,"Value of total transactions at terminals acquired by resident PSP - terminal located in: Croatia","Value of total transactions at terminals acquired by resident PSP - terminal located in: Croatia","EUR",6]
["PTT.A.NL.W1.HU.EMLU.2.2220.N.PN","A","NL","W1","HU","EMLU",2,2220,"N","PN","2013",null,"M",false,null,null,"P1Y",{"$nulls":4},"S",null,null,3,null,"Number of E-money card loading and unloading at terminals acquired by resident PSP - terminal located in: Hungary","Number of E-money card loading and unloading at terminals acquired by resident PSP - terminal located in: Hungary","PN",6]
["PTT.A.NL.W1.IE.CW1.1.2221.N.EUR","A","NL","W1","IE","CW1",1,2221,"N","EUR","2017",25.952,"A",false,null,null,"P1Y",{"$nulls":4},"S",null,null,3,null,"Value of ATM cash withdrawals at terminals acquired by non-resident PSP - terminal located in: Ireland","Value of ATM cash withdrawals at terminals acquired by non-resident PSP - terminal located in: Ireland","EUR",6]
["PTT.A.NL.W1.IT.EMP1.2.2220.N.PN","A","NL","W1","IT","EMP1",2,2220,"N","PN","2016",0,"A",false,null,null,"P1Y",{"$nulls":4},"S",null,null,3,null,"Number of e-money payment transactions with cards with an e-money function at terminals acquired by resident PSP - terminal located in: Italy","Number of e-money payment transactions with cards with an e-money function at terminals acquired by resident PSP - terminal located in: Italy","PN",6]
["PTT.A.NL.W1.LU.CD1.1.2221.N.PN","A","NL","W1","LU","CD1",1,2221,"N","PN","2021",0,"A",false,null,null,"P1Y",{"$nulls":4},"S",null,null,3,null,"Number of ATM cash deposits at terminals acquired by non-resident PSP - terminal located in: Luxembourg","Number of ATM cash deposits at terminals acquired by non-resident PSP - terminal located in: Luxembourg","PN",6]
["PTT.A.NL.W1.LU._T.2.2220.N.EUR","A","NL","W1","LU","_T",2,2220,"N","EUR","2018",5.118,"A",false,null,null,"P1Y",{"$nulls":4},"S",null,null,3,null,"Value of total transactions at terminals acquired by resident PSP - terminal located in: Luxembourg","Value of total transactions at terminals acquired by resident PSP - terminal located in: Luxembourg","EUR",6]
["PTT.A.NL.W1.LV.CW1.2.2221.N.PN","A","NL","W1","LV","CW1",2,2221,"N","PN","2018",0,"A",false,null,null,"P1Y",{"$nulls":4},"S",null,null,3,null,"Number of ATM cash withdrawals at terminals acquired by resident PSP - terminal located in: Latvia","Number of ATM cash withdrawals at terminals acquired by resident PSP - terminal located in: Latvia","PN",6]
["PTT.A.NL.W1.MT._T.1.2220.N.PN","A","NL","W1","MT","_T",1,2220,"N","PN","2023",1.997208,"A",false,null,null,"P1Y",{"$nulls":4},"S",null,null,3,null,"Number of total transactions at terminals acquired by non-resident PSP - terminal located in: Malta","Number of total transactions at terminals acquired by non-resident PSP - terminal located in: Malta","PN",6]
["PTT.A.NL.W1.PL.EMLU.2.2220.N.PN","A","NL","W1","PL","EMLU",2,2220,"N","PN","2021",0,"A",false,null,null,"P1Y",{"$nulls":4},"S",null,null,3,null,"Number of E-money card loading and unloading at terminals acquired by resident PSP - terminal located in: Poland","Number of E-money card loading and unloading at terminals acquired by resident PSP - terminal located in: Poland","PN",6]
["PTT.A.NL.W1.RO.CD1.2.2221.N.EUR","A","NL","W1","RO","CD1",2,2221,"N","EUR","2012",null,"M",false,null,null,"P1Y",{"$nulls":4},"S",null,null,3,null,"Value of ATM cash deposits at terminals acquired by resident PSP - terminal located in: Romania","Value of ATM cash deposits at terminals acquired by resident PSP - terminal located in: Romania","EUR",6]
["PTT.A.NL.W1.RO.TRSO.2.2222.N.PN","A","NL","W1","RO","TRSO",2,2222,"N","PN","2016",0,"A",false,null,null,"P1Y",{"$nulls":4},"S",null,null,3,null,"Number of POS transactions at terminals acquired by resident PSP - terminal located in: Romania","Number of POS transactions at terminals acquired by resident PSP - terminal located in: Romania","PN",6]
["PTT.A.NL.W1.SI.EMLU.1.2220.N.PN","A","NL","W1","SI","EMLU",1,2220,"N","PN","2011",null,"M",false,null,null,"P1Y",{"$nulls":4},"S",null,null,3,null,"Number of E-money card loading and unloading at terminals acquired by non-resident PSP - terminal located in: Slovenia","Number of E-money card loading and unloading at terminals acquired by non-resident PSP - terminal located in: Slovenia","PN",6]
["PTT.A.NL.W1.SI._T.2.2220.N.EUR","A","NL","W1","SI","_T",2,2220,"N","EUR","2014",0,"A",false,null,null,"P1Y",{"$nulls":4},"S",null,null,3,null,"Value of total transactions at terminals acquired by resident PSP - terminal located in: Slovenia","Value of total transactions at terminals acquired by resident PSP - terminal located in: Slovenia","EUR",6]
["PTT.A.NL.W1.W0.EMLU.2.2220.N.PN","A","NL","W1","W0","EMLU",2,2220,"N","PN","2009",null,"M",false,null,null,"P1Y",{"$nulls":4},"S",null,null,3,null,"Total number of e-money card loading and unloading transactions with cards issued by non-resident PSPs at terminals acquired by resident psp","Total number of e-money card loading and unloading transactions with cards issued by non-resident PSPs at terminals acquired by resident psp","PN",6]
["PTT.A.NL.W1.W0.TRSO.1.2222.G1.PN","A","NL","W1","W0","TRSO",1,2222,"G1","PN","2020",-27.5785955765887,"A",false,null,null,"P1Y",{"$nulls":4},"S",null,null,3,null,"Number of POS transactions at terminals acquired by non-resident PSP - terminal located in: World","Number of POS transactions at terminals acquired by non-resident PSP - terminal located in: World","PN",0]
["PTT.A.NL.W1.W2.CD1.1.2221.N.PN","A","NL","W1","W2","CD1",1,2221,"N","PN","2018",0,"A",false,null,null,"P1Y",{"$nulls":4},"S",null,null,3,null,"Number of atm cash deposits with cards issued by non-resident PSPs at terminals acquired by non-resident psp - terminal located in: domestic","Number of atm cash deposits with cards issued by non-resident PSPs at terminals acquired by non-resident psp - terminal located in: domestic","PN",6]
["PTT.A.NL.W1.W2.TRSO.2.2222.N.EUR","A","NL","W1","W2","TRSO",2,2222,"N","EUR","2022",7972.44178144,"A",false,null,null,"P1Y",{"$nulls":4},"S",null,null,3,null,"Value of pos transactions with cards issued by non-resident PSPs at terminals acquired by resident psp - terminal located in: domestic","Value of pos transactions with cards issued by non-resident PSPs at terminals acquired by resident psp - terminal located in: domestic","EUR",6]
["PTT.A.NL.W2.BG.CW1.2.2221.N.PN","A","NL","W2","BG","CW1",2,2221,"N","PN","2020",0,"A",false,null,null,"P1Y",{"$nulls":4},"S",null,null,3,null,"Number of ATM cash withdrawals at terminals acquired by resident PSP - terminal located in: Bulgaria","Number of ATM cash withdrawals at terminals acquired by resident PSP - terminal located in: Bulgaria","PN",6]
["PTT.A.NL.W2.CZ.CW1.2.2221.N.PN","A","NL","W2","CZ","CW1",2,2221,"N","PN","2010",null,"M",false,null,null,"P1Y",{"$nulls":4},"S",null,null,3,null,"Number of ATM cash withdrawals at terminals acquired by resident PSP - terminal located in: Czech Republic","Number of ATM cash withdrawals at terminals acquired by resident PSP - terminal located in: Czech Republic","PN",6]
["PTT.A.NL.W2.DE.CW1.2.2221.N.PN","A","NL","W2","DE","CW1",2,2221,"N","PN","2014",null,"Q",false,null,null,"P1Y",{"$nulls":4},"S",null,null,3,null,"Number of ATM cash withdrawals at terminals acquired by resident PSP - terminal located in: Germany","Number of ATM cash withdrawals at terminals acquired by resident PSP - terminal located in: Germany","PN",6]
["PTT.A.NL.W2.ES.EMLU.2.2220.N.PN","A","NL","W2","ES","EMLU",2,2220,"N","PN","2023",0,"A",false,null,null,"P1Y",{"$nulls":4},"S",null,null,3,null,"Number of E-money card loading and unloading at terminals acquired by resident PSP - terminal located in: Spain","Number of E-money card loading and unloading at terminals acquired by resident PSP - terminal located in: Spain","PN",6]
["PTT.A.NL.W2.FI._T.2.2220.N.PN","A","NL","W2","FI","_T",2,2220,"N","PN","2013",null,"Q",false,null,null,"P1Y",{"$nulls":4},"S",null,null,3,null,"Number of total transactions at terminals acquired by resident PSP - terminal located in: Finland","Number of total transactions at terminals acquired by resident PSP - terminal located in: Finland","PN",6]
["PTT.A.NL.W2.GR._T.2.2220.N.PN","A","NL","W2","GR","_T",2,2220,"N","PN","2022",5.317728000000001,"A",false,null,null,"P1Y",{"$nulls":4},"S",null,null,3,null,"Number of total transactions at terminals acquired by resident PSP - terminal located in: Greece","Number of total transactions at terminals acquired by resident PSP - terminal located in: Greece","PN",6]
["PTT.A.NL.W2.HR._T.2.2220.N.PN","A","NL","W2","HR","_T",2,2220,"N","PN","2011",null,"M",false,null,null,"P1Y",{"$nulls":4},"S",null,null,3,null,"Number of total transactions at terminals acquired by resident PSP - terminal located in: Croatia","Number of total transactions at terminals acquired by resident PSP - terminal located in: Croatia","PN",6]
["PTT.A.NL.W2.LT.EMLU.2.2220.N.EUR","A","NL","W2","LT","EMLU",2,2220,"N","EUR","2010",null,"M",false,null,null,"P1Y",{"$nulls":4},"S",null,null,3,null,"Value of E-money card loading and unloading at terminals acquired by resident PSP - terminal located in: Lithuania","Value of E-money card loading and unloading at terminals acquired by resident PSP - terminal located in: Lithuania","EUR",6]
["PTT.A.NL.W2.LU.EMLU.2.2220.N.EUR","A","NL","W2","LU","EMLU",2,2220,"N","EUR","2014",null,"Q",false,null,null,"P1Y",{"$nulls":4},"S",null,null,3,null,"Value of E-money card loading and unloading at terminals acquired by resident PSP - terminal located in: Luxembourg","Value of E-money card loading and unloading at terminals acquired by resident PSP - terminal located in: Luxembourg","EUR",6]
["PTT.A.NL.W2.LV.TRSO.2.2222.N.PN","A","NL","W2","LV","TRSO",2,2222,"N","PN","2018",0,"A",false,null,null,"P1Y",{"$nulls":4},"S",null,null,3,null,"Number of POS transactions at terminals acquired by resident PSP - terminal located in: Latvia","Number of POS transactions at terminals acquired by resident PSP - terminal located in: Latvia","PN",6]
["PTT.A.NL.W2.PT._T.2.2220.N.EUR","A","NL","W2","PT","_T",2,2220,"N","EUR","2013",null,"Q",false,null,null,"P1Y",{"$nulls":4},"S",null,null,3,null,"Value of total transactions at terminals acquired by resident PSP - terminal located in: Portugal","Value of total transactions at terminals acquired by resident PSP - terminal located in: Portugal","EUR",6]
["PTT.A.NL.W2.SK.CD1.2.2221.N.EUR","A","NL","W2","SK","CD1",2,2221,"N","EUR","2022",0,"A",false,null,null,"P1Y",{"$nulls":4},"S",null,null,3,null,"Value of ATM cash deposits at terminals acquired by resident PSP - terminal located in: Slovakia","Value of ATM cash deposits at terminals acquired by resident PSP - terminal located in: Slovakia","EUR",6]
["PTT.A.NL.W2.SK.EMP1.2.2220.N.PN","A","NL","W2","SK","EMP1",2,2220,"N","PN","2018",0,"A",false,null,null,"P1Y",{"$nulls":4},"S",null,null,3,null,"Number of e-money payment transactions with cards with an e-money function at terminals acquired by resident PSP - terminal located in: Slovakia","Number of e-money payment transactions with cards with an e-money function at terminals acquired by resident PSP - terminal located in: Slovakia","PN",6]
["PTT.A.NL.W2.W0.TRSO.2.2222.G1.EUR","A","NL","W2","W0","TRSO",2,2222,"G1","EUR","2020",-3.126257676405342,"A",false,null,null,"P1Y",{"$nulls":4},"S",null,null,3,null,"Value of POS transactions at terminals acquired by resident PSP - terminal located in: World","Value of POS transactions at terminals acquired by resident PSP - terminal located in: World","EUR",0]
["PTT.A.PL.W1.AT.CD1.2.2221.N.XDF","A","PL","W1","AT","CD1",2,2221,"N","XDF","2018",null,"M",false,null,null,"P1Y",{"$nulls":4},"S",null,null,3,null,"Value of ATM cash deposits at terminals acquired by resident PSP - terminal located in: Austria","Value of ATM cash deposits at terminals acquired by resident PSP - terminal located in: Austria","XDF",0]
["PTT.A.PL.W1.AT.TRSC.1.2221.N.XDF","A","PL","W1","AT","TRSC",1,2221,"N","XDF","2022",null,"M",false,null,null,"P1Y",{"$nulls":4},"S",null,null,3,null,"Value of other atm transactions with cards issued by non-resident PSPs at terminals acquired by non-resident psp - terminal located in: Austria","Value of other atm transactions with cards issued by non-resident PSPs at terminals acquired by non-resident psp - terminal located in: Austria","XDF",6]
["PTT.A.PL.W1.BG.CW1.2.2221.N.EUR","A","PL","W1","BG","CW1",2,2221,"N","EUR","2021",null,"M",false,null,null,"P1Y",{"$nulls":4},"S",null,null,3,null,"Value of ATM cash withdrawals at terminals acquired by resident PSP - terminal located in: Bulgaria","Value of ATM cash withdrawals at terminals acquired by resident PSP - terminal located in: Bulgaria","EUR",6]
["PTT.A.PL.W1.BG.EMP1.2.2220.N.PN","A","PL","W1","BG","EMP1",2,2220,"N","PN","2023",0,"A",false,null,null,"P1Y",{"$nulls":4},"S",null,null,3,null,"Number of e-money payment transactions with cards with an e-money function at terminals acquired by resident PSP - terminal located in: Bulgaria","Number of e-money payment transactions with cards with an e-money function at terminals acquired by resident PSP - terminal located in: Bulgaria","PN",6]
["PTT.A.PL.W1.CZ.EMP1.2.2220.N.PN","A","PL","W1","CZ","EMP1",2,2220,"N","PN","2015",null,"M",false,null,null,"P1Y",{"$nulls":4},"S",null,null,3,null,"Number of e-money payment transactions with cards with an e-money function at terminals acquired by resident PSP - terminal located in: Czech Republic","Number of e-money payment transactions with cards with an e-money function at terminals acquired by resident PSP - terminal located in: Czech Republic","PN",6]
["PTT.A.PL.W1.DE.CW1.2.2221.N.XDF","A","PL","W1","DE","CW1",2,2221,"N","XDF","2023",0,"A",false,null,null,"P1Y",{"$nulls":4},"S",null,null,3,null,"Value of ATM cash withdrawals at terminals acquired by resident PSP - terminal located in: Germany","Value of ATM cash withdrawals at terminals acquired by resident PSP - terminal located in: Germany","XDF",0]
["PTT.A.PL.W1.DK._T.2.2220.N.EUR","A","PL","W1","DK","_T",2,2220,"N","EUR","2018",null,"M",false,null,null,"P1Y",{"$nulls":4},"S",null,null,3,null,"Value of total transactions at terminals acquired by resident PSP - terminal located in: Denmark","Value of total transactions at terminals acquired by resident PSP - terminal located in: Denmark","EUR",6]
["PTT.A.PL.W1.EE.EMLU.2.2220.N.PN","A","PL","W1","EE","EMLU",2,2220,"N","PN","2018",null,"M",false,null,null,"P1Y",{"$nulls":4},"S",null,null,3,null,"Number of E-money card loading and unloading at terminals acquired by resident PSP - terminal located in: Estonia","Number of E-money card loading and unloading at terminals acquired by resident PSP - terminal located in: Estonia","PN",6]
["PTT.A.PL.W1.ES.CW1.1.2221.N.EUR","A","PL","W1","ES","CW1",1,2221,"N","EUR","2016",52.04611643364129,"A",false,null,null,"P1Y",{"$nulls":4},"S",null,null,3,null,"Value of ATM cash withdrawals at terminals acquired by non-resident PSP - terminal located in: Spain","Value of ATM cash withdrawals at terminals acquired by non-resident PSP - terminal located in: Spain","EUR",6]
["PTT.A.PL.W1.FI.CW1.1.2221.N.PN","A","PL","W1","FI","CW1",1,2221,"N","PN","2022",0.028554,"A",false,null,null,"P1Y",{"$nulls":4},"S",null,null,3,null,"Number of ATM cash withdrawals at terminals acquired by non-resident PSP - terminal located in: Finland","Number of ATM cash withdrawals at terminals acquired by non-resident PSP - terminal located in: Finland","PN",6]
["PTT.A.PL.W1.FR.CW1.2.2221.N.PN","A","PL","W1","FR","CW1",2,2221,"N","PN","2020",null,"M",false,null,null,"P1Y",{"$nulls":4},"S",null,null,3,null,"Number of ATM cash withdrawals at terminals acquired by resident PSP - terminal located in: France","Number of ATM cash withdrawals at terminals acquired by resident PSP - terminal located in: France","PN",6]
["PTT.A.PL.W1.G3.TRSC.2.2221.N.PN","A","PL","W1","G3","TRSC",2,2221,"N","PN","2023",0,"A",false,null,null,"P1Y",{"$nulls":4},"S",null,null,3,null,"Number of other atm transactions with cards issued by non-resident PSPs at terminals acquired by resident psp - terminal located in: other EEA countries","Number of other atm transactions with cards issued by non-resident PSPs at terminals acquired by resident psp - terminal located in: other EEA countries","PN",6]
["PTT.A.PL.W1.GR.EMLU.2.2220.N.PN","A","PL","W1","GR","EMLU",2,2220,"N","PN","2023",0,"A",false,null,null,"P1Y",{"$nulls":4},"S",null,null,3,null,"Number of E-money card loading and unloading at terminals acquired by resident PSP - terminal located in: Greece","Number of E-money card loading and unloading at terminals acquired by resident PSP - terminal located in: Greece","PN",6]
["PTT.A.PL.W1.HU.CW1.2.2221.N.PN","A","PL","W1","HU","CW1",2,2221,"N","PN","2018",null,"M",false,null,null,"P1Y",{"$nulls":4},"S",null,null,3,null,"Number of ATM cash withdrawals at terminals acquired by resident PSP - terminal located in: Hungary","Number of ATM cash withdrawals at terminals acquired by resident PSP - terminal located in: Hungary","PN",6]
["PTT.A.PL.W1.HU.TRSO.2.2222.N.PN","A","PL","W1","HU","TRSO",2,2222,"N","PN","2018",null,"M",false,null,null,"P1Y",{"$nulls":4},"S",null,null,3,null,"Number of POS transactions at terminals acquired by resident PSP - terminal located in: Hungary","Number of POS transactions at terminals acquired by resident PSP - terminal located in: Hungary","PN",6]
["PTT.A.PL.W1.IE.EMP1.2.2220.N.XDF","A","PL","W1","IE","EMP1",2,2220,"N","XDF","2019",null,"M",false,null,null,"P1Y",{"$nulls":4},"S",null,null,3,null,"Value of e-money payment transactions with cards with an e-money function at terminals acquired by resident PSP - terminal located in: Ireland","Value of e-money payment transactions with cards with an e-money function at terminals acquired by resident PSP - terminal located in: Ireland","XDF",0]
["PTT.A.PL.W1.IT._T.2.2220.N.PN","A","PL","W1","IT","_T",2,2220,"N","PN","2020",null,"M",false,null,null,"P1Y",{"$nulls":4},"S",null,null,3,null,"Number of total transactions at terminals acquired by resident PSP - terminal located in: Italy","Number of total transactions at terminals acquired by resident PSP - terminal located in: Italy","PN",6]
["PTT.A.PL.W1.LU.EMLU.1.2220.N.XDF","A","PL","W1","LU","EMLU",1,2220,"N","XDF","2023",0,"A",false,null,null,"P1Y",{"$nulls":4},"S",null,null,3,null,"Value of E-money card loading and unloading at terminals acquired by non-resident PSP - terminal located in: Luxembourg","Value of E-money card loading and unloading at terminals acquired by non-resident PSP - terminal located in: Luxembourg","XDF",0]
["PTT.A.PL.W1.LU._T.1.2220.N.XDF","A","PL","W1","LU","_T",1,2220,"N","XDF","2023",1011.34228056,"A",false,null,null,"P1Y",{"$nulls":4},"S",null,null,3,null,"Value of total transactions at terminals acquired by non-resident PSP - terminal located in: Luxembourg","Value of total transactions at terminals acquired by non-resident PSP - terminal located in: Luxembourg","XDF",0]
["PTT.A.PL.W1.MT.TRSO.1.2222.N.XDF","A","PL","W1","MT","TRSO",1,2222,"N","XDF","2018",136.336,"A",false,null,null,"P1Y",{"$nulls":4},"S",null,null,3,null,"Value of POS transactions at terminals acquired by non-resident PSP - terminal located in: Malta","Value of POS transactions at terminals acquired by non-resident PSP - terminal located in: Malta","XDF",0]
["PTT.A.PL.W1.NL.CW1.2.2221.N.EUR","A","PL","W1","NL","CW1",2,2221,"N","EUR","2016",null,"M",false,null,null,"P1Y",{"$nulls":4},"S",null,null,3,null,"Value of ATM cash withdrawals at terminals acquired by resident PSP - terminal located in: Netherlands","Value of ATM cash withdrawals at terminals acquired by resident PSP - terminal located in: Netherlands","EUR",6]
["PTT.A.PL.W1.PT.CD1.2.2221.N.XDF","A","PL","W1","PT","CD1",2,2221,"N","XDF","2014",null,"M",false,null,null,"P1Y",{"$nulls":4},"S",null,null,3,null,"Value of ATM cash deposits at terminals acquired by resident PSP - terminal located in: Portugal","Value of ATM cash deposits at terminals acquired by resident PSP - terminal located in: Portugal","XDF",0]
["PTT.A.PL.W1.RO.EMLU.2.2220.N.EUR","A","PL","W1","RO","EMLU",2,2220,"N","EUR","2018",null,"M",false,null,null,"P1Y",{"$nulls":4},"S",null,null,3,null,"Value of E-money card loading and unloading at terminals acquired by resident PSP - terminal located in: Romania","Value of E-money card loading and unloading at terminals acquired by resident PSP - terminal located in: Romania","EUR",6]
["PTT.A.PL.W1.RO._T.2.2220.N.EUR","A","PL","W1","RO","_T",2,2220,"N","EUR","2018",null,"M",false,null,null,"P1Y",{"$nulls":4},"S",null,null,3,null,"Value of total transactions at terminals acquired by resident PSP - terminal located in: Romania","Value of total transactions at terminals acquired by resident PSP - terminal located in: Romania","EUR",6]
["PTT.A.PL.W1.SI.TRSO.1.2222.N.XDF","A","PL","W1","SI","TRSO",1,2222,"N","XDF","2023",50.02722427,"A",false,null,null,"P1Y",{"$nulls":4},"S",null,null,3,null,"Value of POS transactions at terminals acquired by non-resident PSP - terminal located in: Slovenia","Value of POS transactions at terminals acquired by non-resident PSP - terminal located in: Slovenia","XDF",0]
["PTT.A.PL.W1.SK.CW1.2.2221.N.EUR","A","PL","W1","SK","CW1",2,2221,"N","EUR","2021",null,"M",false,null,null,"P1Y",{"$nulls":4},"S",null,null,3,null,"Value of ATM cash withdrawals at terminals acquired by resident PSP - terminal located in: Slovakia","Value of ATM cash withdrawals at terminals acquired by resident PSP - terminal located in: Slovakia","EUR",6]
["PTT.A.PL.W1.W0.EMP1.1.2220.N.EUR","A","PL","W1","W0","EMP1",1,2220,"N","EUR","2021",null,"M",false,null,null,"P1Y",{"$nulls":4},"S",null,null,3,null,"Value of e-money payment transactions with cards with an e-money function at terminals acquired by non-resident PSP - terminal located in: World","Value of e-money payment transactions with cards with an e-money function at terminals acquired by non-resident PSP - terminal located in: World","EUR",6]
["PTT.A.PL.W1.W0.TRSO.2.2222.N.XDF","A","PL","W1","W0","TRSO",2,2222,"N","XDF","2017",13439.299,"A",false,null,null,"P1Y",{"$nulls":4},"S",null,null,3,null,"Total value of pos transactions with cards issued by non-resident PSPs at terminals acquired by resident psp","Total value of pos transactions with cards issued by non-resident PSPs at terminals acquired by resident psp","XDF",6]
["PTT.A.PL.W1.W2.CW1.2.2221.N.XDF","A","PL","W1","W2","CW1",2,2221,"N","XDF","2022",null,"M",false,null,null,"P1Y",{"$nulls":4},"S",null,null,3,null,"Value of atm cash withdrawals with cards issued by non-resident PSPs at terminals acquired by resident psp - terminal located in: domestic","Value of atm cash withdrawals with cards issued by non-resident PSPs at terminals acquired by resident psp - terminal located in: domestic","XDF",6]
["PTT.A.PL.W2.AT.CD1.2.2221.N.PN","A","PL","W2","AT","CD1",2,2221,"N","PN","2022",null,"M",false,null,null,"P1Y",{"$nulls":4},"S",null,null,3,null,"Number of ATM cash deposits at terminals acquired by resident PSP - terminal located in: Austria","Number of ATM cash deposits at terminals acquired by resident PSP - terminal located in: Austria","PN",6]
["PTT.A.PL.W2.CY.CW1.2.2221.N.XDF","A","PL","W2","CY","CW1",2,2221,"N","XDF","2021",null,"M",false,null,null,"P1Y",{"$nulls":4},"S",null,null,3,null,"Value of ATM cash withdrawals at terminals acquired by resident PSP - terminal located in: Cyprus","Value of ATM cash withdrawals at terminals acquired by resident PSP - terminal located in: Cyprus","XDF",0]
["PTT.A.PL.W2.CZ.EMLU.2.2220.N.EUR","A","PL","W2","CZ","EMLU",2,2220,"N","EUR","2015",null,"M",false,null,null,"P1Y",{"$nulls":4},"S",null,null,3,null,"Value of E-money card loading and unloading at terminals acquired by resident PSP - terminal located in: Czech Republic","Value of E-money card loading and unloading at terminals acquired by resident PSP - terminal located in: Czech Republic","EUR",6]
["PTT.A.PL.W2.DE.TRSO.2.2222.N.XDF","A","PL","W2","DE","TRSO",2,2222,"N","XDF","2015",null,"M",false,null,null,"P1Y",{"$nulls":4},"S",null,null,3,null,"Value of POS transactions at terminals acquired by resident PSP - terminal located in: Germany","Value of POS transactions at terminals acquired by resident PSP - terminal located in: Germany","XDF",0]
["PTT.A.PL.W2.ES._T.2.2220.N.EUR","A","PL","W2","ES","_T",2,2220,"N","EUR","2018",null,"M",false,null,null,"P1Y",{"$nulls":4},"S",null,null,3,null,"Value of total transactions at terminals acquired by resident PSP - terminal located in: Spain","Value of total transactions at terminals acquired by resident PSP - terminal located in: Spain","EUR",6]
["PTT.A.PL.W2.FR.EMLU.2.2220.N.XDF","A","PL","W2","FR","EMLU",2,2220,"N","XDF","2017",null,"M",false,null,null,"P1Y",{"$nulls":4},"S",null,null,3,null,"Value of E-money card loading and unloading at terminals acquired by resident PSP - terminal located in: France","Value of E-money card loading and unloading at terminals acquired by resident PSP - terminal located in: France","XDF",0]
["PTT.A.PL.W2.HR.EMP1.2.2220.N.EUR","A","PL","W2","HR","EMP1",2,2220,"N","EUR","2016",null,"M",false,null,null,"P1Y",{"$nulls":4},"S",null,null,3,null,"Value of e-money payment transactions with cards with an e-money function at terminals acquired by resident PSP - terminal located in: Croatia","Value of e-money payment transactions with cards with an e-money function at terminals acquired by resident PSP - terminal located in: Croatia","EUR",6]
["PTT.A.PL.W2.HU.EMP1.2.2220.N.EUR","A","PL","W2","HU","EMP1",2,2220,"N","EUR","2020",null,"M",false,null,null,"P1Y",{"$nulls":4},"S",null,null,3,null,"Value of e-money payment transactions with cards with an e-money function at terminals acquired by resident PSP - terminal located in: Hungary","Value of e-money payment transactions with cards with an e-money function at terminals acquired by resident PSP - terminal located in: Hungary","EUR",6]
["PTT.A.PL.W2.LT._T.2.2220.N.EUR","A","PL","W2","LT","_T",2,2220,"N","EUR","2015",null,"M",false,null,null,"P1Y",{"$nulls":4},"S",null,null,3,null,"Value of total transactions at terminals acquired by resident PSP - terminal located in: Lithuania","Value of total transactions at terminals acquired by resident PSP - terminal located in: Lithuania","EUR",6]
["PTT.A.PL.W2.LU._T.2.2220.N.EUR","A","PL","W2","LU","_T",2,2220,"N","EUR","2019",null,"M",false,null,null,"P1Y",{"$nulls":4},"S",null,null,3,null,"Value of total transactions at terminals acquired by resident PSP - terminal located in: Luxembourg","Value of total transactions at terminals acquired by resident PSP - terminal located in: Luxembourg","EUR",6]
["PTT.A.PL.W2.NL.EMP1.2.2220.N.PN","A","PL","W2","NL","EMP1",2,2220,"N","PN","2017",null,"M",false,null,null,"P1Y",{"$nulls":4},"S",null,null,3,null,"Number of e-money payment transactions with cards with an e-money function at terminals acquired by resident PSP - terminal located in: Netherlands","Number of e-money payment transactions with cards with an e-money function at terminals acquired by resident PSP - terminal located in: Netherlands","PN",6]
["PTT.A.PL.W2.RO.EMLU.2.2220.N.EUR","A","PL","W2","RO","EMLU",2,2220,"N","EUR","2021",null,"M",false,null,null,"P1Y",{"$nulls":4},"S",null,null,3,null,"Value of E-money card loading and unloading at terminals acquired by resident PSP - terminal located in: Romania","Value of E-money card loading and unloading at terminals acquired by resident PSP - terminal located in: Romania","EUR",6]
["PTT.A.PL.W2.SK.EMP1.2.2220.N.PN","A","PL","W2","SK","EMP1",2,2220,"N","PN","2022",null,"M",false,null,null,"P1Y",{"$nulls":4},"S",null,null,3,null,"Number of e-money payment transactions with cards with an e-money function at terminals acquired by resident PSP - terminal located in: Slovakia","Number of e-money payment transactions with cards with an e-money function at terminals acquired by resident PSP - terminal located in: Slovakia","PN",6]
["PTT.A.PL.W2.W0.EMLU.2.2220.N.PN","A","PL","W2","W0","EMLU",2,2220,"N","PN","2015",null,"M",false,null,null,"P1Y",{"$nulls":4},"S",null,null,3,null,"Total number of e-money card loading and unloading transactions with cards issued by resident PSPs at terminals acquired by resident psp","Total number of e-money card loading and unloading transactions with cards issued by resident PSPs at terminals acquired by resident psp","PN",6]
["PTT.A.PL._Z.W0.CADV.2.2222.N.EUR","A","PL","_Z","W0","CADV",2,2222,"N","EUR","2020",516.5467211519001,"A",false,null,null,"P1Y",{"$nulls":4},"S",null,null,3,null,"Value of Cash advances - Poland","Value of Cash advances - Poland","EUR",6]
["PTT.A.PL._Z.W0.CW0.1.1300.N.XDF","A","PL","_Z","W0","CW0",1,1300,"N","XDF","2004",null,"M",false,null,null,"P1Y",{"$nulls":4},"S",null,null,3,null,"Value of over-the-counter (otc) cash withdrawals - Poland","Value of over-the-counter (otc) cash withdrawals - Poland","XDF",6]
["PTT.A.PT.W1.BE._T.1.2220.N.PN","A","PT","W1","BE","_T",1,2220,"N","PN","2013",0.641,"A",false,null,null,"P1Y",{"$nulls":4},"S",null,null,3,null,"Number of total transactions at terminals acquired by non-resident PSP - terminal located in: Belgium","Number of total transactions at terminals acquired by non-resident PSP - terminal located in: Belgium","PN",6]
["PTT.A.PT.W1.BG._T.1.2220.N.EUR","A","PT","W1","BG","_T",1,2220,"N","EUR","2023",3.58002974,"A",false,null,null,"P1Y",{"$nulls":4},"S",null,null,3,null,"Value of total transactions at terminals acquired by non-resident PSP - terminal located in: Bulgaria","Value of total transactions at terminals acquired by non-resident PSP - terminal located in: Bulgaria","EUR",6]
["PTT.A.PT.W1.CY.TRSO.2.2222.N.EUR","A","PT","W1","CY","TRSO",2,2222,"N","EUR","2023",null,"M",false,null,null,"P1Y",{"$nulls":4},"S",null,null,3,null,"Value of POS transactions at terminals acquired by resident PSP - terminal located in: Cyprus","Value of POS transactions at terminals acquired by resident PSP - terminal located in: Cyprus","EUR",6]
["PTT.A.PT.W1.DE.TRSO.2.2222.N.PN","A","PT","W1","DE","TRSO",2,2222,"N","PN","2021",null,"M",false,null,null,"P1Y",{"$nulls":4},"S",null,null,3,null,"Number of POS transactions at terminals acquired by resident PSP - terminal located in: Germany","Number of POS transactions at terminals acquired by resident PSP - terminal located in: Germany","PN",6]
["PTT.A.PT.W1.DK.EMLU.2.2220.N.PN","A","PT","W1","DK","EMLU",2,2220,"N","PN","2021",null,"M",false,null,null,"P1Y",{"$nulls":4},"S",null,null,3,null,"Number of E-money card loading and unloading at terminals acquired by resident PSP - terminal located in: Denmark","Number of E-money card loading and unloading at terminals acquired by resident PSP - terminal located in: Denmark","PN",6]
["PTT.A.PT.W1.ES.TRSO.2.2222.N.EUR","A","PT","W1","ES","TRSO",2,2222,"N","EUR","2019",163.086,"A",false,null,null,"P1Y",{"$nulls":4},"S",null,null,3,null,"Value of POS transactions at terminals acquired by resident PSP - terminal located in: Spain","Value of POS transactions at terminals acquired by resident PSP - terminal located in: Spain","EUR",6]
["PTT.A.PT.W1.FR.CW1.1.2221.N.PN","A","PT","W1","FR","CW1",1,2221,"N","PN","2016",null,"Q",false,null,null,"P1Y",{"$nulls":4},"S",null,null,3,null,"Number of ATM cash withdrawals at terminals acquired by non-resident PSP - terminal located in: France","Number of ATM cash withdrawals at terminals acquired by non-resident PSP - terminal located in: France","PN",6]
["PTT.A.PT.W1.G1.EMLU.2.2220.N.PN","A","PT","W1","G1","EMLU",2,2220,"N","PN","2016",null,"M",false,null,null,"P1Y",{"$nulls":4},"S",null,null,3,null,"Number of e-money card loading and unloading transactions with cards issued by non-resident PSPs at terminals acquired by resident psp - terminal located in: outside EEA","Number of e-money card loading and unloading transactions with cards issued by non-resident PSPs at terminals acquired by resident psp - terminal located in: outside EEA","PN",6]
["PTT.A.PT.W1.GR.CW1.1.2221.N.EUR","A","PT","W1","GR","CW1",1,2221,"N","EUR","2015",null,"Q",false,null,null,"P1Y",{"$nulls":4},"S",null,null,3,null,"Value of ATM cash withdrawals at terminals acquired by non-resident PSP - terminal located in: Greece","Value of ATM cash withdrawals at terminals acquired by non-resident PSP - terminal located in: Greece","EUR",6]
["PTT.A.PT.W1.HU.CW1.1.2221.N.PN","A","PT","W1","HU","CW1",1,2221,"N","PN","2013",0.027,"A",false,null,null,"P1Y",{"$nulls":4},"S",null,null,3,null,"Number of ATM cash withdrawals at terminals acquired by non-resident PSP - terminal located in: Hungary","Number of ATM cash withdrawals at terminals acquired by non-resident PSP - terminal located in: Hungary","PN",6]
["PTT.A.PT.W1.IE.CD1.2.2221.N.PN","A","PT","W1","IE","CD1",2,2221,"N","PN","2013",null,"M",false,null,null,"P1Y",{"$nulls":4},"S",null,null,3,null,"Number of ATM cash deposits at terminals acquired by resident PSP - terminal located in: Ireland","Number of ATM cash deposits at terminals acquired by resident PSP - terminal located in: Ireland","PN",6]
["PTT.A.PT.W1.IT.EMLU.2.2220.N.PN","A","PT","W1","IT","EMLU",2,2220,"N","PN","2015",null,"M",false,null,null,"P1Y",{"$nulls":4},"S",null,null,3,null,"Number of E-money card loading and unloading at terminals acquired by resident PSP - terminal located in: Italy","Number of E-money card loading and unloading at terminals acquired by resident PSP - terminal located in: Italy","PN",6]
["PTT.A.PT.W1.LT.EMLU.1.2220.N.PN","A","PT","W1","LT","EMLU",1,2220,"N","PN","2019",null,"M",false,null,null,"P1Y",{"$nulls":4},"S",null,null,3,null,"Number of E-money card loading and unloading at terminals acquired by non-resident PSP - terminal located in: Lithuania","Number of E-money card loading and unloading at terminals acquired by non-resident PSP - terminal located in: Lithuania","PN",6]
["PTT.A.PT.W1.LU.CW1.2.2221.N.PN","A","PT","W1","LU","CW1",2,2221,"N","PN","2019",null,"M",false,null,null,"P1Y",{"$nulls":4},"S",null,null,3,null,"Number of ATM cash withdrawals at terminals acquired by resident PSP - terminal located in: Luxembourg","Number of ATM cash withdrawals at terminals acquired by resident PSP - terminal located in: Luxembourg","PN",6]
["PTT.A.PT.W1.MT.EMLU.1.2220.N.EUR","A","PT","W1","MT","EMLU",1,2220,"N","EUR","2017",null,"M",false,null,null,"P1Y",{"$nulls":4},"S",null,null,3,null,"Value of E-money card loading and unloading at terminals acquired by non-resident PSP - terminal located in: Malta","Value of E-money card loading and unloading at terminals acquired by non-resident PSP - terminal located in: Malta","EUR",6]
["PTT.A.PT.W1.NL.CW1.2.2221.N.EUR","A","PT","W1","NL","CW1",2,2221,"N","EUR","2017",null,"M",false,null,null,"P1Y",{"$nulls":4},"S",null,null,3,null,"Value of ATM cash withdrawals at terminals acquired by resident PSP - terminal located in: Netherlands","Value of ATM cash withdrawals at terminals acquired by resident PSP - terminal located in: Netherlands","EUR",6]
["PTT.A.PT.W1.RO.CD1.2.2221.N.EUR","A","PT","W1","RO","CD1",2,2221,"N","EUR","2014",null,"M",false,null,null,"P1Y",{"$nulls":4},"S",null,null,3,null,"Value of ATM cash deposits at terminals acquired by resident PSP - terminal located in: Romania","Value of ATM cash deposits at terminals acquired by resident PSP - terminal located in: Romania","EUR",6]
["PTT.A.PT.W1.SE.EMLU.1.2220.N.PN","A","PT","W1","SE","EMLU",1,2220,"N","PN","2016",null,"M",false,null,null,"P1Y",{"$nulls":4},"S",null,null,3,null,"Number of E-money card loading and unloading at terminals acquired by non-resident PSP - terminal located in: Sweden","Number of E-money card loading and unloading at terminals acquired by non-resident PSP - terminal located in: Sweden","PN",6]
["PTT.A.PT.W1.SK.CD1.1.2221.N.EUR","A","PT","W1","SK","CD1",1,2221,"N","EUR","2022",null,"M",false,null,null,"P1Y",{"$nulls":4},"S",null,null,3,null,"Value of ATM cash deposits at terminals acquired by non-resident PSP - terminal located in: Slovakia","Value of ATM cash deposits at terminals acquired by non-resident PSP - terminal located in: Slovakia","EUR",6]
["PTT.A.PT.W1.SK.TRSO.1.2222.N.EUR","A","PT","W1","SK","TRSO",1,2222,"N","EUR","2014",0.673,"A",false,null,null,"P1Y",{"$nulls":4},"S",null,null,3,"ECB_PSS1","Value of pos transactions with cards issued by non-resident PSPs at terminals acquired by non-resident psp - terminal located in: Slovakia","Value of pos transactions with cards issued by non-resident PSPs at terminals acquired by non-resident psp - terminal located in: Slovakia","EUR",6]
["PTT.A.PT.W1.W0._T.1.2220.N.EUR","A","PT","W1","W0","_T",1,2220,"N","EUR","2006",956.6,"A",false,null,null,"P1Y",{"$nulls":4},"S",null,null,3,"ECB_PSS1","Total value of total transactions with cards issued by non-resident PSPs at terminals acquired by non-resident psp","Total value of total transactions with cards issued by non-resident PSPs at terminals acquired by non-resident psp","EUR",6]
["PTT.A.PT.W1.W1.EMP1.2.2220.N.EUR","A","PT","W1","W1","EMP1",2,2220,"N","EUR","2019",null,"M",false,null,null,"P1Y",{"$nulls":4},"S",null,null,3,null,"Value of e-money payment transactions with cards with an e-money function with cards issued by non-resident PSPs at terminals acquired by resident psp - terminal located in: Rest of the World","Value of e-money payment transactions with cards with an e-money function with cards issued by non-resident PSPs at terminals acquired by resident psp - terminal located in: Rest of the World","EUR",6]
["PTT.A.PT.W2.BE.CW1.2.2221.N.PN","A","PT","W2","BE","CW1",2,2221,"N","PN","2013",null,"M",false,null,null,"P1Y",{"$nulls":4},"S",null,null,3,null,"Number of ATM cash withdrawals at terminals acquired by resident PSP - terminal located in: Belgium","Number of ATM cash withdrawals at terminals acquired by resident PSP - terminal located in: Belgium","PN",6]
["PTT.A.PT.W2.BE.EMP1.2.2220.N.PN","A","PT","W2","BE","EMP1",2,2220,"N","PN","2013",null,"M",false,null,null,"P1Y",{"$nulls":4},"S",null,null,3,null,"Number of e-money payment transactions with cards with an e-money function at terminals acquired by resident PSP - terminal located in: Belgium","Number of e-money payment transactions with cards with an e-money function at terminals acquired by resident PSP - terminal located in: Belgium","PN",6]
["PTT.A.PT.W2.CZ.EMLU.2.2220.N.EUR","A","PT","W2","CZ","EMLU",2,2220,"N","EUR","2019",null,"M",false,null,null,"P1Y",{"$nulls":4},"S",null,null,3,null,"Value of E-money card loading and unloading at terminals acquired by resident PSP - terminal located in: Czech Republic","Value of E-money card loading and unloading at terminals acquired by resident PSP - terminal located in: Czech Republic","EUR",6]
["PTT.A.PT.W2.ES.EMLU.2.2220.N.PN","A","PT","W2","ES","EMLU",2,2220,"N","PN","2017",null,"M",false,null,null,"P1Y",{"$nulls":4},"S",null,null,3,null,"Number of E-money card loading and unloading at terminals acquired by resident PSP - terminal located in: Spain","Number of E-money card loading and unloading at terminals acquired by resident PSP - terminal located in: Spain","PN",6]
["PTT.A.PT.W2.FR.CW1.2.2221.N.PN","A","PT","W2","FR","CW1",2,2221,"N","PN","2017",null,"M",false,null,null,"P1Y",{"$nulls":4},"S",null,null,3,null,"Number of ATM cash withdrawals at terminals acquired by resident PSP - terminal located in: France","Number of ATM cash withdrawals at terminals acquired by resident PSP - terminal located in: France","PN",6]
["PTT.A.PT.W2.HU.CD1.2.2221.N.PN","A","PT","W2","HU","CD1",2,2221,"N","PN","2020",null,"M",false,null,null,"P1Y",{"$nulls":4},"S",null,null,3,null,"Number of ATM cash deposits at terminals acquired by resident PSP - terminal located in: Hungary","Number of ATM cash deposits at terminals acquired by resident PSP - terminal located in: Hungary","PN",6]
["PTT.A.PT.W2.IE.EMLU.2.2220.N.PN","A","PT","W2","IE","EMLU",2,2220,"N","PN","2016",null,"M",false,null,null,"P1Y",{"$nulls":4},"S",null,null,3,null,"Number of E-money card loading and unloading at terminals acquired by resident PSP - terminal located in: Ireland","Number of E-money card loading and unloading at terminals acquired by resident PSP - terminal located in: Ireland","PN",6]
["PTT.A.PT.W2.LT.EMP1.2.2220.N.PN","A","PT","W2","LT","EMP1",2,2220,"N","PN","2020",null,"M",false,null,null,"P1Y",{"$nulls":4},"S",null,null,3,null,"Number of e-money payment transactions with cards with an e-money function at terminals acquired by resident PSP - terminal located in: Lithuania","Number of e-money payment transactions with cards with an e-money function at terminals acquired by resident PSP - terminal located in: Lithuania","PN",6]
["PTT.A.PT.W2.MT._T.2.2220.N.EUR","A","PT","W2","MT","_T",2,2220,"N","EUR","2023",null,"M",false,null,null,"P1Y",{"$nulls":4},"S",null,null,3,null,"Value of total transactions at terminals acquired by resident PSP - terminal located in: Malta","Value of total transactions at terminals acquired by resident PSP - terminal located in: Malta","EUR",6]
["PTT.A.PT.W2.SI.CW1.2.2221.N.PN","A","PT","W2","SI","CW1",2,2221,"N","PN","2023",null,"M",false,null,null,"P1Y",{"$nulls":4},"S",null,null,3,null,"Number of ATM cash withdrawals at terminals acquired by resident PSP - terminal located in: Slovenia","Number of ATM cash withdrawals at terminals acquired by resident PSP - terminal located in: Slovenia","PN",6]
["PTT.A.PT.W2.SK.EMP1.2.2220.N.PN","A","PT","W2","SK","EMP1",2,2220,"N","PN","2019",null,"M",false,null,null,"P1Y",{"$nulls":4},"S",null,null,3,null,"Number of e-money payment transactions with cards with an e-money function at terminals acquired by resident PSP - terminal located in: Slovakia","Number of e-money payment transactions with cards with an e-money function at terminals acquired by resident PSP - terminal located in: Slovakia","PN",6]
["PTT.A.PT.W2.W2.CW1.2.2221.N.PN","A","PT","W2","W2","CW1",2,2221,"N","PN","2023",341.721546,"A",false,null,null,"P1Y",{"$nulls":4},"S",null,null,3,"ECB_PSS1","Number of atm cash withdrawals with cards issued by resident PSPs at terminals acquired by resident psp - terminal location: domestic","Number of atm cash withdrawals with cards issued by resident PSPs at terminals acquired by resident psp - terminal location: domestic","PN",6]
["PTT.A.RO.W1.AT.CD1.1.2221.N.PN","A","RO","W1","AT","CD1",1,2221,"N","PN","2019",0,"A",false,null,null,"P1Y",{"$nulls":4},"S",null,null,3,"unspecified","Number of atm cash deposits with cards issued by non-resident PSPs at terminals acquired by non-resident psp - terminal located in: Austria","Number of atm cash deposits with cards issued by non-resident PSPs at terminals acquired by non-resident psp - terminal located in: Austria","PN",6]
["PTT.A.RO.W1.AT.TRSC.1.2221.N.XDF","A","RO","W1","AT","TRSC",1,2221,"N","XDF","2022",0,"A",false,null,null,"P1Y",{"$nulls":4},"S",null,null,3,null,"Value of other atm transactions with cards issued by non-resident PSPs at terminals acquired by non-resident psp - terminal located in: Austria","Value of other atm transactions with cards issued by non-resident PSPs at terminals acquired by non-resident psp - terminal located in: Austria","XDF",6]
["PTT.A.RO.W1.BG.EMLU.1.2220.N.PN","A","RO","W1","BG","EMLU",1,2220,"N","PN","2021",null,"Q",false,null,null,"P1Y",{"$nulls":4},"S",null,null,3,null,"Number of E-money card loading and unloading at terminals acquired by non-resident PSP - terminal located in: Bulgaria","Number of E-money card loading and unloading at terminals acquired by non-resident PSP - terminal located in: Bulgaria","PN",6]
["PTT.A.RO.W1.BG._T.1.2220.N.PN","A","RO","W1","BG","_T",1,2220,"N","PN","2021",1.922,"A",false,null,null,"P1Y",{"$nulls":4},"S",null,null,3,"unspecified","Number of total transactions with cards issued by non-resident PSPs at terminals acquired by non-resident psp - terminal located in: Bulgaria","Number of total transactions with cards issued by non-resident PSPs at terminals acquired by non-resident psp - terminal located in: Bulgaria","PN",6]
["PTT.A.RO.W1.CZ.EMP1.1.2220.N.EUR","A","RO","W1","CZ","EMP1",1,2220,"N","EUR","2014",null,"Q",false,null,null,"P1Y",{"$nulls":4},"S",null,null,3,null,"Value of e-money payment transactions with cards with an e-money function at terminals acquired by non-resident PSP - terminal located in: Czech Republic","Value of e-money payment transactions with cards with an e-money function at terminals acquired by non-resident PSP - terminal located in: Czech Republic","EUR",6]
["PTT.A.RO.W1.DE.CW1.1.2221.N.XDF","A","RO","W1","DE","CW1",1,2221,"N","XDF","2014",463.548,"A",false,null,null,"P1Y",{"$nulls":4},"S",null,null,3,"unspecified","Value of atm cash withdrawals with cards issued by non-resident PSPs at terminals acquired by non-resident psp - terminal located in: Germany","Value of atm cash withdrawals with cards issued by non-resident PSPs at terminals acquired by non-resident psp - terminal located in: Germany","XDF",6]
["PTT.A.RO.W1.DK.TRSO.2.2222.N.XDF","A","RO","W1","DK","TRSO",2,2222,"N","XDF","2019",0,"A",false,null,null,"P1Y",{"$nulls":4},"S",null,null,3,"unspecified","Value of pos transactions with cards issued by non-resident PSPs at terminals acquired by resident psp - terminal located in: Denmark","Value of pos transactions with cards issued by non-resident PSPs at terminals acquired by resident psp - terminal located in: Denmark","XDF",6]
["PTT.A.RO.W1.EE.CW1.2.2221.N.EUR","A","RO","W1","EE","CW1",2,2221,"N","EUR","2015",0,"A",false,null,null,"P1Y",{"$nulls":4},"S",null,null,3,"unspecified","Value of atm cash withdrawals with cards issued by non-resident PSPs at terminals acquired by resident psp - terminal located in: Estonia","Value of atm cash withdrawals with cards issued by non-resident PSPs at terminals acquired by resident psp - terminal located in: Estonia","EUR",6]
["PTT.A.RO.W1.FI.CD1.2.2221.N.XDF","A","RO","W1","FI","CD1",2,2221,"N","XDF","2021",0,"A",false,null,null,"P1Y",{"$nulls":4},"S",null,null,3,"unspecified","Value of atm cash deposits with cards issued by non-resident PSPs at terminals acquired by resident psp - terminal located in: Finland","Value of atm cash deposits with cards issued by non-resident PSPs at terminals acquired by resident psp - terminal located in: Finland","XDF",6]
["PTT.A.RO.W1.FI.TRSC.2.2221.N.PN","A","RO","W1","FI","TRSC",2,2221,"N","PN","2023",0,"A",false,null,null,"P1Y",{"$nulls":4},"S",null,null,3,null,"Number of other atm transactions with cards issued by non-resident PSPs at terminals acquired by resident psp - terminal located in: Finland","Number of other atm transactions with cards issued by non-resident PSPs at terminals acquired by resident psp - terminal located in: Finland","PN",6]
["PTT.A.RO.W1.G1.EMP1.1.2220.N.EUR","A","RO","W1","G1","EMP1",1,2220,"N","EUR","2014",null,"Q",false,null,null,"P1Y",{"$nulls":4},"S",null,null,3,null,"Value of e-money payment transactions with cards with an e-money function at terminals acquired by non-resident PSP - terminal located in: Extra EEA","Value of e-money payment transactions with cards with an e-money function at terminals acquired by non-resident PSP - terminal located in: Extra EEA","EUR",6]
["PTT.A.RO.W1.G3.CD1.1.2221.N.PN","A","RO","W1","G3","CD1",1,2221,"N","PN","2022",0,"A",false,null,null,"P1Y",{"$nulls":4},"S",null,null,3,null,"Number of atm cash deposits with cards issued by non-resident PSPs at terminals acquired by non-resident psp - terminal located in: other EEA countries","Number of atm cash deposits with cards issued by non-resident PSPs at terminals acquired by non-resident psp - terminal located in: other EEA countries","PN",6]
["PTT.A.RO.W1.HR.EMLU.2.2220.N.PN","A","RO","W1","HR","EMLU",2,2220,"N","PN","2019",null,"Q",false,null,null,"P1Y",{"$nulls":4},"S",null,null,3,null,"Number of E-money card loading and unloading at terminals acquired by resident PSP - terminal located in: Croatia","Number of E-money card loading and unloading at terminals acquired by resident PSP - terminal located in: Croatia","PN",6]
["PTT.A.RO.W1.HU.CD1.1.2221.N.XDF","A","RO","W1","HU","CD1",1,2221,"N","XDF","2020",0,"A",false,null,null,"P1Y",{"$nulls":4},"S",null,null,3,"unspecified","Value of atm cash deposits with cards issued by non-resident PSPs at terminals acquired by non-resident psp - terminal located in: Hungary","Value of atm cash deposits with cards issued by non-resident PSPs at terminals acquired by non-resident psp - terminal located in: Hungary","XDF",6]
["PTT.A.RO.W1.HU.TRSO.1.2222.N.EUR","A","RO","W1","HU","TRSO",1,2222,"N","EUR","2016",100.8485593430729,"A",false,null,null,"P1Y",{"$nulls":4},"S",null,null,3,"unspecified","Value of pos transactions with cards issued by non-resident PSPs at terminals acquired by non-resident psp - terminal located in: Hungary","Value of pos transactions with cards issued by non-resident PSPs at terminals acquired by non-resident psp - terminal located in: Hungary","EUR",6]
["PTT.A.RO.W1.IT.CD1.2.2221.N.PN","A","RO","W1","IT","CD1",2,2221,"N","PN","2021",0,"A",false,null,null,"P1Y",{"$nulls":4},"S",null,null,3,"unspecified","Number of atm cash deposits with cards issued by non-resident PSPs at terminals acquired by resident psp - terminal located in: Italy","Number of atm cash deposits with cards issued by non-resident PSPs at terminals acquired by resident psp - terminal located in: Italy","PN",6]
["PTT.A.RO.W1.IT._T.1.2220.N.EUR","A","RO","W1","IT","_T",1,2220,"N","EUR","2019",416.1499623780077,"A",false,null,null,"P1Y",{"$nulls":4},"S",null,null,3,"unspecified","Value of total transactions with cards issued by non-resident PSPs at terminals acquired by non-resident psp - terminal located in: Italy","Value of total transactions with cards issued by non-resident PSPs at terminals acquired by non-resident psp - terminal located in: Italy","EUR",6]
["PTT.A.RO.W1.LU.CW1.2.2221.N.XDF","A","RO","W1","LU","CW1",2,2221,"N","XDF","2014",0,"A",false,null,null,"P1Y",{"$nulls":4},"S",null,null,3,"unspecified","Value of atm cash withdrawals with cards issued by non-resident PSPs at terminals acquired by resident psp - terminal located in: Luxembourg","Value of atm cash withdrawals with cards issued by non-resident PSPs at terminals acquired by resident psp - terminal located in: Luxembourg","XDF",6]
["PTT.A.RO.W1.LV.CD1.1.2221.N.PN","A","RO","W1","LV","CD1",1,2221,"N","PN","2014",0,"A",false,null,null,"P1Y",{"$nulls":4},"S",null,null,3,"unspecified","Number of atm cash deposits with cards issued by non-resident PSPs at terminals acquired by non-resident psp - terminal located in: Latvia","Number of atm cash deposits with cards issued by non-resident PSPs at terminals acquired by non-resident psp - terminal located in: Latvia","PN",6]
["PTT.A.RO.W1.MT.EMLU.1.2220.N.EUR","A","RO","W1","MT","EMLU",1,2220,"N","EUR","2017",null,"Q",false,null,null,"P1Y",{"$nulls":4},"S",null,null,3,null,"Value of E-money card loading and unloading at terminals acquired by non-resident PSP - terminal located in: Malta","Value of E-money card loading and unloading at terminals acquired by non-resident PSP - terminal located in: Malta","EUR",6]
["PTT.A.RO.W1.NL.CD1.2.2221.N.XDF","A","RO","W1","NL","CD1",2,2221,"N","XDF","2016",0,"A",false,null,null,"P1Y",{"$nulls":4},"S",null,null,3,"unspecified","Value of atm cash deposits with cards issued by non-resident PSPs at terminals acquired by resident psp - terminal located in: Netherlands","Value of atm cash deposits with cards issued by non-resident PSPs at terminals acquired by resident psp - terminal located in: Netherlands","XDF",6]
["PTT.A.RO.W1.PL.TRSO.2.2222.N.PN","A","RO","W1","PL","TRSO",2,2222,"N","PN","2021",0,"A",false,null,null,"P1Y",{"$nulls":4},"S",null,null,3,"unspecified","Number of pos transactions with cards issued by non-resident PSPs at terminals acquired by resident psp - terminal located in: Poland","Number of pos transactions with cards issued by non-resident PSPs at terminals acquired by resident psp - terminal located in: Poland","PN",6]
["PTT.A.RO.W1.PT.CW1.2.2221.N.XDF","A","RO","W1","PT","CW1",2,2221,"N","XDF","2019",0.002,"A",false,null,null,"P1Y",{"$nulls":4},"S",null,null,3,"unspecified","Value of atm cash withdrawals with cards issued by non-resident PSPs at terminals acquired by resident psp - terminal located in: Portugal","Value of atm cash withdrawals with cards issued by non-resident PSPs at terminals acquired by resident psp - terminal located in: Portugal","XDF",6]
["PTT.A.RO.W1.SE.CD1.1.2221.N.PN","A","RO","W1","SE","CD1",1,2221,"N","PN","2019",0,"A",false,null,null,"P1Y",{"$nulls":4},"S",null,null,3,"unspecified","Number of atm cash deposits with cards issued by non-resident PSPs at terminals acquired by non-resident psp - terminal located in: Sweden","Number of atm cash deposits with cards issued by non-resident PSPs at terminals acquired by non-resident psp - terminal located in: Sweden","PN",6]
["PTT.A.RO.W1.SI.EMLU.2.2220.N.PN","A","RO","W1","SI","EMLU",2,2220,"N","PN","2014",null,"Q",false,null,null,"P1Y",{"$nulls":4},"S",null,null,3,null,"Number of E-money card loading and unloading at terminals acquired by resident PSP - terminal located in: Slovenia","Number of E-money card loading and unloading at terminals acquired by resident PSP - terminal located in: Slovenia","PN",6]
["PTT.A.RO.W1.W0.CW1.1.2221.G1.XDF","A","RO","W1","W0","CW1",1,2221,"G1","XDF","2012",null,"M",false,null,null,"P1Y",{"$nulls":4},"S",null,null,3,null,"Value of ATM cash withdrawals at terminals acquired by non-resident PSP - terminal located in: World","Value of ATM cash withdrawals at terminals acquired by non-resident PSP - terminal located in: World","XDF",0]
["PTT.A.RO.W1.W0.EMP1.1.2220.G1.PN","A","RO","W1","W0","EMP1",1,2220,"G1","PN","2014",null,"Q",false,null,null,"P1Y",{"$nulls":4},"S",null,null,3,null,"Number of e-money payment transactions with cards with an e-money function at terminals acquired by non-resident PSP - terminal located in: World","Number of e-money payment transactions with cards with an e-money function at terminals acquired by non-resident PSP - terminal located in: World","PN",0]
["PTT.A.RO.W1.W0.TRSO.1.2222.N.EUR","A","RO","W1","W0","TRSO",1,2222,"N","EUR","2021",2378.978911849382,"A",false,null,null,"P1Y",{"$nulls":4},"S",null,null,3,null,"Value of POS transactions at terminals acquired by non-resident PSP - terminal located in: World","Value of POS transactions at terminals acquired by non-resident PSP - terminal located in: World","EUR",6]
["PTT.A.RO.W1.W2.CW1.1.2221.N.PN","A","RO","W1","W2","CW1",1,2221,"N","PN","2023",0.780357,"A",false,null,null,"P1Y",{"$nulls":4},"S",null,null,3,"unspecified","Number of atm cash withdrawals with cards issued by non-resident PSPs at terminals acquired by non-resident psp - terminal located in: domestic","Number of atm cash withdrawals with cards issued by non-resident PSPs at terminals acquired by non-resident psp - terminal located in: domestic","PN",6]
["PTT.A.RO.W1.W2._T.2.2220.N.EUR","A","RO","W1","W2","_T",2,2220,"N","EUR","2021",3682.054555198837,"A",false,null,null,"P1Y",{"$nulls":4},"S",null,null,3,"unspecified","Value of total transactions with cards issued by non-resident PSPs at terminals acquired by resident psp - terminal located in: domestic","Value of total transactions with cards issued by non-resident PSPs at terminals acquired by resident psp - terminal located in: domestic","EUR",6]
["PTT.A.RO.W2.BG.CW1.2.2221.N.XDF","A","RO","W2","BG","CW1",2,2221,"N","XDF","2015",0,"A",false,null,null,"P1Y",{"$nulls":4},"S",null,null,3,"unspecified","Value of atm cash withdrawals with cards issued by resident PSPs at terminals acquired by resident psp - terminal location: Bulgaria","Value of atm cash withdrawals with cards issued by resident PSPs at terminals acquired by resident psp - terminal location: Bulgaria","XDF",6]
["PTT.A.RO.W2.CZ.EMP1.2.2220.N.PN","A","RO","W2","CZ","EMP1",2,2220,"N","PN","2015",null,"Q",false,null,null,"P1Y",{"$nulls":4},"S",null,null,3,null,"Number of e-money payment transactions with cards with an e-money function at terminals acquired by resident PSP - terminal located in: Czech Republic","Number of e-money payment transactions with cards with an e-money function at terminals acquired by resident PSP - terminal located in: Czech Republic","PN",6]
["PTT.A.RO.W2.EE.TRSO.2.2222.N.PN","A","RO","W2","EE","TRSO",2,2222,"N","PN","2020",0,"A",false,null,null,"P1Y",{"$nulls":4},"S",null,null,3,"unspecified","Number of pos transactions with cards issued by resident PSPs at terminals acquired by resident psp - terminal location: Estonia","Number of pos transactions with cards issued by resident PSPs at terminals acquired by resident psp - terminal location: Estonia","PN",6]
["PTT.A.RO.W2.ES.TRSO.2.2222.N.XDF","A","RO","W2","ES","TRSO",2,2222,"N","XDF","2014",0,"A",false,null,null,"P1Y",{"$nulls":4},"S",null,null,3,"unspecified","Value of pos transactions with cards issued by resident PSPs at terminals acquired by resident psp - terminal location: Spain","Value of pos transactions with cards issued by resident PSPs at terminals acquired by resident psp - terminal location: Spain","XDF",6]
["PTT.A.RO.W2.GR.CW1.2.2221.N.PN","A","RO","W2","GR","CW1",2,2221,"N","PN","2023",0,"A",false,null,null,"P1Y",{"$nulls":4},"S",null,null,3,"unspecified","Number of atm cash withdrawals with cards issued by resident PSPs at terminals acquired by resident psp - terminal location: Greece","Number of atm cash withdrawals with cards issued by resident PSPs at terminals acquired by resident psp - terminal location: Greece","PN",6]
["PTT.A.RO.W2.HR.CW1.2.2221.N.XDF","A","RO","W2","HR","CW1",2,2221,"N","XDF","2017",0,"A",false,null,null,"P1Y",{"$nulls":4},"S",null,null,3,"unspecified","Value of atm cash withdrawals with cards issued by resident PSPs at terminals acquired by resident psp - terminal location: Croatia","Value of atm cash withdrawals with cards issued by resident PSPs at terminals acquired by resident psp - terminal location: Croatia","XDF",6]
["PTT.A.RO.W2.IS.EMP1.2.2220.N.XDF","A","RO","W2","IS","EMP1",2,2220,"N","XDF","2022",0,"A",false,null,null,"P1Y",{"$nulls":4},"S",null,null,3,null,"Value of e-money payment transactions with cards with an e-money function with cards issued by resident PSPs at terminals acquired by resident psp - terminal location: Iceland","Value of e-money payment transactions with cards with an e-money function with cards issued by resident PSPs at terminals acquired by resident psp - terminal location: Iceland","XDF",6]
["PTT.A.RO.W2.LT.EMP1.2.2220.N.XDF","A","RO","W2","LT","EMP1",2,2220,"N","XDF","2019",null,"Q",false,null,null,"P1Y",{"$nulls":4},"S",null,null,3,null,"Value of e-money payment transactions with cards with an e-money function at terminals acquired by resident PSP - terminal located in: Lithuania","Value of e-money payment transactions with cards with an e-money function at terminals acquired by resident PSP - terminal located in: Lithuania","XDF",0]
["PTT.A.RO.W2.LU.EMP1.2.2220.N.XDF","A","RO","W2","LU","EMP1",2,2220,"N","XDF","2023",0,"A",false,null,null,"P1Y",{"$nulls":4},"S",null,null,3,null,"Value of e-money payment transactions with cards with an e-money function at terminals acquired by resident PSP - terminal located in: Luxembourg","Value of e-money payment transactions with cards with an e-money function at terminals acquired by resident PSP - terminal located in: Luxembourg","XDF",0]
["PTT.A.RO.W2.PL.CD1.2.2221.N.XDF","A","RO","W2","PL","CD1",2,2221,"N","XDF","2018",0,"A",false,null,null,"P1Y",{"$nulls":4},"S",null,null,3,"unspecified","Value of atm cash deposits with cards issued by resident PSPs at terminals acquired by resident psp - terminal location: Poland","Value of atm cash deposits with cards issued by resident PSPs at terminals acquired by resident psp - terminal location: Poland","XDF",6]
["PTT.A.RO.W2.PT.CD1.2.2221.N.XDF","A","RO","W2","PT","CD1",2,2221,"N","XDF","2022",0,"A",false,null,null,"P1Y",{"$nulls":4},"S",null,null,3,"unspecified","Value of atm cash deposits with cards issued by resident PSPs at terminals acquired by resident psp - terminal location: Portugal","Value of atm cash deposits with cards issued by resident PSPs at terminals acquired by resident psp - terminal location: Portugal","XDF",6]
["PTT.A.RO.W2.SK.EMLU.2.2220.N.EUR","A","RO","W2","SK","EMLU",2,2220,"N","EUR","2021",null,"Q",false,null,null,"P1Y",{"$nulls":4},"S",null,null,3,null,"Value of E-money card loading and unloading at terminals acquired by resident PSP - terminal located in: Slovakia","Value of E-money card loading and unloading at terminals acquired by resident PSP - terminal located in: Slovakia","EUR",6]
["PTT.A.RO.W2.W0.TRSO.2.2222.G1.XDF","A","RO","W2","W0","TRSO",2,2222,"G1","XDF","2017",26.32436439469668,"A",false,null,null,"P1Y",{"$nulls":4},"S",null,null,3,null,"Value of POS transactions at terminals acquired by resident PSP - terminal located in: World","Value of POS transactions at terminals acquired by resident PSP - terminal located in: World","XDF",0]
["PTT.A.RO.W2.W2._T.2.2220.N.PN","A","RO","W2","W2","_T",2,2220,"N","PN","2016",520.249,"A",false,null,null,"P1Y",{"$nulls":4},"S",null,null,3,"unspecified","Number of total transactions with cards issued by resident PSPs at terminals acquired by resident psp - terminal location: domestic","Number of total transactions with cards issued by resident PSPs at terminals acquired by resident psp - terminal location: domestic","PN",6]
["PTT.A.SE.W1.W0.CD1.1.2221.N.PN","A","SE","W1","W0","CD1",1,2221,"N","PN","2019",3.082,"A",false,null,null,"P1Y",{"$nulls":4},"S",null,null,3,null,"Number of ATM cash deposits at terminals acquired by non-resident PSP - terminal located in: World","Number of ATM cash deposits at terminals acquired by non-resident PSP - terminal located in: World","PN",6]
["PTT.A.SE.W1.W0._T.1.2220.N.EUR","A","SE","W1","W0","_T",1,2220,"N","EUR","2005",3555.194190692803,"A",false,null,null,"P1Y",{"$nulls":4},"S",null,null,3,null,"Value of total transactions at terminals acquired by non-resident PSP - terminal located in: World","Value of total transactions at terminals acquired by non-resident PSP - terminal located in: World","EUR",6]
["PTT.A.SE.W2.W0.CW1.2.2221.G1.PN","A","SE","W2","W0","CW1",2,2221,"G1","PN","2021",-11.17924528301887,"A",false,null,null,"P1Y",{"$nulls":4},"S",null,null,3,null,"Number of ATM cash withdrawals at terminals acquired by resident PSP - terminal located in: World","Number of ATM cash withdrawals at terminals acquired by resident PSP - terminal located in: World","PN",0]
["PTT.A.SI.W1.AT.CW1.2.2221.N.EUR","A","SI","W1","AT","CW1",2,2221,"N","EUR","2023",0,"A",false,null,null,"P1Y",{"$nulls":4},"S",null,null,3,null,"Value of ATM cash withdrawals at terminals acquired by resident PSP - terminal located in: Austria","Value of ATM cash withdrawals at terminals acquired by resident PSP - terminal located in: Austria","EUR",6]
["PTT.A.SI.W1.BE.EMLU.1.2220.N.PN","A","SI","W1","BE","EMLU",1,2220,"N","PN","2018",null,"Q",false,null,null,"P1Y",{"$nulls":4},"S",null,null,3,null,"Number of E-money card loading and unloading at terminals acquired by non-resident PSP - terminal located in: Belgium","Number of E-money card loading and unloading at terminals acquired by non-resident PSP - terminal located in: Belgium","PN",6]
["PTT.A.SI.W1.CY.CW1.1.2221.N.PN","A","SI","W1","CY","CW1",1,2221,"N","PN","2017",0.001,"A",false,null,null,"P1Y",{"$nulls":4},"S",null,null,3,"unspecified","Number of atm cash withdrawals with cards issued by non-resident PSPs at terminals acquired by non-resident psp - terminal located in: Cyprus","Number of atm cash withdrawals with cards issued by non-resident PSPs at terminals acquired by non-resident psp - terminal located in: Cyprus","PN",6]
["PTT.A.SI.W1.CZ.CW1.1.2221.N.PN","A","SI","W1","CZ","CW1",1,2221,"N","PN","2019",0.019,"A",false,null,null,"P1Y",{"$nulls":4},"S",null,null,3,"unspecified","Number of atm cash withdrawals with cards issued by non-resident PSPs at terminals acquired by non-resident psp - terminal located in: Czech Republic","Number of atm cash withdrawals with cards issued by non-resident PSPs at terminals acquired by non-resident psp - terminal located in: Czech Republic","PN",6]
["PTT.A.SI.W1.CZ._T.2.2220.N.EUR","A","SI","W1","CZ","_T",2,2220,"N","EUR","2017",null,"M",false,null,null,"P1Y",{"$nulls":4},"S",null,null,3,null,"Value of total transactions at terminals acquired by resident PSP - terminal located in: Czech Republic","Value of total transactions at terminals acquired by resident PSP - terminal located in: Czech Republic","EUR",6]
["PTT.A.SI.W1.EE.EMLU.2.2220.N.PN","A","SI","W1","EE","EMLU",2,2220,"N","PN","2018",null,"M",false,null,null,"P1Y",{"$nulls":4},"S",null,null,3,null,"Number of E-money card loading and unloading at terminals acquired by resident PSP - terminal located in: Estonia","Number of E-money card loading and unloading at terminals acquired by resident PSP - terminal located in: Estonia","PN",6]
["PTT.A.SI.W1.ES.CW1.1.2221.N.EUR","A","SI","W1","ES","CW1",1,2221,"N","EUR","2016",5.122,"A",false,null,null,"P1Y",{"$nulls":4},"S",null,null,3,"unspecified","Value of atm cash withdrawals with cards issued by non-resident PSPs at terminals acquired by non-resident psp - terminal located in: Spain","Value of atm cash withdrawals with cards issued by non-resident PSPs at terminals acquired by non-resident psp - terminal located in: Spain","EUR",6]
["PTT.A.SI.W1.FR.EMP1.1.2220.N.EUR","A","SI","W1","FR","EMP1",1,2220,"N","EUR","2023",0.280503,"A",false,null,null,"P1Y",{"$nulls":4},"S",null,null,3,null,"Value of e-money payment transactions with cards with an e-money function at terminals acquired by non-resident PSP - terminal located in: France","Value of e-money payment transactions with cards with an e-money function at terminals acquired by non-resident PSP - terminal located in: France","EUR",6]
["PTT.A.SI.W1.G1.EMLU.2.2220.N.EUR","A","SI","W1","G1","EMLU",2,2220,"N","EUR","2014",null,"M",false,null,null,"P1Y",{"$nulls":4},"S",null,null,3,null,"Value of e-money card loading and unloading transactions with cards issued by non-resident PSPs at terminals acquired by resident psp - terminal located in: outside EEA","Value of e-money card loading and unloading transactions with cards issued by non-resident PSPs at terminals acquired by resident psp - terminal located in: outside EEA","EUR",6]
["PTT.A.SI.W1.HR.EMLU.2.2220.N.EUR","A","SI","W1","HR","EMLU",2,2220,"N","EUR","2015",null,"M",false,null,null,"P1Y",{"$nulls":4},"S",null,null,3,null,"Value of E-money card loading and unloading at terminals acquired by resident PSP - terminal located in: Croatia","Value of E-money card loading and unloading at terminals acquired by resident PSP - terminal located in: Croatia","EUR",6]
["PTT.A.SI.W1.HU.EMLU.2.2220.N.EUR","A","SI","W1","HU","EMLU",2,2220,"N","EUR","2017",null,"M",false,null,null,"P1Y",{"$nulls":4},"S",null,null,3,null,"Value of E-money card loading and unloading at terminals acquired by resident PSP - terminal located in: Hungary","Value of E-money card loading and unloading at terminals acquired by resident PSP - terminal located in: Hungary","EUR",6]
["PTT.A.SI.W1.IT.EMLU.2.2220.N.EUR","A","SI","W1","IT","EMLU",2,2220,"N","EUR","2018",null,"M",false,null,null,"P1Y",{"$nulls":4},"S",null,null,3,null,"Value of E-money card loading and unloading at terminals acquired by resident PSP - terminal located in: Italy","Value of E-money card loading and unloading at terminals acquired by resident PSP - terminal located in: Italy","EUR",6]
["PTT.A.SI.W1.LI.TRSC.1.2221.N.EUR","A","SI","W1","LI","TRSC",1,2221,"N","EUR","2022",0,"A",false,null,null,"P1Y",{"$nulls":4},"S",null,null,3,null,"Value of other atm transactions with cards issued by non-resident PSPs at terminals acquired by non-resident psp - terminal located in: Liechtenstein","Value of other atm transactions with cards issued by non-resident PSPs at terminals acquired by non-resident psp - terminal located in: Liechtenstein","EUR",6]
["PTT.A.SI.W1.LU.CD1.1.2221.N.EUR","A","SI","W1","LU","CD1",1,2221,"N","EUR","2018",0,"A",false,null,null,"P1Y",{"$nulls":4},"S",null,null,3,"unspecified","Value of atm cash deposits with cards issued by non-resident PSPs at terminals acquired by non-resident psp - terminal located in: Luxembourg","Value of atm cash deposits with cards issued by non-resident PSPs at terminals acquired by non-resident psp - terminal located in: Luxembourg","EUR",6]
["PTT.A.SI.W1.MT.CD1.2.2221.N.PN","A","SI","W1","MT","CD1",2,2221,"N","PN","2018",null,"M",false,null,null,"P1Y",{"$nulls":4},"S",null,null,3,null,"Number of ATM cash deposits at terminals acquired by resident PSP - terminal located in: Malta","Number of ATM cash deposits at terminals acquired by resident PSP - terminal located in: Malta","PN",6]
["PTT.A.SI.W1.PL.CD1.2.2221.N.PN","A","SI","W1","PL","CD1",2,2221,"N","PN","2019",null,"M",false,null,null,"P1Y",{"$nulls":4},"S",null,null,3,null,"Number of ATM cash deposits at terminals acquired by resident PSP - terminal located in: Poland","Number of ATM cash deposits at terminals acquired by resident PSP - terminal located in: Poland","PN",6]
["PTT.A.SI.W1.PT.CD1.2.2221.N.PN","A","SI","W1","PT","CD1",2,2221,"N","PN","2021",null,"M",false,null,null,"P1Y",{"$nulls":4},"S",null,null,3,null,"Number of ATM cash deposits at terminals acquired by resident PSP - terminal located in: Portugal","Number of ATM cash deposits at terminals acquired by resident PSP - terminal located in: Portugal","PN",6]
["PTT.A.SI.W1.PT._T.1.2220.N.EUR","A","SI","W1","PT","_T",1,2220,"N","EUR","2019",5.227,"A",false,null,null,"P1Y",{"$nulls":4},"S",null,null,3,"unspecified","Value of total transactions with cards issued by non-resident PSPs at terminals acquired by non-resident psp - terminal located in: Portugal","Value of total transactions with cards issued by non-resident PSPs at terminals acquired by non-resident psp - terminal located in: Portugal","EUR",6]
["PTT.A.SI.W1.SK.EMLU.1.2220.N.PN","A","SI","W1","SK","EMLU",1,2220,"N","PN","2020",0,"A",false,null,null,"P1Y",{"$nulls":4},"S",null,null,3,null,"Number of E-money card loading and unloading at terminals acquired by non-resident PSP - terminal located in: Slovakia","Number of E-money card loading and unloading at terminals acquired by non-resident PSP - terminal located in: Slovakia","PN",6]
["PTT.A.SI.W1.SK._T.2.2220.N.EUR","A","SI","W1","SK","_T",2,2220,"N","EUR","2017",null,"M",false,null,null,"P1Y",{"$nulls":4},"S",null,null,3,null,"Value of total transactions at terminals acquired by resident PSP - terminal located in: Slovakia","Value of total transactions at terminals acquired by resident PSP - terminal located in: Slovakia","EUR",6]
["PTT.A.SI.W1.W1.CD1.2.2221.N.EUR","A","SI","W1","W1","CD1",2,2221,"N","EUR","2014",null,"M",false,null,null,"P1Y",{"$nulls":4},"S",null,null,3,null,"Value of atm cash deposits with cards issued by non-resident PSPs at terminals acquired by resident psp - terminal located in: Rest of the World","Value of atm cash deposits with cards issued by non-resident PSPs at terminals acquired by resident psp - terminal located in: Rest of the World","EUR",6]
["PTT.A.SI.W1.W2.CD1.2.2221.N.EUR","A","SI","W1","W2","CD1",2,2221,"N","EUR","2016",0,"A",false,null,null,"P1Y",{"$nulls":4},"S",null,null,3,"unspecified","Value of atm cash deposits with cards issued by non-resident PSPs at terminals acquired by resident psp - terminal located in: domestic","Value of atm cash deposits with cards issued by non-resident PSPs at terminals acquired by resident psp - terminal located in: domestic","EUR",6]
["PTT.A.SI.W2.BG.EMP1.2.2220.N.PN","A","SI","W2","BG","EMP1",2,2220,"N","PN","2023",0,"A",false,null,null,"P1Y",{"$nulls":4},"S",null,null,3,null,"Number of e-money payment transactions with cards with an e-money function at terminals acquired by resident PSP - terminal located in: Bulgaria","Number of e-money payment transactions with cards with an e-money function at terminals acquired by resident PSP - terminal located in: Bulgaria","PN",6]
["PTT.A.SI.W2.CZ.TRSC.2.2221.N.EUR","A","SI","W2","CZ","TRSC",2,2221,"N","EUR","2023",0,"A",false,null,null,"P1Y",{"$nulls":4},"S",null,null,3,null,"Value of other atm transactions with cards issued by resident PSPs at terminals acquired by resident psp - terminal location: Czech Republic","Value of other atm transactions with cards issued by resident PSPs at terminals acquired by resident psp - terminal location: Czech Republic","EUR",6]
["PTT.A.SI.W2.FI.CD1.2.2221.N.PN","A","SI","W2","FI","CD1",2,2221,"N","PN","2018",null,"M",false,null,null,"P1Y",{"$nulls":4},"S",null,null,3,null,"Number of ATM cash deposits at terminals acquired by resident PSP - terminal located in: Finland","Number of ATM cash deposits at terminals acquired by resident PSP - terminal located in: Finland","PN",6]
["PTT.A.SI.W2.FI.TRSC.2.2221.N.PN","A","SI","W2","FI","TRSC",2,2221,"N","PN","2022",0,"A",false,null,null,"P1Y",{"$nulls":4},"S",null,null,3,null,"Number of other atm transactions with cards issued by resident PSPs at terminals acquired by resident psp - terminal location: Finland","Number of other atm transactions with cards issued by resident PSPs at terminals acquired by resident psp - terminal location: Finland","PN",6]
["PTT.A.SI.W2.GR.CW1.2.2221.N.PN","A","SI","W2","GR","CW1",2,2221,"N","PN","2023",0,"A",false,null,null,"P1Y",{"$nulls":4},"S",null,null,3,null,"Number of ATM cash withdrawals at terminals acquired by resident PSP - terminal located in: Greece","Number of ATM cash withdrawals at terminals acquired by resident PSP - terminal located in: Greece","PN",6]
["PTT.A.SI.W2.IT.EMP1.2.2220.N.EUR","A","SI","W2","IT","EMP1",2,2220,"N","EUR","2022",0,"A",false,null,null,"P1Y",{"$nulls":4},"S",null,null,3,null,"Value of e-money payment transactions with cards with an e-money function at terminals acquired by resident PSP - terminal located in: Italy","Value of e-money payment transactions with cards with an e-money function at terminals acquired by resident PSP - terminal located in: Italy","EUR",6]
["PTT.A.SI.W2.LT.TRSO.2.2222.N.EUR","A","SI","W2","LT","TRSO",2,2222,"N","EUR","2022",0,"A",false,null,null,"P1Y",{"$nulls":4},"S",null,null,3,null,"Value of POS transactions at terminals acquired by resident PSP - terminal located in: Lithuania","Value of POS transactions at terminals acquired by resident PSP - terminal located in: Lithuania","EUR",6]
["PTT.A.SI.W2.PL.EMP1.2.2220.N.PN","A","SI","W2","PL","EMP1",2,2220,"N","PN","2015",null,"M",false,null,null,"P1Y",{"$nulls":4},"S",null,null,3,null,"Number of e-money payment transactions with cards with an e-money function at terminals acquired by resident PSP - terminal located in: Poland","Number of e-money payment transactions with cards with an e-money function at terminals acquired by resident PSP - terminal located in: Poland","PN",6]
["PTT.A.SI.W2.SK.EMLU.2.2220.N.EUR","A","SI","W2","SK","EMLU",2,2220,"N","EUR","2021",null,"M",false,null,null,"P1Y",{"$nulls":4},"S",null,null,3,null,"Value of E-money card loading and unloading at terminals acquired by resident PSP - terminal located in: Slovakia","Value of E-money card loading and unloading at terminals acquired by resident PSP - terminal located in: Slovakia","EUR",6]
["PTT.A.SI.W2.W0.TRSO.2.2222.N.EUR","A","SI","W2","W0","TRSO",2,2222,"N","EUR","2015",4095.882,"A",false,null,null,"P1Y",{"$nulls":4},"S",null,null,3,null,"Total value of pos transactions with cards issued by resident PSPs at terminals acquired by resident psp","Total value of pos transactions with cards issued by resident PSPs at terminals acquired by resident psp","EUR",6]
["PTT.A.SI.W2.W1._T.2.2220.N.EUR","A","SI","W2","W1","_T",2,2220,"N","EUR","2018",null,"M",false,null,null,"P1Y",{"$nulls":4},"S",null,null,3,null,"Value of total transactions with cards issued by resident PSPs at terminals acquired by resident psp - terminal location: Rest of the World","Value of total transactions with cards issued by resident PSPs at terminals acquired by resident psp - terminal location: Rest of the World","EUR",6]
["PTT.A.SK.W1.BE.CD1.2.2221.N.EUR","A","SK","W1","BE","CD1",2,2221,"N","EUR","2015",0,"A",false,null,null,"P1Y",{"$nulls":4},"S",null,null,3,"unspecified","Value of atm cash deposits with cards issued by non-resident PSPs at terminals acquired by resident psp - terminal located in: Belgium","Value of atm cash deposits with cards issued by non-resident PSPs at terminals acquired by resident psp - terminal located in: Belgium","EUR",6]
["PTT.A.SK.W1.BG.CD1.2.2221.N.EUR","A","SK","W1","BG","CD1",2,2221,"N","EUR","2017",0,"A",false,null,null,"P1Y",{"$nulls":4},"S",null,null,3,"unspecified","Value of atm cash deposits with cards issued by non-resident PSPs at terminals acquired by resident psp - terminal located in: Bulgaria","Value of atm cash deposits with cards issued by non-resident PSPs at terminals acquired by resident psp - terminal located in: Bulgaria","EUR",6]
["PTT.A.SK.W1.CZ.EMLU.1.2220.N.EUR","A","SK","W1","CZ","EMLU",1,2220,"N","EUR","2014",null,"M",false,null,null,"P1Y",{"$nulls":4},"S",null,null,3,null,"Value of E-money card loading and unloading at terminals acquired by non-resident PSP - terminal located in: Czech Republic","Value of E-money card loading and unloading at terminals acquired by non-resident PSP - terminal located in: Czech Republic","EUR",6]
["PTT.A.SK.W1.DE._T.2.2220.N.EUR","A","SK","W1","DE","_T",2,2220,"N","EUR","2023",0,"A",false,null,null,"P1Y",{"$nulls":4},"S",null,null,3,null,"Value of total transactions at terminals acquired by resident PSP - terminal located in: Germany","Value of total transactions at terminals acquired by resident PSP - terminal located in: Germany","EUR",6]
["PTT.A.SK.W1.DK.CD1.1.2221.N.EUR","A","SK","W1","DK","CD1",1,2221,"N","EUR","2023",0,"A",false,null,null,"P1Y",{"$nulls":4},"S",null,null,3,"unspecified","Value of atm cash deposits with cards issued by non-resident PSPs at terminals acquired by non-resident psp - terminal located in: Denmark","Value of atm cash deposits with cards issued by non-resident PSPs at terminals acquired by non-resident psp - terminal located in: Denmark","EUR",6]
["PTT.A.SK.W1.ES.CW1.2.2221.N.EUR","A","SK","W1","ES","CW1",2,2221,"N","EUR","2020",0,"A",false,null,null,"P1Y",{"$nulls":4},"S",null,null,3,null,"Value of ATM cash withdrawals at terminals acquired by resident PSP - terminal located in: Spain","Value of ATM cash withdrawals at terminals acquired by resident PSP - terminal located in: Spain","EUR",6]
["PTT.A.SK.W1.FI.CW1.2.2221.N.EUR","A","SK","W1","FI","CW1",2,2221,"N","EUR","2022",0,"A",false,null,null,"P1Y",{"$nulls":4},"S",null,null,3,null,"Value of ATM cash withdrawals at terminals acquired by resident PSP - terminal located in: Finland","Value of ATM cash withdrawals at terminals acquired by resident PSP - terminal located in: Finland","EUR",6]
["PTT.A.SK.W1.G1.EMP1.1.2220.N.EUR","A","SK","W1","G1","EMP1",1,2220,"N","EUR","2019",0.004,"A",false,null,null,"P1Y",{"$nulls":4},"S",null,null,3,"unspecified","Value of e-money payment transactions with cards with an e-money function with cards issued by non-resident PSPs at terminals acquired by non-resident psp - terminal located in: outside EEA","Value of e-money payment transactions with cards with an e-money function with cards issued by non-resident PSPs at terminals acquired by non-resident psp - terminal located in: outside EEA","EUR",6]
["PTT.A.SK.W1.G3._T.2.2220.N.EUR","A","SK","W1","G3","_T",2,2220,"N","EUR","2023",703.2986060000001,"A",false,null,null,"P1Y",{"$nulls":4},"S",null,null,3,null,"Value of total transactions with cards issued by non-resident PSPs at terminals acquired by resident psp - terminal located in: other EEA countries","Value of total transactions with cards issued by non-resident PSPs at terminals acquired by resident psp - terminal located in: other EEA countries","EUR",6]
["PTT.A.SK.W1.HR._T.1.2220.N.PN","A","SK","W1","HR","_T",1,2220,"N","PN","2020",0.593,"A",false,null,null,"P1Y",{"$nulls":4},"S",null,null,3,"unspecified","Number of total transactions with cards issued by non-resident PSPs at terminals acquired by non-resident psp - terminal located in: Croatia","Number of total transactions with cards issued by non-resident PSPs at terminals acquired by non-resident psp - terminal located in: Croatia","PN",6]
["PTT.A.SK.W1.IE.CW1.1.2221.N.PN","A","SK","W1","IE","CW1",1,2221,"N","PN","2019",0.016,"A",false,null,null,"P1Y",{"$nulls":4},"S",null,null,3,"unspecified","Number of atm cash withdrawals with cards issued by non-resident PSPs at terminals acquired by non-resident psp - terminal located in: Ireland","Number of atm cash withdrawals with cards issued by non-resident PSPs at terminals acquired by non-resident psp - terminal located in: Ireland","PN",6]
["PTT.A.SK.W1.LT.CW1.2.2221.N.PN","A","SK","W1","LT","CW1",2,2221,"N","PN","2018",0,"A",false,null,null,"P1Y",{"$nulls":4},"S",null,null,3,null,"Number of ATM cash withdrawals at terminals acquired by resident PSP - terminal located in: Lithuania","Number of ATM cash withdrawals at terminals acquired by resident PSP - terminal located in: Lithuania","PN",6]
["PTT.A.SK.W1.LU.CD1.1.2221.N.EUR","A","SK","W1","LU","CD1",1,2221,"N","EUR","2016",0,"A",false,null,null,"P1Y",{"$nulls":4},"S",null,null,3,"unspecified","Value of atm cash deposits with cards issued by non-resident PSPs at terminals acquired by non-resident psp - terminal located in: Luxembourg","Value of atm cash deposits with cards issued by non-resident PSPs at terminals acquired by non-resident psp - terminal located in: Luxembourg","EUR",6]
["PTT.A.SK.W1.MT.CW1.1.2221.N.PN","A","SK","W1","MT","CW1",1,2221,"N","PN","2023",0.003539,"A",false,null,null,"P1Y",{"$nulls":4},"S",null,null,3,"unspecified","Number of atm cash withdrawals with cards issued by non-resident PSPs at terminals acquired by non-resident psp - terminal located in: Malta","Number of atm cash withdrawals with cards issued by non-resident PSPs at terminals acquired by non-resident psp - terminal located in: Malta","PN",6]
["PTT.A.SK.W1.NL.CW1.2.2221.N.EUR","A","SK","W1","NL","CW1",2,2221,"N","EUR","2015",0,"A",false,null,null,"P1Y",{"$nulls":4},"S",null,null,3,null,"Value of ATM cash withdrawals at terminals acquired by resident PSP - terminal located in: Netherlands","Value of ATM cash withdrawals at terminals acquired by resident PSP - terminal located in: Netherlands","EUR",6]
["PTT.A.SK.W1.PL.EMLU.1.2220.N.PN","A","SK","W1","PL","EMLU",1,2220,"N","PN","2015",null,"M",false,null,null,"P1Y",{"$nulls":4},"S",null,null,3,null,"Number of E-money card loading and unloading at terminals acquired by non-resident PSP - terminal located in: Poland","Number of E-money card loading and unloading at terminals acquired by non-resident PSP - terminal located in: Poland","PN",6]
["PTT.A.SK.W1.PT._T.2.2220.N.EUR","A","SK","W1","PT","_T",2,2220,"N","EUR","2023",0,"A",false,null,null,"P1Y",{"$nulls":4},"S",null,null,3,null,"Value of total transactions at terminals acquired by resident PSP - terminal located in: Portugal","Value of total transactions at terminals acquired by resident PSP - terminal located in: Portugal","EUR",6]
["PTT.A.SK.W1.RO._T.2.2220.N.PN","A","SK","W1","RO","_T",2,2220,"N","PN","2015",0,"A",false,null,null,"P1Y",{"$nulls":4},"S",null,null,3,null,"Number of total transactions at terminals acquired by resident PSP - terminal located in: Romania","Number of total transactions at terminals acquired by resident PSP - terminal located in: Romania","PN",6]
["PTT.A.SK.W1.W0.CW1.1.2221.G1.EUR","A","SK","W1","W0","CW1",1,2221,"G1","EUR","2004",null,"M",false,null,null,"P1Y",{"$nulls":4},"S",null,null,3,null,"Value of ATM cash withdrawals at terminals acquired by non-resident PSP - terminal located in: World","Value of ATM cash withdrawals at terminals acquired by non-resident PSP - terminal located in: World","EUR",0]
["PTT.A.SK.W1.W0.EMP1.2.2220.G1.EUR","A","SK","W1","W0","EMP1",2,2220,"G1","EUR","2002",null,"M",false,null,null,"P1Y",{"$nulls":4},"S",null,null,3,null,"Value of e-money payment transactions with cards with an e-money function at terminals acquired by resident PSP - terminal located in: World","Value of e-money payment transactions with cards with an e-money function at terminals acquired by resident PSP - terminal located in: World","EUR",0]
["PTT.A.SK.W1.W2.CW1.1.2221.N.EUR","A","SK","W1","W2","CW1",1,2221,"N","EUR","2021",0.015,"A",false,null,null,"P1Y",{"$nulls":4},"S",null,null,3,null,"Value of atm cash withdrawals with cards issued by non-resident PSPs at terminals acquired by non-resident psp - terminal located in: domestic","Value of atm cash withdrawals with cards issued by non-resident PSPs at terminals acquired by non-resident psp - terminal located in: domestic","EUR",6]
["PTT.A.SK.W2.AT.EMP1.2.2220.N.EUR","A","SK","W2","AT","EMP1",2,2220,"N","EUR","2020",0,"A",false,null,null,"P1Y",{"$nulls":4},"S",null,null,3,"unspecified","Value of e-money payment transactions with cards with an e-money function with cards issued by resident PSPs at terminals acquired by resident psp - terminal location: Austria","Value of e-money payment transactions with cards with an e-money function with cards issued by resident PSPs at terminals acquired by resident psp - terminal location: Austria","EUR",6]
["PTT.A.SK.W2.CZ._T.2.2220.N.EUR","A","SK","W2","CZ","_T",2,2220,"N","EUR","2015",0,"A",false,null,null,"P1Y",{"$nulls":4},"S",null,null,3,"unspecified","Value of total transactions with cards issued by resident PSPs at terminals acquired by resident psp - terminal location: Czech Republic","Value of total transactions with cards issued by resident PSPs at terminals acquired by resident psp - terminal location: Czech Republic","EUR",6]
["PTT.A.SK.W2.DK.CW1.2.2221.N.PN","A","SK","W2","DK","CW1",2,2221,"N","PN","2017",0,"A",false,null,null,"P1Y",{"$nulls":4},"S",null,null,3,"unspecified","Number of atm cash withdrawals with cards issued by resident PSPs at terminals acquired by resident psp - terminal location: Denmark","Number of atm cash withdrawals with cards issued by resident PSPs at terminals acquired by resident psp - terminal location: Denmark","PN",6]
["PTT.A.SK.W2.FR.TRSO.2.2222.N.EUR","A","SK","W2","FR","TRSO",2,2222,"N","EUR","2020",0,"A",false,null,null,"P1Y",{"$nulls":4},"S",null,null,3,"unspecified","Value of pos transactions with cards issued by resident PSPs at terminals acquired by resident psp - terminal location: France","Value of pos transactions with cards issued by resident PSPs at terminals acquired by resident psp - terminal location: France","EUR",6]
["PTT.A.SK.W2.GR.EMP1.2.2220.N.EUR","A","SK","W2","GR","EMP1",2,2220,"N","EUR","2018",0,"A",false,null,null,"P1Y",{"$nulls":4},"S",null,null,3,"unspecified","Value of e-money payment transactions with cards with an e-money function with cards issued by resident PSPs at terminals acquired by resident psp - terminal location: Greece","Value of e-money payment transactions with cards with an e-money function with cards issued by resident PSPs at terminals acquired by resident psp - terminal location: Greece","EUR",6]
["PTT.A.SK.W2.IT.TRSO.2.2222.N.EUR","A","SK","W2","IT","TRSO",2,2222,"N","EUR","2023",0,"A",false,null,null,"P1Y",{"$nulls":4},"S",null,null,3,"unspecified","Value of pos transactions with cards issued by resident PSPs at terminals acquired by resident psp - terminal location: Italy","Value of pos transactions with cards issued by resident PSPs at terminals acquired by resident psp - terminal location: Italy","EUR",6]
["PTT.A.SK.W2.LV.CW1.2.2221.N.EUR","A","SK","W2","LV","CW1",2,2221,"N","EUR","2023",0,"A",false,null,null,"P1Y",{"$nulls":4},"S",null,null,3,"unspecified","Value of atm cash withdrawals with cards issued by resident PSPs at terminals acquired by resident psp - terminal location: Latvia","Value of atm cash withdrawals with cards issued by resident PSPs at terminals acquired by resident psp - terminal location: Latvia","EUR",6]
["PTT.A.SK.W2.PL.TRSO.2.2222.N.PN","A","SK","W2","PL","TRSO",2,2222,"N","PN","2015",0,"A",false,null,null,"P1Y",{"$nulls":4},"S",null,null,3,"unspecified","Number of pos transactions with cards issued by resident PSPs at terminals acquired by resident psp - terminal location: Poland","Number of pos transactions with cards issued by resident PSPs at terminals acquired by resident psp - terminal location: Poland","PN",6]
["PTT.A.SK.W2.RO.CW1.2.2221.N.EUR","A","SK","W2","RO","CW1",2,2221,"N","EUR","2017",0,"A",false,null,null,"P1Y",{"$nulls":4},"S",null,null,3,"unspecified","Value of atm cash withdrawals with cards issued by resident PSPs at terminals acquired by resident psp - terminal location: Romania","Value of atm cash withdrawals with cards issued by resident PSPs at terminals acquired by resident psp - terminal location: Romania","EUR",6]
["PTT.A.SK.W2.SI.CW1.2.2221.N.EUR","A","SK","W2","SI","CW1",2,2221,"N","EUR","2019",0,"A",false,null,null,"P1Y",{"$nulls":4},"S",null,null,3,"unspecified","Value of atm cash withdrawals with cards issued by resident PSPs at terminals acquired by resident psp - terminal location: Slovenia","Value of atm cash withdrawals with cards issued by resident PSPs at terminals acquired by resident psp - terminal location: Slovenia","EUR",6]
["PTT.A.SK.W2.W2.CD1.2.2221.N.EUR","A","SK","W2","W2","CD1",2,2221,"N","EUR","2023",10103.402698,"A",false,null,null,"P1Y",{"$nulls":4},"S",null,null,3,"unspecified","Value of atm cash deposits with cards issued by resident PSPs at terminals acquired by resident psp - terminal location: domestic","Value of atm cash deposits with cards issued by resident PSPs at terminals acquired by resident psp - terminal location: domestic","EUR",6]
["PTT.A.SK._Z.W0.CW0.1.1300.N.PN","A","SK","_Z","W0","CW0",1,1300,"N","PN","2015",10.13,"A",false,null,null,"P1Y",{"$nulls":4},"S",null,null,3,null,"Number of over-the-counter (otc) cash withdrawals - Slovakia","Number of over-the-counter (otc) cash withdrawals - Slovakia","PN",6]
["PTT.A.U2.W2.W0._T.2.2220.N.PN","A","U2","W2","W0","_T",2,2220,"N","PN","2003",16889.454,"A",false,null,null,"P1Y",{"$nulls":4},"S",null,null,3,null,"Total number of total transactions with cards issued by resident PSPs at terminals acquired by resident psp","Total number of total transactions with cards issued by resident PSPs at terminals acquired by resident psp","PN",6]
["PTT.A.U2._Z.W0.CW0.1.1300.N.PN","A","U2","_Z","W0","CW0",1,1300,"N","PN","2015",null,"Q",false,null,null,"P1Y",{"$nulls":4},"S",null,null,3,null,"Number of over-the-counter (otc) cash withdrawals - euro area (changing composition)","Number of over-the-counter (otc) cash withdrawals - euro area (changing composition)","PN",6]
["PTT.H.AT.W2.G3.CD1.2.2221.N.EUR","H","AT","W2","G3","CD1",2,2221,"N","EUR","2023-S1",0,"A",false,null,null,"P6M",{"$nulls":4},"S",null,null,3,null,"Value of atm cash deposits with cards issued by resident PSPs at terminals acquired by resident psp - terminal location: other EEA countries","Value of atm cash deposits with cards issued by resident PSPs at terminals acquired by resident psp - terminal location: other EEA countries","EUR",6]
["PTT.H.AT.W2.W2.CW1.2.2221.N.EUR","H","AT","W2","W2","CW1",2,2221,"N","EUR","2023-S1",23508.4978921,"A",false,null,null,"P6M",{"$nulls":4},"S",null,null,3,"unspecified","Value of atm cash withdrawals with cards issued by resident PSPs at terminals acquired by resident psp - terminal location: domestic","Value of atm cash withdrawals with cards issued by resident PSPs at terminals acquired by resident psp - terminal location: domestic","EUR",6]
["PTT.H.BE.W1.W0.TRSC.1.2221.N.PN","H","BE","W1","W0","TRSC",1,2221,"N","PN","2023-S2",0,"P",false,null,null,"P6M",{"$nulls":4},"S",null,null,3,null,"Total number of other atm transactions with cards issued by non-resident PSPs at terminals acquired by non-resident psp","Total number of other atm transactions with cards issued by non-resident PSPs at terminals acquired by non-resident psp","PN",6]
["PTT.H.BE.W1.W2._T.1.2220.N.EUR","H","BE","W1","W2","_T",1,2220,"N","EUR","2022-S2",11404.918802,"A",false,null,null,"P6M",{"$nulls":4},"S",null,null,3,null,"Value of total transactions with cards issued by non-resident PSPs at terminals acquired by non-resident psp - terminal located in: domestic","Value of total transactions with cards issued by non-resident PSPs at terminals acquired by non-resident psp - terminal located in: domestic","EUR",6]
["PTT.H.BG.W1.W0.CW1.2.2221.N.PN","H","BG","W1","W0","CW1",2,2221,"N","PN","2023-S1",7.263666,"A",false,null,null,"P6M",{"$nulls":4},"S",null,null,3,null,"Total number of atm cash withdrawals with cards issued by non-resident PSPs at terminals acquired by resident psp","Total number of atm cash withdrawals with cards issued by non-resident PSPs at terminals acquired by resident psp","PN",6]
["PTT.H.BG.W2.G1.CW1.2.2221.N.XDF","H","BG","W2","G1","CW1",2,2221,"N","XDF","2023-S2",null,"Q",false,null,null,"P6M",{"$nulls":4},"S",null,null,3,"unspecified","Value of atm cash withdrawals with cards issued by resident PSPs at terminals acquired by resident psp - terminal location: outside EEA","Value of atm cash withdrawals with cards issued by resident PSPs at terminals acquired by resident psp - terminal location: outside EEA","XDF",6]
["PTT.H.BG.W2.W1.TRSO.2.2222.N.XDF","H","BG","W2","W1","TRSO",2,2222,"N","XDF","2023-S2",1.10015044,"P",false,null,null,"P6M",{"$nulls":4},"S",null,null,3,"unspecified","Value of pos transactions with cards issued by resident PSPs at terminals acquired by resident psp - terminal location: Rest of the World","Value of pos transactions with cards issued by resident PSPs at terminals acquired by resident psp - terminal location: Rest of the World","XDF",6]
["PTT.H.CY.W1.W2.CW1.2.2221.N.EUR","H","CY","W1","W2","CW1",2,2221,"N","EUR","2022-S1",216.25408,"A",false,null,null,"P6M",{"$nulls":4},"S",null,null,3,"unspecified","Value of atm cash withdrawals with cards issued by non-resident PSPs at terminals acquired by resident psp - terminal located in: domestic","Value of atm cash withdrawals with cards issued by non-resident PSPs at terminals acquired by resident psp - terminal located in: domestic","EUR",6]
["PTT.H.CY.W2.W0._T.2.2220.N.EUR","H","CY","W2","W0","_T",2,2220,"N","EUR","2023-S1",7420.857639719999,"A",false,null,null,"P6M",{"$nulls":4},"S",null,null,3,"unspecified","Total value of total transactions with cards issued by resident PSPs at terminals acquired by resident psp","Total value of total transactions with cards issued by resident PSPs at terminals acquired by resident psp","EUR",6]
["PTT.H.CZ.W1.W1.EMP1.1.2220.N.XDF","H","CZ","W1","W1","EMP1",1,2220,"N","XDF","2023-S2",null,"Q",false,null,null,"P6M",{"$nulls":4},"S",null,null,3,null,"Value of e-money payment transactions with cards with an e-money function with cards issued by non-resident PSPs at terminals acquired by non-resident psp - terminal located in: Rest of the World","Value of e-money payment transactions with cards with an e-money function with cards issued by non-resident PSPs at terminals acquired by non-resident psp - terminal located in: Rest of the World","XDF",6]
["PTT.H.CZ.W2.G3.TRSO.2.2222.N.XDF","H","CZ","W2","G3","TRSO",2,2222,"N","XDF","2022-S1",null,"Q",false,null,null,"P6M",{"$nulls":4},"S",null,null,3,null,"Value of pos transactions with cards issued by resident PSPs at terminals acquired by resident psp - terminal location: other EEA countries","Value of pos transactions with cards issued by resident PSPs at terminals acquired by resident psp - terminal location: other EEA countries","XDF",6]
["PTT.H.DE.W1.W1.CD1.2.2221.N.PN","H","DE","W1","W1","CD1",2,2221,"N","PN","2022-S2",null,"Q",false,null,null,"P6M",{"$nulls":4},"S",null,null,3,null,"Number of atm cash deposits with cards issued by non-resident PSPs at terminals acquired by resident psp - terminal located in: Rest of the World","Number of atm cash deposits with cards issued by non-resident PSPs at terminals acquired by resident psp - terminal located in: Rest of the World","PN",6]
["PTT.H.DE.W1.W2.TRSC.2.2221.N.PN","H","DE","W1","W2","TRSC",2,2221,"N","PN","2022-S2",0,"A",false,null,null,"P6M",{"$nulls":4},"S",null,null,3,null,"Number of other atm transactions with cards issued by non-resident PSPs at terminals acquired by resident psp - terminal located in: domestic","Number of other atm transactions with cards issued by non-resident PSPs at terminals acquired by resident psp - terminal located in: domestic","PN",6]
["PTT.H.EE.W1.G1.EMLU.2.2220.N.EUR","H","EE","W1","G1","EMLU",2,2220,"N","EUR","2022-S1",null,"M",false,null,null,"P6M",{"$nulls":4},"S",null,null,3,null,"Value of e-money card loading and unloading transactions with cards issued by non-resident PSPs at terminals acquired by resident psp - terminal located in: outside EEA","Value of e-money card loading and unloading transactions with cards issued by non-resident PSPs at terminals acquired by resident psp - terminal located in: outside EEA","EUR",6]
["PTT.H.EE.W1.G3._T.2.2220.N.EUR","H","EE","W1","G3","_T",2,2220,"N","EUR","2022-S1",79.53321344,"A",false,null,null,"P6M",{"$nulls":4},"S",null,null,3,null,"Value of total transactions with cards issued by non-resident PSPs at terminals acquired by resident psp - terminal located in: other EEA countries","Value of total transactions with cards issued by non-resident PSPs at terminals acquired by resident psp - terminal located in: other EEA countries","EUR",6]
["PTT.H.EE.W2.W0.CW1.2.2221.N.EUR","H","EE","W2","W0","CW1",2,2221,"N","EUR","2023-S1",3243.74677,"A",false,null,null,"P6M",{"$nulls":4},"S",null,null,3,null,"Total value of atm cash withdrawals with cards issued by resident PSPs at terminals acquired by resident psp","Total value of atm cash withdrawals with cards issued by resident PSPs at terminals acquired by resident psp","EUR",6]
["PTT.H.ES.W1.G3.EMLU.2.2220.N.EUR","H","ES","W1","G3","EMLU",2,2220,"N","EUR","2023-S1",0,"A",false,null,null,"P6M",{"$nulls":4},"S",null,null,3,null,"Value of e-money card loading and unloading transactions with cards issued by non-resident PSPs at terminals acquired by resident psp - terminal located in: other EEA countries","Value of e-money card loading and unloading transactions with cards issued by non-resident PSPs at terminals acquired by resident psp - terminal located in: other EEA countries","EUR",6]
["PTT.H.ES.W2.W0.TRSC.2.2221.N.EUR","H","ES","W2","W0","TRSC",2,2221,"N","EUR","2023-S2",52722.93247256,"P",false,null,null,"P6M",{"$nulls":4},"S",null,null,3,null,"Total value of other atm transactions with cards issued by resident PSPs at terminals acquired by resident psp","Total value of other atm transactions with cards issued by resident PSPs at terminals acquired by resident psp","EUR",6]
["PTT.H.FI.W1.G1.TRSO.2.2222.N.PN","H","FI","W1","G1","TRSO",2,2222,"N","PN","2022-S2",null,"Q",false,null,null,"P6M",{"$nulls":4},"S",null,null,3,null,"Number of pos transactions with cards issued by non-resident PSPs at terminals acquired by resident psp - terminal located in: outside EEA","Number of pos transactions with cards issued by non-resident PSPs at terminals acquired by resident psp - terminal located in: outside EEA","PN",6]
["PTT.H.FI.W1.W0.EMLU.2.2220.N.PN","H","FI","W1","W0","EMLU",2,2220,"N","PN","2022-S2",null,"M",false,null,null,"P6M",{"$nulls":4},"S",null,null,3,null,"Total number of e-money card loading and unloading transactions with cards issued by non-resident PSPs at terminals acquired by resident psp","Total number of e-money card loading and unloading transactions with cards issued by non-resident PSPs at terminals acquired by resident psp","PN",6]
["PTT.H.FI.W2.W2.TRSC.2.2221.N.PN","H","FI","W2","W2","TRSC",2,2221,"N","PN","2023-S1",null,"M",false,null,null,"P6M",{"$nulls":4},"S",null,null,3,null,"Number of other atm transactions with cards issued by resident PSPs at terminals acquired by resident psp - terminal location: domestic","Number of other atm transactions with cards issued by resident PSPs at terminals acquired by resident psp - terminal location: domestic","PN",6]
["PTT.H.FR.W1.W2.EMLU.2.2220.N.PN","H","FR","W1","W2","EMLU",2,2220,"N","PN","2022-S2",0.192895,"A",false,null,null,"P6M",{"$nulls":4},"S",null,null,3,null,"Number of e-money card loading and unloading transactions with cards issued by non-resident PSPs at terminals acquired by resident psp - terminal located in: domestic","Number of e-money card loading and unloading transactions with cards issued by non-resident PSPs at terminals acquired by resident psp - terminal located in: domestic","PN",6]
["PTT.H.FR.W2.W1.TRSC.2.2221.N.EUR","H","FR","W2","W1","TRSC",2,2221,"N","EUR","2022-S1",0,"A",false,null,null,"P6M",{"$nulls":4},"S",null,null,3,null,"Value of other atm transactions with cards issued by resident PSPs at terminals acquired by resident psp - terminal location: Rest of the World","Value of other atm transactions with cards issued by resident PSPs at terminals acquired by resident psp - terminal location: Rest of the World","EUR",6]
["PTT.H.GR.W1.G1.TRSC.2.2221.N.EUR","H","GR","W1","G1","TRSC",2,2221,"N","EUR","2022-S1",0,"A",false,null,null,"P6M",{"$nulls":4},"S",null,null,3,null,"Value of other atm transactions with cards issued by non-resident PSPs at terminals acquired by resident psp - terminal located in: outside EEA","Value of other atm transactions with cards issued by non-resident PSPs at terminals acquired by resident psp - terminal located in: outside EEA","EUR",6]
["PTT.H.GR.W2.W0.EMP1.2.2220.N.EUR","H","GR","W2","W0","EMP1",2,2220,"N","EUR","2023-S2",764.33070413,"P",false,null,null,"P6M",{"$nulls":4},"S",null,null,3,null,"Total value of e-money payment transactions with cards with an e-money function with cards issued by resident PSPs at terminals acquired by resident psp","Total value of e-money payment transactions with cards with an e-money function with cards issued by resident PSPs at terminals acquired by resident psp","EUR",6]
["PTT.H.HR.W1.G1.CD1.2.2221.N.EUR","H","HR","W1","G1","CD1",2,2221,"N","EUR","2023-S2",0,"P",false,null,null,"P6M",{"$nulls":4},"S",null,null,3,null,"Value of atm cash deposits with cards issued by non-resident PSPs at terminals acquired by resident psp - terminal located in: outside EEA","Value of atm cash deposits with cards issued by non-resident PSPs at terminals acquired by resident psp - terminal located in: outside EEA","EUR",6]
["PTT.H.HR.W2.W0.EMLU.2.2220.N.PN","H","HR","W2","W0","EMLU",2,2220,"N","PN","2023-S1",0.032674,"A",false,null,null,"P6M",{"$nulls":4},"S",null,null,3,"unspecified","Total number of e-money card loading and unloading transactions with cards issued by resident PSPs at terminals acquired by resident psp","Total number of e-money card loading and unloading transactions with cards issued by resident PSPs at terminals acquired by resident psp","PN",6]
["PTT.H.HU.W1.W0.CD1.2.2221.N.XDF","H","HU","W1","W0","CD1",2,2221,"N","XDF","2022-S1",5251.513,"A",false,null,null,"P6M",{"$nulls":4},"S",null,null,3,null,"Total value of atm cash deposits with cards issued by non-resident PSPs at terminals acquired by resident psp","Total value of atm cash deposits with cards issued by non-resident PSPs at terminals acquired by resident psp","XDF",6]
["PTT.H.HU.W2.G1.CW1.2.2221.N.PN","H","HU","W2","G1","CW1",2,2221,"N","PN","2023-S1",0,"A",false,null,null,"P6M",{"$nulls":4},"S",null,null,3,"unspecified","Number of atm cash withdrawals with cards issued by resident PSPs at terminals acquired by resident psp - terminal location: outside EEA","Number of atm cash withdrawals with cards issued by resident PSPs at terminals acquired by resident psp - terminal location: outside EEA","PN",6]
["PTT.H.HU.W2.W2.TRSC.2.2221.N.XDF","H","HU","W2","W2","TRSC",2,2221,"N","XDF","2022-S1",12880.327469,"A",false,null,null,"P6M",{"$nulls":4},"S",null,null,3,null,"Value of other atm transactions with cards issued by resident PSPs at terminals acquired by resident psp - terminal location: domestic","Value of other atm transactions with cards issued by resident PSPs at terminals acquired by resident psp - terminal location: domestic","XDF",6]
["PTT.H.IE.W1.G3.CW1.1.2221.N.PN","H","IE","W1","G3","CW1",1,2221,"N","PN","2022-S1",5.535508,"A",false,null,null,"P6M",{"$nulls":4},"S",null,null,3,null,"Number of atm cash withdrawals with cards issued by non-resident PSPs at terminals acquired by non-resident psp - terminal located in: other EEA countries","Number of atm cash withdrawals with cards issued by non-resident PSPs at terminals acquired by non-resident psp - terminal located in: other EEA countries","PN",6]
["PTT.H.IE.W2.W1.EMP1.2.2220.N.PN","H","IE","W2","W1","EMP1",2,2220,"N","PN","2023-S2",0.008425,"P",false,null,null,"P6M",{"$nulls":4},"S",null,null,3,null,"Number of e-money payment transactions with cards with an e-money function with cards issued by resident PSPs at terminals acquired by resident psp - terminal location: Rest of the World","Number of e-money payment transactions with cards with an e-money function with cards issued by resident PSPs at terminals acquired by resident psp - terminal location: Rest of the World","PN",6]
["PTT.H.IT.W1.G1.TRSC.1.2221.N.PN","H","IT","W1","G1","TRSC",1,2221,"N","PN","2023-S2",0.039531,"P",false,null,null,"P6M",{"$nulls":4},"S",null,null,3,null,"Number of other atm transactions with cards issued by non-resident PSPs at terminals acquired by non-resident psp - terminal located in: outside EEA","Number of other atm transactions with cards issued by non-resident PSPs at terminals acquired by non-resident psp - terminal located in: outside EEA","PN",6]
["PTT.H.IT.W1.W1.EMP1.2.2220.N.PN","H","IT","W1","W1","EMP1",2,2220,"N","PN","2023-S2",0.135872,"P",false,null,null,"P6M",{"$nulls":4},"S",null,null,3,"unspecified","Number of e-money payment transactions with cards with an e-money function with cards issued by non-resident PSPs at terminals acquired by resident psp - terminal located in: Rest of the World","Number of e-money payment transactions with cards with an e-money function with cards issued by non-resident PSPs at terminals acquired by resident psp - terminal located in: Rest of the World","PN",6]
["PTT.H.LT.W1.G1.CD1.2.2221.N.EUR","H","LT","W1","G1","CD1",2,2221,"N","EUR","2022-S2",0,"A",false,null,null,"P6M",{"$nulls":4},"S",null,null,3,null,"Value of atm cash deposits with cards issued by non-resident PSPs at terminals acquired by resident psp - terminal located in: outside EEA","Value of atm cash deposits with cards issued by non-resident PSPs at terminals acquired by resident psp - terminal located in: outside EEA","EUR",6]
["PTT.H.LT.W2.G1.CD1.2.2221.N.EUR","H","LT","W2","G1","CD1",2,2221,"N","EUR","2023-S1",0,"A",false,null,null,"P6M",{"$nulls":4},"S",null,null,3,null,"Value of atm cash deposits with cards issued by resident PSPs at terminals acquired by resident psp - terminal location: outside EEA","Value of atm cash deposits with cards issued by resident PSPs at terminals acquired by resident psp - terminal location: outside EEA","EUR",6]
["PTT.H.LT.W2.W1.CW1.2.2221.N.EUR","H","LT","W2","W1","CW1",2,2221,"N","EUR","2023-S1",0,"A",false,null,null,"P6M",{"$nulls":4},"S",null,null,3,null,"Value of atm cash withdrawals with cards issued by resident PSPs at terminals acquired by resident psp - terminal location: Rest of the World","Value of atm cash withdrawals with cards issued by resident PSPs at terminals acquired by resident psp - terminal location: Rest of the World","EUR",6]
["PTT.H.LU.W1.W2.EMP1.1.2220.N.PN","H","LU","W1","W2","EMP1",1,2220,"N","PN","2022-S2",0,"A",false,null,null,"P6M",{"$nulls":4},"S",null,null,3,null,"Number of e-money payment transactions with cards with an e-money function with cards issued by non-resident PSPs at terminals acquired by non-resident psp - terminal located in: domestic","Number of e-money payment transactions with cards with an e-money function with cards issued by non-resident PSPs at terminals acquired by non-resident psp - terminal located in: domestic","PN",6]
["PTT.H.LU.W2.W0.CD1.2.2221.N.PN","H","LU","W2","W0","CD1",2,2221,"N","PN","2022-S2",0,"A",false,null,null,"P6M",{"$nulls":4},"S",null,null,3,null,"Total number of atm cash deposits with cards issued by resident PSPs at terminals acquired by resident psp","Total number of atm cash deposits with cards issued by resident PSPs at terminals acquired by resident psp","PN",6]
["PTT.H.LV.W1.G3._T.1.2220.N.EUR","H","LV","W1","G3","_T",1,2220,"N","EUR","2023-S1",319.75929287,"A",false,null,null,"P6M",{"$nulls":4},"S",null,null,3,null,"Value of total transactions with cards issued by non-resident PSPs at terminals acquired by non-resident psp - terminal located in: other EEA countries","Value of total transactions with cards issued by non-resident PSPs at terminals acquired by non-resident psp - terminal located in: other EEA countries","EUR",6]
["PTT.H.LV.W2.G1._T.2.2220.N.PN","H","LV","W2","G1","_T",2,2220,"N","PN","2023-S2",4E-06,"P",false,null,null,"P6M",{"$nulls":4},"S",null,null,3,"unspecified","Number of total transactions with cards issued by resident PSPs at terminals acquired by resident psp - terminal location: outside EEA","Number of total transactions with cards issued by resident PSPs at terminals acquired by resident psp - terminal location: outside EEA","PN",6]
["PTT.H.MT.W1.W0.TRSO.1.2222.N.EUR","H","MT","W1","W0","TRSO",1,2222,"N","EUR","2022-S1",319.48485692,"A",false,null,null,"P6M",{"$nulls":4},"S",null,null,3,null,"Total value of pos transactions with cards issued by non-resident PSPs at terminals acquired by non-resident psp","Total value of pos transactions with cards issued by non-resident PSPs at terminals acquired by non-resident psp","EUR",6]
["PTT.H.MT.W1.W2._T.2.2220.N.EUR","H","MT","W1","W2","_T",2,2220,"N","EUR","2023-S1",548.16211785,"A",false,null,null,"P6M",{"$nulls":4},"S",null,null,3,"unspecified","Value of total transactions with cards issued by non-resident PSPs at terminals acquired by resident psp - terminal located in: domestic","Value of total transactions with cards issued by non-resident PSPs at terminals acquired by resident psp - terminal located in: domestic","EUR",6]
["PTT.H.MT.W2.W1.CD1.2.2221.N.EUR","H","MT","W2","W1","CD1",2,2221,"N","EUR","2023-S1",0,"A",false,null,null,"P6M",{"$nulls":4},"S",null,null,3,"unspecified","Value of atm cash deposits with cards issued by resident PSPs at terminals acquired by resident psp - terminal location: Rest of the World","Value of atm cash deposits with cards issued by resident PSPs at terminals acquired by resident psp - terminal location: Rest of the World","EUR",6]
["PTT.H.NL.W1.W2.EMLU.2.2220.N.PN","H","NL","W1","W2","EMLU",2,2220,"N","PN","2022-S2",0,"A",false,null,null,"P6M",{"$nulls":4},"S",null,null,3,null,"Number of e-money card loading and unloading transactions with cards issued by non-resident PSPs at terminals acquired by resident psp - terminal located in: domestic","Number of e-money card loading and unloading transactions with cards issued by non-resident PSPs at terminals acquired by resident psp - terminal located in: domestic","PN",6]
["PTT.H.NL.W2.W1.EMLU.2.2220.N.PN","H","NL","W2","W1","EMLU",2,2220,"N","PN","2022-S2",0,"A",false,null,null,"P6M",{"$nulls":4},"S",null,null,3,null,"Number of e-money card loading and unloading transactions with cards issued by resident PSPs at terminals acquired by resident psp - terminal location: Rest of the World","Number of e-money card loading and unloading transactions with cards issued by resident PSPs at terminals acquired by resident psp - terminal location: Rest of the World","PN",6]
["PTT.H.PL.W1.W1.CW1.1.2221.N.XDF","H","PL","W1","W1","CW1",1,2221,"N","XDF","2022-S2",5241.558504629999,"A",false,null,null,"P6M",{"$nulls":4},"S",null,null,3,"unspecified","Value of atm cash withdrawals with cards issued by non-resident PSPs at terminals acquired by non-resident psp - terminal located in: Rest of the World","Value of atm cash withdrawals with cards issued by non-resident PSPs at terminals acquired by non-resident psp - terminal located in: Rest of the World","XDF",6]
["PTT.H.PL.W2.G1.TRSO.2.2222.N.XDF","H","PL","W2","G1","TRSO",2,2222,"N","XDF","2023-S2",0,"P",false,null,null,"P6M",{"$nulls":4},"S",null,null,3,null,"Value of pos transactions with cards issued by resident PSPs at terminals acquired by resident psp - terminal location: outside EEA","Value of pos transactions with cards issued by resident PSPs at terminals acquired by resident psp - terminal location: outside EEA","XDF",6]
["PTT.H.PT.W1.W0.TRSC.2.2221.N.EUR","H","PT","W1","W0","TRSC",2,2221,"N","EUR","2022-S1",1574.56924868,"A",false,null,null,"P6M",{"$nulls":4},"S",null,null,3,null,"Total value of other atm transactions with cards issued by non-resident PSPs at terminals acquired by resident psp","Total value of other atm transactions with cards issued by non-resident PSPs at terminals acquired by resident psp","EUR",6]
["PTT.H.PT.W1.W2.CW1.2.2221.N.EUR","H","PT","W1","W2","CW1",2,2221,"N","EUR","2022-S1",1959.607855,"A",false,null,null,"P6M",{"$nulls":4},"S",null,null,3,"ECB_PSS1","Value of atm cash withdrawals with cards issued by non-resident PSPs at terminals acquired by resident psp - terminal located in: domestic","Value of atm cash withdrawals with cards issued by non-resident PSPs at terminals acquired by resident psp - terminal located in: domestic","EUR",6]
["PTT.H.RO.W1.W0.CD1.2.2221.N.PN","H","RO","W1","W0","CD1",2,2221,"N","PN","2023-S2",0.169152,"P",false,null,null,"P6M",{"$nulls":4},"S",null,null,3,null,"Total number of atm cash deposits with cards issued by non-resident PSPs at terminals acquired by resident psp","Total number of atm cash deposits with cards issued by non-resident PSPs at terminals acquired by resident psp","PN",6]
["PTT.H.RO.W1.W1.TRSO.2.2222.N.PN","H","RO","W1","W1","TRSO",2,2222,"N","PN","2022-S1",0,"A",false,null,null,"P6M",{"$nulls":4},"S",null,null,3,"unspecified","Number of pos transactions with cards issued by non-resident PSPs at terminals acquired by resident psp - terminal located in: Rest of the World","Number of pos transactions with cards issued by non-resident PSPs at terminals acquired by resident psp - terminal located in: Rest of the World","PN",6]
["PTT.H.RO.W2.G3.TRSO.2.2222.N.XDF","H","RO","W2","G3","TRSO",2,2222,"N","XDF","2022-S1",0,"A",false,null,null,"P6M",{"$nulls":4},"S",null,null,3,null,"Value of pos transactions with cards issued by resident PSPs at terminals acquired by resident psp - terminal location: other EEA countries","Value of pos transactions with cards issued by resident PSPs at terminals acquired by resident psp - terminal location: other EEA countries","XDF",6]
["PTT.H.SI.W1.W1.CD1.2.2221.N.PN","H","SI","W1","W1","CD1",2,2221,"N","PN","2022-S2",0,"A",false,null,null,"P6M",{"$nulls":4},"S",null,null,3,null,"Number of atm cash deposits with cards issued by non-resident PSPs at terminals acquired by resident psp - terminal located in: Rest of the World","Number of atm cash deposits with cards issued by non-resident PSPs at terminals acquired by resident psp - terminal located in: Rest of the World","PN",6]
["PTT.H.SK.W1.G1.EMLU.1.2220.N.PN","H","SK","W1","G1","EMLU",1,2220,"N","PN","2023-S1",null,"Q",false,null,null,"P6M",{"$nulls":4},"S",null,null,3,null,"Number of e-money card loading and unloading transactions with cards issued by non-resident PSPs at terminals acquired by non-resident psp - terminal located in: outside EEA","Number of e-money card loading and unloading transactions with cards issued by non-resident PSPs at terminals acquired by non-resident psp - terminal located in: outside EEA","PN",6]
["PTT.H.SK.W1.W0.TRSC.1.2221.N.EUR","H","SK","W1","W0","TRSC",1,2221,"N","EUR","2022-S1",0.6806350000000001,"A",false,null,null,"P6M",{"$nulls":4},"S",null,null,3,null,"Total value of other atm transactions with cards issued by non-resident PSPs at terminals acquired by non-resident psp","Total value of other atm transactions with cards issued by non-resident PSPs at terminals acquired by non-resident psp","EUR",6]
["PTT.H.SK.W1.W2.CW1.1.2221.N.EUR","H","SK","W1","W2","CW1",1,2221,"N","EUR","2022-S1",1790.730527,"A",false,null,null,"P6M",{"$nulls":4},"S",null,null,3,null,"Value of atm cash withdrawals with cards issued by non-resident PSPs at terminals acquired by non-resident psp - terminal located in: domestic","Value of atm cash withdrawals with cards issued by non-resident PSPs at terminals acquired by non-resident psp - terminal located in: domestic","EUR",6]
["PTT.H.SK.W2.W2.EMLU.2.2220.N.EUR","H","SK","W2","W2","EMLU",2,2220,"N","EUR","2023-S1",null,"Q",false,null,null,"P6M",{"$nulls":4},"S",null,null,3,null,"Value of e-money card loading and unloading transactions with cards issued by resident PSPs at terminals acquired by resident psp - terminal location: domestic","Value of e-money card loading and unloading transactions with cards issued by resident PSPs at terminals acquired by resident psp - terminal location: domestic","EUR",6]
["PTT.H.SK.W2.W2.EMLU.2.2220.N.EUR","H","SK","W2","W2","EMLU",2,2220,"N","EUR","2023-S2",null,"Q",false,null,null,"P6M",{"$nulls":4},"S",null,null,3,null,"Value of e-money card loading and unloading transactions with cards issued by resident PSPs at terminals acquired by resident psp - terminal location: domestic","Value of e-money card loading and unloading transactions with cards issued by resident PSPs at terminals acquired by resident psp - terminal location: domestic","EUR",6]
["PTT.H.SK.W2.W2.EMLU.2.2220.N.PN","H","SK","W2","W2","EMLU",2,2220,"N","PN","2022-S1",0.196073,"A",false,null,null,"P6M",{"$nulls":4},"S",null,null,3,null,"Number of e-money card loading and unloading transactions with cards issued by resident PSPs at terminals acquired by resident psp - terminal location: domestic","Number of e-money card loading and unloading transactions with cards issued by resident PSPs at terminals acquired by resident psp - terminal location: domestic","PN",6]
["PTT.H.SK.W2.W2.EMLU.2.2220.N.PN","H","SK","W2","W2","EMLU",2,2220,"N","PN","2022-S2",null,"Q",false,null,null,"P6M",{"$nulls":4},"S",null,null,3,null,"Number of e-money card loading and unloading transactions with cards issued by resident PSPs at terminals acquired by resident psp - terminal location: domestic","Number of e-money card loading and unloading transactions with cards issued by resident PSPs at terminals acquired by resident psp - terminal location: domestic","PN",6]
["PTT.H.SK.W2.W2.EMLU.2.2220.N.PN","H","SK","W2","W2","EMLU",2,2220,"N","PN","2023-S1",null,"Q",false,null,null,"P6M",{"$nulls":4},"S",null,null,3,null,"Number of e-money card loading and unloading transactions with cards issued by resident PSPs at terminals acquired by resident psp - terminal location: domestic","Number of e-money card loading and unloading transactions with cards issued by resident PSPs at terminals acquired by resident psp - terminal location: domestic","PN",6]
["PTT.H.SK.W2.W2.EMLU.2.2220.N.PN","H","SK","W2","W2","EMLU",2,2220,"N","PN","2023-S2",null,"Q",false,null,null,"P6M",{"$nulls":4},"S",null,null,3,null,"Number of e-money card loading and unloading transactions with cards issued by resident PSPs at terminals acquired by resident psp - terminal location: domestic","Number of e-money card loading and unloading transactions with cards issued by resident PSPs at terminals acquired by resident psp - terminal location: domestic","PN",6]
["PTT.H.SK.W2.W2.EMP1.2.2220.N.EUR","H","SK","W2","W2","EMP1",2,2220,"N","EUR","2022-S1",0.680294,"A",false,null,null,"P6M",{"$nulls":4},"S",null,null,3,"unspecified","Value of e-money payment transactions with cards with an e-money function with cards issued by resident PSPs at terminals acquired by resident psp - terminal location: domestic","Value of e-money payment transactions with cards with an e-money function with cards issued by resident PSPs at terminals acquired by resident psp - terminal location: domestic","EUR",6]
["PTT.H.SK.W2.W2.EMP1.2.2220.N.EUR","H","SK","W2","W2","EMP1",2,2220,"N","EUR","2022-S2",null,"Q",false,null,null,"P6M",{"$nulls":4},"S",null,null,3,"unspecified","Value of e-money payment transactions with cards with an e-money function with cards issued by resident PSPs at terminals acquired by resident psp - terminal location: domestic","Value of e-money payment transactions with cards with an e-money function with cards issued by resident PSPs at terminals acquired by resident psp - terminal location: domestic","EUR",6]
["PTT.H.SK.W2.W2.EMP1.2.2220.N.EUR","H","SK","W2","W2","EMP1",2,2220,"N","EUR","2023-S1",null,"Q",false,null,null,"P6M",{"$nulls":4},"S",null,null,3,"unspecified","Value of e-money payment transactions with cards with an e-money function with cards issued by resident PSPs at terminals acquired by resident psp - terminal location: domestic","Value of e-money payment transactions with cards with an e-money function with cards issued by resident PSPs at terminals acquired by resident psp - terminal location: domestic","EUR",6]
["PTT.H.SK.W2.W2.EMP1.2.2220.N.EUR","H","SK","W2","W2","EMP1",2,2220,"N","EUR","2023-S2",null,"Q",false,null,null,"P6M",{"$nulls":4},"S",null,null,3,"unspecified","Value of e-money payment transactions with cards with an e-money function with cards issued by resident PSPs at terminals acquired by resident psp - terminal location: domestic","Value of e-money payment transactions with cards with an e-money function with cards issued by resident PSPs at terminals acquired by resident psp - terminal location: domestic","EUR",6]
["PTT.H.SK.W2.W2.EMP1.2.2220.N.PN","H","SK","W2","W2","EMP1",2,2220,"N","PN","2022-S1",0.027857,"A",false,null,null,"P6M",{"$nulls":4},"S",null,null,3,"unspecified","Number of e-money payment transactions with cards with an e-money function with cards issued by resident PSPs at terminals acquired by resident psp - terminal location: domestic","Number of e-money payment transactions with cards with an e-money function with cards issued by resident PSPs at terminals acquired by resident psp - terminal location: domestic","PN",6]
["PTT.H.SK.W2.W2.EMP1.2.2220.N.PN","H","SK","W2","W2","EMP1",2,2220,"N","PN","2022-S2",null,"Q",false,null,null,"P6M",{"$nulls":4},"S",null,null,3,"unspecified","Number of e-money payment transactions with cards with an e-money function with cards issued by resident PSPs at terminals acquired by resident psp - terminal location: domestic","Number of e-money payment transactions with cards with an e-money function with cards issued by resident PSPs at terminals acquired by resident psp - terminal location: domestic","PN",6]
["PTT.H.SK.W2.W2.EMP1.2.2220.N.PN","H","SK","W2","W2","EMP1",2,2220,"N","PN","2023-S1",null,"Q",false,null,null,"P6M",{"$nulls":4},"S",null,null,3,"unspecified","Number of e-money payment transactions with cards with an e-money function with cards issued by resident PSPs at terminals acquired by resident psp - terminal location: domestic","Number of e-money payment transactions with cards with an e-money function with cards issued by resident PSPs at terminals acquired by resident psp - terminal location: domestic","PN",6]
["PTT.H.SK.W2.W2.EMP1.2.2220.N.PN","H","SK","W2","W2","EMP1",2,2220,"N","PN","2023-S2",null,"Q",false,null,null,"P6M",{"$nulls":4},"S",null,null,3,"unspecified","Number of e-money payment transactions with cards with an e-money function with cards issued by resident PSPs at terminals acquired by resident psp - terminal location: domestic","Number of e-money payment transactions with cards with an e-money function with cards issued by resident PSPs at terminals acquired by resident psp - terminal location: domestic","PN",6]
["PTT.H.SK.W2.W2.TRSC.2.2221.N.EUR","H","SK","W2","W2","TRSC",2,2221,"N","EUR","2022-S1",3.440566,"A",false,null,null,"P6M",{"$nulls":4},"S",null,null,3,null,"Value of other atm transactions with cards issued by resident PSPs at terminals acquired by resident psp - terminal location: domestic","Value of other atm transactions with cards issued by resident PSPs at terminals acquired by resident psp - terminal location: domestic","EUR",6]
["PTT.H.SK.W2.W2.TRSC.2.2221.N.EUR","H","SK","W2","W2","TRSC",2,2221,"N","EUR","2022-S2",3.528399,"A",false,null,null,"P6M",{"$nulls":4},"S",null,null,3,null,"Value of other atm transactions with cards issued by resident PSPs at terminals acquired by resident psp - terminal location: domestic","Value of other atm transactions with cards issued by resident PSPs at terminals acquired by resident psp - terminal location: domestic","EUR",6]
["PTT.H.SK.W2.W2.TRSC.2.2221.N.EUR","H","SK","W2","W2","TRSC",2,2221,"N","EUR","2023-S1",3.173822,"A",false,null,null,"P6M",{"$nulls":4},"S",null,null,3,null,"Value of other atm transactions with cards issued by resident PSPs at terminals acquired by resident psp - terminal location: domestic","Value of other atm transactions with cards issued by resident PSPs at terminals acquired by resident psp - terminal location: domestic","EUR",6]
["PTT.H.SK.W2.W2.TRSC.2.2221.N.EUR","H","SK","W2","W2","TRSC",2,2221,"N","EUR","2023-S2",3.36461,"P",false,null,null,"P6M",{"$nulls":4},"S",null,null,3,null,"Value of other atm transactions with cards issued by resident PSPs at terminals acquired by resident psp - terminal location: domestic","Value of other atm transactions with cards issued by resident PSPs at terminals acquired by resident psp - terminal location: domestic","EUR",6]
["PTT.H.SK.W2.W2.TRSC.2.2221.N.PN","H","SK","W2","W2","TRSC",2,2221,"N","PN","2022-S1",0.314167,"A",false,null,null,"P6M",{"$nulls":4},"S",null,null,3,null,"Number of other atm transactions with cards issued by resident PSPs at terminals acquired by resident psp - terminal location: domestic","Number of other atm transactions with cards issued by resident PSPs at terminals acquired by resident psp - terminal location: domestic","PN",6]
["PTT.H.SK.W2.W2.TRSC.2.2221.N.PN","H","SK","W2","W2","TRSC",2,2221,"N","PN","2022-S2",0.300061,"A",false,null,null,"P6M",{"$nulls":4},"S",null,null,3,null,"Number of other atm transactions with cards issued by resident PSPs at terminals acquired by resident psp - terminal location: domestic","Number of other atm transactions with cards issued by resident PSPs at terminals acquired by resident psp - terminal location: domestic","PN",6]
["PTT.H.SK.W2.W2.TRSC.2.2221.N.PN","H","SK","W2","W2","TRSC",2,2221,"N","PN","2023-S1",0.269743,"A",false,null,null,"P6M",{"$nulls":4},"S",null,null,3,null,"Number of other atm transactions with cards issued by resident PSPs at terminals acquired by resident psp - terminal location: domestic","Number of other atm transactions with cards issued by resident PSPs at terminals acquired by resident psp - terminal location: domestic","PN",6]
["PTT.H.SK.W2.W2.TRSC.2.2221.N.PN","H","SK","W2","W2","TRSC",2,2221,"N","PN","2023-S2",0.296562,"P",false,null,null,"P6M",{"$nulls":4},"S",null,null,3,null,"Number of other atm transactions with cards issued by resident PSPs at terminals acquired by resident psp - terminal location: domestic","Number of other atm transactions with cards issued by resident PSPs at terminals acquired by resident psp - terminal location: domestic","PN",6]
["PTT.H.SK.W2.W2.TRSO.2.2222.N.EUR","H","SK","W2","W2","TRSO",2,2222,"N","EUR","2022-S1",7014.125721,"A",false,null,null,"P6M",{"$nulls":4},"S",null,null,3,"unspecified","Value of pos transactions with cards issued by resident PSPs at terminals acquired by resident psp - terminal location: domestic","Value of pos transactions with cards issued by resident PSPs at terminals acquired by resident psp - terminal location: domestic","EUR",6]
["PTT.H.SK.W2.W2.TRSO.2.2222.N.EUR","H","SK","W2","W2","TRSO",2,2222,"N","EUR","2022-S2",7994.633036,"A",false,null,null,"P6M",{"$nulls":4},"S",null,null,3,"unspecified","Value of pos transactions with cards issued by resident PSPs at terminals acquired by resident psp - terminal location: domestic","Value of pos transactions with cards issued by resident PSPs at terminals acquired by resident psp - terminal location: domestic","EUR",6]
["PTT.H.SK.W2.W2.TRSO.2.2222.N.EUR","H","SK","W2","W2","TRSO",2,2222,"N","EUR","2023-S1",7769.977615,"A",false,null,null,"P6M",{"$nulls":4},"S",null,null,3,"unspecified","Value of pos transactions with cards issued by resident PSPs at terminals acquired by resident psp - terminal location: domestic","Value of pos transactions with cards issued by resident PSPs at terminals acquired by resident psp - terminal location: domestic","EUR",6]
["PTT.H.SK.W2.W2.TRSO.2.2222.N.EUR","H","SK","W2","W2","TRSO",2,2222,"N","EUR","2023-S2",8779.546229,"P",false,null,null,"P6M",{"$nulls":4},"S",null,null,3,"unspecified","Value of pos transactions with cards issued by resident PSPs at terminals acquired by resident psp - terminal location: domestic","Value of pos transactions with cards issued by resident PSPs at terminals acquired by resident psp - terminal location: domestic","EUR",6]
["PTT.H.SK.W2.W2.TRSO.2.2222.N.PN","H","SK","W2","W2","TRSO",2,2222,"N","PN","2022-S1",290.873102,"A",false,null,null,"P6M",{"$nulls":4},"S",null,null,3,"unspecified","Number of pos transactions with cards issued by resident PSPs at terminals acquired by resident psp - terminal location: domestic","Number of pos transactions with cards issued by resident PSPs at terminals acquired by resident psp - terminal location: domestic","PN",6]
["PTT.H.SK.W2.W2.TRSO.2.2222.N.PN","H","SK","W2","W2","TRSO",2,2222,"N","PN","2022-S2",321.373864,"A",false,null,null,"P6M",{"$nulls":4},"S",null,null,3,"unspecified","Number of pos transactions with cards issued by resident PSPs at terminals acquired by resident psp - terminal location: domestic","Number of pos transactions with cards issued by resident PSPs at terminals acquired by resident psp - terminal location: domestic","PN",6]
["PTT.H.SK.W2.W2.TRSO.2.2222.N.PN","H","SK","W2","W2","TRSO",2,2222,"N","PN","2023-S1",328.337543,"A",false,null,null,"P6M",{"$nulls":4},"S",null,null,3,"unspecified","Number of pos transactions with cards issued by resident PSPs at terminals acquired by resident psp - terminal location: domestic","Number of pos transactions with cards issued by resident PSPs at terminals acquired by resident psp - terminal location: domestic","PN",6]
["PTT.H.SK.W2.W2.TRSO.2.2222.N.PN","H","SK","W2","W2","TRSO",2,2222,"N","PN","2023-S2",362.654651,"P",false,null,null,"P6M",{"$nulls":4},"S",null,null,3,"unspecified","Number of pos transactions with cards issued by resident PSPs at terminals acquired by resident psp - terminal location: domestic","Number of pos transactions with cards issued by resident PSPs at terminals acquired by resident psp - terminal location: domestic","PN",6]
["PTT.H.SK.W2.W2._T.2.2220.N.EUR","H","SK","W2","W2","_T",2,2220,"N","EUR","2022-S1",19417.515301,"A",false,null,null,"P6M",{"$nulls":4},"S",null,null,3,"unspecified","Value of total transactions with cards issued by resident PSPs at terminals acquired by resident psp - terminal location: domestic","Value of total transactions with cards issued by resident PSPs at terminals acquired by resident psp - terminal location: domestic","EUR",6]
["PTT.H.SK.W2.W2._T.2.2220.N.EUR","H","SK","W2","W2","_T",2,2220,"N","EUR","2022-S2",22327.11672200001,"A",false,null,null,"P6M",{"$nulls":4},"S",null,null,3,"unspecified","Value of total transactions with cards issued by resident PSPs at terminals acquired by resident psp - terminal location: domestic","Value of total transactions with cards issued by resident PSPs at terminals acquired by resident psp - terminal location: domestic","EUR",6]
["PTT.H.SK.W2.W2._T.2.2220.N.EUR","H","SK","W2","W2","_T",2,2220,"N","EUR","2023-S1",21842.767075,"A",false,null,null,"P6M",{"$nulls":4},"S",null,null,3,"unspecified","Value of total transactions with cards issued by resident PSPs at terminals acquired by resident psp - terminal location: domestic","Value of total transactions with cards issued by resident PSPs at terminals acquired by resident psp - terminal location: domestic","EUR",6]
["PTT.H.SK.W2.W2._T.2.2220.N.EUR","H","SK","W2","W2","_T",2,2220,"N","EUR","2023-S2",24792.156902,"P",false,null,null,"P6M",{"$nulls":4},"S",null,null,3,"unspecified","Value of total transactions with cards issued by resident PSPs at terminals acquired by resident psp - terminal location: domestic","Value of total transactions with cards issued by resident PSPs at terminals acquired by resident psp - terminal location: domestic","EUR",6]
["PTT.H.SK.W2.W2._T.2.2220.N.PN","H","SK","W2","W2","_T",2,2220,"N","PN","2022-S1",330.84367,"A",false,null,null,"P6M",{"$nulls":4},"S",null,null,3,"unspecified","Number of total transactions with cards issued by resident PSPs at terminals acquired by resident psp - terminal location: domestic","Number of total transactions with cards issued by resident PSPs at terminals acquired by resident psp - terminal location: domestic","PN",6]
["PTT.H.SK.W2.W2._T.2.2220.N.PN","H","SK","W2","W2","_T",2,2220,"N","PN","2022-S2",362.420239,"A",false,null,null,"P6M",{"$nulls":4},"S",null,null,3,"unspecified","Number of total transactions with cards issued by resident PSPs at terminals acquired by resident psp - terminal location: domestic","Number of total transactions with cards issued by resident PSPs at terminals acquired by resident psp - terminal location: domestic","PN",6]
["PTT.H.SK.W2.W2._T.2.2220.N.PN","H","SK","W2","W2","_T",2,2220,"N","PN","2023-S1",370.970715,"A",false,null,null,"P6M",{"$nulls":4},"S",null,null,3,"unspecified","Number of total transactions with cards issued by resident PSPs at terminals acquired by resident psp - terminal location: domestic","Number of total transactions with cards issued by resident PSPs at terminals acquired by resident psp - terminal location: domestic","PN",6]
["PTT.H.SK.W2.W2._T.2.2220.N.PN","H","SK","W2","W2","_T",2,2220,"N","PN","2023-S2",406.949954,"P",false,null,null,"P6M",{"$nulls":4},"S",null,null,3,"unspecified","Number of total transactions with cards issued by resident PSPs at terminals acquired by resident psp - terminal location: domestic","Number of total transactions with cards issued by resident PSPs at terminals acquired by resident psp - terminal location: domestic","PN",6]
["PTT.H.SK._Z.W0.CADV.2.2222.N.EUR","H","SK","_Z","W0","CADV",2,2222,"N","EUR","2022-S1",220.610083,"A",false,null,null,"P6M",{"$nulls":4},"S",null,null,3,null,"Value of cash advances at pos terminals - Slovakia","Value of cash advances at pos terminals - Slovakia","EUR",6]
["PTT.H.SK._Z.W0.CADV.2.2222.N.EUR","H","SK","_Z","W0","CADV",2,2222,"N","EUR","2022-S2",243.471146,"A",false,null,null,"P6M",{"$nulls":4},"S",null,null,3,null,"Value of cash advances at pos terminals - Slovakia","Value of cash advances at pos terminals - Slovakia","EUR",6]
["PTT.H.SK._Z.W0.CADV.2.2222.N.EUR","H","SK","_Z","W0","CADV",2,2222,"N","EUR","2023-S1",6.650868,"A",false,null,null,"P6M",{"$nulls":4},"S",null,null,3,null,"Value of cash advances at pos terminals - Slovakia","Value of cash advances at pos terminals - Slovakia","EUR",6]
["PTT.H.SK._Z.W0.CADV.2.2222.N.EUR","H","SK","_Z","W0","CADV",2,2222,"N","EUR","2023-S2",7.417919,"P",false,null,null,"P6M",{"$nulls":4},"S",null,null,3,null,"Value of cash advances at pos terminals - Slovakia","Value of cash advances at pos terminals - Slovakia","EUR",6]
["PTT.H.SK._Z.W0.CADV.2.2222.N.PN","H","SK","_Z","W0","CADV",2,2222,"N","PN","2022-S1",0.76677,"A",false,null,null,"P6M",{"$nulls":4},"S",null,null,3,null,"Number of cash advances at pos terminals - Slovakia","Number of cash advances at pos terminals - Slovakia","PN",6]
["PTT.H.SK._Z.W0.CADV.2.2222.N.PN","H","SK","_Z","W0","CADV",2,2222,"N","PN","2022-S2",0.819457,"A",false,null,null,"P6M",{"$nulls":4},"S",null,null,3,null,"Number of cash advances at pos terminals - Slovakia","Number of cash advances at pos terminals - Slovakia","PN",6]
["PTT.H.SK._Z.W0.CADV.2.2222.N.PN","H","SK","_Z","W0","CADV",2,2222,"N","PN","2023-S1",0.165902,"A",false,null,null,"P6M",{"$nulls":4},"S",null,null,3,null,"Number of cash advances at pos terminals - Slovakia","Number of cash advances at pos terminals - Slovakia","PN",6]
["PTT.H.SK._Z.W0.CADV.2.2222.N.PN","H","SK","_Z","W0","CADV",2,2222,"N","PN","2023-S2",0.180564,"P",false,null,null,"P6M",{"$nulls":4},"S",null,null,3,null,"Number of cash advances at pos terminals - Slovakia","Number of cash advances at pos terminals - Slovakia","PN",6]
["PTT.H.SK._Z.W0.CD0.2.1300.N.EUR","H","SK","_Z","W0","CD0",2,1300,"N","EUR","2022-S1",9923.366263,"A",false,null,null,"P6M",{"$nulls":4},"S",null,null,3,null,"Value of over-the-counter (otc) cash deposits - Slovakia","Value of over-the-counter (otc) cash deposits - Slovakia","EUR",6]
["PTT.H.SK._Z.W0.CD0.2.1300.N.EUR","H","SK","_Z","W0","CD0",2,1300,"N","EUR","2022-S2",7161.031235,"A",false,null,null,"P6M",{"$nulls":4},"S",null,null,3,null,"Value of over-the-counter (otc) cash deposits - Slovakia","Value of over-the-counter (otc) cash deposits - Slovakia","EUR",6]
["PTT.H.SK._Z.W0.CD0.2.1300.N.EUR","H","SK","_Z","W0","CD0",2,1300,"N","EUR","2023-S1",6320.198434,"A",false,null,null,"P6M",{"$nulls":4},"S",null,null,3,null,"Value of over-the-counter (otc) cash deposits - Slovakia","Value of over-the-counter (otc) cash deposits - Slovakia","EUR",6]
["PTT.H.SK._Z.W0.CD0.2.1300.N.EUR","H","SK","_Z","W0","CD0",2,1300,"N","EUR","2023-S2",6222.19584,"P",false,null,null,"P6M",{"$nulls":4},"S",null,null,3,null,"Value of over-the-counter (otc) cash deposits - Slovakia","Value of over-the-counter (otc) cash deposits - Slovakia","EUR",6]
["PTT.H.SK._Z.W0.CD0.2.1300.N.PN","H","SK","_Z","W0","CD0",2,1300,"N","PN","2022-S1",3.211794,"A",false,null,null,"P6M",{"$nulls":4},"S",null,null,3,null,"Number of over-the-counter (otc) cash deposits - Slovakia","Number of over-the-counter (otc) cash deposits - Slovakia","PN",6]
["PTT.H.SK._Z.W0.CD0.2.1300.N.PN","H","SK","_Z","W0","CD0",2,1300,"N","PN","2022-S2",1.909955,"A",false,null,null,"P6M",{"$nulls":4},"S",null,null,3,null,"Number of over-the-counter (otc) cash deposits - Slovakia","Number of over-the-counter (otc) cash deposits - Slovakia","PN",6]
["PTT.H.SK._Z.W0.CD0.2.1300.N.PN","H","SK","_Z","W0","CD0",2,1300,"N","PN","2023-S1",1.669777,"A",false,null,null,"P6M",{"$nulls":4},"S",null,null,3,null,"Number of over-the-counter (otc) cash deposits - Slovakia","Number of over-the-counter (otc) cash deposits - Slovakia","PN",6]
["PTT.H.SK._Z.W0.CD0.2.1300.N.PN","H","SK","_Z","W0","CD0",2,1300,"N","PN","2023-S2",1.503109,"P",false,null,null,"P6M",{"$nulls":4},"S",null,null,3,null,"Number of over-the-counter (otc) cash deposits - Slovakia","Number of over-the-counter (otc) cash deposits - Slovakia","PN",6]
["PTT.H.SK._Z.W0.CW0.1.1300.N.EUR","H","SK","_Z","W0","CW0",1,1300,"N","EUR","2022-S1",8634.65948,"A",false,null,null,"P6M",{"$nulls":4},"S",null,null,3,null,"Value of over-the-counter (otc) cash withdrawals - Slovakia","Value of over-the-counter (otc) cash withdrawals - Slovakia","EUR",6]
["PTT.H.SK._Z.W0.CW0.1.1300.N.EUR","H","SK","_Z","W0","CW0",1,1300,"N","EUR","2022-S2",6291.488523,"A",false,null,null,"P6M",{"$nulls":4},"S",null,null,3,null,"Value of over-the-counter (otc) cash withdrawals - Slovakia","Value of over-the-counter (otc) cash withdrawals - Slovakia","EUR",6]
["PTT.H.SK._Z.W0.CW0.1.1300.N.EUR","H","SK","_Z","W0","CW0",1,1300,"N","EUR","2023-S1",5677.008408,"A",false,null,null,"P6M",{"$nulls":4},"S",null,null,3,null,"Value of over-the-counter (otc) cash withdrawals - Slovakia","Value of over-the-counter (otc) cash withdrawals - Slovakia","EUR",6]
["PTT.H.SK._Z.W0.CW0.1.1300.N.EUR","H","SK","_Z","W0","CW0",1,1300,"N","EUR","2023-S2",5607.432554,"P",false,null,null,"P6M",{"$nulls":4},"S",null,null,3,null,"Value of over-the-counter (otc) cash withdrawals - Slovakia","Value of over-the-counter (otc) cash withdrawals - Slovakia","EUR",6]
["PTT.H.SK._Z.W0.CW0.1.1300.N.PN","H","SK","_Z","W0","CW0",1,1300,"N","PN","2022-S1",1.714238,"A",false,null,null,"P6M",{"$nulls":4},"S",null,null,3,null,"Number of over-the-counter (otc) cash withdrawals - Slovakia","Number of over-the-counter (otc) cash withdrawals - Slovakia","PN",6]
["PTT.H.SK._Z.W0.CW0.1.1300.N.PN","H","SK","_Z","W0","CW0",1,1300,"N","PN","2022-S2",1.351063,"A",false,null,null,"P6M",{"$nulls":4},"S",null,null,3,null,"Number of over-the-counter (otc) cash withdrawals - Slovakia","Number of over-the-counter (otc) cash withdrawals - Slovakia","PN",6]
["PTT.H.SK._Z.W0.CW0.1.1300.N.PN","H","SK","_Z","W0","CW0",1,1300,"N","PN","2023-S1",1.173288,"A",false,null,null,"P6M",{"$nulls":4},"S",null,null,3,null,"Number of over-the-counter (otc) cash withdrawals - Slovakia","Number of over-the-counter (otc) cash withdrawals - Slovakia","PN",6]
["PTT.H.SK._Z.W0.CW0.1.1300.N.PN","H","SK","_Z","W0","CW0",1,1300,"N","PN","2023-S2",1.063856,"P",false,null,null,"P6M",{"$nulls":4},"S",null,null,3,null,"Number of over-the-counter (otc) cash withdrawals - Slovakia","Number of over-the-counter (otc) cash withdrawals - Slovakia","PN",6]
["PTT.H.U2.W1.W0.CD1.1.2221.N.EUR","H","U2","W1","W0","CD1",1,2221,"N","EUR","2022-S1",2536.61183639,"A",false,null,null,"P6M",{"$nulls":4},"S",null,null,3,null,"Total value of atm cash deposits with cards issued by non-resident PSPs at terminals acquired by non-resident psp","Total value of atm cash deposits with cards issued by non-resident PSPs at terminals acquired by non-resident psp","EUR",6]
["PTT.H.U2.W1.W0.CD1.1.2221.N.EUR","H","U2","W1","W0","CD1",1,2221,"N","EUR","2022-S2",2143.15239548,"A",false,null,null,"P6M",{"$nulls":4},"S",null,null,3,null,"Total value of atm cash deposits with cards issued by non-resident PSPs at terminals acquired by non-resident psp","Total value of atm cash deposits with cards issued by non-resident PSPs at terminals acquired by non-resident psp","EUR",6]
["PTT.H.U2.W1.W0.CD1.1.2221.N.EUR","H","U2","W1","W0","CD1",1,2221,"N","EUR","2023-S1",2065.82110353,"A",false,null,null,"P6M",{"$nulls":4},"S",null,null,3,null,"Total value of atm cash deposits with cards issued by non-resident PSPs at terminals acquired by non-resident psp","Total value of atm cash deposits with cards issued by non-resident PSPs at terminals acquired by non-resident psp","EUR",6]
["PTT.H.U2.W1.W0.CD1.1.2221.N.EUR","H","U2","W1","W0","CD1",1,2221,"N","EUR","2023-S2",2326.0047649,"P",false,null,null,"P6M",{"$nulls":4},"S",null,null,3,null,"Total value of atm cash deposits with cards issued by non-resident PSPs at terminals acquired by non-resident psp","Total value of atm cash deposits with cards issued by non-resident PSPs at terminals acquired by non-resident psp","EUR",6]
["PTT.H.U2.W1.W0.CD1.1.2221.N.PN","H","U2","W1","W0","CD1",1,2221,"N","PN","2022-S1",2.898912,"A",false,null,null,"P6M",{"$nulls":4},"S",null,null,3,null,"Total number of atm cash deposits with cards issued by non-resident PSPs at terminals acquired by non-resident psp","Total number of atm cash deposits with cards issued by non-resident PSPs at terminals acquired by non-resident psp","PN",6]
["PTT.H.U2.W1.W0.CD1.1.2221.N.PN","H","U2","W1","W0","CD1",1,2221,"N","PN","2022-S2",2.368261,"A",false,null,null,"P6M",{"$nulls":4},"S",null,null,3,null,"Total number of atm cash deposits with cards issued by non-resident PSPs at terminals acquired by non-resident psp","Total number of atm cash deposits with cards issued by non-resident PSPs at terminals acquired by non-resident psp","PN",6]
["PTT.H.U2.W1.W0.CD1.1.2221.N.PN","H","U2","W1","W0","CD1",1,2221,"N","PN","2023-S1",2.556561,"A",false,null,null,"P6M",{"$nulls":4},"S",null,null,3,null,"Total number of atm cash deposits with cards issued by non-resident PSPs at terminals acquired by non-resident psp","Total number of atm cash deposits with cards issued by non-resident PSPs at terminals acquired by non-resident psp","PN",6]
["PTT.H.U2.W1.W0.CD1.1.2221.N.PN","H","U2","W1","W0","CD1",1,2221,"N","PN","2023-S2",2.919235,"P",false,null,null,"P6M",{"$nulls":4},"S",null,null,3,null,"Total number of atm cash deposits with cards issued by non-resident PSPs at terminals acquired by non-resident psp","Total number of atm cash deposits with cards issued by non-resident PSPs at terminals acquired by non-resident psp","PN",6]
["PTT.H.U2.W1.W0.CD1.2.2221.N.EUR","H","U2","W1","W0","CD1",2,2221,"N","EUR","2022-S1",5.60955529,"A",false,null,null,"P6M",{"$nulls":4},"S",null,null,3,null,"Total value of atm cash deposits with cards issued by non-resident PSPs at terminals acquired by resident psp","Total value of atm cash deposits with cards issued by non-resident PSPs at terminals acquired by resident psp","EUR",6]
["PTT.H.U2.W1.W0.CD1.2.2221.N.EUR","H","U2","W1","W0","CD1",2,2221,"N","EUR","2022-S2",8.27125467,"A",false,null,null,"P6M",{"$nulls":4},"S",null,null,3,null,"Total value of atm cash deposits with cards issued by non-resident PSPs at terminals acquired by resident psp","Total value of atm cash deposits with cards issued by non-resident PSPs at terminals acquired by resident psp","EUR",6]
["PTT.H.U2.W1.W0.CD1.2.2221.N.EUR","H","U2","W1","W0","CD1",2,2221,"N","EUR","2023-S1",5.8728887,"A",false,null,null,"P6M",{"$nulls":4},"S",null,null,3,null,"Total value of atm cash deposits with cards issued by non-resident PSPs at terminals acquired by resident psp","Total value of atm cash deposits with cards issued by non-resident PSPs at terminals acquired by resident psp","EUR",6]
["PTT.H.U2.W1.W0.CD1.2.2221.N.EUR","H","U2","W1","W0","CD1",2,2221,"N","EUR","2023-S2",7.35650442,"P",false,null,null,"P6M",{"$nulls":4},"S",null,null,3,null,"Total value of atm cash deposits with cards issued by non-resident PSPs at terminals acquired by resident psp","Total value of atm cash deposits with cards issued by non-resident PSPs at terminals acquired by resident psp","EUR",6]
["PTT.H.U2.W1.W0.CD1.2.2221.N.PN","H","U2","W1","W0","CD1",2,2221,"N","PN","2022-S1",0.042257,"A",false,null,null,"P6M",{"$nulls":4},"S",null,null,3,null,"Total number of atm cash deposits with cards issued by non-resident PSPs at terminals acquired by resident psp","Total number of atm cash deposits with cards issued by non-resident PSPs at terminals acquired by resident psp","PN",6]
["PTT.H.U2.W1.W0.CD1.2.2221.N.PN","H","U2","W1","W0","CD1",2,2221,"N","PN","2022-S2",0.065434,"A",false,null,null,"P6M",{"$nulls":4},"S",null,null,3,null,"Total number of atm cash deposits with cards issued by non-resident PSPs at terminals acquired by resident psp","Total number of atm cash deposits with cards issued by non-resident PSPs at terminals acquired by resident psp","PN",6]
["PTT.H.U2.W1.W0.CD1.2.2221.N.PN","H","U2","W1","W0","CD1",2,2221,"N","PN","2023-S1",0.04525199999999999,"A",false,null,null,"P6M",{"$nulls":4},"S",null,null,3,null,"Total number of atm cash deposits with cards issued by non-resident PSPs at terminals acquired by resident psp","Total number of atm cash deposits with cards issued by non-resident PSPs at terminals acquired by resident psp","PN",6]
["PTT.H.U2.W1.W0.CD1.2.2221.N.PN","H","U2","W1","W0","CD1",2,2221,"N","PN","2023-S2",0.057487,"P",false,null,null,"P6M",{"$nulls":4},"S",null,null,3,null,"Total number of atm cash deposits with cards issued by non-resident PSPs at terminals acquired by resident psp","Total number of atm cash deposits with cards issued by non-resident PSPs at terminals acquired by resident psp","PN",6]
["PTT.H.U2.W1.W0.CW1.1.2221.N.PN","H","U2","W1","W0","CW1",1,2221,"N","PN","2022-S1",170.614614,"A",false,null,null,"P6M",{"$nulls":4},"S",null,null,3,null,"Total number of atm cash withdrawals with cards issued by non-resident PSPs at terminals acquired by non-resident psp","Total number of atm cash withdrawals with cards issued by non-resident PSPs at terminals acquired by non-resident psp","PN",6]
["PTT.H.U2.W1.W0.CW1.1.2221.N.PN","H","U2","W1","W0","CW1",1,2221,"N","PN","2022-S2",205.158266,"A",false,null,null,"P6M",{"$nulls":4},"S",null,null,3,null,"Total number of atm cash withdrawals with cards issued by non-resident PSPs at terminals acquired by non-resident psp","Total number of atm cash withdrawals with cards issued by non-resident PSPs at terminals acquired by non-resident psp","PN",6]
["PTT.H.U2.W1.W0.CW1.1.2221.N.PN","H","U2","W1","W0","CW1",1,2221,"N","PN","2023-S1",183.131481,"A",false,null,null,"P6M",{"$nulls":4},"S",null,null,3,null,"Total number of atm cash withdrawals with cards issued by non-resident PSPs at terminals acquired by non-resident psp","Total number of atm cash withdrawals with cards issued by non-resident PSPs at terminals acquired by non-resident psp","PN",6]
["PTT.H.U2.W1.W0.CW1.1.2221.N.PN","H","U2","W1","W0","CW1",1,2221,"N","PN","2023-S2",204.714844,"P",false,null,null,"P6M",{"$nulls":4},"S",null,null,3,null,"Total number of atm cash withdrawals with cards issued by non-resident PSPs at terminals acquired by non-resident psp","Total number of atm cash withdrawals with cards issued by non-resident PSPs at terminals acquired by non-resident psp","PN",6]
["PTT.H.U2.W1.W0.CW1.2.2221.N.EUR","H","U2","W1","W0","CW1",2,2221,"N","EUR","2022-S1",35485.71547717001,"A",false,null,null,"P6M",{"$nulls":4},"S",null,null,3,null,"Total value of atm cash withdrawals with cards issued by non-resident PSPs at terminals acquired by resident psp","Total value of atm cash withdrawals with cards issued by non-resident PSPs at terminals acquired by resident psp","EUR",6]
["PTT.H.U2.W1.W0.CW1.2.2221.N.EUR","H","U2","W1","W0","CW1",2,2221,"N","EUR","2022-S2",36762.57815090999,"A",false,null,null,"P6M",{"$nulls":4},"S",null,null,3,null,"Total value of atm cash withdrawals with cards issued by non-resident PSPs at terminals acquired by resident psp","Total value of atm cash withdrawals with cards issued by non-resident PSPs at terminals acquired by resident psp","EUR",6]
["PTT.H.U2.W1.W0.CW1.2.2221.N.EUR","H","U2","W1","W0","CW1",2,2221,"N","EUR","2023-S1",37210.81431862,"A",false,null,null,"P6M",{"$nulls":4},"S",null,null,3,null,"Total value of atm cash withdrawals with cards issued by non-resident PSPs at terminals acquired by resident psp","Total value of atm cash withdrawals with cards issued by non-resident PSPs at terminals acquired by resident psp","EUR",6]
["PTT.H.U2.W1.W0.CW1.2.2221.N.EUR","H","U2","W1","W0","CW1",2,2221,"N","EUR","2023-S2",40438.15791115,"P",false,null,null,"P6M",{"$nulls":4},"S",null,null,3,null,"Total value of atm cash withdrawals with cards issued by non-resident PSPs at terminals acquired by resident psp","Total value of atm cash withdrawals with cards issued by non-resident PSPs at terminals acquired by resident psp","EUR",6]
["PTT.H.U2.W1.W0.CW1.2.2221.N.PN","H","U2","W1","W0","CW1",2,2221,"N","PN","2022-S1",180.029176,"A",false,null,null,"P6M",{"$nulls":4},"S",null,null,3,null,"Total number of atm cash withdrawals with cards issued by non-resident PSPs at terminals acquired by resident psp","Total number of atm cash withdrawals with cards issued by non-resident PSPs at terminals acquired by resident psp","PN",6]
["PTT.H.U2.W1.W0.CW1.2.2221.N.PN","H","U2","W1","W0","CW1",2,2221,"N","PN","2022-S2",201.901593,"A",false,null,null,"P6M",{"$nulls":4},"S",null,null,3,null,"Total number of atm cash withdrawals with cards issued by non-resident PSPs at terminals acquired by resident psp","Total number of atm cash withdrawals with cards issued by non-resident PSPs at terminals acquired by resident psp","PN",6]
["PTT.H.U2.W1.W0.CW1.2.2221.N.PN","H","U2","W1","W0","CW1",2,2221,"N","PN","2023-S1",178.325001,"A",false,null,null,"P6M",{"$nulls":4},"S",null,null,3,null,"Total number of atm cash withdrawals with cards issued by non-resident PSPs at terminals acquired by resident psp","Total number of atm cash withdrawals with cards issued by non-resident PSPs at terminals acquired by resident psp","PN",6]
["PTT.H.U2.W1.W0.CW1.2.2221.N.PN","H","U2","W1","W0","CW1",2,2221,"N","PN","2023-S2",186.819389,"P",false,null,null,"P6M",{"$nulls":4},"S",null,null,3,null,"Total number of atm cash withdrawals with cards issued by non-resident PSPs at terminals acquired by resident psp","Total number of atm cash withdrawals with cards issued by non-resident PSPs at terminals acquired by resident psp","PN",6]
["PTT.H.U2.W1.W0.EMLU.1.2220.N.EUR","H","U2","W1","W0","EMLU",1,2220,"N","EUR","2022-S1",491.6663412999999,"A",false,null,null,"P6M",{"$nulls":4},"S",null,null,3,null,"Total value of e-money card loading and unloading transactions with cards issued by non-resident PSPs at terminals acquired by non-resident psp","Total value of e-money card loading and unloading transactions with cards issued by non-resident PSPs at terminals acquired by non-resident psp","EUR",6]
["PTT.H.U2.W1.W0.EMLU.1.2220.N.EUR","H","U2","W1","W0","EMLU",1,2220,"N","EUR","2022-S2",537.12215663,"A",false,null,null,"P6M",{"$nulls":4},"S",null,null,3,null,"Total value of e-money card loading and unloading transactions with cards issued by non-resident PSPs at terminals acquired by non-resident psp","Total value of e-money card loading and unloading transactions with cards issued by non-resident PSPs at terminals acquired by non-resident psp","EUR",6]
["PTT.H.U2.W1.W0.EMLU.1.2220.N.EUR","H","U2","W1","W0","EMLU",1,2220,"N","EUR","2023-S1",544.2037779699999,"A",false,null,null,"P6M",{"$nulls":4},"S",null,null,3,null,"Total value of e-money card loading and unloading transactions with cards issued by non-resident PSPs at terminals acquired by non-resident psp","Total value of e-money card loading and unloading transactions with cards issued by non-resident PSPs at terminals acquired by non-resident psp","EUR",6]
["PTT.H.U2.W1.W0.EMLU.1.2220.N.EUR","H","U2","W1","W0","EMLU",1,2220,"N","EUR","2023-S2",851.0188318100002,"P",false,null,null,"P6M",{"$nulls":4},"S",null,null,3,null,"Total value of e-money card loading and unloading transactions with cards issued by non-resident PSPs at terminals acquired by non-resident psp","Total value of e-money card loading and unloading transactions with cards issued by non-resident PSPs at terminals acquired by non-resident psp","EUR",6]
["PTT.H.U2.W1.W0.EMLU.1.2220.N.PN","H","U2","W1","W0","EMLU",1,2220,"N","PN","2022-S1",4.021792,"A",false,null,null,"P6M",{"$nulls":4},"S",null,null,3,null,"Total number of e-money card loading and unloading transactions with cards issued by non-resident PSPs at terminals acquired by non-resident psp","Total number of e-money card loading and unloading transactions with cards issued by non-resident PSPs at terminals acquired by non-resident psp","PN",6]
["PTT.H.U2.W1.W0.EMLU.1.2220.N.PN","H","U2","W1","W0","EMLU",1,2220,"N","PN","2022-S2",4.295854,"A",false,null,null,"P6M",{"$nulls":4},"S",null,null,3,null,"Total number of e-money card loading and unloading transactions with cards issued by non-resident PSPs at terminals acquired by non-resident psp","Total number of e-money card loading and unloading transactions with cards issued by non-resident PSPs at terminals acquired by non-resident psp","PN",6]
["PTT.H.U2.W1.W0.EMLU.1.2220.N.PN","H","U2","W1","W0","EMLU",1,2220,"N","PN","2023-S1",4.392374,"A",false,null,null,"P6M",{"$nulls":4},"S",null,null,3,null,"Total number of e-money card loading and unloading transactions with cards issued by non-resident PSPs at terminals acquired by non-resident psp","Total number of e-money card loading and unloading transactions with cards issued by non-resident PSPs at terminals acquired by non-resident psp","PN",6]
["PTT.H.U2.W1.W0.EMLU.1.2220.N.PN","H","U2","W1","W0","EMLU",1,2220,"N","PN","2023-S2",5.302143,"P",false,null,null,"P6M",{"$nulls":4},"S",null,null,3,null,"Total number of e-money card loading and unloading transactions with cards issued by non-resident PSPs at terminals acquired by non-resident psp","Total number of e-money card loading and unloading transactions with cards issued by non-resident PSPs at terminals acquired by non-resident psp","PN",6]
["PTT.H.U2.W1.W0.EMLU.2.2220.N.EUR","H","U2","W1","W0","EMLU",2,2220,"N","EUR","2022-S1",55.72955246000001,"A",false,null,null,"P6M",{"$nulls":4},"S",null,null,3,null,"Total value of e-money card loading and unloading transactions with cards issued by non-resident PSPs at terminals acquired by resident psp","Total value of e-money card loading and unloading transactions with cards issued by non-resident PSPs at terminals acquired by resident psp","EUR",6]
["PTT.H.U2.W1.W0.EMLU.2.2220.N.EUR","H","U2","W1","W0","EMLU",2,2220,"N","EUR","2022-S2",56.28605,"A",false,null,null,"P6M",{"$nulls":4},"S",null,null,3,null,"Total value of e-money card loading and unloading transactions with cards issued by non-resident PSPs at terminals acquired by resident psp","Total value of e-money card loading and unloading transactions with cards issued by non-resident PSPs at terminals acquired by resident psp","EUR",6]
["PTT.H.U2.W1.W0.EMLU.2.2220.N.EUR","H","U2","W1","W0","EMLU",2,2220,"N","EUR","2023-S1",21.16737,"A",false,null,null,"P6M",{"$nulls":4},"S",null,null,3,null,"Total value of e-money card loading and unloading transactions with cards issued by non-resident PSPs at terminals acquired by resident psp","Total value of e-money card loading and unloading transactions with cards issued by non-resident PSPs at terminals acquired by resident psp","EUR",6]
["PTT.H.U2.W1.W0.EMLU.2.2220.N.EUR","H","U2","W1","W0","EMLU",2,2220,"N","EUR","2023-S2",47.278006,"P",false,null,null,"P6M",{"$nulls":4},"S",null,null,3,null,"Total value of e-money card loading and unloading transactions with cards issued by non-resident PSPs at terminals acquired by resident psp","Total value of e-money card loading and unloading transactions with cards issued by non-resident PSPs at terminals acquired by resident psp","EUR",6]
["PTT.H.U2.W1.W0.EMLU.2.2220.N.PN","H","U2","W1","W0","EMLU",2,2220,"N","PN","2022-S1",0.262501,"A",false,null,null,"P6M",{"$nulls":4},"S",null,null,3,null,"Total number of e-money card loading and unloading transactions with cards issued by non-resident PSPs at terminals acquired by resident psp","Total number of e-money card loading and unloading transactions with cards issued by non-resident PSPs at terminals acquired by resident psp","PN",6]
["PTT.H.U2.W1.W0.EMLU.2.2220.N.PN","H","U2","W1","W0","EMLU",2,2220,"N","PN","2022-S2",0.263899,"A",false,null,null,"P6M",{"$nulls":4},"S",null,null,3,null,"Total number of e-money card loading and unloading transactions with cards issued by non-resident PSPs at terminals acquired by resident psp","Total number of e-money card loading and unloading transactions with cards issued by non-resident PSPs at terminals acquired by resident psp","PN",6]
["PTT.H.U2.W1.W0.EMLU.2.2220.N.PN","H","U2","W1","W0","EMLU",2,2220,"N","PN","2023-S1",0.071116,"A",false,null,null,"P6M",{"$nulls":4},"S",null,null,3,null,"Total number of e-money card loading and unloading transactions with cards issued by non-resident PSPs at terminals acquired by resident psp","Total number of e-money card loading and unloading transactions with cards issued by non-resident PSPs at terminals acquired by resident psp","PN",6]
["PTT.H.U2.W1.W0.EMLU.2.2220.N.PN","H","U2","W1","W0","EMLU",2,2220,"N","PN","2023-S2",0.146824,"P",false,null,null,"P6M",{"$nulls":4},"S",null,null,3,null,"Total number of e-money card loading and unloading transactions with cards issued by non-resident PSPs at terminals acquired by resident psp","Total number of e-money card loading and unloading transactions with cards issued by non-resident PSPs at terminals acquired by resident psp","PN",6]
["PTT.H.U2.W1.W0.EMP1.1.2220.N.EUR","H","U2","W1","W0","EMP1",1,2220,"N","EUR","2022-S1",2236.63119609,"A",false,null,null,"P6M",{"$nulls":4},"S",null,null,3,null,"Total value of e-money payment transactions with cards with an e-money function with cards issued by non-resident PSPs at terminals acquired by non-resident psp","Total value of e-money payment transactions with cards with an e-money function with cards issued by non-resident PSPs at terminals acquired by non-resident psp","EUR",6]
["PTT.H.U2.W1.W0.EMP1.1.2220.N.EUR","H","U2","W1","W0","EMP1",1,2220,"N","EUR","2022-S2",2803.685410819999,"A",false,null,null,"P6M",{"$nulls":4},"S",null,null,3,null,"Total value of e-money payment transactions with cards with an e-money function with cards issued by non-resident PSPs at terminals acquired by non-resident psp","Total value of e-money payment transactions with cards with an e-money function with cards issued by non-resident PSPs at terminals acquired by non-resident psp","EUR",6]
["PTT.H.U2.W1.W0.EMP1.1.2220.N.EUR","H","U2","W1","W0","EMP1",1,2220,"N","EUR","2023-S1",3058.601834630001,"A",false,null,null,"P6M",{"$nulls":4},"S",null,null,3,null,"Total value of e-money payment transactions with cards with an e-money function with cards issued by non-resident PSPs at terminals acquired by non-resident psp","Total value of e-money payment transactions with cards with an e-money function with cards issued by non-resident PSPs at terminals acquired by non-resident psp","EUR",6]
["PTT.H.U2.W1.W0.EMP1.1.2220.N.EUR","H","U2","W1","W0","EMP1",1,2220,"N","EUR","2023-S2",3708.93835777,"P",false,null,null,"P6M",{"$nulls":4},"S",null,null,3,null,"Total value of e-money payment transactions with cards with an e-money function with cards issued by non-resident PSPs at terminals acquired by non-resident psp","Total value of e-money payment transactions with cards with an e-money function with cards issued by non-resident PSPs at terminals acquired by non-resident psp","EUR",6]
["PTT.H.U2.W1.W0.EMP1.1.2220.N.PN","H","U2","W1","W0","EMP1",1,2220,"N","PN","2022-S1",71.395996,"A",false,null,null,"P6M",{"$nulls":4},"S",null,null,3,null,"Total number of e-money payment transactions with cards with an e-money function with cards issued by non-resident PSPs at terminals acquired by non-resident psp","Total number of e-money payment transactions with cards with an e-money function with cards issued by non-resident PSPs at terminals acquired by non-resident psp","PN",6]
["PTT.H.U2.W1.W0.EMP1.1.2220.N.PN","H","U2","W1","W0","EMP1",1,2220,"N","PN","2022-S2",88.99913199999997,"A",false,null,null,"P6M",{"$nulls":4},"S",null,null,3,null,"Total number of e-money payment transactions with cards with an e-money function with cards issued by non-resident PSPs at terminals acquired by non-resident psp","Total number of e-money payment transactions with cards with an e-money function with cards issued by non-resident PSPs at terminals acquired by non-resident psp","PN",6]
["PTT.H.U2.W1.W0.EMP1.1.2220.N.PN","H","U2","W1","W0","EMP1",1,2220,"N","PN","2023-S1",103.454844,"A",false,null,null,"P6M",{"$nulls":4},"S",null,null,3,null,"Total number of e-money payment transactions with cards with an e-money function with cards issued by non-resident PSPs at terminals acquired by non-resident psp","Total number of e-money payment transactions with cards with an e-money function with cards issued by non-resident PSPs at terminals acquired by non-resident psp","PN",6]
["PTT.H.U2.W1.W0.EMP1.1.2220.N.PN","H","U2","W1","W0","EMP1",1,2220,"N","PN","2023-S2",120.099564,"P",false,null,null,"P6M",{"$nulls":4},"S",null,null,3,null,"Total number of e-money payment transactions with cards with an e-money function with cards issued by non-resident PSPs at terminals acquired by non-resident psp","Total number of e-money payment transactions with cards with an e-money function with cards issued by non-resident PSPs at terminals acquired by non-resident psp","PN",6]
["PTT.H.U2.W1.W0.EMP1.2.2220.N.EUR","H","U2","W1","W0","EMP1",2,2220,"N","EUR","2022-S1",908.7451688,"A",false,null,null,"P6M",{"$nulls":4},"S",null,null,3,null,"Total value of e-money payment transactions with cards with an e-money function with cards issued by non-resident PSPs at terminals acquired by resident psp","Total value of e-money payment transactions with cards with an e-money function with cards issued by non-resident PSPs at terminals acquired by resident psp","EUR",6]
["PTT.H.U2.W1.W0.EMP1.2.2220.N.EUR","H","U2","W1","W0","EMP1",2,2220,"N","EUR","2022-S2",1400.98779107,"A",false,null,null,"P6M",{"$nulls":4},"S",null,null,3,null,"Total value of e-money payment transactions with cards with an e-money function with cards issued by non-resident PSPs at terminals acquired by resident psp","Total value of e-money payment transactions with cards with an e-money function with cards issued by non-resident PSPs at terminals acquired by resident psp","EUR",6]
["PTT.H.U2.W1.W0.EMP1.2.2220.N.EUR","H","U2","W1","W0","EMP1",2,2220,"N","EUR","2023-S1",1609.1593347,"A",false,null,null,"P6M",{"$nulls":4},"S",null,null,3,null,"Total value of e-money payment transactions with cards with an e-money function with cards issued by non-resident PSPs at terminals acquired by resident psp","Total value of e-money payment transactions with cards with an e-money function with cards issued by non-resident PSPs at terminals acquired by resident psp","EUR",6]
["PTT.H.U2.W1.W0.EMP1.2.2220.N.EUR","H","U2","W1","W0","EMP1",2,2220,"N","EUR","2023-S2",4566.41230697,"P",false,null,null,"P6M",{"$nulls":4},"S",null,null,3,null,"Total value of e-money payment transactions with cards with an e-money function with cards issued by non-resident PSPs at terminals acquired by resident psp","Total value of e-money payment transactions with cards with an e-money function with cards issued by non-resident PSPs at terminals acquired by resident psp","EUR",6]
["PTT.H.U2.W1.W0.EMP1.2.2220.N.PN","H","U2","W1","W0","EMP1",2,2220,"N","PN","2022-S1",26.84236799999999,"A",false,null,null,"P6M",{"$nulls":4},"S",null,null,3,null,"Total number of e-money payment transactions with cards with an e-money function with cards issued by non-resident PSPs at terminals acquired by resident psp","Total number of e-money payment transactions with cards with an e-money function with cards issued by non-resident PSPs at terminals acquired by resident psp","PN",6]
["PTT.H.U2.W1.W0.EMP1.2.2220.N.PN","H","U2","W1","W0","EMP1",2,2220,"N","PN","2022-S2",38.482813,"A",false,null,null,"P6M",{"$nulls":4},"S",null,null,3,null,"Total number of e-money payment transactions with cards with an e-money function with cards issued by non-resident PSPs at terminals acquired by resident psp","Total number of e-money payment transactions with cards with an e-money function with cards issued by non-resident PSPs at terminals acquired by resident psp","PN",6]
["PTT.H.U2.W1.W0.EMP1.2.2220.N.PN","H","U2","W1","W0","EMP1",2,2220,"N","PN","2023-S1",48.136291,"A",false,null,null,"P6M",{"$nulls":4},"S",null,null,3,null,"Total number of e-money payment transactions with cards with an e-money function with cards issued by non-resident PSPs at terminals acquired by resident psp","Total number of e-money payment transactions with cards with an e-money function with cards issued by non-resident PSPs at terminals acquired by resident psp","PN",6]
["PTT.H.U2.W1.W0.EMP1.2.2220.N.PN","H","U2","W1","W0","EMP1",2,2220,"N","PN","2023-S2",150.522006,"P",false,null,null,"P6M",{"$nulls":4},"S",null,null,3,null,"Total number of e-money payment transactions with cards with an e-money function with cards issued by non-resident PSPs at terminals acquired by resident psp","Total number of e-money payment transactions with cards with an e-money function with cards issued by non-resident PSPs at terminals acquired by resident psp","PN",6]
["PTT.H.U2.W1.W0.TRSC.1.2221.N.EUR","H","U2","W1","W0","TRSC",1,2221,"N","EUR","2022-S1",21.0406376,"A",false,null,null,"P6M",{"$nulls":4},"S",null,null,3,null,"Total value of other atm transactions with cards issued by non-resident PSPs at terminals acquired by non-resident psp","Total value of other atm transactions with cards issued by non-resident PSPs at terminals acquired by non-resident psp","EUR",6]
["PTT.H.U2.W1.W0.TRSC.1.2221.N.EUR","H","U2","W1","W0","TRSC",1,2221,"N","EUR","2022-S2",30.48059817,"A",false,null,null,"P6M",{"$nulls":4},"S",null,null,3,null,"Total value of other atm transactions with cards issued by non-resident PSPs at terminals acquired by non-resident psp","Total value of other atm transactions with cards issued by non-resident PSPs at terminals acquired by non-resident psp","EUR",6]
["PTT.H.U2.W1.W0.TRSC.1.2221.N.EUR","H","U2","W1","W0","TRSC",1,2221,"N","EUR","2023-S1",21.6493668,"A",false,null,null,"P6M",{"$nulls":4},"S",null,null,3,null,"Total value of other atm transactions with cards issued by non-resident PSPs at terminals acquired by non-resident psp","Total value of other atm transactions with cards issued by non-resident PSPs at terminals acquired by non-resident psp","EUR",6]
["PTT.H.U2.W1.W0.TRSC.1.2221.N.EUR","H","U2","W1","W0","TRSC",1,2221,"N","EUR","2023-S2",26.11149869,"P",false,null,null,"P6M",{"$nulls":4},"S",null,null,3,null,"Total value of other atm transactions with cards issued by non-resident PSPs at terminals acquired by non-resident psp","Total value of other atm transactions with cards issued by non-resident PSPs at terminals acquired by non-resident psp","EUR",6]
["PTT.H.U2.W1.W0.TRSC.1.2221.N.PN","H","U2","W1","W0","TRSC",1,2221,"N","PN","2022-S1",0.182031,"A",false,null,null,"P6M",{"$nulls":4},"S",null,null,3,null,"Total number of other atm transactions with cards issued by non-resident PSPs at terminals acquired by non-resident psp","Total number of other atm transactions with cards issued by non-resident PSPs at terminals acquired by non-resident psp","PN",6]
["PTT.H.U2.W1.W0.TRSC.1.2221.N.PN","H","U2","W1","W0","TRSC",1,2221,"N","PN","2022-S2",0.18879,"A",false,null,null,"P6M",{"$nulls":4},"S",null,null,3,null,"Total number of other atm transactions with cards issued by non-resident PSPs at terminals acquired by non-resident psp","Total number of other atm transactions with cards issued by non-resident PSPs at terminals acquired by non-resident psp","PN",6]
["PTT.H.U2.W1.W0.TRSC.1.2221.N.PN","H","U2","W1","W0","TRSC",1,2221,"N","PN","2023-S1",0.149216,"A",false,null,null,"P6M",{"$nulls":4},"S",null,null,3,null,"Total number of other atm transactions with cards issued by non-resident PSPs at terminals acquired by non-resident psp","Total number of other atm transactions with cards issued by non-resident PSPs at terminals acquired by non-resident psp","PN",6]
["PTT.H.U2.W1.W0.TRSC.1.2221.N.PN","H","U2","W1","W0","TRSC",1,2221,"N","PN","2023-S2",0.17828,"P",false,null,null,"P6M",{"$nulls":4},"S",null,null,3,null,"Total number of other atm transactions with cards issued by non-resident PSPs at terminals acquired by non-resident psp","Total number of other atm transactions with cards issued by non-resident PSPs at terminals acquired by non-resident psp","PN",6]
["PTT.H.U2.W1.W0.TRSC.2.2221.N.EUR","H","U2","W1","W0","TRSC",2,2221,"N","EUR","2022-S1",1959.71245952,"A",false,null,null,"P6M",{"$nulls":4},"S",null,null,3,null,"Total value of other atm transactions with cards issued by non-resident PSPs at terminals acquired by resident psp","Total value of other atm transactions with cards issued by non-resident PSPs at terminals acquired by resident psp","EUR",6]
["PTT.H.U2.W1.W0.TRSC.2.2221.N.EUR","H","U2","W1","W0","TRSC",2,2221,"N","EUR","2022-S2",2246.13906837,"A",false,null,null,"P6M",{"$nulls":4},"S",null,null,3,null,"Total value of other atm transactions with cards issued by non-resident PSPs at terminals acquired by resident psp","Total value of other atm transactions with cards issued by non-resident PSPs at terminals acquired by resident psp","EUR",6]
["PTT.H.U2.W1.W0.TRSC.2.2221.N.EUR","H","U2","W1","W0","TRSC",2,2221,"N","EUR","2023-S1",2444.14294013,"A",false,null,null,"P6M",{"$nulls":4},"S",null,null,3,null,"Total value of other atm transactions with cards issued by non-resident PSPs at terminals acquired by resident psp","Total value of other atm transactions with cards issued by non-resident PSPs at terminals acquired by resident psp","EUR",6]
["PTT.H.U2.W1.W0.TRSC.2.2221.N.EUR","H","U2","W1","W0","TRSC",2,2221,"N","EUR","2023-S2",2269.62768326,"P",false,null,null,"P6M",{"$nulls":4},"S",null,null,3,null,"Total value of other atm transactions with cards issued by non-resident PSPs at terminals acquired by resident psp","Total value of other atm transactions with cards issued by non-resident PSPs at terminals acquired by resident psp","EUR",6]
["PTT.H.U2.W1.W0.TRSC.2.2221.N.PN","H","U2","W1","W0","TRSC",2,2221,"N","PN","2022-S1",10.822267,"A",false,null,null,"P6M",{"$nulls":4},"S",null,null,3,null,"Total number of other atm transactions with cards issued by non-resident PSPs at terminals acquired by resident psp","Total number of other atm transactions with cards issued by non-resident PSPs at terminals acquired by resident psp","PN",6]
["PTT.H.U2.W1.W0.TRSC.2.2221.N.PN","H","U2","W1","W0","TRSC",2,2221,"N","PN","2022-S2",11.14634,"A",false,null,null,"P6M",{"$nulls":4},"S",null,null,3,null,"Total number of other atm transactions with cards issued by non-resident PSPs at terminals acquired by resident psp","Total number of other atm transactions with cards issued by non-resident PSPs at terminals acquired by resident psp","PN",6]
["PTT.H.U2.W1.W0.TRSC.2.2221.N.PN","H","U2","W1","W0","TRSC",2,2221,"N","PN","2023-S1",24.701322,"A",false,null,null,"P6M",{"$nulls":4},"S",null,null,3,null,"Total number of other atm transactions with cards issued by non-resident PSPs at terminals acquired by resident psp","Total number of other atm transactions with cards issued by non-resident PSPs at terminals acquired by resident psp","PN",6]
["PTT.H.U2.W1.W0.TRSC.2.2221.N.PN","H","U2","W1","W0","TRSC",2,2221,"N","PN","2023-S2",40.122364,"P",false,null,null,"P6M",{"$nulls":4},"S",null,null,3,null,"Total number of other atm transactions with cards issued by non-resident PSPs at terminals acquired by resident psp","Total number of other atm transactions with cards issued by non-resident PSPs at terminals acquired by resident psp","PN",6]
["PTT.H.U2.W1.W0.TRSO.1.2222.N.EUR","H","U2","W1","W0","TRSO",1,2222,"N","EUR","2022-S1",175700.12960857,"A",false,null,null,"P6M",{"$nulls":4},"S",null,null,3,null,"Total value of pos transactions with cards issued by non-resident PSPs at terminals acquired by non-resident psp","Total value of pos transactions with cards issued by non-resident PSPs at terminals acquired by non-resident psp","EUR",6]
["PTT.H.U2.W1.W0.TRSO.1.2222.N.EUR","H","U2","W1","W0","TRSO",1,2222,"N","EUR","2022-S2",206383.65348014,"A",false,null,null,"P6M",{"$nulls":4},"S",null,null,3,null,"Total value of pos transactions with cards issued by non-resident PSPs at terminals acquired by non-resident psp","Total value of pos transactions with cards issued by non-resident PSPs at terminals acquired by non-resident psp","EUR",6]
["PTT.H.U2.W1.W0.TRSO.1.2222.N.EUR","H","U2","W1","W0","TRSO",1,2222,"N","EUR","2023-S1",186749.43962727,"A",false,null,null,"P6M",{"$nulls":4},"S",null,null,3,null,"Total value of pos transactions with cards issued by non-resident PSPs at terminals acquired by non-resident psp","Total value of pos transactions with cards issued by non-resident PSPs at terminals acquired by non-resident psp","EUR",6]
["PTT.H.U2.W1.W0.TRSO.1.2222.N.EUR","H","U2","W1","W0","TRSO",1,2222,"N","EUR","2023-S2",192823.69217217,"P",false,null,null,"P6M",{"$nulls":4},"S",null,null,3,null,"Total value of pos transactions with cards issued by non-resident PSPs at terminals acquired by non-resident psp","Total value of pos transactions with cards issued by non-resident PSPs at terminals acquired by non-resident psp","EUR",6]
["PTT.H.U2.W1.W0.TRSO.1.2222.N.PN","H","U2","W1","W0","TRSO",1,2222,"N","PN","2022-S1",4757.668388,"A",false,null,null,"P6M",{"$nulls":4},"S",null,null,3,null,"Total number of pos transactions with cards issued by non-resident PSPs at terminals acquired by non-resident psp","Total number of pos transactions with cards issued by non-resident PSPs at terminals acquired by non-resident psp","PN",6]
["PTT.H.U2.W1.W0.TRSO.1.2222.N.PN","H","U2","W1","W0","TRSO",1,2222,"N","PN","2022-S2",5571.333228,"A",false,null,null,"P6M",{"$nulls":4},"S",null,null,3,null,"Total number of pos transactions with cards issued by non-resident PSPs at terminals acquired by non-resident psp","Total number of pos transactions with cards issued by non-resident PSPs at terminals acquired by non-resident psp","PN",6]
["PTT.H.U2.W1.W0.TRSO.1.2222.N.PN","H","U2","W1","W0","TRSO",1,2222,"N","PN","2023-S1",5202.381859,"A",false,null,null,"P6M",{"$nulls":4},"S",null,null,3,null,"Total number of pos transactions with cards issued by non-resident PSPs at terminals acquired by non-resident psp","Total number of pos transactions with cards issued by non-resident PSPs at terminals acquired by non-resident psp","PN",6]
["PTT.H.U2.W1.W0.TRSO.1.2222.N.PN","H","U2","W1","W0","TRSO",1,2222,"N","PN","2023-S2",5537.323374,"P",false,null,null,"P6M",{"$nulls":4},"S",null,null,3,null,"Total number of pos transactions with cards issued by non-resident PSPs at terminals acquired by non-resident psp","Total number of pos transactions with cards issued by non-resident PSPs at terminals acquired by non-resident psp","PN",6]
["PTT.H.U2.W1.W0.TRSO.2.2222.N.EUR","H","U2","W1","W0","TRSO",2,2222,"N","EUR","2022-S1",152110.00844275,"A",false,null,null,"P6M",{"$nulls":4},"S",null,null,3,null,"Total value of pos transactions with cards issued by non-resident PSPs at terminals acquired by resident psp","Total value of pos transactions with cards issued by non-resident PSPs at terminals acquired by resident psp","EUR",6]
["PTT.H.U2.W1.W0.TRSO.2.2222.N.EUR","H","U2","W1","W0","TRSO",2,2222,"N","EUR","2022-S2",200687.25275441,"A",false,null,null,"P6M",{"$nulls":4},"S",null,null,3,null,"Total value of pos transactions with cards issued by non-resident PSPs at terminals acquired by resident psp","Total value of pos transactions with cards issued by non-resident PSPs at terminals acquired by resident psp","EUR",6]
["PTT.H.U2.W1.W0.TRSO.2.2222.N.EUR","H","U2","W1","W0","TRSO",2,2222,"N","EUR","2023-S1",152696.03194725,"A",false,null,null,"P6M",{"$nulls":4},"S",null,null,3,null,"Total value of pos transactions with cards issued by non-resident PSPs at terminals acquired by resident psp","Total value of pos transactions with cards issued by non-resident PSPs at terminals acquired by resident psp","EUR",6]
["PTT.H.U2.W1.W0.TRSO.2.2222.N.EUR","H","U2","W1","W0","TRSO",2,2222,"N","EUR","2023-S2",186063.43576644,"P",false,null,null,"P6M",{"$nulls":4},"S",null,null,3,null,"Total value of pos transactions with cards issued by non-resident PSPs at terminals acquired by resident psp","Total value of pos transactions with cards issued by non-resident PSPs at terminals acquired by resident psp","EUR",6]
["PTT.H.U2.W1.W0.TRSO.2.2222.N.PN","H","U2","W1","W0","TRSO",2,2222,"N","PN","2022-S1",4165.670354999999,"A",false,null,null,"P6M",{"$nulls":4},"S",null,null,3,null,"Total number of pos transactions with cards issued by non-resident PSPs at terminals acquired by resident psp","Total number of pos transactions with cards issued by non-resident PSPs at terminals acquired by resident psp","PN",6]
["PTT.H.U2.W1.W0.TRSO.2.2222.N.PN","H","U2","W1","W0","TRSO",2,2222,"N","PN","2022-S2",5423.233251000001,"A",false,null,null,"P6M",{"$nulls":4},"S",null,null,3,null,"Total number of pos transactions with cards issued by non-resident PSPs at terminals acquired by resident psp","Total number of pos transactions with cards issued by non-resident PSPs at terminals acquired by resident psp","PN",6]
["PTT.H.U2.W1.W0.TRSO.2.2222.N.PN","H","U2","W1","W0","TRSO",2,2222,"N","PN","2023-S1",4320.831566999999,"A",false,null,null,"P6M",{"$nulls":4},"S",null,null,3,null,"Total number of pos transactions with cards issued by non-resident PSPs at terminals acquired by resident psp","Total number of pos transactions with cards issued by non-resident PSPs at terminals acquired by resident psp","PN",6]
["PTT.H.U2.W1.W0.TRSO.2.2222.N.PN","H","U2","W1","W0","TRSO",2,2222,"N","PN","2023-S2",5050.138831999999,"P",false,null,null,"P6M",{"$nulls":4},"S",null,null,3,null,"Total number of pos transactions with cards issued by non-resident PSPs at terminals acquired by resident psp","Total number of pos transactions with cards issued by non-resident PSPs at terminals acquired by resident psp","PN",6]
["PTT.H.U2.W1.W0._T.1.2220.N.EUR","H","U2","W1","W0","_T",1,2220,"N","EUR","2022-S1",212248.76550611,"A",false,null,null,"P6M",{"$nulls":4},"S",null,null,3,null,"Total value of total transactions with cards issued by non-resident PSPs at terminals acquired by non-resident psp","Total value of total transactions with cards issued by non-resident PSPs at terminals acquired by non-resident psp","EUR",6]
["PTT.H.U2.W1.W0._T.1.2220.N.EUR","H","U2","W1","W0","_T",1,2220,"N","EUR","2022-S2",250039.23224924,"A",false,null,null,"P6M",{"$nulls":4},"S",null,null,3,null,"Total value of total transactions with cards issued by non-resident PSPs at terminals acquired by non-resident psp","Total value of total transactions with cards issued by non-resident PSPs at terminals acquired by non-resident psp","EUR",6]
["PTT.H.U2.W1.W0._T.1.2220.N.EUR","H","U2","W1","W0","_T",1,2220,"N","EUR","2023-S1",224445.92173442,"A",false,null,null,"P6M",{"$nulls":4},"S",null,null,3,null,"Total value of total transactions with cards issued by non-resident PSPs at terminals acquired by non-resident psp","Total value of total transactions with cards issued by non-resident PSPs at terminals acquired by non-resident psp","EUR",6]
["PTT.H.U2.W1.W0._T.1.2220.N.EUR","H","U2","W1","W0","_T",1,2220,"N","EUR","2023-S2",235912.01009205,"P",false,null,null,"P6M",{"$nulls":4},"S",null,null,3,null,"Total value of total transactions with cards issued by non-resident PSPs at terminals acquired by non-resident psp","Total value of total transactions with cards issued by non-resident PSPs at terminals acquired by non-resident psp","EUR",6]
["PTT.H.U2.W1.W0._T.1.2220.N.PN","H","U2","W1","W0","_T",1,2220,"N","PN","2022-S1",5034.478631000002,"A",false,null,null,"P6M",{"$nulls":4},"S",null,null,3,null,"Total number of total transactions with cards issued by non-resident PSPs at terminals acquired by non-resident psp","Total number of total transactions with cards issued by non-resident PSPs at terminals acquired by non-resident psp","PN",6]
["PTT.H.U2.W1.W0._T.1.2220.N.PN","H","U2","W1","W0","_T",1,2220,"N","PN","2022-S2",5902.010772,"A",false,null,null,"P6M",{"$nulls":4},"S",null,null,3,null,"Total number of total transactions with cards issued by non-resident PSPs at terminals acquired by non-resident psp","Total number of total transactions with cards issued by non-resident PSPs at terminals acquired by non-resident psp","PN",6]
["PTT.H.U2.W1.W0._T.1.2220.N.PN","H","U2","W1","W0","_T",1,2220,"N","PN","2023-S1",5496.066335000001,"A",false,null,null,"P6M",{"$nulls":4},"S",null,null,3,null,"Total number of total transactions with cards issued by non-resident PSPs at terminals acquired by non-resident psp","Total number of total transactions with cards issued by non-resident PSPs at terminals acquired by non-resident psp","PN",6]
["PTT.H.U2.W1.W0._T.1.2220.N.PN","H","U2","W1","W0","_T",1,2220,"N","PN","2023-S2",5870.537440000002,"P",false,null,null,"P6M",{"$nulls":4},"S",null,null,3,null,"Total number of total transactions with cards issued by non-resident PSPs at terminals acquired by non-resident psp","Total number of total transactions with cards issued by non-resident PSPs at terminals acquired by non-resident psp","PN",6]
["PTT.H.U2.W1.W0._T.2.2220.N.EUR","H","U2","W1","W0","_T",2,2220,"N","EUR","2022-S1",190525.52065599,"A",false,null,null,"P6M",{"$nulls":4},"S",null,null,3,null,"Total value of total transactions with cards issued by non-resident PSPs at terminals acquired by resident psp","Total value of total transactions with cards issued by non-resident PSPs at terminals acquired by resident psp","EUR",6]
["PTT.H.U2.W1.W0._T.2.2220.N.EUR","H","U2","W1","W0","_T",2,2220,"N","EUR","2022-S2",241161.51506943,"A",false,null,null,"P6M",{"$nulls":4},"S",null,null,3,null,"Total value of total transactions with cards issued by non-resident PSPs at terminals acquired by resident psp","Total value of total transactions with cards issued by non-resident PSPs at terminals acquired by resident psp","EUR",6]
["PTT.H.U2.W1.W0._T.2.2220.N.EUR","H","U2","W1","W0","_T",2,2220,"N","EUR","2023-S1",193987.1887994,"A",false,null,null,"P6M",{"$nulls":4},"S",null,null,3,null,"Total value of total transactions with cards issued by non-resident PSPs at terminals acquired by resident psp","Total value of total transactions with cards issued by non-resident PSPs at terminals acquired by resident psp","EUR",6]
["PTT.H.U2.W1.W0._T.2.2220.N.EUR","H","U2","W1","W0","_T",2,2220,"N","EUR","2023-S2",233392.26817824,"P",false,null,null,"P6M",{"$nulls":4},"S",null,null,3,null,"Total value of total transactions with cards issued by non-resident PSPs at terminals acquired by resident psp","Total value of total transactions with cards issued by non-resident PSPs at terminals acquired by resident psp","EUR",6]
["PTT.H.U2.W1.W0._T.2.2220.N.PN","H","U2","W1","W0","_T",2,2220,"N","PN","2022-S1",4383.668924,"A",false,null,null,"P6M",{"$nulls":4},"S",null,null,3,null,"Total number of total transactions with cards issued by non-resident PSPs at terminals acquired by resident psp","Total number of total transactions with cards issued by non-resident PSPs at terminals acquired by resident psp","PN",6]
["PTT.H.U2.W1.W0._T.2.2220.N.PN","H","U2","W1","W0","_T",2,2220,"N","PN","2022-S2",5675.09333,"A",false,null,null,"P6M",{"$nulls":4},"S",null,null,3,null,"Total number of total transactions with cards issued by non-resident PSPs at terminals acquired by resident psp","Total number of total transactions with cards issued by non-resident PSPs at terminals acquired by resident psp","PN",6]
["PTT.H.U2.W1.W0._T.2.2220.N.PN","H","U2","W1","W0","_T",2,2220,"N","PN","2023-S1",4572.110549,"A",false,null,null,"P6M",{"$nulls":4},"S",null,null,3,null,"Total number of total transactions with cards issued by non-resident PSPs at terminals acquired by resident psp","Total number of total transactions with cards issued by non-resident PSPs at terminals acquired by resident psp","PN",6]
["PTT.H.U2.W1.W0._T.2.2220.N.PN","H","U2","W1","W0","_T",2,2220,"N","PN","2023-S2",5427.806902000001,"P",false,null,null,"P6M",{"$nulls":4},"S",null,null,3,null,"Total number of total transactions with cards issued by non-resident PSPs at terminals acquired by resident psp","Total number of total transactions with cards issued by non-resident PSPs at terminals acquired by resident psp","PN",6]
["PTT.H.U2.W2.W0.CD1.2.2221.N.EUR","H","U2","W2","W0","CD1",2,2221,"N","EUR","2022-S1",215885.28102776,"A",false,null,null,"P6M",{"$nulls":4},"S",null,null,3,null,"Total value of atm cash deposits with cards issued by resident PSPs at terminals acquired by resident psp","Total value of atm cash deposits with cards issued by resident PSPs at terminals acquired by resident psp","EUR",6]
["PTT.H.U2.W2.W0.CD1.2.2221.N.EUR","H","U2","W2","W0","CD1",2,2221,"N","EUR","2022-S2",235472.54890213,"A",false,null,null,"P6M",{"$nulls":4},"S",null,null,3,null,"Total value of atm cash deposits with cards issued by resident PSPs at terminals acquired by resident psp","Total value of atm cash deposits with cards issued by resident PSPs at terminals acquired by resident psp","EUR",6]
["PTT.H.U2.W2.W0.CD1.2.2221.N.EUR","H","U2","W2","W0","CD1",2,2221,"N","EUR","2023-S1",238422.5233462999,"A",false,null,null,"P6M",{"$nulls":4},"S",null,null,3,null,"Total value of atm cash deposits with cards issued by resident PSPs at terminals acquired by resident psp","Total value of atm cash deposits with cards issued by resident PSPs at terminals acquired by resident psp","EUR",6]
["PTT.H.U2.W2.W0.CD1.2.2221.N.EUR","H","U2","W2","W0","CD1",2,2221,"N","EUR","2023-S2",257479.13190654,"P",false,null,null,"P6M",{"$nulls":4},"S",null,null,3,null,"Total value of atm cash deposits with cards issued by resident PSPs at terminals acquired by resident psp","Total value of atm cash deposits with cards issued by resident PSPs at terminals acquired by resident psp","EUR",6]
["PTT.H.U2.W2.W0.CD1.2.2221.N.PN","H","U2","W2","W0","CD1",2,2221,"N","PN","2022-S1",249.784032,"A",false,null,null,"P6M",{"$nulls":4},"S",null,null,3,null,"Total number of atm cash deposits with cards issued by resident PSPs at terminals acquired by resident psp","Total number of atm cash deposits with cards issued by resident PSPs at terminals acquired by resident psp","PN",6]
["PTT.H.U2.W2.W0.CD1.2.2221.N.PN","H","U2","W2","W0","CD1",2,2221,"N","PN","2022-S2",266.430041,"A",false,null,null,"P6M",{"$nulls":4},"S",null,null,3,null,"Total number of atm cash deposits with cards issued by resident PSPs at terminals acquired by resident psp","Total number of atm cash deposits with cards issued by resident PSPs at terminals acquired by resident psp","PN",6]
["PTT.H.U2.W2.W0.CD1.2.2221.N.PN","H","U2","W2","W0","CD1",2,2221,"N","PN","2023-S1",275.124121,"A",false,null,null,"P6M",{"$nulls":4},"S",null,null,3,null,"Total number of atm cash deposits with cards issued by resident PSPs at terminals acquired by resident psp","Total number of atm cash deposits with cards issued by resident PSPs at terminals acquired by resident psp","PN",6]
["PTT.H.U2.W2.W0.CD1.2.2221.N.PN","H","U2","W2","W0","CD1",2,2221,"N","PN","2023-S2",289.322127,"P",false,null,null,"P6M",{"$nulls":4},"S",null,null,3,null,"Total number of atm cash deposits with cards issued by resident PSPs at terminals acquired by resident psp","Total number of atm cash deposits with cards issued by resident PSPs at terminals acquired by resident psp","PN",6]
["PTT.H.U2.W2.W0.CW1.2.2221.N.EUR","H","U2","W2","W0","CW1",2,2221,"N","EUR","2022-S1",473548.16461545,"A",false,null,null,"P6M",{"$nulls":4},"S",null,null,3,null,"Total value of atm cash withdrawals with cards issued by resident PSPs at terminals acquired by resident psp","Total value of atm cash withdrawals with cards issued by resident PSPs at terminals acquired by resident psp","EUR",6]
["PTT.H.U2.W2.W0.CW1.2.2221.N.EUR","H","U2","W2","W0","CW1",2,2221,"N","EUR","2022-S2",518235.6028920599,"A",false,null,null,"P6M",{"$nulls":4},"S",null,null,3,null,"Total value of atm cash withdrawals with cards issued by resident PSPs at terminals acquired by resident psp","Total value of atm cash withdrawals with cards issued by resident PSPs at terminals acquired by resident psp","EUR",6]
["PTT.H.U2.W2.W0.CW1.2.2221.N.EUR","H","U2","W2","W0","CW1",2,2221,"N","EUR","2023-S1",505347.46512501,"A",false,null,null,"P6M",{"$nulls":4},"S",null,null,3,null,"Total value of atm cash withdrawals with cards issued by resident PSPs at terminals acquired by resident psp","Total value of atm cash withdrawals with cards issued by resident PSPs at terminals acquired by resident psp","EUR",6]
["PTT.H.U2.W2.W0.CW1.2.2221.N.EUR","H","U2","W2","W0","CW1",2,2221,"N","EUR","2023-S2",547963.4784937,"P",false,null,null,"P6M",{"$nulls":4},"S",null,null,3,null,"Total value of atm cash withdrawals with cards issued by resident PSPs at terminals acquired by resident psp","Total value of atm cash withdrawals with cards issued by resident PSPs at terminals acquired by resident psp","EUR",6]
["PTT.H.U2.W2.W0.CW1.2.2221.N.PN","H","U2","W2","W0","CW1",2,2221,"N","PN","2022-S1",2581.697834999999,"A",false,null,null,"P6M",{"$nulls":4},"S",null,null,3,null,"Total number of atm cash withdrawals with cards issued by resident PSPs at terminals acquired by resident psp","Total number of atm cash withdrawals with cards issued by resident PSPs at terminals acquired by resident psp","PN",6]
["PTT.H.U2.W2.W0.CW1.2.2221.N.PN","H","U2","W2","W0","CW1",2,2221,"N","PN","2022-S2",2738.113914999999,"A",false,null,null,"P6M",{"$nulls":4},"S",null,null,3,null,"Total number of atm cash withdrawals with cards issued by resident PSPs at terminals acquired by resident psp","Total number of atm cash withdrawals with cards issued by resident PSPs at terminals acquired by resident psp","PN",6]
["PTT.H.U2.W2.W0.CW1.2.2221.N.PN","H","U2","W2","W0","CW1",2,2221,"N","PN","2023-S1",2657.553986,"A",false,null,null,"P6M",{"$nulls":4},"S",null,null,3,null,"Total number of atm cash withdrawals with cards issued by resident PSPs at terminals acquired by resident psp","Total number of atm cash withdrawals with cards issued by resident PSPs at terminals acquired by resident psp","PN",6]
["PTT.H.U2.W2.W0.CW1.2.2221.N.PN","H","U2","W2","W0","CW1",2,2221,"N","PN","2023-S2",2775.623423,"P",false,null,null,"P6M",{"$nulls":4},"S",null,null,3,null,"Total number of atm cash withdrawals with cards issued by resident PSPs at terminals acquired by resident psp","Total number of atm cash withdrawals with cards issued by resident PSPs at terminals acquired by resident psp","PN",6]
["PTT.H.U2.W2.W0.EMLU.2.2220.N.EUR","H","U2","W2","W0","EMLU",2,2220,"N","EUR","2022-S1",14751.51376904,"A",false,null,null,"P6M",{"$nulls":4},"S",null,null,3,null,"Total value of e-money card loading and unloading transactions with cards issued by resident PSPs at terminals acquired by resident psp","Total value of e-money card loading and unloading transactions with cards issued by resident PSPs at terminals acquired by resident psp","EUR",6]
["PTT.H.U2.W2.W0.EMLU.2.2220.N.EUR","H","U2","W2","W0","EMLU",2,2220,"N","EUR","2022-S2",16894.56618289,"A",false,null,null,"P6M",{"$nulls":4},"S",null,null,3,null,"Total value of e-money card loading and unloading transactions with cards issued by resident PSPs at terminals acquired by resident psp","Total value of e-money card loading and unloading transactions with cards issued by resident PSPs at terminals acquired by resident psp","EUR",6]
["PTT.H.U2.W2.W0.EMLU.2.2220.N.EUR","H","U2","W2","W0","EMLU",2,2220,"N","EUR","2023-S1",16371.39054787,"A",false,null,null,"P6M",{"$nulls":4},"S",null,null,3,null,"Total value of e-money card loading and unloading transactions with cards issued by resident PSPs at terminals acquired by resident psp","Total value of e-money card loading and unloading transactions with cards issued by resident PSPs at terminals acquired by resident psp","EUR",6]
["PTT.H.U2.W2.W0.EMLU.2.2220.N.EUR","H","U2","W2","W0","EMLU",2,2220,"N","EUR","2023-S2",26115.31054524,"P",false,null,null,"P6M",{"$nulls":4},"S",null,null,3,null,"Total value of e-money card loading and unloading transactions with cards issued by resident PSPs at terminals acquired by resident psp","Total value of e-money card loading and unloading transactions with cards issued by resident PSPs at terminals acquired by resident psp","EUR",6]
["PTT.H.U2.W2.W0.EMLU.2.2220.N.PN","H","U2","W2","W0","EMLU",2,2220,"N","PN","2022-S1",83.49663500000001,"A",false,null,null,"P6M",{"$nulls":4},"S",null,null,3,null,"Total number of e-money card loading and unloading transactions with cards issued by resident PSPs at terminals acquired by resident psp","Total number of e-money card loading and unloading transactions with cards issued by resident PSPs at terminals acquired by resident psp","PN",6]
["PTT.H.U2.W2.W0.EMLU.2.2220.N.PN","H","U2","W2","W0","EMLU",2,2220,"N","PN","2022-S2",92.57483500000001,"A",false,null,null,"P6M",{"$nulls":4},"S",null,null,3,null,"Total number of e-money card loading and unloading transactions with cards issued by resident PSPs at terminals acquired by resident psp","Total number of e-money card loading and unloading transactions with cards issued by resident PSPs at terminals acquired by resident psp","PN",6]
["PTT.H.U2.W2.W0.EMLU.2.2220.N.PN","H","U2","W2","W0","EMLU",2,2220,"N","PN","2023-S1",88.74327899999999,"A",false,null,null,"P6M",{"$nulls":4},"S",null,null,3,null,"Total number of e-money card loading and unloading transactions with cards issued by resident PSPs at terminals acquired by resident psp","Total number of e-money card loading and unloading transactions with cards issued by resident PSPs at terminals acquired by resident psp","PN",6]
["PTT.H.U2.W2.W0.EMLU.2.2220.N.PN","H","U2","W2","W0","EMLU",2,2220,"N","PN","2023-S2",366.781217,"P",false,null,null,"P6M",{"$nulls":4},"S",null,null,3,null,"Total number of e-money card loading and unloading transactions with cards issued by resident PSPs at terminals acquired by resident psp","Total number of e-money card loading and unloading transactions with cards issued by resident PSPs at terminals acquired by resident psp","PN",6]
["PTT.H.U2.W2.W0.EMP1.2.2220.N.EUR","H","U2","W2","W0","EMP1",2,2220,"N","EUR","2022-S1",18405.2515419,"A",false,null,null,"P6M",{"$nulls":4},"S",null,null,3,null,"Total value of e-money payment transactions with cards with an e-money function with cards issued by resident PSPs at terminals acquired by resident psp","Total value of e-money payment transactions with cards with an e-money function with cards issued by resident PSPs at terminals acquired by resident psp","EUR",6]
["PTT.H.U2.W2.W0.EMP1.2.2220.N.EUR","H","U2","W2","W0","EMP1",2,2220,"N","EUR","2022-S2",22349.99254179,"A",false,null,null,"P6M",{"$nulls":4},"S",null,null,3,null,"Total value of e-money payment transactions with cards with an e-money function with cards issued by resident PSPs at terminals acquired by resident psp","Total value of e-money payment transactions with cards with an e-money function with cards issued by resident PSPs at terminals acquired by resident psp","EUR",6]
["PTT.H.U2.W2.W0.EMP1.2.2220.N.EUR","H","U2","W2","W0","EMP1",2,2220,"N","EUR","2023-S1",20494.43503071,"A",false,null,null,"P6M",{"$nulls":4},"S",null,null,3,null,"Total value of e-money payment transactions with cards with an e-money function with cards issued by resident PSPs at terminals acquired by resident psp","Total value of e-money payment transactions with cards with an e-money function with cards issued by resident PSPs at terminals acquired by resident psp","EUR",6]
["PTT.H.U2.W2.W0.EMP1.2.2220.N.EUR","H","U2","W2","W0","EMP1",2,2220,"N","EUR","2023-S2",19617.18457043,"P",false,null,null,"P6M",{"$nulls":4},"S",null,null,3,null,"Total value of e-money payment transactions with cards with an e-money function with cards issued by resident PSPs at terminals acquired by resident psp","Total value of e-money payment transactions with cards with an e-money function with cards issued by resident PSPs at terminals acquired by resident psp","EUR",6]
["PTT.H.U2.W2.W0.EMP1.2.2220.N.PN","H","U2","W2","W0","EMP1",2,2220,"N","PN","2022-S1",639.554092,"A",false,null,null,"P6M",{"$nulls":4},"S",null,null,3,null,"Total number of e-money payment transactions with cards with an e-money function with cards issued by resident PSPs at terminals acquired by resident psp","Total number of e-money payment transactions with cards with an e-money function with cards issued by resident PSPs at terminals acquired by resident psp","PN",6]
["PTT.H.U2.W2.W0.EMP1.2.2220.N.PN","H","U2","W2","W0","EMP1",2,2220,"N","PN","2022-S2",769.8015110000001,"A",false,null,null,"P6M",{"$nulls":4},"S",null,null,3,null,"Total number of e-money payment transactions with cards with an e-money function with cards issued by resident PSPs at terminals acquired by resident psp","Total number of e-money payment transactions with cards with an e-money function with cards issued by resident PSPs at terminals acquired by resident psp","PN",6]
["PTT.H.U2.W2.W0.EMP1.2.2220.N.PN","H","U2","W2","W0","EMP1",2,2220,"N","PN","2023-S1",715.3395180000001,"A",false,null,null,"P6M",{"$nulls":4},"S",null,null,3,null,"Total number of e-money payment transactions with cards with an e-money function with cards issued by resident PSPs at terminals acquired by resident psp","Total number of e-money payment transactions with cards with an e-money function with cards issued by resident PSPs at terminals acquired by resident psp","PN",6]
["PTT.H.U2.W2.W0.EMP1.2.2220.N.PN","H","U2","W2","W0","EMP1",2,2220,"N","PN","2023-S2",689.428049,"P",false,null,null,"P6M",{"$nulls":4},"S",null,null,3,null,"Total number of e-money payment transactions with cards with an e-money function with cards issued by resident PSPs at terminals acquired by resident psp","Total number of e-money payment transactions with cards with an e-money function with cards issued by resident PSPs at terminals acquired by resident psp","PN",6]
["PTT.H.U2.W2.W0.TRSC.2.2221.N.EUR","H","U2","W2","W0","TRSC",2,2221,"N","EUR","2022-S1",69098.35382526,"A",false,null,null,"P6M",{"$nulls":4},"S",null,null,3,null,"Total value of other atm transactions with cards issued by resident PSPs at terminals acquired by resident psp","Total value of other atm transactions with cards issued by resident PSPs at terminals acquired by resident psp","EUR",6]
["PTT.H.U2.W2.W0.TRSC.2.2221.N.EUR","H","U2","W2","W0","TRSC",2,2221,"N","EUR","2022-S2",74864.94899807,"A",false,null,null,"P6M",{"$nulls":4},"S",null,null,3,null,"Total value of other atm transactions with cards issued by resident PSPs at terminals acquired by resident psp","Total value of other atm transactions with cards issued by resident PSPs at terminals acquired by resident psp","EUR",6]
["PTT.H.U2.W2.W0.TRSC.2.2221.N.EUR","H","U2","W2","W0","TRSC",2,2221,"N","EUR","2023-S1",72111.61547974,"A",false,null,null,"P6M",{"$nulls":4},"S",null,null,3,null,"Total value of other atm transactions with cards issued by resident PSPs at terminals acquired by resident psp","Total value of other atm transactions with cards issued by resident PSPs at terminals acquired by resident psp","EUR",6]
["PTT.H.U2.W2.W0.TRSC.2.2221.N.EUR","H","U2","W2","W0","TRSC",2,2221,"N","EUR","2023-S2",71778.15746767001,"P",false,null,null,"P6M",{"$nulls":4},"S",null,null,3,null,"Total value of other atm transactions with cards issued by resident PSPs at terminals acquired by resident psp","Total value of other atm transactions with cards issued by resident PSPs at terminals acquired by resident psp","EUR",6]
["PTT.H.U2.W2.W0.TRSC.2.2221.N.PN","H","U2","W2","W0","TRSC",2,2221,"N","PN","2022-S1",1311.525706,"A",false,null,null,"P6M",{"$nulls":4},"S",null,null,3,null,"Total number of other atm transactions with cards issued by resident PSPs at terminals acquired by resident psp","Total number of other atm transactions with cards issued by resident PSPs at terminals acquired by resident psp","PN",6]
["PTT.H.U2.W2.W0.TRSC.2.2221.N.PN","H","U2","W2","W0","TRSC",2,2221,"N","PN","2022-S2",1326.907015,"A",false,null,null,"P6M",{"$nulls":4},"S",null,null,3,null,"Total number of other atm transactions with cards issued by resident PSPs at terminals acquired by resident psp","Total number of other atm transactions with cards issued by resident PSPs at terminals acquired by resident psp","PN",6]
["PTT.H.U2.W2.W0.TRSC.2.2221.N.PN","H","U2","W2","W0","TRSC",2,2221,"N","PN","2023-S1",1245.721288,"A",false,null,null,"P6M",{"$nulls":4},"S",null,null,3,null,"Total number of other atm transactions with cards issued by resident PSPs at terminals acquired by resident psp","Total number of other atm transactions with cards issued by resident PSPs at terminals acquired by resident psp","PN",6]
["PTT.H.U2.W2.W0.TRSC.2.2221.N.PN","H","U2","W2","W0","TRSC",2,2221,"N","PN","2023-S2",1257.211044,"P",false,null,null,"P6M",{"$nulls":4},"S",null,null,3,null,"Total number of other atm transactions with cards issued by resident PSPs at terminals acquired by resident psp","Total number of other atm transactions with cards issued by resident PSPs at terminals acquired by resident psp","PN",6]
["PTT.H.U2.W2.W0.TRSO.2.2222.N.EUR","H","U2","W2","W0","TRSO",2,2222,"N","EUR","2022-S1",874805.63096294,"A",false,null,null,"P6M",{"$nulls":4},"S",null,null,3,null,"Total value of pos transactions with cards issued by resident PSPs at terminals acquired by resident psp","Total value of pos transactions with cards issued by resident PSPs at terminals acquired by resident psp","EUR",6]
["PTT.H.U2.W2.W0.TRSO.2.2222.N.EUR","H","U2","W2","W0","TRSO",2,2222,"N","EUR","2022-S2",1006601.67316575,"A",false,null,null,"P6M",{"$nulls":4},"S",null,null,3,null,"Total value of pos transactions with cards issued by resident PSPs at terminals acquired by resident psp","Total value of pos transactions with cards issued by resident PSPs at terminals acquired by resident psp","EUR",6]
["PTT.H.U2.W2.W0.TRSO.2.2222.N.EUR","H","U2","W2","W0","TRSO",2,2222,"N","EUR","2023-S1",944184.6584260501,"A",false,null,null,"P6M",{"$nulls":4},"S",null,null,3,null,"Total value of pos transactions with cards issued by resident PSPs at terminals acquired by resident psp","Total value of pos transactions with cards issued by resident PSPs at terminals acquired by resident psp","EUR",6]
["PTT.H.U2.W2.W0.TRSO.2.2222.N.EUR","H","U2","W2","W0","TRSO",2,2222,"N","EUR","2023-S2",1029654.02989158,"P",false,null,null,"P6M",{"$nulls":4},"S",null,null,3,null,"Total value of pos transactions with cards issued by resident PSPs at terminals acquired by resident psp","Total value of pos transactions with cards issued by resident PSPs at terminals acquired by resident psp","EUR",6]
["PTT.H.U2.W2.W0.TRSO.2.2222.N.PN","H","U2","W2","W0","TRSO",2,2222,"N","PN","2022-S1",24465.996529,"A",false,null,null,"P6M",{"$nulls":4},"S",null,null,3,null,"Total number of pos transactions with cards issued by resident PSPs at terminals acquired by resident psp","Total number of pos transactions with cards issued by resident PSPs at terminals acquired by resident psp","PN",6]
["PTT.H.U2.W2.W0.TRSO.2.2222.N.PN","H","U2","W2","W0","TRSO",2,2222,"N","PN","2022-S2",27872.304748,"A",false,null,null,"P6M",{"$nulls":4},"S",null,null,3,null,"Total number of pos transactions with cards issued by resident PSPs at terminals acquired by resident psp","Total number of pos transactions with cards issued by resident PSPs at terminals acquired by resident psp","PN",6]
["PTT.H.U2.W2.W0.TRSO.2.2222.N.PN","H","U2","W2","W0","TRSO",2,2222,"N","PN","2023-S1",26762.409225,"A",false,null,null,"P6M",{"$nulls":4},"S",null,null,3,null,"Total number of pos transactions with cards issued by resident PSPs at terminals acquired by resident psp","Total number of pos transactions with cards issued by resident PSPs at terminals acquired by resident psp","PN",6]
["PTT.H.U2.W2.W0.TRSO.2.2222.N.PN","H","U2","W2","W0","TRSO",2,2222,"N","PN","2023-S2",29034.209418,"P",false,null,null,"P6M",{"$nulls":4},"S",null,null,3,null,"Total number of pos transactions with cards issued by resident PSPs at terminals acquired by resident psp","Total number of pos transactions with cards issued by resident PSPs at terminals acquired by resident psp","PN",6]
["PTT.H.U2.W2.W0._T.2.2220.N.EUR","H","U2","W2","W0","_T",2,2220,"N","EUR","2022-S1",1666494.19574235,"A",false,null,null,"P6M",{"$nulls":4},"S",null,null,3,null,"Total value of total transactions with cards issued by resident PSPs at terminals acquired by resident psp","Total value of total transactions with cards issued by resident PSPs at terminals acquired by resident psp","EUR",6]
["PTT.H.U2.W2.W0._T.2.2220.N.EUR","H","U2","W2","W0","_T",2,2220,"N","EUR","2022-S2",1874419.33268269,"A",false,null,null,"P6M",{"$nulls":4},"S",null,null,3,null,"Total value of total transactions with cards issued by resident PSPs at terminals acquired by resident psp","Total value of total transactions with cards issued by resident PSPs at terminals acquired by resident psp","EUR",6]
["PTT.H.U2.W2.W0._T.2.2220.N.EUR","H","U2","W2","W0","_T",2,2220,"N","EUR","2023-S1",1796932.08795568,"A",false,null,null,"P6M",{"$nulls":4},"S",null,null,3,null,"Total value of total transactions with cards issued by resident PSPs at terminals acquired by resident psp","Total value of total transactions with cards issued by resident PSPs at terminals acquired by resident psp","EUR",6]
["PTT.H.U2.W2.W0._T.2.2220.N.EUR","H","U2","W2","W0","_T",2,2220,"N","EUR","2023-S2",1952607.29287516,"P",false,null,null,"P6M",{"$nulls":4},"S",null,null,3,null,"Total value of total transactions with cards issued by resident PSPs at terminals acquired by resident psp","Total value of total transactions with cards issued by resident PSPs at terminals acquired by resident psp","EUR",6]
["PTT.H.U2.W2.W0._T.2.2220.N.PN","H","U2","W2","W0","_T",2,2220,"N","PN","2022-S1",29308.816016,"A",false,null,null,"P6M",{"$nulls":4},"S",null,null,3,null,"Total number of total transactions with cards issued by resident PSPs at terminals acquired by resident psp","Total number of total transactions with cards issued by resident PSPs at terminals acquired by resident psp","PN",6]
["PTT.H.U2.W2.W0._T.2.2220.N.PN","H","U2","W2","W0","_T",2,2220,"N","PN","2022-S2",33034.524076,"A",false,null,null,"P6M",{"$nulls":4},"S",null,null,3,null,"Total number of total transactions with cards issued by resident PSPs at terminals acquired by resident psp","Total number of total transactions with cards issued by resident PSPs at terminals acquired by resident psp","PN",6]
["PTT.H.U2.W2.W0._T.2.2220.N.PN","H","U2","W2","W0","_T",2,2220,"N","PN","2023-S1",31744.891417,"A",false,null,null,"P6M",{"$nulls":4},"S",null,null,3,null,"Total number of total transactions with cards issued by resident PSPs at terminals acquired by resident psp","Total number of total transactions with cards issued by resident PSPs at terminals acquired by resident psp","PN",6]
["PTT.H.U2.W2.W0._T.2.2220.N.PN","H","U2","W2","W0","_T",2,2220,"N","PN","2023-S2",34412.575278,"P",false,null,null,"P6M",{"$nulls":4},"S",null,null,3,null,"Total number of total transactions with cards issued by resident PSPs at terminals acquired by resident psp","Total number of total transactions with cards issued by resident PSPs at terminals acquired by resident psp","PN",6]
["PTT.H.U2._Z.W0.CADV.2.2222.N.EUR","H","U2","_Z","W0","CADV",2,2222,"N","EUR","2022-S1",2351.93203707,"A",false,null,null,"P6M",{"$nulls":4},"S",null,null,3,null,"Value of cash advances at pos terminals - euro area (changing composition)","Value of cash advances at pos terminals - euro area (changing composition)","EUR",6]
["PTT.H.U2._Z.W0.CADV.2.2222.N.EUR","H","U2","_Z","W0","CADV",2,2222,"N","EUR","2022-S2",2694.32193883,"A",false,null,null,"P6M",{"$nulls":4},"S",null,null,3,null,"Value of cash advances at pos terminals - euro area (changing composition)","Value of cash advances at pos terminals - euro area (changing composition)","EUR",6]
["PTT.H.U2._Z.W0.CADV.2.2222.N.EUR","H","U2","_Z","W0","CADV",2,2222,"N","EUR","2023-S1",2557.110617,"A",false,null,null,"P6M",{"$nulls":4},"S",null,null,3,null,"Value of cash advances at pos terminals - euro area (changing composition)","Value of cash advances at pos terminals - euro area (changing composition)","EUR",6]
["PTT.H.U2._Z.W0.CADV.2.2222.N.EUR","H","U2","_Z","W0","CADV",2,2222,"N","EUR","2023-S2",2102.03781853,"P",false,null,null,"P6M",{"$nulls":4},"S",null,null,3,null,"Value of cash advances at pos terminals - euro area (changing composition)","Value of cash advances at pos terminals - euro area (changing composition)","EUR",6]
["PTT.H.U2._Z.W0.CADV.2.2222.N.PN","H","U2","_Z","W0","CADV",2,2222,"N","PN","2022-S1",23.787145,"A",false,null,null,"P6M",{"$nulls":4},"S",null,null,3,null,"Number of cash advances at pos terminals - euro area (changing composition)","Number of cash advances at pos terminals - euro area (changing composition)","PN",6]
["PTT.H.U2._Z.W0.CADV.2.2222.N.PN","H","U2","_Z","W0","CADV",2,2222,"N","PN","2022-S2",26.262005,"A",false,null,null,"P6M",{"$nulls":4},"S",null,null,3,null,"Number of cash advances at pos terminals - euro area (changing composition)","Number of cash advances at pos terminals - euro area (changing composition)","PN",6]
["PTT.H.U2._Z.W0.CADV.2.2222.N.PN","H","U2","_Z","W0","CADV",2,2222,"N","PN","2023-S1",25.72055400000001,"A",false,null,null,"P6M",{"$nulls":4},"S",null,null,3,null,"Number of cash advances at pos terminals - euro area (changing composition)","Number of cash advances at pos terminals - euro area (changing composition)","PN",6]
["PTT.H.U2._Z.W0.CADV.2.2222.N.PN","H","U2","_Z","W0","CADV",2,2222,"N","PN","2023-S2",22.438105,"P",false,null,null,"P6M",{"$nulls":4},"S",null,null,3,null,"Number of cash advances at pos terminals - euro area (changing composition)","Number of cash advances at pos terminals - euro area (changing composition)","PN",6]
["PTT.H.U2._Z.W0.CD0.2.1300.N.EUR","H","U2","_Z","W0","CD0",2,1300,"N","EUR","2022-S1",321379.06858892,"A",false,null,null,"P6M",{"$nulls":4},"S",null,null,3,null,"Value of over-the-counter (otc) cash deposits - euro area (changing composition)","Value of over-the-counter (otc) cash deposits - euro area (changing composition)","EUR",6]
["PTT.H.U2._Z.W0.CD0.2.1300.N.EUR","H","U2","_Z","W0","CD0",2,1300,"N","EUR","2022-S2",345722.20926022,"A",false,null,null,"P6M",{"$nulls":4},"S",null,null,3,null,"Value of over-the-counter (otc) cash deposits - euro area (changing composition)","Value of over-the-counter (otc) cash deposits - euro area (changing composition)","EUR",6]
["PTT.H.U2._Z.W0.CD0.2.1300.N.EUR","H","U2","_Z","W0","CD0",2,1300,"N","EUR","2023-S1",321040.40504105,"A",false,null,null,"P6M",{"$nulls":4},"S",null,null,3,null,"Value of over-the-counter (otc) cash deposits - euro area (changing composition)","Value of over-the-counter (otc) cash deposits - euro area (changing composition)","EUR",6]
["PTT.H.U2._Z.W0.CD0.2.1300.N.EUR","H","U2","_Z","W0","CD0",2,1300,"N","EUR","2023-S2",305104.54806252,"P",false,null,null,"P6M",{"$nulls":4},"S",null,null,3,null,"Value of over-the-counter (otc) cash deposits - euro area (changing composition)","Value of over-the-counter (otc) cash deposits - euro area (changing composition)","EUR",6]
["PTT.H.U2._Z.W0.CD0.2.1300.N.PN","H","U2","_Z","W0","CD0",2,1300,"N","PN","2022-S1",167.331376,"A",false,null,null,"P6M",{"$nulls":4},"S",null,null,3,null,"Number of over-the-counter (otc) cash deposits - euro area (changing composition)","Number of over-the-counter (otc) cash deposits - euro area (changing composition)","PN",6]
["PTT.H.U2._Z.W0.CD0.2.1300.N.PN","H","U2","_Z","W0","CD0",2,1300,"N","PN","2022-S2",182.618736,"A",false,null,null,"P6M",{"$nulls":4},"S",null,null,3,null,"Number of over-the-counter (otc) cash deposits - euro area (changing composition)","Number of over-the-counter (otc) cash deposits - euro area (changing composition)","PN",6]
["PTT.H.U2._Z.W0.CD0.2.1300.N.PN","H","U2","_Z","W0","CD0",2,1300,"N","PN","2023-S1",165.542648,"A",false,null,null,"P6M",{"$nulls":4},"S",null,null,3,null,"Number of over-the-counter (otc) cash deposits - euro area (changing composition)","Number of over-the-counter (otc) cash deposits - euro area (changing composition)","PN",6]
["PTT.H.U2._Z.W0.CD0.2.1300.N.PN","H","U2","_Z","W0","CD0",2,1300,"N","PN","2023-S2",149.946232,"P",false,null,null,"P6M",{"$nulls":4},"S",null,null,3,null,"Number of over-the-counter (otc) cash deposits - euro area (changing composition)","Number of over-the-counter (otc) cash deposits - euro area (changing composition)","PN",6]
["PTT.H.U2._Z.W0.CW0.1.1300.N.EUR","H","U2","_Z","W0","CW0",1,1300,"N","EUR","2022-S1",228264.03336677,"A",false,null,null,"P6M",{"$nulls":4},"S",null,null,3,null,"Value of over-the-counter (otc) cash withdrawals - euro area (changing composition)","Value of over-the-counter (otc) cash withdrawals - euro area (changing composition)","EUR",6]
["PTT.H.U2._Z.W0.CW0.1.1300.N.EUR","H","U2","_Z","W0","CW0",1,1300,"N","EUR","2022-S2",234852.87664387,"A",false,null,null,"P6M",{"$nulls":4},"S",null,null,3,null,"Value of over-the-counter (otc) cash withdrawals - euro area (changing composition)","Value of over-the-counter (otc) cash withdrawals - euro area (changing composition)","EUR",6]
["PTT.H.U2._Z.W0.CW0.1.1300.N.EUR","H","U2","_Z","W0","CW0",1,1300,"N","EUR","2023-S1",214301.00130049,"A",false,null,null,"P6M",{"$nulls":4},"S",null,null,3,null,"Value of over-the-counter (otc) cash withdrawals - euro area (changing composition)","Value of over-the-counter (otc) cash withdrawals - euro area (changing composition)","EUR",6]
["PTT.H.U2._Z.W0.CW0.1.1300.N.EUR","H","U2","_Z","W0","CW0",1,1300,"N","EUR","2023-S2",212778.9978983899,"P",false,null,null,"P6M",{"$nulls":4},"S",null,null,3,null,"Value of over-the-counter (otc) cash withdrawals - euro area (changing composition)","Value of over-the-counter (otc) cash withdrawals - euro area (changing composition)","EUR",6]
["PTT.H.U2._Z.W0.CW0.1.1300.N.PN","H","U2","_Z","W0","CW0",1,1300,"N","PN","2022-S1",162.04616,"A",false,null,null,"P6M",{"$nulls":4},"S",null,null,3,null,"Number of over-the-counter (otc) cash withdrawals - euro area (changing composition)","Number of over-the-counter (otc) cash withdrawals - euro area (changing composition)","PN",6]
["PTT.H.U2._Z.W0.CW0.1.1300.N.PN","H","U2","_Z","W0","CW0",1,1300,"N","PN","2022-S2",173.596304,"A",false,null,null,"P6M",{"$nulls":4},"S",null,null,3,null,"Number of over-the-counter (otc) cash withdrawals - euro area (changing composition)","Number of over-the-counter (otc) cash withdrawals - euro area (changing composition)","PN",6]
["PTT.H.U2._Z.W0.CW0.1.1300.N.PN","H","U2","_Z","W0","CW0",1,1300,"N","PN","2023-S1",161.786869,"A",false,null,null,"P6M",{"$nulls":4},"S",null,null,3,null,"Number of over-the-counter (otc) cash withdrawals - euro area (changing composition)","Number of over-the-counter (otc) cash withdrawals - euro area (changing composition)","PN",6]
["PTT.H.U2._Z.W0.CW0.1.1300.N.PN","H","U2","_Z","W0","CW0",1,1300,"N","PN","2023-S2",156.55676,"P",false,null,null,"P6M",{"$nulls":4},"S",null,null,3,null,"Number of over-the-counter (otc) cash withdrawals - euro area (changing composition)","Number of over-the-counter (otc) cash withdrawals - euro area (changing composition)","PN",6]